{"text_format":"3","workbook":"xlsx","n_sheets":2,"sheets":["PO-PLE","CFF - PLE"],"read":"whole","date_system":"1900"}

{"sheet":"PO-PLE","index":0,"n_rows":4528,"n_cols":19,"rows_kept":4528,"merged":[[2936,0,2960,0],[2936,1,2960,1],[2936,2,2960,2],[2936,3,2960,3],[2936,4,2960,4],[2936,5,2960,5],[2936,6,2960,6],[2936,7,2960,7],[2936,8,2960,8],[2936,9,2960,9],[2936,10,2960,10],[2936,11,2960,11],[2936,12,2960,12],[2936,13,2960,13],[2936,14,2960,14],[2961,0,2985,0],[2961,1,2985,1],[2961,2,2985,2],[2961,3,2985,3],[2961,4,2985,4],[2961,5,2985,5],[2961,6,2985,6],[2961,7,2985,7],[2961,8,2985,8],[2961,9,2985,9],[2986,0,3010,0],[2986,1,3010,1],[2986,2,3010,2],[2986,3,3010,3],[2986,4,3010,4],[2986,5,3010,5],[2986,6,3010,6],[2986,7,3010,7],[2986,8,3010,8],[2986,9,3010,9],[2986,10,3010,10],[2986,11,3010,11],[2986,12,3010,12],[2986,13,3010,13],[2986,14,3010,14],[3011,0,3035,0],[3011,1,3035,1],[3011,2,3035,2],[3011,3,3035,3],[3011,4,3035,4],[3011,5,3035,5],[3011,6,3035,6],[3011,7,3035,7],[3011,8,3035,8],[3011,9,3035,9],[3011,10,3035,10],[3011,11,3035,11],[3011,12,3035,12],[3011,13,3035,13],[3011,14,3035,14],[3036,0,3060,0],[3036,1,3060,1],[3036,2,3060,2],[3036,3,3060,3],[3036,4,3060,4],[3036,5,3060,5],[3036,6,3060,6],[3036,7,3060,7],[3036,8,3060,8],[3036,9,3060,9],[3036,10,3060,10],[3036,11,3060,11],[3036,12,3060,12],[3036,13,3060,13],[3036,14,3060,14],[3061,0,3085,0],[3061,1,3085,1],[3061,2,3085,2],[3061,3,3085,3],[3061,4,3085,4],[3061,5,3085,5],[3061,6,3085,6],[3061,7,3085,7],[3061,8,3085,8],[3061,9,3085,9],[3061,10,3085,10],[3061,11,3085,11],[3061,12,3085,12],[3061,13,3085,13],[3061,14,3085,14],[3087,0,3111,0],[3087,1,3111,1],[3087,2,3111,2],[3087,3,3111,3],[3087,4,3111,4],[3087,5,3111,5],[3087,6,3111,6],[3087,7,3111,7],[3087,8,3111,8],[3087,9,3111,9],[3087,10,3111,10],[3087,11,3111,11],[3087,12,3111,12],[3087,13,3111,13],[3087,14,3111,14],[3112,0,3136,0],[3112,1,3136,1],[3112,2,3136,2],[3112,3,3136,3],[3112,4,3136,4],[3112,5,3136,5],[3112,6,3136,6],[3112,7,3136,7],[3112,8,3136,8],[3112,9,3136,9],[3112,10,3136,10],[3112,11,3136,11],[3112,12,3136,12],[3112,13,3136,13],[3112,14,3136,14],[3137,0,3161,0],[3137,1,3161,1],[3137,2,3161,2],[3137,3,3161,3],[3137,4,3161,4],[3137,5,3161,5],[3137,6,3161,6],[3137,7,3161,7],[3137,8,3161,8],[3137,9,3161,9],[3137,10,3161,10],[3137,11,3161,11],[3137,12,3161,12],[3137,13,3161,13],[3137,14,3161,14],[3162,0,3186,0],[3162,1,3186,1],[3162,2,3186,2],[3162,3,3186,3],[3162,4,3186,4],[3162,5,3186,5],[3162,6,3186,6],[3162,7,3186,7],[3162,8,3186,8],[3162,9,3186,9],[3162,10,3186,10],[3162,11,3186,11],[3162,12,3186,12],[3162,13,3186,13],[3162,14,3186,14],[3188,0,3212,0],[3188,1,3212,1],[3188,2,3212,2],[3188,3,3212,3],[3188,4,3212,4],[3188,5,3212,5],[3188,6,3212,6],[3188,7,3212,7],[3188,8,3212,8],[3188,9,3212,9],[3188,10,3212,10],[3188,11,3212,11],[3188,12,3212,12],[3188,13,3212,13],[3188,14,3212,14],[3213,0,3237,0],[3213,1,3237,1],[3213,2,3237,2],[3213,3,3237,3],[3213,4,3237,4],[3213,5,3237,5],[3213,6,3237,6],[3213,7,3237,7],[3213,8,3237,8],[3213,9,3237,9],[3213,10,3237,10],[3213,11,3237,11],[3213,12,3237,12],[3213,13,3237,13],[3213,14,3237,14],[3238,0,3262,0],[3238,1,3262,1],[3238,2,3262,2],[3238,3,3262,3],[3238,4,3262,4],[3238,5,3262,5],[3238,6,3262,6],[3238,7,3262,7],[3238,8,3262,8],[3238,9,3262,9],[3238,10,3262,10],[3238,11,3262,11],[3238,12,3262,12],[3238,13,3262,13],[3238,14,3262,14],[3263,0,3287,0],[3263,1,3287,1],[3263,2,3287,2],[3263,3,3287,3],[3263,4,3287,4],[3263,5,3287,5],[3263,6,3287,6],[3263,7,3287,7],[3263,8,3287,8],[3263,9,3287,9],[3263,10,3287,10],[3263,11,3287,11],[3263,12,3287,12],[3263,13,3287,13],[3263,14,3287,14],[3288,0,3312,0],[3288,1,3312,1],[3288,2,3312,2],[3288,3,3312,3],[3288,4,3312,4],[3288,5,3312,5],[3288,6,3312,6],[3288,7,3312,7],[3288,8,3312,8],[3288,9,3312,9],[3288,10,3312,10],[3288,11,3312,11],[3288,12,3312,12],[3288,13,3312,13],[3288,14,3312,14],[3313,0,3337,0],[3313,1,3337,1],[3313,2,3337,2],[3313,3,3337,3],[3313,4,3337,4],[3313,5,3337,5],[3313,6,3337,6],[3313,7,3337,7],[3313,8,3337,8],[3313,9,3337,9],[3313,10,3337,10],[3313,11,3337,11],[3313,12,3337,12],[3313,13,3337,13],[3313,14,3337,14],[3338,0,3362,0],[3338,1,3362,1],[3338,2,3362,2],[3338,3,3362,3],[3338,4,3362,4],[3338,5,3362,5],[3338,6,3362,6],[3338,7,3362,7],[3338,8,3362,8],[3338,9,3362,9],[3338,10,3362,10],[3338,11,3362,11],[3338,12,3362,12],[3338,13,3362,13],[3338,14,3362,14],[3364,0,3388,0],[3364,1,3388,1],[3364,2,3388,2],[3364,3,3388,3],[3364,4,3388,4],[3364,5,3388,5],[3364,6,3388,6],[3364,7,3388,7],[3364,8,3388,8],[3364,9,3388,9],[3364,10,3388,10],[3364,11,3388,11],[3364,12,3388,12],[3364,13,3388,13],[3364,14,3388,14],[3389,0,3413,0],[3389,1,3413,1],[3389,2,3413,2],[3389,3,3413,3],[3389,4,3413,4],[3389,5,3413,5],[3389,6,3413,6],[3389,7,3413,7],[3389,8,3413,8],[3389,9,3413,9],[3389,10,3413,10],[3389,11,3413,11],[3389,12,3413,12],[3389,13,3413,13],[3389,14,3413,14],[3414,0,3438,0],[3414,1,3438,1],[3414,2,3438,2],[3414,3,3438,3],[3414,4,3438,4],[3414,5,3438,5],[3414,6,3438,6],[3414,7,3438,7],[3414,8,3438,8],[3414,9,3438,9],[3414,10,3438,10],[3414,11,3438,11],[3414,12,3438,12],[3414,13,3438,13],[3414,14,3438,14],[3439,0,3463,0],[3439,1,3463,1],[3439,2,3463,2],[3439,3,3463,3],[3439,4,3463,4],[3439,5,3463,5],[3439,6,3463,6],[3439,7,3463,7],[3439,8,3463,8],[3439,9,3463,9],[3439,10,3463,10],[3439,11,3463,11],[3439,12,3463,12],[3439,13,3463,13],[3439,14,3463,14],[3464,0,3488,0],[3464,1,3488,1],[3464,2,3488,2],[3464,3,3488,3],[3464,4,3488,4],[3464,5,3488,5],[3464,6,3488,6],[3464,7,3488,7],[3464,8,3488,8],[3464,9,3488,9],[3464,10,3488,10],[3464,11,3488,11],[3464,12,3488,12],[3464,13,3488,13],[3464,14,3488,14],[3489,0,3513,0],[3489,1,3513,1],[3489,2,3513,2],[3489,3,3513,3],[3489,4,3513,4],[3489,5,3513,5],[3489,6,3513,6],[3489,7,3513,7],[3489,8,3513,8],[3489,9,3513,9],[3489,10,3513,10],[3489,11,3513,11],[3489,12,3513,12],[3489,13,3513,13],[3489,14,3513,14],[3514,0,3538,0],[3514,1,3538,1],[3514,2,3538,2],[3514,3,3538,3],[3514,4,3538,4],[3514,5,3538,5],[3514,6,3538,6],[3514,7,3538,7],[3514,8,3538,8],[3514,9,3538,9],[3514,10,3538,10],[3514,11,3538,11],[3514,12,3538,12],[3514,13,3538,13],[3514,14,3538,14],[3539,0,3563,0],[3539,1,3563,1],[3539,2,3563,2],[3539,3,3563,3],[3539,4,3563,4],[3539,5,3563,5],[3539,6,3563,6],[3539,7,3563,7],[3539,8,3563,8],[3539,9,3563,9],[3539,10,3563,10],[3539,11,3563,11],[3539,12,3563,12],[3539,13,3563,13],[3539,14,3563,14],[3564,0,3588,0],[3564,1,3588,1],[3564,2,3588,2],[3564,3,3588,3],[3564,4,3588,4],[3564,5,3588,5],[3564,6,3588,6],[3564,7,3588,7],[3564,8,3588,8],[3564,9,3588,9],[3564,10,3588,10],[3564,11,3588,11],[3564,12,3588,12],[3564,13,3588,13],[3564,14,3588,14],[3589,0,3613,0],[3589,1,3613,1],[3589,2,3613,2],[3589,3,3613,3],[3589,4,3613,4],[3589,5,3613,5],[3589,6,3613,6],[3589,7,3613,7],[3589,8,3613,8],[3589,9,3613,9],[3589,10,3613,10],[3589,11,3613,11],[3589,12,3613,12],[3589,13,3613,13],[3589,14,3613,14],[3614,0,3638,0],[3614,1,3638,1],[3614,2,3638,2],[3614,3,3638,3],[3614,4,3638,4],[3614,5,3638,5],[3614,6,3638,6],[3614,7,3638,7],[3614,8,3638,8],[3614,9,3638,9],[3614,10,3638,10],[3614,11,3638,11],[3614,12,3638,12],[3614,13,3638,13],[3614,14,3638,14],[3639,0,3663,0],[3639,1,3663,1],[3639,2,3663,2],[3639,3,3663,3],[3639,4,3663,4],[3639,5,3663,5],[3639,6,3663,6],[3639,7,3663,7],[3639,8,3663,8],[3639,9,3663,9],[3639,10,3663,10],[3639,11,3663,11],[3639,12,3663,12],[3639,13,3663,13],[3639,14,3663,14],[3664,0,3688,0],[3664,1,3688,1],[3664,2,3688,2],[3664,3,3688,3],[3664,4,3688,4],[3664,5,3688,5],[3664,6,3688,6],[3664,7,3688,7],[3664,8,3688,8],[3664,9,3688,9],[3664,10,3688,10],[3664,11,3688,11],[3664,12,3688,12],[3664,13,3688,13],[3664,14,3688,14],[3689,0,3713,0],[3689,1,3713,1],[3689,2,3713,2],[3689,3,3713,3],[3689,4,3713,4],[3689,5,3713,5],[3689,6,3713,6],[3689,7,3713,7],[3689,8,3713,8],[3689,9,3713,9],[3689,10,3713,10],[3689,11,3713,11],[3689,12,3713,12],[3689,13,3713,13],[3689,14,3713,14],[3715,0,3739,0],[3715,1,3739,1],[3715,2,3739,2],[3715,3,3739,3],[3715,4,3739,4],[3715,5,3739,5],[3715,6,3739,6],[3715,7,3739,7],[3715,8,3739,8],[3715,9,3739,9],[3715,10,3739,10],[3715,11,3739,11],[3715,12,3739,12],[3715,13,3739,13],[3715,14,3739,14],[3740,0,3764,0],[3740,1,3764,1],[3740,2,3764,2],[3740,3,3764,3],[3740,4,3764,4],[3740,5,3764,5],[3740,6,3764,6],[3740,7,3764,7],[3740,8,3764,8],[3740,9,3764,9],[3740,10,3764,10],[3740,11,3764,11],[3740,12,3764,12],[3740,13,3764,13],[3740,14,3764,14],[3765,0,3789,0],[3765,1,3789,1],[3765,2,3789,2],[3765,3,3789,3],[3765,4,3789,4],[3765,5,3789,5],[3765,6,3789,6],[3765,7,3789,7],[3765,8,3789,8],[3765,9,3789,9],[3765,10,3789,10],[3765,11,3789,11],[3765,12,3789,12],[3765,13,3789,13],[3765,14,3789,14],[3790,0,3814,0],[3790,1,3814,1],[3790,2,3814,2],[3790,3,3814,3],[3790,4,3814,4],[3790,5,3814,5],[3790,6,3814,6],[3790,7,3814,7],[3790,8,3814,8],[3790,9,3814,9],[3790,10,3814,10],[3790,11,3814,11],[3790,12,3814,12],[3790,13,3814,13],[3790,14,3814,14],[3815,0,3839,0],[3815,1,3839,1],[3815,2,3839,2],[3815,3,3839,3],[3815,4,3839,4],[3815,5,3839,5],[3815,6,3839,6],[3815,7,3839,7],[3815,8,3839,8],[3815,9,3839,9],[3815,10,3839,10],[3815,11,3839,11],[3815,12,3839,12],[3815,13,3839,13],[3815,14,3839,14],[3840,0,3864,0],[3840,1,3864,1],[3840,2,3864,2],[3840,3,3864,3],[3840,4,3864,4],[3840,5,3864,5],[3840,6,3864,6],[3840,7,3864,7],[3840,8,3864,8],[3840,9,3864,9],[3840,10,3864,10],[3840,11,3864,11],[3840,12,3864,12],[3840,13,3864,13],[3840,14,3864,14],[3865,0,3889,0],[3865,1,3889,1],[3865,2,3889,2],[3865,3,3889,3],[3865,4,3889,4],[3865,5,3889,5],[3865,6,3889,6],[3865,7,3889,7],[3865,8,3889,8],[3865,9,3889,9],[3865,10,3889,10],[3865,11,3889,11],[3865,12,3889,12],[3865,13,3889,13],[3865,14,3889,14],[3890,0,3914,0],[3890,1,3914,1],[3890,2,3914,2],[3890,3,3914,3],[3890,4,3914,4],[3890,5,3914,5],[3890,6,3914,6],[3890,7,3914,7],[3890,8,3914,8],[3890,9,3914,9],[3890,10,3914,10],[3890,11,3914,11],[3890,12,3914,12],[3890,13,3914,13],[3890,14,3914,14],[3915,0,3939,0],[3915,1,3939,1],[3915,2,3939,2],[3915,3,3939,3],[3915,4,3939,4],[3915,5,3939,5],[3915,6,3939,6],[3915,7,3939,7],[3915,8,3939,8],[3915,9,3939,9],[3915,10,3939,10],[3915,11,3939,11],[3915,12,3939,12],[3915,13,3939,13],[3915,14,3939,14],[3940,0,3964,0],[3940,1,3964,1],[3940,2,3964,2],[3940,3,3964,3],[3940,4,3964,4],[3940,5,3964,5],[3940,6,3964,6],[3940,7,3964,7],[3940,8,3964,8],[3940,9,3964,9],[3940,10,3964,10],[3940,11,3964,11],[3940,12,3964,12],[3940,13,3964,13],[3940,14,3964,14],[3965,0,3989,0],[3965,1,3989,1],[3965,2,3989,2],[3965,3,3989,3],[3965,4,3989,4],[3965,5,3989,5],[3965,6,3989,6],[3965,7,3989,7],[3965,8,3989,8],[3965,9,3989,9],[3965,10,3989,10],[3965,11,3989,11],[3965,12,3989,12],[3965,13,3989,13],[3965,14,3989,14],[3990,0,4014,0],[3990,1,4014,1],[3990,2,4014,2],[3990,3,4014,3],[3990,4,4014,4],[3990,5,4014,5],[3990,6,4014,6],[3990,7,4014,7],[3990,8,4014,8],[3990,9,4014,9],[3990,10,4014,10],[3990,11,4014,11],[3990,12,4014,12],[3990,13,4014,13],[3990,14,4014,14],[4016,0,4040,0],[4016,1,4040,1],[4016,2,4040,2],[4016,3,4040,3],[4016,4,4040,4],[4016,5,4040,5],[4016,6,4040,6],[4016,7,4040,7],[4016,8,4040,8],[4016,9,4040,9],[4016,10,4040,10],[4016,11,4040,11],[4016,12,4040,12],[4016,13,4040,13],[4016,14,4040,14],[4041,0,4065,0],[4041,1,4065,1],[4041,2,4065,2],[4041,3,4065,3],[4041,4,4065,4],[4041,5,4065,5],[4041,6,4065,6],[4041,7,4065,7],[4041,8,4065,8],[4041,9,4065,9],[4041,10,4065,10],[4041,11,4065,11],[4041,12,4065,12],[4041,13,4065,13],[4041,14,4065,14],[4066,0,4090,0],[4066,1,4090,1],[4066,2,4090,2],[4066,3,4090,3],[4066,4,4090,4],[4066,5,4090,5],[4066,6,4090,6],[4066,7,4090,7],[4066,8,4090,8],[4066,9,4090,9],[4066,10,4090,10],[4066,11,4090,11],[4066,12,4090,12],[4066,13,4090,13],[4066,14,4090,14],[4091,0,4115,0],[4091,1,4115,1],[4091,2,4115,2],[4091,3,4115,3],[4091,4,4115,4],[4091,5,4115,5],[4091,6,4115,6],[4091,7,4115,7],[4091,8,4115,8],[4091,9,4115,9],[4091,10,4115,10],[4091,11,4115,11],[4091,12,4115,12],[4091,13,4115,13],[4091,14,4115,14],[4116,0,4140,0],[4116,1,4140,1],[4116,2,4140,2],[4116,3,4140,3],[4116,4,4140,4],[4116,5,4140,5],[4116,6,4140,6],[4116,7,4140,7],[4116,8,4140,8],[4116,9,4140,9],[4116,10,4140,10],[4116,11,4140,11],[4116,12,4140,12],[4116,13,4140,13],[4116,14,4140,14],[4142,0,4166,0],[4142,1,4166,1],[4142,2,4166,2],[4142,3,4166,3],[4142,4,4166,4],[4142,5,4166,5],[4142,6,4166,6],[4142,7,4166,7],[4142,8,4166,8],[4142,9,4166,9],[4142,10,4166,10],[4142,11,4166,11],[4142,12,4166,12],[4142,13,4166,13],[4142,14,4166,14],[4167,0,4191,0],[4167,1,4191,1],[4167,2,4191,2],[4167,3,4191,3],[4167,4,4191,4],[4167,5,4191,5],[4167,6,4191,6],[4167,7,4191,7],[4167,8,4191,8],[4167,9,4191,9],[4167,10,4191,10],[4167,11,4191,11],[4167,12,4191,12],[4167,13,4191,13],[4167,14,4191,14],[4192,0,4216,0],[4192,1,4216,1],[4192,2,4216,2],[4192,3,4216,3],[4192,4,4216,4],[4192,5,4216,5],[4192,6,4216,6],[4192,7,4216,7],[4192,8,4216,8],[4192,9,4216,9],[4192,10,4216,10],[4192,11,4216,11],[4192,12,4216,12],[4192,13,4216,13],[4192,14,4216,14],[4217,0,4241,0],[4217,1,4241,1],[4217,2,4241,2],[4217,3,4241,3],[4217,4,4241,4],[4217,5,4241,5],[4217,6,4241,6],[4217,7,4241,7],[4217,8,4241,8],[4217,9,4241,9],[4217,10,4241,10],[4217,11,4241,11],[4217,12,4241,12],[4217,13,4241,13],[4217,14,4241,14],[4242,0,4266,0],[4242,1,4266,1],[4242,2,4266,2],[4242,3,4266,3],[4242,4,4266,4],[4242,5,4266,5],[4242,6,4266,6],[4242,7,4266,7],[4242,8,4266,8],[4242,9,4266,9],[4242,10,4266,10],[4242,11,4266,11],[4242,12,4266,12],[4242,13,4266,13],[4242,14,4266,14],[4267,0,4291,0],[4267,1,4291,1],[4267,2,4291,2],[4267,3,4291,3],[4267,4,4291,4],[4267,5,4291,5],[4267,6,4291,6],[4267,7,4291,7],[4267,8,4291,8],[4267,9,4291,9],[4267,10,4291,10],[4267,11,4291,11],[4267,12,4291,12],[4267,13,4291,13],[4267,14,4291,14],[4292,0,4293,0],[4292,1,4293,1],[4292,2,4293,2],[4292,3,4293,3],[4292,4,4293,4],[4292,5,4293,5],[4292,6,4293,6],[4292,7,4293,7],[4292,8,4293,8],[4292,9,4293,9],[4292,10,4293,10],[4292,11,4293,11],[4292,12,4293,12],[4292,13,4293,13],[4292,14,4293,14],[4294,0,4295,0],[4294,1,4295,1],[4294,2,4295,2],[4294,3,4295,3],[4294,4,4295,4],[4294,5,4295,5],[4294,6,4295,6],[4294,7,4295,7],[4294,8,4295,8],[4294,9,4295,9],[4294,10,4295,10],[4294,11,4295,11],[4294,12,4295,12],[4294,13,4295,13],[4294,14,4295,14],[4296,0,4297,0],[4296,1,4297,1],[4296,2,4297,2],[4296,3,4297,3],[4296,4,4297,4],[4296,5,4297,5],[4296,6,4297,6],[4296,7,4297,7],[4296,8,4297,8],[4296,9,4297,9],[4296,10,4297,10],[4296,11,4297,11],[4296,12,4297,12],[4296,13,4297,13],[4296,14,4297,14],[4298,0,4299,0],[4298,1,4299,1],[4298,2,4299,2],[4298,3,4299,3],[4298,4,4299,4],[4298,5,4299,5],[4298,6,4299,6],[4298,7,4299,7],[4298,8,4299,8],[4298,9,4299,9],[4298,10,4299,10],[4298,11,4299,11],[4298,12,4299,12],[4298,13,4299,13],[4298,14,4299,14],[4301,0,4325,0],[4301,1,4325,1],[4301,2,4325,2],[4301,3,4325,3],[4301,4,4325,4],[4301,5,4325,5],[4301,6,4325,6],[4301,7,4325,7],[4301,8,4325,8],[4301,9,4325,9],[4301,10,4325,10],[4301,11,4325,11],[4301,12,4325,12],[4301,13,4325,13],[4301,14,4325,14],[4326,0,4350,0],[4326,1,4350,1],[4326,2,4350,2],[4326,3,4350,3],[4326,4,4350,4],[4326,5,4350,5],[4326,6,4350,6],[4326,7,4350,7],[4326,8,4350,8],[4326,9,4350,9],[4326,10,4350,10],[4326,11,4350,11],[4326,12,4350,12],[4326,13,4350,13],[4326,14,4350,14],[4351,0,4375,0],[4351,1,4375,1],[4351,2,4375,2],[4351,3,4375,3],[4351,4,4375,4],[4351,5,4375,5],[4351,6,4375,6],[4351,7,4375,7],[4351,8,4375,8],[4351,9,4375,9],[4351,10,4375,10],[4351,11,4375,11],[4351,12,4375,12],[4351,13,4375,13],[4351,14,4375,14],[4376,0,4400,0],[4376,1,4400,1],[4376,2,4400,2],[4376,3,4400,3],[4376,4,4400,4],[4376,5,4400,5],[4376,6,4400,6],[4376,7,4400,7],[4376,8,4400,8],[4376,9,4400,9],[4376,10,4400,10],[4376,11,4400,11],[4376,12,4400,12],[4376,13,4400,13],[4376,14,4400,14],[4401,0,4425,0],[4401,1,4425,1],[4401,2,4425,2],[4401,3,4425,3],[4401,4,4425,4],[4401,5,4425,5],[4401,6,4425,6],[4401,7,4425,7],[4401,8,4425,8],[4401,9,4425,9],[4401,10,4425,10],[4401,11,4425,11],[4401,12,4425,12],[4401,13,4425,13],[4401,14,4425,14],[4426,0,4450,0],[4426,1,4450,1],[4426,2,4450,2],[4426,3,4450,3],[4426,4,4450,4],[4426,5,4450,5],[4426,6,4450,6],[4426,7,4450,7],[4426,8,4450,8],[4426,9,4450,9],[4426,10,4450,10],[4426,11,4450,11],[4426,12,4450,12],[4426,13,4450,13],[4426,14,4450,14],[4451,0,4475,0],[4451,1,4475,1],[4451,2,4475,2],[4451,3,4475,3],[4451,4,4475,4],[4451,5,4475,5],[4451,6,4475,6],[4451,7,4475,7],[4451,8,4475,8],[4451,9,4475,9],[4451,10,4475,10],[4451,11,4475,11],[4451,12,4475,12],[4451,13,4475,13],[4451,14,4475,14],[4476,0,4500,0],[4476,1,4500,1],[4476,2,4500,2],[4476,3,4500,3],[4476,4,4500,4],[4476,5,4500,5],[4476,6,4500,6],[4476,7,4500,7],[4476,8,4500,8],[4476,9,4500,9],[4476,10,4500,10],[4476,11,4500,11],[4476,12,4500,12],[4476,13,4500,13],[4476,14,4500,14],[4501,0,4525,0],[4501,1,4525,1],[4501,2,4525,2],[4501,3,4525,3],[4501,4,4525,4],[4501,5,4525,5],[4501,6,4525,6],[4501,7,4525,7],[4501,8,4525,8],[4501,9,4525,9],[4501,10,4525,10],[4501,11,4525,11],[4501,12,4525,12],[4501,13,4525,13],[4501,14,4525,14]],"merged_total":2745,"flags":["merged_cut"]}
["Nivel","N° Macrosserviço / Serviço","Fonte","Código","Descrição Macrosserviço / Serviço","Qtd. (valor calculado)","Und.","Custo Unitário Referência","Custo Unitário","BDI","Preço Unitário (valor calculado)","Preço Total (valor calculado)","Observação","N° Evento","Evento","N° Frente de Obra","Frente de Obra","Qtd.","Valor"]
["Macrosserviço","1","","","Administração Local","","","","","","",{"$f":"ROUND(L3,2)+ROUND(L28,2)","v":{"v":157431,"d":"R$ 157,431.00"}},"","","","","","",""]
["Serviço","1.1","Composição","CPU-01","Administração Local",{"$f":"R3+R4+R5+R6+R7+R8+R9+R10+R11+R12+R13+R14+R15+R16+R17+R18+R19+R20+R21+R22+R23+R24+R25+R26+R27","v":{"v":1.0000000000000002,"d":"1.00"}},"UN",{"v":110952.03,"d":"R$ 110,952.03"},{"v":110952.03,"d":"R$ 110,952.03"},{"v":0.25,"d":"25.00%"},{"$f":"ROUND(I3,2)+(ROUND(I3,2)*J3)","v":{"v":138690.0375,"d":"R$ 138,690.04"}},{"$f":"ROUND(S3,2)+ROUND(S4,2)+ROUND(S5,2)+ROUND(S6,2)+ROUND(S7,2)+ROUND(S8,2)+ROUND(S9,2)+ROUND(S10,2)+ROUND(S11,2)+ROUND(S12,2)+ROUND(S13,2)+ROUND(S14,2)+ROUND(S15,2)+ROUND(S16,2)+ROUND(S17,2)+ROUND(S18,2)+ROUND(S19,2)+ROUND(S20,2)+ROUND(S21,2)+ROUND(S22,2)+ROUND(S23,2)+ROUND(S24,2)+ROUND(S25,2)+ROUND(S26,2)+ROUND(S27,2)","v":{"v":138690.00000000006,"d":"R$ 138,690.00"}},null,"1","Administração Local","1","Casa 1",0.04,{"$f":"ROUND(K3,2)*R3","v":{"v":5547.601600000001,"d":"R$ 5,547.60"}}]
[{"$nulls":15},"2","Casa 2",0.04,{"$f":"ROUND(K3,2)*R4","v":{"v":5547.601600000001,"d":"R$ 5,547.60"}}]
[{"$nulls":15},"3","Casa 3",0.04,{"$f":"ROUND(K3,2)*R5","v":{"v":5547.601600000001,"d":"R$ 5,547.60"}}]
[{"$nulls":15},"4","Casa 4",0.04,{"$f":"ROUND(K3,2)*R6","v":{"v":5547.601600000001,"d":"R$ 5,547.60"}}]
[{"$nulls":15},"5","Casa 5",0.04,{"$f":"ROUND(K3,2)*R7","v":{"v":5547.601600000001,"d":"R$ 5,547.60"}}]
[{"$nulls":15},"6","Casa 6",0.04,{"$f":"ROUND(K3,2)*R8","v":{"v":5547.601600000001,"d":"R$ 5,547.60"}}]
[{"$nulls":15},"7","Casa 7",0.04,{"$f":"ROUND(K3,2)*R9","v":{"v":5547.601600000001,"d":"R$ 5,547.60"}}]
[{"$nulls":15},"8","Casa 8",0.04,{"$f":"ROUND(K3,2)*R10","v":{"v":5547.601600000001,"d":"R$ 5,547.60"}}]
[{"$nulls":15},"9","Casa 9",0.04,{"$f":"ROUND(K3,2)*R11","v":{"v":5547.601600000001,"d":"R$ 5,547.60"}}]
[{"$nulls":15},"10","Casa 10",0.04,{"$f":"ROUND(K3,2)*R12","v":{"v":5547.601600000001,"d":"R$ 5,547.60"}}]
[{"$nulls":15},"11","Casa 11",0.04,{"$f":"ROUND(K3,2)*R13","v":{"v":5547.601600000001,"d":"R$ 5,547.60"}}]
[{"$nulls":15},"12","Casa 12",0.04,{"$f":"ROUND(K3,2)*R14","v":{"v":5547.601600000001,"d":"R$ 5,547.60"}}]
[{"$nulls":15},"13","Casa 13",0.04,{"$f":"ROUND(K3,2)*R15","v":{"v":5547.601600000001,"d":"R$ 5,547.60"}}]
[{"$nulls":15},"14","Casa 14",0.04,{"$f":"ROUND(K3,2)*R16","v":{"v":5547.601600000001,"d":"R$ 5,547.60"}}]
[{"$nulls":15},"15","Casa 15",0.04,{"$f":"ROUND(K3,2)*R17","v":{"v":5547.601600000001,"d":"R$ 5,547.60"}}]
[{"$nulls":15},"16","Casa 16",0.04,{"$f":"ROUND(K3,2)*R18","v":{"v":5547.601600000001,"d":"R$ 5,547.60"}}]
[{"$nulls":15},"17","Casa 17",0.04,{"$f":"ROUND(K3,2)*R19","v":{"v":5547.601600000001,"d":"R$ 5,547.60"}}]
[{"$nulls":15},"18","Casa 18",0.04,{"$f":"ROUND(K3,2)*R20","v":{"v":5547.601600000001,"d":"R$ 5,547.60"}}]
[{"$nulls":15},"19","Casa 19",0.04,{"$f":"ROUND(K3,2)*R21","v":{"v":5547.601600000001,"d":"R$ 5,547.60"}}]
[{"$nulls":15},"20","Casa 20",0.04,{"$f":"ROUND(K3,2)*R22","v":{"v":5547.601600000001,"d":"R$ 5,547.60"}}]
[{"$nulls":15},"21","Casa 21",0.04,{"$f":"ROUND(K3,2)*R23","v":{"v":5547.601600000001,"d":"R$ 5,547.60"}}]
[{"$nulls":15},"22","Casa 22",0.04,{"$f":"ROUND(K3,2)*R24","v":{"v":5547.601600000001,"d":"R$ 5,547.60"}}]
[{"$nulls":15},"23","Casa 23",0.04,{"$f":"ROUND(K3,2)*R25","v":{"v":5547.601600000001,"d":"R$ 5,547.60"}}]
[{"$nulls":15},"24","Casa 24",0.04,{"$f":"ROUND(K3,2)*R26","v":{"v":5547.601600000001,"d":"R$ 5,547.60"}}]
[{"$nulls":15},"25","Casa 25",0.04,{"$f":"ROUND(K3,2)*R27","v":{"v":5547.601600000001,"d":"R$ 5,547.60"}}]
["Serviço","1.2","Outros","DER-EDF020355","Aluguel mensal container sanitário, incl porta, básc, 2 ptos luz, 1 pto aterram., 3vasos, 3lavatórios, calha mictório, 6 chuveiros (1 eletrico), torn.,registros, piso comp. Naval pintado, cert NR18 e laudo descontaminação",{"$f":"R28+R29+R30+R31+R32+R33+R34+R35+R36+R37+R38+R39+R40+R41+R42+R43+R44+R45+R46+R47+R48+R49+R50+R51+R52","v":{"v":12.000000000000007,"d":"12.00"}},"MÊS",{"v":1249.4,"d":"R$ 1,249.40"},{"v":1249.4,"d":"R$ 1,249.40"},{"v":0.25,"d":"25.00%"},{"$f":"ROUND(I28,2)+(ROUND(I28,2)*J28)","v":{"v":1561.75,"d":"R$ 1,561.75"}},{"$f":"ROUND(S28,2)+ROUND(S29,2)+ROUND(S30,2)+ROUND(S31,2)+ROUND(S32,2)+ROUND(S33,2)+ROUND(S34,2)+ROUND(S35,2)+ROUND(S36,2)+ROUND(S37,2)+ROUND(S38,2)+ROUND(S39,2)+ROUND(S40,2)+ROUND(S41,2)+ROUND(S42,2)+ROUND(S43,2)+ROUND(S44,2)+ROUND(S45,2)+ROUND(S46,2)+ROUND(S47,2)+ROUND(S48,2)+ROUND(S49,2)+ROUND(S50,2)+ROUND(S51,2)+ROUND(S52,2)","v":{"v":18740.999999999993,"d":"R$ 18,741.00"}},"","1","Administração Local","1","Casa 1",0.48,{"$f":"ROUND(K28,2)*R28","v":{"v":749.64,"d":"R$ 749.64"}}]
[{"$nulls":15},"2","Casa 2",0.48,{"$f":"ROUND(K28,2)*R29","v":{"v":749.64,"d":"R$ 749.64"}}]
[{"$nulls":15},"3","Casa 3",0.48,{"$f":"ROUND(K28,2)*R30","v":{"v":749.64,"d":"R$ 749.64"}}]
[{"$nulls":15},"4","Casa 4",0.48,{"$f":"ROUND(K28,2)*R31","v":{"v":749.64,"d":"R$ 749.64"}}]
[{"$nulls":15},"5","Casa 5",0.48,{"$f":"ROUND(K28,2)*R32","v":{"v":749.64,"d":"R$ 749.64"}}]
[{"$nulls":15},"6","Casa 6",0.48,{"$f":"ROUND(K28,2)*R33","v":{"v":749.64,"d":"R$ 749.64"}}]
[{"$nulls":15},"7","Casa 7",0.48,{"$f":"ROUND(K28,2)*R34","v":{"v":749.64,"d":"R$ 749.64"}}]
[{"$nulls":15},"8","Casa 8",0.48,{"$f":"ROUND(K28,2)*R35","v":{"v":749.64,"d":"R$ 749.64"}}]
[{"$nulls":15},"9","Casa 9",0.48,{"$f":"ROUND(K28,2)*R36","v":{"v":749.64,"d":"R$ 749.64"}}]
[{"$nulls":15},"10","Casa 10",0.48,{"$f":"ROUND(K28,2)*R37","v":{"v":749.64,"d":"R$ 749.64"}}]
[{"$nulls":15},"11","Casa 11",0.48,{"$f":"ROUND(K28,2)*R38","v":{"v":749.64,"d":"R$ 749.64"}}]
[{"$nulls":15},"12","Casa 12",0.48,{"$f":"ROUND(K28,2)*R39","v":{"v":749.64,"d":"R$ 749.64"}}]
[{"$nulls":15},"13","Casa 13",0.48,{"$f":"ROUND(K28,2)*R40","v":{"v":749.64,"d":"R$ 749.64"}}]
[{"$nulls":15},"14","Casa 14",0.48,{"$f":"ROUND(K28,2)*R41","v":{"v":749.64,"d":"R$ 749.64"}}]
[{"$nulls":15},"15","Casa 15",0.48,{"$f":"ROUND(K28,2)*R42","v":{"v":749.64,"d":"R$ 749.64"}}]
[{"$nulls":15},"16","Casa 16",0.48,{"$f":"ROUND(K28,2)*R43","v":{"v":749.64,"d":"R$ 749.64"}}]
[{"$nulls":15},"17","Casa 17",0.48,{"$f":"ROUND(K28,2)*R44","v":{"v":749.64,"d":"R$ 749.64"}}]
[{"$nulls":15},"18","Casa 18",0.48,{"$f":"ROUND(K28,2)*R45","v":{"v":749.64,"d":"R$ 749.64"}}]
[{"$nulls":15},"19","Casa 19",0.48,{"$f":"ROUND(K28,2)*R46","v":{"v":749.64,"d":"R$ 749.64"}}]
[{"$nulls":15},"20","Casa 20",0.48,{"$f":"ROUND(K28,2)*R47","v":{"v":749.64,"d":"R$ 749.64"}}]
[{"$nulls":15},"21","Casa 21",0.48,{"$f":"ROUND(K28,2)*R48","v":{"v":749.64,"d":"R$ 749.64"}}]
[{"$nulls":15},"22","Casa 22",0.48,{"$f":"ROUND(K28,2)*R49","v":{"v":749.64,"d":"R$ 749.64"}}]
[{"$nulls":15},"23","Casa 23",0.48,{"$f":"ROUND(K28,2)*R50","v":{"v":749.64,"d":"R$ 749.64"}}]
[{"$nulls":15},"24","Casa 24",0.48,{"$f":"ROUND(K28,2)*R51","v":{"v":749.64,"d":"R$ 749.64"}}]
[{"$nulls":15},"25","Casa 25",0.48,{"$f":"ROUND(K28,2)*R52","v":{"v":749.64,"d":"R$ 749.64"}}]
["Macrosserviço","2","","","SERVIÇOS PRELIMINARES","","","","","","",{"$f":"ROUND(L54,2)+ROUND(L79,2)+ROUND(L80,2)+ROUND(L81,2)+ROUND(L82,2)+ROUND(L83,2)+ROUND(L84,2)+ROUND(L85,2)+ROUND(L86,2)+ROUND(L87,2)+ROUND(L88,2)+ROUND(L89,2)","v":{"v":98354.42000000001,"d":"R$ 98,354.42"}},"","","","","","",""]
["Serviço","2.1","Outros","DER-EDF010501","Locação de obra com gabarito de madeira",{"$f":"R54+R55+R56+R57+R58+R59+R60+R61+R62+R63+R64+R65+R66+R67+R68+R69+R70+R71+R72+R73+R74+R75+R76+R77+R78","v":{"v":1346.7499999999993,"d":"1,346.75"}},"M2",{"v":11.11,"d":"R$ 11.11"},{"v":11.11,"d":"R$ 11.11"},{"v":0.25,"d":"25.00%"},{"$f":"ROUND(I54,2)+(ROUND(I54,2)*J54)","v":{"v":13.8875,"d":"R$ 13.89"}},{"$f":"ROUND(S54,2)+ROUND(S55,2)+ROUND(S56,2)+ROUND(S57,2)+ROUND(S58,2)+ROUND(S59,2)+ROUND(S60,2)+ROUND(S61,2)+ROUND(S62,2)+ROUND(S63,2)+ROUND(S64,2)+ROUND(S65,2)+ROUND(S66,2)+ROUND(S67,2)+ROUND(S68,2)+ROUND(S69,2)+ROUND(S70,2)+ROUND(S71,2)+ROUND(S72,2)+ROUND(S73,2)+ROUND(S74,2)+ROUND(S75,2)+ROUND(S76,2)+ROUND(S77,2)+ROUND(S78,2)","v":{"v":18706.25,"d":"R$ 18,706.25"}},"","2","SERVIÇOS PRELIMINARES","1","Casa 1",53.87,{"$f":"ROUND(K54,2)*R54","v":{"v":748.2543,"d":"R$ 748.25"}}]
[{"$nulls":15},"2","Casa 2",53.87,{"$f":"ROUND(K54,2)*R55","v":{"v":748.2543,"d":"R$ 748.25"}}]
[{"$nulls":15},"3","Casa 3",53.87,{"$f":"ROUND(K54,2)*R56","v":{"v":748.2543,"d":"R$ 748.25"}}]
[{"$nulls":15},"4","Casa 4",53.87,{"$f":"ROUND(K54,2)*R57","v":{"v":748.2543,"d":"R$ 748.25"}}]
[{"$nulls":15},"5","Casa 5",53.87,{"$f":"ROUND(K54,2)*R58","v":{"v":748.2543,"d":"R$ 748.25"}}]
[{"$nulls":15},"6","Casa 6",53.87,{"$f":"ROUND(K54,2)*R59","v":{"v":748.2543,"d":"R$ 748.25"}}]
[{"$nulls":15},"7","Casa 7",53.87,{"$f":"ROUND(K54,2)*R60","v":{"v":748.2543,"d":"R$ 748.25"}}]
[{"$nulls":15},"8","Casa 8",53.87,{"$f":"ROUND(K54,2)*R61","v":{"v":748.2543,"d":"R$ 748.25"}}]
[{"$nulls":15},"9","Casa 9",53.87,{"$f":"ROUND(K54,2)*R62","v":{"v":748.2543,"d":"R$ 748.25"}}]
[{"$nulls":15},"10","Casa 10",53.87,{"$f":"ROUND(K54,2)*R63","v":{"v":748.2543,"d":"R$ 748.25"}}]
[{"$nulls":15},"11","Casa 11",53.87,{"$f":"ROUND(K54,2)*R64","v":{"v":748.2543,"d":"R$ 748.25"}}]
[{"$nulls":15},"12","Casa 12",53.87,{"$f":"ROUND(K54,2)*R65","v":{"v":748.2543,"d":"R$ 748.25"}}]
[{"$nulls":15},"13","Casa 13",53.87,{"$f":"ROUND(K54,2)*R66","v":{"v":748.2543,"d":"R$ 748.25"}}]
[{"$nulls":15},"14","Casa 14",53.87,{"$f":"ROUND(K54,2)*R67","v":{"v":748.2543,"d":"R$ 748.25"}}]
[{"$nulls":15},"15","Casa 15",53.87,{"$f":"ROUND(K54,2)*R68","v":{"v":748.2543,"d":"R$ 748.25"}}]
[{"$nulls":15},"16","Casa 16",53.87,{"$f":"ROUND(K54,2)*R69","v":{"v":748.2543,"d":"R$ 748.25"}}]
[{"$nulls":15},"17","Casa 17",53.87,{"$f":"ROUND(K54,2)*R70","v":{"v":748.2543,"d":"R$ 748.25"}}]
[{"$nulls":15},"18","Casa 18",53.87,{"$f":"ROUND(K54,2)*R71","v":{"v":748.2543,"d":"R$ 748.25"}}]
[{"$nulls":15},"19","Casa 19",53.87,{"$f":"ROUND(K54,2)*R72","v":{"v":748.2543,"d":"R$ 748.25"}}]
[{"$nulls":15},"20","Casa 20",53.87,{"$f":"ROUND(K54,2)*R73","v":{"v":748.2543,"d":"R$ 748.25"}}]
[{"$nulls":15},"21","Casa 21",53.87,{"$f":"ROUND(K54,2)*R74","v":{"v":748.2543,"d":"R$ 748.25"}}]
[{"$nulls":15},"22","Casa 22",53.87,{"$f":"ROUND(K54,2)*R75","v":{"v":748.2543,"d":"R$ 748.25"}}]
[{"$nulls":15},"23","Casa 23",53.87,{"$f":"ROUND(K54,2)*R76","v":{"v":748.2543,"d":"R$ 748.25"}}]
[{"$nulls":15},"24","Casa 24",53.87,{"$f":"ROUND(K54,2)*R77","v":{"v":748.2543,"d":"R$ 748.25"}}]
[{"$nulls":15},"25","Casa 25",53.87,{"$f":"ROUND(K54,2)*R78","v":{"v":748.2543,"d":"R$ 748.25"}}]
["Serviço","2.2","SINAPI","103689","FORNECIMENTO E INSTALAÇÃO DE PLACA DE OBRA COM CHAPA GALVANIZADA E ESTRUTURA DE MADEIRA. AF_03/2022_PS",{"$f":"R79","v":6.48},"M2",{"v":469.31,"d":"R$ 469.31"},{"v":469.31,"d":"R$ 469.31"},{"v":0.25,"d":"25.00%"},{"$f":"ROUND(I79,2)+(ROUND(I79,2)*J79)","v":{"v":586.6375,"d":"R$ 586.64"}},{"$f":"ROUND(S79,2)","v":{"v":3801.43,"d":"R$ 3,801.43"}},"","2","SERVIÇOS PRELIMINARES","1","Casa 1",6.48,{"$f":"ROUND(K79,2)*R79","v":{"v":3801.4272,"d":"R$ 3,801.43"}}]
["Serviço","2.3","Outros","DER-EDF020713","Rede de luz, incl. padrão entrada de energia trifás., cabo de ligação até barracões, quadro de distrib., disj. e chave de força (quando necessário), cons. 20m entre padrão entrada e QDG, conf. projeto (1 utilização)",{"v":10,"d":"10.00"},"M",{"v":502.01,"d":"R$ 502.01"},{"v":502.01,"d":"R$ 502.01"},{"v":0.25,"d":"25.00%"},{"v":627.5125,"d":"R$ 627.51"},{"v":6275.1,"d":"R$ 6,275.10"},"","2","SERVIÇOS PRELIMINARES","1","Casa 1",{"v":10,"d":"10.00"},{"v":6275.1,"d":"R$ 6,275.10"}]
["Serviço","2.4","Outros","DER-EDF020714","Rede de esgoto, contendo fossa e filtro, inclusive tubos e conexões de ligação entre caixas, considerando distância de 25m, conforme projeto (1 utilização)",{"v":10,"d":"10.00"},"M",{"v":448.25,"d":"R$ 448.25"},{"v":448.25,"d":"R$ 448.25"},{"v":0.25,"d":"25.00%"},{"v":560.3125,"d":"R$ 560.31"},{"v":5603.1,"d":"R$ 5,603.10"},"","2","SERVIÇOS PRELIMINARES","1","Casa 1",{"v":10,"d":"10.00"},{"v":5603.099999999999,"d":"R$ 5,603.10"}]
["Serviço","2.5","Outros","DER-EDF020712","Rede de água com padrão de entrada d'água diâm. 3/4\", conf. espec. CESAN, incl. tubos e conexões para alimentação, distribuição, extravasor e limpeza, cons. o padrão a 25m, conf. projeto (1 utilização)",{"v":10,"d":"10.00"},"M",{"v":56.94,"d":"R$ 56.94"},{"v":56.94,"d":"R$ 56.94"},{"v":0.25,"d":"25.00%"},{"v":71.175,"d":"R$ 71.18"},{"v":711.8,"d":"R$ 711.80"},"","2","SERVIÇOS PRELIMINARES","1","Casa 1",{"v":10,"d":"10.00"},{"v":711.8000000000001,"d":"R$ 711.80"}]
["Serviço","2.6","SINAPI","98459","TAPUME COM TELHA METÁLICA. AF_03/2024",{"v":280,"d":"280.00"},"M2",{"v":94.13,"d":"R$ 94.13"},{"v":94.13,"d":"R$ 94.13"},{"v":0.25,"d":"25.00%"},{"v":117.6625,"d":"R$ 117.66"},{"v":32944.8,"d":"R$ 32,944.80"},null,"2","SERVIÇOS PRELIMINARES","1","Casa 1",{"v":280,"d":"280.00"},{"v":32944.799999999996,"d":"R$ 32,944.80"}]
["Serviço","2.7","Outros","DER-EDF020709","Galpão para corte e armação com área de 6.00m2, em peças de madeira 8x8cm e contraventamento de 5x7cm, cobertura de telhas de fibroc. de 6mm, inclusive ponto e cabo de alimentação da máquina, conf. projeto (1 utilização)",{"v":6,"d":"6.00"},"M2",{"v":289.88,"d":"R$ 289.88"},{"v":289.88,"d":"R$ 289.88"},{"v":0.25,"d":"25.00%"},{"v":362.35,"d":"R$ 362.35"},{"v":2174.1,"d":"R$ 2,174.10"},"","2","SERVIÇOS PRELIMINARES","1","Casa 1",{"v":6,"d":"6.00"},{"v":2174.1000000000004,"d":"R$ 2,174.10"}]
["Serviço","2.8","Outros","DER-EDF020702","Barracão para almoxarifado área de 10.90m2, de chapa de compensado de 12mm e pontalete 8x8cm, piso cimentado e cobertura de telhas de fibrocimento de 6mm, incl. ponto de luz, conf. projeto (1 utilização)",{"v":10.9,"d":"10.90"},"M2",{"v":600.86,"d":"R$ 600.86"},{"v":600.86,"d":"R$ 600.86"},{"v":0.25,"d":"25.00%"},{"v":751.075,"d":"R$ 751.08"},{"v":8186.77,"d":"R$ 8,186.77"},"","2","SERVIÇOS PRELIMINARES","1","Casa 1",{"v":10.9,"d":"10.90"},{"v":8186.772000000001,"d":"R$ 8,186.77"}]
["Serviço","2.9","Outros","DER-EDF020701","Barracão para escritório com sanitário área de 14.50 m2, de chapa de compens. 12mm e pontalete 8x8cm, piso cimentado e cobertura de telha de fibroc. 6mm, incl. ponto de luz e cx. de inspeção, conf. projeto (1 utilização)",{"v":14.5,"d":"14.50"},"M2",{"v":863.7,"d":"R$ 863.70"},{"v":863.7,"d":"R$ 863.70"},{"v":0.25,"d":"25.00%"},{"v":1079.625,"d":"R$ 1,079.63"},{"v":15654.64,"d":"R$ 15,654.64"},"","2","SERVIÇOS PRELIMINARES","1","Casa 1",{"v":14.5,"d":"14.50"},{"v":15654.635000000002,"d":"R$ 15,654.64"}]
["Serviço","2.10","Outros","DER-EDF020710","Reservatório de poliestileno de 500L, incl. suporte em madeira de 7x12cm e 5x7cm, elevado de 4m, conf. projeto (1 utilização)",{"v":1,"d":"1.00"},"UN",{"v":1770.47,"d":"R$ 1,770.47"},{"v":1770.47,"d":"R$ 1,770.47"},{"v":0.25,"d":"25.00%"},{"v":2213.0875,"d":"R$ 2,213.09"},{"v":2213.09,"d":"R$ 2,213.09"},"","2","SERVIÇOS PRELIMINARES","1","Casa 1",{"v":1,"d":"1.00"},{"v":2213.09,"d":"R$ 2,213.09"}]
["Serviço","2.11","Outros","DER EDF020344","Mobilização e desmobilização de conteiner locado para barração de obra",{"v":0.5,"d":"0.50"},"UN",{"v":1666.67,"d":"R$ 1,666.67"},{"v":1666.67,"d":"R$ 1,666.67"},{"v":0.25,"d":"25.00%"},{"v":2083.3375,"d":"R$ 2,083.34"},{"v":1041.67,"d":"R$ 1,041.67"},null,"2","SERVIÇOS PRELIMINARES","1","Casa 1",{"v":0.5,"d":"0.50"},{"v":1041.67,"d":"R$ 1,041.67"}]
["Serviço","2.12","Outros","DER EDF020344","Mobilização e desmobilização de conteiner locado para barração de obra",{"v":0.5,"d":"0.50"},"UN",{"v":1666.67,"d":"R$ 1,666.67"},{"v":1666.67,"d":"R$ 1,666.67"},{"v":0.25,"d":"25.00%"},{"v":2083.3375,"d":"R$ 2,083.34"},{"v":1041.67,"d":"R$ 1,041.67"},null,"12","REVESTIMENTOS CERÂMICOS","1","Casa 1",{"v":0.5,"d":"0.50"},{"v":1041.67,"d":"R$ 1,041.67"}]
["Macrosserviço","3","","","SAPATA","","","","","","",{"$f":"ROUND(L91,2)+ROUND(L116,2)+ROUND(L141,2)+ROUND(L166,2)+ROUND(L191,2)+ROUND(L216,2)+ROUND(L241,2)+ROUND(L266,2)+ROUND(L291,2)","v":{"v":210633.75,"d":"R$ 210,633.75"}},"","","","","","",""]
["Serviço","3.1","SINAPI","96521","ESCAVAÇÃO MECANIZADA PARA BLOCO DE COROAMENTO OU SAPATA COM RETROESCAVADEIRA (INCLUINDO ESCAVAÇÃO PARA COLOCAÇÃO DE FÔRMAS). AF_01/2024",{"$f":"R91+R92+R93+R94+R95+R96+R97+R98+R99+R100+R101+R102+R103+R104+R105+R106+R107+R108+R109+R110+R111+R112+R113+R114+R115","v":{"v":218.50000000000006,"d":"218.50"}},"M3",{"v":44.61,"d":"R$ 44.61"},{"v":44.61,"d":"R$ 44.61"},{"v":0.25,"d":"25.00%"},{"$f":"ROUND(I91,2)+(ROUND(I91,2)*J91)","v":{"v":55.7625,"d":"R$ 55.76"}},{"$f":"ROUND(S91,2)+ROUND(S92,2)+ROUND(S93,2)+ROUND(S94,2)+ROUND(S95,2)+ROUND(S96,2)+ROUND(S97,2)+ROUND(S98,2)+ROUND(S99,2)+ROUND(S100,2)+ROUND(S101,2)+ROUND(S102,2)+ROUND(S103,2)+ROUND(S104,2)+ROUND(S105,2)+ROUND(S106,2)+ROUND(S107,2)+ROUND(S108,2)+ROUND(S109,2)+ROUND(S110,2)+ROUND(S111,2)+ROUND(S112,2)+ROUND(S113,2)+ROUND(S114,2)+ROUND(S115,2)","v":{"v":12183.500000000002,"d":"R$ 12,183.50"}},"","3","SAPATA","1","Casa 1",8.74,{"$f":"ROUND(K91,2)*R91","v":{"v":487.3424,"d":"R$ 487.34"}}]
[{"$nulls":15},"2","Casa 2",8.74,{"$f":"ROUND(K91,2)*R92","v":{"v":487.3424,"d":"R$ 487.34"}}]
[{"$nulls":15},"3","Casa 3",8.74,{"$f":"ROUND(K91,2)*R93","v":{"v":487.3424,"d":"R$ 487.34"}}]
[{"$nulls":15},"4","Casa 4",8.74,{"$f":"ROUND(K91,2)*R94","v":{"v":487.3424,"d":"R$ 487.34"}}]
[{"$nulls":15},"5","Casa 5",8.74,{"$f":"ROUND(K91,2)*R95","v":{"v":487.3424,"d":"R$ 487.34"}}]
[{"$nulls":15},"6","Casa 6",8.74,{"$f":"ROUND(K91,2)*R96","v":{"v":487.3424,"d":"R$ 487.34"}}]
[{"$nulls":15},"7","Casa 7",8.74,{"$f":"ROUND(K91,2)*R97","v":{"v":487.3424,"d":"R$ 487.34"}}]
[{"$nulls":15},"8","Casa 8",8.74,{"$f":"ROUND(K91,2)*R98","v":{"v":487.3424,"d":"R$ 487.34"}}]
[{"$nulls":15},"9","Casa 9",8.74,{"$f":"ROUND(K91,2)*R99","v":{"v":487.3424,"d":"R$ 487.34"}}]
[{"$nulls":15},"10","Casa 10",8.74,{"$f":"ROUND(K91,2)*R100","v":{"v":487.3424,"d":"R$ 487.34"}}]
[{"$nulls":15},"11","Casa 11",8.74,{"$f":"ROUND(K91,2)*R101","v":{"v":487.3424,"d":"R$ 487.34"}}]
[{"$nulls":15},"12","Casa 12",8.74,{"$f":"ROUND(K91,2)*R102","v":{"v":487.3424,"d":"R$ 487.34"}}]
[{"$nulls":15},"13","Casa 13",8.74,{"$f":"ROUND(K91,2)*R103","v":{"v":487.3424,"d":"R$ 487.34"}}]
[{"$nulls":15},"14","Casa 14",8.74,{"$f":"ROUND(K91,2)*R104","v":{"v":487.3424,"d":"R$ 487.34"}}]
[{"$nulls":15},"15","Casa 15",8.74,{"$f":"ROUND(K91,2)*R105","v":{"v":487.3424,"d":"R$ 487.34"}}]
[{"$nulls":15},"16","Casa 16",8.74,{"$f":"ROUND(K91,2)*R106","v":{"v":487.3424,"d":"R$ 487.34"}}]
[{"$nulls":15},"17","Casa 17",8.74,{"$f":"ROUND(K91,2)*R107","v":{"v":487.3424,"d":"R$ 487.34"}}]
[{"$nulls":15},"18","Casa 18",8.74,{"$f":"ROUND(K91,2)*R108","v":{"v":487.3424,"d":"R$ 487.34"}}]
[{"$nulls":15},"19","Casa 19",8.74,{"$f":"ROUND(K91,2)*R109","v":{"v":487.3424,"d":"R$ 487.34"}}]
[{"$nulls":15},"20","Casa 20",8.74,{"$f":"ROUND(K91,2)*R110","v":{"v":487.3424,"d":"R$ 487.34"}}]
[{"$nulls":15},"21","Casa 21",8.74,{"$f":"ROUND(K91,2)*R111","v":{"v":487.3424,"d":"R$ 487.34"}}]
[{"$nulls":15},"22","Casa 22",8.74,{"$f":"ROUND(K91,2)*R112","v":{"v":487.3424,"d":"R$ 487.34"}}]
[{"$nulls":15},"23","Casa 23",8.74,{"$f":"ROUND(K91,2)*R113","v":{"v":487.3424,"d":"R$ 487.34"}}]
[{"$nulls":15},"24","Casa 24",8.74,{"$f":"ROUND(K91,2)*R114","v":{"v":487.3424,"d":"R$ 487.34"}}]
[{"$nulls":15},"25","Casa 25",8.74,{"$f":"ROUND(K91,2)*R115","v":{"v":487.3424,"d":"R$ 487.34"}}]
["Serviço","3.2","SINAPI","101616","PREPARO DE FUNDO DE VALA COM LARGURA MENOR QUE 1,5 M (ACERTO DO SOLO NATURAL). AF_08/2020",{"$f":"R116+R117+R118+R119+R120+R121+R122+R123+R124+R125+R126+R127+R128+R129+R130+R131+R132+R133+R134+R135+R136+R137+R138+R139+R140","v":{"v":117.00000000000006,"d":"117.00"}},"M2",{"v":7.7,"d":"R$ 7.70"},{"v":7.7,"d":"R$ 7.70"},{"v":0.25,"d":"25.00%"},{"$f":"ROUND(I116,2)+(ROUND(I116,2)*J116)","v":{"v":9.625,"d":"R$ 9.63"}},{"$f":"ROUND(S116,2)+ROUND(S117,2)+ROUND(S118,2)+ROUND(S119,2)+ROUND(S120,2)+ROUND(S121,2)+ROUND(S122,2)+ROUND(S123,2)+ROUND(S124,2)+ROUND(S125,2)+ROUND(S126,2)+ROUND(S127,2)+ROUND(S128,2)+ROUND(S129,2)+ROUND(S130,2)+ROUND(S131,2)+ROUND(S132,2)+ROUND(S133,2)+ROUND(S134,2)+ROUND(S135,2)+ROUND(S136,2)+ROUND(S137,2)+ROUND(S138,2)+ROUND(S139,2)+ROUND(S140,2)","v":{"v":1126.7500000000005,"d":"R$ 1,126.75"}},"","3","SAPATA","1","Casa 1",4.68,{"$f":"ROUND(K116,2)*R116","v":{"v":45.068400000000004,"d":"R$ 45.07"}}]
[{"$nulls":15},"2","Casa 2",4.68,{"$f":"ROUND(K116,2)*R117","v":{"v":45.068400000000004,"d":"R$ 45.07"}}]
[{"$nulls":15},"3","Casa 3",4.68,{"$f":"ROUND(K116,2)*R118","v":{"v":45.068400000000004,"d":"R$ 45.07"}}]
[{"$nulls":15},"4","Casa 4",4.68,{"$f":"ROUND(K116,2)*R119","v":{"v":45.068400000000004,"d":"R$ 45.07"}}]
[{"$nulls":15},"5","Casa 5",4.68,{"$f":"ROUND(K116,2)*R120","v":{"v":45.068400000000004,"d":"R$ 45.07"}}]
[{"$nulls":15},"6","Casa 6",4.68,{"$f":"ROUND(K116,2)*R121","v":{"v":45.068400000000004,"d":"R$ 45.07"}}]
[{"$nulls":15},"7","Casa 7",4.68,{"$f":"ROUND(K116,2)*R122","v":{"v":45.068400000000004,"d":"R$ 45.07"}}]
[{"$nulls":15},"8","Casa 8",4.68,{"$f":"ROUND(K116,2)*R123","v":{"v":45.068400000000004,"d":"R$ 45.07"}}]
[{"$nulls":15},"9","Casa 9",4.68,{"$f":"ROUND(K116,2)*R124","v":{"v":45.068400000000004,"d":"R$ 45.07"}}]
[{"$nulls":15},"10","Casa 10",4.68,{"$f":"ROUND(K116,2)*R125","v":{"v":45.068400000000004,"d":"R$ 45.07"}}]
[{"$nulls":15},"11","Casa 11",4.68,{"$f":"ROUND(K116,2)*R126","v":{"v":45.068400000000004,"d":"R$ 45.07"}}]
[{"$nulls":15},"12","Casa 12",4.68,{"$f":"ROUND(K116,2)*R127","v":{"v":45.068400000000004,"d":"R$ 45.07"}}]
[{"$nulls":15},"13","Casa 13",4.68,{"$f":"ROUND(K116,2)*R128","v":{"v":45.068400000000004,"d":"R$ 45.07"}}]
[{"$nulls":15},"14","Casa 14",4.68,{"$f":"ROUND(K116,2)*R129","v":{"v":45.068400000000004,"d":"R$ 45.07"}}]
[{"$nulls":15},"15","Casa 15",4.68,{"$f":"ROUND(K116,2)*R130","v":{"v":45.068400000000004,"d":"R$ 45.07"}}]
[{"$nulls":15},"16","Casa 16",4.68,{"$f":"ROUND(K116,2)*R131","v":{"v":45.068400000000004,"d":"R$ 45.07"}}]
[{"$nulls":15},"17","Casa 17",4.68,{"$f":"ROUND(K116,2)*R132","v":{"v":45.068400000000004,"d":"R$ 45.07"}}]
[{"$nulls":15},"18","Casa 18",4.68,{"$f":"ROUND(K116,2)*R133","v":{"v":45.068400000000004,"d":"R$ 45.07"}}]
[{"$nulls":15},"19","Casa 19",4.68,{"$f":"ROUND(K116,2)*R134","v":{"v":45.068400000000004,"d":"R$ 45.07"}}]
[{"$nulls":15},"20","Casa 20",4.68,{"$f":"ROUND(K116,2)*R135","v":{"v":45.068400000000004,"d":"R$ 45.07"}}]
[{"$nulls":15},"21","Casa 21",4.68,{"$f":"ROUND(K116,2)*R136","v":{"v":45.068400000000004,"d":"R$ 45.07"}}]
[{"$nulls":15},"22","Casa 22",4.68,{"$f":"ROUND(K116,2)*R137","v":{"v":45.068400000000004,"d":"R$ 45.07"}}]
[{"$nulls":15},"23","Casa 23",4.68,{"$f":"ROUND(K116,2)*R138","v":{"v":45.068400000000004,"d":"R$ 45.07"}}]
[{"$nulls":15},"24","Casa 24",4.68,{"$f":"ROUND(K116,2)*R139","v":{"v":45.068400000000004,"d":"R$ 45.07"}}]
[{"$nulls":15},"25","Casa 25",4.68,{"$f":"ROUND(K116,2)*R140","v":{"v":45.068400000000004,"d":"R$ 45.07"}}]
["Serviço","3.3","SINAPI","96619","LASTRO DE CONCRETO MAGRO, APLICADO EM BLOCOS DE COROAMENTO OU SAPATAS, ESPESSURA DE 5 CM. AF_01/2024",{"$f":"R141+R142+R143+R144+R145+R146+R147+R148+R149+R150+R151+R152+R153+R154+R155+R156+R157+R158+R159+R160+R161+R162+R163+R164+R165","v":{"v":117.00000000000006,"d":"117.00"}},"M2",{"v":42.06,"d":"R$ 42.06"},{"v":42.06,"d":"R$ 42.06"},{"v":0.25,"d":"25.00%"},{"$f":"ROUND(I141,2)+(ROUND(I141,2)*J141)","v":{"v":52.575,"d":"R$ 52.58"}},{"$f":"ROUND(S141,2)+ROUND(S142,2)+ROUND(S143,2)+ROUND(S144,2)+ROUND(S145,2)+ROUND(S146,2)+ROUND(S147,2)+ROUND(S148,2)+ROUND(S149,2)+ROUND(S150,2)+ROUND(S151,2)+ROUND(S152,2)+ROUND(S153,2)+ROUND(S154,2)+ROUND(S155,2)+ROUND(S156,2)+ROUND(S157,2)+ROUND(S158,2)+ROUND(S159,2)+ROUND(S160,2)+ROUND(S161,2)+ROUND(S162,2)+ROUND(S163,2)+ROUND(S164,2)+ROUND(S165,2)","v":{"v":6151.749999999998,"d":"R$ 6,151.75"}},"","3","SAPATA","1","Casa 1",4.68,{"$f":"ROUND(K141,2)*R141","v":{"v":246.07439999999997,"d":"R$ 246.07"}}]
[{"$nulls":15},"2","Casa 2",4.68,{"$f":"ROUND(K141,2)*R142","v":{"v":246.07439999999997,"d":"R$ 246.07"}}]
[{"$nulls":15},"3","Casa 3",4.68,{"$f":"ROUND(K141,2)*R143","v":{"v":246.07439999999997,"d":"R$ 246.07"}}]
[{"$nulls":15},"4","Casa 4",4.68,{"$f":"ROUND(K141,2)*R144","v":{"v":246.07439999999997,"d":"R$ 246.07"}}]
[{"$nulls":15},"5","Casa 5",4.68,{"$f":"ROUND(K141,2)*R145","v":{"v":246.07439999999997,"d":"R$ 246.07"}}]
[{"$nulls":15},"6","Casa 6",4.68,{"$f":"ROUND(K141,2)*R146","v":{"v":246.07439999999997,"d":"R$ 246.07"}}]
[{"$nulls":15},"7","Casa 7",4.68,{"$f":"ROUND(K141,2)*R147","v":{"v":246.07439999999997,"d":"R$ 246.07"}}]
[{"$nulls":15},"8","Casa 8",4.68,{"$f":"ROUND(K141,2)*R148","v":{"v":246.07439999999997,"d":"R$ 246.07"}}]
[{"$nulls":15},"9","Casa 9",4.68,{"$f":"ROUND(K141,2)*R149","v":{"v":246.07439999999997,"d":"R$ 246.07"}}]
[{"$nulls":15},"10","Casa 10",4.68,{"$f":"ROUND(K141,2)*R150","v":{"v":246.07439999999997,"d":"R$ 246.07"}}]
[{"$nulls":15},"11","Casa 11",4.68,{"$f":"ROUND(K141,2)*R151","v":{"v":246.07439999999997,"d":"R$ 246.07"}}]
[{"$nulls":15},"12","Casa 12",4.68,{"$f":"ROUND(K141,2)*R152","v":{"v":246.07439999999997,"d":"R$ 246.07"}}]
[{"$nulls":15},"13","Casa 13",4.68,{"$f":"ROUND(K141,2)*R153","v":{"v":246.07439999999997,"d":"R$ 246.07"}}]
[{"$nulls":15},"14","Casa 14",4.68,{"$f":"ROUND(K141,2)*R154","v":{"v":246.07439999999997,"d":"R$ 246.07"}}]
[{"$nulls":15},"15","Casa 15",4.68,{"$f":"ROUND(K141,2)*R155","v":{"v":246.07439999999997,"d":"R$ 246.07"}}]
[{"$nulls":15},"16","Casa 16",4.68,{"$f":"ROUND(K141,2)*R156","v":{"v":246.07439999999997,"d":"R$ 246.07"}}]
[{"$nulls":15},"17","Casa 17",4.68,{"$f":"ROUND(K141,2)*R157","v":{"v":246.07439999999997,"d":"R$ 246.07"}}]
[{"$nulls":15},"18","Casa 18",4.68,{"$f":"ROUND(K141,2)*R158","v":{"v":246.07439999999997,"d":"R$ 246.07"}}]
[{"$nulls":15},"19","Casa 19",4.68,{"$f":"ROUND(K141,2)*R159","v":{"v":246.07439999999997,"d":"R$ 246.07"}}]
[{"$nulls":15},"20","Casa 20",4.68,{"$f":"ROUND(K141,2)*R160","v":{"v":246.07439999999997,"d":"R$ 246.07"}}]
[{"$nulls":15},"21","Casa 21",4.68,{"$f":"ROUND(K141,2)*R161","v":{"v":246.07439999999997,"d":"R$ 246.07"}}]
[{"$nulls":15},"22","Casa 22",4.68,{"$f":"ROUND(K141,2)*R162","v":{"v":246.07439999999997,"d":"R$ 246.07"}}]
[{"$nulls":15},"23","Casa 23",4.68,{"$f":"ROUND(K141,2)*R163","v":{"v":246.07439999999997,"d":"R$ 246.07"}}]
[{"$nulls":15},"24","Casa 24",4.68,{"$f":"ROUND(K141,2)*R164","v":{"v":246.07439999999997,"d":"R$ 246.07"}}]
[{"$nulls":15},"25","Casa 25",4.68,{"$f":"ROUND(K141,2)*R165","v":{"v":246.07439999999997,"d":"R$ 246.07"}}]
["Serviço","3.4","SINAPI","96541","FABRICAÇÃO, MONTAGEM E DESMONTAGEM DE FÔRMA PARA SAPATA, EM CHAPA DE MADEIRA COMPENSADA RESINADA, E=17 MM, 4 UTILIZAÇÕES. AF_01/2024",{"$f":"R166+R167+R168+R169+R170+R171+R172+R173+R174+R175+R176+R177+R178+R179+R180+R181+R182+R183+R184+R185+R186+R187+R188+R189+R190","v":{"v":364,"d":"364.00"}},"M2",{"v":218.03,"d":"R$ 218.03"},{"v":218.03,"d":"R$ 218.03"},{"v":0.25,"d":"25.00%"},{"$f":"ROUND(I166,2)+(ROUND(I166,2)*J166)","v":{"v":272.5375,"d":"R$ 272.54"}},{"$f":"ROUND(S166,2)+ROUND(S167,2)+ROUND(S168,2)+ROUND(S169,2)+ROUND(S170,2)+ROUND(S171,2)+ROUND(S172,2)+ROUND(S173,2)+ROUND(S174,2)+ROUND(S175,2)+ROUND(S176,2)+ROUND(S177,2)+ROUND(S178,2)+ROUND(S179,2)+ROUND(S180,2)+ROUND(S181,2)+ROUND(S182,2)+ROUND(S183,2)+ROUND(S184,2)+ROUND(S185,2)+ROUND(S186,2)+ROUND(S187,2)+ROUND(S188,2)+ROUND(S189,2)+ROUND(S190,2)","v":{"v":99204.49999999994,"d":"R$ 99,204.50"}},"","3","SAPATA","1","Casa 1",14.56,{"$f":"ROUND(K166,2)*R166","v":{"v":3968.1824000000006,"d":"R$ 3,968.18"}}]
[{"$nulls":15},"2","Casa 2",14.56,{"$f":"ROUND(K166,2)*R167","v":{"v":3968.1824000000006,"d":"R$ 3,968.18"}}]
[{"$nulls":15},"3","Casa 3",14.56,{"$f":"ROUND(K166,2)*R168","v":{"v":3968.1824000000006,"d":"R$ 3,968.18"}}]
[{"$nulls":15},"4","Casa 4",14.56,{"$f":"ROUND(K166,2)*R169","v":{"v":3968.1824000000006,"d":"R$ 3,968.18"}}]
[{"$nulls":15},"5","Casa 5",14.56,{"$f":"ROUND(K166,2)*R170","v":{"v":3968.1824000000006,"d":"R$ 3,968.18"}}]
[{"$nulls":15},"6","Casa 6",14.56,{"$f":"ROUND(K166,2)*R171","v":{"v":3968.1824000000006,"d":"R$ 3,968.18"}}]
[{"$nulls":15},"7","Casa 7",14.56,{"$f":"ROUND(K166,2)*R172","v":{"v":3968.1824000000006,"d":"R$ 3,968.18"}}]
[{"$nulls":15},"8","Casa 8",14.56,{"$f":"ROUND(K166,2)*R173","v":{"v":3968.1824000000006,"d":"R$ 3,968.18"}}]
[{"$nulls":15},"9","Casa 9",14.56,{"$f":"ROUND(K166,2)*R174","v":{"v":3968.1824000000006,"d":"R$ 3,968.18"}}]
[{"$nulls":15},"10","Casa 10",14.56,{"$f":"ROUND(K166,2)*R175","v":{"v":3968.1824000000006,"d":"R$ 3,968.18"}}]
[{"$nulls":15},"11","Casa 11",14.56,{"$f":"ROUND(K166,2)*R176","v":{"v":3968.1824000000006,"d":"R$ 3,968.18"}}]
[{"$nulls":15},"12","Casa 12",14.56,{"$f":"ROUND(K166,2)*R177","v":{"v":3968.1824000000006,"d":"R$ 3,968.18"}}]
[{"$nulls":15},"13","Casa 13",14.56,{"$f":"ROUND(K166,2)*R178","v":{"v":3968.1824000000006,"d":"R$ 3,968.18"}}]
[{"$nulls":15},"14","Casa 14",14.56,{"$f":"ROUND(K166,2)*R179","v":{"v":3968.1824000000006,"d":"R$ 3,968.18"}}]
[{"$nulls":15},"15","Casa 15",14.56,{"$f":"ROUND(K166,2)*R180","v":{"v":3968.1824000000006,"d":"R$ 3,968.18"}}]
[{"$nulls":15},"16","Casa 16",14.56,{"$f":"ROUND(K166,2)*R181","v":{"v":3968.1824000000006,"d":"R$ 3,968.18"}}]
[{"$nulls":15},"17","Casa 17",14.56,{"$f":"ROUND(K166,2)*R182","v":{"v":3968.1824000000006,"d":"R$ 3,968.18"}}]
[{"$nulls":15},"18","Casa 18",14.56,{"$f":"ROUND(K166,2)*R183","v":{"v":3968.1824000000006,"d":"R$ 3,968.18"}}]
[{"$nulls":15},"19","Casa 19",14.56,{"$f":"ROUND(K166,2)*R184","v":{"v":3968.1824000000006,"d":"R$ 3,968.18"}}]
[{"$nulls":15},"20","Casa 20",14.56,{"$f":"ROUND(K166,2)*R185","v":{"v":3968.1824000000006,"d":"R$ 3,968.18"}}]
[{"$nulls":15},"21","Casa 21",14.56,{"$f":"ROUND(K166,2)*R186","v":{"v":3968.1824000000006,"d":"R$ 3,968.18"}}]
[{"$nulls":15},"22","Casa 22",14.56,{"$f":"ROUND(K166,2)*R187","v":{"v":3968.1824000000006,"d":"R$ 3,968.18"}}]
[{"$nulls":15},"23","Casa 23",14.56,{"$f":"ROUND(K166,2)*R188","v":{"v":3968.1824000000006,"d":"R$ 3,968.18"}}]
[{"$nulls":15},"24","Casa 24",14.56,{"$f":"ROUND(K166,2)*R189","v":{"v":3968.1824000000006,"d":"R$ 3,968.18"}}]
[{"$nulls":15},"25","Casa 25",14.56,{"$f":"ROUND(K166,2)*R190","v":{"v":3968.1824000000006,"d":"R$ 3,968.18"}}]
["Serviço","3.5","SINAPI","104919","ARMAÇÃO DE SAPATA ISOLADA, VIGA BALDRAME E SAPATA CORRIDA UTILIZANDO AÇO CA-50 DE 10 MM - MONTAGEM. AF_01/2024",{"$f":"R191+R192+R193+R194+R195+R196+R197+R198+R199+R200+R201+R202+R203+R204+R205+R206+R207+R208+R209+R210+R211+R212+R213+R214+R215","v":{"v":1267.5000000000005,"d":"1,267.50"}},"KG",{"v":14.78,"d":"R$ 14.78"},{"v":14.78,"d":"R$ 14.78"},{"v":0.25,"d":"25.00%"},{"$f":"ROUND(I191,2)+(ROUND(I191,2)*J191)","v":{"v":18.474999999999998,"d":"R$ 18.48"}},{"$f":"ROUND(S191,2)+ROUND(S192,2)+ROUND(S193,2)+ROUND(S194,2)+ROUND(S195,2)+ROUND(S196,2)+ROUND(S197,2)+ROUND(S198,2)+ROUND(S199,2)+ROUND(S200,2)+ROUND(S201,2)+ROUND(S202,2)+ROUND(S203,2)+ROUND(S204,2)+ROUND(S205,2)+ROUND(S206,2)+ROUND(S207,2)+ROUND(S208,2)+ROUND(S209,2)+ROUND(S210,2)+ROUND(S211,2)+ROUND(S212,2)+ROUND(S213,2)+ROUND(S214,2)+ROUND(S215,2)","v":{"v":23423.499999999996,"d":"R$ 23,423.50"}},"","3","SAPATA","1","Casa 1",{"v":50.7,"d":"50.70"},{"$f":"ROUND(K191,2)*R191","v":{"v":936.936,"d":"R$ 936.94"}}]
[{"$nulls":15},"2","Casa 2",{"v":50.7,"d":"50.70"},{"$f":"ROUND(K191,2)*R192","v":{"v":936.936,"d":"R$ 936.94"}}]
[{"$nulls":15},"3","Casa 3",{"v":50.7,"d":"50.70"},{"$f":"ROUND(K191,2)*R193","v":{"v":936.936,"d":"R$ 936.94"}}]
[{"$nulls":15},"4","Casa 4",{"v":50.7,"d":"50.70"},{"$f":"ROUND(K191,2)*R194","v":{"v":936.936,"d":"R$ 936.94"}}]
[{"$nulls":15},"5","Casa 5",{"v":50.7,"d":"50.70"},{"$f":"ROUND(K191,2)*R195","v":{"v":936.936,"d":"R$ 936.94"}}]
[{"$nulls":15},"6","Casa 6",{"v":50.7,"d":"50.70"},{"$f":"ROUND(K191,2)*R196","v":{"v":936.936,"d":"R$ 936.94"}}]
[{"$nulls":15},"7","Casa 7",{"v":50.7,"d":"50.70"},{"$f":"ROUND(K191,2)*R197","v":{"v":936.936,"d":"R$ 936.94"}}]
[{"$nulls":15},"8","Casa 8",{"v":50.7,"d":"50.70"},{"$f":"ROUND(K191,2)*R198","v":{"v":936.936,"d":"R$ 936.94"}}]
[{"$nulls":15},"9","Casa 9",{"v":50.7,"d":"50.70"},{"$f":"ROUND(K191,2)*R199","v":{"v":936.936,"d":"R$ 936.94"}}]
[{"$nulls":15},"10","Casa 10",{"v":50.7,"d":"50.70"},{"$f":"ROUND(K191,2)*R200","v":{"v":936.936,"d":"R$ 936.94"}}]
[{"$nulls":15},"11","Casa 11",{"v":50.7,"d":"50.70"},{"$f":"ROUND(K191,2)*R201","v":{"v":936.936,"d":"R$ 936.94"}}]
[{"$nulls":15},"12","Casa 12",{"v":50.7,"d":"50.70"},{"$f":"ROUND(K191,2)*R202","v":{"v":936.936,"d":"R$ 936.94"}}]
[{"$nulls":15},"13","Casa 13",{"v":50.7,"d":"50.70"},{"$f":"ROUND(K191,2)*R203","v":{"v":936.936,"d":"R$ 936.94"}}]
[{"$nulls":15},"14","Casa 14",{"v":50.7,"d":"50.70"},{"$f":"ROUND(K191,2)*R204","v":{"v":936.936,"d":"R$ 936.94"}}]
[{"$nulls":15},"15","Casa 15",{"v":50.7,"d":"50.70"},{"$f":"ROUND(K191,2)*R205","v":{"v":936.936,"d":"R$ 936.94"}}]
[{"$nulls":15},"16","Casa 16",{"v":50.7,"d":"50.70"},{"$f":"ROUND(K191,2)*R206","v":{"v":936.936,"d":"R$ 936.94"}}]
[{"$nulls":15},"17","Casa 17",{"v":50.7,"d":"50.70"},{"$f":"ROUND(K191,2)*R207","v":{"v":936.936,"d":"R$ 936.94"}}]
[{"$nulls":15},"18","Casa 18",{"v":50.7,"d":"50.70"},{"$f":"ROUND(K191,2)*R208","v":{"v":936.936,"d":"R$ 936.94"}}]
[{"$nulls":15},"19","Casa 19",{"v":50.7,"d":"50.70"},{"$f":"ROUND(K191,2)*R209","v":{"v":936.936,"d":"R$ 936.94"}}]
[{"$nulls":15},"20","Casa 20",{"v":50.7,"d":"50.70"},{"$f":"ROUND(K191,2)*R210","v":{"v":936.936,"d":"R$ 936.94"}}]
[{"$nulls":15},"21","Casa 21",{"v":50.7,"d":"50.70"},{"$f":"ROUND(K191,2)*R211","v":{"v":936.936,"d":"R$ 936.94"}}]
[{"$nulls":15},"22","Casa 22",{"v":50.7,"d":"50.70"},{"$f":"ROUND(K191,2)*R212","v":{"v":936.936,"d":"R$ 936.94"}}]
[{"$nulls":15},"23","Casa 23",{"v":50.7,"d":"50.70"},{"$f":"ROUND(K191,2)*R213","v":{"v":936.936,"d":"R$ 936.94"}}]
[{"$nulls":15},"24","Casa 24",{"v":50.7,"d":"50.70"},{"$f":"ROUND(K191,2)*R214","v":{"v":936.936,"d":"R$ 936.94"}}]
[{"$nulls":15},"25","Casa 25",{"v":50.7,"d":"50.70"},{"$f":"ROUND(K191,2)*R215","v":{"v":936.936,"d":"R$ 936.94"}}]
["Serviço","3.6","SINAPI","104917","ARMAÇÃO DE SAPATA ISOLADA, VIGA BALDRAME E SAPATA CORRIDA UTILIZANDO AÇO CA-50 DE 6,3 MM - MONTAGEM. AF_01/2024",{"$f":"R216+R217+R218+R219+R220+R221+R222+R223+R224+R225+R226+R227+R228+R229+R230+R231+R232+R233+R234+R235+R236+R237+R238+R239+R240","v":{"v":667.5000000000001,"d":"667.50"}},"KG",{"v":17.96,"d":"R$ 17.96"},{"v":17.96,"d":"R$ 17.96"},{"v":0.25,"d":"25.00%"},{"$f":"ROUND(I216,2)+(ROUND(I216,2)*J216)","v":{"v":22.450000000000003,"d":"R$ 22.45"}},{"$f":"ROUND(S216,2)+ROUND(S217,2)+ROUND(S218,2)+ROUND(S219,2)+ROUND(S220,2)+ROUND(S221,2)+ROUND(S222,2)+ROUND(S223,2)+ROUND(S224,2)+ROUND(S225,2)+ROUND(S226,2)+ROUND(S227,2)+ROUND(S228,2)+ROUND(S229,2)+ROUND(S230,2)+ROUND(S231,2)+ROUND(S232,2)+ROUND(S233,2)+ROUND(S234,2)+ROUND(S235,2)+ROUND(S236,2)+ROUND(S237,2)+ROUND(S238,2)+ROUND(S239,2)+ROUND(S240,2)","v":{"v":14985.5,"d":"R$ 14,985.50"}},"","3","SAPATA","1","Casa 1",{"v":26.7,"d":"26.70"},{"$f":"ROUND(K216,2)*R216","v":{"v":599.415,"d":"R$ 599.42"}}]
[{"$nulls":15},"2","Casa 2",{"v":26.7,"d":"26.70"},{"$f":"ROUND(K216,2)*R217","v":{"v":599.415,"d":"R$ 599.42"}}]
[{"$nulls":15},"3","Casa 3",{"v":26.7,"d":"26.70"},{"$f":"ROUND(K216,2)*R218","v":{"v":599.415,"d":"R$ 599.42"}}]
[{"$nulls":15},"4","Casa 4",{"v":26.7,"d":"26.70"},{"$f":"ROUND(K216,2)*R219","v":{"v":599.415,"d":"R$ 599.42"}}]
[{"$nulls":15},"5","Casa 5",{"v":26.7,"d":"26.70"},{"$f":"ROUND(K216,2)*R220","v":{"v":599.415,"d":"R$ 599.42"}}]
[{"$nulls":15},"6","Casa 6",{"v":26.7,"d":"26.70"},{"$f":"ROUND(K216,2)*R221","v":{"v":599.415,"d":"R$ 599.42"}}]
[{"$nulls":15},"7","Casa 7",{"v":26.7,"d":"26.70"},{"$f":"ROUND(K216,2)*R222","v":{"v":599.415,"d":"R$ 599.42"}}]
[{"$nulls":15},"8","Casa 8",{"v":26.7,"d":"26.70"},{"$f":"ROUND(K216,2)*R223","v":{"v":599.415,"d":"R$ 599.42"}}]
[{"$nulls":15},"9","Casa 9",{"v":26.7,"d":"26.70"},{"$f":"ROUND(K216,2)*R224","v":{"v":599.415,"d":"R$ 599.42"}}]
[{"$nulls":15},"10","Casa 10",{"v":26.7,"d":"26.70"},{"$f":"ROUND(K216,2)*R225","v":{"v":599.415,"d":"R$ 599.42"}}]
[{"$nulls":15},"11","Casa 11",{"v":26.7,"d":"26.70"},{"$f":"ROUND(K216,2)*R226","v":{"v":599.415,"d":"R$ 599.42"}}]
[{"$nulls":15},"12","Casa 12",{"v":26.7,"d":"26.70"},{"$f":"ROUND(K216,2)*R227","v":{"v":599.415,"d":"R$ 599.42"}}]
[{"$nulls":15},"13","Casa 13",{"v":26.7,"d":"26.70"},{"$f":"ROUND(K216,2)*R228","v":{"v":599.415,"d":"R$ 599.42"}}]
[{"$nulls":15},"14","Casa 14",{"v":26.7,"d":"26.70"},{"$f":"ROUND(K216,2)*R229","v":{"v":599.415,"d":"R$ 599.42"}}]
[{"$nulls":15},"15","Casa 15",{"v":26.7,"d":"26.70"},{"$f":"ROUND(K216,2)*R230","v":{"v":599.415,"d":"R$ 599.42"}}]
[{"$nulls":15},"16","Casa 16",{"v":26.7,"d":"26.70"},{"$f":"ROUND(K216,2)*R231","v":{"v":599.415,"d":"R$ 599.42"}}]
[{"$nulls":15},"17","Casa 17",{"v":26.7,"d":"26.70"},{"$f":"ROUND(K216,2)*R232","v":{"v":599.415,"d":"R$ 599.42"}}]
[{"$nulls":15},"18","Casa 18",{"v":26.7,"d":"26.70"},{"$f":"ROUND(K216,2)*R233","v":{"v":599.415,"d":"R$ 599.42"}}]
[{"$nulls":15},"19","Casa 19",{"v":26.7,"d":"26.70"},{"$f":"ROUND(K216,2)*R234","v":{"v":599.415,"d":"R$ 599.42"}}]
[{"$nulls":15},"20","Casa 20",{"v":26.7,"d":"26.70"},{"$f":"ROUND(K216,2)*R235","v":{"v":599.415,"d":"R$ 599.42"}}]
[{"$nulls":15},"21","Casa 21",{"v":26.7,"d":"26.70"},{"$f":"ROUND(K216,2)*R236","v":{"v":599.415,"d":"R$ 599.42"}}]
[{"$nulls":15},"22","Casa 22",{"v":26.7,"d":"26.70"},{"$f":"ROUND(K216,2)*R237","v":{"v":599.415,"d":"R$ 599.42"}}]
[{"$nulls":15},"23","Casa 23",{"v":26.7,"d":"26.70"},{"$f":"ROUND(K216,2)*R238","v":{"v":599.415,"d":"R$ 599.42"}}]
[{"$nulls":15},"24","Casa 24",{"v":26.7,"d":"26.70"},{"$f":"ROUND(K216,2)*R239","v":{"v":599.415,"d":"R$ 599.42"}}]
[{"$nulls":15},"25","Casa 25",{"v":26.7,"d":"26.70"},{"$f":"ROUND(K216,2)*R240","v":{"v":599.415,"d":"R$ 599.42"}}]
["Serviço","3.7","SINAPI","104916","ARMAÇÃO DE SAPATA ISOLADA, VIGA BALDRAME E SAPATA CORRIDA UTILIZANDO AÇO CA-60 DE 5 MM - MONTAGEM. AF_01/2024",{"$f":"R241+R242+R243+R244+R245+R246+R247+R248+R249+R250+R251+R252+R253+R254+R255+R256+R257+R258+R259+R260+R261+R262+R263+R264+R265","v":{"v":320.0000000000001,"d":"320.00"}},"KG",{"v":19.45,"d":"R$ 19.45"},{"v":19.45,"d":"R$ 19.45"},{"v":0.25,"d":"25.00%"},{"$f":"ROUND(I241,2)+(ROUND(I241,2)*J241)","v":{"v":24.3125,"d":"R$ 24.31"}},{"$f":"ROUND(S241,2)+ROUND(S242,2)+ROUND(S243,2)+ROUND(S244,2)+ROUND(S245,2)+ROUND(S246,2)+ROUND(S247,2)+ROUND(S248,2)+ROUND(S249,2)+ROUND(S250,2)+ROUND(S251,2)+ROUND(S252,2)+ROUND(S253,2)+ROUND(S254,2)+ROUND(S255,2)+ROUND(S256,2)+ROUND(S257,2)+ROUND(S258,2)+ROUND(S259,2)+ROUND(S260,2)+ROUND(S261,2)+ROUND(S262,2)+ROUND(S263,2)+ROUND(S264,2)+ROUND(S265,2)","v":{"v":7779.250000000001,"d":"R$ 7,779.25"}},"","3","SAPATA","1","Casa 1",{"v":12.8,"d":"12.80"},{"$f":"ROUND(K241,2)*R241","v":{"v":311.168,"d":"R$ 311.17"}}]
[{"$nulls":15},"2","Casa 2",{"v":12.8,"d":"12.80"},{"$f":"ROUND(K241,2)*R242","v":{"v":311.168,"d":"R$ 311.17"}}]
[{"$nulls":15},"3","Casa 3",{"v":12.8,"d":"12.80"},{"$f":"ROUND(K241,2)*R243","v":{"v":311.168,"d":"R$ 311.17"}}]
[{"$nulls":15},"4","Casa 4",{"v":12.8,"d":"12.80"},{"$f":"ROUND(K241,2)*R244","v":{"v":311.168,"d":"R$ 311.17"}}]
[{"$nulls":15},"5","Casa 5",{"v":12.8,"d":"12.80"},{"$f":"ROUND(K241,2)*R245","v":{"v":311.168,"d":"R$ 311.17"}}]
[{"$nulls":15},"6","Casa 6",{"v":12.8,"d":"12.80"},{"$f":"ROUND(K241,2)*R246","v":{"v":311.168,"d":"R$ 311.17"}}]
[{"$nulls":15},"7","Casa 7",{"v":12.8,"d":"12.80"},{"$f":"ROUND(K241,2)*R247","v":{"v":311.168,"d":"R$ 311.17"}}]
[{"$nulls":15},"8","Casa 8",{"v":12.8,"d":"12.80"},{"$f":"ROUND(K241,2)*R248","v":{"v":311.168,"d":"R$ 311.17"}}]
[{"$nulls":15},"9","Casa 9",{"v":12.8,"d":"12.80"},{"$f":"ROUND(K241,2)*R249","v":{"v":311.168,"d":"R$ 311.17"}}]
[{"$nulls":15},"10","Casa 10",{"v":12.8,"d":"12.80"},{"$f":"ROUND(K241,2)*R250","v":{"v":311.168,"d":"R$ 311.17"}}]
[{"$nulls":15},"11","Casa 11",{"v":12.8,"d":"12.80"},{"$f":"ROUND(K241,2)*R251","v":{"v":311.168,"d":"R$ 311.17"}}]
[{"$nulls":15},"12","Casa 12",{"v":12.8,"d":"12.80"},{"$f":"ROUND(K241,2)*R252","v":{"v":311.168,"d":"R$ 311.17"}}]
[{"$nulls":15},"13","Casa 13",{"v":12.8,"d":"12.80"},{"$f":"ROUND(K241,2)*R253","v":{"v":311.168,"d":"R$ 311.17"}}]
[{"$nulls":15},"14","Casa 14",{"v":12.8,"d":"12.80"},{"$f":"ROUND(K241,2)*R254","v":{"v":311.168,"d":"R$ 311.17"}}]
[{"$nulls":15},"15","Casa 15",{"v":12.8,"d":"12.80"},{"$f":"ROUND(K241,2)*R255","v":{"v":311.168,"d":"R$ 311.17"}}]
[{"$nulls":15},"16","Casa 16",{"v":12.8,"d":"12.80"},{"$f":"ROUND(K241,2)*R256","v":{"v":311.168,"d":"R$ 311.17"}}]
[{"$nulls":15},"17","Casa 17",{"v":12.8,"d":"12.80"},{"$f":"ROUND(K241,2)*R257","v":{"v":311.168,"d":"R$ 311.17"}}]
[{"$nulls":15},"18","Casa 18",{"v":12.8,"d":"12.80"},{"$f":"ROUND(K241,2)*R258","v":{"v":311.168,"d":"R$ 311.17"}}]
[{"$nulls":15},"19","Casa 19",{"v":12.8,"d":"12.80"},{"$f":"ROUND(K241,2)*R259","v":{"v":311.168,"d":"R$ 311.17"}}]
[{"$nulls":15},"20","Casa 20",{"v":12.8,"d":"12.80"},{"$f":"ROUND(K241,2)*R260","v":{"v":311.168,"d":"R$ 311.17"}}]
[{"$nulls":15},"21","Casa 21",{"v":12.8,"d":"12.80"},{"$f":"ROUND(K241,2)*R261","v":{"v":311.168,"d":"R$ 311.17"}}]
[{"$nulls":15},"22","Casa 22",{"v":12.8,"d":"12.80"},{"$f":"ROUND(K241,2)*R262","v":{"v":311.168,"d":"R$ 311.17"}}]
[{"$nulls":15},"23","Casa 23",{"v":12.8,"d":"12.80"},{"$f":"ROUND(K241,2)*R263","v":{"v":311.168,"d":"R$ 311.17"}}]
[{"$nulls":15},"24","Casa 24",{"v":12.8,"d":"12.80"},{"$f":"ROUND(K241,2)*R264","v":{"v":311.168,"d":"R$ 311.17"}}]
[{"$nulls":15},"25","Casa 25",{"v":12.8,"d":"12.80"},{"$f":"ROUND(K241,2)*R265","v":{"v":311.168,"d":"R$ 311.17"}}]
["Serviço","3.8","Composição","96556_ADP-01","CONCRETAGEM DE SAPATA, FCK 20 MPA, COM USO DE JERICA - LANÇAMENTO, ADENSAMENTO E ACABAMENTO.",{"$f":"R266+R267+R268+R269+R270+R271+R272+R273+R274+R275+R276+R277+R278+R279+R280+R281+R282+R283+R284+R285+R286+R287+R288+R289+R290","v":{"v":35.24999999999999,"d":"35.25"}},"M3",{"v":875.19,"d":"R$ 875.19"},{"v":875.19,"d":"R$ 875.19"},{"v":0.25,"d":"25.00%"},{"$f":"ROUND(I266,2)+(ROUND(I266,2)*J266)","v":{"v":1093.9875000000002,"d":"R$ 1,093.99"}},{"$f":"ROUND(S266,2)+ROUND(S267,2)+ROUND(S268,2)+ROUND(S269,2)+ROUND(S270,2)+ROUND(S271,2)+ROUND(S272,2)+ROUND(S273,2)+ROUND(S274,2)+ROUND(S275,2)+ROUND(S276,2)+ROUND(S277,2)+ROUND(S278,2)+ROUND(S279,2)+ROUND(S280,2)+ROUND(S281,2)+ROUND(S282,2)+ROUND(S283,2)+ROUND(S284,2)+ROUND(S285,2)+ROUND(S286,2)+ROUND(S287,2)+ROUND(S288,2)+ROUND(S289,2)+ROUND(S290,2)","v":{"v":38563.249999999985,"d":"R$ 38,563.25"}},"","3","SAPATA","1","Casa 1",1.41,{"$f":"ROUND(K266,2)*R266","v":{"v":1542.5258999999999,"d":"R$ 1,542.53"}}]
[{"$nulls":15},"2","Casa 2",1.41,{"$f":"ROUND(K266,2)*R267","v":{"v":1542.5258999999999,"d":"R$ 1,542.53"}}]
[{"$nulls":15},"3","Casa 3",1.41,{"$f":"ROUND(K266,2)*R268","v":{"v":1542.5258999999999,"d":"R$ 1,542.53"}}]
[{"$nulls":15},"4","Casa 4",1.41,{"$f":"ROUND(K266,2)*R269","v":{"v":1542.5258999999999,"d":"R$ 1,542.53"}}]
[{"$nulls":15},"5","Casa 5",1.41,{"$f":"ROUND(K266,2)*R270","v":{"v":1542.5258999999999,"d":"R$ 1,542.53"}}]
[{"$nulls":15},"6","Casa 6",1.41,{"$f":"ROUND(K266,2)*R271","v":{"v":1542.5258999999999,"d":"R$ 1,542.53"}}]
[{"$nulls":15},"7","Casa 7",1.41,{"$f":"ROUND(K266,2)*R272","v":{"v":1542.5258999999999,"d":"R$ 1,542.53"}}]
[{"$nulls":15},"8","Casa 8",1.41,{"$f":"ROUND(K266,2)*R273","v":{"v":1542.5258999999999,"d":"R$ 1,542.53"}}]
[{"$nulls":15},"9","Casa 9",1.41,{"$f":"ROUND(K266,2)*R274","v":{"v":1542.5258999999999,"d":"R$ 1,542.53"}}]
[{"$nulls":15},"10","Casa 10",1.41,{"$f":"ROUND(K266,2)*R275","v":{"v":1542.5258999999999,"d":"R$ 1,542.53"}}]
[{"$nulls":15},"11","Casa 11",1.41,{"$f":"ROUND(K266,2)*R276","v":{"v":1542.5258999999999,"d":"R$ 1,542.53"}}]
[{"$nulls":15},"12","Casa 12",1.41,{"$f":"ROUND(K266,2)*R277","v":{"v":1542.5258999999999,"d":"R$ 1,542.53"}}]
[{"$nulls":15},"13","Casa 13",1.41,{"$f":"ROUND(K266,2)*R278","v":{"v":1542.5258999999999,"d":"R$ 1,542.53"}}]
[{"$nulls":15},"14","Casa 14",1.41,{"$f":"ROUND(K266,2)*R279","v":{"v":1542.5258999999999,"d":"R$ 1,542.53"}}]
[{"$nulls":15},"15","Casa 15",1.41,{"$f":"ROUND(K266,2)*R280","v":{"v":1542.5258999999999,"d":"R$ 1,542.53"}}]
[{"$nulls":15},"16","Casa 16",1.41,{"$f":"ROUND(K266,2)*R281","v":{"v":1542.5258999999999,"d":"R$ 1,542.53"}}]
[{"$nulls":15},"17","Casa 17",1.41,{"$f":"ROUND(K266,2)*R282","v":{"v":1542.5258999999999,"d":"R$ 1,542.53"}}]
[{"$nulls":15},"18","Casa 18",1.41,{"$f":"ROUND(K266,2)*R283","v":{"v":1542.5258999999999,"d":"R$ 1,542.53"}}]
[{"$nulls":15},"19","Casa 19",1.41,{"$f":"ROUND(K266,2)*R284","v":{"v":1542.5258999999999,"d":"R$ 1,542.53"}}]
[{"$nulls":15},"20","Casa 20",1.41,{"$f":"ROUND(K266,2)*R285","v":{"v":1542.5258999999999,"d":"R$ 1,542.53"}}]
[{"$nulls":15},"21","Casa 21",1.41,{"$f":"ROUND(K266,2)*R286","v":{"v":1542.5258999999999,"d":"R$ 1,542.53"}}]
[{"$nulls":15},"22","Casa 22",1.41,{"$f":"ROUND(K266,2)*R287","v":{"v":1542.5258999999999,"d":"R$ 1,542.53"}}]
[{"$nulls":15},"23","Casa 23",1.41,{"$f":"ROUND(K266,2)*R288","v":{"v":1542.5258999999999,"d":"R$ 1,542.53"}}]
[{"$nulls":15},"24","Casa 24",1.41,{"$f":"ROUND(K266,2)*R289","v":{"v":1542.5258999999999,"d":"R$ 1,542.53"}}]
[{"$nulls":15},"25","Casa 25",1.41,{"$f":"ROUND(K266,2)*R290","v":{"v":1542.5258999999999,"d":"R$ 1,542.53"}}]
["Serviço","3.9","SINAPI","93382","REATERRO MANUAL DE VALAS, COM COMPACTADOR DE SOLOS DE PERCUSSÃO. AF_08/2023",{"$f":"R291+R292+R293+R294+R295+R296+R297+R298+R299+R300+R301+R302+R303+R304+R305+R306+R307+R308+R309+R310+R311+R312+R313+R314+R315","v":{"v":177.25000000000006,"d":"177.25"}},"M3",{"v":32.57,"d":"R$ 32.57"},{"v":32.57,"d":"R$ 32.57"},{"v":0.25,"d":"25.00%"},{"$f":"ROUND(I291,2)+(ROUND(I291,2)*J291)","v":{"v":40.7125,"d":"R$ 40.71"}},{"$f":"ROUND(S291,2)+ROUND(S292,2)+ROUND(S293,2)+ROUND(S294,2)+ROUND(S295,2)+ROUND(S296,2)+ROUND(S297,2)+ROUND(S298,2)+ROUND(S299,2)+ROUND(S300,2)+ROUND(S301,2)+ROUND(S302,2)+ROUND(S303,2)+ROUND(S304,2)+ROUND(S305,2)+ROUND(S306,2)+ROUND(S307,2)+ROUND(S308,2)+ROUND(S309,2)+ROUND(S310,2)+ROUND(S311,2)+ROUND(S312,2)+ROUND(S313,2)+ROUND(S314,2)+ROUND(S315,2)","v":{"v":7215.750000000002,"d":"R$ 7,215.75"}},"","3","SAPATA","1","Casa 1",7.09,{"$f":"ROUND(K291,2)*R291","v":{"v":288.6339,"d":"R$ 288.63"}}]
[{"$nulls":15},"2","Casa 2",7.09,{"$f":"ROUND(K291,2)*R292","v":{"v":288.6339,"d":"R$ 288.63"}}]
[{"$nulls":15},"3","Casa 3",7.09,{"$f":"ROUND(K291,2)*R293","v":{"v":288.6339,"d":"R$ 288.63"}}]
[{"$nulls":15},"4","Casa 4",7.09,{"$f":"ROUND(K291,2)*R294","v":{"v":288.6339,"d":"R$ 288.63"}}]
[{"$nulls":15},"5","Casa 5",7.09,{"$f":"ROUND(K291,2)*R295","v":{"v":288.6339,"d":"R$ 288.63"}}]
[{"$nulls":15},"6","Casa 6",7.09,{"$f":"ROUND(K291,2)*R296","v":{"v":288.6339,"d":"R$ 288.63"}}]
[{"$nulls":15},"7","Casa 7",7.09,{"$f":"ROUND(K291,2)*R297","v":{"v":288.6339,"d":"R$ 288.63"}}]
[{"$nulls":15},"8","Casa 8",7.09,{"$f":"ROUND(K291,2)*R298","v":{"v":288.6339,"d":"R$ 288.63"}}]
[{"$nulls":15},"9","Casa 9",7.09,{"$f":"ROUND(K291,2)*R299","v":{"v":288.6339,"d":"R$ 288.63"}}]
[{"$nulls":15},"10","Casa 10",7.09,{"$f":"ROUND(K291,2)*R300","v":{"v":288.6339,"d":"R$ 288.63"}}]
[{"$nulls":15},"11","Casa 11",7.09,{"$f":"ROUND(K291,2)*R301","v":{"v":288.6339,"d":"R$ 288.63"}}]
[{"$nulls":15},"12","Casa 12",7.09,{"$f":"ROUND(K291,2)*R302","v":{"v":288.6339,"d":"R$ 288.63"}}]
[{"$nulls":15},"13","Casa 13",7.09,{"$f":"ROUND(K291,2)*R303","v":{"v":288.6339,"d":"R$ 288.63"}}]
[{"$nulls":15},"14","Casa 14",7.09,{"$f":"ROUND(K291,2)*R304","v":{"v":288.6339,"d":"R$ 288.63"}}]
[{"$nulls":15},"15","Casa 15",7.09,{"$f":"ROUND(K291,2)*R305","v":{"v":288.6339,"d":"R$ 288.63"}}]
[{"$nulls":15},"16","Casa 16",7.09,{"$f":"ROUND(K291,2)*R306","v":{"v":288.6339,"d":"R$ 288.63"}}]
[{"$nulls":15},"17","Casa 17",7.09,{"$f":"ROUND(K291,2)*R307","v":{"v":288.6339,"d":"R$ 288.63"}}]
[{"$nulls":15},"18","Casa 18",7.09,{"$f":"ROUND(K291,2)*R308","v":{"v":288.6339,"d":"R$ 288.63"}}]
[{"$nulls":15},"19","Casa 19",7.09,{"$f":"ROUND(K291,2)*R309","v":{"v":288.6339,"d":"R$ 288.63"}}]
[{"$nulls":15},"20","Casa 20",7.09,{"$f":"ROUND(K291,2)*R310","v":{"v":288.6339,"d":"R$ 288.63"}}]
[{"$nulls":15},"21","Casa 21",7.09,{"$f":"ROUND(K291,2)*R311","v":{"v":288.6339,"d":"R$ 288.63"}}]
[{"$nulls":15},"22","Casa 22",7.09,{"$f":"ROUND(K291,2)*R312","v":{"v":288.6339,"d":"R$ 288.63"}}]
[{"$nulls":15},"23","Casa 23",7.09,{"$f":"ROUND(K291,2)*R313","v":{"v":288.6339,"d":"R$ 288.63"}}]
[{"$nulls":15},"24","Casa 24",7.09,{"$f":"ROUND(K291,2)*R314","v":{"v":288.6339,"d":"R$ 288.63"}}]
[{"$nulls":15},"25","Casa 25",7.09,{"$f":"ROUND(K291,2)*R315","v":{"v":288.6339,"d":"R$ 288.63"}}]
["Macrosserviço","4","","","BALDRAMES","","","","","","",{"$f":"ROUND(L317,2)+ROUND(L342,2)+ROUND(L367,2)+ROUND(L392,2)+ROUND(L417,2)+ROUND(L442,2)+ROUND(L467,2)+ROUND(L492,2)","v":{"v":215776,"d":"R$ 215,776.00"}},"","","","","","",""]
["Serviço","4.1","SINAPI","96527","ESCAVAÇÃO MANUAL PARA VIGA BALDRAME OU SAPATA CORRIDA (INCLUINDO ESCAVAÇÃO PARA COLOCAÇÃO DE FÔRMAS). AF_01/2024",{"$f":"R317+R318+R319+R320+R321+R322+R323+R324+R325+R326+R327+R328+R329+R330+R331+R332+R333+R334+R335+R336+R337+R338+R339+R340+R341","v":{"v":136.49999999999994,"d":"136.50"}},"M3",{"v":126.44,"d":"R$ 126.44"},{"v":126.44,"d":"R$ 126.44"},{"v":0.25,"d":"25.00%"},{"$f":"ROUND(I317,2)+(ROUND(I317,2)*J317)","v":{"v":158.05,"d":"R$ 158.05"}},{"$f":"ROUND(S317,2)+ROUND(S318,2)+ROUND(S319,2)+ROUND(S320,2)+ROUND(S321,2)+ROUND(S322,2)+ROUND(S323,2)+ROUND(S324,2)+ROUND(S325,2)+ROUND(S326,2)+ROUND(S327,2)+ROUND(S328,2)+ROUND(S329,2)+ROUND(S330,2)+ROUND(S331,2)+ROUND(S332,2)+ROUND(S333,2)+ROUND(S334,2)+ROUND(S335,2)+ROUND(S336,2)+ROUND(S337,2)+ROUND(S338,2)+ROUND(S339,2)+ROUND(S340,2)+ROUND(S341,2)","v":{"v":21573.75000000001,"d":"R$ 21,573.75"}},"","4","BALDRAMES","1","Casa 1",5.46,{"$f":"ROUND(K317,2)*R317","v":{"v":862.9530000000001,"d":"R$ 862.95"}}]
[{"$nulls":15},"2","Casa 2",5.46,{"$f":"ROUND(K317,2)*R318","v":{"v":862.9530000000001,"d":"R$ 862.95"}}]
[{"$nulls":15},"3","Casa 3",5.46,{"$f":"ROUND(K317,2)*R319","v":{"v":862.9530000000001,"d":"R$ 862.95"}}]
[{"$nulls":15},"4","Casa 4",5.46,{"$f":"ROUND(K317,2)*R320","v":{"v":862.9530000000001,"d":"R$ 862.95"}}]
[{"$nulls":15},"5","Casa 5",5.46,{"$f":"ROUND(K317,2)*R321","v":{"v":862.9530000000001,"d":"R$ 862.95"}}]
[{"$nulls":15},"6","Casa 6",5.46,{"$f":"ROUND(K317,2)*R322","v":{"v":862.9530000000001,"d":"R$ 862.95"}}]
[{"$nulls":15},"7","Casa 7",5.46,{"$f":"ROUND(K317,2)*R323","v":{"v":862.9530000000001,"d":"R$ 862.95"}}]
[{"$nulls":15},"8","Casa 8",5.46,{"$f":"ROUND(K317,2)*R324","v":{"v":862.9530000000001,"d":"R$ 862.95"}}]
[{"$nulls":15},"9","Casa 9",5.46,{"$f":"ROUND(K317,2)*R325","v":{"v":862.9530000000001,"d":"R$ 862.95"}}]
[{"$nulls":15},"10","Casa 10",5.46,{"$f":"ROUND(K317,2)*R326","v":{"v":862.9530000000001,"d":"R$ 862.95"}}]
[{"$nulls":15},"11","Casa 11",5.46,{"$f":"ROUND(K317,2)*R327","v":{"v":862.9530000000001,"d":"R$ 862.95"}}]
[{"$nulls":15},"12","Casa 12",5.46,{"$f":"ROUND(K317,2)*R328","v":{"v":862.9530000000001,"d":"R$ 862.95"}}]
[{"$nulls":15},"13","Casa 13",5.46,{"$f":"ROUND(K317,2)*R329","v":{"v":862.9530000000001,"d":"R$ 862.95"}}]
[{"$nulls":15},"14","Casa 14",5.46,{"$f":"ROUND(K317,2)*R330","v":{"v":862.9530000000001,"d":"R$ 862.95"}}]
[{"$nulls":15},"15","Casa 15",5.46,{"$f":"ROUND(K317,2)*R331","v":{"v":862.9530000000001,"d":"R$ 862.95"}}]
[{"$nulls":15},"16","Casa 16",5.46,{"$f":"ROUND(K317,2)*R332","v":{"v":862.9530000000001,"d":"R$ 862.95"}}]
[{"$nulls":15},"17","Casa 17",5.46,{"$f":"ROUND(K317,2)*R333","v":{"v":862.9530000000001,"d":"R$ 862.95"}}]
[{"$nulls":15},"18","Casa 18",5.46,{"$f":"ROUND(K317,2)*R334","v":{"v":862.9530000000001,"d":"R$ 862.95"}}]
[{"$nulls":15},"19","Casa 19",5.46,{"$f":"ROUND(K317,2)*R335","v":{"v":862.9530000000001,"d":"R$ 862.95"}}]
[{"$nulls":15},"20","Casa 20",5.46,{"$f":"ROUND(K317,2)*R336","v":{"v":862.9530000000001,"d":"R$ 862.95"}}]
[{"$nulls":15},"21","Casa 21",5.46,{"$f":"ROUND(K317,2)*R337","v":{"v":862.9530000000001,"d":"R$ 862.95"}}]
[{"$nulls":15},"22","Casa 22",5.46,{"$f":"ROUND(K317,2)*R338","v":{"v":862.9530000000001,"d":"R$ 862.95"}}]
[{"$nulls":15},"23","Casa 23",5.46,{"$f":"ROUND(K317,2)*R339","v":{"v":862.9530000000001,"d":"R$ 862.95"}}]
[{"$nulls":15},"24","Casa 24",5.46,{"$f":"ROUND(K317,2)*R340","v":{"v":862.9530000000001,"d":"R$ 862.95"}}]
[{"$nulls":15},"25","Casa 25",5.46,{"$f":"ROUND(K317,2)*R341","v":{"v":862.9530000000001,"d":"R$ 862.95"}}]
["Serviço","4.2","SINAPI","96619","LASTRO DE CONCRETO MAGRO, APLICADO EM BLOCOS DE COROAMENTO OU SAPATAS, ESPESSURA DE 5 CM. AF_01/2024",{"$f":"R342+R343+R344+R345+R346+R347+R348+R349+R350+R351+R352+R353+R354+R355+R356+R357+R358+R359+R360+R361+R362+R363+R364+R365+R366","v":{"v":170.75000000000006,"d":"170.75"}},"M2",{"v":42.06,"d":"R$ 42.06"},{"v":42.06,"d":"R$ 42.06"},{"v":0.25,"d":"25.00%"},{"$f":"ROUND(I342,2)+(ROUND(I342,2)*J342)","v":{"v":52.575,"d":"R$ 52.58"}},{"$f":"ROUND(S342,2)+ROUND(S343,2)+ROUND(S344,2)+ROUND(S345,2)+ROUND(S346,2)+ROUND(S347,2)+ROUND(S348,2)+ROUND(S349,2)+ROUND(S350,2)+ROUND(S351,2)+ROUND(S352,2)+ROUND(S353,2)+ROUND(S354,2)+ROUND(S355,2)+ROUND(S356,2)+ROUND(S357,2)+ROUND(S358,2)+ROUND(S359,2)+ROUND(S360,2)+ROUND(S361,2)+ROUND(S362,2)+ROUND(S363,2)+ROUND(S364,2)+ROUND(S365,2)+ROUND(S366,2)","v":{"v":8978,"d":"R$ 8,978.00"}},"","4","BALDRAMES","1","Casa 1",6.83,{"$f":"ROUND(K342,2)*R342","v":{"v":359.1214,"d":"R$ 359.12"}}]
[{"$nulls":15},"2","Casa 2",6.83,{"$f":"ROUND(K342,2)*R343","v":{"v":359.1214,"d":"R$ 359.12"}}]
[{"$nulls":15},"3","Casa 3",6.83,{"$f":"ROUND(K342,2)*R344","v":{"v":359.1214,"d":"R$ 359.12"}}]
[{"$nulls":15},"4","Casa 4",6.83,{"$f":"ROUND(K342,2)*R345","v":{"v":359.1214,"d":"R$ 359.12"}}]
[{"$nulls":15},"5","Casa 5",6.83,{"$f":"ROUND(K342,2)*R346","v":{"v":359.1214,"d":"R$ 359.12"}}]
[{"$nulls":15},"6","Casa 6",6.83,{"$f":"ROUND(K342,2)*R347","v":{"v":359.1214,"d":"R$ 359.12"}}]
[{"$nulls":15},"7","Casa 7",6.83,{"$f":"ROUND(K342,2)*R348","v":{"v":359.1214,"d":"R$ 359.12"}}]
[{"$nulls":15},"8","Casa 8",6.83,{"$f":"ROUND(K342,2)*R349","v":{"v":359.1214,"d":"R$ 359.12"}}]
[{"$nulls":15},"9","Casa 9",6.83,{"$f":"ROUND(K342,2)*R350","v":{"v":359.1214,"d":"R$ 359.12"}}]
[{"$nulls":15},"10","Casa 10",6.83,{"$f":"ROUND(K342,2)*R351","v":{"v":359.1214,"d":"R$ 359.12"}}]
[{"$nulls":15},"11","Casa 11",6.83,{"$f":"ROUND(K342,2)*R352","v":{"v":359.1214,"d":"R$ 359.12"}}]
[{"$nulls":15},"12","Casa 12",6.83,{"$f":"ROUND(K342,2)*R353","v":{"v":359.1214,"d":"R$ 359.12"}}]
[{"$nulls":15},"13","Casa 13",6.83,{"$f":"ROUND(K342,2)*R354","v":{"v":359.1214,"d":"R$ 359.12"}}]
[{"$nulls":15},"14","Casa 14",6.83,{"$f":"ROUND(K342,2)*R355","v":{"v":359.1214,"d":"R$ 359.12"}}]
[{"$nulls":15},"15","Casa 15",6.83,{"$f":"ROUND(K342,2)*R356","v":{"v":359.1214,"d":"R$ 359.12"}}]
[{"$nulls":15},"16","Casa 16",6.83,{"$f":"ROUND(K342,2)*R357","v":{"v":359.1214,"d":"R$ 359.12"}}]
[{"$nulls":15},"17","Casa 17",6.83,{"$f":"ROUND(K342,2)*R358","v":{"v":359.1214,"d":"R$ 359.12"}}]
[{"$nulls":15},"18","Casa 18",6.83,{"$f":"ROUND(K342,2)*R359","v":{"v":359.1214,"d":"R$ 359.12"}}]
[{"$nulls":15},"19","Casa 19",6.83,{"$f":"ROUND(K342,2)*R360","v":{"v":359.1214,"d":"R$ 359.12"}}]
[{"$nulls":15},"20","Casa 20",6.83,{"$f":"ROUND(K342,2)*R361","v":{"v":359.1214,"d":"R$ 359.12"}}]
[{"$nulls":15},"21","Casa 21",6.83,{"$f":"ROUND(K342,2)*R362","v":{"v":359.1214,"d":"R$ 359.12"}}]
[{"$nulls":15},"22","Casa 22",6.83,{"$f":"ROUND(K342,2)*R363","v":{"v":359.1214,"d":"R$ 359.12"}}]
[{"$nulls":15},"23","Casa 23",6.83,{"$f":"ROUND(K342,2)*R364","v":{"v":359.1214,"d":"R$ 359.12"}}]
[{"$nulls":15},"24","Casa 24",6.83,{"$f":"ROUND(K342,2)*R365","v":{"v":359.1214,"d":"R$ 359.12"}}]
[{"$nulls":15},"25","Casa 25",6.83,{"$f":"ROUND(K342,2)*R366","v":{"v":359.1214,"d":"R$ 359.12"}}]
["Serviço","4.3","SINAPI","96536","FABRICAÇÃO, MONTAGEM E DESMONTAGEM DE FÔRMA PARA VIGA BALDRAME, EM MADEIRA SERRADA, E=25 MM, 4 UTILIZAÇÕES. AF_01/2024",{"$f":"R367+R368+R369+R370+R371+R372+R373+R374+R375+R376+R377+R378+R379+R380+R381+R382+R383+R384+R385+R386+R387+R388+R389+R390+R391","v":{"v":714.5000000000001,"d":"714.50"}},"M2",{"v":78.97,"d":"R$ 78.97"},{"v":78.97,"d":"R$ 78.97"},{"v":0.25,"d":"25.00%"},{"$f":"ROUND(I367,2)+(ROUND(I367,2)*J367)","v":{"v":98.7125,"d":"R$ 98.71"}},{"$f":"ROUND(S367,2)+ROUND(S368,2)+ROUND(S369,2)+ROUND(S370,2)+ROUND(S371,2)+ROUND(S372,2)+ROUND(S373,2)+ROUND(S374,2)+ROUND(S375,2)+ROUND(S376,2)+ROUND(S377,2)+ROUND(S378,2)+ROUND(S379,2)+ROUND(S380,2)+ROUND(S381,2)+ROUND(S382,2)+ROUND(S383,2)+ROUND(S384,2)+ROUND(S385,2)+ROUND(S386,2)+ROUND(S387,2)+ROUND(S388,2)+ROUND(S389,2)+ROUND(S390,2)+ROUND(S391,2)","v":{"v":70528.24999999999,"d":"R$ 70,528.25"}},"","4","BALDRAMES","1","Casa 1",28.58,{"$f":"ROUND(K367,2)*R367","v":{"v":2821.1317999999997,"d":"R$ 2,821.13"}}]
[{"$nulls":15},"2","Casa 2",28.58,{"$f":"ROUND(K367,2)*R368","v":{"v":2821.1317999999997,"d":"R$ 2,821.13"}}]
[{"$nulls":15},"3","Casa 3",28.58,{"$f":"ROUND(K367,2)*R369","v":{"v":2821.1317999999997,"d":"R$ 2,821.13"}}]
[{"$nulls":15},"4","Casa 4",28.58,{"$f":"ROUND(K367,2)*R370","v":{"v":2821.1317999999997,"d":"R$ 2,821.13"}}]
[{"$nulls":15},"5","Casa 5",28.58,{"$f":"ROUND(K367,2)*R371","v":{"v":2821.1317999999997,"d":"R$ 2,821.13"}}]
[{"$nulls":15},"6","Casa 6",28.58,{"$f":"ROUND(K367,2)*R372","v":{"v":2821.1317999999997,"d":"R$ 2,821.13"}}]
[{"$nulls":15},"7","Casa 7",28.58,{"$f":"ROUND(K367,2)*R373","v":{"v":2821.1317999999997,"d":"R$ 2,821.13"}}]
[{"$nulls":15},"8","Casa 8",28.58,{"$f":"ROUND(K367,2)*R374","v":{"v":2821.1317999999997,"d":"R$ 2,821.13"}}]
[{"$nulls":15},"9","Casa 9",28.58,{"$f":"ROUND(K367,2)*R375","v":{"v":2821.1317999999997,"d":"R$ 2,821.13"}}]
[{"$nulls":15},"10","Casa 10",28.58,{"$f":"ROUND(K367,2)*R376","v":{"v":2821.1317999999997,"d":"R$ 2,821.13"}}]
[{"$nulls":15},"11","Casa 11",28.58,{"$f":"ROUND(K367,2)*R377","v":{"v":2821.1317999999997,"d":"R$ 2,821.13"}}]
[{"$nulls":15},"12","Casa 12",28.58,{"$f":"ROUND(K367,2)*R378","v":{"v":2821.1317999999997,"d":"R$ 2,821.13"}}]
[{"$nulls":15},"13","Casa 13",28.58,{"$f":"ROUND(K367,2)*R379","v":{"v":2821.1317999999997,"d":"R$ 2,821.13"}}]
[{"$nulls":15},"14","Casa 14",28.58,{"$f":"ROUND(K367,2)*R380","v":{"v":2821.1317999999997,"d":"R$ 2,821.13"}}]
[{"$nulls":15},"15","Casa 15",28.58,{"$f":"ROUND(K367,2)*R381","v":{"v":2821.1317999999997,"d":"R$ 2,821.13"}}]
[{"$nulls":15},"16","Casa 16",28.58,{"$f":"ROUND(K367,2)*R382","v":{"v":2821.1317999999997,"d":"R$ 2,821.13"}}]
[{"$nulls":15},"17","Casa 17",28.58,{"$f":"ROUND(K367,2)*R383","v":{"v":2821.1317999999997,"d":"R$ 2,821.13"}}]
[{"$nulls":15},"18","Casa 18",28.58,{"$f":"ROUND(K367,2)*R384","v":{"v":2821.1317999999997,"d":"R$ 2,821.13"}}]
[{"$nulls":15},"19","Casa 19",28.58,{"$f":"ROUND(K367,2)*R385","v":{"v":2821.1317999999997,"d":"R$ 2,821.13"}}]
[{"$nulls":15},"20","Casa 20",28.58,{"$f":"ROUND(K367,2)*R386","v":{"v":2821.1317999999997,"d":"R$ 2,821.13"}}]
[{"$nulls":15},"21","Casa 21",28.58,{"$f":"ROUND(K367,2)*R387","v":{"v":2821.1317999999997,"d":"R$ 2,821.13"}}]
[{"$nulls":15},"22","Casa 22",28.58,{"$f":"ROUND(K367,2)*R388","v":{"v":2821.1317999999997,"d":"R$ 2,821.13"}}]
[{"$nulls":15},"23","Casa 23",28.58,{"$f":"ROUND(K367,2)*R389","v":{"v":2821.1317999999997,"d":"R$ 2,821.13"}}]
[{"$nulls":15},"24","Casa 24",28.58,{"$f":"ROUND(K367,2)*R390","v":{"v":2821.1317999999997,"d":"R$ 2,821.13"}}]
[{"$nulls":15},"25","Casa 25",28.58,{"$f":"ROUND(K367,2)*R391","v":{"v":2821.1317999999997,"d":"R$ 2,821.13"}}]
["Serviço","4.4","SINAPI","104918","ARMAÇÃO DE SAPATA ISOLADA, VIGA BALDRAME E SAPATA CORRIDA UTILIZANDO AÇO CA-50 DE 8 MM - MONTAGEM. AF_01/2024",{"$f":"R392+R393+R394+R395+R396+R397+R398+R399+R400+R401+R402+R403+R404+R405+R406+R407+R408+R409+R410+R411+R412+R413+R414+R415+R416","v":{"v":2010.000000000001,"d":"2,010.00"}},"KG",{"v":16.58,"d":"R$ 16.58"},{"v":16.58,"d":"R$ 16.58"},{"v":0.25,"d":"25.00%"},{"$f":"ROUND(I392,2)+(ROUND(I392,2)*J392)","v":{"v":20.724999999999998,"d":"R$ 20.73"}},{"$f":"ROUND(S392,2)+ROUND(S393,2)+ROUND(S394,2)+ROUND(S395,2)+ROUND(S396,2)+ROUND(S397,2)+ROUND(S398,2)+ROUND(S399,2)+ROUND(S400,2)+ROUND(S401,2)+ROUND(S402,2)+ROUND(S403,2)+ROUND(S404,2)+ROUND(S405,2)+ROUND(S406,2)+ROUND(S407,2)+ROUND(S408,2)+ROUND(S409,2)+ROUND(S410,2)+ROUND(S411,2)+ROUND(S412,2)+ROUND(S413,2)+ROUND(S414,2)+ROUND(S415,2)+ROUND(S416,2)","v":{"v":41667.25,"d":"R$ 41,667.25"}},"","4","BALDRAMES","1","Casa 1",{"v":80.4,"d":"80.40"},{"$f":"ROUND(K392,2)*R392","v":{"v":1666.6920000000002,"d":"R$ 1,666.69"}}]
[{"$nulls":15},"2","Casa 2",{"v":80.4,"d":"80.40"},{"$f":"ROUND(K392,2)*R393","v":{"v":1666.6920000000002,"d":"R$ 1,666.69"}}]
[{"$nulls":15},"3","Casa 3",{"v":80.4,"d":"80.40"},{"$f":"ROUND(K392,2)*R394","v":{"v":1666.6920000000002,"d":"R$ 1,666.69"}}]
[{"$nulls":15},"4","Casa 4",{"v":80.4,"d":"80.40"},{"$f":"ROUND(K392,2)*R395","v":{"v":1666.6920000000002,"d":"R$ 1,666.69"}}]
[{"$nulls":15},"5","Casa 5",{"v":80.4,"d":"80.40"},{"$f":"ROUND(K392,2)*R396","v":{"v":1666.6920000000002,"d":"R$ 1,666.69"}}]
[{"$nulls":15},"6","Casa 6",{"v":80.4,"d":"80.40"},{"$f":"ROUND(K392,2)*R397","v":{"v":1666.6920000000002,"d":"R$ 1,666.69"}}]
[{"$nulls":15},"7","Casa 7",{"v":80.4,"d":"80.40"},{"$f":"ROUND(K392,2)*R398","v":{"v":1666.6920000000002,"d":"R$ 1,666.69"}}]
[{"$nulls":15},"8","Casa 8",{"v":80.4,"d":"80.40"},{"$f":"ROUND(K392,2)*R399","v":{"v":1666.6920000000002,"d":"R$ 1,666.69"}}]
[{"$nulls":15},"9","Casa 9",{"v":80.4,"d":"80.40"},{"$f":"ROUND(K392,2)*R400","v":{"v":1666.6920000000002,"d":"R$ 1,666.69"}}]
[{"$nulls":15},"10","Casa 10",{"v":80.4,"d":"80.40"},{"$f":"ROUND(K392,2)*R401","v":{"v":1666.6920000000002,"d":"R$ 1,666.69"}}]
[{"$nulls":15},"11","Casa 11",{"v":80.4,"d":"80.40"},{"$f":"ROUND(K392,2)*R402","v":{"v":1666.6920000000002,"d":"R$ 1,666.69"}}]
[{"$nulls":15},"12","Casa 12",{"v":80.4,"d":"80.40"},{"$f":"ROUND(K392,2)*R403","v":{"v":1666.6920000000002,"d":"R$ 1,666.69"}}]
[{"$nulls":15},"13","Casa 13",{"v":80.4,"d":"80.40"},{"$f":"ROUND(K392,2)*R404","v":{"v":1666.6920000000002,"d":"R$ 1,666.69"}}]
[{"$nulls":15},"14","Casa 14",{"v":80.4,"d":"80.40"},{"$f":"ROUND(K392,2)*R405","v":{"v":1666.6920000000002,"d":"R$ 1,666.69"}}]
[{"$nulls":15},"15","Casa 15",{"v":80.4,"d":"80.40"},{"$f":"ROUND(K392,2)*R406","v":{"v":1666.6920000000002,"d":"R$ 1,666.69"}}]
[{"$nulls":15},"16","Casa 16",{"v":80.4,"d":"80.40"},{"$f":"ROUND(K392,2)*R407","v":{"v":1666.6920000000002,"d":"R$ 1,666.69"}}]
[{"$nulls":15},"17","Casa 17",{"v":80.4,"d":"80.40"},{"$f":"ROUND(K392,2)*R408","v":{"v":1666.6920000000002,"d":"R$ 1,666.69"}}]
[{"$nulls":15},"18","Casa 18",{"v":80.4,"d":"80.40"},{"$f":"ROUND(K392,2)*R409","v":{"v":1666.6920000000002,"d":"R$ 1,666.69"}}]
[{"$nulls":15},"19","Casa 19",{"v":80.4,"d":"80.40"},{"$f":"ROUND(K392,2)*R410","v":{"v":1666.6920000000002,"d":"R$ 1,666.69"}}]
[{"$nulls":15},"20","Casa 20",{"v":80.4,"d":"80.40"},{"$f":"ROUND(K392,2)*R411","v":{"v":1666.6920000000002,"d":"R$ 1,666.69"}}]
[{"$nulls":15},"21","Casa 21",{"v":80.4,"d":"80.40"},{"$f":"ROUND(K392,2)*R412","v":{"v":1666.6920000000002,"d":"R$ 1,666.69"}}]
[{"$nulls":15},"22","Casa 22",{"v":80.4,"d":"80.40"},{"$f":"ROUND(K392,2)*R413","v":{"v":1666.6920000000002,"d":"R$ 1,666.69"}}]
[{"$nulls":15},"23","Casa 23",{"v":80.4,"d":"80.40"},{"$f":"ROUND(K392,2)*R414","v":{"v":1666.6920000000002,"d":"R$ 1,666.69"}}]
[{"$nulls":15},"24","Casa 24",{"v":80.4,"d":"80.40"},{"$f":"ROUND(K392,2)*R415","v":{"v":1666.6920000000002,"d":"R$ 1,666.69"}}]
[{"$nulls":15},"25","Casa 25",{"v":80.4,"d":"80.40"},{"$f":"ROUND(K392,2)*R416","v":{"v":1666.6920000000002,"d":"R$ 1,666.69"}}]
["Serviço","4.5","SINAPI","104917","ARMAÇÃO DE SAPATA ISOLADA, VIGA BALDRAME E SAPATA CORRIDA UTILIZANDO AÇO CA-50 DE 6,3 MM - MONTAGEM. AF_01/2024",{"$f":"R417+R418+R419+R420+R421+R422+R423+R424+R425+R426+R427+R428+R429+R430+R431+R432+R433+R434+R435+R436+R437+R438+R439+R440+R441","v":{"v":192.49999999999994,"d":"192.50"}},"KG",{"v":17.96,"d":"R$ 17.96"},{"v":17.96,"d":"R$ 17.96"},{"v":0.25,"d":"25.00%"},{"$f":"ROUND(I417,2)+(ROUND(I417,2)*J417)","v":{"v":22.450000000000003,"d":"R$ 22.45"}},{"$f":"ROUND(S417,2)+ROUND(S418,2)+ROUND(S419,2)+ROUND(S420,2)+ROUND(S421,2)+ROUND(S422,2)+ROUND(S423,2)+ROUND(S424,2)+ROUND(S425,2)+ROUND(S426,2)+ROUND(S427,2)+ROUND(S428,2)+ROUND(S429,2)+ROUND(S430,2)+ROUND(S431,2)+ROUND(S432,2)+ROUND(S433,2)+ROUND(S434,2)+ROUND(S435,2)+ROUND(S436,2)+ROUND(S437,2)+ROUND(S438,2)+ROUND(S439,2)+ROUND(S440,2)+ROUND(S441,2)","v":{"v":4321.749999999998,"d":"R$ 4,321.75"}},"","4","BALDRAMES","1","Casa 1",{"v":7.7,"d":"7.70"},{"$f":"ROUND(K417,2)*R417","v":{"v":172.865,"d":"R$ 172.87"}}]
[{"$nulls":15},"2","Casa 2",{"v":7.7,"d":"7.70"},{"$f":"ROUND(K417,2)*R418","v":{"v":172.865,"d":"R$ 172.87"}}]
[{"$nulls":15},"3","Casa 3",{"v":7.7,"d":"7.70"},{"$f":"ROUND(K417,2)*R419","v":{"v":172.865,"d":"R$ 172.87"}}]
[{"$nulls":15},"4","Casa 4",{"v":7.7,"d":"7.70"},{"$f":"ROUND(K417,2)*R420","v":{"v":172.865,"d":"R$ 172.87"}}]
[{"$nulls":15},"5","Casa 5",{"v":7.7,"d":"7.70"},{"$f":"ROUND(K417,2)*R421","v":{"v":172.865,"d":"R$ 172.87"}}]
[{"$nulls":15},"6","Casa 6",{"v":7.7,"d":"7.70"},{"$f":"ROUND(K417,2)*R422","v":{"v":172.865,"d":"R$ 172.87"}}]
[{"$nulls":15},"7","Casa 7",{"v":7.7,"d":"7.70"},{"$f":"ROUND(K417,2)*R423","v":{"v":172.865,"d":"R$ 172.87"}}]
[{"$nulls":15},"8","Casa 8",{"v":7.7,"d":"7.70"},{"$f":"ROUND(K417,2)*R424","v":{"v":172.865,"d":"R$ 172.87"}}]
[{"$nulls":15},"9","Casa 9",{"v":7.7,"d":"7.70"},{"$f":"ROUND(K417,2)*R425","v":{"v":172.865,"d":"R$ 172.87"}}]
[{"$nulls":15},"10","Casa 10",{"v":7.7,"d":"7.70"},{"$f":"ROUND(K417,2)*R426","v":{"v":172.865,"d":"R$ 172.87"}}]
[{"$nulls":15},"11","Casa 11",{"v":7.7,"d":"7.70"},{"$f":"ROUND(K417,2)*R427","v":{"v":172.865,"d":"R$ 172.87"}}]
[{"$nulls":15},"12","Casa 12",{"v":7.7,"d":"7.70"},{"$f":"ROUND(K417,2)*R428","v":{"v":172.865,"d":"R$ 172.87"}}]
[{"$nulls":15},"13","Casa 13",{"v":7.7,"d":"7.70"},{"$f":"ROUND(K417,2)*R429","v":{"v":172.865,"d":"R$ 172.87"}}]
[{"$nulls":15},"14","Casa 14",{"v":7.7,"d":"7.70"},{"$f":"ROUND(K417,2)*R430","v":{"v":172.865,"d":"R$ 172.87"}}]
[{"$nulls":15},"15","Casa 15",{"v":7.7,"d":"7.70"},{"$f":"ROUND(K417,2)*R431","v":{"v":172.865,"d":"R$ 172.87"}}]
[{"$nulls":15},"16","Casa 16",{"v":7.7,"d":"7.70"},{"$f":"ROUND(K417,2)*R432","v":{"v":172.865,"d":"R$ 172.87"}}]
[{"$nulls":15},"17","Casa 17",{"v":7.7,"d":"7.70"},{"$f":"ROUND(K417,2)*R433","v":{"v":172.865,"d":"R$ 172.87"}}]
[{"$nulls":15},"18","Casa 18",{"v":7.7,"d":"7.70"},{"$f":"ROUND(K417,2)*R434","v":{"v":172.865,"d":"R$ 172.87"}}]
[{"$nulls":15},"19","Casa 19",{"v":7.7,"d":"7.70"},{"$f":"ROUND(K417,2)*R435","v":{"v":172.865,"d":"R$ 172.87"}}]
[{"$nulls":15},"20","Casa 20",{"v":7.7,"d":"7.70"},{"$f":"ROUND(K417,2)*R436","v":{"v":172.865,"d":"R$ 172.87"}}]
[{"$nulls":15},"21","Casa 21",{"v":7.7,"d":"7.70"},{"$f":"ROUND(K417,2)*R437","v":{"v":172.865,"d":"R$ 172.87"}}]
[{"$nulls":15},"22","Casa 22",{"v":7.7,"d":"7.70"},{"$f":"ROUND(K417,2)*R438","v":{"v":172.865,"d":"R$ 172.87"}}]
[{"$nulls":15},"23","Casa 23",{"v":7.7,"d":"7.70"},{"$f":"ROUND(K417,2)*R439","v":{"v":172.865,"d":"R$ 172.87"}}]
[{"$nulls":15},"24","Casa 24",{"v":7.7,"d":"7.70"},{"$f":"ROUND(K417,2)*R440","v":{"v":172.865,"d":"R$ 172.87"}}]
[{"$nulls":15},"25","Casa 25",{"v":7.7,"d":"7.70"},{"$f":"ROUND(K417,2)*R441","v":{"v":172.865,"d":"R$ 172.87"}}]
["Serviço","4.6","SINAPI","104916","ARMAÇÃO DE SAPATA ISOLADA, VIGA BALDRAME E SAPATA CORRIDA UTILIZANDO AÇO CA-60 DE 5 MM - MONTAGEM. AF_01/2024",{"$f":"R442+R443+R444+R445+R446+R447+R448+R449+R450+R451+R452+R453+R454+R455+R456+R457+R458+R459+R460+R461+R462+R463+R464+R465+R466","v":{"v":975,"d":"975.00"}},"KG",{"v":19.45,"d":"R$ 19.45"},{"v":19.45,"d":"R$ 19.45"},{"v":0.25,"d":"25.00%"},{"$f":"ROUND(I442,2)+(ROUND(I442,2)*J442)","v":{"v":24.3125,"d":"R$ 24.31"}},{"$f":"ROUND(S442,2)+ROUND(S443,2)+ROUND(S444,2)+ROUND(S445,2)+ROUND(S446,2)+ROUND(S447,2)+ROUND(S448,2)+ROUND(S449,2)+ROUND(S450,2)+ROUND(S451,2)+ROUND(S452,2)+ROUND(S453,2)+ROUND(S454,2)+ROUND(S455,2)+ROUND(S456,2)+ROUND(S457,2)+ROUND(S458,2)+ROUND(S459,2)+ROUND(S460,2)+ROUND(S461,2)+ROUND(S462,2)+ROUND(S463,2)+ROUND(S464,2)+ROUND(S465,2)+ROUND(S466,2)","v":{"v":23702.25,"d":"R$ 23,702.25"}},"","4","BALDRAMES","1","Casa 1",{"v":39,"d":"39.00"},{"$f":"ROUND(K442,2)*R442","v":{"v":948.0899999999999,"d":"R$ 948.09"}}]
[{"$nulls":15},"2","Casa 2",{"v":39,"d":"39.00"},{"$f":"ROUND(K442,2)*R443","v":{"v":948.0899999999999,"d":"R$ 948.09"}}]
[{"$nulls":15},"3","Casa 3",{"v":39,"d":"39.00"},{"$f":"ROUND(K442,2)*R444","v":{"v":948.0899999999999,"d":"R$ 948.09"}}]
[{"$nulls":15},"4","Casa 4",{"v":39,"d":"39.00"},{"$f":"ROUND(K442,2)*R445","v":{"v":948.0899999999999,"d":"R$ 948.09"}}]
[{"$nulls":15},"5","Casa 5",{"v":39,"d":"39.00"},{"$f":"ROUND(K442,2)*R446","v":{"v":948.0899999999999,"d":"R$ 948.09"}}]
[{"$nulls":15},"6","Casa 6",{"v":39,"d":"39.00"},{"$f":"ROUND(K442,2)*R447","v":{"v":948.0899999999999,"d":"R$ 948.09"}}]
[{"$nulls":15},"7","Casa 7",{"v":39,"d":"39.00"},{"$f":"ROUND(K442,2)*R448","v":{"v":948.0899999999999,"d":"R$ 948.09"}}]
[{"$nulls":15},"8","Casa 8",{"v":39,"d":"39.00"},{"$f":"ROUND(K442,2)*R449","v":{"v":948.0899999999999,"d":"R$ 948.09"}}]
[{"$nulls":15},"9","Casa 9",{"v":39,"d":"39.00"},{"$f":"ROUND(K442,2)*R450","v":{"v":948.0899999999999,"d":"R$ 948.09"}}]
[{"$nulls":15},"10","Casa 10",{"v":39,"d":"39.00"},{"$f":"ROUND(K442,2)*R451","v":{"v":948.0899999999999,"d":"R$ 948.09"}}]
[{"$nulls":15},"11","Casa 11",{"v":39,"d":"39.00"},{"$f":"ROUND(K442,2)*R452","v":{"v":948.0899999999999,"d":"R$ 948.09"}}]
[{"$nulls":15},"12","Casa 12",{"v":39,"d":"39.00"},{"$f":"ROUND(K442,2)*R453","v":{"v":948.0899999999999,"d":"R$ 948.09"}}]
[{"$nulls":15},"13","Casa 13",{"v":39,"d":"39.00"},{"$f":"ROUND(K442,2)*R454","v":{"v":948.0899999999999,"d":"R$ 948.09"}}]
[{"$nulls":15},"14","Casa 14",{"v":39,"d":"39.00"},{"$f":"ROUND(K442,2)*R455","v":{"v":948.0899999999999,"d":"R$ 948.09"}}]
[{"$nulls":15},"15","Casa 15",{"v":39,"d":"39.00"},{"$f":"ROUND(K442,2)*R456","v":{"v":948.0899999999999,"d":"R$ 948.09"}}]
[{"$nulls":15},"16","Casa 16",{"v":39,"d":"39.00"},{"$f":"ROUND(K442,2)*R457","v":{"v":948.0899999999999,"d":"R$ 948.09"}}]
[{"$nulls":15},"17","Casa 17",{"v":39,"d":"39.00"},{"$f":"ROUND(K442,2)*R458","v":{"v":948.0899999999999,"d":"R$ 948.09"}}]
[{"$nulls":15},"18","Casa 18",{"v":39,"d":"39.00"},{"$f":"ROUND(K442,2)*R459","v":{"v":948.0899999999999,"d":"R$ 948.09"}}]
[{"$nulls":15},"19","Casa 19",{"v":39,"d":"39.00"},{"$f":"ROUND(K442,2)*R460","v":{"v":948.0899999999999,"d":"R$ 948.09"}}]
[{"$nulls":15},"20","Casa 20",{"v":39,"d":"39.00"},{"$f":"ROUND(K442,2)*R461","v":{"v":948.0899999999999,"d":"R$ 948.09"}}]
[{"$nulls":15},"21","Casa 21",{"v":39,"d":"39.00"},{"$f":"ROUND(K442,2)*R462","v":{"v":948.0899999999999,"d":"R$ 948.09"}}]
[{"$nulls":15},"22","Casa 22",{"v":39,"d":"39.00"},{"$f":"ROUND(K442,2)*R463","v":{"v":948.0899999999999,"d":"R$ 948.09"}}]
[{"$nulls":15},"23","Casa 23",{"v":39,"d":"39.00"},{"$f":"ROUND(K442,2)*R464","v":{"v":948.0899999999999,"d":"R$ 948.09"}}]
[{"$nulls":15},"24","Casa 24",{"v":39,"d":"39.00"},{"$f":"ROUND(K442,2)*R465","v":{"v":948.0899999999999,"d":"R$ 948.09"}}]
[{"$nulls":15},"25","Casa 25",{"v":39,"d":"39.00"},{"$f":"ROUND(K442,2)*R466","v":{"v":948.0899999999999,"d":"R$ 948.09"}}]
["Serviço","4.7","Composição","96555_ADP-01","CONCRETAGEM DE BLOCO DE COROAMENTO OU VIGA BALDRAME, FCK 20 MPA, COM USO DE JERICA - LANÇAMENTO, ADENSAMENTO E ACABAMENTO.",{"$f":"R467+R468+R469+R470+R471+R472+R473+R474+R475+R476+R477+R478+R479+R480+R481+R482+R483+R484+R485+R486+R487+R488+R489+R490+R491","v":{"v":47.74999999999997,"d":"47.75"}},"M3",{"v":699.27,"d":"R$ 699.27"},{"v":699.27,"d":"R$ 699.27"},{"v":0.25,"d":"25.00%"},{"$f":"ROUND(I467,2)+(ROUND(I467,2)*J467)","v":{"v":874.0875,"d":"R$ 874.09"}},{"$f":"ROUND(S467,2)+ROUND(S468,2)+ROUND(S469,2)+ROUND(S470,2)+ROUND(S471,2)+ROUND(S472,2)+ROUND(S473,2)+ROUND(S474,2)+ROUND(S475,2)+ROUND(S476,2)+ROUND(S477,2)+ROUND(S478,2)+ROUND(S479,2)+ROUND(S480,2)+ROUND(S481,2)+ROUND(S482,2)+ROUND(S483,2)+ROUND(S484,2)+ROUND(S485,2)+ROUND(S486,2)+ROUND(S487,2)+ROUND(S488,2)+ROUND(S489,2)+ROUND(S490,2)+ROUND(S491,2)","v":{"v":41737.74999999999,"d":"R$ 41,737.75"}},"","4","BALDRAMES","1","Casa 1",1.91,{"$f":"ROUND(K467,2)*R467","v":{"v":1669.5119,"d":"R$ 1,669.51"}}]
[{"$nulls":15},"2","Casa 2",1.91,{"$f":"ROUND(K467,2)*R468","v":{"v":1669.5119,"d":"R$ 1,669.51"}}]
[{"$nulls":15},"3","Casa 3",1.91,{"$f":"ROUND(K467,2)*R469","v":{"v":1669.5119,"d":"R$ 1,669.51"}}]
[{"$nulls":15},"4","Casa 4",1.91,{"$f":"ROUND(K467,2)*R470","v":{"v":1669.5119,"d":"R$ 1,669.51"}}]
[{"$nulls":15},"5","Casa 5",1.91,{"$f":"ROUND(K467,2)*R471","v":{"v":1669.5119,"d":"R$ 1,669.51"}}]
[{"$nulls":15},"6","Casa 6",1.91,{"$f":"ROUND(K467,2)*R472","v":{"v":1669.5119,"d":"R$ 1,669.51"}}]
[{"$nulls":15},"7","Casa 7",1.91,{"$f":"ROUND(K467,2)*R473","v":{"v":1669.5119,"d":"R$ 1,669.51"}}]
[{"$nulls":15},"8","Casa 8",1.91,{"$f":"ROUND(K467,2)*R474","v":{"v":1669.5119,"d":"R$ 1,669.51"}}]
[{"$nulls":15},"9","Casa 9",1.91,{"$f":"ROUND(K467,2)*R475","v":{"v":1669.5119,"d":"R$ 1,669.51"}}]
[{"$nulls":15},"10","Casa 10",1.91,{"$f":"ROUND(K467,2)*R476","v":{"v":1669.5119,"d":"R$ 1,669.51"}}]
[{"$nulls":15},"11","Casa 11",1.91,{"$f":"ROUND(K467,2)*R477","v":{"v":1669.5119,"d":"R$ 1,669.51"}}]
[{"$nulls":15},"12","Casa 12",1.91,{"$f":"ROUND(K467,2)*R478","v":{"v":1669.5119,"d":"R$ 1,669.51"}}]
[{"$nulls":15},"13","Casa 13",1.91,{"$f":"ROUND(K467,2)*R479","v":{"v":1669.5119,"d":"R$ 1,669.51"}}]
[{"$nulls":15},"14","Casa 14",1.91,{"$f":"ROUND(K467,2)*R480","v":{"v":1669.5119,"d":"R$ 1,669.51"}}]
[{"$nulls":15},"15","Casa 15",1.91,{"$f":"ROUND(K467,2)*R481","v":{"v":1669.5119,"d":"R$ 1,669.51"}}]
[{"$nulls":15},"16","Casa 16",1.91,{"$f":"ROUND(K467,2)*R482","v":{"v":1669.5119,"d":"R$ 1,669.51"}}]
[{"$nulls":15},"17","Casa 17",1.91,{"$f":"ROUND(K467,2)*R483","v":{"v":1669.5119,"d":"R$ 1,669.51"}}]
[{"$nulls":15},"18","Casa 18",1.91,{"$f":"ROUND(K467,2)*R484","v":{"v":1669.5119,"d":"R$ 1,669.51"}}]
[{"$nulls":15},"19","Casa 19",1.91,{"$f":"ROUND(K467,2)*R485","v":{"v":1669.5119,"d":"R$ 1,669.51"}}]
[{"$nulls":15},"20","Casa 20",1.91,{"$f":"ROUND(K467,2)*R486","v":{"v":1669.5119,"d":"R$ 1,669.51"}}]
[{"$nulls":15},"21","Casa 21",1.91,{"$f":"ROUND(K467,2)*R487","v":{"v":1669.5119,"d":"R$ 1,669.51"}}]
[{"$nulls":15},"22","Casa 22",1.91,{"$f":"ROUND(K467,2)*R488","v":{"v":1669.5119,"d":"R$ 1,669.51"}}]
[{"$nulls":15},"23","Casa 23",1.91,{"$f":"ROUND(K467,2)*R489","v":{"v":1669.5119,"d":"R$ 1,669.51"}}]
[{"$nulls":15},"24","Casa 24",1.91,{"$f":"ROUND(K467,2)*R490","v":{"v":1669.5119,"d":"R$ 1,669.51"}}]
[{"$nulls":15},"25","Casa 25",1.91,{"$f":"ROUND(K467,2)*R491","v":{"v":1669.5119,"d":"R$ 1,669.51"}}]
["Serviço","4.8","SINAPI","93382","REATERRO MANUAL DE VALAS, COM COMPACTADOR DE SOLOS DE PERCUSSÃO. AF_08/2023",{"$f":"R492+R493+R494+R495+R496+R497+R498+R499+R500+R501+R502+R503+R504+R505+R506+R507+R508+R509+R510+R511+R512+R513+R514+R515+R516","v":{"v":80.24999999999997,"d":"80.25"}},"M3",{"v":32.57,"d":"R$ 32.57"},{"v":32.57,"d":"R$ 32.57"},{"v":0.25,"d":"25.00%"},{"$f":"ROUND(I492,2)+(ROUND(I492,2)*J492)","v":{"v":40.7125,"d":"R$ 40.71"}},{"$f":"ROUND(S492,2)+ROUND(S493,2)+ROUND(S494,2)+ROUND(S495,2)+ROUND(S496,2)+ROUND(S497,2)+ROUND(S498,2)+ROUND(S499,2)+ROUND(S500,2)+ROUND(S501,2)+ROUND(S502,2)+ROUND(S503,2)+ROUND(S504,2)+ROUND(S505,2)+ROUND(S506,2)+ROUND(S507,2)+ROUND(S508,2)+ROUND(S509,2)+ROUND(S510,2)+ROUND(S511,2)+ROUND(S512,2)+ROUND(S513,2)+ROUND(S514,2)+ROUND(S515,2)+ROUND(S516,2)","v":{"v":3266.999999999999,"d":"R$ 3,267.00"}},"","4","BALDRAMES","1","Casa 1",3.21,{"$f":"ROUND(K492,2)*R492","v":{"v":130.6791,"d":"R$ 130.68"}}]
[{"$nulls":15},"2","Casa 2",3.21,{"$f":"ROUND(K492,2)*R493","v":{"v":130.6791,"d":"R$ 130.68"}}]
[{"$nulls":15},"3","Casa 3",3.21,{"$f":"ROUND(K492,2)*R494","v":{"v":130.6791,"d":"R$ 130.68"}}]
[{"$nulls":15},"4","Casa 4",3.21,{"$f":"ROUND(K492,2)*R495","v":{"v":130.6791,"d":"R$ 130.68"}}]
[{"$nulls":15},"5","Casa 5",3.21,{"$f":"ROUND(K492,2)*R496","v":{"v":130.6791,"d":"R$ 130.68"}}]
[{"$nulls":15},"6","Casa 6",3.21,{"$f":"ROUND(K492,2)*R497","v":{"v":130.6791,"d":"R$ 130.68"}}]
[{"$nulls":15},"7","Casa 7",3.21,{"$f":"ROUND(K492,2)*R498","v":{"v":130.6791,"d":"R$ 130.68"}}]
[{"$nulls":15},"8","Casa 8",3.21,{"$f":"ROUND(K492,2)*R499","v":{"v":130.6791,"d":"R$ 130.68"}}]
[{"$nulls":15},"9","Casa 9",3.21,{"$f":"ROUND(K492,2)*R500","v":{"v":130.6791,"d":"R$ 130.68"}}]
[{"$nulls":15},"10","Casa 10",3.21,{"$f":"ROUND(K492,2)*R501","v":{"v":130.6791,"d":"R$ 130.68"}}]
[{"$nulls":15},"11","Casa 11",3.21,{"$f":"ROUND(K492,2)*R502","v":{"v":130.6791,"d":"R$ 130.68"}}]
[{"$nulls":15},"12","Casa 12",3.21,{"$f":"ROUND(K492,2)*R503","v":{"v":130.6791,"d":"R$ 130.68"}}]
[{"$nulls":15},"13","Casa 13",3.21,{"$f":"ROUND(K492,2)*R504","v":{"v":130.6791,"d":"R$ 130.68"}}]
[{"$nulls":15},"14","Casa 14",3.21,{"$f":"ROUND(K492,2)*R505","v":{"v":130.6791,"d":"R$ 130.68"}}]
[{"$nulls":15},"15","Casa 15",3.21,{"$f":"ROUND(K492,2)*R506","v":{"v":130.6791,"d":"R$ 130.68"}}]
[{"$nulls":15},"16","Casa 16",3.21,{"$f":"ROUND(K492,2)*R507","v":{"v":130.6791,"d":"R$ 130.68"}}]
[{"$nulls":15},"17","Casa 17",3.21,{"$f":"ROUND(K492,2)*R508","v":{"v":130.6791,"d":"R$ 130.68"}}]
[{"$nulls":15},"18","Casa 18",3.21,{"$f":"ROUND(K492,2)*R509","v":{"v":130.6791,"d":"R$ 130.68"}}]
[{"$nulls":15},"19","Casa 19",3.21,{"$f":"ROUND(K492,2)*R510","v":{"v":130.6791,"d":"R$ 130.68"}}]
[{"$nulls":15},"20","Casa 20",3.21,{"$f":"ROUND(K492,2)*R511","v":{"v":130.6791,"d":"R$ 130.68"}}]
[{"$nulls":15},"21","Casa 21",3.21,{"$f":"ROUND(K492,2)*R512","v":{"v":130.6791,"d":"R$ 130.68"}}]
[{"$nulls":15},"22","Casa 22",3.21,{"$f":"ROUND(K492,2)*R513","v":{"v":130.6791,"d":"R$ 130.68"}}]
[{"$nulls":15},"23","Casa 23",3.21,{"$f":"ROUND(K492,2)*R514","v":{"v":130.6791,"d":"R$ 130.68"}}]
[{"$nulls":15},"24","Casa 24",3.21,{"$f":"ROUND(K492,2)*R515","v":{"v":130.6791,"d":"R$ 130.68"}}]
[{"$nulls":15},"25","Casa 25",3.21,{"$f":"ROUND(K492,2)*R516","v":{"v":130.6791,"d":"R$ 130.68"}}]
["Macrosserviço","5","","","IMPERMEABILIZAÇÃO","","","","","","",{"$f":"ROUND(L518,2)+ROUND(L543,2)+ROUND(L568,2)","v":{"v":103012.75,"d":"R$ 103,012.75"}},"","","","","","",""]
["Serviço","5.1","SINAPI","87878","CHAPISCO APLICADO EM ALVENARIAS E ESTRUTURAS DE CONCRETO INTERNAS, COM COLHER DE PEDREIRO. ARGAMASSA TRAÇO 1:3 COM PREPARO MANUAL. AF_10/2022",{"$f":"R518+R519+R520+R521+R522+R523+R524+R525+R526+R527+R528+R529+R530+R531+R532+R533+R534+R535+R536+R537+R538+R539+R540+R541+R542","v":{"v":848.7500000000003,"d":"848.75"}},"M2",{"v":5.3,"d":"R$ 5.30"},{"v":5.3,"d":"R$ 5.30"},{"v":0.25,"d":"25.00%"},{"$f":"ROUND(I518,2)+(ROUND(I518,2)*J518)","v":{"v":6.625,"d":"R$ 6.63"}},{"$f":"ROUND(S518,2)+ROUND(S519,2)+ROUND(S520,2)+ROUND(S521,2)+ROUND(S522,2)+ROUND(S523,2)+ROUND(S524,2)+ROUND(S525,2)+ROUND(S526,2)+ROUND(S527,2)+ROUND(S528,2)+ROUND(S529,2)+ROUND(S530,2)+ROUND(S531,2)+ROUND(S532,2)+ROUND(S533,2)+ROUND(S534,2)+ROUND(S535,2)+ROUND(S536,2)+ROUND(S537,2)+ROUND(S538,2)+ROUND(S539,2)+ROUND(S540,2)+ROUND(S541,2)+ROUND(S542,2)","v":{"v":5627.250000000002,"d":"R$ 5,627.25"}},"","5","IMPERMEABILIZAÇÃO","1","Casa 1",33.95,{"$f":"ROUND(K518,2)*R518","v":{"v":225.0885,"d":"R$ 225.09"}}]
[{"$nulls":15},"2","Casa 2",33.95,{"$f":"ROUND(K518,2)*R519","v":{"v":225.0885,"d":"R$ 225.09"}}]
[{"$nulls":15},"3","Casa 3",33.95,{"$f":"ROUND(K518,2)*R520","v":{"v":225.0885,"d":"R$ 225.09"}}]
[{"$nulls":15},"4","Casa 4",33.95,{"$f":"ROUND(K518,2)*R521","v":{"v":225.0885,"d":"R$ 225.09"}}]
[{"$nulls":15},"5","Casa 5",33.95,{"$f":"ROUND(K518,2)*R522","v":{"v":225.0885,"d":"R$ 225.09"}}]
[{"$nulls":15},"6","Casa 6",33.95,{"$f":"ROUND(K518,2)*R523","v":{"v":225.0885,"d":"R$ 225.09"}}]
[{"$nulls":15},"7","Casa 7",33.95,{"$f":"ROUND(K518,2)*R524","v":{"v":225.0885,"d":"R$ 225.09"}}]
[{"$nulls":15},"8","Casa 8",33.95,{"$f":"ROUND(K518,2)*R525","v":{"v":225.0885,"d":"R$ 225.09"}}]
[{"$nulls":15},"9","Casa 9",33.95,{"$f":"ROUND(K518,2)*R526","v":{"v":225.0885,"d":"R$ 225.09"}}]
[{"$nulls":15},"10","Casa 10",33.95,{"$f":"ROUND(K518,2)*R527","v":{"v":225.0885,"d":"R$ 225.09"}}]
[{"$nulls":15},"11","Casa 11",33.95,{"$f":"ROUND(K518,2)*R528","v":{"v":225.0885,"d":"R$ 225.09"}}]
[{"$nulls":15},"12","Casa 12",33.95,{"$f":"ROUND(K518,2)*R529","v":{"v":225.0885,"d":"R$ 225.09"}}]
[{"$nulls":15},"13","Casa 13",33.95,{"$f":"ROUND(K518,2)*R530","v":{"v":225.0885,"d":"R$ 225.09"}}]
[{"$nulls":15},"14","Casa 14",33.95,{"$f":"ROUND(K518,2)*R531","v":{"v":225.0885,"d":"R$ 225.09"}}]
[{"$nulls":15},"15","Casa 15",33.95,{"$f":"ROUND(K518,2)*R532","v":{"v":225.0885,"d":"R$ 225.09"}}]
[{"$nulls":15},"16","Casa 16",33.95,{"$f":"ROUND(K518,2)*R533","v":{"v":225.0885,"d":"R$ 225.09"}}]
[{"$nulls":15},"17","Casa 17",33.95,{"$f":"ROUND(K518,2)*R534","v":{"v":225.0885,"d":"R$ 225.09"}}]
[{"$nulls":15},"18","Casa 18",33.95,{"$f":"ROUND(K518,2)*R535","v":{"v":225.0885,"d":"R$ 225.09"}}]
[{"$nulls":15},"19","Casa 19",33.95,{"$f":"ROUND(K518,2)*R536","v":{"v":225.0885,"d":"R$ 225.09"}}]
[{"$nulls":15},"20","Casa 20",33.95,{"$f":"ROUND(K518,2)*R537","v":{"v":225.0885,"d":"R$ 225.09"}}]
[{"$nulls":15},"21","Casa 21",33.95,{"$f":"ROUND(K518,2)*R538","v":{"v":225.0885,"d":"R$ 225.09"}}]
[{"$nulls":15},"22","Casa 22",33.95,{"$f":"ROUND(K518,2)*R539","v":{"v":225.0885,"d":"R$ 225.09"}}]
[{"$nulls":15},"23","Casa 23",33.95,{"$f":"ROUND(K518,2)*R540","v":{"v":225.0885,"d":"R$ 225.09"}}]
[{"$nulls":15},"24","Casa 24",33.95,{"$f":"ROUND(K518,2)*R541","v":{"v":225.0885,"d":"R$ 225.09"}}]
[{"$nulls":15},"25","Casa 25",33.95,{"$f":"ROUND(K518,2)*R542","v":{"v":225.0885,"d":"R$ 225.09"}}]
["Serviço","5.2","SINAPI","98562","IMPERMEABILIZAÇÃO DE SUPERFÍCIE COM ARGAMASSA DE CIMENTO E AREIA, COM ADITIVO IMPERMEABILIZANTE, E = 1,5CM. AF_09/2023",{"$f":"R543+R544+R545+R546+R547+R548+R549+R550+R551+R552+R553+R554+R555+R556+R557+R558+R559+R560+R561+R562+R563+R564+R565+R566+R567","v":{"v":848.7500000000003,"d":"848.75"}},"M2",{"v":53.69,"d":"R$ 53.69"},{"v":53.69,"d":"R$ 53.69"},{"v":0.25,"d":"25.00%"},{"$f":"ROUND(I543,2)+(ROUND(I543,2)*J543)","v":{"v":67.1125,"d":"R$ 67.11"}},{"$f":"ROUND(S543,2)+ROUND(S544,2)+ROUND(S545,2)+ROUND(S546,2)+ROUND(S547,2)+ROUND(S548,2)+ROUND(S549,2)+ROUND(S550,2)+ROUND(S551,2)+ROUND(S552,2)+ROUND(S553,2)+ROUND(S554,2)+ROUND(S555,2)+ROUND(S556,2)+ROUND(S557,2)+ROUND(S558,2)+ROUND(S559,2)+ROUND(S560,2)+ROUND(S561,2)+ROUND(S562,2)+ROUND(S563,2)+ROUND(S564,2)+ROUND(S565,2)+ROUND(S566,2)+ROUND(S567,2)","v":{"v":56959.499999999985,"d":"R$ 56,959.50"}},"","5","IMPERMEABILIZAÇÃO","1","Casa 1",33.95,{"$f":"ROUND(K543,2)*R543","v":{"v":2278.3845,"d":"R$ 2,278.38"}}]
[{"$nulls":15},"2","Casa 2",33.95,{"$f":"ROUND(K543,2)*R544","v":{"v":2278.3845,"d":"R$ 2,278.38"}}]
[{"$nulls":15},"3","Casa 3",33.95,{"$f":"ROUND(K543,2)*R545","v":{"v":2278.3845,"d":"R$ 2,278.38"}}]
[{"$nulls":15},"4","Casa 4",33.95,{"$f":"ROUND(K543,2)*R546","v":{"v":2278.3845,"d":"R$ 2,278.38"}}]
[{"$nulls":15},"5","Casa 5",33.95,{"$f":"ROUND(K543,2)*R547","v":{"v":2278.3845,"d":"R$ 2,278.38"}}]
[{"$nulls":15},"6","Casa 6",33.95,{"$f":"ROUND(K543,2)*R548","v":{"v":2278.3845,"d":"R$ 2,278.38"}}]
[{"$nulls":15},"7","Casa 7",33.95,{"$f":"ROUND(K543,2)*R549","v":{"v":2278.3845,"d":"R$ 2,278.38"}}]
[{"$nulls":15},"8","Casa 8",33.95,{"$f":"ROUND(K543,2)*R550","v":{"v":2278.3845,"d":"R$ 2,278.38"}}]
[{"$nulls":15},"9","Casa 9",33.95,{"$f":"ROUND(K543,2)*R551","v":{"v":2278.3845,"d":"R$ 2,278.38"}}]
[{"$nulls":15},"10","Casa 10",33.95,{"$f":"ROUND(K543,2)*R552","v":{"v":2278.3845,"d":"R$ 2,278.38"}}]
[{"$nulls":15},"11","Casa 11",33.95,{"$f":"ROUND(K543,2)*R553","v":{"v":2278.3845,"d":"R$ 2,278.38"}}]
[{"$nulls":15},"12","Casa 12",33.95,{"$f":"ROUND(K543,2)*R554","v":{"v":2278.3845,"d":"R$ 2,278.38"}}]
[{"$nulls":15},"13","Casa 13",33.95,{"$f":"ROUND(K543,2)*R555","v":{"v":2278.3845,"d":"R$ 2,278.38"}}]
[{"$nulls":15},"14","Casa 14",33.95,{"$f":"ROUND(K543,2)*R556","v":{"v":2278.3845,"d":"R$ 2,278.38"}}]
[{"$nulls":15},"15","Casa 15",33.95,{"$f":"ROUND(K543,2)*R557","v":{"v":2278.3845,"d":"R$ 2,278.38"}}]
[{"$nulls":15},"16","Casa 16",33.95,{"$f":"ROUND(K543,2)*R558","v":{"v":2278.3845,"d":"R$ 2,278.38"}}]
[{"$nulls":15},"17","Casa 17",33.95,{"$f":"ROUND(K543,2)*R559","v":{"v":2278.3845,"d":"R$ 2,278.38"}}]
[{"$nulls":15},"18","Casa 18",33.95,{"$f":"ROUND(K543,2)*R560","v":{"v":2278.3845,"d":"R$ 2,278.38"}}]
[{"$nulls":15},"19","Casa 19",33.95,{"$f":"ROUND(K543,2)*R561","v":{"v":2278.3845,"d":"R$ 2,278.38"}}]
[{"$nulls":15},"20","Casa 20",33.95,{"$f":"ROUND(K543,2)*R562","v":{"v":2278.3845,"d":"R$ 2,278.38"}}]
[{"$nulls":15},"21","Casa 21",33.95,{"$f":"ROUND(K543,2)*R563","v":{"v":2278.3845,"d":"R$ 2,278.38"}}]
[{"$nulls":15},"22","Casa 22",33.95,{"$f":"ROUND(K543,2)*R564","v":{"v":2278.3845,"d":"R$ 2,278.38"}}]
[{"$nulls":15},"23","Casa 23",33.95,{"$f":"ROUND(K543,2)*R565","v":{"v":2278.3845,"d":"R$ 2,278.38"}}]
[{"$nulls":15},"24","Casa 24",33.95,{"$f":"ROUND(K543,2)*R566","v":{"v":2278.3845,"d":"R$ 2,278.38"}}]
[{"$nulls":15},"25","Casa 25",33.95,{"$f":"ROUND(K543,2)*R567","v":{"v":2278.3845,"d":"R$ 2,278.38"}}]
["Serviço","5.3","SINAPI","98557","IMPERMEABILIZAÇÃO DE SUPERFÍCIE COM EMULSÃO ASFÁLTICA, 2 DEMÃOS. AF_09/2023",{"$f":"R568+R569+R570+R571+R572+R573+R574+R575+R576+R577+R578+R579+R580+R581+R582+R583+R584+R585+R586+R587+R588+R589+R590+R591+R592","v":{"v":848.7500000000003,"d":"848.75"}},"M2",{"v":38.1,"d":"R$ 38.10"},{"v":38.1,"d":"R$ 38.10"},{"v":0.25,"d":"25.00%"},{"$f":"ROUND(I568,2)+(ROUND(I568,2)*J568)","v":{"v":47.625,"d":"R$ 47.63"}},{"$f":"ROUND(S568,2)+ROUND(S569,2)+ROUND(S570,2)+ROUND(S571,2)+ROUND(S572,2)+ROUND(S573,2)+ROUND(S574,2)+ROUND(S575,2)+ROUND(S576,2)+ROUND(S577,2)+ROUND(S578,2)+ROUND(S579,2)+ROUND(S580,2)+ROUND(S581,2)+ROUND(S582,2)+ROUND(S583,2)+ROUND(S584,2)+ROUND(S585,2)+ROUND(S586,2)+ROUND(S587,2)+ROUND(S588,2)+ROUND(S589,2)+ROUND(S590,2)+ROUND(S591,2)+ROUND(S592,2)","v":{"v":40426.000000000015,"d":"R$ 40,426.00"}},"","5","IMPERMEABILIZAÇÃO","1","Casa 1",33.95,{"$f":"ROUND(K568,2)*R568","v":{"v":1617.0385,"d":"R$ 1,617.04"}}]
[{"$nulls":15},"2","Casa 2",33.95,{"$f":"ROUND(K568,2)*R569","v":{"v":1617.0385,"d":"R$ 1,617.04"}}]
[{"$nulls":15},"3","Casa 3",33.95,{"$f":"ROUND(K568,2)*R570","v":{"v":1617.0385,"d":"R$ 1,617.04"}}]
[{"$nulls":15},"4","Casa 4",33.95,{"$f":"ROUND(K568,2)*R571","v":{"v":1617.0385,"d":"R$ 1,617.04"}}]
[{"$nulls":15},"5","Casa 5",33.95,{"$f":"ROUND(K568,2)*R572","v":{"v":1617.0385,"d":"R$ 1,617.04"}}]
[{"$nulls":15},"6","Casa 6",33.95,{"$f":"ROUND(K568,2)*R573","v":{"v":1617.0385,"d":"R$ 1,617.04"}}]
[{"$nulls":15},"7","Casa 7",33.95,{"$f":"ROUND(K568,2)*R574","v":{"v":1617.0385,"d":"R$ 1,617.04"}}]
[{"$nulls":15},"8","Casa 8",33.95,{"$f":"ROUND(K568,2)*R575","v":{"v":1617.0385,"d":"R$ 1,617.04"}}]
[{"$nulls":15},"9","Casa 9",33.95,{"$f":"ROUND(K568,2)*R576","v":{"v":1617.0385,"d":"R$ 1,617.04"}}]
[{"$nulls":15},"10","Casa 10",33.95,{"$f":"ROUND(K568,2)*R577","v":{"v":1617.0385,"d":"R$ 1,617.04"}}]
[{"$nulls":15},"11","Casa 11",33.95,{"$f":"ROUND(K568,2)*R578","v":{"v":1617.0385,"d":"R$ 1,617.04"}}]
[{"$nulls":15},"12","Casa 12",33.95,{"$f":"ROUND(K568,2)*R579","v":{"v":1617.0385,"d":"R$ 1,617.04"}}]
[{"$nulls":15},"13","Casa 13",33.95,{"$f":"ROUND(K568,2)*R580","v":{"v":1617.0385,"d":"R$ 1,617.04"}}]
[{"$nulls":15},"14","Casa 14",33.95,{"$f":"ROUND(K568,2)*R581","v":{"v":1617.0385,"d":"R$ 1,617.04"}}]
[{"$nulls":15},"15","Casa 15",33.95,{"$f":"ROUND(K568,2)*R582","v":{"v":1617.0385,"d":"R$ 1,617.04"}}]
[{"$nulls":15},"16","Casa 16",33.95,{"$f":"ROUND(K568,2)*R583","v":{"v":1617.0385,"d":"R$ 1,617.04"}}]
[{"$nulls":15},"17","Casa 17",33.95,{"$f":"ROUND(K568,2)*R584","v":{"v":1617.0385,"d":"R$ 1,617.04"}}]
[{"$nulls":15},"18","Casa 18",33.95,{"$f":"ROUND(K568,2)*R585","v":{"v":1617.0385,"d":"R$ 1,617.04"}}]
[{"$nulls":15},"19","Casa 19",33.95,{"$f":"ROUND(K568,2)*R586","v":{"v":1617.0385,"d":"R$ 1,617.04"}}]
[{"$nulls":15},"20","Casa 20",33.95,{"$f":"ROUND(K568,2)*R587","v":{"v":1617.0385,"d":"R$ 1,617.04"}}]
[{"$nulls":15},"21","Casa 21",33.95,{"$f":"ROUND(K568,2)*R588","v":{"v":1617.0385,"d":"R$ 1,617.04"}}]
[{"$nulls":15},"22","Casa 22",33.95,{"$f":"ROUND(K568,2)*R589","v":{"v":1617.0385,"d":"R$ 1,617.04"}}]
[{"$nulls":15},"23","Casa 23",33.95,{"$f":"ROUND(K568,2)*R590","v":{"v":1617.0385,"d":"R$ 1,617.04"}}]
[{"$nulls":15},"24","Casa 24",33.95,{"$f":"ROUND(K568,2)*R591","v":{"v":1617.0385,"d":"R$ 1,617.04"}}]
[{"$nulls":15},"25","Casa 25",33.95,{"$f":"ROUND(K568,2)*R592","v":{"v":1617.0385,"d":"R$ 1,617.04"}}]
["Macrosserviço","6","","","PILARES, VIGAS E LAJES","","","","","","",{"$f":"ROUND(L594,2)+ROUND(L619,2)+ROUND(L644,2)+ROUND(L669,2)+ROUND(L694,2)+ROUND(L719,2)+ROUND(L744,2)+ROUND(L769,2)+ROUND(L794,2)+ROUND(L819,2)","v":{"v":342686,"d":"R$ 342,686.00"}},"","","","","","",""]
["Serviço","6.1","SINAPI","92427","MONTAGEM E DESMONTAGEM DE FÔRMA DE PILARES RETANGULARES E ESTRUTURAS SIMILARES, PÉ-DIREITO SIMPLES, EM CHAPA DE MADEIRA COMPENSADA RESINADA, 8 UTILIZAÇÕES. AF_09/2020",{"$f":"R594+R595+R596+R597+R598+R599+R600+R601+R602+R603+R604+R605+R606+R607+R608+R609+R610+R611+R612+R613+R614+R615+R616+R617+R618","v":{"v":359.7499999999998,"d":"359.75"}},"M2",{"v":74.62,"d":"R$ 74.62"},{"v":74.62,"d":"R$ 74.62"},{"v":0.25,"d":"25.00%"},{"$f":"ROUND(I594,2)+(ROUND(I594,2)*J594)","v":{"v":93.275,"d":"R$ 93.28"}},{"$f":"ROUND(S594,2)+ROUND(S595,2)+ROUND(S596,2)+ROUND(S597,2)+ROUND(S598,2)+ROUND(S599,2)+ROUND(S600,2)+ROUND(S601,2)+ROUND(S602,2)+ROUND(S603,2)+ROUND(S604,2)+ROUND(S605,2)+ROUND(S606,2)+ROUND(S607,2)+ROUND(S608,2)+ROUND(S609,2)+ROUND(S610,2)+ROUND(S611,2)+ROUND(S612,2)+ROUND(S613,2)+ROUND(S614,2)+ROUND(S615,2)+ROUND(S616,2)+ROUND(S617,2)+ROUND(S618,2)","v":{"v":33557.49999999999,"d":"R$ 33,557.50"}},"","6","PILARES, VIGAS E LAJES","1","Casa 1",14.39,{"$f":"ROUND(K594,2)*R594","v":{"v":1342.2992000000002,"d":"R$ 1,342.30"}}]
[{"$nulls":15},"2","Casa 2",14.39,{"$f":"ROUND(K594,2)*R595","v":{"v":1342.2992000000002,"d":"R$ 1,342.30"}}]
[{"$nulls":15},"3","Casa 3",14.39,{"$f":"ROUND(K594,2)*R596","v":{"v":1342.2992000000002,"d":"R$ 1,342.30"}}]
[{"$nulls":15},"4","Casa 4",14.39,{"$f":"ROUND(K594,2)*R597","v":{"v":1342.2992000000002,"d":"R$ 1,342.30"}}]
[{"$nulls":15},"5","Casa 5",14.39,{"$f":"ROUND(K594,2)*R598","v":{"v":1342.2992000000002,"d":"R$ 1,342.30"}}]
[{"$nulls":15},"6","Casa 6",14.39,{"$f":"ROUND(K594,2)*R599","v":{"v":1342.2992000000002,"d":"R$ 1,342.30"}}]
[{"$nulls":15},"7","Casa 7",14.39,{"$f":"ROUND(K594,2)*R600","v":{"v":1342.2992000000002,"d":"R$ 1,342.30"}}]
[{"$nulls":15},"8","Casa 8",14.39,{"$f":"ROUND(K594,2)*R601","v":{"v":1342.2992000000002,"d":"R$ 1,342.30"}}]
[{"$nulls":15},"9","Casa 9",14.39,{"$f":"ROUND(K594,2)*R602","v":{"v":1342.2992000000002,"d":"R$ 1,342.30"}}]
[{"$nulls":15},"10","Casa 10",14.39,{"$f":"ROUND(K594,2)*R603","v":{"v":1342.2992000000002,"d":"R$ 1,342.30"}}]
[{"$nulls":15},"11","Casa 11",14.39,{"$f":"ROUND(K594,2)*R604","v":{"v":1342.2992000000002,"d":"R$ 1,342.30"}}]
[{"$nulls":15},"12","Casa 12",14.39,{"$f":"ROUND(K594,2)*R605","v":{"v":1342.2992000000002,"d":"R$ 1,342.30"}}]
[{"$nulls":15},"13","Casa 13",14.39,{"$f":"ROUND(K594,2)*R606","v":{"v":1342.2992000000002,"d":"R$ 1,342.30"}}]
[{"$nulls":15},"14","Casa 14",14.39,{"$f":"ROUND(K594,2)*R607","v":{"v":1342.2992000000002,"d":"R$ 1,342.30"}}]
[{"$nulls":15},"15","Casa 15",14.39,{"$f":"ROUND(K594,2)*R608","v":{"v":1342.2992000000002,"d":"R$ 1,342.30"}}]
[{"$nulls":15},"16","Casa 16",14.39,{"$f":"ROUND(K594,2)*R609","v":{"v":1342.2992000000002,"d":"R$ 1,342.30"}}]
[{"$nulls":15},"17","Casa 17",14.39,{"$f":"ROUND(K594,2)*R610","v":{"v":1342.2992000000002,"d":"R$ 1,342.30"}}]
[{"$nulls":15},"18","Casa 18",14.39,{"$f":"ROUND(K594,2)*R611","v":{"v":1342.2992000000002,"d":"R$ 1,342.30"}}]
[{"$nulls":15},"19","Casa 19",14.39,{"$f":"ROUND(K594,2)*R612","v":{"v":1342.2992000000002,"d":"R$ 1,342.30"}}]
[{"$nulls":15},"20","Casa 20",14.39,{"$f":"ROUND(K594,2)*R613","v":{"v":1342.2992000000002,"d":"R$ 1,342.30"}}]
[{"$nulls":15},"21","Casa 21",14.39,{"$f":"ROUND(K594,2)*R614","v":{"v":1342.2992000000002,"d":"R$ 1,342.30"}}]
[{"$nulls":15},"22","Casa 22",14.39,{"$f":"ROUND(K594,2)*R615","v":{"v":1342.2992000000002,"d":"R$ 1,342.30"}}]
[{"$nulls":15},"23","Casa 23",14.39,{"$f":"ROUND(K594,2)*R616","v":{"v":1342.2992000000002,"d":"R$ 1,342.30"}}]
[{"$nulls":15},"24","Casa 24",14.39,{"$f":"ROUND(K594,2)*R617","v":{"v":1342.2992000000002,"d":"R$ 1,342.30"}}]
[{"$nulls":15},"25","Casa 25",14.39,{"$f":"ROUND(K594,2)*R618","v":{"v":1342.2992000000002,"d":"R$ 1,342.30"}}]
["Serviço","6.2","Composição","92463_ADP-01","MONTAGEM E DESMONTAGEM DE FÔRMA DE VIGA, SEM ESCORAMENTO, PÉ-DIREITO SIMPLES, EM CHAPA DE MADEIRA RESINADA, 8 UTILIZAÇÕES.",{"$f":"R619+R620+R621+R622+R623+R624+R625+R626+R627+R628+R629+R630+R631+R632+R633+R634+R635+R636+R637+R638+R639+R640+R641+R642+R643","v":{"v":513.5000000000001,"d":"513.50"}},"M2",{"v":76.63,"d":"R$ 76.63"},{"v":76.63,"d":"R$ 76.63"},{"v":0.25,"d":"25.00%"},{"$f":"ROUND(I619,2)+(ROUND(I619,2)*J619)","v":{"v":95.7875,"d":"R$ 95.79"}},{"$f":"ROUND(S619,2)+ROUND(S620,2)+ROUND(S621,2)+ROUND(S622,2)+ROUND(S623,2)+ROUND(S624,2)+ROUND(S625,2)+ROUND(S626,2)+ROUND(S627,2)+ROUND(S628,2)+ROUND(S629,2)+ROUND(S630,2)+ROUND(S631,2)+ROUND(S632,2)+ROUND(S633,2)+ROUND(S634,2)+ROUND(S635,2)+ROUND(S636,2)+ROUND(S637,2)+ROUND(S638,2)+ROUND(S639,2)+ROUND(S640,2)+ROUND(S641,2)+ROUND(S642,2)+ROUND(S643,2)","v":{"v":49188.249999999985,"d":"R$ 49,188.25"}},"","6","PILARES, VIGAS E LAJES","1","Casa 1",20.54,{"$f":"ROUND(K619,2)*R619","v":{"v":1967.5266000000001,"d":"R$ 1,967.53"}}]
[{"$nulls":15},"2","Casa 2",20.54,{"$f":"ROUND(K619,2)*R620","v":{"v":1967.5266000000001,"d":"R$ 1,967.53"}}]
[{"$nulls":15},"3","Casa 3",20.54,{"$f":"ROUND(K619,2)*R621","v":{"v":1967.5266000000001,"d":"R$ 1,967.53"}}]
[{"$nulls":15},"4","Casa 4",20.54,{"$f":"ROUND(K619,2)*R622","v":{"v":1967.5266000000001,"d":"R$ 1,967.53"}}]
[{"$nulls":15},"5","Casa 5",20.54,{"$f":"ROUND(K619,2)*R623","v":{"v":1967.5266000000001,"d":"R$ 1,967.53"}}]
[{"$nulls":15},"6","Casa 6",20.54,{"$f":"ROUND(K619,2)*R624","v":{"v":1967.5266000000001,"d":"R$ 1,967.53"}}]
[{"$nulls":15},"7","Casa 7",20.54,{"$f":"ROUND(K619,2)*R625","v":{"v":1967.5266000000001,"d":"R$ 1,967.53"}}]
[{"$nulls":15},"8","Casa 8",20.54,{"$f":"ROUND(K619,2)*R626","v":{"v":1967.5266000000001,"d":"R$ 1,967.53"}}]
[{"$nulls":15},"9","Casa 9",20.54,{"$f":"ROUND(K619,2)*R627","v":{"v":1967.5266000000001,"d":"R$ 1,967.53"}}]
[{"$nulls":15},"10","Casa 10",20.54,{"$f":"ROUND(K619,2)*R628","v":{"v":1967.5266000000001,"d":"R$ 1,967.53"}}]
[{"$nulls":15},"11","Casa 11",20.54,{"$f":"ROUND(K619,2)*R629","v":{"v":1967.5266000000001,"d":"R$ 1,967.53"}}]
[{"$nulls":15},"12","Casa 12",20.54,{"$f":"ROUND(K619,2)*R630","v":{"v":1967.5266000000001,"d":"R$ 1,967.53"}}]
[{"$nulls":15},"13","Casa 13",20.54,{"$f":"ROUND(K619,2)*R631","v":{"v":1967.5266000000001,"d":"R$ 1,967.53"}}]
[{"$nulls":15},"14","Casa 14",20.54,{"$f":"ROUND(K619,2)*R632","v":{"v":1967.5266000000001,"d":"R$ 1,967.53"}}]
[{"$nulls":15},"15","Casa 15",20.54,{"$f":"ROUND(K619,2)*R633","v":{"v":1967.5266000000001,"d":"R$ 1,967.53"}}]
[{"$nulls":15},"16","Casa 16",20.54,{"$f":"ROUND(K619,2)*R634","v":{"v":1967.5266000000001,"d":"R$ 1,967.53"}}]
[{"$nulls":15},"17","Casa 17",20.54,{"$f":"ROUND(K619,2)*R635","v":{"v":1967.5266000000001,"d":"R$ 1,967.53"}}]
[{"$nulls":15},"18","Casa 18",20.54,{"$f":"ROUND(K619,2)*R636","v":{"v":1967.5266000000001,"d":"R$ 1,967.53"}}]
[{"$nulls":15},"19","Casa 19",20.54,{"$f":"ROUND(K619,2)*R637","v":{"v":1967.5266000000001,"d":"R$ 1,967.53"}}]
[{"$nulls":15},"20","Casa 20",20.54,{"$f":"ROUND(K619,2)*R638","v":{"v":1967.5266000000001,"d":"R$ 1,967.53"}}]
[{"$nulls":15},"21","Casa 21",20.54,{"$f":"ROUND(K619,2)*R639","v":{"v":1967.5266000000001,"d":"R$ 1,967.53"}}]
[{"$nulls":15},"22","Casa 22",20.54,{"$f":"ROUND(K619,2)*R640","v":{"v":1967.5266000000001,"d":"R$ 1,967.53"}}]
[{"$nulls":15},"23","Casa 23",20.54,{"$f":"ROUND(K619,2)*R641","v":{"v":1967.5266000000001,"d":"R$ 1,967.53"}}]
[{"$nulls":15},"24","Casa 24",20.54,{"$f":"ROUND(K619,2)*R642","v":{"v":1967.5266000000001,"d":"R$ 1,967.53"}}]
[{"$nulls":15},"25","Casa 25",20.54,{"$f":"ROUND(K619,2)*R643","v":{"v":1967.5266000000001,"d":"R$ 1,967.53"}}]
["Serviço","6.3","SINAPI","92463","MONTAGEM E DESMONTAGEM DE FÔRMA DE VIGA, ESCORAMENTO COM GARFO DE MADEIRA, PÉ-DIREITO SIMPLES, EM CHAPA DE MADEIRA RESINADA, 8 UTILIZAÇÕES. AF_09/2020",{"$f":"R644+R645+R646+R647+R648+R649+R650+R651+R652+R653+R654+R655+R656+R657+R658+R659+R660+R661+R662+R663+R664+R665+R666+R667+R668","v":{"v":103.24999999999997,"d":"103.25"}},"M2",{"v":135.67,"d":"R$ 135.67"},{"v":135.67,"d":"R$ 135.67"},{"v":0.25,"d":"25.00%"},{"$f":"ROUND(I644,2)+(ROUND(I644,2)*J644)","v":{"v":169.58749999999998,"d":"R$ 169.59"}},{"$f":"ROUND(S644,2)+ROUND(S645,2)+ROUND(S646,2)+ROUND(S647,2)+ROUND(S648,2)+ROUND(S649,2)+ROUND(S650,2)+ROUND(S651,2)+ROUND(S652,2)+ROUND(S653,2)+ROUND(S654,2)+ROUND(S655,2)+ROUND(S656,2)+ROUND(S657,2)+ROUND(S658,2)+ROUND(S659,2)+ROUND(S660,2)+ROUND(S661,2)+ROUND(S662,2)+ROUND(S663,2)+ROUND(S664,2)+ROUND(S665,2)+ROUND(S666,2)+ROUND(S667,2)+ROUND(S668,2)","v":{"v":17510.25,"d":"R$ 17,510.25"}},"","6","PILARES, VIGAS E LAJES","1","Casa 1",4.13,{"$f":"ROUND(K644,2)*R644","v":{"v":700.4067,"d":"R$ 700.41"}}]
[{"$nulls":15},"2","Casa 2",4.13,{"$f":"ROUND(K644,2)*R645","v":{"v":700.4067,"d":"R$ 700.41"}}]
[{"$nulls":15},"3","Casa 3",4.13,{"$f":"ROUND(K644,2)*R646","v":{"v":700.4067,"d":"R$ 700.41"}}]
[{"$nulls":15},"4","Casa 4",4.13,{"$f":"ROUND(K644,2)*R647","v":{"v":700.4067,"d":"R$ 700.41"}}]
[{"$nulls":15},"5","Casa 5",4.13,{"$f":"ROUND(K644,2)*R648","v":{"v":700.4067,"d":"R$ 700.41"}}]
[{"$nulls":15},"6","Casa 6",4.13,{"$f":"ROUND(K644,2)*R649","v":{"v":700.4067,"d":"R$ 700.41"}}]
[{"$nulls":15},"7","Casa 7",4.13,{"$f":"ROUND(K644,2)*R650","v":{"v":700.4067,"d":"R$ 700.41"}}]
[{"$nulls":15},"8","Casa 8",4.13,{"$f":"ROUND(K644,2)*R651","v":{"v":700.4067,"d":"R$ 700.41"}}]
[{"$nulls":15},"9","Casa 9",4.13,{"$f":"ROUND(K644,2)*R652","v":{"v":700.4067,"d":"R$ 700.41"}}]
[{"$nulls":15},"10","Casa 10",4.13,{"$f":"ROUND(K644,2)*R653","v":{"v":700.4067,"d":"R$ 700.41"}}]
[{"$nulls":15},"11","Casa 11",4.13,{"$f":"ROUND(K644,2)*R654","v":{"v":700.4067,"d":"R$ 700.41"}}]
[{"$nulls":15},"12","Casa 12",4.13,{"$f":"ROUND(K644,2)*R655","v":{"v":700.4067,"d":"R$ 700.41"}}]
[{"$nulls":15},"13","Casa 13",4.13,{"$f":"ROUND(K644,2)*R656","v":{"v":700.4067,"d":"R$ 700.41"}}]
[{"$nulls":15},"14","Casa 14",4.13,{"$f":"ROUND(K644,2)*R657","v":{"v":700.4067,"d":"R$ 700.41"}}]
[{"$nulls":15},"15","Casa 15",4.13,{"$f":"ROUND(K644,2)*R658","v":{"v":700.4067,"d":"R$ 700.41"}}]
[{"$nulls":15},"16","Casa 16",4.13,{"$f":"ROUND(K644,2)*R659","v":{"v":700.4067,"d":"R$ 700.41"}}]
[{"$nulls":15},"17","Casa 17",4.13,{"$f":"ROUND(K644,2)*R660","v":{"v":700.4067,"d":"R$ 700.41"}}]
[{"$nulls":15},"18","Casa 18",4.13,{"$f":"ROUND(K644,2)*R661","v":{"v":700.4067,"d":"R$ 700.41"}}]
[{"$nulls":15},"19","Casa 19",4.13,{"$f":"ROUND(K644,2)*R662","v":{"v":700.4067,"d":"R$ 700.41"}}]
[{"$nulls":15},"20","Casa 20",4.13,{"$f":"ROUND(K644,2)*R663","v":{"v":700.4067,"d":"R$ 700.41"}}]
[{"$nulls":15},"21","Casa 21",4.13,{"$f":"ROUND(K644,2)*R664","v":{"v":700.4067,"d":"R$ 700.41"}}]
[{"$nulls":15},"22","Casa 22",4.13,{"$f":"ROUND(K644,2)*R665","v":{"v":700.4067,"d":"R$ 700.41"}}]
[{"$nulls":15},"23","Casa 23",4.13,{"$f":"ROUND(K644,2)*R666","v":{"v":700.4067,"d":"R$ 700.41"}}]
[{"$nulls":15},"24","Casa 24",4.13,{"$f":"ROUND(K644,2)*R667","v":{"v":700.4067,"d":"R$ 700.41"}}]
[{"$nulls":15},"25","Casa 25",4.13,{"$f":"ROUND(K644,2)*R668","v":{"v":700.4067,"d":"R$ 700.41"}}]
["Serviço","6.4","SINAPI","92759","ARMAÇÃO DE PILAR OU VIGA DE ESTRUTURA CONVENCIONAL DE CONCRETO ARMADO UTILIZANDO AÇO CA-60 DE 5,0 MM - MONTAGEM. AF_06/2022",{"$f":"R669+R670+R671+R672+R673+R674+R675+R676+R677+R678+R679+R680+R681+R682+R683+R684+R685+R686+R687+R688+R689+R690+R691+R692+R693","v":{"v":1760.0000000000007,"d":"1,760.00"}},"KG",{"v":16.28,"d":"R$ 16.28"},{"v":16.28,"d":"R$ 16.28"},{"v":0.25,"d":"25.00%"},{"$f":"ROUND(I669,2)+(ROUND(I669,2)*J669)","v":{"v":20.35,"d":"R$ 20.35"}},{"$f":"ROUND(S669,2)+ROUND(S670,2)+ROUND(S671,2)+ROUND(S672,2)+ROUND(S673,2)+ROUND(S674,2)+ROUND(S675,2)+ROUND(S676,2)+ROUND(S677,2)+ROUND(S678,2)+ROUND(S679,2)+ROUND(S680,2)+ROUND(S681,2)+ROUND(S682,2)+ROUND(S683,2)+ROUND(S684,2)+ROUND(S685,2)+ROUND(S686,2)+ROUND(S687,2)+ROUND(S688,2)+ROUND(S689,2)+ROUND(S690,2)+ROUND(S691,2)+ROUND(S692,2)+ROUND(S693,2)","v":{"v":35815.99999999999,"d":"R$ 35,816.00"}},"","6","PILARES, VIGAS E LAJES","1","Casa 1",{"v":70.4,"d":"70.40"},{"$f":"ROUND(K669,2)*R669","v":{"v":1432.6400000000003,"d":"R$ 1,432.64"}}]
[{"$nulls":15},"2","Casa 2",{"v":70.4,"d":"70.40"},{"$f":"ROUND(K669,2)*R670","v":{"v":1432.6400000000003,"d":"R$ 1,432.64"}}]
[{"$nulls":15},"3","Casa 3",{"v":70.4,"d":"70.40"},{"$f":"ROUND(K669,2)*R671","v":{"v":1432.6400000000003,"d":"R$ 1,432.64"}}]
[{"$nulls":15},"4","Casa 4",{"v":70.4,"d":"70.40"},{"$f":"ROUND(K669,2)*R672","v":{"v":1432.6400000000003,"d":"R$ 1,432.64"}}]
[{"$nulls":15},"5","Casa 5",{"v":70.4,"d":"70.40"},{"$f":"ROUND(K669,2)*R673","v":{"v":1432.6400000000003,"d":"R$ 1,432.64"}}]
[{"$nulls":15},"6","Casa 6",{"v":70.4,"d":"70.40"},{"$f":"ROUND(K669,2)*R674","v":{"v":1432.6400000000003,"d":"R$ 1,432.64"}}]
[{"$nulls":15},"7","Casa 7",{"v":70.4,"d":"70.40"},{"$f":"ROUND(K669,2)*R675","v":{"v":1432.6400000000003,"d":"R$ 1,432.64"}}]
[{"$nulls":15},"8","Casa 8",{"v":70.4,"d":"70.40"},{"$f":"ROUND(K669,2)*R676","v":{"v":1432.6400000000003,"d":"R$ 1,432.64"}}]
[{"$nulls":15},"9","Casa 9",{"v":70.4,"d":"70.40"},{"$f":"ROUND(K669,2)*R677","v":{"v":1432.6400000000003,"d":"R$ 1,432.64"}}]
[{"$nulls":15},"10","Casa 10",{"v":70.4,"d":"70.40"},{"$f":"ROUND(K669,2)*R678","v":{"v":1432.6400000000003,"d":"R$ 1,432.64"}}]
[{"$nulls":15},"11","Casa 11",{"v":70.4,"d":"70.40"},{"$f":"ROUND(K669,2)*R679","v":{"v":1432.6400000000003,"d":"R$ 1,432.64"}}]
[{"$nulls":15},"12","Casa 12",{"v":70.4,"d":"70.40"},{"$f":"ROUND(K669,2)*R680","v":{"v":1432.6400000000003,"d":"R$ 1,432.64"}}]
[{"$nulls":15},"13","Casa 13",{"v":70.4,"d":"70.40"},{"$f":"ROUND(K669,2)*R681","v":{"v":1432.6400000000003,"d":"R$ 1,432.64"}}]
[{"$nulls":15},"14","Casa 14",{"v":70.4,"d":"70.40"},{"$f":"ROUND(K669,2)*R682","v":{"v":1432.6400000000003,"d":"R$ 1,432.64"}}]
[{"$nulls":15},"15","Casa 15",{"v":70.4,"d":"70.40"},{"$f":"ROUND(K669,2)*R683","v":{"v":1432.6400000000003,"d":"R$ 1,432.64"}}]
[{"$nulls":15},"16","Casa 16",{"v":70.4,"d":"70.40"},{"$f":"ROUND(K669,2)*R684","v":{"v":1432.6400000000003,"d":"R$ 1,432.64"}}]
[{"$nulls":15},"17","Casa 17",{"v":70.4,"d":"70.40"},{"$f":"ROUND(K669,2)*R685","v":{"v":1432.6400000000003,"d":"R$ 1,432.64"}}]
[{"$nulls":15},"18","Casa 18",{"v":70.4,"d":"70.40"},{"$f":"ROUND(K669,2)*R686","v":{"v":1432.6400000000003,"d":"R$ 1,432.64"}}]
[{"$nulls":15},"19","Casa 19",{"v":70.4,"d":"70.40"},{"$f":"ROUND(K669,2)*R687","v":{"v":1432.6400000000003,"d":"R$ 1,432.64"}}]
[{"$nulls":15},"20","Casa 20",{"v":70.4,"d":"70.40"},{"$f":"ROUND(K669,2)*R688","v":{"v":1432.6400000000003,"d":"R$ 1,432.64"}}]
[{"$nulls":15},"21","Casa 21",{"v":70.4,"d":"70.40"},{"$f":"ROUND(K669,2)*R689","v":{"v":1432.6400000000003,"d":"R$ 1,432.64"}}]
[{"$nulls":15},"22","Casa 22",{"v":70.4,"d":"70.40"},{"$f":"ROUND(K669,2)*R690","v":{"v":1432.6400000000003,"d":"R$ 1,432.64"}}]
[{"$nulls":15},"23","Casa 23",{"v":70.4,"d":"70.40"},{"$f":"ROUND(K669,2)*R691","v":{"v":1432.6400000000003,"d":"R$ 1,432.64"}}]
[{"$nulls":15},"24","Casa 24",{"v":70.4,"d":"70.40"},{"$f":"ROUND(K669,2)*R692","v":{"v":1432.6400000000003,"d":"R$ 1,432.64"}}]
[{"$nulls":15},"25","Casa 25",{"v":70.4,"d":"70.40"},{"$f":"ROUND(K669,2)*R693","v":{"v":1432.6400000000003,"d":"R$ 1,432.64"}}]
["Serviço","6.5","SINAPI","92760","ARMAÇÃO DE PILAR OU VIGA DE ESTRUTURA CONVENCIONAL DE CONCRETO ARMADO UTILIZANDO AÇO CA-50 DE 6,3 MM - MONTAGEM. AF_06/2022",{"$f":"R694+R695+R696+R697+R698+R699+R700+R701+R702+R703+R704+R705+R706+R707+R708+R709+R710+R711+R712+R713+R714+R715+R716+R717+R718","v":{"v":375,"d":"375.00"}},"KG",{"v":15.28,"d":"R$ 15.28"},{"v":15.28,"d":"R$ 15.28"},{"v":0.25,"d":"25.00%"},{"$f":"ROUND(I694,2)+(ROUND(I694,2)*J694)","v":{"v":19.099999999999998,"d":"R$ 19.10"}},{"$f":"ROUND(S694,2)+ROUND(S695,2)+ROUND(S696,2)+ROUND(S697,2)+ROUND(S698,2)+ROUND(S699,2)+ROUND(S700,2)+ROUND(S701,2)+ROUND(S702,2)+ROUND(S703,2)+ROUND(S704,2)+ROUND(S705,2)+ROUND(S706,2)+ROUND(S707,2)+ROUND(S708,2)+ROUND(S709,2)+ROUND(S710,2)+ROUND(S711,2)+ROUND(S712,2)+ROUND(S713,2)+ROUND(S714,2)+ROUND(S715,2)+ROUND(S716,2)+ROUND(S717,2)+ROUND(S718,2)","v":{"v":7162.5,"d":"R$ 7,162.50"}},"","6","PILARES, VIGAS E LAJES","1","Casa 1",{"v":15,"d":"15.00"},{"$f":"ROUND(K694,2)*R694","v":{"v":286.5,"d":"R$ 286.50"}}]
[{"$nulls":15},"2","Casa 2",{"v":15,"d":"15.00"},{"$f":"ROUND(K694,2)*R695","v":{"v":286.5,"d":"R$ 286.50"}}]
[{"$nulls":15},"3","Casa 3",{"v":15,"d":"15.00"},{"$f":"ROUND(K694,2)*R696","v":{"v":286.5,"d":"R$ 286.50"}}]
[{"$nulls":15},"4","Casa 4",{"v":15,"d":"15.00"},{"$f":"ROUND(K694,2)*R697","v":{"v":286.5,"d":"R$ 286.50"}}]
[{"$nulls":15},"5","Casa 5",{"v":15,"d":"15.00"},{"$f":"ROUND(K694,2)*R698","v":{"v":286.5,"d":"R$ 286.50"}}]
[{"$nulls":15},"6","Casa 6",{"v":15,"d":"15.00"},{"$f":"ROUND(K694,2)*R699","v":{"v":286.5,"d":"R$ 286.50"}}]
[{"$nulls":15},"7","Casa 7",{"v":15,"d":"15.00"},{"$f":"ROUND(K694,2)*R700","v":{"v":286.5,"d":"R$ 286.50"}}]
[{"$nulls":15},"8","Casa 8",{"v":15,"d":"15.00"},{"$f":"ROUND(K694,2)*R701","v":{"v":286.5,"d":"R$ 286.50"}}]
[{"$nulls":15},"9","Casa 9",{"v":15,"d":"15.00"},{"$f":"ROUND(K694,2)*R702","v":{"v":286.5,"d":"R$ 286.50"}}]
[{"$nulls":15},"10","Casa 10",{"v":15,"d":"15.00"},{"$f":"ROUND(K694,2)*R703","v":{"v":286.5,"d":"R$ 286.50"}}]
[{"$nulls":15},"11","Casa 11",{"v":15,"d":"15.00"},{"$f":"ROUND(K694,2)*R704","v":{"v":286.5,"d":"R$ 286.50"}}]
[{"$nulls":15},"12","Casa 12",{"v":15,"d":"15.00"},{"$f":"ROUND(K694,2)*R705","v":{"v":286.5,"d":"R$ 286.50"}}]
[{"$nulls":15},"13","Casa 13",{"v":15,"d":"15.00"},{"$f":"ROUND(K694,2)*R706","v":{"v":286.5,"d":"R$ 286.50"}}]
[{"$nulls":15},"14","Casa 14",{"v":15,"d":"15.00"},{"$f":"ROUND(K694,2)*R707","v":{"v":286.5,"d":"R$ 286.50"}}]
[{"$nulls":15},"15","Casa 15",{"v":15,"d":"15.00"},{"$f":"ROUND(K694,2)*R708","v":{"v":286.5,"d":"R$ 286.50"}}]
[{"$nulls":15},"16","Casa 16",{"v":15,"d":"15.00"},{"$f":"ROUND(K694,2)*R709","v":{"v":286.5,"d":"R$ 286.50"}}]
[{"$nulls":15},"17","Casa 17",{"v":15,"d":"15.00"},{"$f":"ROUND(K694,2)*R710","v":{"v":286.5,"d":"R$ 286.50"}}]
[{"$nulls":15},"18","Casa 18",{"v":15,"d":"15.00"},{"$f":"ROUND(K694,2)*R711","v":{"v":286.5,"d":"R$ 286.50"}}]
[{"$nulls":15},"19","Casa 19",{"v":15,"d":"15.00"},{"$f":"ROUND(K694,2)*R712","v":{"v":286.5,"d":"R$ 286.50"}}]
[{"$nulls":15},"20","Casa 20",{"v":15,"d":"15.00"},{"$f":"ROUND(K694,2)*R713","v":{"v":286.5,"d":"R$ 286.50"}}]
[{"$nulls":15},"21","Casa 21",{"v":15,"d":"15.00"},{"$f":"ROUND(K694,2)*R714","v":{"v":286.5,"d":"R$ 286.50"}}]
[{"$nulls":15},"22","Casa 22",{"v":15,"d":"15.00"},{"$f":"ROUND(K694,2)*R715","v":{"v":286.5,"d":"R$ 286.50"}}]
[{"$nulls":15},"23","Casa 23",{"v":15,"d":"15.00"},{"$f":"ROUND(K694,2)*R716","v":{"v":286.5,"d":"R$ 286.50"}}]
[{"$nulls":15},"24","Casa 24",{"v":15,"d":"15.00"},{"$f":"ROUND(K694,2)*R717","v":{"v":286.5,"d":"R$ 286.50"}}]
[{"$nulls":15},"25","Casa 25",{"v":15,"d":"15.00"},{"$f":"ROUND(K694,2)*R718","v":{"v":286.5,"d":"R$ 286.50"}}]
["Serviço","6.6","SINAPI","92761","ARMAÇÃO DE PILAR OU VIGA DE ESTRUTURA CONVENCIONAL DE CONCRETO ARMADO UTILIZANDO AÇO CA-50 DE 8,0 MM - MONTAGEM. AF_06/2022",{"$f":"R719+R720+R721+R722+R723+R724+R725+R726+R727+R728+R729+R730+R731+R732+R733+R734+R735+R736+R737+R738+R739+R740+R741+R742+R743","v":{"v":1632.4999999999993,"d":"1,632.50"}},"KG",{"v":14.29,"d":"R$ 14.29"},{"v":14.29,"d":"R$ 14.29"},{"v":0.25,"d":"25.00%"},{"$f":"ROUND(I719,2)+(ROUND(I719,2)*J719)","v":{"v":17.862499999999997,"d":"R$ 17.86"}},{"$f":"ROUND(S719,2)+ROUND(S720,2)+ROUND(S721,2)+ROUND(S722,2)+ROUND(S723,2)+ROUND(S724,2)+ROUND(S725,2)+ROUND(S726,2)+ROUND(S727,2)+ROUND(S728,2)+ROUND(S729,2)+ROUND(S730,2)+ROUND(S731,2)+ROUND(S732,2)+ROUND(S733,2)+ROUND(S734,2)+ROUND(S735,2)+ROUND(S736,2)+ROUND(S737,2)+ROUND(S738,2)+ROUND(S739,2)+ROUND(S740,2)+ROUND(S741,2)+ROUND(S742,2)+ROUND(S743,2)","v":{"v":29156.499999999985,"d":"R$ 29,156.50"}},"","6","PILARES, VIGAS E LAJES","1","Casa 1",{"v":65.3,"d":"65.30"},{"$f":"ROUND(K719,2)*R719","v":{"v":1166.2579999999998,"d":"R$ 1,166.26"}}]
[{"$nulls":15},"2","Casa 2",{"v":65.3,"d":"65.30"},{"$f":"ROUND(K719,2)*R720","v":{"v":1166.2579999999998,"d":"R$ 1,166.26"}}]
[{"$nulls":15},"3","Casa 3",{"v":65.3,"d":"65.30"},{"$f":"ROUND(K719,2)*R721","v":{"v":1166.2579999999998,"d":"R$ 1,166.26"}}]
[{"$nulls":15},"4","Casa 4",{"v":65.3,"d":"65.30"},{"$f":"ROUND(K719,2)*R722","v":{"v":1166.2579999999998,"d":"R$ 1,166.26"}}]
[{"$nulls":15},"5","Casa 5",{"v":65.3,"d":"65.30"},{"$f":"ROUND(K719,2)*R723","v":{"v":1166.2579999999998,"d":"R$ 1,166.26"}}]
[{"$nulls":15},"6","Casa 6",{"v":65.3,"d":"65.30"},{"$f":"ROUND(K719,2)*R724","v":{"v":1166.2579999999998,"d":"R$ 1,166.26"}}]
[{"$nulls":15},"7","Casa 7",{"v":65.3,"d":"65.30"},{"$f":"ROUND(K719,2)*R725","v":{"v":1166.2579999999998,"d":"R$ 1,166.26"}}]
[{"$nulls":15},"8","Casa 8",{"v":65.3,"d":"65.30"},{"$f":"ROUND(K719,2)*R726","v":{"v":1166.2579999999998,"d":"R$ 1,166.26"}}]
[{"$nulls":15},"9","Casa 9",{"v":65.3,"d":"65.30"},{"$f":"ROUND(K719,2)*R727","v":{"v":1166.2579999999998,"d":"R$ 1,166.26"}}]
[{"$nulls":15},"10","Casa 10",{"v":65.3,"d":"65.30"},{"$f":"ROUND(K719,2)*R728","v":{"v":1166.2579999999998,"d":"R$ 1,166.26"}}]
[{"$nulls":15},"11","Casa 11",{"v":65.3,"d":"65.30"},{"$f":"ROUND(K719,2)*R729","v":{"v":1166.2579999999998,"d":"R$ 1,166.26"}}]
[{"$nulls":15},"12","Casa 12",{"v":65.3,"d":"65.30"},{"$f":"ROUND(K719,2)*R730","v":{"v":1166.2579999999998,"d":"R$ 1,166.26"}}]
[{"$nulls":15},"13","Casa 13",{"v":65.3,"d":"65.30"},{"$f":"ROUND(K719,2)*R731","v":{"v":1166.2579999999998,"d":"R$ 1,166.26"}}]
[{"$nulls":15},"14","Casa 14",{"v":65.3,"d":"65.30"},{"$f":"ROUND(K719,2)*R732","v":{"v":1166.2579999999998,"d":"R$ 1,166.26"}}]
[{"$nulls":15},"15","Casa 15",{"v":65.3,"d":"65.30"},{"$f":"ROUND(K719,2)*R733","v":{"v":1166.2579999999998,"d":"R$ 1,166.26"}}]
[{"$nulls":15},"16","Casa 16",{"v":65.3,"d":"65.30"},{"$f":"ROUND(K719,2)*R734","v":{"v":1166.2579999999998,"d":"R$ 1,166.26"}}]
[{"$nulls":15},"17","Casa 17",{"v":65.3,"d":"65.30"},{"$f":"ROUND(K719,2)*R735","v":{"v":1166.2579999999998,"d":"R$ 1,166.26"}}]
[{"$nulls":15},"18","Casa 18",{"v":65.3,"d":"65.30"},{"$f":"ROUND(K719,2)*R736","v":{"v":1166.2579999999998,"d":"R$ 1,166.26"}}]
[{"$nulls":15},"19","Casa 19",{"v":65.3,"d":"65.30"},{"$f":"ROUND(K719,2)*R737","v":{"v":1166.2579999999998,"d":"R$ 1,166.26"}}]
[{"$nulls":15},"20","Casa 20",{"v":65.3,"d":"65.30"},{"$f":"ROUND(K719,2)*R738","v":{"v":1166.2579999999998,"d":"R$ 1,166.26"}}]
[{"$nulls":15},"21","Casa 21",{"v":65.3,"d":"65.30"},{"$f":"ROUND(K719,2)*R739","v":{"v":1166.2579999999998,"d":"R$ 1,166.26"}}]
[{"$nulls":15},"22","Casa 22",{"v":65.3,"d":"65.30"},{"$f":"ROUND(K719,2)*R740","v":{"v":1166.2579999999998,"d":"R$ 1,166.26"}}]
[{"$nulls":15},"23","Casa 23",{"v":65.3,"d":"65.30"},{"$f":"ROUND(K719,2)*R741","v":{"v":1166.2579999999998,"d":"R$ 1,166.26"}}]
[{"$nulls":15},"24","Casa 24",{"v":65.3,"d":"65.30"},{"$f":"ROUND(K719,2)*R742","v":{"v":1166.2579999999998,"d":"R$ 1,166.26"}}]
[{"$nulls":15},"25","Casa 25",{"v":65.3,"d":"65.30"},{"$f":"ROUND(K719,2)*R743","v":{"v":1166.2579999999998,"d":"R$ 1,166.26"}}]
["Serviço","6.7","SINAPI","92762","ARMAÇÃO DE PILAR OU VIGA DE ESTRUTURA CONVENCIONAL DE CONCRETO ARMADO UTILIZANDO AÇO CA-50 DE 10,0 MM - MONTAGEM. AF_06/2022",{"$f":"R744+R745+R746+R747+R748+R749+R750+R751+R752+R753+R754+R755+R756+R757+R758+R759+R760+R761+R762+R763+R764+R765+R766+R767+R768","v":{"v":2139.999999999999,"d":"2,140.00"}},"KG",{"v":12.76,"d":"R$ 12.76"},{"v":12.76,"d":"R$ 12.76"},{"v":0.25,"d":"25.00%"},{"$f":"ROUND(I744,2)+(ROUND(I744,2)*J744)","v":{"v":15.95,"d":"R$ 15.95"}},{"$f":"ROUND(S744,2)+ROUND(S745,2)+ROUND(S746,2)+ROUND(S747,2)+ROUND(S748,2)+ROUND(S749,2)+ROUND(S750,2)+ROUND(S751,2)+ROUND(S752,2)+ROUND(S753,2)+ROUND(S754,2)+ROUND(S755,2)+ROUND(S756,2)+ROUND(S757,2)+ROUND(S758,2)+ROUND(S759,2)+ROUND(S760,2)+ROUND(S761,2)+ROUND(S762,2)+ROUND(S763,2)+ROUND(S764,2)+ROUND(S765,2)+ROUND(S766,2)+ROUND(S767,2)+ROUND(S768,2)","v":{"v":34133,"d":"R$ 34,133.00"}},"","6","PILARES, VIGAS E LAJES","1","Casa 1",{"v":85.6,"d":"85.60"},{"$f":"ROUND(K744,2)*R744","v":{"v":1365.32,"d":"R$ 1,365.32"}}]
[{"$nulls":15},"2","Casa 2",{"v":85.6,"d":"85.60"},{"$f":"ROUND(K744,2)*R745","v":{"v":1365.32,"d":"R$ 1,365.32"}}]
[{"$nulls":15},"3","Casa 3",{"v":85.6,"d":"85.60"},{"$f":"ROUND(K744,2)*R746","v":{"v":1365.32,"d":"R$ 1,365.32"}}]
[{"$nulls":15},"4","Casa 4",{"v":85.6,"d":"85.60"},{"$f":"ROUND(K744,2)*R747","v":{"v":1365.32,"d":"R$ 1,365.32"}}]
[{"$nulls":15},"5","Casa 5",{"v":85.6,"d":"85.60"},{"$f":"ROUND(K744,2)*R748","v":{"v":1365.32,"d":"R$ 1,365.32"}}]
[{"$nulls":15},"6","Casa 6",{"v":85.6,"d":"85.60"},{"$f":"ROUND(K744,2)*R749","v":{"v":1365.32,"d":"R$ 1,365.32"}}]
[{"$nulls":15},"7","Casa 7",{"v":85.6,"d":"85.60"},{"$f":"ROUND(K744,2)*R750","v":{"v":1365.32,"d":"R$ 1,365.32"}}]
[{"$nulls":15},"8","Casa 8",{"v":85.6,"d":"85.60"},{"$f":"ROUND(K744,2)*R751","v":{"v":1365.32,"d":"R$ 1,365.32"}}]
[{"$nulls":15},"9","Casa 9",{"v":85.6,"d":"85.60"},{"$f":"ROUND(K744,2)*R752","v":{"v":1365.32,"d":"R$ 1,365.32"}}]
[{"$nulls":15},"10","Casa 10",{"v":85.6,"d":"85.60"},{"$f":"ROUND(K744,2)*R753","v":{"v":1365.32,"d":"R$ 1,365.32"}}]
[{"$nulls":15},"11","Casa 11",{"v":85.6,"d":"85.60"},{"$f":"ROUND(K744,2)*R754","v":{"v":1365.32,"d":"R$ 1,365.32"}}]
[{"$nulls":15},"12","Casa 12",{"v":85.6,"d":"85.60"},{"$f":"ROUND(K744,2)*R755","v":{"v":1365.32,"d":"R$ 1,365.32"}}]
[{"$nulls":15},"13","Casa 13",{"v":85.6,"d":"85.60"},{"$f":"ROUND(K744,2)*R756","v":{"v":1365.32,"d":"R$ 1,365.32"}}]
[{"$nulls":15},"14","Casa 14",{"v":85.6,"d":"85.60"},{"$f":"ROUND(K744,2)*R757","v":{"v":1365.32,"d":"R$ 1,365.32"}}]
[{"$nulls":15},"15","Casa 15",{"v":85.6,"d":"85.60"},{"$f":"ROUND(K744,2)*R758","v":{"v":1365.32,"d":"R$ 1,365.32"}}]
[{"$nulls":15},"16","Casa 16",{"v":85.6,"d":"85.60"},{"$f":"ROUND(K744,2)*R759","v":{"v":1365.32,"d":"R$ 1,365.32"}}]
[{"$nulls":15},"17","Casa 17",{"v":85.6,"d":"85.60"},{"$f":"ROUND(K744,2)*R760","v":{"v":1365.32,"d":"R$ 1,365.32"}}]
[{"$nulls":15},"18","Casa 18",{"v":85.6,"d":"85.60"},{"$f":"ROUND(K744,2)*R761","v":{"v":1365.32,"d":"R$ 1,365.32"}}]
[{"$nulls":15},"19","Casa 19",{"v":85.6,"d":"85.60"},{"$f":"ROUND(K744,2)*R762","v":{"v":1365.32,"d":"R$ 1,365.32"}}]
[{"$nulls":15},"20","Casa 20",{"v":85.6,"d":"85.60"},{"$f":"ROUND(K744,2)*R763","v":{"v":1365.32,"d":"R$ 1,365.32"}}]
[{"$nulls":15},"21","Casa 21",{"v":85.6,"d":"85.60"},{"$f":"ROUND(K744,2)*R764","v":{"v":1365.32,"d":"R$ 1,365.32"}}]
[{"$nulls":15},"22","Casa 22",{"v":85.6,"d":"85.60"},{"$f":"ROUND(K744,2)*R765","v":{"v":1365.32,"d":"R$ 1,365.32"}}]
[{"$nulls":15},"23","Casa 23",{"v":85.6,"d":"85.60"},{"$f":"ROUND(K744,2)*R766","v":{"v":1365.32,"d":"R$ 1,365.32"}}]
[{"$nulls":15},"24","Casa 24",{"v":85.6,"d":"85.60"},{"$f":"ROUND(K744,2)*R767","v":{"v":1365.32,"d":"R$ 1,365.32"}}]
[{"$nulls":15},"25","Casa 25",{"v":85.6,"d":"85.60"},{"$f":"ROUND(K744,2)*R768","v":{"v":1365.32,"d":"R$ 1,365.32"}}]
["Serviço","6.8","SINAPI","101963","LAJE PRÉ-MOLDADA UNIDIRECIONAL, BIAPOIADA, PARA PISO, ENCHIMENTO EM CERÂMICA, VIGOTA CONVENCIONAL, ALTURA TOTAL DA LAJE \"LT\" = 12 CM (ENCHIMENTO+CAPA) = (8+4). AF_08/2025",{"$f":"R769+R770+R771+R772+R773+R774+R775+R776+R777+R778+R779+R780+R781+R782+R783+R784+R785+R786+R787+R788+R789+R790+R791+R792+R793","v":{"v":144.24999999999997,"d":"144.25"}},"M2",{"v":214.41,"d":"R$ 214.41"},{"v":214.41,"d":"R$ 214.41"},{"v":0.25,"d":"25.00%"},{"$f":"ROUND(I769,2)+(ROUND(I769,2)*J769)","v":{"v":268.0125,"d":"R$ 268.01"}},{"$f":"ROUND(S769,2)+ROUND(S770,2)+ROUND(S771,2)+ROUND(S772,2)+ROUND(S773,2)+ROUND(S774,2)+ROUND(S775,2)+ROUND(S776,2)+ROUND(S777,2)+ROUND(S778,2)+ROUND(S779,2)+ROUND(S780,2)+ROUND(S781,2)+ROUND(S782,2)+ROUND(S783,2)+ROUND(S784,2)+ROUND(S785,2)+ROUND(S786,2)+ROUND(S787,2)+ROUND(S788,2)+ROUND(S789,2)+ROUND(S790,2)+ROUND(S791,2)+ROUND(S792,2)+ROUND(S793,2)","v":{"v":38660.49999999998,"d":"R$ 38,660.50"}},"","6","PILARES, VIGAS E LAJES","1","Casa 1",5.77,{"$f":"ROUND(K769,2)*R769","v":{"v":1546.4176999999997,"d":"R$ 1,546.42"}}]
[{"$nulls":15},"2","Casa 2",5.77,{"$f":"ROUND(K769,2)*R770","v":{"v":1546.4176999999997,"d":"R$ 1,546.42"}}]
[{"$nulls":15},"3","Casa 3",5.77,{"$f":"ROUND(K769,2)*R771","v":{"v":1546.4176999999997,"d":"R$ 1,546.42"}}]
[{"$nulls":15},"4","Casa 4",5.77,{"$f":"ROUND(K769,2)*R772","v":{"v":1546.4176999999997,"d":"R$ 1,546.42"}}]
[{"$nulls":15},"5","Casa 5",5.77,{"$f":"ROUND(K769,2)*R773","v":{"v":1546.4176999999997,"d":"R$ 1,546.42"}}]
[{"$nulls":15},"6","Casa 6",5.77,{"$f":"ROUND(K769,2)*R774","v":{"v":1546.4176999999997,"d":"R$ 1,546.42"}}]
[{"$nulls":15},"7","Casa 7",5.77,{"$f":"ROUND(K769,2)*R775","v":{"v":1546.4176999999997,"d":"R$ 1,546.42"}}]
[{"$nulls":15},"8","Casa 8",5.77,{"$f":"ROUND(K769,2)*R776","v":{"v":1546.4176999999997,"d":"R$ 1,546.42"}}]
[{"$nulls":15},"9","Casa 9",5.77,{"$f":"ROUND(K769,2)*R777","v":{"v":1546.4176999999997,"d":"R$ 1,546.42"}}]
[{"$nulls":15},"10","Casa 10",5.77,{"$f":"ROUND(K769,2)*R778","v":{"v":1546.4176999999997,"d":"R$ 1,546.42"}}]
[{"$nulls":15},"11","Casa 11",5.77,{"$f":"ROUND(K769,2)*R779","v":{"v":1546.4176999999997,"d":"R$ 1,546.42"}}]
[{"$nulls":15},"12","Casa 12",5.77,{"$f":"ROUND(K769,2)*R780","v":{"v":1546.4176999999997,"d":"R$ 1,546.42"}}]
[{"$nulls":15},"13","Casa 13",5.77,{"$f":"ROUND(K769,2)*R781","v":{"v":1546.4176999999997,"d":"R$ 1,546.42"}}]
[{"$nulls":15},"14","Casa 14",5.77,{"$f":"ROUND(K769,2)*R782","v":{"v":1546.4176999999997,"d":"R$ 1,546.42"}}]
[{"$nulls":15},"15","Casa 15",5.77,{"$f":"ROUND(K769,2)*R783","v":{"v":1546.4176999999997,"d":"R$ 1,546.42"}}]
[{"$nulls":15},"16","Casa 16",5.77,{"$f":"ROUND(K769,2)*R784","v":{"v":1546.4176999999997,"d":"R$ 1,546.42"}}]
[{"$nulls":15},"17","Casa 17",5.77,{"$f":"ROUND(K769,2)*R785","v":{"v":1546.4176999999997,"d":"R$ 1,546.42"}}]
[{"$nulls":15},"18","Casa 18",5.77,{"$f":"ROUND(K769,2)*R786","v":{"v":1546.4176999999997,"d":"R$ 1,546.42"}}]
[{"$nulls":15},"19","Casa 19",5.77,{"$f":"ROUND(K769,2)*R787","v":{"v":1546.4176999999997,"d":"R$ 1,546.42"}}]
[{"$nulls":15},"20","Casa 20",5.77,{"$f":"ROUND(K769,2)*R788","v":{"v":1546.4176999999997,"d":"R$ 1,546.42"}}]
[{"$nulls":15},"21","Casa 21",5.77,{"$f":"ROUND(K769,2)*R789","v":{"v":1546.4176999999997,"d":"R$ 1,546.42"}}]
[{"$nulls":15},"22","Casa 22",5.77,{"$f":"ROUND(K769,2)*R790","v":{"v":1546.4176999999997,"d":"R$ 1,546.42"}}]
[{"$nulls":15},"23","Casa 23",5.77,{"$f":"ROUND(K769,2)*R791","v":{"v":1546.4176999999997,"d":"R$ 1,546.42"}}]
[{"$nulls":15},"24","Casa 24",5.77,{"$f":"ROUND(K769,2)*R792","v":{"v":1546.4176999999997,"d":"R$ 1,546.42"}}]
[{"$nulls":15},"25","Casa 25",5.77,{"$f":"ROUND(K769,2)*R793","v":{"v":1546.4176999999997,"d":"R$ 1,546.42"}}]
["Serviço","6.9","Composição","103669_ADP-01","CONCRETAGEM DE PILARES, FCK = 20 MPA,  COM USO DE BALDES - LANÇAMENTO, ADENSAMENTO E ACABAMENTO.",{"$f":"R794+R795+R796+R797+R798+R799+R800+R801+R802+R803+R804+R805+R806+R807+R808+R809+R810+R811+R812+R813+R814+R815+R816+R817+R818","v":{"v":32.00000000000001,"d":"32.00"}},"M3",{"v":1009.6,"d":"R$ 1,009.60"},{"v":1009.6,"d":"R$ 1,009.60"},{"v":0.25,"d":"25.00%"},{"$f":"ROUND(I794,2)+(ROUND(I794,2)*J794)","v":{"v":1262,"d":"R$ 1,262.00"}},{"$f":"ROUND(S794,2)+ROUND(S795,2)+ROUND(S796,2)+ROUND(S797,2)+ROUND(S798,2)+ROUND(S799,2)+ROUND(S800,2)+ROUND(S801,2)+ROUND(S802,2)+ROUND(S803,2)+ROUND(S804,2)+ROUND(S805,2)+ROUND(S806,2)+ROUND(S807,2)+ROUND(S808,2)+ROUND(S809,2)+ROUND(S810,2)+ROUND(S811,2)+ROUND(S812,2)+ROUND(S813,2)+ROUND(S814,2)+ROUND(S815,2)+ROUND(S816,2)+ROUND(S817,2)+ROUND(S818,2)","v":{"v":40384.00000000001,"d":"R$ 40,384.00"}},"","6","PILARES, VIGAS E LAJES","1","Casa 1",1.28,{"$f":"ROUND(K794,2)*R794","v":{"v":1615.3600000000001,"d":"R$ 1,615.36"}}]
[{"$nulls":15},"2","Casa 2",1.28,{"$f":"ROUND(K794,2)*R795","v":{"v":1615.3600000000001,"d":"R$ 1,615.36"}}]
[{"$nulls":15},"3","Casa 3",1.28,{"$f":"ROUND(K794,2)*R796","v":{"v":1615.3600000000001,"d":"R$ 1,615.36"}}]
[{"$nulls":15},"4","Casa 4",1.28,{"$f":"ROUND(K794,2)*R797","v":{"v":1615.3600000000001,"d":"R$ 1,615.36"}}]
[{"$nulls":15},"5","Casa 5",1.28,{"$f":"ROUND(K794,2)*R798","v":{"v":1615.3600000000001,"d":"R$ 1,615.36"}}]
[{"$nulls":15},"6","Casa 6",1.28,{"$f":"ROUND(K794,2)*R799","v":{"v":1615.3600000000001,"d":"R$ 1,615.36"}}]
[{"$nulls":15},"7","Casa 7",1.28,{"$f":"ROUND(K794,2)*R800","v":{"v":1615.3600000000001,"d":"R$ 1,615.36"}}]
[{"$nulls":15},"8","Casa 8",1.28,{"$f":"ROUND(K794,2)*R801","v":{"v":1615.3600000000001,"d":"R$ 1,615.36"}}]
[{"$nulls":15},"9","Casa 9",1.28,{"$f":"ROUND(K794,2)*R802","v":{"v":1615.3600000000001,"d":"R$ 1,615.36"}}]
[{"$nulls":15},"10","Casa 10",1.28,{"$f":"ROUND(K794,2)*R803","v":{"v":1615.3600000000001,"d":"R$ 1,615.36"}}]
[{"$nulls":15},"11","Casa 11",1.28,{"$f":"ROUND(K794,2)*R804","v":{"v":1615.3600000000001,"d":"R$ 1,615.36"}}]
[{"$nulls":15},"12","Casa 12",1.28,{"$f":"ROUND(K794,2)*R805","v":{"v":1615.3600000000001,"d":"R$ 1,615.36"}}]
[{"$nulls":15},"13","Casa 13",1.28,{"$f":"ROUND(K794,2)*R806","v":{"v":1615.3600000000001,"d":"R$ 1,615.36"}}]
[{"$nulls":15},"14","Casa 14",1.28,{"$f":"ROUND(K794,2)*R807","v":{"v":1615.3600000000001,"d":"R$ 1,615.36"}}]
[{"$nulls":15},"15","Casa 15",1.28,{"$f":"ROUND(K794,2)*R808","v":{"v":1615.3600000000001,"d":"R$ 1,615.36"}}]
[{"$nulls":15},"16","Casa 16",1.28,{"$f":"ROUND(K794,2)*R809","v":{"v":1615.3600000000001,"d":"R$ 1,615.36"}}]
[{"$nulls":15},"17","Casa 17",1.28,{"$f":"ROUND(K794,2)*R810","v":{"v":1615.3600000000001,"d":"R$ 1,615.36"}}]
[{"$nulls":15},"18","Casa 18",1.28,{"$f":"ROUND(K794,2)*R811","v":{"v":1615.3600000000001,"d":"R$ 1,615.36"}}]
[{"$nulls":15},"19","Casa 19",1.28,{"$f":"ROUND(K794,2)*R812","v":{"v":1615.3600000000001,"d":"R$ 1,615.36"}}]
[{"$nulls":15},"20","Casa 20",1.28,{"$f":"ROUND(K794,2)*R813","v":{"v":1615.3600000000001,"d":"R$ 1,615.36"}}]
[{"$nulls":15},"21","Casa 21",1.28,{"$f":"ROUND(K794,2)*R814","v":{"v":1615.3600000000001,"d":"R$ 1,615.36"}}]
[{"$nulls":15},"22","Casa 22",1.28,{"$f":"ROUND(K794,2)*R815","v":{"v":1615.3600000000001,"d":"R$ 1,615.36"}}]
[{"$nulls":15},"23","Casa 23",1.28,{"$f":"ROUND(K794,2)*R816","v":{"v":1615.3600000000001,"d":"R$ 1,615.36"}}]
[{"$nulls":15},"24","Casa 24",1.28,{"$f":"ROUND(K794,2)*R817","v":{"v":1615.3600000000001,"d":"R$ 1,615.36"}}]
[{"$nulls":15},"25","Casa 25",1.28,{"$f":"ROUND(K794,2)*R818","v":{"v":1615.3600000000001,"d":"R$ 1,615.36"}}]
["Serviço","6.10","Composição","103682_ADP-01","CONCRETAGEM DE VIGAS E LAJES, FCK=20 MPA, PARA QUALQUER TIPO DE LAJE COM BALDES EM EDIFICAÇÃO TÉRREA - LANÇAMENTO, ADENSAMENTO E ACABAMENTO.",{"$f":"R819+R820+R821+R822+R823+R824+R825+R826+R827+R828+R829+R830+R831+R832+R833+R834+R835+R836+R837+R838+R839+R840+R841+R842+R843","v":{"v":44.500000000000014,"d":"44.50"}},"M3",{"v":1026.83,"d":"R$ 1,026.83"},{"v":1026.83,"d":"R$ 1,026.83"},{"v":0.25,"d":"25.00%"},{"$f":"ROUND(I819,2)+(ROUND(I819,2)*J819)","v":{"v":1283.5375,"d":"R$ 1,283.54"}},{"$f":"ROUND(S819,2)+ROUND(S820,2)+ROUND(S821,2)+ROUND(S822,2)+ROUND(S823,2)+ROUND(S824,2)+ROUND(S825,2)+ROUND(S826,2)+ROUND(S827,2)+ROUND(S828,2)+ROUND(S829,2)+ROUND(S830,2)+ROUND(S831,2)+ROUND(S832,2)+ROUND(S833,2)+ROUND(S834,2)+ROUND(S835,2)+ROUND(S836,2)+ROUND(S837,2)+ROUND(S838,2)+ROUND(S839,2)+ROUND(S840,2)+ROUND(S841,2)+ROUND(S842,2)+ROUND(S843,2)","v":{"v":57117.49999999998,"d":"R$ 57,117.50"}},"","6","PILARES, VIGAS E LAJES","1","Casa 1",1.78,{"$f":"ROUND(K819,2)*R819","v":{"v":2284.7012,"d":"R$ 2,284.70"}}]
[{"$nulls":15},"2","Casa 2",1.78,{"$f":"ROUND(K819,2)*R820","v":{"v":2284.7012,"d":"R$ 2,284.70"}}]
[{"$nulls":15},"3","Casa 3",1.78,{"$f":"ROUND(K819,2)*R821","v":{"v":2284.7012,"d":"R$ 2,284.70"}}]
[{"$nulls":15},"4","Casa 4",1.78,{"$f":"ROUND(K819,2)*R822","v":{"v":2284.7012,"d":"R$ 2,284.70"}}]
[{"$nulls":15},"5","Casa 5",1.78,{"$f":"ROUND(K819,2)*R823","v":{"v":2284.7012,"d":"R$ 2,284.70"}}]
[{"$nulls":15},"6","Casa 6",1.78,{"$f":"ROUND(K819,2)*R824","v":{"v":2284.7012,"d":"R$ 2,284.70"}}]
[{"$nulls":15},"7","Casa 7",1.78,{"$f":"ROUND(K819,2)*R825","v":{"v":2284.7012,"d":"R$ 2,284.70"}}]
[{"$nulls":15},"8","Casa 8",1.78,{"$f":"ROUND(K819,2)*R826","v":{"v":2284.7012,"d":"R$ 2,284.70"}}]
[{"$nulls":15},"9","Casa 9",1.78,{"$f":"ROUND(K819,2)*R827","v":{"v":2284.7012,"d":"R$ 2,284.70"}}]
[{"$nulls":15},"10","Casa 10",1.78,{"$f":"ROUND(K819,2)*R828","v":{"v":2284.7012,"d":"R$ 2,284.70"}}]
[{"$nulls":15},"11","Casa 11",1.78,{"$f":"ROUND(K819,2)*R829","v":{"v":2284.7012,"d":"R$ 2,284.70"}}]
[{"$nulls":15},"12","Casa 12",1.78,{"$f":"ROUND(K819,2)*R830","v":{"v":2284.7012,"d":"R$ 2,284.70"}}]
[{"$nulls":15},"13","Casa 13",1.78,{"$f":"ROUND(K819,2)*R831","v":{"v":2284.7012,"d":"R$ 2,284.70"}}]
[{"$nulls":15},"14","Casa 14",1.78,{"$f":"ROUND(K819,2)*R832","v":{"v":2284.7012,"d":"R$ 2,284.70"}}]
[{"$nulls":15},"15","Casa 15",1.78,{"$f":"ROUND(K819,2)*R833","v":{"v":2284.7012,"d":"R$ 2,284.70"}}]
[{"$nulls":15},"16","Casa 16",1.78,{"$f":"ROUND(K819,2)*R834","v":{"v":2284.7012,"d":"R$ 2,284.70"}}]
[{"$nulls":15},"17","Casa 17",1.78,{"$f":"ROUND(K819,2)*R835","v":{"v":2284.7012,"d":"R$ 2,284.70"}}]
[{"$nulls":15},"18","Casa 18",1.78,{"$f":"ROUND(K819,2)*R836","v":{"v":2284.7012,"d":"R$ 2,284.70"}}]
[{"$nulls":15},"19","Casa 19",1.78,{"$f":"ROUND(K819,2)*R837","v":{"v":2284.7012,"d":"R$ 2,284.70"}}]
[{"$nulls":15},"20","Casa 20",1.78,{"$f":"ROUND(K819,2)*R838","v":{"v":2284.7012,"d":"R$ 2,284.70"}}]
[{"$nulls":15},"21","Casa 21",1.78,{"$f":"ROUND(K819,2)*R839","v":{"v":2284.7012,"d":"R$ 2,284.70"}}]
[{"$nulls":15},"22","Casa 22",1.78,{"$f":"ROUND(K819,2)*R840","v":{"v":2284.7012,"d":"R$ 2,284.70"}}]
[{"$nulls":15},"23","Casa 23",1.78,{"$f":"ROUND(K819,2)*R841","v":{"v":2284.7012,"d":"R$ 2,284.70"}}]
[{"$nulls":15},"24","Casa 24",1.78,{"$f":"ROUND(K819,2)*R842","v":{"v":2284.7012,"d":"R$ 2,284.70"}}]
[{"$nulls":15},"25","Casa 25",1.78,{"$f":"ROUND(K819,2)*R843","v":{"v":2284.7012,"d":"R$ 2,284.70"}}]
["Macrosserviço","7","","","ALVENARIA/FECHAMENTOS","","","","","","",{"$f":"ROUND(L845,2)+ROUND(L870,2)+ROUND(L895,2)","v":{"v":289774.5,"d":"R$ 289,774.50"}},"","","","","","",""]
["Serviço","7.1","SINAPI","103328","ALVENARIA DE VEDAÇÃO DE BLOCOS CERÂMICOS FURADOS NA HORIZONTAL DE 9X19X19 CM (ESPESSURA 9 CM) E ARGAMASSA DE ASSENTAMENTO COM PREPARO EM BETONEIRA. AF_12/2021",{"$f":"R845+R846+R847+R848+R849+R850+R851+R852+R853+R854+R855+R856+R857+R858+R859+R860+R861+R862+R863+R864+R865+R866+R867+R868+R869","v":{"v":2162.5,"d":"2,162.50"}},"M2",{"v":100.36,"d":"R$ 100.36"},{"v":100.36,"d":"R$ 100.36"},{"v":0.25,"d":"25.00%"},{"$f":"ROUND(I845,2)+(ROUND(I845,2)*J845)","v":{"v":125.45,"d":"R$ 125.45"}},{"$f":"ROUND(S845,2)+ROUND(S846,2)+ROUND(S847,2)+ROUND(S848,2)+ROUND(S849,2)+ROUND(S850,2)+ROUND(S851,2)+ROUND(S852,2)+ROUND(S853,2)+ROUND(S854,2)+ROUND(S855,2)+ROUND(S856,2)+ROUND(S857,2)+ROUND(S858,2)+ROUND(S859,2)+ROUND(S860,2)+ROUND(S861,2)+ROUND(S862,2)+ROUND(S863,2)+ROUND(S864,2)+ROUND(S865,2)+ROUND(S866,2)+ROUND(S867,2)+ROUND(S868,2)+ROUND(S869,2)","v":{"v":271285.7499999999,"d":"R$ 271,285.75"}},"","7","ALVENARIA/FECHAMENTOS","1","Casa 1",{"v":86.5,"d":"86.50"},{"$f":"ROUND(K845,2)*R845","v":{"v":10851.425000000001,"d":"R$ 10,851.43"}}]
[{"$nulls":15},"2","Casa 2",{"v":86.5,"d":"86.50"},{"$f":"ROUND(K845,2)*R846","v":{"v":10851.425000000001,"d":"R$ 10,851.43"}}]
[{"$nulls":15},"3","Casa 3",{"v":86.5,"d":"86.50"},{"$f":"ROUND(K845,2)*R847","v":{"v":10851.425000000001,"d":"R$ 10,851.43"}}]
[{"$nulls":15},"4","Casa 4",{"v":86.5,"d":"86.50"},{"$f":"ROUND(K845,2)*R848","v":{"v":10851.425000000001,"d":"R$ 10,851.43"}}]
[{"$nulls":15},"5","Casa 5",{"v":86.5,"d":"86.50"},{"$f":"ROUND(K845,2)*R849","v":{"v":10851.425000000001,"d":"R$ 10,851.43"}}]
[{"$nulls":15},"6","Casa 6",{"v":86.5,"d":"86.50"},{"$f":"ROUND(K845,2)*R850","v":{"v":10851.425000000001,"d":"R$ 10,851.43"}}]
[{"$nulls":15},"7","Casa 7",{"v":86.5,"d":"86.50"},{"$f":"ROUND(K845,2)*R851","v":{"v":10851.425000000001,"d":"R$ 10,851.43"}}]
[{"$nulls":15},"8","Casa 8",{"v":86.5,"d":"86.50"},{"$f":"ROUND(K845,2)*R852","v":{"v":10851.425000000001,"d":"R$ 10,851.43"}}]
[{"$nulls":15},"9","Casa 9",{"v":86.5,"d":"86.50"},{"$f":"ROUND(K845,2)*R853","v":{"v":10851.425000000001,"d":"R$ 10,851.43"}}]
[{"$nulls":15},"10","Casa 10",{"v":86.5,"d":"86.50"},{"$f":"ROUND(K845,2)*R854","v":{"v":10851.425000000001,"d":"R$ 10,851.43"}}]
[{"$nulls":15},"11","Casa 11",{"v":86.5,"d":"86.50"},{"$f":"ROUND(K845,2)*R855","v":{"v":10851.425000000001,"d":"R$ 10,851.43"}}]
[{"$nulls":15},"12","Casa 12",{"v":86.5,"d":"86.50"},{"$f":"ROUND(K845,2)*R856","v":{"v":10851.425000000001,"d":"R$ 10,851.43"}}]
[{"$nulls":15},"13","Casa 13",{"v":86.5,"d":"86.50"},{"$f":"ROUND(K845,2)*R857","v":{"v":10851.425000000001,"d":"R$ 10,851.43"}}]
[{"$nulls":15},"14","Casa 14",{"v":86.5,"d":"86.50"},{"$f":"ROUND(K845,2)*R858","v":{"v":10851.425000000001,"d":"R$ 10,851.43"}}]
[{"$nulls":15},"15","Casa 15",{"v":86.5,"d":"86.50"},{"$f":"ROUND(K845,2)*R859","v":{"v":10851.425000000001,"d":"R$ 10,851.43"}}]
[{"$nulls":15},"16","Casa 16",{"v":86.5,"d":"86.50"},{"$f":"ROUND(K845,2)*R860","v":{"v":10851.425000000001,"d":"R$ 10,851.43"}}]
[{"$nulls":15},"17","Casa 17",{"v":86.5,"d":"86.50"},{"$f":"ROUND(K845,2)*R861","v":{"v":10851.425000000001,"d":"R$ 10,851.43"}}]
[{"$nulls":15},"18","Casa 18",{"v":86.5,"d":"86.50"},{"$f":"ROUND(K845,2)*R862","v":{"v":10851.425000000001,"d":"R$ 10,851.43"}}]
[{"$nulls":15},"19","Casa 19",{"v":86.5,"d":"86.50"},{"$f":"ROUND(K845,2)*R863","v":{"v":10851.425000000001,"d":"R$ 10,851.43"}}]
[{"$nulls":15},"20","Casa 20",{"v":86.5,"d":"86.50"},{"$f":"ROUND(K845,2)*R864","v":{"v":10851.425000000001,"d":"R$ 10,851.43"}}]
[{"$nulls":15},"21","Casa 21",{"v":86.5,"d":"86.50"},{"$f":"ROUND(K845,2)*R865","v":{"v":10851.425000000001,"d":"R$ 10,851.43"}}]
[{"$nulls":15},"22","Casa 22",{"v":86.5,"d":"86.50"},{"$f":"ROUND(K845,2)*R866","v":{"v":10851.425000000001,"d":"R$ 10,851.43"}}]
[{"$nulls":15},"23","Casa 23",{"v":86.5,"d":"86.50"},{"$f":"ROUND(K845,2)*R867","v":{"v":10851.425000000001,"d":"R$ 10,851.43"}}]
[{"$nulls":15},"24","Casa 24",{"v":86.5,"d":"86.50"},{"$f":"ROUND(K845,2)*R868","v":{"v":10851.425000000001,"d":"R$ 10,851.43"}}]
[{"$nulls":15},"25","Casa 25",{"v":86.5,"d":"86.50"},{"$f":"ROUND(K845,2)*R869","v":{"v":10851.425000000001,"d":"R$ 10,851.43"}}]
["Serviço","7.2","SINAPI","105022","VERGA PRÉ-MOLDADA COM ATÉ 1,5 M DE VÃO, ESPESSURA DE *10* CM. AF_03/2024",{"$f":"R870+R871+R872+R873+R874+R875+R876+R877+R878+R879+R880+R881+R882+R883+R884+R885+R886+R887+R888+R889+R890+R891+R892+R893+R894","v":{"v":404.99999999999983,"d":"405.00"}},"M",{"v":23.43,"d":"R$ 23.43"},{"v":23.43,"d":"R$ 23.43"},{"v":0.25,"d":"25.00%"},{"$f":"ROUND(I870,2)+(ROUND(I870,2)*J870)","v":{"v":29.2875,"d":"R$ 29.29"}},{"$f":"ROUND(S870,2)+ROUND(S871,2)+ROUND(S872,2)+ROUND(S873,2)+ROUND(S874,2)+ROUND(S875,2)+ROUND(S876,2)+ROUND(S877,2)+ROUND(S878,2)+ROUND(S879,2)+ROUND(S880,2)+ROUND(S881,2)+ROUND(S882,2)+ROUND(S883,2)+ROUND(S884,2)+ROUND(S885,2)+ROUND(S886,2)+ROUND(S887,2)+ROUND(S888,2)+ROUND(S889,2)+ROUND(S890,2)+ROUND(S891,2)+ROUND(S892,2)+ROUND(S893,2)+ROUND(S894,2)","v":{"v":11862.5,"d":"R$ 11,862.50"}},"","7","ALVENARIA/FECHAMENTOS","1","Casa 1",{"v":16.2,"d":"16.20"},{"$f":"ROUND(K870,2)*R870","v":{"v":474.498,"d":"R$ 474.50"}}]
[{"$nulls":15},"2","Casa 2",{"v":16.2,"d":"16.20"},{"$f":"ROUND(K870,2)*R871","v":{"v":474.498,"d":"R$ 474.50"}}]
[{"$nulls":15},"3","Casa 3",{"v":16.2,"d":"16.20"},{"$f":"ROUND(K870,2)*R872","v":{"v":474.498,"d":"R$ 474.50"}}]
[{"$nulls":15},"4","Casa 4",{"v":16.2,"d":"16.20"},{"$f":"ROUND(K870,2)*R873","v":{"v":474.498,"d":"R$ 474.50"}}]
[{"$nulls":15},"5","Casa 5",{"v":16.2,"d":"16.20"},{"$f":"ROUND(K870,2)*R874","v":{"v":474.498,"d":"R$ 474.50"}}]
[{"$nulls":15},"6","Casa 6",{"v":16.2,"d":"16.20"},{"$f":"ROUND(K870,2)*R875","v":{"v":474.498,"d":"R$ 474.50"}}]
[{"$nulls":15},"7","Casa 7",{"v":16.2,"d":"16.20"},{"$f":"ROUND(K870,2)*R876","v":{"v":474.498,"d":"R$ 474.50"}}]
[{"$nulls":15},"8","Casa 8",{"v":16.2,"d":"16.20"},{"$f":"ROUND(K870,2)*R877","v":{"v":474.498,"d":"R$ 474.50"}}]
[{"$nulls":15},"9","Casa 9",{"v":16.2,"d":"16.20"},{"$f":"ROUND(K870,2)*R878","v":{"v":474.498,"d":"R$ 474.50"}}]
[{"$nulls":15},"10","Casa 10",{"v":16.2,"d":"16.20"},{"$f":"ROUND(K870,2)*R879","v":{"v":474.498,"d":"R$ 474.50"}}]
[{"$nulls":15},"11","Casa 11",{"v":16.2,"d":"16.20"},{"$f":"ROUND(K870,2)*R880","v":{"v":474.498,"d":"R$ 474.50"}}]
[{"$nulls":15},"12","Casa 12",{"v":16.2,"d":"16.20"},{"$f":"ROUND(K870,2)*R881","v":{"v":474.498,"d":"R$ 474.50"}}]
[{"$nulls":15},"13","Casa 13",{"v":16.2,"d":"16.20"},{"$f":"ROUND(K870,2)*R882","v":{"v":474.498,"d":"R$ 474.50"}}]
[{"$nulls":15},"14","Casa 14",{"v":16.2,"d":"16.20"},{"$f":"ROUND(K870,2)*R883","v":{"v":474.498,"d":"R$ 474.50"}}]
[{"$nulls":15},"15","Casa 15",{"v":16.2,"d":"16.20"},{"$f":"ROUND(K870,2)*R884","v":{"v":474.498,"d":"R$ 474.50"}}]
[{"$nulls":15},"16","Casa 16",{"v":16.2,"d":"16.20"},{"$f":"ROUND(K870,2)*R885","v":{"v":474.498,"d":"R$ 474.50"}}]
[{"$nulls":15},"17","Casa 17",{"v":16.2,"d":"16.20"},{"$f":"ROUND(K870,2)*R886","v":{"v":474.498,"d":"R$ 474.50"}}]
[{"$nulls":15},"18","Casa 18",{"v":16.2,"d":"16.20"},{"$f":"ROUND(K870,2)*R887","v":{"v":474.498,"d":"R$ 474.50"}}]
[{"$nulls":15},"19","Casa 19",{"v":16.2,"d":"16.20"},{"$f":"ROUND(K870,2)*R888","v":{"v":474.498,"d":"R$ 474.50"}}]
[{"$nulls":15},"20","Casa 20",{"v":16.2,"d":"16.20"},{"$f":"ROUND(K870,2)*R889","v":{"v":474.498,"d":"R$ 474.50"}}]
[{"$nulls":15},"21","Casa 21",{"v":16.2,"d":"16.20"},{"$f":"ROUND(K870,2)*R890","v":{"v":474.498,"d":"R$ 474.50"}}]
[{"$nulls":15},"22","Casa 22",{"v":16.2,"d":"16.20"},{"$f":"ROUND(K870,2)*R891","v":{"v":474.498,"d":"R$ 474.50"}}]
[{"$nulls":15},"23","Casa 23",{"v":16.2,"d":"16.20"},{"$f":"ROUND(K870,2)*R892","v":{"v":474.498,"d":"R$ 474.50"}}]
[{"$nulls":15},"24","Casa 24",{"v":16.2,"d":"16.20"},{"$f":"ROUND(K870,2)*R893","v":{"v":474.498,"d":"R$ 474.50"}}]
[{"$nulls":15},"25","Casa 25",{"v":16.2,"d":"16.20"},{"$f":"ROUND(K870,2)*R894","v":{"v":474.498,"d":"R$ 474.50"}}]
["Serviço","7.3","SINAPI","105028","CONTRAVERGA PRÉ-MOLDADA, ESPESSURA DE *10* CM. AF_03/2024",{"$f":"R895+R896+R897+R898+R899+R900+R901+R902+R903+R904+R905+R906+R907+R908+R909+R910+R911+R912+R913+R914+R915+R916+R917+R918+R919","v":{"v":229.9999999999999,"d":"230.00"}},"M",{"v":23.05,"d":"R$ 23.05"},{"v":23.05,"d":"R$ 23.05"},{"v":0.25,"d":"25.00%"},{"$f":"ROUND(I895,2)+(ROUND(I895,2)*J895)","v":{"v":28.8125,"d":"R$ 28.81"}},{"$f":"ROUND(S895,2)+ROUND(S896,2)+ROUND(S897,2)+ROUND(S898,2)+ROUND(S899,2)+ROUND(S900,2)+ROUND(S901,2)+ROUND(S902,2)+ROUND(S903,2)+ROUND(S904,2)+ROUND(S905,2)+ROUND(S906,2)+ROUND(S907,2)+ROUND(S908,2)+ROUND(S909,2)+ROUND(S910,2)+ROUND(S911,2)+ROUND(S912,2)+ROUND(S913,2)+ROUND(S914,2)+ROUND(S915,2)+ROUND(S916,2)+ROUND(S917,2)+ROUND(S918,2)+ROUND(S919,2)","v":{"v":6626.250000000003,"d":"R$ 6,626.25"}},"","7","ALVENARIA/FECHAMENTOS","1","Casa 1",{"v":9.2,"d":"9.20"},{"$f":"ROUND(K895,2)*R895","v":{"v":265.05199999999996,"d":"R$ 265.05"}}]
[{"$nulls":15},"2","Casa 2",{"v":9.2,"d":"9.20"},{"$f":"ROUND(K895,2)*R896","v":{"v":265.05199999999996,"d":"R$ 265.05"}}]
[{"$nulls":15},"3","Casa 3",{"v":9.2,"d":"9.20"},{"$f":"ROUND(K895,2)*R897","v":{"v":265.05199999999996,"d":"R$ 265.05"}}]
[{"$nulls":15},"4","Casa 4",{"v":9.2,"d":"9.20"},{"$f":"ROUND(K895,2)*R898","v":{"v":265.05199999999996,"d":"R$ 265.05"}}]
[{"$nulls":15},"5","Casa 5",{"v":9.2,"d":"9.20"},{"$f":"ROUND(K895,2)*R899","v":{"v":265.05199999999996,"d":"R$ 265.05"}}]
[{"$nulls":15},"6","Casa 6",{"v":9.2,"d":"9.20"},{"$f":"ROUND(K895,2)*R900","v":{"v":265.05199999999996,"d":"R$ 265.05"}}]
[{"$nulls":15},"7","Casa 7",{"v":9.2,"d":"9.20"},{"$f":"ROUND(K895,2)*R901","v":{"v":265.05199999999996,"d":"R$ 265.05"}}]
[{"$nulls":15},"8","Casa 8",{"v":9.2,"d":"9.20"},{"$f":"ROUND(K895,2)*R902","v":{"v":265.05199999999996,"d":"R$ 265.05"}}]
[{"$nulls":15},"9","Casa 9",{"v":9.2,"d":"9.20"},{"$f":"ROUND(K895,2)*R903","v":{"v":265.05199999999996,"d":"R$ 265.05"}}]
[{"$nulls":15},"10","Casa 10",{"v":9.2,"d":"9.20"},{"$f":"ROUND(K895,2)*R904","v":{"v":265.05199999999996,"d":"R$ 265.05"}}]
[{"$nulls":15},"11","Casa 11",{"v":9.2,"d":"9.20"},{"$f":"ROUND(K895,2)*R905","v":{"v":265.05199999999996,"d":"R$ 265.05"}}]
[{"$nulls":15},"12","Casa 12",{"v":9.2,"d":"9.20"},{"$f":"ROUND(K895,2)*R906","v":{"v":265.05199999999996,"d":"R$ 265.05"}}]
[{"$nulls":15},"13","Casa 13",{"v":9.2,"d":"9.20"},{"$f":"ROUND(K895,2)*R907","v":{"v":265.05199999999996,"d":"R$ 265.05"}}]
[{"$nulls":15},"14","Casa 14",{"v":9.2,"d":"9.20"},{"$f":"ROUND(K895,2)*R908","v":{"v":265.05199999999996,"d":"R$ 265.05"}}]
[{"$nulls":15},"15","Casa 15",{"v":9.2,"d":"9.20"},{"$f":"ROUND(K895,2)*R909","v":{"v":265.05199999999996,"d":"R$ 265.05"}}]
[{"$nulls":15},"16","Casa 16",{"v":9.2,"d":"9.20"},{"$f":"ROUND(K895,2)*R910","v":{"v":265.05199999999996,"d":"R$ 265.05"}}]
[{"$nulls":15},"17","Casa 17",{"v":9.2,"d":"9.20"},{"$f":"ROUND(K895,2)*R911","v":{"v":265.05199999999996,"d":"R$ 265.05"}}]
[{"$nulls":15},"18","Casa 18",{"v":9.2,"d":"9.20"},{"$f":"ROUND(K895,2)*R912","v":{"v":265.05199999999996,"d":"R$ 265.05"}}]
[{"$nulls":15},"19","Casa 19",{"v":9.2,"d":"9.20"},{"$f":"ROUND(K895,2)*R913","v":{"v":265.05199999999996,"d":"R$ 265.05"}}]
[{"$nulls":15},"20","Casa 20",{"v":9.2,"d":"9.20"},{"$f":"ROUND(K895,2)*R914","v":{"v":265.05199999999996,"d":"R$ 265.05"}}]
[{"$nulls":15},"21","Casa 21",{"v":9.2,"d":"9.20"},{"$f":"ROUND(K895,2)*R915","v":{"v":265.05199999999996,"d":"R$ 265.05"}}]
[{"$nulls":15},"22","Casa 22",{"v":9.2,"d":"9.20"},{"$f":"ROUND(K895,2)*R916","v":{"v":265.05199999999996,"d":"R$ 265.05"}}]
[{"$nulls":15},"23","Casa 23",{"v":9.2,"d":"9.20"},{"$f":"ROUND(K895,2)*R917","v":{"v":265.05199999999996,"d":"R$ 265.05"}}]
[{"$nulls":15},"24","Casa 24",{"v":9.2,"d":"9.20"},{"$f":"ROUND(K895,2)*R918","v":{"v":265.05199999999996,"d":"R$ 265.05"}}]
[{"$nulls":15},"25","Casa 25",{"v":9.2,"d":"9.20"},{"$f":"ROUND(K895,2)*R919","v":{"v":265.05199999999996,"d":"R$ 265.05"}}]
["Macrosserviço","8","","","ESQUADRIAS METÁLICAS","","","","","","",{"$f":"ROUND(L921,2)+ROUND(L946,2)+ROUND(L971,2)+ROUND(L996,2)+ROUND(L1021,2)+ROUND(L1046,2)","v":{"v":207700.75,"d":"R$ 207,700.75"}},"","","","","","",""]
["Serviço","8.1","SINAPI","91338","PORTA DE ALUMÍNIO DE ABRIR COM LAMBRI, COM GUARNIÇÃO, FIXAÇÃO COM PARAFUSOS - FORNECIMENTO E INSTALAÇÃO. AF_12/2019",{"$f":"R921+R922+R923+R924+R925+R926+R927+R928+R929+R930+R931+R932+R933+R934+R935+R936+R937+R938+R939+R940+R941+R942+R943+R944+R945","v":{"v":84,"d":"84.00"}},"M2",{"v":810.58,"d":"R$ 810.58"},{"v":810.58,"d":"R$ 810.58"},{"v":0.25,"d":"25.00%"},{"$f":"ROUND(I921,2)+(ROUND(I921,2)*J921)","v":{"v":1013.225,"d":"R$ 1,013.23"}},{"$f":"ROUND(S921,2)+ROUND(S922,2)+ROUND(S923,2)+ROUND(S924,2)+ROUND(S925,2)+ROUND(S926,2)+ROUND(S927,2)+ROUND(S928,2)+ROUND(S929,2)+ROUND(S930,2)+ROUND(S931,2)+ROUND(S932,2)+ROUND(S933,2)+ROUND(S934,2)+ROUND(S935,2)+ROUND(S936,2)+ROUND(S937,2)+ROUND(S938,2)+ROUND(S939,2)+ROUND(S940,2)+ROUND(S941,2)+ROUND(S942,2)+ROUND(S943,2)+ROUND(S944,2)+ROUND(S945,2)","v":{"v":85111.24999999996,"d":"R$ 85,111.25"}},"","8","ESQUADRIAS METÁLICAS","1","Casa 1",3.36,{"$f":"ROUND(K921,2)*R921","v":{"v":3404.4528,"d":"R$ 3,404.45"}}]
[{"$nulls":15},"2","Casa 2",3.36,{"$f":"ROUND(K921,2)*R922","v":{"v":3404.4528,"d":"R$ 3,404.45"}}]
[{"$nulls":15},"3","Casa 3",3.36,{"$f":"ROUND(K921,2)*R923","v":{"v":3404.4528,"d":"R$ 3,404.45"}}]
[{"$nulls":15},"4","Casa 4",3.36,{"$f":"ROUND(K921,2)*R924","v":{"v":3404.4528,"d":"R$ 3,404.45"}}]
[{"$nulls":15},"5","Casa 5",3.36,{"$f":"ROUND(K921,2)*R925","v":{"v":3404.4528,"d":"R$ 3,404.45"}}]
[{"$nulls":15},"6","Casa 6",3.36,{"$f":"ROUND(K921,2)*R926","v":{"v":3404.4528,"d":"R$ 3,404.45"}}]
[{"$nulls":15},"7","Casa 7",3.36,{"$f":"ROUND(K921,2)*R927","v":{"v":3404.4528,"d":"R$ 3,404.45"}}]
[{"$nulls":15},"8","Casa 8",3.36,{"$f":"ROUND(K921,2)*R928","v":{"v":3404.4528,"d":"R$ 3,404.45"}}]
[{"$nulls":15},"9","Casa 9",3.36,{"$f":"ROUND(K921,2)*R929","v":{"v":3404.4528,"d":"R$ 3,404.45"}}]
[{"$nulls":15},"10","Casa 10",3.36,{"$f":"ROUND(K921,2)*R930","v":{"v":3404.4528,"d":"R$ 3,404.45"}}]
[{"$nulls":15},"11","Casa 11",3.36,{"$f":"ROUND(K921,2)*R931","v":{"v":3404.4528,"d":"R$ 3,404.45"}}]
[{"$nulls":15},"12","Casa 12",3.36,{"$f":"ROUND(K921,2)*R932","v":{"v":3404.4528,"d":"R$ 3,404.45"}}]
[{"$nulls":15},"13","Casa 13",3.36,{"$f":"ROUND(K921,2)*R933","v":{"v":3404.4528,"d":"R$ 3,404.45"}}]
[{"$nulls":15},"14","Casa 14",3.36,{"$f":"ROUND(K921,2)*R934","v":{"v":3404.4528,"d":"R$ 3,404.45"}}]
[{"$nulls":15},"15","Casa 15",3.36,{"$f":"ROUND(K921,2)*R935","v":{"v":3404.4528,"d":"R$ 3,404.45"}}]
[{"$nulls":15},"16","Casa 16",3.36,{"$f":"ROUND(K921,2)*R936","v":{"v":3404.4528,"d":"R$ 3,404.45"}}]
[{"$nulls":15},"17","Casa 17",3.36,{"$f":"ROUND(K921,2)*R937","v":{"v":3404.4528,"d":"R$ 3,404.45"}}]
[{"$nulls":15},"18","Casa 18",3.36,{"$f":"ROUND(K921,2)*R938","v":{"v":3404.4528,"d":"R$ 3,404.45"}}]
[{"$nulls":15},"19","Casa 19",3.36,{"$f":"ROUND(K921,2)*R939","v":{"v":3404.4528,"d":"R$ 3,404.45"}}]
[{"$nulls":15},"20","Casa 20",3.36,{"$f":"ROUND(K921,2)*R940","v":{"v":3404.4528,"d":"R$ 3,404.45"}}]
[{"$nulls":15},"21","Casa 21",3.36,{"$f":"ROUND(K921,2)*R941","v":{"v":3404.4528,"d":"R$ 3,404.45"}}]
[{"$nulls":15},"22","Casa 22",3.36,{"$f":"ROUND(K921,2)*R942","v":{"v":3404.4528,"d":"R$ 3,404.45"}}]
[{"$nulls":15},"23","Casa 23",3.36,{"$f":"ROUND(K921,2)*R943","v":{"v":3404.4528,"d":"R$ 3,404.45"}}]
[{"$nulls":15},"24","Casa 24",3.36,{"$f":"ROUND(K921,2)*R944","v":{"v":3404.4528,"d":"R$ 3,404.45"}}]
[{"$nulls":15},"25","Casa 25",3.36,{"$f":"ROUND(K921,2)*R945","v":{"v":3404.4528,"d":"R$ 3,404.45"}}]
["Serviço","8.2","SINAPI","94570","JANELA DE ALUMÍNIO DE CORRER COM 2 FOLHAS PARA VIDROS (VIDROS INCLUSOS), BATENTE/ REQUADRO 6 A 14 CM, ACABAMENTO COM ACETATO OU BRILHANTE, FIXAÇÃO COM PARAFUSO, SEM GUARNIÇÃO/ ALIZAR, DIMENSÕES 100X120 CM, VEDAÇÃO COM SILICONE, EXCLUSIVE CONTRAMARCO - FORNECIMENTO E INSTALAÇÃO. AF_11/2024",{"$f":"R946+R947+R948+R949+R950+R951+R952+R953+R954+R955+R956+R957+R958+R959+R960+R961+R962+R963+R964+R965+R966+R967+R968+R969+R970","v":{"v":65.00000000000001,"d":"65.00"}},"M2",{"v":304.72,"d":"R$ 304.72"},{"v":304.72,"d":"R$ 304.72"},{"v":0.25,"d":"25.00%"},{"$f":"ROUND(I946,2)+(ROUND(I946,2)*J946)","v":{"v":380.90000000000003,"d":"R$ 380.90"}},{"$f":"ROUND(S946,2)+ROUND(S947,2)+ROUND(S948,2)+ROUND(S949,2)+ROUND(S950,2)+ROUND(S951,2)+ROUND(S952,2)+ROUND(S953,2)+ROUND(S954,2)+ROUND(S955,2)+ROUND(S956,2)+ROUND(S957,2)+ROUND(S958,2)+ROUND(S959,2)+ROUND(S960,2)+ROUND(S961,2)+ROUND(S962,2)+ROUND(S963,2)+ROUND(S964,2)+ROUND(S965,2)+ROUND(S966,2)+ROUND(S967,2)+ROUND(S968,2)+ROUND(S969,2)+ROUND(S970,2)","v":{"v":24758.5,"d":"R$ 24,758.50"}},"","8","ESQUADRIAS METÁLICAS","1","Casa 1",{"v":2.6,"d":"2.60"},{"$f":"ROUND(K946,2)*R946","v":{"v":990.3399999999999,"d":"R$ 990.34"}}]
[{"$nulls":15},"2","Casa 2",{"v":2.6,"d":"2.60"},{"$f":"ROUND(K946,2)*R947","v":{"v":990.3399999999999,"d":"R$ 990.34"}}]
[{"$nulls":15},"3","Casa 3",{"v":2.6,"d":"2.60"},{"$f":"ROUND(K946,2)*R948","v":{"v":990.3399999999999,"d":"R$ 990.34"}}]
[{"$nulls":15},"4","Casa 4",{"v":2.6,"d":"2.60"},{"$f":"ROUND(K946,2)*R949","v":{"v":990.3399999999999,"d":"R$ 990.34"}}]
[{"$nulls":15},"5","Casa 5",{"v":2.6,"d":"2.60"},{"$f":"ROUND(K946,2)*R950","v":{"v":990.3399999999999,"d":"R$ 990.34"}}]
[{"$nulls":15},"6","Casa 6",{"v":2.6,"d":"2.60"},{"$f":"ROUND(K946,2)*R951","v":{"v":990.3399999999999,"d":"R$ 990.34"}}]
[{"$nulls":15},"7","Casa 7",{"v":2.6,"d":"2.60"},{"$f":"ROUND(K946,2)*R952","v":{"v":990.3399999999999,"d":"R$ 990.34"}}]
[{"$nulls":15},"8","Casa 8",{"v":2.6,"d":"2.60"},{"$f":"ROUND(K946,2)*R953","v":{"v":990.3399999999999,"d":"R$ 990.34"}}]
[{"$nulls":15},"9","Casa 9",{"v":2.6,"d":"2.60"},{"$f":"ROUND(K946,2)*R954","v":{"v":990.3399999999999,"d":"R$ 990.34"}}]
[{"$nulls":15},"10","Casa 10",{"v":2.6,"d":"2.60"},{"$f":"ROUND(K946,2)*R955","v":{"v":990.3399999999999,"d":"R$ 990.34"}}]
[{"$nulls":15},"11","Casa 11",{"v":2.6,"d":"2.60"},{"$f":"ROUND(K946,2)*R956","v":{"v":990.3399999999999,"d":"R$ 990.34"}}]
[{"$nulls":15},"12","Casa 12",{"v":2.6,"d":"2.60"},{"$f":"ROUND(K946,2)*R957","v":{"v":990.3399999999999,"d":"R$ 990.34"}}]
[{"$nulls":15},"13","Casa 13",{"v":2.6,"d":"2.60"},{"$f":"ROUND(K946,2)*R958","v":{"v":990.3399999999999,"d":"R$ 990.34"}}]
[{"$nulls":15},"14","Casa 14",{"v":2.6,"d":"2.60"},{"$f":"ROUND(K946,2)*R959","v":{"v":990.3399999999999,"d":"R$ 990.34"}}]
[{"$nulls":15},"15","Casa 15",{"v":2.6,"d":"2.60"},{"$f":"ROUND(K946,2)*R960","v":{"v":990.3399999999999,"d":"R$ 990.34"}}]
[{"$nulls":15},"16","Casa 16",{"v":2.6,"d":"2.60"},{"$f":"ROUND(K946,2)*R961","v":{"v":990.3399999999999,"d":"R$ 990.34"}}]
[{"$nulls":15},"17","Casa 17",{"v":2.6,"d":"2.60"},{"$f":"ROUND(K946,2)*R962","v":{"v":990.3399999999999,"d":"R$ 990.34"}}]
[{"$nulls":15},"18","Casa 18",{"v":2.6,"d":"2.60"},{"$f":"ROUND(K946,2)*R963","v":{"v":990.3399999999999,"d":"R$ 990.34"}}]
[{"$nulls":15},"19","Casa 19",{"v":2.6,"d":"2.60"},{"$f":"ROUND(K946,2)*R964","v":{"v":990.3399999999999,"d":"R$ 990.34"}}]
[{"$nulls":15},"20","Casa 20",{"v":2.6,"d":"2.60"},{"$f":"ROUND(K946,2)*R965","v":{"v":990.3399999999999,"d":"R$ 990.34"}}]
[{"$nulls":15},"21","Casa 21",{"v":2.6,"d":"2.60"},{"$f":"ROUND(K946,2)*R966","v":{"v":990.3399999999999,"d":"R$ 990.34"}}]
[{"$nulls":15},"22","Casa 22",{"v":2.6,"d":"2.60"},{"$f":"ROUND(K946,2)*R967","v":{"v":990.3399999999999,"d":"R$ 990.34"}}]
[{"$nulls":15},"23","Casa 23",{"v":2.6,"d":"2.60"},{"$f":"ROUND(K946,2)*R968","v":{"v":990.3399999999999,"d":"R$ 990.34"}}]
[{"$nulls":15},"24","Casa 24",{"v":2.6,"d":"2.60"},{"$f":"ROUND(K946,2)*R969","v":{"v":990.3399999999999,"d":"R$ 990.34"}}]
[{"$nulls":15},"25","Casa 25",{"v":2.6,"d":"2.60"},{"$f":"ROUND(K946,2)*R970","v":{"v":990.3399999999999,"d":"R$ 990.34"}}]
["Serviço","8.3","SINAPI","94572","JANELA DE ALUMÍNIO DE CORRER COM 3 FOLHAS (2 VENEZIANAS E 1 FOLHA PARA VIDRO,VIDRO INCLUSO), BATENTE/ REQUADRO 6 A 14 CM, SEM ACABAMENTO, FIXAÇÃO COM PARAFUSO, SEM GUARNIÇÃO/ ALIZAR, DIMENSÕES 100X120 CM, VEDAÇÃO COM SILICONE, EXCLUSIVE CONTRAMARCO - FORNECIMENTO E INSTALAÇÃO. AF_11/2024",{"$f":"R971+R972+R973+R974+R975+R976+R977+R978+R979+R980+R981+R982+R983+R984+R985+R986+R987+R988+R989+R990+R991+R992+R993+R994+R995","v":{"v":69.99999999999997,"d":"70.00"}},"M2",{"v":435.71,"d":"R$ 435.71"},{"v":435.71,"d":"R$ 435.71"},{"v":0.25,"d":"25.00%"},{"$f":"ROUND(I971,2)+(ROUND(I971,2)*J971)","v":{"v":544.6374999999999,"d":"R$ 544.64"}},{"$f":"ROUND(S971,2)+ROUND(S972,2)+ROUND(S973,2)+ROUND(S974,2)+ROUND(S975,2)+ROUND(S976,2)+ROUND(S977,2)+ROUND(S978,2)+ROUND(S979,2)+ROUND(S980,2)+ROUND(S981,2)+ROUND(S982,2)+ROUND(S983,2)+ROUND(S984,2)+ROUND(S985,2)+ROUND(S986,2)+ROUND(S987,2)+ROUND(S988,2)+ROUND(S989,2)+ROUND(S990,2)+ROUND(S991,2)+ROUND(S992,2)+ROUND(S993,2)+ROUND(S994,2)+ROUND(S995,2)","v":{"v":38124.75000000001,"d":"R$ 38,124.75"}},"","8","ESQUADRIAS METÁLICAS","1","Casa 1",{"v":2.8,"d":"2.80"},{"$f":"ROUND(K971,2)*R971","v":{"v":1524.992,"d":"R$ 1,524.99"}}]
[{"$nulls":15},"2","Casa 2",{"v":2.8,"d":"2.80"},{"$f":"ROUND(K971,2)*R972","v":{"v":1524.992,"d":"R$ 1,524.99"}}]
[{"$nulls":15},"3","Casa 3",{"v":2.8,"d":"2.80"},{"$f":"ROUND(K971,2)*R973","v":{"v":1524.992,"d":"R$ 1,524.99"}}]
[{"$nulls":15},"4","Casa 4",{"v":2.8,"d":"2.80"},{"$f":"ROUND(K971,2)*R974","v":{"v":1524.992,"d":"R$ 1,524.99"}}]
[{"$nulls":15},"5","Casa 5",{"v":2.8,"d":"2.80"},{"$f":"ROUND(K971,2)*R975","v":{"v":1524.992,"d":"R$ 1,524.99"}}]
[{"$nulls":15},"6","Casa 6",{"v":2.8,"d":"2.80"},{"$f":"ROUND(K971,2)*R976","v":{"v":1524.992,"d":"R$ 1,524.99"}}]
[{"$nulls":15},"7","Casa 7",{"v":2.8,"d":"2.80"},{"$f":"ROUND(K971,2)*R977","v":{"v":1524.992,"d":"R$ 1,524.99"}}]
[{"$nulls":15},"8","Casa 8",{"v":2.8,"d":"2.80"},{"$f":"ROUND(K971,2)*R978","v":{"v":1524.992,"d":"R$ 1,524.99"}}]
[{"$nulls":15},"9","Casa 9",{"v":2.8,"d":"2.80"},{"$f":"ROUND(K971,2)*R979","v":{"v":1524.992,"d":"R$ 1,524.99"}}]
[{"$nulls":15},"10","Casa 10",{"v":2.8,"d":"2.80"},{"$f":"ROUND(K971,2)*R980","v":{"v":1524.992,"d":"R$ 1,524.99"}}]
[{"$nulls":15},"11","Casa 11",{"v":2.8,"d":"2.80"},{"$f":"ROUND(K971,2)*R981","v":{"v":1524.992,"d":"R$ 1,524.99"}}]
[{"$nulls":15},"12","Casa 12",{"v":2.8,"d":"2.80"},{"$f":"ROUND(K971,2)*R982","v":{"v":1524.992,"d":"R$ 1,524.99"}}]
[{"$nulls":15},"13","Casa 13",{"v":2.8,"d":"2.80"},{"$f":"ROUND(K971,2)*R983","v":{"v":1524.992,"d":"R$ 1,524.99"}}]
[{"$nulls":15},"14","Casa 14",{"v":2.8,"d":"2.80"},{"$f":"ROUND(K971,2)*R984","v":{"v":1524.992,"d":"R$ 1,524.99"}}]
[{"$nulls":15},"15","Casa 15",{"v":2.8,"d":"2.80"},{"$f":"ROUND(K971,2)*R985","v":{"v":1524.992,"d":"R$ 1,524.99"}}]
[{"$nulls":15},"16","Casa 16",{"v":2.8,"d":"2.80"},{"$f":"ROUND(K971,2)*R986","v":{"v":1524.992,"d":"R$ 1,524.99"}}]
[{"$nulls":15},"17","Casa 17",{"v":2.8,"d":"2.80"},{"$f":"ROUND(K971,2)*R987","v":{"v":1524.992,"d":"R$ 1,524.99"}}]
[{"$nulls":15},"18","Casa 18",{"v":2.8,"d":"2.80"},{"$f":"ROUND(K971,2)*R988","v":{"v":1524.992,"d":"R$ 1,524.99"}}]
[{"$nulls":15},"19","Casa 19",{"v":2.8,"d":"2.80"},{"$f":"ROUND(K971,2)*R989","v":{"v":1524.992,"d":"R$ 1,524.99"}}]
[{"$nulls":15},"20","Casa 20",{"v":2.8,"d":"2.80"},{"$f":"ROUND(K971,2)*R990","v":{"v":1524.992,"d":"R$ 1,524.99"}}]
[{"$nulls":15},"21","Casa 21",{"v":2.8,"d":"2.80"},{"$f":"ROUND(K971,2)*R991","v":{"v":1524.992,"d":"R$ 1,524.99"}}]
[{"$nulls":15},"22","Casa 22",{"v":2.8,"d":"2.80"},{"$f":"ROUND(K971,2)*R992","v":{"v":1524.992,"d":"R$ 1,524.99"}}]
[{"$nulls":15},"23","Casa 23",{"v":2.8,"d":"2.80"},{"$f":"ROUND(K971,2)*R993","v":{"v":1524.992,"d":"R$ 1,524.99"}}]
[{"$nulls":15},"24","Casa 24",{"v":2.8,"d":"2.80"},{"$f":"ROUND(K971,2)*R994","v":{"v":1524.992,"d":"R$ 1,524.99"}}]
[{"$nulls":15},"25","Casa 25",{"v":2.8,"d":"2.80"},{"$f":"ROUND(K971,2)*R995","v":{"v":1524.992,"d":"R$ 1,524.99"}}]
["Serviço","8.4","SINAPI","94569","JANELA DE ALUMÍNIO TIPO MAXIM-AR, BATENTE/ REQUADRO 3 A 14 CM, VIDRO INCLUSO, FIXAÇÃO COM PARAFUSO, SEM GUARNIÇÃO/ ALIZAR, DIMENSÕES 60X80 (A X L) CM, SEM ACABAMENTO, VEDAÇÃO COM SILICONE, EXCLUSIVE CONTRAMARCO - FORNECIMENTO E INSTALAÇÃO. AF_11/2024",{"$f":"R996+R997+R998+R999+R1000+R1001+R1002+R1003+R1004+R1005+R1006+R1007+R1008+R1009+R1010+R1011+R1012+R1013+R1014+R1015+R1016+R1017+R1018+R1019+R1020","v":{"v":12.000000000000007,"d":"12.00"}},"M2",{"v":580.93,"d":"R$ 580.93"},{"v":580.93,"d":"R$ 580.93"},{"v":0.25,"d":"25.00%"},{"$f":"ROUND(I996,2)+(ROUND(I996,2)*J996)","v":{"v":726.1624999999999,"d":"R$ 726.16"}},{"$f":"ROUND(S996,2)+ROUND(S997,2)+ROUND(S998,2)+ROUND(S999,2)+ROUND(S1000,2)+ROUND(S1001,2)+ROUND(S1002,2)+ROUND(S1003,2)+ROUND(S1004,2)+ROUND(S1005,2)+ROUND(S1006,2)+ROUND(S1007,2)+ROUND(S1008,2)+ROUND(S1009,2)+ROUND(S1010,2)+ROUND(S1011,2)+ROUND(S1012,2)+ROUND(S1013,2)+ROUND(S1014,2)+ROUND(S1015,2)+ROUND(S1016,2)+ROUND(S1017,2)+ROUND(S1018,2)+ROUND(S1019,2)+ROUND(S1020,2)","v":{"v":8714.000000000004,"d":"R$ 8,714.00"}},"","8","ESQUADRIAS METÁLICAS","1","Casa 1",0.48,{"$f":"ROUND(K996,2)*R996","v":{"v":348.55679999999995,"d":"R$ 348.56"}}]
[{"$nulls":15},"2","Casa 2",0.48,{"$f":"ROUND(K996,2)*R997","v":{"v":348.55679999999995,"d":"R$ 348.56"}}]
[{"$nulls":15},"3","Casa 3",0.48,{"$f":"ROUND(K996,2)*R998","v":{"v":348.55679999999995,"d":"R$ 348.56"}}]
[{"$nulls":15},"4","Casa 4",0.48,{"$f":"ROUND(K996,2)*R999","v":{"v":348.55679999999995,"d":"R$ 348.56"}}]
[{"$nulls":15},"5","Casa 5",0.48,{"$f":"ROUND(K996,2)*R1000","v":{"v":348.55679999999995,"d":"R$ 348.56"}}]
[{"$nulls":15},"6","Casa 6",0.48,{"$f":"ROUND(K996,2)*R1001","v":{"v":348.55679999999995,"d":"R$ 348.56"}}]
[{"$nulls":15},"7","Casa 7",0.48,{"$f":"ROUND(K996,2)*R1002","v":{"v":348.55679999999995,"d":"R$ 348.56"}}]
[{"$nulls":15},"8","Casa 8",0.48,{"$f":"ROUND(K996,2)*R1003","v":{"v":348.55679999999995,"d":"R$ 348.56"}}]
[{"$nulls":15},"9","Casa 9",0.48,{"$f":"ROUND(K996,2)*R1004","v":{"v":348.55679999999995,"d":"R$ 348.56"}}]
[{"$nulls":15},"10","Casa 10",0.48,{"$f":"ROUND(K996,2)*R1005","v":{"v":348.55679999999995,"d":"R$ 348.56"}}]
[{"$nulls":15},"11","Casa 11",0.48,{"$f":"ROUND(K996,2)*R1006","v":{"v":348.55679999999995,"d":"R$ 348.56"}}]
[{"$nulls":15},"12","Casa 12",0.48,{"$f":"ROUND(K996,2)*R1007","v":{"v":348.55679999999995,"d":"R$ 348.56"}}]
[{"$nulls":15},"13","Casa 13",0.48,{"$f":"ROUND(K996,2)*R1008","v":{"v":348.55679999999995,"d":"R$ 348.56"}}]
[{"$nulls":15},"14","Casa 14",0.48,{"$f":"ROUND(K996,2)*R1009","v":{"v":348.55679999999995,"d":"R$ 348.56"}}]
[{"$nulls":15},"15","Casa 15",0.48,{"$f":"ROUND(K996,2)*R1010","v":{"v":348.55679999999995,"d":"R$ 348.56"}}]
[{"$nulls":15},"16","Casa 16",0.48,{"$f":"ROUND(K996,2)*R1011","v":{"v":348.55679999999995,"d":"R$ 348.56"}}]
[{"$nulls":15},"17","Casa 17",0.48,{"$f":"ROUND(K996,2)*R1012","v":{"v":348.55679999999995,"d":"R$ 348.56"}}]
[{"$nulls":15},"18","Casa 18",0.48,{"$f":"ROUND(K996,2)*R1013","v":{"v":348.55679999999995,"d":"R$ 348.56"}}]
[{"$nulls":15},"19","Casa 19",0.48,{"$f":"ROUND(K996,2)*R1014","v":{"v":348.55679999999995,"d":"R$ 348.56"}}]
[{"$nulls":15},"20","Casa 20",0.48,{"$f":"ROUND(K996,2)*R1015","v":{"v":348.55679999999995,"d":"R$ 348.56"}}]
[{"$nulls":15},"21","Casa 21",0.48,{"$f":"ROUND(K996,2)*R1016","v":{"v":348.55679999999995,"d":"R$ 348.56"}}]
[{"$nulls":15},"22","Casa 22",0.48,{"$f":"ROUND(K996,2)*R1017","v":{"v":348.55679999999995,"d":"R$ 348.56"}}]
[{"$nulls":15},"23","Casa 23",0.48,{"$f":"ROUND(K996,2)*R1018","v":{"v":348.55679999999995,"d":"R$ 348.56"}}]
[{"$nulls":15},"24","Casa 24",0.48,{"$f":"ROUND(K996,2)*R1019","v":{"v":348.55679999999995,"d":"R$ 348.56"}}]
[{"$nulls":15},"25","Casa 25",0.48,{"$f":"ROUND(K996,2)*R1020","v":{"v":348.55679999999995,"d":"R$ 348.56"}}]
["Serviço","8.5","SINAPI","94589","CONTRAMARCO DE ALUMÍNIO, FIXAÇÃO COM ARGAMASSA - FORNECIMENTO E INSTALAÇÃO. AF_11/2024",{"$f":"R1021+R1022+R1023+R1024+R1025+R1026+R1027+R1028+R1029+R1030+R1031+R1032+R1033+R1034+R1035+R1036+R1037+R1038+R1039+R1040+R1041+R1042+R1043+R1044+R1045","v":{"v":540.0000000000002,"d":"540.00"}},"M",{"v":21.29,"d":"R$ 21.29"},{"v":21.29,"d":"R$ 21.29"},{"v":0.25,"d":"25.00%"},{"$f":"ROUND(I1021,2)+(ROUND(I1021,2)*J1021)","v":{"v":26.612499999999997,"d":"R$ 26.61"}},{"$f":"ROUND(S1021,2)+ROUND(S1022,2)+ROUND(S1023,2)+ROUND(S1024,2)+ROUND(S1025,2)+ROUND(S1026,2)+ROUND(S1027,2)+ROUND(S1028,2)+ROUND(S1029,2)+ROUND(S1030,2)+ROUND(S1031,2)+ROUND(S1032,2)+ROUND(S1033,2)+ROUND(S1034,2)+ROUND(S1035,2)+ROUND(S1036,2)+ROUND(S1037,2)+ROUND(S1038,2)+ROUND(S1039,2)+ROUND(S1040,2)+ROUND(S1041,2)+ROUND(S1042,2)+ROUND(S1043,2)+ROUND(S1044,2)+ROUND(S1045,2)","v":{"v":14369.500000000004,"d":"R$ 14,369.50"}},"","8","ESQUADRIAS METÁLICAS","1","Casa 1",{"v":21.6,"d":"21.60"},{"$f":"ROUND(K1021,2)*R1021","v":{"v":574.7760000000001,"d":"R$ 574.78"}}]
[{"$nulls":15},"2","Casa 2",{"v":21.6,"d":"21.60"},{"$f":"ROUND(K1021,2)*R1022","v":{"v":574.7760000000001,"d":"R$ 574.78"}}]
[{"$nulls":15},"3","Casa 3",{"v":21.6,"d":"21.60"},{"$f":"ROUND(K1021,2)*R1023","v":{"v":574.7760000000001,"d":"R$ 574.78"}}]
[{"$nulls":15},"4","Casa 4",{"v":21.6,"d":"21.60"},{"$f":"ROUND(K1021,2)*R1024","v":{"v":574.7760000000001,"d":"R$ 574.78"}}]
[{"$nulls":15},"5","Casa 5",{"v":21.6,"d":"21.60"},{"$f":"ROUND(K1021,2)*R1025","v":{"v":574.7760000000001,"d":"R$ 574.78"}}]
[{"$nulls":15},"6","Casa 6",{"v":21.6,"d":"21.60"},{"$f":"ROUND(K1021,2)*R1026","v":{"v":574.7760000000001,"d":"R$ 574.78"}}]
[{"$nulls":15},"7","Casa 7",{"v":21.6,"d":"21.60"},{"$f":"ROUND(K1021,2)*R1027","v":{"v":574.7760000000001,"d":"R$ 574.78"}}]
[{"$nulls":15},"8","Casa 8",{"v":21.6,"d":"21.60"},{"$f":"ROUND(K1021,2)*R1028","v":{"v":574.7760000000001,"d":"R$ 574.78"}}]
[{"$nulls":15},"9","Casa 9",{"v":21.6,"d":"21.60"},{"$f":"ROUND(K1021,2)*R1029","v":{"v":574.7760000000001,"d":"R$ 574.78"}}]
[{"$nulls":15},"10","Casa 10",{"v":21.6,"d":"21.60"},{"$f":"ROUND(K1021,2)*R1030","v":{"v":574.7760000000001,"d":"R$ 574.78"}}]
[{"$nulls":15},"11","Casa 11",{"v":21.6,"d":"21.60"},{"$f":"ROUND(K1021,2)*R1031","v":{"v":574.7760000000001,"d":"R$ 574.78"}}]
[{"$nulls":15},"12","Casa 12",{"v":21.6,"d":"21.60"},{"$f":"ROUND(K1021,2)*R1032","v":{"v":574.7760000000001,"d":"R$ 574.78"}}]
[{"$nulls":15},"13","Casa 13",{"v":21.6,"d":"21.60"},{"$f":"ROUND(K1021,2)*R1033","v":{"v":574.7760000000001,"d":"R$ 574.78"}}]
[{"$nulls":15},"14","Casa 14",{"v":21.6,"d":"21.60"},{"$f":"ROUND(K1021,2)*R1034","v":{"v":574.7760000000001,"d":"R$ 574.78"}}]
[{"$nulls":15},"15","Casa 15",{"v":21.6,"d":"21.60"},{"$f":"ROUND(K1021,2)*R1035","v":{"v":574.7760000000001,"d":"R$ 574.78"}}]
[{"$nulls":15},"16","Casa 16",{"v":21.6,"d":"21.60"},{"$f":"ROUND(K1021,2)*R1036","v":{"v":574.7760000000001,"d":"R$ 574.78"}}]
[{"$nulls":15},"17","Casa 17",{"v":21.6,"d":"21.60"},{"$f":"ROUND(K1021,2)*R1037","v":{"v":574.7760000000001,"d":"R$ 574.78"}}]
[{"$nulls":15},"18","Casa 18",{"v":21.6,"d":"21.60"},{"$f":"ROUND(K1021,2)*R1038","v":{"v":574.7760000000001,"d":"R$ 574.78"}}]
[{"$nulls":15},"19","Casa 19",{"v":21.6,"d":"21.60"},{"$f":"ROUND(K1021,2)*R1039","v":{"v":574.7760000000001,"d":"R$ 574.78"}}]
[{"$nulls":15},"20","Casa 20",{"v":21.6,"d":"21.60"},{"$f":"ROUND(K1021,2)*R1040","v":{"v":574.7760000000001,"d":"R$ 574.78"}}]
[{"$nulls":15},"21","Casa 21",{"v":21.6,"d":"21.60"},{"$f":"ROUND(K1021,2)*R1041","v":{"v":574.7760000000001,"d":"R$ 574.78"}}]
[{"$nulls":15},"22","Casa 22",{"v":21.6,"d":"21.60"},{"$f":"ROUND(K1021,2)*R1042","v":{"v":574.7760000000001,"d":"R$ 574.78"}}]
[{"$nulls":15},"23","Casa 23",{"v":21.6,"d":"21.60"},{"$f":"ROUND(K1021,2)*R1043","v":{"v":574.7760000000001,"d":"R$ 574.78"}}]
[{"$nulls":15},"24","Casa 24",{"v":21.6,"d":"21.60"},{"$f":"ROUND(K1021,2)*R1044","v":{"v":574.7760000000001,"d":"R$ 574.78"}}]
[{"$nulls":15},"25","Casa 25",{"v":21.6,"d":"21.60"},{"$f":"ROUND(K1021,2)*R1045","v":{"v":574.7760000000001,"d":"R$ 574.78"}}]
["Serviço","8.6","SINAPI","105812","GUARNIÇÃO DE ALUMÍNIO. AF_11/2024",{"$f":"R1046+R1047+R1048+R1049+R1050+R1051+R1052+R1053+R1054+R1055+R1056+R1057+R1058+R1059+R1060+R1061+R1062+R1063+R1064+R1065+R1066+R1067+R1068+R1069+R1070","v":{"v":1080.0000000000005,"d":"1,080.00"}},"M",{"v":27.13,"d":"R$ 27.13"},{"v":27.13,"d":"R$ 27.13"},{"v":0.25,"d":"25.00%"},{"$f":"ROUND(I1046,2)+(ROUND(I1046,2)*J1046)","v":{"v":33.9125,"d":"R$ 33.91"}},{"$f":"ROUND(S1046,2)+ROUND(S1047,2)+ROUND(S1048,2)+ROUND(S1049,2)+ROUND(S1050,2)+ROUND(S1051,2)+ROUND(S1052,2)+ROUND(S1053,2)+ROUND(S1054,2)+ROUND(S1055,2)+ROUND(S1056,2)+ROUND(S1057,2)+ROUND(S1058,2)+ROUND(S1059,2)+ROUND(S1060,2)+ROUND(S1061,2)+ROUND(S1062,2)+ROUND(S1063,2)+ROUND(S1064,2)+ROUND(S1065,2)+ROUND(S1066,2)+ROUND(S1067,2)+ROUND(S1068,2)+ROUND(S1069,2)+ROUND(S1070,2)","v":{"v":36622.75000000001,"d":"R$ 36,622.75"}},"","8","ESQUADRIAS METÁLICAS","1","Casa 1",{"v":43.2,"d":"43.20"},{"$f":"ROUND(K1046,2)*R1046","v":{"v":1464.912,"d":"R$ 1,464.91"}}]
[{"$nulls":15},"2","Casa 2",{"v":43.2,"d":"43.20"},{"$f":"ROUND(K1046,2)*R1047","v":{"v":1464.912,"d":"R$ 1,464.91"}}]
[{"$nulls":15},"3","Casa 3",{"v":43.2,"d":"43.20"},{"$f":"ROUND(K1046,2)*R1048","v":{"v":1464.912,"d":"R$ 1,464.91"}}]
[{"$nulls":15},"4","Casa 4",{"v":43.2,"d":"43.20"},{"$f":"ROUND(K1046,2)*R1049","v":{"v":1464.912,"d":"R$ 1,464.91"}}]
[{"$nulls":15},"5","Casa 5",{"v":43.2,"d":"43.20"},{"$f":"ROUND(K1046,2)*R1050","v":{"v":1464.912,"d":"R$ 1,464.91"}}]
[{"$nulls":15},"6","Casa 6",{"v":43.2,"d":"43.20"},{"$f":"ROUND(K1046,2)*R1051","v":{"v":1464.912,"d":"R$ 1,464.91"}}]
[{"$nulls":15},"7","Casa 7",{"v":43.2,"d":"43.20"},{"$f":"ROUND(K1046,2)*R1052","v":{"v":1464.912,"d":"R$ 1,464.91"}}]
[{"$nulls":15},"8","Casa 8",{"v":43.2,"d":"43.20"},{"$f":"ROUND(K1046,2)*R1053","v":{"v":1464.912,"d":"R$ 1,464.91"}}]
[{"$nulls":15},"9","Casa 9",{"v":43.2,"d":"43.20"},{"$f":"ROUND(K1046,2)*R1054","v":{"v":1464.912,"d":"R$ 1,464.91"}}]
[{"$nulls":15},"10","Casa 10",{"v":43.2,"d":"43.20"},{"$f":"ROUND(K1046,2)*R1055","v":{"v":1464.912,"d":"R$ 1,464.91"}}]
[{"$nulls":15},"11","Casa 11",{"v":43.2,"d":"43.20"},{"$f":"ROUND(K1046,2)*R1056","v":{"v":1464.912,"d":"R$ 1,464.91"}}]
[{"$nulls":15},"12","Casa 12",{"v":43.2,"d":"43.20"},{"$f":"ROUND(K1046,2)*R1057","v":{"v":1464.912,"d":"R$ 1,464.91"}}]
[{"$nulls":15},"13","Casa 13",{"v":43.2,"d":"43.20"},{"$f":"ROUND(K1046,2)*R1058","v":{"v":1464.912,"d":"R$ 1,464.91"}}]
[{"$nulls":15},"14","Casa 14",{"v":43.2,"d":"43.20"},{"$f":"ROUND(K1046,2)*R1059","v":{"v":1464.912,"d":"R$ 1,464.91"}}]
[{"$nulls":15},"15","Casa 15",{"v":43.2,"d":"43.20"},{"$f":"ROUND(K1046,2)*R1060","v":{"v":1464.912,"d":"R$ 1,464.91"}}]
[{"$nulls":15},"16","Casa 16",{"v":43.2,"d":"43.20"},{"$f":"ROUND(K1046,2)*R1061","v":{"v":1464.912,"d":"R$ 1,464.91"}}]
[{"$nulls":15},"17","Casa 17",{"v":43.2,"d":"43.20"},{"$f":"ROUND(K1046,2)*R1062","v":{"v":1464.912,"d":"R$ 1,464.91"}}]
[{"$nulls":15},"18","Casa 18",{"v":43.2,"d":"43.20"},{"$f":"ROUND(K1046,2)*R1063","v":{"v":1464.912,"d":"R$ 1,464.91"}}]
[{"$nulls":15},"19","Casa 19",{"v":43.2,"d":"43.20"},{"$f":"ROUND(K1046,2)*R1064","v":{"v":1464.912,"d":"R$ 1,464.91"}}]
[{"$nulls":15},"20","Casa 20",{"v":43.2,"d":"43.20"},{"$f":"ROUND(K1046,2)*R1065","v":{"v":1464.912,"d":"R$ 1,464.91"}}]
[{"$nulls":15},"21","Casa 21",{"v":43.2,"d":"43.20"},{"$f":"ROUND(K1046,2)*R1066","v":{"v":1464.912,"d":"R$ 1,464.91"}}]
[{"$nulls":15},"22","Casa 22",{"v":43.2,"d":"43.20"},{"$f":"ROUND(K1046,2)*R1067","v":{"v":1464.912,"d":"R$ 1,464.91"}}]
[{"$nulls":15},"23","Casa 23",{"v":43.2,"d":"43.20"},{"$f":"ROUND(K1046,2)*R1068","v":{"v":1464.912,"d":"R$ 1,464.91"}}]
[{"$nulls":15},"24","Casa 24",{"v":43.2,"d":"43.20"},{"$f":"ROUND(K1046,2)*R1069","v":{"v":1464.912,"d":"R$ 1,464.91"}}]
[{"$nulls":15},"25","Casa 25",{"v":43.2,"d":"43.20"},{"$f":"ROUND(K1046,2)*R1070","v":{"v":1464.912,"d":"R$ 1,464.91"}}]
["Macrosserviço","9","","","ESQUADRIAS DE MADEIRAS","","","","","","",{"$f":"ROUND(L1072,2)","v":{"v":87254.25,"d":"R$ 87,254.25"}},"","","","","","",""]
["Serviço","9.1","SINAPI","91314","KIT DE PORTA DE MADEIRA PARA PINTURA, SEMI-OCA (LEVE OU MÉDIA), PADRÃO POPULAR, 80X210CM, ESPESSURA DE 3,5CM, ITENS INCLUSOS: DOBRADIÇAS, MONTAGEM E INSTALAÇÃO DO BATENTE, FECHADURA COM EXECUÇÃO DO FURO - FORNECIMENTO E INSTALAÇÃO. AF_12/2019",{"$f":"R1072+R1073+R1074+R1075+R1076+R1077+R1078+R1079+R1080+R1081+R1082+R1083+R1084+R1085+R1086+R1087+R1088+R1089+R1090+R1091+R1092+R1093+R1094+R1095+R1096","v":{"v":75,"d":"75.00"}},"UN",{"v":930.71,"d":"R$ 930.71"},{"v":930.71,"d":"R$ 930.71"},{"v":0.25,"d":"25.00%"},{"$f":"ROUND(I1072,2)+(ROUND(I1072,2)*J1072)","v":{"v":1163.3875,"d":"R$ 1,163.39"}},{"$f":"ROUND(S1072,2)+ROUND(S1073,2)+ROUND(S1074,2)+ROUND(S1075,2)+ROUND(S1076,2)+ROUND(S1077,2)+ROUND(S1078,2)+ROUND(S1079,2)+ROUND(S1080,2)+ROUND(S1081,2)+ROUND(S1082,2)+ROUND(S1083,2)+ROUND(S1084,2)+ROUND(S1085,2)+ROUND(S1086,2)+ROUND(S1087,2)+ROUND(S1088,2)+ROUND(S1089,2)+ROUND(S1090,2)+ROUND(S1091,2)+ROUND(S1092,2)+ROUND(S1093,2)+ROUND(S1094,2)+ROUND(S1095,2)+ROUND(S1096,2)","v":{"v":87254.24999999997,"d":"R$ 87,254.25"}},"","9","ESQUADRIAS DE MADEIRAS","1","Casa 1",{"v":3,"d":"3.00"},{"$f":"ROUND(K1072,2)*R1072","v":{"v":3490.17,"d":"R$ 3,490.17"}}]
[{"$nulls":15},"2","Casa 2",{"v":3,"d":"3.00"},{"$f":"ROUND(K1072,2)*R1073","v":{"v":3490.17,"d":"R$ 3,490.17"}}]
[{"$nulls":15},"3","Casa 3",{"v":3,"d":"3.00"},{"$f":"ROUND(K1072,2)*R1074","v":{"v":3490.17,"d":"R$ 3,490.17"}}]
[{"$nulls":15},"4","Casa 4",{"v":3,"d":"3.00"},{"$f":"ROUND(K1072,2)*R1075","v":{"v":3490.17,"d":"R$ 3,490.17"}}]
[{"$nulls":15},"5","Casa 5",{"v":3,"d":"3.00"},{"$f":"ROUND(K1072,2)*R1076","v":{"v":3490.17,"d":"R$ 3,490.17"}}]
[{"$nulls":15},"6","Casa 6",{"v":3,"d":"3.00"},{"$f":"ROUND(K1072,2)*R1077","v":{"v":3490.17,"d":"R$ 3,490.17"}}]
[{"$nulls":15},"7","Casa 7",{"v":3,"d":"3.00"},{"$f":"ROUND(K1072,2)*R1078","v":{"v":3490.17,"d":"R$ 3,490.17"}}]
[{"$nulls":15},"8","Casa 8",{"v":3,"d":"3.00"},{"$f":"ROUND(K1072,2)*R1079","v":{"v":3490.17,"d":"R$ 3,490.17"}}]
[{"$nulls":15},"9","Casa 9",{"v":3,"d":"3.00"},{"$f":"ROUND(K1072,2)*R1080","v":{"v":3490.17,"d":"R$ 3,490.17"}}]
[{"$nulls":15},"10","Casa 10",{"v":3,"d":"3.00"},{"$f":"ROUND(K1072,2)*R1081","v":{"v":3490.17,"d":"R$ 3,490.17"}}]
[{"$nulls":15},"11","Casa 11",{"v":3,"d":"3.00"},{"$f":"ROUND(K1072,2)*R1082","v":{"v":3490.17,"d":"R$ 3,490.17"}}]
[{"$nulls":15},"12","Casa 12",{"v":3,"d":"3.00"},{"$f":"ROUND(K1072,2)*R1083","v":{"v":3490.17,"d":"R$ 3,490.17"}}]
[{"$nulls":15},"13","Casa 13",{"v":3,"d":"3.00"},{"$f":"ROUND(K1072,2)*R1084","v":{"v":3490.17,"d":"R$ 3,490.17"}}]
[{"$nulls":15},"14","Casa 14",{"v":3,"d":"3.00"},{"$f":"ROUND(K1072,2)*R1085","v":{"v":3490.17,"d":"R$ 3,490.17"}}]
[{"$nulls":15},"15","Casa 15",{"v":3,"d":"3.00"},{"$f":"ROUND(K1072,2)*R1086","v":{"v":3490.17,"d":"R$ 3,490.17"}}]
[{"$nulls":15},"16","Casa 16",{"v":3,"d":"3.00"},{"$f":"ROUND(K1072,2)*R1087","v":{"v":3490.17,"d":"R$ 3,490.17"}}]
[{"$nulls":15},"17","Casa 17",{"v":3,"d":"3.00"},{"$f":"ROUND(K1072,2)*R1088","v":{"v":3490.17,"d":"R$ 3,490.17"}}]
[{"$nulls":15},"18","Casa 18",{"v":3,"d":"3.00"},{"$f":"ROUND(K1072,2)*R1089","v":{"v":3490.17,"d":"R$ 3,490.17"}}]
[{"$nulls":15},"19","Casa 19",{"v":3,"d":"3.00"},{"$f":"ROUND(K1072,2)*R1090","v":{"v":3490.17,"d":"R$ 3,490.17"}}]
[{"$nulls":15},"20","Casa 20",{"v":3,"d":"3.00"},{"$f":"ROUND(K1072,2)*R1091","v":{"v":3490.17,"d":"R$ 3,490.17"}}]
[{"$nulls":15},"21","Casa 21",{"v":3,"d":"3.00"},{"$f":"ROUND(K1072,2)*R1092","v":{"v":3490.17,"d":"R$ 3,490.17"}}]
[{"$nulls":15},"22","Casa 22",{"v":3,"d":"3.00"},{"$f":"ROUND(K1072,2)*R1093","v":{"v":3490.17,"d":"R$ 3,490.17"}}]
[{"$nulls":15},"23","Casa 23",{"v":3,"d":"3.00"},{"$f":"ROUND(K1072,2)*R1094","v":{"v":3490.17,"d":"R$ 3,490.17"}}]
[{"$nulls":15},"24","Casa 24",{"v":3,"d":"3.00"},{"$f":"ROUND(K1072,2)*R1095","v":{"v":3490.17,"d":"R$ 3,490.17"}}]
[{"$nulls":15},"25","Casa 25",{"v":3,"d":"3.00"},{"$f":"ROUND(K1072,2)*R1096","v":{"v":3490.17,"d":"R$ 3,490.17"}}]
["Macrosserviço","10","","","TELHADOS","","","","","","",{"$f":"ROUND(L1098,2)+ROUND(L1123,2)+ROUND(L1148,2)+ROUND(L1173,2)+ROUND(L1198,2)+ROUND(L1223,2)","v":{"v":650882,"d":"R$ 650,882.00"}},"","","","","","",""]
["Serviço","10.1","SINAPI","92541","TRAMA DE MADEIRA COMPOSTA POR RIPAS, CAIBROS E TERÇAS PARA TELHADOS DE ATÉ 2 ÁGUAS PARA TELHA CERÂMICA CAPA-CANAL, INCLUSO TRANSPORTE VERTICAL. AF_07/2019",{"$f":"R1098+R1099+R1100+R1101+R1102+R1103+R1104+R1105+R1106+R1107+R1108+R1109+R1110+R1111+R1112+R1113+R1114+R1115+R1116+R1117+R1118+R1119+R1120+R1121+R1122","v":{"v":1837.25,"d":"1,837.25"}},"M2",{"v":97.58,"d":"R$ 97.58"},{"v":97.58,"d":"R$ 97.58"},{"v":0.25,"d":"25.00%"},{"$f":"ROUND(I1098,2)+(ROUND(I1098,2)*J1098)","v":{"v":121.975,"d":"R$ 121.98"}},{"$f":"ROUND(S1098,2)+ROUND(S1099,2)+ROUND(S1100,2)+ROUND(S1101,2)+ROUND(S1102,2)+ROUND(S1103,2)+ROUND(S1104,2)+ROUND(S1105,2)+ROUND(S1106,2)+ROUND(S1107,2)+ROUND(S1108,2)+ROUND(S1109,2)+ROUND(S1110,2)+ROUND(S1111,2)+ROUND(S1112,2)+ROUND(S1113,2)+ROUND(S1114,2)+ROUND(S1115,2)+ROUND(S1116,2)+ROUND(S1117,2)+ROUND(S1118,2)+ROUND(S1119,2)+ROUND(S1120,2)+ROUND(S1121,2)+ROUND(S1122,2)","v":{"v":224107.74999999997,"d":"R$ 224,107.75"}},"","10","TELHADOS","1","Casa 1",73.49,{"$f":"ROUND(K1098,2)*R1098","v":{"v":8964.3102,"d":"R$ 8,964.31"}}]
[{"$nulls":15},"2","Casa 2",73.49,{"$f":"ROUND(K1098,2)*R1099","v":{"v":8964.3102,"d":"R$ 8,964.31"}}]
[{"$nulls":15},"3","Casa 3",73.49,{"$f":"ROUND(K1098,2)*R1100","v":{"v":8964.3102,"d":"R$ 8,964.31"}}]
[{"$nulls":15},"4","Casa 4",73.49,{"$f":"ROUND(K1098,2)*R1101","v":{"v":8964.3102,"d":"R$ 8,964.31"}}]
[{"$nulls":15},"5","Casa 5",73.49,{"$f":"ROUND(K1098,2)*R1102","v":{"v":8964.3102,"d":"R$ 8,964.31"}}]
[{"$nulls":15},"6","Casa 6",73.49,{"$f":"ROUND(K1098,2)*R1103","v":{"v":8964.3102,"d":"R$ 8,964.31"}}]
[{"$nulls":15},"7","Casa 7",73.49,{"$f":"ROUND(K1098,2)*R1104","v":{"v":8964.3102,"d":"R$ 8,964.31"}}]
[{"$nulls":15},"8","Casa 8",73.49,{"$f":"ROUND(K1098,2)*R1105","v":{"v":8964.3102,"d":"R$ 8,964.31"}}]
[{"$nulls":15},"9","Casa 9",73.49,{"$f":"ROUND(K1098,2)*R1106","v":{"v":8964.3102,"d":"R$ 8,964.31"}}]
[{"$nulls":15},"10","Casa 10",73.49,{"$f":"ROUND(K1098,2)*R1107","v":{"v":8964.3102,"d":"R$ 8,964.31"}}]
[{"$nulls":15},"11","Casa 11",73.49,{"$f":"ROUND(K1098,2)*R1108","v":{"v":8964.3102,"d":"R$ 8,964.31"}}]
[{"$nulls":15},"12","Casa 12",73.49,{"$f":"ROUND(K1098,2)*R1109","v":{"v":8964.3102,"d":"R$ 8,964.31"}}]
[{"$nulls":15},"13","Casa 13",73.49,{"$f":"ROUND(K1098,2)*R1110","v":{"v":8964.3102,"d":"R$ 8,964.31"}}]
[{"$nulls":15},"14","Casa 14",73.49,{"$f":"ROUND(K1098,2)*R1111","v":{"v":8964.3102,"d":"R$ 8,964.31"}}]
[{"$nulls":15},"15","Casa 15",73.49,{"$f":"ROUND(K1098,2)*R1112","v":{"v":8964.3102,"d":"R$ 8,964.31"}}]
[{"$nulls":15},"16","Casa 16",73.49,{"$f":"ROUND(K1098,2)*R1113","v":{"v":8964.3102,"d":"R$ 8,964.31"}}]
[{"$nulls":15},"17","Casa 17",73.49,{"$f":"ROUND(K1098,2)*R1114","v":{"v":8964.3102,"d":"R$ 8,964.31"}}]
[{"$nulls":15},"18","Casa 18",73.49,{"$f":"ROUND(K1098,2)*R1115","v":{"v":8964.3102,"d":"R$ 8,964.31"}}]
[{"$nulls":15},"19","Casa 19",73.49,{"$f":"ROUND(K1098,2)*R1116","v":{"v":8964.3102,"d":"R$ 8,964.31"}}]
[{"$nulls":15},"20","Casa 20",73.49,{"$f":"ROUND(K1098,2)*R1117","v":{"v":8964.3102,"d":"R$ 8,964.31"}}]
[{"$nulls":15},"21","Casa 21",73.49,{"$f":"ROUND(K1098,2)*R1118","v":{"v":8964.3102,"d":"R$ 8,964.31"}}]
[{"$nulls":15},"22","Casa 22",73.49,{"$f":"ROUND(K1098,2)*R1119","v":{"v":8964.3102,"d":"R$ 8,964.31"}}]
[{"$nulls":15},"23","Casa 23",73.49,{"$f":"ROUND(K1098,2)*R1120","v":{"v":8964.3102,"d":"R$ 8,964.31"}}]
[{"$nulls":15},"24","Casa 24",73.49,{"$f":"ROUND(K1098,2)*R1121","v":{"v":8964.3102,"d":"R$ 8,964.31"}}]
[{"$nulls":15},"25","Casa 25",73.49,{"$f":"ROUND(K1098,2)*R1122","v":{"v":8964.3102,"d":"R$ 8,964.31"}}]
["Serviço","10.2","SINAPI","94447","TELHAMENTO COM TELHA CERÂMICA CAPA-CANAL, TIPO PAULISTA, COM ATÉ 2 ÁGUAS, INCLUSO TRANSPORTE VERTICAL. AF_07/2019",{"$f":"R1123+R1124+R1125+R1126+R1127+R1128+R1129+R1130+R1131+R1132+R1133+R1134+R1135+R1136+R1137+R1138+R1139+R1140+R1141+R1142+R1143+R1144+R1145+R1146+R1147","v":{"v":1837.25,"d":"1,837.25"}},"M2",{"v":41.05,"d":"R$ 41.05"},{"v":41.05,"d":"R$ 41.05"},{"v":0.25,"d":"25.00%"},{"$f":"ROUND(I1123,2)+(ROUND(I1123,2)*J1123)","v":{"v":51.3125,"d":"R$ 51.31"}},{"$f":"ROUND(S1123,2)+ROUND(S1124,2)+ROUND(S1125,2)+ROUND(S1126,2)+ROUND(S1127,2)+ROUND(S1128,2)+ROUND(S1129,2)+ROUND(S1130,2)+ROUND(S1131,2)+ROUND(S1132,2)+ROUND(S1133,2)+ROUND(S1134,2)+ROUND(S1135,2)+ROUND(S1136,2)+ROUND(S1137,2)+ROUND(S1138,2)+ROUND(S1139,2)+ROUND(S1140,2)+ROUND(S1141,2)+ROUND(S1142,2)+ROUND(S1143,2)+ROUND(S1144,2)+ROUND(S1145,2)+ROUND(S1146,2)+ROUND(S1147,2)","v":{"v":94269.25,"d":"R$ 94,269.25"}},"","10","TELHADOS","1","Casa 1",73.49,{"$f":"ROUND(K1123,2)*R1123","v":{"v":3770.7718999999997,"d":"R$ 3,770.77"}}]
[{"$nulls":15},"2","Casa 2",73.49,{"$f":"ROUND(K1123,2)*R1124","v":{"v":3770.7718999999997,"d":"R$ 3,770.77"}}]
[{"$nulls":15},"3","Casa 3",73.49,{"$f":"ROUND(K1123,2)*R1125","v":{"v":3770.7718999999997,"d":"R$ 3,770.77"}}]
[{"$nulls":15},"4","Casa 4",73.49,{"$f":"ROUND(K1123,2)*R1126","v":{"v":3770.7718999999997,"d":"R$ 3,770.77"}}]
[{"$nulls":15},"5","Casa 5",73.49,{"$f":"ROUND(K1123,2)*R1127","v":{"v":3770.7718999999997,"d":"R$ 3,770.77"}}]
[{"$nulls":15},"6","Casa 6",73.49,{"$f":"ROUND(K1123,2)*R1128","v":{"v":3770.7718999999997,"d":"R$ 3,770.77"}}]
[{"$nulls":15},"7","Casa 7",73.49,{"$f":"ROUND(K1123,2)*R1129","v":{"v":3770.7718999999997,"d":"R$ 3,770.77"}}]
[{"$nulls":15},"8","Casa 8",73.49,{"$f":"ROUND(K1123,2)*R1130","v":{"v":3770.7718999999997,"d":"R$ 3,770.77"}}]
[{"$nulls":15},"9","Casa 9",73.49,{"$f":"ROUND(K1123,2)*R1131","v":{"v":3770.7718999999997,"d":"R$ 3,770.77"}}]
[{"$nulls":15},"10","Casa 10",73.49,{"$f":"ROUND(K1123,2)*R1132","v":{"v":3770.7718999999997,"d":"R$ 3,770.77"}}]
[{"$nulls":15},"11","Casa 11",73.49,{"$f":"ROUND(K1123,2)*R1133","v":{"v":3770.7718999999997,"d":"R$ 3,770.77"}}]
[{"$nulls":15},"12","Casa 12",73.49,{"$f":"ROUND(K1123,2)*R1134","v":{"v":3770.7718999999997,"d":"R$ 3,770.77"}}]
[{"$nulls":15},"13","Casa 13",73.49,{"$f":"ROUND(K1123,2)*R1135","v":{"v":3770.7718999999997,"d":"R$ 3,770.77"}}]
[{"$nulls":15},"14","Casa 14",73.49,{"$f":"ROUND(K1123,2)*R1136","v":{"v":3770.7718999999997,"d":"R$ 3,770.77"}}]
[{"$nulls":15},"15","Casa 15",73.49,{"$f":"ROUND(K1123,2)*R1137","v":{"v":3770.7718999999997,"d":"R$ 3,770.77"}}]
[{"$nulls":15},"16","Casa 16",73.49,{"$f":"ROUND(K1123,2)*R1138","v":{"v":3770.7718999999997,"d":"R$ 3,770.77"}}]
[{"$nulls":15},"17","Casa 17",73.49,{"$f":"ROUND(K1123,2)*R1139","v":{"v":3770.7718999999997,"d":"R$ 3,770.77"}}]
[{"$nulls":15},"18","Casa 18",73.49,{"$f":"ROUND(K1123,2)*R1140","v":{"v":3770.7718999999997,"d":"R$ 3,770.77"}}]
[{"$nulls":15},"19","Casa 19",73.49,{"$f":"ROUND(K1123,2)*R1141","v":{"v":3770.7718999999997,"d":"R$ 3,770.77"}}]
[{"$nulls":15},"20","Casa 20",73.49,{"$f":"ROUND(K1123,2)*R1142","v":{"v":3770.7718999999997,"d":"R$ 3,770.77"}}]
[{"$nulls":15},"21","Casa 21",73.49,{"$f":"ROUND(K1123,2)*R1143","v":{"v":3770.7718999999997,"d":"R$ 3,770.77"}}]
[{"$nulls":15},"22","Casa 22",73.49,{"$f":"ROUND(K1123,2)*R1144","v":{"v":3770.7718999999997,"d":"R$ 3,770.77"}}]
[{"$nulls":15},"23","Casa 23",73.49,{"$f":"ROUND(K1123,2)*R1145","v":{"v":3770.7718999999997,"d":"R$ 3,770.77"}}]
[{"$nulls":15},"24","Casa 24",73.49,{"$f":"ROUND(K1123,2)*R1146","v":{"v":3770.7718999999997,"d":"R$ 3,770.77"}}]
[{"$nulls":15},"25","Casa 25",73.49,{"$f":"ROUND(K1123,2)*R1147","v":{"v":3770.7718999999997,"d":"R$ 3,770.77"}}]
["Serviço","10.3","SINAPI","102233","PINTURA IMUNIZANTE PARA MADEIRA, 1 DEMÃO. AF_01/2021",{"$f":"R1148+R1149+R1150+R1151+R1152+R1153+R1154+R1155+R1156+R1157+R1158+R1159+R1160+R1161+R1162+R1163+R1164+R1165+R1166+R1167+R1168+R1169+R1170+R1171+R1172","v":{"v":2595.0000000000005,"d":"2,595.00"}},"M2",{"v":12.26,"d":"R$ 12.26"},{"v":12.26,"d":"R$ 12.26"},{"v":0.25,"d":"25.00%"},{"$f":"ROUND(I1148,2)+(ROUND(I1148,2)*J1148)","v":{"v":15.325,"d":"R$ 15.33"}},{"$f":"ROUND(S1148,2)+ROUND(S1149,2)+ROUND(S1150,2)+ROUND(S1151,2)+ROUND(S1152,2)+ROUND(S1153,2)+ROUND(S1154,2)+ROUND(S1155,2)+ROUND(S1156,2)+ROUND(S1157,2)+ROUND(S1158,2)+ROUND(S1159,2)+ROUND(S1160,2)+ROUND(S1161,2)+ROUND(S1162,2)+ROUND(S1163,2)+ROUND(S1164,2)+ROUND(S1165,2)+ROUND(S1166,2)+ROUND(S1167,2)+ROUND(S1168,2)+ROUND(S1169,2)+ROUND(S1170,2)+ROUND(S1171,2)+ROUND(S1172,2)","v":{"v":39781.25,"d":"R$ 39,781.25"}},"","10","TELHADOS","1","Casa 1",{"v":103.8,"d":"103.80"},{"$f":"ROUND(K1148,2)*R1148","v":{"v":1591.254,"d":"R$ 1,591.25"}}]
[{"$nulls":15},"2","Casa 2",{"v":103.8,"d":"103.80"},{"$f":"ROUND(K1148,2)*R1149","v":{"v":1591.254,"d":"R$ 1,591.25"}}]
[{"$nulls":15},"3","Casa 3",{"v":103.8,"d":"103.80"},{"$f":"ROUND(K1148,2)*R1150","v":{"v":1591.254,"d":"R$ 1,591.25"}}]
[{"$nulls":15},"4","Casa 4",{"v":103.8,"d":"103.80"},{"$f":"ROUND(K1148,2)*R1151","v":{"v":1591.254,"d":"R$ 1,591.25"}}]
[{"$nulls":15},"5","Casa 5",{"v":103.8,"d":"103.80"},{"$f":"ROUND(K1148,2)*R1152","v":{"v":1591.254,"d":"R$ 1,591.25"}}]
[{"$nulls":15},"6","Casa 6",{"v":103.8,"d":"103.80"},{"$f":"ROUND(K1148,2)*R1153","v":{"v":1591.254,"d":"R$ 1,591.25"}}]
[{"$nulls":15},"7","Casa 7",{"v":103.8,"d":"103.80"},{"$f":"ROUND(K1148,2)*R1154","v":{"v":1591.254,"d":"R$ 1,591.25"}}]
[{"$nulls":15},"8","Casa 8",{"v":103.8,"d":"103.80"},{"$f":"ROUND(K1148,2)*R1155","v":{"v":1591.254,"d":"R$ 1,591.25"}}]
[{"$nulls":15},"9","Casa 9",{"v":103.8,"d":"103.80"},{"$f":"ROUND(K1148,2)*R1156","v":{"v":1591.254,"d":"R$ 1,591.25"}}]
[{"$nulls":15},"10","Casa 10",{"v":103.8,"d":"103.80"},{"$f":"ROUND(K1148,2)*R1157","v":{"v":1591.254,"d":"R$ 1,591.25"}}]
[{"$nulls":15},"11","Casa 11",{"v":103.8,"d":"103.80"},{"$f":"ROUND(K1148,2)*R1158","v":{"v":1591.254,"d":"R$ 1,591.25"}}]
[{"$nulls":15},"12","Casa 12",{"v":103.8,"d":"103.80"},{"$f":"ROUND(K1148,2)*R1159","v":{"v":1591.254,"d":"R$ 1,591.25"}}]
[{"$nulls":15},"13","Casa 13",{"v":103.8,"d":"103.80"},{"$f":"ROUND(K1148,2)*R1160","v":{"v":1591.254,"d":"R$ 1,591.25"}}]
[{"$nulls":15},"14","Casa 14",{"v":103.8,"d":"103.80"},{"$f":"ROUND(K1148,2)*R1161","v":{"v":1591.254,"d":"R$ 1,591.25"}}]
[{"$nulls":15},"15","Casa 15",{"v":103.8,"d":"103.80"},{"$f":"ROUND(K1148,2)*R1162","v":{"v":1591.254,"d":"R$ 1,591.25"}}]
[{"$nulls":15},"16","Casa 16",{"v":103.8,"d":"103.80"},{"$f":"ROUND(K1148,2)*R1163","v":{"v":1591.254,"d":"R$ 1,591.25"}}]
[{"$nulls":15},"17","Casa 17",{"v":103.8,"d":"103.80"},{"$f":"ROUND(K1148,2)*R1164","v":{"v":1591.254,"d":"R$ 1,591.25"}}]
[{"$nulls":15},"18","Casa 18",{"v":103.8,"d":"103.80"},{"$f":"ROUND(K1148,2)*R1165","v":{"v":1591.254,"d":"R$ 1,591.25"}}]
[{"$nulls":15},"19","Casa 19",{"v":103.8,"d":"103.80"},{"$f":"ROUND(K1148,2)*R1166","v":{"v":1591.254,"d":"R$ 1,591.25"}}]
[{"$nulls":15},"20","Casa 20",{"v":103.8,"d":"103.80"},{"$f":"ROUND(K1148,2)*R1167","v":{"v":1591.254,"d":"R$ 1,591.25"}}]
[{"$nulls":15},"21","Casa 21",{"v":103.8,"d":"103.80"},{"$f":"ROUND(K1148,2)*R1168","v":{"v":1591.254,"d":"R$ 1,591.25"}}]
[{"$nulls":15},"22","Casa 22",{"v":103.8,"d":"103.80"},{"$f":"ROUND(K1148,2)*R1169","v":{"v":1591.254,"d":"R$ 1,591.25"}}]
[{"$nulls":15},"23","Casa 23",{"v":103.8,"d":"103.80"},{"$f":"ROUND(K1148,2)*R1170","v":{"v":1591.254,"d":"R$ 1,591.25"}}]
[{"$nulls":15},"24","Casa 24",{"v":103.8,"d":"103.80"},{"$f":"ROUND(K1148,2)*R1171","v":{"v":1591.254,"d":"R$ 1,591.25"}}]
[{"$nulls":15},"25","Casa 25",{"v":103.8,"d":"103.80"},{"$f":"ROUND(K1148,2)*R1172","v":{"v":1591.254,"d":"R$ 1,591.25"}}]
["Serviço","10.4","SINAPI","94232","AMARRAÇÃO DE TELHAS CERÂMICAS OU DE CONCRETO. AF_07/2019",{"$f":"R1173+R1174+R1175+R1176+R1177+R1178+R1179+R1180+R1181+R1182+R1183+R1184+R1185+R1186+R1187+R1188+R1189+R1190+R1191+R1192+R1193+R1194+R1195+R1196+R1197","v":{"v":13150,"d":"13,150.00"}},"UN",{"v":3.82,"d":"R$ 3.82"},{"v":3.82,"d":"R$ 3.82"},{"v":0.25,"d":"25.00%"},{"$f":"ROUND(I1173,2)+(ROUND(I1173,2)*J1173)","v":{"v":4.7749999999999995,"d":"R$ 4.78"}},{"$f":"ROUND(S1173,2)+ROUND(S1174,2)+ROUND(S1175,2)+ROUND(S1176,2)+ROUND(S1177,2)+ROUND(S1178,2)+ROUND(S1179,2)+ROUND(S1180,2)+ROUND(S1181,2)+ROUND(S1182,2)+ROUND(S1183,2)+ROUND(S1184,2)+ROUND(S1185,2)+ROUND(S1186,2)+ROUND(S1187,2)+ROUND(S1188,2)+ROUND(S1189,2)+ROUND(S1190,2)+ROUND(S1191,2)+ROUND(S1192,2)+ROUND(S1193,2)+ROUND(S1194,2)+ROUND(S1195,2)+ROUND(S1196,2)+ROUND(S1197,2)","v":{"v":62856.999999999985,"d":"R$ 62,857.00"}},"","10","TELHADOS","1","Casa 1",{"v":526,"d":"526.00"},{"$f":"ROUND(K1173,2)*R1173","v":{"v":2514.28,"d":"R$ 2,514.28"}}]
[{"$nulls":15},"2","Casa 2",{"v":526,"d":"526.00"},{"$f":"ROUND(K1173,2)*R1174","v":{"v":2514.28,"d":"R$ 2,514.28"}}]
[{"$nulls":15},"3","Casa 3",{"v":526,"d":"526.00"},{"$f":"ROUND(K1173,2)*R1175","v":{"v":2514.28,"d":"R$ 2,514.28"}}]
[{"$nulls":15},"4","Casa 4",{"v":526,"d":"526.00"},{"$f":"ROUND(K1173,2)*R1176","v":{"v":2514.28,"d":"R$ 2,514.28"}}]
[{"$nulls":15},"5","Casa 5",{"v":526,"d":"526.00"},{"$f":"ROUND(K1173,2)*R1177","v":{"v":2514.28,"d":"R$ 2,514.28"}}]
[{"$nulls":15},"6","Casa 6",{"v":526,"d":"526.00"},{"$f":"ROUND(K1173,2)*R1178","v":{"v":2514.28,"d":"R$ 2,514.28"}}]
[{"$nulls":15},"7","Casa 7",{"v":526,"d":"526.00"},{"$f":"ROUND(K1173,2)*R1179","v":{"v":2514.28,"d":"R$ 2,514.28"}}]
[{"$nulls":15},"8","Casa 8",{"v":526,"d":"526.00"},{"$f":"ROUND(K1173,2)*R1180","v":{"v":2514.28,"d":"R$ 2,514.28"}}]
[{"$nulls":15},"9","Casa 9",{"v":526,"d":"526.00"},{"$f":"ROUND(K1173,2)*R1181","v":{"v":2514.28,"d":"R$ 2,514.28"}}]
[{"$nulls":15},"10","Casa 10",{"v":526,"d":"526.00"},{"$f":"ROUND(K1173,2)*R1182","v":{"v":2514.28,"d":"R$ 2,514.28"}}]
[{"$nulls":15},"11","Casa 11",{"v":526,"d":"526.00"},{"$f":"ROUND(K1173,2)*R1183","v":{"v":2514.28,"d":"R$ 2,514.28"}}]
[{"$nulls":15},"12","Casa 12",{"v":526,"d":"526.00"},{"$f":"ROUND(K1173,2)*R1184","v":{"v":2514.28,"d":"R$ 2,514.28"}}]
[{"$nulls":15},"13","Casa 13",{"v":526,"d":"526.00"},{"$f":"ROUND(K1173,2)*R1185","v":{"v":2514.28,"d":"R$ 2,514.28"}}]
[{"$nulls":15},"14","Casa 14",{"v":526,"d":"526.00"},{"$f":"ROUND(K1173,2)*R1186","v":{"v":2514.28,"d":"R$ 2,514.28"}}]
[{"$nulls":15},"15","Casa 15",{"v":526,"d":"526.00"},{"$f":"ROUND(K1173,2)*R1187","v":{"v":2514.28,"d":"R$ 2,514.28"}}]
[{"$nulls":15},"16","Casa 16",{"v":526,"d":"526.00"},{"$f":"ROUND(K1173,2)*R1188","v":{"v":2514.28,"d":"R$ 2,514.28"}}]
[{"$nulls":15},"17","Casa 17",{"v":526,"d":"526.00"},{"$f":"ROUND(K1173,2)*R1189","v":{"v":2514.28,"d":"R$ 2,514.28"}}]
[{"$nulls":15},"18","Casa 18",{"v":526,"d":"526.00"},{"$f":"ROUND(K1173,2)*R1190","v":{"v":2514.28,"d":"R$ 2,514.28"}}]
[{"$nulls":15},"19","Casa 19",{"v":526,"d":"526.00"},{"$f":"ROUND(K1173,2)*R1191","v":{"v":2514.28,"d":"R$ 2,514.28"}}]
[{"$nulls":15},"20","Casa 20",{"v":526,"d":"526.00"},{"$f":"ROUND(K1173,2)*R1192","v":{"v":2514.28,"d":"R$ 2,514.28"}}]
[{"$nulls":15},"21","Casa 21",{"v":526,"d":"526.00"},{"$f":"ROUND(K1173,2)*R1193","v":{"v":2514.28,"d":"R$ 2,514.28"}}]
[{"$nulls":15},"22","Casa 22",{"v":526,"d":"526.00"},{"$f":"ROUND(K1173,2)*R1194","v":{"v":2514.28,"d":"R$ 2,514.28"}}]
[{"$nulls":15},"23","Casa 23",{"v":526,"d":"526.00"},{"$f":"ROUND(K1173,2)*R1195","v":{"v":2514.28,"d":"R$ 2,514.28"}}]
[{"$nulls":15},"24","Casa 24",{"v":526,"d":"526.00"},{"$f":"ROUND(K1173,2)*R1196","v":{"v":2514.28,"d":"R$ 2,514.28"}}]
[{"$nulls":15},"25","Casa 25",{"v":526,"d":"526.00"},{"$f":"ROUND(K1173,2)*R1197","v":{"v":2514.28,"d":"R$ 2,514.28"}}]
["Serviço","10.5","SINAPI","94221","CUMEEIRA PARA TELHA CERÂMICA EMBOÇADA COM ARGAMASSA TRAÇO 1:2:9 (CIMENTO, CAL E AREIA) PARA TELHADOS COM ATÉ 2 ÁGUAS, INCLUSO TRANSPORTE VERTICAL. AF_07/2019",{"$f":"R1198+R1199+R1200+R1201+R1202+R1203+R1204+R1205+R1206+R1207+R1208+R1209+R1210+R1211+R1212+R1213+R1214+R1215+R1216+R1217+R1218+R1219+R1220+R1221+R1222","v":{"v":266.25000000000006,"d":"266.25"}},"M",{"v":25.32,"d":"R$ 25.32"},{"v":25.32,"d":"R$ 25.32"},{"v":0.25,"d":"25.00%"},{"$f":"ROUND(I1198,2)+(ROUND(I1198,2)*J1198)","v":{"v":31.65,"d":"R$ 31.65"}},{"$f":"ROUND(S1198,2)+ROUND(S1199,2)+ROUND(S1200,2)+ROUND(S1201,2)+ROUND(S1202,2)+ROUND(S1203,2)+ROUND(S1204,2)+ROUND(S1205,2)+ROUND(S1206,2)+ROUND(S1207,2)+ROUND(S1208,2)+ROUND(S1209,2)+ROUND(S1210,2)+ROUND(S1211,2)+ROUND(S1212,2)+ROUND(S1213,2)+ROUND(S1214,2)+ROUND(S1215,2)+ROUND(S1216,2)+ROUND(S1217,2)+ROUND(S1218,2)+ROUND(S1219,2)+ROUND(S1220,2)+ROUND(S1221,2)+ROUND(S1222,2)","v":{"v":8426.749999999998,"d":"R$ 8,426.75"}},"","10","TELHADOS","1","Casa 1",10.65,{"$f":"ROUND(K1198,2)*R1198","v":{"v":337.0725,"d":"R$ 337.07"}}]
[{"$nulls":15},"2","Casa 2",10.65,{"$f":"ROUND(K1198,2)*R1199","v":{"v":337.0725,"d":"R$ 337.07"}}]
[{"$nulls":15},"3","Casa 3",10.65,{"$f":"ROUND(K1198,2)*R1200","v":{"v":337.0725,"d":"R$ 337.07"}}]
[{"$nulls":15},"4","Casa 4",10.65,{"$f":"ROUND(K1198,2)*R1201","v":{"v":337.0725,"d":"R$ 337.07"}}]
[{"$nulls":15},"5","Casa 5",10.65,{"$f":"ROUND(K1198,2)*R1202","v":{"v":337.0725,"d":"R$ 337.07"}}]
[{"$nulls":15},"6","Casa 6",10.65,{"$f":"ROUND(K1198,2)*R1203","v":{"v":337.0725,"d":"R$ 337.07"}}]
[{"$nulls":15},"7","Casa 7",10.65,{"$f":"ROUND(K1198,2)*R1204","v":{"v":337.0725,"d":"R$ 337.07"}}]
[{"$nulls":15},"8","Casa 8",10.65,{"$f":"ROUND(K1198,2)*R1205","v":{"v":337.0725,"d":"R$ 337.07"}}]
[{"$nulls":15},"9","Casa 9",10.65,{"$f":"ROUND(K1198,2)*R1206","v":{"v":337.0725,"d":"R$ 337.07"}}]
[{"$nulls":15},"10","Casa 10",10.65,{"$f":"ROUND(K1198,2)*R1207","v":{"v":337.0725,"d":"R$ 337.07"}}]
[{"$nulls":15},"11","Casa 11",10.65,{"$f":"ROUND(K1198,2)*R1208","v":{"v":337.0725,"d":"R$ 337.07"}}]
[{"$nulls":15},"12","Casa 12",10.65,{"$f":"ROUND(K1198,2)*R1209","v":{"v":337.0725,"d":"R$ 337.07"}}]
[{"$nulls":15},"13","Casa 13",10.65,{"$f":"ROUND(K1198,2)*R1210","v":{"v":337.0725,"d":"R$ 337.07"}}]
[{"$nulls":15},"14","Casa 14",10.65,{"$f":"ROUND(K1198,2)*R1211","v":{"v":337.0725,"d":"R$ 337.07"}}]
[{"$nulls":15},"15","Casa 15",10.65,{"$f":"ROUND(K1198,2)*R1212","v":{"v":337.0725,"d":"R$ 337.07"}}]
[{"$nulls":15},"16","Casa 16",10.65,{"$f":"ROUND(K1198,2)*R1213","v":{"v":337.0725,"d":"R$ 337.07"}}]
[{"$nulls":15},"17","Casa 17",10.65,{"$f":"ROUND(K1198,2)*R1214","v":{"v":337.0725,"d":"R$ 337.07"}}]
[{"$nulls":15},"18","Casa 18",10.65,{"$f":"ROUND(K1198,2)*R1215","v":{"v":337.0725,"d":"R$ 337.07"}}]
[{"$nulls":15},"19","Casa 19",10.65,{"$f":"ROUND(K1198,2)*R1216","v":{"v":337.0725,"d":"R$ 337.07"}}]
[{"$nulls":15},"20","Casa 20",10.65,{"$f":"ROUND(K1198,2)*R1217","v":{"v":337.0725,"d":"R$ 337.07"}}]
[{"$nulls":15},"21","Casa 21",10.65,{"$f":"ROUND(K1198,2)*R1218","v":{"v":337.0725,"d":"R$ 337.07"}}]
[{"$nulls":15},"22","Casa 22",10.65,{"$f":"ROUND(K1198,2)*R1219","v":{"v":337.0725,"d":"R$ 337.07"}}]
[{"$nulls":15},"23","Casa 23",10.65,{"$f":"ROUND(K1198,2)*R1220","v":{"v":337.0725,"d":"R$ 337.07"}}]
[{"$nulls":15},"24","Casa 24",10.65,{"$f":"ROUND(K1198,2)*R1221","v":{"v":337.0725,"d":"R$ 337.07"}}]
[{"$nulls":15},"25","Casa 25",10.65,{"$f":"ROUND(K1198,2)*R1222","v":{"v":337.0725,"d":"R$ 337.07"}}]
["Serviço","10.6","SINAPI","92548","FABRICAÇÃO E INSTALAÇÃO DE TESOURA INTEIRA EM MADEIRA NÃO APARELHADA, VÃO DE 6 M, PARA TELHA CERÂMICA OU DE CONCRETO, INCLUSO IÇAMENTO. AF_07/2019",{"$f":"R1223+R1224+R1225+R1226+R1227+R1228+R1229+R1230+R1231+R1232+R1233+R1234+R1235+R1236+R1237+R1238+R1239+R1240+R1241+R1242+R1243+R1244+R1245+R1246+R1247","v":{"v":100,"d":"100.00"}},"UN",{"v":1771.52,"d":"R$ 1,771.52"},{"v":1771.52,"d":"R$ 1,771.52"},{"v":0.25,"d":"25.00%"},{"$f":"ROUND(I1223,2)+(ROUND(I1223,2)*J1223)","v":{"v":2214.4,"d":"R$ 2,214.40"}},{"$f":"ROUND(S1223,2)+ROUND(S1224,2)+ROUND(S1225,2)+ROUND(S1226,2)+ROUND(S1227,2)+ROUND(S1228,2)+ROUND(S1229,2)+ROUND(S1230,2)+ROUND(S1231,2)+ROUND(S1232,2)+ROUND(S1233,2)+ROUND(S1234,2)+ROUND(S1235,2)+ROUND(S1236,2)+ROUND(S1237,2)+ROUND(S1238,2)+ROUND(S1239,2)+ROUND(S1240,2)+ROUND(S1241,2)+ROUND(S1242,2)+ROUND(S1243,2)+ROUND(S1244,2)+ROUND(S1245,2)+ROUND(S1246,2)+ROUND(S1247,2)","v":{"v":221440.0000000001,"d":"R$ 221,440.00"}},"","10","TELHADOS","1","Casa 1",{"v":4,"d":"4.00"},{"$f":"ROUND(K1223,2)*R1223","v":{"v":8857.6,"d":"R$ 8,857.60"}}]
[{"$nulls":15},"2","Casa 2",{"v":4,"d":"4.00"},{"$f":"ROUND(K1223,2)*R1224","v":{"v":8857.6,"d":"R$ 8,857.60"}}]
[{"$nulls":15},"3","Casa 3",{"v":4,"d":"4.00"},{"$f":"ROUND(K1223,2)*R1225","v":{"v":8857.6,"d":"R$ 8,857.60"}}]
[{"$nulls":15},"4","Casa 4",{"v":4,"d":"4.00"},{"$f":"ROUND(K1223,2)*R1226","v":{"v":8857.6,"d":"R$ 8,857.60"}}]
[{"$nulls":15},"5","Casa 5",{"v":4,"d":"4.00"},{"$f":"ROUND(K1223,2)*R1227","v":{"v":8857.6,"d":"R$ 8,857.60"}}]
[{"$nulls":15},"6","Casa 6",{"v":4,"d":"4.00"},{"$f":"ROUND(K1223,2)*R1228","v":{"v":8857.6,"d":"R$ 8,857.60"}}]
[{"$nulls":15},"7","Casa 7",{"v":4,"d":"4.00"},{"$f":"ROUND(K1223,2)*R1229","v":{"v":8857.6,"d":"R$ 8,857.60"}}]
[{"$nulls":15},"8","Casa 8",{"v":4,"d":"4.00"},{"$f":"ROUND(K1223,2)*R1230","v":{"v":8857.6,"d":"R$ 8,857.60"}}]
[{"$nulls":15},"9","Casa 9",{"v":4,"d":"4.00"},{"$f":"ROUND(K1223,2)*R1231","v":{"v":8857.6,"d":"R$ 8,857.60"}}]
[{"$nulls":15},"10","Casa 10",{"v":4,"d":"4.00"},{"$f":"ROUND(K1223,2)*R1232","v":{"v":8857.6,"d":"R$ 8,857.60"}}]
[{"$nulls":15},"11","Casa 11",{"v":4,"d":"4.00"},{"$f":"ROUND(K1223,2)*R1233","v":{"v":8857.6,"d":"R$ 8,857.60"}}]
[{"$nulls":15},"12","Casa 12",{"v":4,"d":"4.00"},{"$f":"ROUND(K1223,2)*R1234","v":{"v":8857.6,"d":"R$ 8,857.60"}}]
[{"$nulls":15},"13","Casa 13",{"v":4,"d":"4.00"},{"$f":"ROUND(K1223,2)*R1235","v":{"v":8857.6,"d":"R$ 8,857.60"}}]
[{"$nulls":15},"14","Casa 14",{"v":4,"d":"4.00"},{"$f":"ROUND(K1223,2)*R1236","v":{"v":8857.6,"d":"R$ 8,857.60"}}]
[{"$nulls":15},"15","Casa 15",{"v":4,"d":"4.00"},{"$f":"ROUND(K1223,2)*R1237","v":{"v":8857.6,"d":"R$ 8,857.60"}}]
[{"$nulls":15},"16","Casa 16",{"v":4,"d":"4.00"},{"$f":"ROUND(K1223,2)*R1238","v":{"v":8857.6,"d":"R$ 8,857.60"}}]
[{"$nulls":15},"17","Casa 17",{"v":4,"d":"4.00"},{"$f":"ROUND(K1223,2)*R1239","v":{"v":8857.6,"d":"R$ 8,857.60"}}]
[{"$nulls":15},"18","Casa 18",{"v":4,"d":"4.00"},{"$f":"ROUND(K1223,2)*R1240","v":{"v":8857.6,"d":"R$ 8,857.60"}}]
[{"$nulls":15},"19","Casa 19",{"v":4,"d":"4.00"},{"$f":"ROUND(K1223,2)*R1241","v":{"v":8857.6,"d":"R$ 8,857.60"}}]
[{"$nulls":15},"20","Casa 20",{"v":4,"d":"4.00"},{"$f":"ROUND(K1223,2)*R1242","v":{"v":8857.6,"d":"R$ 8,857.60"}}]
[{"$nulls":15},"21","Casa 21",{"v":4,"d":"4.00"},{"$f":"ROUND(K1223,2)*R1243","v":{"v":8857.6,"d":"R$ 8,857.60"}}]
[{"$nulls":15},"22","Casa 22",{"v":4,"d":"4.00"},{"$f":"ROUND(K1223,2)*R1244","v":{"v":8857.6,"d":"R$ 8,857.60"}}]
[{"$nulls":15},"23","Casa 23",{"v":4,"d":"4.00"},{"$f":"ROUND(K1223,2)*R1245","v":{"v":8857.6,"d":"R$ 8,857.60"}}]
[{"$nulls":15},"24","Casa 24",{"v":4,"d":"4.00"},{"$f":"ROUND(K1223,2)*R1246","v":{"v":8857.6,"d":"R$ 8,857.60"}}]
[{"$nulls":15},"25","Casa 25",{"v":4,"d":"4.00"},{"$f":"ROUND(K1223,2)*R1247","v":{"v":8857.6,"d":"R$ 8,857.60"}}]
["Macrosserviço","11","","","REVESTIMENTOS INTERNOS","","","","","","",{"$f":"ROUND(L1249,2)+ROUND(L1274,2)+ROUND(L1299,2)+ROUND(L1324,2)+ROUND(L1349,2)+ROUND(L1374,2)","v":{"v":150596.5,"d":"R$ 150,596.50"}},"","","","","","",""]
["Serviço","11.1","SINAPI","87879","CHAPISCO APLICADO EM ALVENARIAS E ESTRUTURAS DE CONCRETO INTERNAS, COM COLHER DE PEDREIRO. ARGAMASSA TRAÇO 1:3 COM PREPARO EM BETONEIRA 400L. AF_10/2022",{"$f":"R1249+R1250+R1251+R1252+R1253+R1254+R1255+R1256+R1257+R1258+R1259+R1260+R1261+R1262+R1263+R1264+R1265+R1266+R1267+R1268+R1269+R1270+R1271+R1272+R1273","v":{"v":3414.499999999999,"d":"3,414.50"}},"M2",{"v":4.77,"d":"R$ 4.77"},{"v":4.77,"d":"R$ 4.77"},{"v":0.25,"d":"25.00%"},{"$f":"ROUND(I1249,2)+(ROUND(I1249,2)*J1249)","v":{"v":5.9624999999999995,"d":"R$ 5.96"}},{"$f":"ROUND(S1249,2)+ROUND(S1250,2)+ROUND(S1251,2)+ROUND(S1252,2)+ROUND(S1253,2)+ROUND(S1254,2)+ROUND(S1255,2)+ROUND(S1256,2)+ROUND(S1257,2)+ROUND(S1258,2)+ROUND(S1259,2)+ROUND(S1260,2)+ROUND(S1261,2)+ROUND(S1262,2)+ROUND(S1263,2)+ROUND(S1264,2)+ROUND(S1265,2)+ROUND(S1266,2)+ROUND(S1267,2)+ROUND(S1268,2)+ROUND(S1269,2)+ROUND(S1270,2)+ROUND(S1271,2)+ROUND(S1272,2)+ROUND(S1273,2)","v":{"v":20350.500000000007,"d":"R$ 20,350.50"}},"","11","REVESTIMENTOS INTERNOS","1","Casa 1",136.58,{"$f":"ROUND(K1249,2)*R1249","v":{"v":814.0168000000001,"d":"R$ 814.02"}}]
[{"$nulls":15},"2","Casa 2",136.58,{"$f":"ROUND(K1249,2)*R1250","v":{"v":814.0168000000001,"d":"R$ 814.02"}}]
[{"$nulls":15},"3","Casa 3",136.58,{"$f":"ROUND(K1249,2)*R1251","v":{"v":814.0168000000001,"d":"R$ 814.02"}}]
[{"$nulls":15},"4","Casa 4",136.58,{"$f":"ROUND(K1249,2)*R1252","v":{"v":814.0168000000001,"d":"R$ 814.02"}}]
[{"$nulls":15},"5","Casa 5",136.58,{"$f":"ROUND(K1249,2)*R1253","v":{"v":814.0168000000001,"d":"R$ 814.02"}}]
[{"$nulls":15},"6","Casa 6",136.58,{"$f":"ROUND(K1249,2)*R1254","v":{"v":814.0168000000001,"d":"R$ 814.02"}}]
[{"$nulls":15},"7","Casa 7",136.58,{"$f":"ROUND(K1249,2)*R1255","v":{"v":814.0168000000001,"d":"R$ 814.02"}}]
[{"$nulls":15},"8","Casa 8",136.58,{"$f":"ROUND(K1249,2)*R1256","v":{"v":814.0168000000001,"d":"R$ 814.02"}}]
[{"$nulls":15},"9","Casa 9",136.58,{"$f":"ROUND(K1249,2)*R1257","v":{"v":814.0168000000001,"d":"R$ 814.02"}}]
[{"$nulls":15},"10","Casa 10",136.58,{"$f":"ROUND(K1249,2)*R1258","v":{"v":814.0168000000001,"d":"R$ 814.02"}}]
[{"$nulls":15},"11","Casa 11",136.58,{"$f":"ROUND(K1249,2)*R1259","v":{"v":814.0168000000001,"d":"R$ 814.02"}}]
[{"$nulls":15},"12","Casa 12",136.58,{"$f":"ROUND(K1249,2)*R1260","v":{"v":814.0168000000001,"d":"R$ 814.02"}}]
[{"$nulls":15},"13","Casa 13",136.58,{"$f":"ROUND(K1249,2)*R1261","v":{"v":814.0168000000001,"d":"R$ 814.02"}}]
[{"$nulls":15},"14","Casa 14",136.58,{"$f":"ROUND(K1249,2)*R1262","v":{"v":814.0168000000001,"d":"R$ 814.02"}}]
[{"$nulls":15},"15","Casa 15",136.58,{"$f":"ROUND(K1249,2)*R1263","v":{"v":814.0168000000001,"d":"R$ 814.02"}}]
[{"$nulls":15},"16","Casa 16",136.58,{"$f":"ROUND(K1249,2)*R1264","v":{"v":814.0168000000001,"d":"R$ 814.02"}}]
[{"$nulls":15},"17","Casa 17",136.58,{"$f":"ROUND(K1249,2)*R1265","v":{"v":814.0168000000001,"d":"R$ 814.02"}}]
[{"$nulls":15},"18","Casa 18",136.58,{"$f":"ROUND(K1249,2)*R1266","v":{"v":814.0168000000001,"d":"R$ 814.02"}}]
[{"$nulls":15},"19","Casa 19",136.58,{"$f":"ROUND(K1249,2)*R1267","v":{"v":814.0168000000001,"d":"R$ 814.02"}}]
[{"$nulls":15},"20","Casa 20",136.58,{"$f":"ROUND(K1249,2)*R1268","v":{"v":814.0168000000001,"d":"R$ 814.02"}}]
[{"$nulls":15},"21","Casa 21",136.58,{"$f":"ROUND(K1249,2)*R1269","v":{"v":814.0168000000001,"d":"R$ 814.02"}}]
[{"$nulls":15},"22","Casa 22",136.58,{"$f":"ROUND(K1249,2)*R1270","v":{"v":814.0168000000001,"d":"R$ 814.02"}}]
[{"$nulls":15},"23","Casa 23",136.58,{"$f":"ROUND(K1249,2)*R1271","v":{"v":814.0168000000001,"d":"R$ 814.02"}}]
[{"$nulls":15},"24","Casa 24",136.58,{"$f":"ROUND(K1249,2)*R1272","v":{"v":814.0168000000001,"d":"R$ 814.02"}}]
[{"$nulls":15},"25","Casa 25",136.58,{"$f":"ROUND(K1249,2)*R1273","v":{"v":814.0168000000001,"d":"R$ 814.02"}}]
["Serviço","11.2","SINAPI","87882","CHAPISCO APLICADO NO TETO OU EM ALVENARIA E ESTRUTURA, COM ROLO PARA TEXTURA ACRÍLICA. ARGAMASSA TRAÇO 1:4 E EMULSÃO POLIMÉRICA (ADESIVO) COM PREPARO EM BETONEIRA 400L. AF_10/2022",{"$f":"R1274+R1275+R1276+R1277+R1278+R1279+R1280+R1281+R1282+R1283+R1284+R1285+R1286+R1287+R1288+R1289+R1290+R1291+R1292+R1293+R1294+R1295+R1296+R1297+R1298","v":{"v":110.99999999999997,"d":"111.00"}},"M2",{"v":5.68,"d":"R$ 5.68"},{"v":5.68,"d":"R$ 5.68"},{"v":0.25,"d":"25.00%"},{"$f":"ROUND(I1274,2)+(ROUND(I1274,2)*J1274)","v":{"v":7.1,"d":"R$ 7.10"}},{"$f":"ROUND(S1274,2)+ROUND(S1275,2)+ROUND(S1276,2)+ROUND(S1277,2)+ROUND(S1278,2)+ROUND(S1279,2)+ROUND(S1280,2)+ROUND(S1281,2)+ROUND(S1282,2)+ROUND(S1283,2)+ROUND(S1284,2)+ROUND(S1285,2)+ROUND(S1286,2)+ROUND(S1287,2)+ROUND(S1288,2)+ROUND(S1289,2)+ROUND(S1290,2)+ROUND(S1291,2)+ROUND(S1292,2)+ROUND(S1293,2)+ROUND(S1294,2)+ROUND(S1295,2)+ROUND(S1296,2)+ROUND(S1297,2)+ROUND(S1298,2)","v":{"v":787.9999999999998,"d":"R$ 788.00"}},"","11","REVESTIMENTOS INTERNOS","1","Casa 1",4.44,{"$f":"ROUND(K1274,2)*R1274","v":{"v":31.524,"d":"R$ 31.52"}}]
[{"$nulls":15},"2","Casa 2",4.44,{"$f":"ROUND(K1274,2)*R1275","v":{"v":31.524,"d":"R$ 31.52"}}]
[{"$nulls":15},"3","Casa 3",4.44,{"$f":"ROUND(K1274,2)*R1276","v":{"v":31.524,"d":"R$ 31.52"}}]
[{"$nulls":15},"4","Casa 4",4.44,{"$f":"ROUND(K1274,2)*R1277","v":{"v":31.524,"d":"R$ 31.52"}}]
[{"$nulls":15},"5","Casa 5",4.44,{"$f":"ROUND(K1274,2)*R1278","v":{"v":31.524,"d":"R$ 31.52"}}]
[{"$nulls":15},"6","Casa 6",4.44,{"$f":"ROUND(K1274,2)*R1279","v":{"v":31.524,"d":"R$ 31.52"}}]
[{"$nulls":15},"7","Casa 7",4.44,{"$f":"ROUND(K1274,2)*R1280","v":{"v":31.524,"d":"R$ 31.52"}}]
[{"$nulls":15},"8","Casa 8",4.44,{"$f":"ROUND(K1274,2)*R1281","v":{"v":31.524,"d":"R$ 31.52"}}]
[{"$nulls":15},"9","Casa 9",4.44,{"$f":"ROUND(K1274,2)*R1282","v":{"v":31.524,"d":"R$ 31.52"}}]
[{"$nulls":15},"10","Casa 10",4.44,{"$f":"ROUND(K1274,2)*R1283","v":{"v":31.524,"d":"R$ 31.52"}}]
[{"$nulls":15},"11","Casa 11",4.44,{"$f":"ROUND(K1274,2)*R1284","v":{"v":31.524,"d":"R$ 31.52"}}]
[{"$nulls":15},"12","Casa 12",4.44,{"$f":"ROUND(K1274,2)*R1285","v":{"v":31.524,"d":"R$ 31.52"}}]
[{"$nulls":15},"13","Casa 13",4.44,{"$f":"ROUND(K1274,2)*R1286","v":{"v":31.524,"d":"R$ 31.52"}}]
[{"$nulls":15},"14","Casa 14",4.44,{"$f":"ROUND(K1274,2)*R1287","v":{"v":31.524,"d":"R$ 31.52"}}]
[{"$nulls":15},"15","Casa 15",4.44,{"$f":"ROUND(K1274,2)*R1288","v":{"v":31.524,"d":"R$ 31.52"}}]
[{"$nulls":15},"16","Casa 16",4.44,{"$f":"ROUND(K1274,2)*R1289","v":{"v":31.524,"d":"R$ 31.52"}}]
[{"$nulls":15},"17","Casa 17",4.44,{"$f":"ROUND(K1274,2)*R1290","v":{"v":31.524,"d":"R$ 31.52"}}]
[{"$nulls":15},"18","Casa 18",4.44,{"$f":"ROUND(K1274,2)*R1291","v":{"v":31.524,"d":"R$ 31.52"}}]
[{"$nulls":15},"19","Casa 19",4.44,{"$f":"ROUND(K1274,2)*R1292","v":{"v":31.524,"d":"R$ 31.52"}}]
[{"$nulls":15},"20","Casa 20",4.44,{"$f":"ROUND(K1274,2)*R1293","v":{"v":31.524,"d":"R$ 31.52"}}]
[{"$nulls":15},"21","Casa 21",4.44,{"$f":"ROUND(K1274,2)*R1294","v":{"v":31.524,"d":"R$ 31.52"}}]
[{"$nulls":15},"22","Casa 22",4.44,{"$f":"ROUND(K1274,2)*R1295","v":{"v":31.524,"d":"R$ 31.52"}}]
[{"$nulls":15},"23","Casa 23",4.44,{"$f":"ROUND(K1274,2)*R1296","v":{"v":31.524,"d":"R$ 31.52"}}]
[{"$nulls":15},"24","Casa 24",4.44,{"$f":"ROUND(K1274,2)*R1297","v":{"v":31.524,"d":"R$ 31.52"}}]
[{"$nulls":15},"25","Casa 25",4.44,{"$f":"ROUND(K1274,2)*R1298","v":{"v":31.524,"d":"R$ 31.52"}}]
["Serviço","11.3","SINAPI","87545","EMBOÇO, EM ARGAMASSA TRAÇO 1:2:8, PREPARO MECÂNICO, APLICADO MANUALMENTE EM PAREDES INTERNAS, PARA AMBIENTES COM ÁREA MENOR QUE 5M², E = 10MM, COM TALISCAS. AF_03/2024",{"$f":"R1299+R1300+R1301+R1302+R1303+R1304+R1305+R1306+R1307+R1308+R1309+R1310+R1311+R1312+R1313+R1314+R1315+R1316+R1317+R1318+R1319+R1320+R1321+R1322+R1323","v":{"v":599.2500000000003,"d":"599.25"}},"M2",{"v":33.02,"d":"R$ 33.02"},{"v":33.02,"d":"R$ 33.02"},{"v":0.25,"d":"25.00%"},{"$f":"ROUND(I1299,2)+(ROUND(I1299,2)*J1299)","v":{"v":41.275000000000006,"d":"R$ 41.28"}},{"$f":"ROUND(S1299,2)+ROUND(S1300,2)+ROUND(S1301,2)+ROUND(S1302,2)+ROUND(S1303,2)+ROUND(S1304,2)+ROUND(S1305,2)+ROUND(S1306,2)+ROUND(S1307,2)+ROUND(S1308,2)+ROUND(S1309,2)+ROUND(S1310,2)+ROUND(S1311,2)+ROUND(S1312,2)+ROUND(S1313,2)+ROUND(S1314,2)+ROUND(S1315,2)+ROUND(S1316,2)+ROUND(S1317,2)+ROUND(S1318,2)+ROUND(S1319,2)+ROUND(S1320,2)+ROUND(S1321,2)+ROUND(S1322,2)+ROUND(S1323,2)","v":{"v":24736.999999999993,"d":"R$ 24,737.00"}},"","11","REVESTIMENTOS INTERNOS","1","Casa 1",23.97,{"$f":"ROUND(K1299,2)*R1299","v":{"v":989.4816,"d":"R$ 989.48"}}]
[{"$nulls":15},"2","Casa 2",23.97,{"$f":"ROUND(K1299,2)*R1300","v":{"v":989.4816,"d":"R$ 989.48"}}]
[{"$nulls":15},"3","Casa 3",23.97,{"$f":"ROUND(K1299,2)*R1301","v":{"v":989.4816,"d":"R$ 989.48"}}]
[{"$nulls":15},"4","Casa 4",23.97,{"$f":"ROUND(K1299,2)*R1302","v":{"v":989.4816,"d":"R$ 989.48"}}]
[{"$nulls":15},"5","Casa 5",23.97,{"$f":"ROUND(K1299,2)*R1303","v":{"v":989.4816,"d":"R$ 989.48"}}]
[{"$nulls":15},"6","Casa 6",23.97,{"$f":"ROUND(K1299,2)*R1304","v":{"v":989.4816,"d":"R$ 989.48"}}]
[{"$nulls":15},"7","Casa 7",23.97,{"$f":"ROUND(K1299,2)*R1305","v":{"v":989.4816,"d":"R$ 989.48"}}]
[{"$nulls":15},"8","Casa 8",23.97,{"$f":"ROUND(K1299,2)*R1306","v":{"v":989.4816,"d":"R$ 989.48"}}]
[{"$nulls":15},"9","Casa 9",23.97,{"$f":"ROUND(K1299,2)*R1307","v":{"v":989.4816,"d":"R$ 989.48"}}]
[{"$nulls":15},"10","Casa 10",23.97,{"$f":"ROUND(K1299,2)*R1308","v":{"v":989.4816,"d":"R$ 989.48"}}]
[{"$nulls":15},"11","Casa 11",23.97,{"$f":"ROUND(K1299,2)*R1309","v":{"v":989.4816,"d":"R$ 989.48"}}]
[{"$nulls":15},"12","Casa 12",23.97,{"$f":"ROUND(K1299,2)*R1310","v":{"v":989.4816,"d":"R$ 989.48"}}]
[{"$nulls":15},"13","Casa 13",23.97,{"$f":"ROUND(K1299,2)*R1311","v":{"v":989.4816,"d":"R$ 989.48"}}]
[{"$nulls":15},"14","Casa 14",23.97,{"$f":"ROUND(K1299,2)*R1312","v":{"v":989.4816,"d":"R$ 989.48"}}]
[{"$nulls":15},"15","Casa 15",23.97,{"$f":"ROUND(K1299,2)*R1313","v":{"v":989.4816,"d":"R$ 989.48"}}]
[{"$nulls":15},"16","Casa 16",23.97,{"$f":"ROUND(K1299,2)*R1314","v":{"v":989.4816,"d":"R$ 989.48"}}]
[{"$nulls":15},"17","Casa 17",23.97,{"$f":"ROUND(K1299,2)*R1315","v":{"v":989.4816,"d":"R$ 989.48"}}]
[{"$nulls":15},"18","Casa 18",23.97,{"$f":"ROUND(K1299,2)*R1316","v":{"v":989.4816,"d":"R$ 989.48"}}]
[{"$nulls":15},"19","Casa 19",23.97,{"$f":"ROUND(K1299,2)*R1317","v":{"v":989.4816,"d":"R$ 989.48"}}]
[{"$nulls":15},"20","Casa 20",23.97,{"$f":"ROUND(K1299,2)*R1318","v":{"v":989.4816,"d":"R$ 989.48"}}]
[{"$nulls":15},"21","Casa 21",23.97,{"$f":"ROUND(K1299,2)*R1319","v":{"v":989.4816,"d":"R$ 989.48"}}]
[{"$nulls":15},"22","Casa 22",23.97,{"$f":"ROUND(K1299,2)*R1320","v":{"v":989.4816,"d":"R$ 989.48"}}]
[{"$nulls":15},"23","Casa 23",23.97,{"$f":"ROUND(K1299,2)*R1321","v":{"v":989.4816,"d":"R$ 989.48"}}]
[{"$nulls":15},"24","Casa 24",23.97,{"$f":"ROUND(K1299,2)*R1322","v":{"v":989.4816,"d":"R$ 989.48"}}]
[{"$nulls":15},"25","Casa 25",23.97,{"$f":"ROUND(K1299,2)*R1323","v":{"v":989.4816,"d":"R$ 989.48"}}]
["Serviço","11.4","SINAPI","87547","MASSA ÚNICA, EM ARGAMASSA TRAÇO 1:2:8, PREPARO MECÂNICO, APLICADA MANUALMENTE EM PAREDES INTERNAS DE AMBIENTES COM ÁREA ENTRE 5M² E 10M², E = 10MM, COM TALISCAS. AF_03/2024",{"$f":"R1324+R1325+R1326+R1327+R1328+R1329+R1330+R1331+R1332+R1333+R1334+R1335+R1336+R1337+R1338+R1339+R1340+R1341+R1342+R1343+R1344+R1345+R1346+R1347+R1348","v":{"v":2001.2499999999993,"d":"2,001.25"}},"M2",{"v":29.4,"d":"R$ 29.40"},{"v":29.4,"d":"R$ 29.40"},{"v":0.25,"d":"25.00%"},{"$f":"ROUND(I1324,2)+(ROUND(I1324,2)*J1324)","v":{"v":36.75,"d":"R$ 36.75"}},{"$f":"ROUND(S1324,2)+ROUND(S1325,2)+ROUND(S1326,2)+ROUND(S1327,2)+ROUND(S1328,2)+ROUND(S1329,2)+ROUND(S1330,2)+ROUND(S1331,2)+ROUND(S1332,2)+ROUND(S1333,2)+ROUND(S1334,2)+ROUND(S1335,2)+ROUND(S1336,2)+ROUND(S1337,2)+ROUND(S1338,2)+ROUND(S1339,2)+ROUND(S1340,2)+ROUND(S1341,2)+ROUND(S1342,2)+ROUND(S1343,2)+ROUND(S1344,2)+ROUND(S1345,2)+ROUND(S1346,2)+ROUND(S1347,2)+ROUND(S1348,2)","v":{"v":73545.99999999996,"d":"R$ 73,546.00"}},"","11","REVESTIMENTOS INTERNOS","1","Casa 1",80.05,{"$f":"ROUND(K1324,2)*R1324","v":{"v":2941.8375,"d":"R$ 2,941.84"}}]
[{"$nulls":15},"2","Casa 2",80.05,{"$f":"ROUND(K1324,2)*R1325","v":{"v":2941.8375,"d":"R$ 2,941.84"}}]
[{"$nulls":15},"3","Casa 3",80.05,{"$f":"ROUND(K1324,2)*R1326","v":{"v":2941.8375,"d":"R$ 2,941.84"}}]
[{"$nulls":15},"4","Casa 4",80.05,{"$f":"ROUND(K1324,2)*R1327","v":{"v":2941.8375,"d":"R$ 2,941.84"}}]
[{"$nulls":15},"5","Casa 5",80.05,{"$f":"ROUND(K1324,2)*R1328","v":{"v":2941.8375,"d":"R$ 2,941.84"}}]
[{"$nulls":15},"6","Casa 6",80.05,{"$f":"ROUND(K1324,2)*R1329","v":{"v":2941.8375,"d":"R$ 2,941.84"}}]
[{"$nulls":15},"7","Casa 7",80.05,{"$f":"ROUND(K1324,2)*R1330","v":{"v":2941.8375,"d":"R$ 2,941.84"}}]
[{"$nulls":15},"8","Casa 8",80.05,{"$f":"ROUND(K1324,2)*R1331","v":{"v":2941.8375,"d":"R$ 2,941.84"}}]
[{"$nulls":15},"9","Casa 9",80.05,{"$f":"ROUND(K1324,2)*R1332","v":{"v":2941.8375,"d":"R$ 2,941.84"}}]
[{"$nulls":15},"10","Casa 10",80.05,{"$f":"ROUND(K1324,2)*R1333","v":{"v":2941.8375,"d":"R$ 2,941.84"}}]
[{"$nulls":15},"11","Casa 11",80.05,{"$f":"ROUND(K1324,2)*R1334","v":{"v":2941.8375,"d":"R$ 2,941.84"}}]
[{"$nulls":15},"12","Casa 12",80.05,{"$f":"ROUND(K1324,2)*R1335","v":{"v":2941.8375,"d":"R$ 2,941.84"}}]
[{"$nulls":15},"13","Casa 13",80.05,{"$f":"ROUND(K1324,2)*R1336","v":{"v":2941.8375,"d":"R$ 2,941.84"}}]
[{"$nulls":15},"14","Casa 14",80.05,{"$f":"ROUND(K1324,2)*R1337","v":{"v":2941.8375,"d":"R$ 2,941.84"}}]
[{"$nulls":15},"15","Casa 15",80.05,{"$f":"ROUND(K1324,2)*R1338","v":{"v":2941.8375,"d":"R$ 2,941.84"}}]
[{"$nulls":15},"16","Casa 16",80.05,{"$f":"ROUND(K1324,2)*R1339","v":{"v":2941.8375,"d":"R$ 2,941.84"}}]
[{"$nulls":15},"17","Casa 17",80.05,{"$f":"ROUND(K1324,2)*R1340","v":{"v":2941.8375,"d":"R$ 2,941.84"}}]
[{"$nulls":15},"18","Casa 18",80.05,{"$f":"ROUND(K1324,2)*R1341","v":{"v":2941.8375,"d":"R$ 2,941.84"}}]
[{"$nulls":15},"19","Casa 19",80.05,{"$f":"ROUND(K1324,2)*R1342","v":{"v":2941.8375,"d":"R$ 2,941.84"}}]
[{"$nulls":15},"20","Casa 20",80.05,{"$f":"ROUND(K1324,2)*R1343","v":{"v":2941.8375,"d":"R$ 2,941.84"}}]
[{"$nulls":15},"21","Casa 21",80.05,{"$f":"ROUND(K1324,2)*R1344","v":{"v":2941.8375,"d":"R$ 2,941.84"}}]
[{"$nulls":15},"22","Casa 22",80.05,{"$f":"ROUND(K1324,2)*R1345","v":{"v":2941.8375,"d":"R$ 2,941.84"}}]
[{"$nulls":15},"23","Casa 23",80.05,{"$f":"ROUND(K1324,2)*R1346","v":{"v":2941.8375,"d":"R$ 2,941.84"}}]
[{"$nulls":15},"24","Casa 24",80.05,{"$f":"ROUND(K1324,2)*R1347","v":{"v":2941.8375,"d":"R$ 2,941.84"}}]
[{"$nulls":15},"25","Casa 25",80.05,{"$f":"ROUND(K1324,2)*R1348","v":{"v":2941.8375,"d":"R$ 2,941.84"}}]
["Serviço","11.5","SINAPI","104958","MASSA ÚNICA, EM ARGAMASSA TRAÇO 1:2:8 PREPARO MECÂNICO, APLICADA MANUALMENTE EM PAREDES INTERNAS DE AMBIENTES COM ÁREA MAIOR QUE 10M², E = 10MM, COM TALISCAS. AF_03/2024",{"$f":"R1349+R1350+R1351+R1352+R1353+R1354+R1355+R1356+R1357+R1358+R1359+R1360+R1361+R1362+R1363+R1364+R1365+R1366+R1367+R1368+R1369+R1370+R1371+R1372+R1373","v":{"v":813.9999999999995,"d":"814.00"}},"M2",{"v":25.67,"d":"R$ 25.67"},{"v":25.67,"d":"R$ 25.67"},{"v":0.25,"d":"25.00%"},{"$f":"ROUND(I1349,2)+(ROUND(I1349,2)*J1349)","v":{"v":32.087500000000006,"d":"R$ 32.09"}},{"$f":"ROUND(S1349,2)+ROUND(S1350,2)+ROUND(S1351,2)+ROUND(S1352,2)+ROUND(S1353,2)+ROUND(S1354,2)+ROUND(S1355,2)+ROUND(S1356,2)+ROUND(S1357,2)+ROUND(S1358,2)+ROUND(S1359,2)+ROUND(S1360,2)+ROUND(S1361,2)+ROUND(S1362,2)+ROUND(S1363,2)+ROUND(S1364,2)+ROUND(S1365,2)+ROUND(S1366,2)+ROUND(S1367,2)+ROUND(S1368,2)+ROUND(S1369,2)+ROUND(S1370,2)+ROUND(S1371,2)+ROUND(S1372,2)+ROUND(S1373,2)","v":{"v":26121.24999999999,"d":"R$ 26,121.25"}},"","11","REVESTIMENTOS INTERNOS","1","Casa 1",32.56,{"$f":"ROUND(K1349,2)*R1349","v":{"v":1044.8504000000003,"d":"R$ 1,044.85"}}]
[{"$nulls":15},"2","Casa 2",32.56,{"$f":"ROUND(K1349,2)*R1350","v":{"v":1044.8504000000003,"d":"R$ 1,044.85"}}]
[{"$nulls":15},"3","Casa 3",32.56,{"$f":"ROUND(K1349,2)*R1351","v":{"v":1044.8504000000003,"d":"R$ 1,044.85"}}]
[{"$nulls":15},"4","Casa 4",32.56,{"$f":"ROUND(K1349,2)*R1352","v":{"v":1044.8504000000003,"d":"R$ 1,044.85"}}]
[{"$nulls":15},"5","Casa 5",32.56,{"$f":"ROUND(K1349,2)*R1353","v":{"v":1044.8504000000003,"d":"R$ 1,044.85"}}]
[{"$nulls":15},"6","Casa 6",32.56,{"$f":"ROUND(K1349,2)*R1354","v":{"v":1044.8504000000003,"d":"R$ 1,044.85"}}]
[{"$nulls":15},"7","Casa 7",32.56,{"$f":"ROUND(K1349,2)*R1355","v":{"v":1044.8504000000003,"d":"R$ 1,044.85"}}]
[{"$nulls":15},"8","Casa 8",32.56,{"$f":"ROUND(K1349,2)*R1356","v":{"v":1044.8504000000003,"d":"R$ 1,044.85"}}]
[{"$nulls":15},"9","Casa 9",32.56,{"$f":"ROUND(K1349,2)*R1357","v":{"v":1044.8504000000003,"d":"R$ 1,044.85"}}]
[{"$nulls":15},"10","Casa 10",32.56,{"$f":"ROUND(K1349,2)*R1358","v":{"v":1044.8504000000003,"d":"R$ 1,044.85"}}]
[{"$nulls":15},"11","Casa 11",32.56,{"$f":"ROUND(K1349,2)*R1359","v":{"v":1044.8504000000003,"d":"R$ 1,044.85"}}]
[{"$nulls":15},"12","Casa 12",32.56,{"$f":"ROUND(K1349,2)*R1360","v":{"v":1044.8504000000003,"d":"R$ 1,044.85"}}]
[{"$nulls":15},"13","Casa 13",32.56,{"$f":"ROUND(K1349,2)*R1361","v":{"v":1044.8504000000003,"d":"R$ 1,044.85"}}]
[{"$nulls":15},"14","Casa 14",32.56,{"$f":"ROUND(K1349,2)*R1362","v":{"v":1044.8504000000003,"d":"R$ 1,044.85"}}]
[{"$nulls":15},"15","Casa 15",32.56,{"$f":"ROUND(K1349,2)*R1363","v":{"v":1044.8504000000003,"d":"R$ 1,044.85"}}]
[{"$nulls":15},"16","Casa 16",32.56,{"$f":"ROUND(K1349,2)*R1364","v":{"v":1044.8504000000003,"d":"R$ 1,044.85"}}]
[{"$nulls":15},"17","Casa 17",32.56,{"$f":"ROUND(K1349,2)*R1365","v":{"v":1044.8504000000003,"d":"R$ 1,044.85"}}]
[{"$nulls":15},"18","Casa 18",32.56,{"$f":"ROUND(K1349,2)*R1366","v":{"v":1044.8504000000003,"d":"R$ 1,044.85"}}]
[{"$nulls":15},"19","Casa 19",32.56,{"$f":"ROUND(K1349,2)*R1367","v":{"v":1044.8504000000003,"d":"R$ 1,044.85"}}]
[{"$nulls":15},"20","Casa 20",32.56,{"$f":"ROUND(K1349,2)*R1368","v":{"v":1044.8504000000003,"d":"R$ 1,044.85"}}]
[{"$nulls":15},"21","Casa 21",32.56,{"$f":"ROUND(K1349,2)*R1369","v":{"v":1044.8504000000003,"d":"R$ 1,044.85"}}]
[{"$nulls":15},"22","Casa 22",32.56,{"$f":"ROUND(K1349,2)*R1370","v":{"v":1044.8504000000003,"d":"R$ 1,044.85"}}]
[{"$nulls":15},"23","Casa 23",32.56,{"$f":"ROUND(K1349,2)*R1371","v":{"v":1044.8504000000003,"d":"R$ 1,044.85"}}]
[{"$nulls":15},"24","Casa 24",32.56,{"$f":"ROUND(K1349,2)*R1372","v":{"v":1044.8504000000003,"d":"R$ 1,044.85"}}]
[{"$nulls":15},"25","Casa 25",32.56,{"$f":"ROUND(K1349,2)*R1373","v":{"v":1044.8504000000003,"d":"R$ 1,044.85"}}]
["Serviço","11.6","SINAPI","90408","MASSA ÚNICA, EM ARGAMASSA TRAÇO 1:2:8, PREPARO MECÂNICO, APLICADA MANUALMENTE EM TETO, E = 10MM, COM TALISCAS. AF_03/2024",{"$f":"R1374+R1375+R1376+R1377+R1378+R1379+R1380+R1381+R1382+R1383+R1384+R1385+R1386+R1387+R1388+R1389+R1390+R1391+R1392+R1393+R1394+R1395+R1396+R1397+R1398","v":{"v":110.99999999999997,"d":"111.00"}},"M2",{"v":36.42,"d":"R$ 36.42"},{"v":36.42,"d":"R$ 36.42"},{"v":0.25,"d":"25.00%"},{"$f":"ROUND(I1374,2)+(ROUND(I1374,2)*J1374)","v":{"v":45.525000000000006,"d":"R$ 45.53"}},{"$f":"ROUND(S1374,2)+ROUND(S1375,2)+ROUND(S1376,2)+ROUND(S1377,2)+ROUND(S1378,2)+ROUND(S1379,2)+ROUND(S1380,2)+ROUND(S1381,2)+ROUND(S1382,2)+ROUND(S1383,2)+ROUND(S1384,2)+ROUND(S1385,2)+ROUND(S1386,2)+ROUND(S1387,2)+ROUND(S1388,2)+ROUND(S1389,2)+ROUND(S1390,2)+ROUND(S1391,2)+ROUND(S1392,2)+ROUND(S1393,2)+ROUND(S1394,2)+ROUND(S1395,2)+ROUND(S1396,2)+ROUND(S1397,2)+ROUND(S1398,2)","v":{"v":5053.75,"d":"R$ 5,053.75"}},"","11","REVESTIMENTOS INTERNOS","1","Casa 1",4.44,{"$f":"ROUND(K1374,2)*R1374","v":{"v":202.15320000000003,"d":"R$ 202.15"}}]
[{"$nulls":15},"2","Casa 2",4.44,{"$f":"ROUND(K1374,2)*R1375","v":{"v":202.15320000000003,"d":"R$ 202.15"}}]
[{"$nulls":15},"3","Casa 3",4.44,{"$f":"ROUND(K1374,2)*R1376","v":{"v":202.15320000000003,"d":"R$ 202.15"}}]
[{"$nulls":15},"4","Casa 4",4.44,{"$f":"ROUND(K1374,2)*R1377","v":{"v":202.15320000000003,"d":"R$ 202.15"}}]
[{"$nulls":15},"5","Casa 5",4.44,{"$f":"ROUND(K1374,2)*R1378","v":{"v":202.15320000000003,"d":"R$ 202.15"}}]
[{"$nulls":15},"6","Casa 6",4.44,{"$f":"ROUND(K1374,2)*R1379","v":{"v":202.15320000000003,"d":"R$ 202.15"}}]
[{"$nulls":15},"7","Casa 7",4.44,{"$f":"ROUND(K1374,2)*R1380","v":{"v":202.15320000000003,"d":"R$ 202.15"}}]
[{"$nulls":15},"8","Casa 8",4.44,{"$f":"ROUND(K1374,2)*R1381","v":{"v":202.15320000000003,"d":"R$ 202.15"}}]
[{"$nulls":15},"9","Casa 9",4.44,{"$f":"ROUND(K1374,2)*R1382","v":{"v":202.15320000000003,"d":"R$ 202.15"}}]
[{"$nulls":15},"10","Casa 10",4.44,{"$f":"ROUND(K1374,2)*R1383","v":{"v":202.15320000000003,"d":"R$ 202.15"}}]
[{"$nulls":15},"11","Casa 11",4.44,{"$f":"ROUND(K1374,2)*R1384","v":{"v":202.15320000000003,"d":"R$ 202.15"}}]
[{"$nulls":15},"12","Casa 12",4.44,{"$f":"ROUND(K1374,2)*R1385","v":{"v":202.15320000000003,"d":"R$ 202.15"}}]
[{"$nulls":15},"13","Casa 13",4.44,{"$f":"ROUND(K1374,2)*R1386","v":{"v":202.15320000000003,"d":"R$ 202.15"}}]
[{"$nulls":15},"14","Casa 14",4.44,{"$f":"ROUND(K1374,2)*R1387","v":{"v":202.15320000000003,"d":"R$ 202.15"}}]
[{"$nulls":15},"15","Casa 15",4.44,{"$f":"ROUND(K1374,2)*R1388","v":{"v":202.15320000000003,"d":"R$ 202.15"}}]
[{"$nulls":15},"16","Casa 16",4.44,{"$f":"ROUND(K1374,2)*R1389","v":{"v":202.15320000000003,"d":"R$ 202.15"}}]
[{"$nulls":15},"17","Casa 17",4.44,{"$f":"ROUND(K1374,2)*R1390","v":{"v":202.15320000000003,"d":"R$ 202.15"}}]
[{"$nulls":15},"18","Casa 18",4.44,{"$f":"ROUND(K1374,2)*R1391","v":{"v":202.15320000000003,"d":"R$ 202.15"}}]
[{"$nulls":15},"19","Casa 19",4.44,{"$f":"ROUND(K1374,2)*R1392","v":{"v":202.15320000000003,"d":"R$ 202.15"}}]
[{"$nulls":15},"20","Casa 20",4.44,{"$f":"ROUND(K1374,2)*R1393","v":{"v":202.15320000000003,"d":"R$ 202.15"}}]
[{"$nulls":15},"21","Casa 21",4.44,{"$f":"ROUND(K1374,2)*R1394","v":{"v":202.15320000000003,"d":"R$ 202.15"}}]
[{"$nulls":15},"22","Casa 22",4.44,{"$f":"ROUND(K1374,2)*R1395","v":{"v":202.15320000000003,"d":"R$ 202.15"}}]
[{"$nulls":15},"23","Casa 23",4.44,{"$f":"ROUND(K1374,2)*R1396","v":{"v":202.15320000000003,"d":"R$ 202.15"}}]
[{"$nulls":15},"24","Casa 24",4.44,{"$f":"ROUND(K1374,2)*R1397","v":{"v":202.15320000000003,"d":"R$ 202.15"}}]
[{"$nulls":15},"25","Casa 25",4.44,{"$f":"ROUND(K1374,2)*R1398","v":{"v":202.15320000000003,"d":"R$ 202.15"}}]
["Macrosserviço","12","","","REVESTIMENTOS CERÂMICOS","","","","","","",{"$f":"ROUND(L1400,2)+ROUND(L1425,2)","v":{"v":46295.75,"d":"R$ 46,295.75"}},"","","","","","",""]
["Serviço","12.1","SINAPI","87267","REVESTIMENTO CERÂMICO PARA PAREDES INTERNAS COM PLACAS TIPO ESMALTADA DE DIMENSÕES 20X20 CM APLICADAS A MEIA ALTURA DAS PAREDES. AF_02/2023_PE",{"$f":"R1400+R1401+R1402+R1403+R1404+R1405+R1406+R1407+R1408+R1409+R1410+R1411+R1412+R1413+R1414+R1415+R1416+R1417+R1418+R1419+R1420+R1421+R1422+R1423+R1424","v":{"v":491.2499999999998,"d":"491.25"}},"M2",{"v":62.87,"d":"R$ 62.87"},{"v":62.87,"d":"R$ 62.87"},{"v":0.25,"d":"25.00%"},{"$f":"ROUND(I1400,2)+(ROUND(I1400,2)*J1400)","v":{"v":78.58749999999999,"d":"R$ 78.59"}},{"$f":"ROUND(S1400,2)+ROUND(S1401,2)+ROUND(S1402,2)+ROUND(S1403,2)+ROUND(S1404,2)+ROUND(S1405,2)+ROUND(S1406,2)+ROUND(S1407,2)+ROUND(S1408,2)+ROUND(S1409,2)+ROUND(S1410,2)+ROUND(S1411,2)+ROUND(S1412,2)+ROUND(S1413,2)+ROUND(S1414,2)+ROUND(S1415,2)+ROUND(S1416,2)+ROUND(S1417,2)+ROUND(S1418,2)+ROUND(S1419,2)+ROUND(S1420,2)+ROUND(S1421,2)+ROUND(S1422,2)+ROUND(S1423,2)+ROUND(S1424,2)","v":{"v":38607.250000000015,"d":"R$ 38,607.25"}},"","12","REVESTIMENTOS CERÂMICOS","1","Casa 1",19.65,{"$f":"ROUND(K1400,2)*R1400","v":{"v":1544.2935,"d":"R$ 1,544.29"}}]
[{"$nulls":15},"2","Casa 2",19.65,{"$f":"ROUND(K1400,2)*R1401","v":{"v":1544.2935,"d":"R$ 1,544.29"}}]
[{"$nulls":15},"3","Casa 3",19.65,{"$f":"ROUND(K1400,2)*R1402","v":{"v":1544.2935,"d":"R$ 1,544.29"}}]
[{"$nulls":15},"4","Casa 4",19.65,{"$f":"ROUND(K1400,2)*R1403","v":{"v":1544.2935,"d":"R$ 1,544.29"}}]
[{"$nulls":15},"5","Casa 5",19.65,{"$f":"ROUND(K1400,2)*R1404","v":{"v":1544.2935,"d":"R$ 1,544.29"}}]
[{"$nulls":15},"6","Casa 6",19.65,{"$f":"ROUND(K1400,2)*R1405","v":{"v":1544.2935,"d":"R$ 1,544.29"}}]
[{"$nulls":15},"7","Casa 7",19.65,{"$f":"ROUND(K1400,2)*R1406","v":{"v":1544.2935,"d":"R$ 1,544.29"}}]
[{"$nulls":15},"8","Casa 8",19.65,{"$f":"ROUND(K1400,2)*R1407","v":{"v":1544.2935,"d":"R$ 1,544.29"}}]
[{"$nulls":15},"9","Casa 9",19.65,{"$f":"ROUND(K1400,2)*R1408","v":{"v":1544.2935,"d":"R$ 1,544.29"}}]
[{"$nulls":15},"10","Casa 10",19.65,{"$f":"ROUND(K1400,2)*R1409","v":{"v":1544.2935,"d":"R$ 1,544.29"}}]
[{"$nulls":15},"11","Casa 11",19.65,{"$f":"ROUND(K1400,2)*R1410","v":{"v":1544.2935,"d":"R$ 1,544.29"}}]
[{"$nulls":15},"12","Casa 12",19.65,{"$f":"ROUND(K1400,2)*R1411","v":{"v":1544.2935,"d":"R$ 1,544.29"}}]
[{"$nulls":15},"13","Casa 13",19.65,{"$f":"ROUND(K1400,2)*R1412","v":{"v":1544.2935,"d":"R$ 1,544.29"}}]
[{"$nulls":15},"14","Casa 14",19.65,{"$f":"ROUND(K1400,2)*R1413","v":{"v":1544.2935,"d":"R$ 1,544.29"}}]
[{"$nulls":15},"15","Casa 15",19.65,{"$f":"ROUND(K1400,2)*R1414","v":{"v":1544.2935,"d":"R$ 1,544.29"}}]
[{"$nulls":15},"16","Casa 16",19.65,{"$f":"ROUND(K1400,2)*R1415","v":{"v":1544.2935,"d":"R$ 1,544.29"}}]
[{"$nulls":15},"17","Casa 17",19.65,{"$f":"ROUND(K1400,2)*R1416","v":{"v":1544.2935,"d":"R$ 1,544.29"}}]
[{"$nulls":15},"18","Casa 18",19.65,{"$f":"ROUND(K1400,2)*R1417","v":{"v":1544.2935,"d":"R$ 1,544.29"}}]
[{"$nulls":15},"19","Casa 19",19.65,{"$f":"ROUND(K1400,2)*R1418","v":{"v":1544.2935,"d":"R$ 1,544.29"}}]
[{"$nulls":15},"20","Casa 20",19.65,{"$f":"ROUND(K1400,2)*R1419","v":{"v":1544.2935,"d":"R$ 1,544.29"}}]
[{"$nulls":15},"21","Casa 21",19.65,{"$f":"ROUND(K1400,2)*R1420","v":{"v":1544.2935,"d":"R$ 1,544.29"}}]
[{"$nulls":15},"22","Casa 22",19.65,{"$f":"ROUND(K1400,2)*R1421","v":{"v":1544.2935,"d":"R$ 1,544.29"}}]
[{"$nulls":15},"23","Casa 23",19.65,{"$f":"ROUND(K1400,2)*R1422","v":{"v":1544.2935,"d":"R$ 1,544.29"}}]
[{"$nulls":15},"24","Casa 24",19.65,{"$f":"ROUND(K1400,2)*R1423","v":{"v":1544.2935,"d":"R$ 1,544.29"}}]
[{"$nulls":15},"25","Casa 25",19.65,{"$f":"ROUND(K1400,2)*R1424","v":{"v":1544.2935,"d":"R$ 1,544.29"}}]
["Serviço","12.2","SINAPI","87265","REVESTIMENTO CERÂMICO PARA PAREDES INTERNAS COM PLACAS TIPO ESMALTADA DE DIMENSÕES 20X20 CM APLICADAS NA ALTURA INTEIRA DAS PAREDES. AF_02/2023_PE",{"$f":"R1425+R1426+R1427+R1428+R1429+R1430+R1431+R1432+R1433+R1434+R1435+R1436+R1437+R1438+R1439+R1440+R1441+R1442+R1443+R1444+R1445+R1446+R1447+R1448+R1449","v":{"v":107.99999999999994,"d":"108.00"}},"M2",{"v":56.95,"d":"R$ 56.95"},{"v":56.95,"d":"R$ 56.95"},{"v":0.25,"d":"25.00%"},{"$f":"ROUND(I1425,2)+(ROUND(I1425,2)*J1425)","v":{"v":71.1875,"d":"R$ 71.19"}},{"$f":"ROUND(S1425,2)+ROUND(S1426,2)+ROUND(S1427,2)+ROUND(S1428,2)+ROUND(S1429,2)+ROUND(S1430,2)+ROUND(S1431,2)+ROUND(S1432,2)+ROUND(S1433,2)+ROUND(S1434,2)+ROUND(S1435,2)+ROUND(S1436,2)+ROUND(S1437,2)+ROUND(S1438,2)+ROUND(S1439,2)+ROUND(S1440,2)+ROUND(S1441,2)+ROUND(S1442,2)+ROUND(S1443,2)+ROUND(S1444,2)+ROUND(S1445,2)+ROUND(S1446,2)+ROUND(S1447,2)+ROUND(S1448,2)+ROUND(S1449,2)","v":{"v":7688.5,"d":"R$ 7,688.50"}},"","12","REVESTIMENTOS CERÂMICOS","1","Casa 1",4.32,{"$f":"ROUND(K1425,2)*R1425","v":{"v":307.5408,"d":"R$ 307.54"}}]
[{"$nulls":15},"2","Casa 2",4.32,{"$f":"ROUND(K1425,2)*R1426","v":{"v":307.5408,"d":"R$ 307.54"}}]
[{"$nulls":15},"3","Casa 3",4.32,{"$f":"ROUND(K1425,2)*R1427","v":{"v":307.5408,"d":"R$ 307.54"}}]
[{"$nulls":15},"4","Casa 4",4.32,{"$f":"ROUND(K1425,2)*R1428","v":{"v":307.5408,"d":"R$ 307.54"}}]
[{"$nulls":15},"5","Casa 5",4.32,{"$f":"ROUND(K1425,2)*R1429","v":{"v":307.5408,"d":"R$ 307.54"}}]
[{"$nulls":15},"6","Casa 6",4.32,{"$f":"ROUND(K1425,2)*R1430","v":{"v":307.5408,"d":"R$ 307.54"}}]
[{"$nulls":15},"7","Casa 7",4.32,{"$f":"ROUND(K1425,2)*R1431","v":{"v":307.5408,"d":"R$ 307.54"}}]
[{"$nulls":15},"8","Casa 8",4.32,{"$f":"ROUND(K1425,2)*R1432","v":{"v":307.5408,"d":"R$ 307.54"}}]
[{"$nulls":15},"9","Casa 9",4.32,{"$f":"ROUND(K1425,2)*R1433","v":{"v":307.5408,"d":"R$ 307.54"}}]
[{"$nulls":15},"10","Casa 10",4.32,{"$f":"ROUND(K1425,2)*R1434","v":{"v":307.5408,"d":"R$ 307.54"}}]
[{"$nulls":15},"11","Casa 11",4.32,{"$f":"ROUND(K1425,2)*R1435","v":{"v":307.5408,"d":"R$ 307.54"}}]
[{"$nulls":15},"12","Casa 12",4.32,{"$f":"ROUND(K1425,2)*R1436","v":{"v":307.5408,"d":"R$ 307.54"}}]
[{"$nulls":15},"13","Casa 13",4.32,{"$f":"ROUND(K1425,2)*R1437","v":{"v":307.5408,"d":"R$ 307.54"}}]
[{"$nulls":15},"14","Casa 14",4.32,{"$f":"ROUND(K1425,2)*R1438","v":{"v":307.5408,"d":"R$ 307.54"}}]
[{"$nulls":15},"15","Casa 15",4.32,{"$f":"ROUND(K1425,2)*R1439","v":{"v":307.5408,"d":"R$ 307.54"}}]
[{"$nulls":15},"16","Casa 16",4.32,{"$f":"ROUND(K1425,2)*R1440","v":{"v":307.5408,"d":"R$ 307.54"}}]
[{"$nulls":15},"17","Casa 17",4.32,{"$f":"ROUND(K1425,2)*R1441","v":{"v":307.5408,"d":"R$ 307.54"}}]
[{"$nulls":15},"18","Casa 18",4.32,{"$f":"ROUND(K1425,2)*R1442","v":{"v":307.5408,"d":"R$ 307.54"}}]
[{"$nulls":15},"19","Casa 19",4.32,{"$f":"ROUND(K1425,2)*R1443","v":{"v":307.5408,"d":"R$ 307.54"}}]
[{"$nulls":15},"20","Casa 20",4.32,{"$f":"ROUND(K1425,2)*R1444","v":{"v":307.5408,"d":"R$ 307.54"}}]
[{"$nulls":15},"21","Casa 21",4.32,{"$f":"ROUND(K1425,2)*R1445","v":{"v":307.5408,"d":"R$ 307.54"}}]
[{"$nulls":15},"22","Casa 22",4.32,{"$f":"ROUND(K1425,2)*R1446","v":{"v":307.5408,"d":"R$ 307.54"}}]
[{"$nulls":15},"23","Casa 23",4.32,{"$f":"ROUND(K1425,2)*R1447","v":{"v":307.5408,"d":"R$ 307.54"}}]
[{"$nulls":15},"24","Casa 24",4.32,{"$f":"ROUND(K1425,2)*R1448","v":{"v":307.5408,"d":"R$ 307.54"}}]
[{"$nulls":15},"25","Casa 25",4.32,{"$f":"ROUND(K1425,2)*R1449","v":{"v":307.5408,"d":"R$ 307.54"}}]
["Macrosserviço","13","","","REVESTIMENTOS EXTERNOS","","","","","","",{"$f":"ROUND(L1451,2)+ROUND(L1476,2)+ROUND(L1501,2)+ROUND(L1526,2)","v":{"v":118470.75,"d":"R$ 118,470.75"}},"","","","","","",""]
["Serviço","13.1","SINAPI","87905","CHAPISCO APLICADO EM ALVENARIA (COM PRESENÇA DE VÃOS) E ESTRUTURAS DE CONCRETO DE FACHADA, COM COLHER DE PEDREIRO. ARGAMASSA TRAÇO 1:3 COM PREPARO EM BETONEIRA 400L. AF_10/2022",{"$f":"R1451+R1452+R1453+R1454+R1455+R1456+R1457+R1458+R1459+R1460+R1461+R1462+R1463+R1464+R1465+R1466+R1467+R1468+R1469+R1470+R1471+R1472+R1473+R1474+R1475","v":{"v":758.7500000000003,"d":"758.75"}},"M2",{"v":8.99,"d":"R$ 8.99"},{"v":8.99,"d":"R$ 8.99"},{"v":0.25,"d":"25.00%"},{"$f":"ROUND(I1451,2)+(ROUND(I1451,2)*J1451)","v":{"v":11.2375,"d":"R$ 11.24"}},{"$f":"ROUND(S1451,2)+ROUND(S1452,2)+ROUND(S1453,2)+ROUND(S1454,2)+ROUND(S1455,2)+ROUND(S1456,2)+ROUND(S1457,2)+ROUND(S1458,2)+ROUND(S1459,2)+ROUND(S1460,2)+ROUND(S1461,2)+ROUND(S1462,2)+ROUND(S1463,2)+ROUND(S1464,2)+ROUND(S1465,2)+ROUND(S1466,2)+ROUND(S1467,2)+ROUND(S1468,2)+ROUND(S1469,2)+ROUND(S1470,2)+ROUND(S1471,2)+ROUND(S1472,2)+ROUND(S1473,2)+ROUND(S1474,2)+ROUND(S1475,2)","v":{"v":8528.250000000002,"d":"R$ 8,528.25"}},"","13","REVESTIMENTOS EXTERNOS","1","Casa 1",30.35,{"$f":"ROUND(K1451,2)*R1451","v":{"v":341.134,"d":"R$ 341.13"}}]
[{"$nulls":15},"2","Casa 2",30.35,{"$f":"ROUND(K1451,2)*R1452","v":{"v":341.134,"d":"R$ 341.13"}}]
[{"$nulls":15},"3","Casa 3",30.35,{"$f":"ROUND(K1451,2)*R1453","v":{"v":341.134,"d":"R$ 341.13"}}]
[{"$nulls":15},"4","Casa 4",30.35,{"$f":"ROUND(K1451,2)*R1454","v":{"v":341.134,"d":"R$ 341.13"}}]
[{"$nulls":15},"5","Casa 5",30.35,{"$f":"ROUND(K1451,2)*R1455","v":{"v":341.134,"d":"R$ 341.13"}}]
[{"$nulls":15},"6","Casa 6",30.35,{"$f":"ROUND(K1451,2)*R1456","v":{"v":341.134,"d":"R$ 341.13"}}]
[{"$nulls":15},"7","Casa 7",30.35,{"$f":"ROUND(K1451,2)*R1457","v":{"v":341.134,"d":"R$ 341.13"}}]
[{"$nulls":15},"8","Casa 8",30.35,{"$f":"ROUND(K1451,2)*R1458","v":{"v":341.134,"d":"R$ 341.13"}}]
[{"$nulls":15},"9","Casa 9",30.35,{"$f":"ROUND(K1451,2)*R1459","v":{"v":341.134,"d":"R$ 341.13"}}]
[{"$nulls":15},"10","Casa 10",30.35,{"$f":"ROUND(K1451,2)*R1460","v":{"v":341.134,"d":"R$ 341.13"}}]
[{"$nulls":15},"11","Casa 11",30.35,{"$f":"ROUND(K1451,2)*R1461","v":{"v":341.134,"d":"R$ 341.13"}}]
[{"$nulls":15},"12","Casa 12",30.35,{"$f":"ROUND(K1451,2)*R1462","v":{"v":341.134,"d":"R$ 341.13"}}]
[{"$nulls":15},"13","Casa 13",30.35,{"$f":"ROUND(K1451,2)*R1463","v":{"v":341.134,"d":"R$ 341.13"}}]
[{"$nulls":15},"14","Casa 14",30.35,{"$f":"ROUND(K1451,2)*R1464","v":{"v":341.134,"d":"R$ 341.13"}}]
[{"$nulls":15},"15","Casa 15",30.35,{"$f":"ROUND(K1451,2)*R1465","v":{"v":341.134,"d":"R$ 341.13"}}]
[{"$nulls":15},"16","Casa 16",30.35,{"$f":"ROUND(K1451,2)*R1466","v":{"v":341.134,"d":"R$ 341.13"}}]
[{"$nulls":15},"17","Casa 17",30.35,{"$f":"ROUND(K1451,2)*R1467","v":{"v":341.134,"d":"R$ 341.13"}}]
[{"$nulls":15},"18","Casa 18",30.35,{"$f":"ROUND(K1451,2)*R1468","v":{"v":341.134,"d":"R$ 341.13"}}]
[{"$nulls":15},"19","Casa 19",30.35,{"$f":"ROUND(K1451,2)*R1469","v":{"v":341.134,"d":"R$ 341.13"}}]
[{"$nulls":15},"20","Casa 20",30.35,{"$f":"ROUND(K1451,2)*R1470","v":{"v":341.134,"d":"R$ 341.13"}}]
[{"$nulls":15},"21","Casa 21",30.35,{"$f":"ROUND(K1451,2)*R1471","v":{"v":341.134,"d":"R$ 341.13"}}]
[{"$nulls":15},"22","Casa 22",30.35,{"$f":"ROUND(K1451,2)*R1472","v":{"v":341.134,"d":"R$ 341.13"}}]
[{"$nulls":15},"23","Casa 23",30.35,{"$f":"ROUND(K1451,2)*R1473","v":{"v":341.134,"d":"R$ 341.13"}}]
[{"$nulls":15},"24","Casa 24",30.35,{"$f":"ROUND(K1451,2)*R1474","v":{"v":341.134,"d":"R$ 341.13"}}]
[{"$nulls":15},"25","Casa 25",30.35,{"$f":"ROUND(K1451,2)*R1475","v":{"v":341.134,"d":"R$ 341.13"}}]
["Serviço","13.2","SINAPI","87894","CHAPISCO APLICADO EM ALVENARIA (SEM PRESENÇA DE VÃOS) E ESTRUTURAS DE CONCRETO DE FACHADA, COM COLHER DE PEDREIRO. ARGAMASSA TRAÇO 1:3 COM PREPARO EM BETONEIRA 400L. AF_10/2022",{"$f":"R1476+R1477+R1478+R1479+R1480+R1481+R1482+R1483+R1484+R1485+R1486+R1487+R1488+R1489+R1490+R1491+R1492+R1493+R1494+R1495+R1496+R1497+R1498+R1499+R1500","v":{"v":761.2500000000002,"d":"761.25"}},"M2",{"v":7.64,"d":"R$ 7.64"},{"v":7.64,"d":"R$ 7.64"},{"v":0.25,"d":"25.00%"},{"$f":"ROUND(I1476,2)+(ROUND(I1476,2)*J1476)","v":{"v":9.549999999999999,"d":"R$ 9.55"}},{"$f":"ROUND(S1476,2)+ROUND(S1477,2)+ROUND(S1478,2)+ROUND(S1479,2)+ROUND(S1480,2)+ROUND(S1481,2)+ROUND(S1482,2)+ROUND(S1483,2)+ROUND(S1484,2)+ROUND(S1485,2)+ROUND(S1486,2)+ROUND(S1487,2)+ROUND(S1488,2)+ROUND(S1489,2)+ROUND(S1490,2)+ROUND(S1491,2)+ROUND(S1492,2)+ROUND(S1493,2)+ROUND(S1494,2)+ROUND(S1495,2)+ROUND(S1496,2)+ROUND(S1497,2)+ROUND(S1498,2)+ROUND(S1499,2)+ROUND(S1500,2)","v":{"v":7270.000000000003,"d":"R$ 7,270.00"}},"","13","REVESTIMENTOS EXTERNOS","1","Casa 1",30.45,{"$f":"ROUND(K1476,2)*R1476","v":{"v":290.7975,"d":"R$ 290.80"}}]
[{"$nulls":15},"2","Casa 2",30.45,{"$f":"ROUND(K1476,2)*R1477","v":{"v":290.7975,"d":"R$ 290.80"}}]
[{"$nulls":15},"3","Casa 3",30.45,{"$f":"ROUND(K1476,2)*R1478","v":{"v":290.7975,"d":"R$ 290.80"}}]
[{"$nulls":15},"4","Casa 4",30.45,{"$f":"ROUND(K1476,2)*R1479","v":{"v":290.7975,"d":"R$ 290.80"}}]
[{"$nulls":15},"5","Casa 5",30.45,{"$f":"ROUND(K1476,2)*R1480","v":{"v":290.7975,"d":"R$ 290.80"}}]
[{"$nulls":15},"6","Casa 6",30.45,{"$f":"ROUND(K1476,2)*R1481","v":{"v":290.7975,"d":"R$ 290.80"}}]
[{"$nulls":15},"7","Casa 7",30.45,{"$f":"ROUND(K1476,2)*R1482","v":{"v":290.7975,"d":"R$ 290.80"}}]
[{"$nulls":15},"8","Casa 8",30.45,{"$f":"ROUND(K1476,2)*R1483","v":{"v":290.7975,"d":"R$ 290.80"}}]
[{"$nulls":15},"9","Casa 9",30.45,{"$f":"ROUND(K1476,2)*R1484","v":{"v":290.7975,"d":"R$ 290.80"}}]
[{"$nulls":15},"10","Casa 10",30.45,{"$f":"ROUND(K1476,2)*R1485","v":{"v":290.7975,"d":"R$ 290.80"}}]
[{"$nulls":15},"11","Casa 11",30.45,{"$f":"ROUND(K1476,2)*R1486","v":{"v":290.7975,"d":"R$ 290.80"}}]
[{"$nulls":15},"12","Casa 12",30.45,{"$f":"ROUND(K1476,2)*R1487","v":{"v":290.7975,"d":"R$ 290.80"}}]
[{"$nulls":15},"13","Casa 13",30.45,{"$f":"ROUND(K1476,2)*R1488","v":{"v":290.7975,"d":"R$ 290.80"}}]
[{"$nulls":15},"14","Casa 14",30.45,{"$f":"ROUND(K1476,2)*R1489","v":{"v":290.7975,"d":"R$ 290.80"}}]
[{"$nulls":15},"15","Casa 15",30.45,{"$f":"ROUND(K1476,2)*R1490","v":{"v":290.7975,"d":"R$ 290.80"}}]
[{"$nulls":15},"16","Casa 16",30.45,{"$f":"ROUND(K1476,2)*R1491","v":{"v":290.7975,"d":"R$ 290.80"}}]
[{"$nulls":15},"17","Casa 17",30.45,{"$f":"ROUND(K1476,2)*R1492","v":{"v":290.7975,"d":"R$ 290.80"}}]
[{"$nulls":15},"18","Casa 18",30.45,{"$f":"ROUND(K1476,2)*R1493","v":{"v":290.7975,"d":"R$ 290.80"}}]
[{"$nulls":15},"19","Casa 19",30.45,{"$f":"ROUND(K1476,2)*R1494","v":{"v":290.7975,"d":"R$ 290.80"}}]
[{"$nulls":15},"20","Casa 20",30.45,{"$f":"ROUND(K1476,2)*R1495","v":{"v":290.7975,"d":"R$ 290.80"}}]
[{"$nulls":15},"21","Casa 21",30.45,{"$f":"ROUND(K1476,2)*R1496","v":{"v":290.7975,"d":"R$ 290.80"}}]
[{"$nulls":15},"22","Casa 22",30.45,{"$f":"ROUND(K1476,2)*R1497","v":{"v":290.7975,"d":"R$ 290.80"}}]
[{"$nulls":15},"23","Casa 23",30.45,{"$f":"ROUND(K1476,2)*R1498","v":{"v":290.7975,"d":"R$ 290.80"}}]
[{"$nulls":15},"24","Casa 24",30.45,{"$f":"ROUND(K1476,2)*R1499","v":{"v":290.7975,"d":"R$ 290.80"}}]
[{"$nulls":15},"25","Casa 25",30.45,{"$f":"ROUND(K1476,2)*R1500","v":{"v":290.7975,"d":"R$ 290.80"}}]
["Serviço","13.3","SINAPI","87792","EMBOÇO OU MASSA ÚNICA EM ARGAMASSA TRAÇO 1:2:8, PREPARO MECÂNICO COM BETONEIRA 400 L, APLICADA MANUALMENTE EM PANOS CEGOS DE FACHADA (SEM PRESENÇA DE VÃOS), ESPESSURA DE 25 MM. AF_08/2022",{"$f":"R1501+R1502+R1503+R1504+R1505+R1506+R1507+R1508+R1509+R1510+R1511+R1512+R1513+R1514+R1515+R1516+R1517+R1518+R1519+R1520+R1521+R1522+R1523+R1524+R1525","v":{"v":761.2500000000002,"d":"761.25"}},"M2",{"v":45.62,"d":"R$ 45.62"},{"v":45.62,"d":"R$ 45.62"},{"v":0.25,"d":"25.00%"},{"$f":"ROUND(I1501,2)+(ROUND(I1501,2)*J1501)","v":{"v":57.025,"d":"R$ 57.03"}},{"$f":"ROUND(S1501,2)+ROUND(S1502,2)+ROUND(S1503,2)+ROUND(S1504,2)+ROUND(S1505,2)+ROUND(S1506,2)+ROUND(S1507,2)+ROUND(S1508,2)+ROUND(S1509,2)+ROUND(S1510,2)+ROUND(S1511,2)+ROUND(S1512,2)+ROUND(S1513,2)+ROUND(S1514,2)+ROUND(S1515,2)+ROUND(S1516,2)+ROUND(S1517,2)+ROUND(S1518,2)+ROUND(S1519,2)+ROUND(S1520,2)+ROUND(S1521,2)+ROUND(S1522,2)+ROUND(S1523,2)+ROUND(S1524,2)+ROUND(S1525,2)","v":{"v":43413.99999999999,"d":"R$ 43,414.00"}},"","13","REVESTIMENTOS EXTERNOS","1","Casa 1",30.45,{"$f":"ROUND(K1501,2)*R1501","v":{"v":1736.5635,"d":"R$ 1,736.56"}}]
[{"$nulls":15},"2","Casa 2",30.45,{"$f":"ROUND(K1501,2)*R1502","v":{"v":1736.5635,"d":"R$ 1,736.56"}}]
[{"$nulls":15},"3","Casa 3",30.45,{"$f":"ROUND(K1501,2)*R1503","v":{"v":1736.5635,"d":"R$ 1,736.56"}}]
[{"$nulls":15},"4","Casa 4",30.45,{"$f":"ROUND(K1501,2)*R1504","v":{"v":1736.5635,"d":"R$ 1,736.56"}}]
[{"$nulls":15},"5","Casa 5",30.45,{"$f":"ROUND(K1501,2)*R1505","v":{"v":1736.5635,"d":"R$ 1,736.56"}}]
[{"$nulls":15},"6","Casa 6",30.45,{"$f":"ROUND(K1501,2)*R1506","v":{"v":1736.5635,"d":"R$ 1,736.56"}}]
[{"$nulls":15},"7","Casa 7",30.45,{"$f":"ROUND(K1501,2)*R1507","v":{"v":1736.5635,"d":"R$ 1,736.56"}}]
[{"$nulls":15},"8","Casa 8",30.45,{"$f":"ROUND(K1501,2)*R1508","v":{"v":1736.5635,"d":"R$ 1,736.56"}}]
[{"$nulls":15},"9","Casa 9",30.45,{"$f":"ROUND(K1501,2)*R1509","v":{"v":1736.5635,"d":"R$ 1,736.56"}}]
[{"$nulls":15},"10","Casa 10",30.45,{"$f":"ROUND(K1501,2)*R1510","v":{"v":1736.5635,"d":"R$ 1,736.56"}}]
[{"$nulls":15},"11","Casa 11",30.45,{"$f":"ROUND(K1501,2)*R1511","v":{"v":1736.5635,"d":"R$ 1,736.56"}}]
[{"$nulls":15},"12","Casa 12",30.45,{"$f":"ROUND(K1501,2)*R1512","v":{"v":1736.5635,"d":"R$ 1,736.56"}}]
[{"$nulls":15},"13","Casa 13",30.45,{"$f":"ROUND(K1501,2)*R1513","v":{"v":1736.5635,"d":"R$ 1,736.56"}}]
[{"$nulls":15},"14","Casa 14",30.45,{"$f":"ROUND(K1501,2)*R1514","v":{"v":1736.5635,"d":"R$ 1,736.56"}}]
[{"$nulls":15},"15","Casa 15",30.45,{"$f":"ROUND(K1501,2)*R1515","v":{"v":1736.5635,"d":"R$ 1,736.56"}}]
[{"$nulls":15},"16","Casa 16",30.45,{"$f":"ROUND(K1501,2)*R1516","v":{"v":1736.5635,"d":"R$ 1,736.56"}}]
[{"$nulls":15},"17","Casa 17",30.45,{"$f":"ROUND(K1501,2)*R1517","v":{"v":1736.5635,"d":"R$ 1,736.56"}}]
[{"$nulls":15},"18","Casa 18",30.45,{"$f":"ROUND(K1501,2)*R1518","v":{"v":1736.5635,"d":"R$ 1,736.56"}}]
[{"$nulls":15},"19","Casa 19",30.45,{"$f":"ROUND(K1501,2)*R1519","v":{"v":1736.5635,"d":"R$ 1,736.56"}}]
[{"$nulls":15},"20","Casa 20",30.45,{"$f":"ROUND(K1501,2)*R1520","v":{"v":1736.5635,"d":"R$ 1,736.56"}}]
[{"$nulls":15},"21","Casa 21",30.45,{"$f":"ROUND(K1501,2)*R1521","v":{"v":1736.5635,"d":"R$ 1,736.56"}}]
[{"$nulls":15},"22","Casa 22",30.45,{"$f":"ROUND(K1501,2)*R1522","v":{"v":1736.5635,"d":"R$ 1,736.56"}}]
[{"$nulls":15},"23","Casa 23",30.45,{"$f":"ROUND(K1501,2)*R1523","v":{"v":1736.5635,"d":"R$ 1,736.56"}}]
[{"$nulls":15},"24","Casa 24",30.45,{"$f":"ROUND(K1501,2)*R1524","v":{"v":1736.5635,"d":"R$ 1,736.56"}}]
[{"$nulls":15},"25","Casa 25",30.45,{"$f":"ROUND(K1501,2)*R1525","v":{"v":1736.5635,"d":"R$ 1,736.56"}}]
["Serviço","13.4","SINAPI","87775","EMBOÇO OU MASSA ÚNICA EM ARGAMASSA TRAÇO 1:2:8, PREPARO MECÂNICO COM BETONEIRA 400 L, APLICADA MANUALMENTE EM PANOS DE FACHADA COM PRESENÇA DE VÃOS, ESPESSURA DE 25 MM. AF_08/2022",{"$f":"R1526+R1527+R1528+R1529+R1530+R1531+R1532+R1533+R1534+R1535+R1536+R1537+R1538+R1539+R1540+R1541+R1542+R1543+R1544+R1545+R1546+R1547+R1548+R1549+R1550","v":{"v":758.7500000000003,"d":"758.75"}},"M2",{"v":62.48,"d":"R$ 62.48"},{"v":62.48,"d":"R$ 62.48"},{"v":0.25,"d":"25.00%"},{"$f":"ROUND(I1526,2)+(ROUND(I1526,2)*J1526)","v":{"v":78.1,"d":"R$ 78.10"}},{"$f":"ROUND(S1526,2)+ROUND(S1527,2)+ROUND(S1528,2)+ROUND(S1529,2)+ROUND(S1530,2)+ROUND(S1531,2)+ROUND(S1532,2)+ROUND(S1533,2)+ROUND(S1534,2)+ROUND(S1535,2)+ROUND(S1536,2)+ROUND(S1537,2)+ROUND(S1538,2)+ROUND(S1539,2)+ROUND(S1540,2)+ROUND(S1541,2)+ROUND(S1542,2)+ROUND(S1543,2)+ROUND(S1544,2)+ROUND(S1545,2)+ROUND(S1546,2)+ROUND(S1547,2)+ROUND(S1548,2)+ROUND(S1549,2)+ROUND(S1550,2)","v":{"v":59258.49999999997,"d":"R$ 59,258.50"}},"","13","REVESTIMENTOS EXTERNOS","1","Casa 1",30.35,{"$f":"ROUND(K1526,2)*R1526","v":{"v":2370.335,"d":"R$ 2,370.34"}}]
[{"$nulls":15},"2","Casa 2",30.35,{"$f":"ROUND(K1526,2)*R1527","v":{"v":2370.335,"d":"R$ 2,370.34"}}]
[{"$nulls":15},"3","Casa 3",30.35,{"$f":"ROUND(K1526,2)*R1528","v":{"v":2370.335,"d":"R$ 2,370.34"}}]
[{"$nulls":15},"4","Casa 4",30.35,{"$f":"ROUND(K1526,2)*R1529","v":{"v":2370.335,"d":"R$ 2,370.34"}}]
[{"$nulls":15},"5","Casa 5",30.35,{"$f":"ROUND(K1526,2)*R1530","v":{"v":2370.335,"d":"R$ 2,370.34"}}]
[{"$nulls":15},"6","Casa 6",30.35,{"$f":"ROUND(K1526,2)*R1531","v":{"v":2370.335,"d":"R$ 2,370.34"}}]
[{"$nulls":15},"7","Casa 7",30.35,{"$f":"ROUND(K1526,2)*R1532","v":{"v":2370.335,"d":"R$ 2,370.34"}}]
[{"$nulls":15},"8","Casa 8",30.35,{"$f":"ROUND(K1526,2)*R1533","v":{"v":2370.335,"d":"R$ 2,370.34"}}]
[{"$nulls":15},"9","Casa 9",30.35,{"$f":"ROUND(K1526,2)*R1534","v":{"v":2370.335,"d":"R$ 2,370.34"}}]
[{"$nulls":15},"10","Casa 10",30.35,{"$f":"ROUND(K1526,2)*R1535","v":{"v":2370.335,"d":"R$ 2,370.34"}}]
[{"$nulls":15},"11","Casa 11",30.35,{"$f":"ROUND(K1526,2)*R1536","v":{"v":2370.335,"d":"R$ 2,370.34"}}]
[{"$nulls":15},"12","Casa 12",30.35,{"$f":"ROUND(K1526,2)*R1537","v":{"v":2370.335,"d":"R$ 2,370.34"}}]
[{"$nulls":15},"13","Casa 13",30.35,{"$f":"ROUND(K1526,2)*R1538","v":{"v":2370.335,"d":"R$ 2,370.34"}}]
[{"$nulls":15},"14","Casa 14",30.35,{"$f":"ROUND(K1526,2)*R1539","v":{"v":2370.335,"d":"R$ 2,370.34"}}]
[{"$nulls":15},"15","Casa 15",30.35,{"$f":"ROUND(K1526,2)*R1540","v":{"v":2370.335,"d":"R$ 2,370.34"}}]
[{"$nulls":15},"16","Casa 16",30.35,{"$f":"ROUND(K1526,2)*R1541","v":{"v":2370.335,"d":"R$ 2,370.34"}}]
[{"$nulls":15},"17","Casa 17",30.35,{"$f":"ROUND(K1526,2)*R1542","v":{"v":2370.335,"d":"R$ 2,370.34"}}]
[{"$nulls":15},"18","Casa 18",30.35,{"$f":"ROUND(K1526,2)*R1543","v":{"v":2370.335,"d":"R$ 2,370.34"}}]
[{"$nulls":15},"19","Casa 19",30.35,{"$f":"ROUND(K1526,2)*R1544","v":{"v":2370.335,"d":"R$ 2,370.34"}}]
[{"$nulls":15},"20","Casa 20",30.35,{"$f":"ROUND(K1526,2)*R1545","v":{"v":2370.335,"d":"R$ 2,370.34"}}]
[{"$nulls":15},"21","Casa 21",30.35,{"$f":"ROUND(K1526,2)*R1546","v":{"v":2370.335,"d":"R$ 2,370.34"}}]
[{"$nulls":15},"22","Casa 22",30.35,{"$f":"ROUND(K1526,2)*R1547","v":{"v":2370.335,"d":"R$ 2,370.34"}}]
[{"$nulls":15},"23","Casa 23",30.35,{"$f":"ROUND(K1526,2)*R1548","v":{"v":2370.335,"d":"R$ 2,370.34"}}]
[{"$nulls":15},"24","Casa 24",30.35,{"$f":"ROUND(K1526,2)*R1549","v":{"v":2370.335,"d":"R$ 2,370.34"}}]
[{"$nulls":15},"25","Casa 25",30.35,{"$f":"ROUND(K1526,2)*R1550","v":{"v":2370.335,"d":"R$ 2,370.34"}}]
["Macrosserviço","14","","","FORROS","","","","","","",{"$f":"ROUND(L1552,2)","v":{"v":72706.5,"d":"R$ 72,706.50"}},"","","","","","",""]
["Serviço","14.1","SINAPI","96111","FORRO EM RÉGUAS DE PVC, FRISADO, PARA AMBIENTES RESIDENCIAIS, INCLUSIVE ESTRUTURA UNIDIRECIONAL DE FIXAÇÃO. AF_08/2023_PS",{"$f":"R1552+R1553+R1554+R1555+R1556+R1557+R1558+R1559+R1560+R1561+R1562+R1563+R1564+R1565+R1566+R1567+R1568+R1569+R1570+R1571+R1572+R1573+R1574+R1575+R1576","v":{"v":897.4999999999997,"d":"897.50"}},"M2",{"v":64.81,"d":"R$ 64.81"},{"v":64.81,"d":"R$ 64.81"},{"v":0.25,"d":"25.00%"},{"$f":"ROUND(I1552,2)+(ROUND(I1552,2)*J1552)","v":{"v":81.0125,"d":"R$ 81.01"}},{"$f":"ROUND(S1552,2)+ROUND(S1553,2)+ROUND(S1554,2)+ROUND(S1555,2)+ROUND(S1556,2)+ROUND(S1557,2)+ROUND(S1558,2)+ROUND(S1559,2)+ROUND(S1560,2)+ROUND(S1561,2)+ROUND(S1562,2)+ROUND(S1563,2)+ROUND(S1564,2)+ROUND(S1565,2)+ROUND(S1566,2)+ROUND(S1567,2)+ROUND(S1568,2)+ROUND(S1569,2)+ROUND(S1570,2)+ROUND(S1571,2)+ROUND(S1572,2)+ROUND(S1573,2)+ROUND(S1574,2)+ROUND(S1575,2)+ROUND(S1576,2)","v":{"v":72706.50000000001,"d":"R$ 72,706.50"}},"","14","FORROS","1","Casa 1",{"v":35.9,"d":"35.90"},{"$f":"ROUND(K1552,2)*R1552","v":{"v":2908.259,"d":"R$ 2,908.26"}}]
[{"$nulls":15},"2","Casa 2",{"v":35.9,"d":"35.90"},{"$f":"ROUND(K1552,2)*R1553","v":{"v":2908.259,"d":"R$ 2,908.26"}}]
[{"$nulls":15},"3","Casa 3",{"v":35.9,"d":"35.90"},{"$f":"ROUND(K1552,2)*R1554","v":{"v":2908.259,"d":"R$ 2,908.26"}}]
[{"$nulls":15},"4","Casa 4",{"v":35.9,"d":"35.90"},{"$f":"ROUND(K1552,2)*R1555","v":{"v":2908.259,"d":"R$ 2,908.26"}}]
[{"$nulls":15},"5","Casa 5",{"v":35.9,"d":"35.90"},{"$f":"ROUND(K1552,2)*R1556","v":{"v":2908.259,"d":"R$ 2,908.26"}}]
[{"$nulls":15},"6","Casa 6",{"v":35.9,"d":"35.90"},{"$f":"ROUND(K1552,2)*R1557","v":{"v":2908.259,"d":"R$ 2,908.26"}}]
[{"$nulls":15},"7","Casa 7",{"v":35.9,"d":"35.90"},{"$f":"ROUND(K1552,2)*R1558","v":{"v":2908.259,"d":"R$ 2,908.26"}}]
[{"$nulls":15},"8","Casa 8",{"v":35.9,"d":"35.90"},{"$f":"ROUND(K1552,2)*R1559","v":{"v":2908.259,"d":"R$ 2,908.26"}}]
[{"$nulls":15},"9","Casa 9",{"v":35.9,"d":"35.90"},{"$f":"ROUND(K1552,2)*R1560","v":{"v":2908.259,"d":"R$ 2,908.26"}}]
[{"$nulls":15},"10","Casa 10",{"v":35.9,"d":"35.90"},{"$f":"ROUND(K1552,2)*R1561","v":{"v":2908.259,"d":"R$ 2,908.26"}}]
[{"$nulls":15},"11","Casa 11",{"v":35.9,"d":"35.90"},{"$f":"ROUND(K1552,2)*R1562","v":{"v":2908.259,"d":"R$ 2,908.26"}}]
[{"$nulls":15},"12","Casa 12",{"v":35.9,"d":"35.90"},{"$f":"ROUND(K1552,2)*R1563","v":{"v":2908.259,"d":"R$ 2,908.26"}}]
[{"$nulls":15},"13","Casa 13",{"v":35.9,"d":"35.90"},{"$f":"ROUND(K1552,2)*R1564","v":{"v":2908.259,"d":"R$ 2,908.26"}}]
[{"$nulls":15},"14","Casa 14",{"v":35.9,"d":"35.90"},{"$f":"ROUND(K1552,2)*R1565","v":{"v":2908.259,"d":"R$ 2,908.26"}}]
[{"$nulls":15},"15","Casa 15",{"v":35.9,"d":"35.90"},{"$f":"ROUND(K1552,2)*R1566","v":{"v":2908.259,"d":"R$ 2,908.26"}}]
[{"$nulls":15},"16","Casa 16",{"v":35.9,"d":"35.90"},{"$f":"ROUND(K1552,2)*R1567","v":{"v":2908.259,"d":"R$ 2,908.26"}}]
[{"$nulls":15},"17","Casa 17",{"v":35.9,"d":"35.90"},{"$f":"ROUND(K1552,2)*R1568","v":{"v":2908.259,"d":"R$ 2,908.26"}}]
[{"$nulls":15},"18","Casa 18",{"v":35.9,"d":"35.90"},{"$f":"ROUND(K1552,2)*R1569","v":{"v":2908.259,"d":"R$ 2,908.26"}}]
[{"$nulls":15},"19","Casa 19",{"v":35.9,"d":"35.90"},{"$f":"ROUND(K1552,2)*R1570","v":{"v":2908.259,"d":"R$ 2,908.26"}}]
[{"$nulls":15},"20","Casa 20",{"v":35.9,"d":"35.90"},{"$f":"ROUND(K1552,2)*R1571","v":{"v":2908.259,"d":"R$ 2,908.26"}}]
[{"$nulls":15},"21","Casa 21",{"v":35.9,"d":"35.90"},{"$f":"ROUND(K1552,2)*R1572","v":{"v":2908.259,"d":"R$ 2,908.26"}}]
[{"$nulls":15},"22","Casa 22",{"v":35.9,"d":"35.90"},{"$f":"ROUND(K1552,2)*R1573","v":{"v":2908.259,"d":"R$ 2,908.26"}}]
[{"$nulls":15},"23","Casa 23",{"v":35.9,"d":"35.90"},{"$f":"ROUND(K1552,2)*R1574","v":{"v":2908.259,"d":"R$ 2,908.26"}}]
[{"$nulls":15},"24","Casa 24",{"v":35.9,"d":"35.90"},{"$f":"ROUND(K1552,2)*R1575","v":{"v":2908.259,"d":"R$ 2,908.26"}}]
[{"$nulls":15},"25","Casa 25",{"v":35.9,"d":"35.90"},{"$f":"ROUND(K1552,2)*R1576","v":{"v":2908.259,"d":"R$ 2,908.26"}}]
["Macrosserviço","15","","","PINTURAS INTERNAS","","","","","","",{"$f":"ROUND(L1578,2)+ROUND(L1603,2)+ROUND(L1628,2)+ROUND(L1653,2)","v":{"v":64378.5,"d":"R$ 64,378.50"}},"","","","","","",""]
["Serviço","15.1","SINAPI","88485","FUNDO SELADOR ACRÍLICO, APLICAÇÃO MANUAL EM PAREDE, UMA DEMÃO. AF_04/2023",{"$f":"R1578+R1579+R1580+R1581+R1582+R1583+R1584+R1585+R1586+R1587+R1588+R1589+R1590+R1591+R1592+R1593+R1594+R1595+R1596+R1597+R1598+R1599+R1600+R1601+R1602","v":{"v":2815.25,"d":"2,815.25"}},"M2",{"v":5.24,"d":"R$ 5.24"},{"v":5.24,"d":"R$ 5.24"},{"v":0.25,"d":"25.00%"},{"$f":"ROUND(I1578,2)+(ROUND(I1578,2)*J1578)","v":{"v":6.550000000000001,"d":"R$ 6.55"}},{"$f":"ROUND(S1578,2)+ROUND(S1579,2)+ROUND(S1580,2)+ROUND(S1581,2)+ROUND(S1582,2)+ROUND(S1583,2)+ROUND(S1584,2)+ROUND(S1585,2)+ROUND(S1586,2)+ROUND(S1587,2)+ROUND(S1588,2)+ROUND(S1589,2)+ROUND(S1590,2)+ROUND(S1591,2)+ROUND(S1592,2)+ROUND(S1593,2)+ROUND(S1594,2)+ROUND(S1595,2)+ROUND(S1596,2)+ROUND(S1597,2)+ROUND(S1598,2)+ROUND(S1599,2)+ROUND(S1600,2)+ROUND(S1601,2)+ROUND(S1602,2)","v":{"v":18440.000000000004,"d":"R$ 18,440.00"}},"","15","PINTURAS INTERNAS","1","Casa 1",112.61,{"$f":"ROUND(K1578,2)*R1578","v":{"v":737.5955,"d":"R$ 737.60"}}]
[{"$nulls":15},"2","Casa 2",112.61,{"$f":"ROUND(K1578,2)*R1579","v":{"v":737.5955,"d":"R$ 737.60"}}]
[{"$nulls":15},"3","Casa 3",112.61,{"$f":"ROUND(K1578,2)*R1580","v":{"v":737.5955,"d":"R$ 737.60"}}]
[{"$nulls":15},"4","Casa 4",112.61,{"$f":"ROUND(K1578,2)*R1581","v":{"v":737.5955,"d":"R$ 737.60"}}]
[{"$nulls":15},"5","Casa 5",112.61,{"$f":"ROUND(K1578,2)*R1582","v":{"v":737.5955,"d":"R$ 737.60"}}]
[{"$nulls":15},"6","Casa 6",112.61,{"$f":"ROUND(K1578,2)*R1583","v":{"v":737.5955,"d":"R$ 737.60"}}]
[{"$nulls":15},"7","Casa 7",112.61,{"$f":"ROUND(K1578,2)*R1584","v":{"v":737.5955,"d":"R$ 737.60"}}]
[{"$nulls":15},"8","Casa 8",112.61,{"$f":"ROUND(K1578,2)*R1585","v":{"v":737.5955,"d":"R$ 737.60"}}]
[{"$nulls":15},"9","Casa 9",112.61,{"$f":"ROUND(K1578,2)*R1586","v":{"v":737.5955,"d":"R$ 737.60"}}]
[{"$nulls":15},"10","Casa 10",112.61,{"$f":"ROUND(K1578,2)*R1587","v":{"v":737.5955,"d":"R$ 737.60"}}]
[{"$nulls":15},"11","Casa 11",112.61,{"$f":"ROUND(K1578,2)*R1588","v":{"v":737.5955,"d":"R$ 737.60"}}]
[{"$nulls":15},"12","Casa 12",112.61,{"$f":"ROUND(K1578,2)*R1589","v":{"v":737.5955,"d":"R$ 737.60"}}]
[{"$nulls":15},"13","Casa 13",112.61,{"$f":"ROUND(K1578,2)*R1590","v":{"v":737.5955,"d":"R$ 737.60"}}]
[{"$nulls":15},"14","Casa 14",112.61,{"$f":"ROUND(K1578,2)*R1591","v":{"v":737.5955,"d":"R$ 737.60"}}]
[{"$nulls":15},"15","Casa 15",112.61,{"$f":"ROUND(K1578,2)*R1592","v":{"v":737.5955,"d":"R$ 737.60"}}]
[{"$nulls":15},"16","Casa 16",112.61,{"$f":"ROUND(K1578,2)*R1593","v":{"v":737.5955,"d":"R$ 737.60"}}]
[{"$nulls":15},"17","Casa 17",112.61,{"$f":"ROUND(K1578,2)*R1594","v":{"v":737.5955,"d":"R$ 737.60"}}]
[{"$nulls":15},"18","Casa 18",112.61,{"$f":"ROUND(K1578,2)*R1595","v":{"v":737.5955,"d":"R$ 737.60"}}]
[{"$nulls":15},"19","Casa 19",112.61,{"$f":"ROUND(K1578,2)*R1596","v":{"v":737.5955,"d":"R$ 737.60"}}]
[{"$nulls":15},"20","Casa 20",112.61,{"$f":"ROUND(K1578,2)*R1597","v":{"v":737.5955,"d":"R$ 737.60"}}]
[{"$nulls":15},"21","Casa 21",112.61,{"$f":"ROUND(K1578,2)*R1598","v":{"v":737.5955,"d":"R$ 737.60"}}]
[{"$nulls":15},"22","Casa 22",112.61,{"$f":"ROUND(K1578,2)*R1599","v":{"v":737.5955,"d":"R$ 737.60"}}]
[{"$nulls":15},"23","Casa 23",112.61,{"$f":"ROUND(K1578,2)*R1600","v":{"v":737.5955,"d":"R$ 737.60"}}]
[{"$nulls":15},"24","Casa 24",112.61,{"$f":"ROUND(K1578,2)*R1601","v":{"v":737.5955,"d":"R$ 737.60"}}]
[{"$nulls":15},"25","Casa 25",112.61,{"$f":"ROUND(K1578,2)*R1602","v":{"v":737.5955,"d":"R$ 737.60"}}]
["Serviço","15.2","SINAPI","88484","FUNDO SELADOR ACRÍLICO, APLICAÇÃO MANUAL EM TETO, UMA DEMÃO. AF_04/2023",{"$f":"R1603+R1604+R1605+R1606+R1607+R1608+R1609+R1610+R1611+R1612+R1613+R1614+R1615+R1616+R1617+R1618+R1619+R1620+R1621+R1622+R1623+R1624+R1625+R1626+R1627","v":{"v":110.99999999999997,"d":"111.00"}},"M2",{"v":6.46,"d":"R$ 6.46"},{"v":6.46,"d":"R$ 6.46"},{"v":0.25,"d":"25.00%"},{"$f":"ROUND(I1603,2)+(ROUND(I1603,2)*J1603)","v":{"v":8.075,"d":"R$ 8.08"}},{"$f":"ROUND(S1603,2)+ROUND(S1604,2)+ROUND(S1605,2)+ROUND(S1606,2)+ROUND(S1607,2)+ROUND(S1608,2)+ROUND(S1609,2)+ROUND(S1610,2)+ROUND(S1611,2)+ROUND(S1612,2)+ROUND(S1613,2)+ROUND(S1614,2)+ROUND(S1615,2)+ROUND(S1616,2)+ROUND(S1617,2)+ROUND(S1618,2)+ROUND(S1619,2)+ROUND(S1620,2)+ROUND(S1621,2)+ROUND(S1622,2)+ROUND(S1623,2)+ROUND(S1624,2)+ROUND(S1625,2)+ROUND(S1626,2)+ROUND(S1627,2)","v":{"v":897,"d":"R$ 897.00"}},"","15","PINTURAS INTERNAS","1","Casa 1",4.44,{"$f":"ROUND(K1603,2)*R1603","v":{"v":35.87520000000001,"d":"R$ 35.88"}}]
[{"$nulls":15},"2","Casa 2",4.44,{"$f":"ROUND(K1603,2)*R1604","v":{"v":35.87520000000001,"d":"R$ 35.88"}}]
[{"$nulls":15},"3","Casa 3",4.44,{"$f":"ROUND(K1603,2)*R1605","v":{"v":35.87520000000001,"d":"R$ 35.88"}}]
[{"$nulls":15},"4","Casa 4",4.44,{"$f":"ROUND(K1603,2)*R1606","v":{"v":35.87520000000001,"d":"R$ 35.88"}}]
[{"$nulls":15},"5","Casa 5",4.44,{"$f":"ROUND(K1603,2)*R1607","v":{"v":35.87520000000001,"d":"R$ 35.88"}}]
[{"$nulls":15},"6","Casa 6",4.44,{"$f":"ROUND(K1603,2)*R1608","v":{"v":35.87520000000001,"d":"R$ 35.88"}}]
[{"$nulls":15},"7","Casa 7",4.44,{"$f":"ROUND(K1603,2)*R1609","v":{"v":35.87520000000001,"d":"R$ 35.88"}}]
[{"$nulls":15},"8","Casa 8",4.44,{"$f":"ROUND(K1603,2)*R1610","v":{"v":35.87520000000001,"d":"R$ 35.88"}}]
[{"$nulls":15},"9","Casa 9",4.44,{"$f":"ROUND(K1603,2)*R1611","v":{"v":35.87520000000001,"d":"R$ 35.88"}}]
[{"$nulls":15},"10","Casa 10",4.44,{"$f":"ROUND(K1603,2)*R1612","v":{"v":35.87520000000001,"d":"R$ 35.88"}}]
[{"$nulls":15},"11","Casa 11",4.44,{"$f":"ROUND(K1603,2)*R1613","v":{"v":35.87520000000001,"d":"R$ 35.88"}}]
[{"$nulls":15},"12","Casa 12",4.44,{"$f":"ROUND(K1603,2)*R1614","v":{"v":35.87520000000001,"d":"R$ 35.88"}}]
[{"$nulls":15},"13","Casa 13",4.44,{"$f":"ROUND(K1603,2)*R1615","v":{"v":35.87520000000001,"d":"R$ 35.88"}}]
[{"$nulls":15},"14","Casa 14",4.44,{"$f":"ROUND(K1603,2)*R1616","v":{"v":35.87520000000001,"d":"R$ 35.88"}}]
[{"$nulls":15},"15","Casa 15",4.44,{"$f":"ROUND(K1603,2)*R1617","v":{"v":35.87520000000001,"d":"R$ 35.88"}}]
[{"$nulls":15},"16","Casa 16",4.44,{"$f":"ROUND(K1603,2)*R1618","v":{"v":35.87520000000001,"d":"R$ 35.88"}}]
[{"$nulls":15},"17","Casa 17",4.44,{"$f":"ROUND(K1603,2)*R1619","v":{"v":35.87520000000001,"d":"R$ 35.88"}}]
[{"$nulls":15},"18","Casa 18",4.44,{"$f":"ROUND(K1603,2)*R1620","v":{"v":35.87520000000001,"d":"R$ 35.88"}}]
[{"$nulls":15},"19","Casa 19",4.44,{"$f":"ROUND(K1603,2)*R1621","v":{"v":35.87520000000001,"d":"R$ 35.88"}}]
[{"$nulls":15},"20","Casa 20",4.44,{"$f":"ROUND(K1603,2)*R1622","v":{"v":35.87520000000001,"d":"R$ 35.88"}}]
[{"$nulls":15},"21","Casa 21",4.44,{"$f":"ROUND(K1603,2)*R1623","v":{"v":35.87520000000001,"d":"R$ 35.88"}}]
[{"$nulls":15},"22","Casa 22",4.44,{"$f":"ROUND(K1603,2)*R1624","v":{"v":35.87520000000001,"d":"R$ 35.88"}}]
[{"$nulls":15},"23","Casa 23",4.44,{"$f":"ROUND(K1603,2)*R1625","v":{"v":35.87520000000001,"d":"R$ 35.88"}}]
[{"$nulls":15},"24","Casa 24",4.44,{"$f":"ROUND(K1603,2)*R1626","v":{"v":35.87520000000001,"d":"R$ 35.88"}}]
[{"$nulls":15},"25","Casa 25",4.44,{"$f":"ROUND(K1603,2)*R1627","v":{"v":35.87520000000001,"d":"R$ 35.88"}}]
["Serviço","15.3","SINAPI","104640","PINTURA LÁTEX ACRÍLICA STANDARD, APLICAÇÃO MANUAL EM TETO, DUAS DEMÃOS. AF_04/2023",{"$f":"R1628+R1629+R1630+R1631+R1632+R1633+R1634+R1635+R1636+R1637+R1638+R1639+R1640+R1641+R1642+R1643+R1644+R1645+R1646+R1647+R1648+R1649+R1650+R1651+R1652","v":{"v":110.99999999999997,"d":"111.00"}},"M2",{"v":15.2,"d":"R$ 15.20"},{"v":15.2,"d":"R$ 15.20"},{"v":0.25,"d":"25.00%"},{"$f":"ROUND(I1628,2)+(ROUND(I1628,2)*J1628)","v":{"v":19,"d":"R$ 19.00"}},{"$f":"ROUND(S1628,2)+ROUND(S1629,2)+ROUND(S1630,2)+ROUND(S1631,2)+ROUND(S1632,2)+ROUND(S1633,2)+ROUND(S1634,2)+ROUND(S1635,2)+ROUND(S1636,2)+ROUND(S1637,2)+ROUND(S1638,2)+ROUND(S1639,2)+ROUND(S1640,2)+ROUND(S1641,2)+ROUND(S1642,2)+ROUND(S1643,2)+ROUND(S1644,2)+ROUND(S1645,2)+ROUND(S1646,2)+ROUND(S1647,2)+ROUND(S1648,2)+ROUND(S1649,2)+ROUND(S1650,2)+ROUND(S1651,2)+ROUND(S1652,2)","v":{"v":2108.999999999999,"d":"R$ 2,109.00"}},"","15","PINTURAS INTERNAS","1","Casa 1",4.44,{"$f":"ROUND(K1628,2)*R1628","v":{"v":84.36000000000001,"d":"R$ 84.36"}}]
[{"$nulls":15},"2","Casa 2",4.44,{"$f":"ROUND(K1628,2)*R1629","v":{"v":84.36000000000001,"d":"R$ 84.36"}}]
[{"$nulls":15},"3","Casa 3",4.44,{"$f":"ROUND(K1628,2)*R1630","v":{"v":84.36000000000001,"d":"R$ 84.36"}}]
[{"$nulls":15},"4","Casa 4",4.44,{"$f":"ROUND(K1628,2)*R1631","v":{"v":84.36000000000001,"d":"R$ 84.36"}}]
[{"$nulls":15},"5","Casa 5",4.44,{"$f":"ROUND(K1628,2)*R1632","v":{"v":84.36000000000001,"d":"R$ 84.36"}}]
[{"$nulls":15},"6","Casa 6",4.44,{"$f":"ROUND(K1628,2)*R1633","v":{"v":84.36000000000001,"d":"R$ 84.36"}}]
[{"$nulls":15},"7","Casa 7",4.44,{"$f":"ROUND(K1628,2)*R1634","v":{"v":84.36000000000001,"d":"R$ 84.36"}}]
[{"$nulls":15},"8","Casa 8",4.44,{"$f":"ROUND(K1628,2)*R1635","v":{"v":84.36000000000001,"d":"R$ 84.36"}}]
[{"$nulls":15},"9","Casa 9",4.44,{"$f":"ROUND(K1628,2)*R1636","v":{"v":84.36000000000001,"d":"R$ 84.36"}}]
[{"$nulls":15},"10","Casa 10",4.44,{"$f":"ROUND(K1628,2)*R1637","v":{"v":84.36000000000001,"d":"R$ 84.36"}}]
[{"$nulls":15},"11","Casa 11",4.44,{"$f":"ROUND(K1628,2)*R1638","v":{"v":84.36000000000001,"d":"R$ 84.36"}}]
[{"$nulls":15},"12","Casa 12",4.44,{"$f":"ROUND(K1628,2)*R1639","v":{"v":84.36000000000001,"d":"R$ 84.36"}}]
[{"$nulls":15},"13","Casa 13",4.44,{"$f":"ROUND(K1628,2)*R1640","v":{"v":84.36000000000001,"d":"R$ 84.36"}}]
[{"$nulls":15},"14","Casa 14",4.44,{"$f":"ROUND(K1628,2)*R1641","v":{"v":84.36000000000001,"d":"R$ 84.36"}}]
[{"$nulls":15},"15","Casa 15",4.44,{"$f":"ROUND(K1628,2)*R1642","v":{"v":84.36000000000001,"d":"R$ 84.36"}}]
[{"$nulls":15},"16","Casa 16",4.44,{"$f":"ROUND(K1628,2)*R1643","v":{"v":84.36000000000001,"d":"R$ 84.36"}}]
[{"$nulls":15},"17","Casa 17",4.44,{"$f":"ROUND(K1628,2)*R1644","v":{"v":84.36000000000001,"d":"R$ 84.36"}}]
[{"$nulls":15},"18","Casa 18",4.44,{"$f":"ROUND(K1628,2)*R1645","v":{"v":84.36000000000001,"d":"R$ 84.36"}}]
[{"$nulls":15},"19","Casa 19",4.44,{"$f":"ROUND(K1628,2)*R1646","v":{"v":84.36000000000001,"d":"R$ 84.36"}}]
[{"$nulls":15},"20","Casa 20",4.44,{"$f":"ROUND(K1628,2)*R1647","v":{"v":84.36000000000001,"d":"R$ 84.36"}}]
[{"$nulls":15},"21","Casa 21",4.44,{"$f":"ROUND(K1628,2)*R1648","v":{"v":84.36000000000001,"d":"R$ 84.36"}}]
[{"$nulls":15},"22","Casa 22",4.44,{"$f":"ROUND(K1628,2)*R1649","v":{"v":84.36000000000001,"d":"R$ 84.36"}}]
[{"$nulls":15},"23","Casa 23",4.44,{"$f":"ROUND(K1628,2)*R1650","v":{"v":84.36000000000001,"d":"R$ 84.36"}}]
[{"$nulls":15},"24","Casa 24",4.44,{"$f":"ROUND(K1628,2)*R1651","v":{"v":84.36000000000001,"d":"R$ 84.36"}}]
[{"$nulls":15},"25","Casa 25",4.44,{"$f":"ROUND(K1628,2)*R1652","v":{"v":84.36000000000001,"d":"R$ 84.36"}}]
["Serviço","15.4","SINAPI","104642","PINTURA LÁTEX ACRÍLICA STANDARD, APLICAÇÃO MANUAL EM PAREDES, DUAS DEMÃOS. AF_04/2023",{"$f":"R1653+R1654+R1655+R1656+R1657+R1658+R1659+R1660+R1661+R1662+R1663+R1664+R1665+R1666+R1667+R1668+R1669+R1670+R1671+R1672+R1673+R1674+R1675+R1676+R1677","v":{"v":2815.25,"d":"2,815.25"}},"M2",{"v":12.2,"d":"R$ 12.20"},{"v":12.2,"d":"R$ 12.20"},{"v":0.25,"d":"25.00%"},{"$f":"ROUND(I1653,2)+(ROUND(I1653,2)*J1653)","v":{"v":15.25,"d":"R$ 15.25"}},{"$f":"ROUND(S1653,2)+ROUND(S1654,2)+ROUND(S1655,2)+ROUND(S1656,2)+ROUND(S1657,2)+ROUND(S1658,2)+ROUND(S1659,2)+ROUND(S1660,2)+ROUND(S1661,2)+ROUND(S1662,2)+ROUND(S1663,2)+ROUND(S1664,2)+ROUND(S1665,2)+ROUND(S1666,2)+ROUND(S1667,2)+ROUND(S1668,2)+ROUND(S1669,2)+ROUND(S1670,2)+ROUND(S1671,2)+ROUND(S1672,2)+ROUND(S1673,2)+ROUND(S1674,2)+ROUND(S1675,2)+ROUND(S1676,2)+ROUND(S1677,2)","v":{"v":42932.50000000001,"d":"R$ 42,932.50"}},"","15","PINTURAS INTERNAS","1","Casa 1",112.61,{"$f":"ROUND(K1653,2)*R1653","v":{"v":1717.3025,"d":"R$ 1,717.30"}}]
[{"$nulls":15},"2","Casa 2",112.61,{"$f":"ROUND(K1653,2)*R1654","v":{"v":1717.3025,"d":"R$ 1,717.30"}}]
[{"$nulls":15},"3","Casa 3",112.61,{"$f":"ROUND(K1653,2)*R1655","v":{"v":1717.3025,"d":"R$ 1,717.30"}}]
[{"$nulls":15},"4","Casa 4",112.61,{"$f":"ROUND(K1653,2)*R1656","v":{"v":1717.3025,"d":"R$ 1,717.30"}}]
[{"$nulls":15},"5","Casa 5",112.61,{"$f":"ROUND(K1653,2)*R1657","v":{"v":1717.3025,"d":"R$ 1,717.30"}}]
[{"$nulls":15},"6","Casa 6",112.61,{"$f":"ROUND(K1653,2)*R1658","v":{"v":1717.3025,"d":"R$ 1,717.30"}}]
[{"$nulls":15},"7","Casa 7",112.61,{"$f":"ROUND(K1653,2)*R1659","v":{"v":1717.3025,"d":"R$ 1,717.30"}}]
[{"$nulls":15},"8","Casa 8",112.61,{"$f":"ROUND(K1653,2)*R1660","v":{"v":1717.3025,"d":"R$ 1,717.30"}}]
[{"$nulls":15},"9","Casa 9",112.61,{"$f":"ROUND(K1653,2)*R1661","v":{"v":1717.3025,"d":"R$ 1,717.30"}}]
[{"$nulls":15},"10","Casa 10",112.61,{"$f":"ROUND(K1653,2)*R1662","v":{"v":1717.3025,"d":"R$ 1,717.30"}}]
[{"$nulls":15},"11","Casa 11",112.61,{"$f":"ROUND(K1653,2)*R1663","v":{"v":1717.3025,"d":"R$ 1,717.30"}}]
[{"$nulls":15},"12","Casa 12",112.61,{"$f":"ROUND(K1653,2)*R1664","v":{"v":1717.3025,"d":"R$ 1,717.30"}}]
[{"$nulls":15},"13","Casa 13",112.61,{"$f":"ROUND(K1653,2)*R1665","v":{"v":1717.3025,"d":"R$ 1,717.30"}}]
[{"$nulls":15},"14","Casa 14",112.61,{"$f":"ROUND(K1653,2)*R1666","v":{"v":1717.3025,"d":"R$ 1,717.30"}}]
[{"$nulls":15},"15","Casa 15",112.61,{"$f":"ROUND(K1653,2)*R1667","v":{"v":1717.3025,"d":"R$ 1,717.30"}}]
[{"$nulls":15},"16","Casa 16",112.61,{"$f":"ROUND(K1653,2)*R1668","v":{"v":1717.3025,"d":"R$ 1,717.30"}}]
[{"$nulls":15},"17","Casa 17",112.61,{"$f":"ROUND(K1653,2)*R1669","v":{"v":1717.3025,"d":"R$ 1,717.30"}}]
[{"$nulls":15},"18","Casa 18",112.61,{"$f":"ROUND(K1653,2)*R1670","v":{"v":1717.3025,"d":"R$ 1,717.30"}}]
[{"$nulls":15},"19","Casa 19",112.61,{"$f":"ROUND(K1653,2)*R1671","v":{"v":1717.3025,"d":"R$ 1,717.30"}}]
[{"$nulls":15},"20","Casa 20",112.61,{"$f":"ROUND(K1653,2)*R1672","v":{"v":1717.3025,"d":"R$ 1,717.30"}}]
[{"$nulls":15},"21","Casa 21",112.61,{"$f":"ROUND(K1653,2)*R1673","v":{"v":1717.3025,"d":"R$ 1,717.30"}}]
[{"$nulls":15},"22","Casa 22",112.61,{"$f":"ROUND(K1653,2)*R1674","v":{"v":1717.3025,"d":"R$ 1,717.30"}}]
[{"$nulls":15},"23","Casa 23",112.61,{"$f":"ROUND(K1653,2)*R1675","v":{"v":1717.3025,"d":"R$ 1,717.30"}}]
[{"$nulls":15},"24","Casa 24",112.61,{"$f":"ROUND(K1653,2)*R1676","v":{"v":1717.3025,"d":"R$ 1,717.30"}}]
[{"$nulls":15},"25","Casa 25",112.61,{"$f":"ROUND(K1653,2)*R1677","v":{"v":1717.3025,"d":"R$ 1,717.30"}}]
["Macrosserviço","16","","","PINTURAS EXTERNAS","","","","","","",{"$f":"ROUND(L1679,2)+ROUND(L1704,2)","v":{"v":34853.5,"d":"R$ 34,853.50"}},"","","","","","",""]
["Serviço","16.1","SINAPI","88415","APLICAÇÃO MANUAL DE FUNDO SELADOR ACRÍLICO EM PAREDES EXTERNAS DE CASAS. AF_03/2024",{"$f":"R1679+R1680+R1681+R1682+R1683+R1684+R1685+R1686+R1687+R1688+R1689+R1690+R1691+R1692+R1693+R1694+R1695+R1696+R1697+R1698+R1699+R1700+R1701+R1702+R1703","v":{"v":1519.9999999999993,"d":"1,520.00"}},"M2",{"v":6.14,"d":"R$ 6.14"},{"v":6.14,"d":"R$ 6.14"},{"v":0.25,"d":"25.00%"},{"$f":"ROUND(I1679,2)+(ROUND(I1679,2)*J1679)","v":{"v":7.675,"d":"R$ 7.68"}},{"$f":"ROUND(S1679,2)+ROUND(S1680,2)+ROUND(S1681,2)+ROUND(S1682,2)+ROUND(S1683,2)+ROUND(S1684,2)+ROUND(S1685,2)+ROUND(S1686,2)+ROUND(S1687,2)+ROUND(S1688,2)+ROUND(S1689,2)+ROUND(S1690,2)+ROUND(S1691,2)+ROUND(S1692,2)+ROUND(S1693,2)+ROUND(S1694,2)+ROUND(S1695,2)+ROUND(S1696,2)+ROUND(S1697,2)+ROUND(S1698,2)+ROUND(S1699,2)+ROUND(S1700,2)+ROUND(S1701,2)+ROUND(S1702,2)+ROUND(S1703,2)","v":{"v":11673.5,"d":"R$ 11,673.50"}},"","16","PINTURAS EXTERNAS","1","Casa 1",{"v":60.8,"d":"60.80"},{"$f":"ROUND(K1679,2)*R1679","v":{"v":466.94399999999996,"d":"R$ 466.94"}}]
[{"$nulls":15},"2","Casa 2",{"v":60.8,"d":"60.80"},{"$f":"ROUND(K1679,2)*R1680","v":{"v":466.94399999999996,"d":"R$ 466.94"}}]
[{"$nulls":15},"3","Casa 3",{"v":60.8,"d":"60.80"},{"$f":"ROUND(K1679,2)*R1681","v":{"v":466.94399999999996,"d":"R$ 466.94"}}]
[{"$nulls":15},"4","Casa 4",{"v":60.8,"d":"60.80"},{"$f":"ROUND(K1679,2)*R1682","v":{"v":466.94399999999996,"d":"R$ 466.94"}}]
[{"$nulls":15},"5","Casa 5",{"v":60.8,"d":"60.80"},{"$f":"ROUND(K1679,2)*R1683","v":{"v":466.94399999999996,"d":"R$ 466.94"}}]
[{"$nulls":15},"6","Casa 6",{"v":60.8,"d":"60.80"},{"$f":"ROUND(K1679,2)*R1684","v":{"v":466.94399999999996,"d":"R$ 466.94"}}]
[{"$nulls":15},"7","Casa 7",{"v":60.8,"d":"60.80"},{"$f":"ROUND(K1679,2)*R1685","v":{"v":466.94399999999996,"d":"R$ 466.94"}}]
[{"$nulls":15},"8","Casa 8",{"v":60.8,"d":"60.80"},{"$f":"ROUND(K1679,2)*R1686","v":{"v":466.94399999999996,"d":"R$ 466.94"}}]
[{"$nulls":15},"9","Casa 9",{"v":60.8,"d":"60.80"},{"$f":"ROUND(K1679,2)*R1687","v":{"v":466.94399999999996,"d":"R$ 466.94"}}]
[{"$nulls":15},"10","Casa 10",{"v":60.8,"d":"60.80"},{"$f":"ROUND(K1679,2)*R1688","v":{"v":466.94399999999996,"d":"R$ 466.94"}}]
[{"$nulls":15},"11","Casa 11",{"v":60.8,"d":"60.80"},{"$f":"ROUND(K1679,2)*R1689","v":{"v":466.94399999999996,"d":"R$ 466.94"}}]
[{"$nulls":15},"12","Casa 12",{"v":60.8,"d":"60.80"},{"$f":"ROUND(K1679,2)*R1690","v":{"v":466.94399999999996,"d":"R$ 466.94"}}]
[{"$nulls":15},"13","Casa 13",{"v":60.8,"d":"60.80"},{"$f":"ROUND(K1679,2)*R1691","v":{"v":466.94399999999996,"d":"R$ 466.94"}}]
[{"$nulls":15},"14","Casa 14",{"v":60.8,"d":"60.80"},{"$f":"ROUND(K1679,2)*R1692","v":{"v":466.94399999999996,"d":"R$ 466.94"}}]
[{"$nulls":15},"15","Casa 15",{"v":60.8,"d":"60.80"},{"$f":"ROUND(K1679,2)*R1693","v":{"v":466.94399999999996,"d":"R$ 466.94"}}]
[{"$nulls":15},"16","Casa 16",{"v":60.8,"d":"60.80"},{"$f":"ROUND(K1679,2)*R1694","v":{"v":466.94399999999996,"d":"R$ 466.94"}}]
[{"$nulls":15},"17","Casa 17",{"v":60.8,"d":"60.80"},{"$f":"ROUND(K1679,2)*R1695","v":{"v":466.94399999999996,"d":"R$ 466.94"}}]
[{"$nulls":15},"18","Casa 18",{"v":60.8,"d":"60.80"},{"$f":"ROUND(K1679,2)*R1696","v":{"v":466.94399999999996,"d":"R$ 466.94"}}]
[{"$nulls":15},"19","Casa 19",{"v":60.8,"d":"60.80"},{"$f":"ROUND(K1679,2)*R1697","v":{"v":466.94399999999996,"d":"R$ 466.94"}}]
[{"$nulls":15},"20","Casa 20",{"v":60.8,"d":"60.80"},{"$f":"ROUND(K1679,2)*R1698","v":{"v":466.94399999999996,"d":"R$ 466.94"}}]
[{"$nulls":15},"21","Casa 21",{"v":60.8,"d":"60.80"},{"$f":"ROUND(K1679,2)*R1699","v":{"v":466.94399999999996,"d":"R$ 466.94"}}]
[{"$nulls":15},"22","Casa 22",{"v":60.8,"d":"60.80"},{"$f":"ROUND(K1679,2)*R1700","v":{"v":466.94399999999996,"d":"R$ 466.94"}}]
[{"$nulls":15},"23","Casa 23",{"v":60.8,"d":"60.80"},{"$f":"ROUND(K1679,2)*R1701","v":{"v":466.94399999999996,"d":"R$ 466.94"}}]
[{"$nulls":15},"24","Casa 24",{"v":60.8,"d":"60.80"},{"$f":"ROUND(K1679,2)*R1702","v":{"v":466.94399999999996,"d":"R$ 466.94"}}]
[{"$nulls":15},"25","Casa 25",{"v":60.8,"d":"60.80"},{"$f":"ROUND(K1679,2)*R1703","v":{"v":466.94399999999996,"d":"R$ 466.94"}}]
["Serviço","16.2","SINAPI","104642","PINTURA LÁTEX ACRÍLICA STANDARD, APLICAÇÃO MANUAL EM PAREDES, DUAS DEMÃOS. AF_04/2023",{"$f":"R1704+R1705+R1706+R1707+R1708+R1709+R1710+R1711+R1712+R1713+R1714+R1715+R1716+R1717+R1718+R1719+R1720+R1721+R1722+R1723+R1724+R1725+R1726+R1727+R1728","v":{"v":1519.9999999999993,"d":"1,520.00"}},"M2",{"v":12.2,"d":"R$ 12.20"},{"v":12.2,"d":"R$ 12.20"},{"v":0.25,"d":"25.00%"},{"$f":"ROUND(I1704,2)+(ROUND(I1704,2)*J1704)","v":{"v":15.25,"d":"R$ 15.25"}},{"$f":"ROUND(S1704,2)+ROUND(S1705,2)+ROUND(S1706,2)+ROUND(S1707,2)+ROUND(S1708,2)+ROUND(S1709,2)+ROUND(S1710,2)+ROUND(S1711,2)+ROUND(S1712,2)+ROUND(S1713,2)+ROUND(S1714,2)+ROUND(S1715,2)+ROUND(S1716,2)+ROUND(S1717,2)+ROUND(S1718,2)+ROUND(S1719,2)+ROUND(S1720,2)+ROUND(S1721,2)+ROUND(S1722,2)+ROUND(S1723,2)+ROUND(S1724,2)+ROUND(S1725,2)+ROUND(S1726,2)+ROUND(S1727,2)+ROUND(S1728,2)","v":{"v":23180.00000000001,"d":"R$ 23,180.00"}},"","16","PINTURAS EXTERNAS","1","Casa 1",{"v":60.8,"d":"60.80"},{"$f":"ROUND(K1704,2)*R1704","v":{"v":927.1999999999999,"d":"R$ 927.20"}}]
[{"$nulls":15},"2","Casa 2",{"v":60.8,"d":"60.80"},{"$f":"ROUND(K1704,2)*R1705","v":{"v":927.1999999999999,"d":"R$ 927.20"}}]
[{"$nulls":15},"3","Casa 3",{"v":60.8,"d":"60.80"},{"$f":"ROUND(K1704,2)*R1706","v":{"v":927.1999999999999,"d":"R$ 927.20"}}]
[{"$nulls":15},"4","Casa 4",{"v":60.8,"d":"60.80"},{"$f":"ROUND(K1704,2)*R1707","v":{"v":927.1999999999999,"d":"R$ 927.20"}}]
[{"$nulls":15},"5","Casa 5",{"v":60.8,"d":"60.80"},{"$f":"ROUND(K1704,2)*R1708","v":{"v":927.1999999999999,"d":"R$ 927.20"}}]
[{"$nulls":15},"6","Casa 6",{"v":60.8,"d":"60.80"},{"$f":"ROUND(K1704,2)*R1709","v":{"v":927.1999999999999,"d":"R$ 927.20"}}]
[{"$nulls":15},"7","Casa 7",{"v":60.8,"d":"60.80"},{"$f":"ROUND(K1704,2)*R1710","v":{"v":927.1999999999999,"d":"R$ 927.20"}}]
[{"$nulls":15},"8","Casa 8",{"v":60.8,"d":"60.80"},{"$f":"ROUND(K1704,2)*R1711","v":{"v":927.1999999999999,"d":"R$ 927.20"}}]
[{"$nulls":15},"9","Casa 9",{"v":60.8,"d":"60.80"},{"$f":"ROUND(K1704,2)*R1712","v":{"v":927.1999999999999,"d":"R$ 927.20"}}]
[{"$nulls":15},"10","Casa 10",{"v":60.8,"d":"60.80"},{"$f":"ROUND(K1704,2)*R1713","v":{"v":927.1999999999999,"d":"R$ 927.20"}}]
[{"$nulls":15},"11","Casa 11",{"v":60.8,"d":"60.80"},{"$f":"ROUND(K1704,2)*R1714","v":{"v":927.1999999999999,"d":"R$ 927.20"}}]
[{"$nulls":15},"12","Casa 12",{"v":60.8,"d":"60.80"},{"$f":"ROUND(K1704,2)*R1715","v":{"v":927.1999999999999,"d":"R$ 927.20"}}]
[{"$nulls":15},"13","Casa 13",{"v":60.8,"d":"60.80"},{"$f":"ROUND(K1704,2)*R1716","v":{"v":927.1999999999999,"d":"R$ 927.20"}}]
[{"$nulls":15},"14","Casa 14",{"v":60.8,"d":"60.80"},{"$f":"ROUND(K1704,2)*R1717","v":{"v":927.1999999999999,"d":"R$ 927.20"}}]
[{"$nulls":15},"15","Casa 15",{"v":60.8,"d":"60.80"},{"$f":"ROUND(K1704,2)*R1718","v":{"v":927.1999999999999,"d":"R$ 927.20"}}]
[{"$nulls":15},"16","Casa 16",{"v":60.8,"d":"60.80"},{"$f":"ROUND(K1704,2)*R1719","v":{"v":927.1999999999999,"d":"R$ 927.20"}}]
[{"$nulls":15},"17","Casa 17",{"v":60.8,"d":"60.80"},{"$f":"ROUND(K1704,2)*R1720","v":{"v":927.1999999999999,"d":"R$ 927.20"}}]
[{"$nulls":15},"18","Casa 18",{"v":60.8,"d":"60.80"},{"$f":"ROUND(K1704,2)*R1721","v":{"v":927.1999999999999,"d":"R$ 927.20"}}]
[{"$nulls":15},"19","Casa 19",{"v":60.8,"d":"60.80"},{"$f":"ROUND(K1704,2)*R1722","v":{"v":927.1999999999999,"d":"R$ 927.20"}}]
[{"$nulls":15},"20","Casa 20",{"v":60.8,"d":"60.80"},{"$f":"ROUND(K1704,2)*R1723","v":{"v":927.1999999999999,"d":"R$ 927.20"}}]
[{"$nulls":15},"21","Casa 21",{"v":60.8,"d":"60.80"},{"$f":"ROUND(K1704,2)*R1724","v":{"v":927.1999999999999,"d":"R$ 927.20"}}]
[{"$nulls":15},"22","Casa 22",{"v":60.8,"d":"60.80"},{"$f":"ROUND(K1704,2)*R1725","v":{"v":927.1999999999999,"d":"R$ 927.20"}}]
[{"$nulls":15},"23","Casa 23",{"v":60.8,"d":"60.80"},{"$f":"ROUND(K1704,2)*R1726","v":{"v":927.1999999999999,"d":"R$ 927.20"}}]
[{"$nulls":15},"24","Casa 24",{"v":60.8,"d":"60.80"},{"$f":"ROUND(K1704,2)*R1727","v":{"v":927.1999999999999,"d":"R$ 927.20"}}]
[{"$nulls":15},"25","Casa 25",{"v":60.8,"d":"60.80"},{"$f":"ROUND(K1704,2)*R1728","v":{"v":927.1999999999999,"d":"R$ 927.20"}}]
["Macrosserviço","17","","","PINTURA ESQUADRIAS","","","","","","",{"$f":"ROUND(L1730,2)+ROUND(L1755,2)+ROUND(L1780,2)","v":{"v":27601.25,"d":"R$ 27,601.25"}},"","","","","","",""]
["Serviço","17.1","SINAPI","102193","LIXAMENTO DE MADEIRA PARA APLICAÇÃO DE FUNDO OU PINTURA. AF_01/2021",{"$f":"R1730+R1731+R1732+R1733+R1734+R1735+R1736+R1737+R1738+R1739+R1740+R1741+R1742+R1743+R1744+R1745+R1746+R1747+R1748+R1749+R1750+R1751+R1752+R1753+R1754","v":{"v":373.99999999999994,"d":"374.00"}},"M2",{"v":2.69,"d":"R$ 2.69"},{"v":2.69,"d":"R$ 2.69"},{"v":0.25,"d":"25.00%"},{"$f":"ROUND(I1730,2)+(ROUND(I1730,2)*J1730)","v":{"v":3.3625,"d":"R$ 3.36"}},{"$f":"ROUND(S1730,2)+ROUND(S1731,2)+ROUND(S1732,2)+ROUND(S1733,2)+ROUND(S1734,2)+ROUND(S1735,2)+ROUND(S1736,2)+ROUND(S1737,2)+ROUND(S1738,2)+ROUND(S1739,2)+ROUND(S1740,2)+ROUND(S1741,2)+ROUND(S1742,2)+ROUND(S1743,2)+ROUND(S1744,2)+ROUND(S1745,2)+ROUND(S1746,2)+ROUND(S1747,2)+ROUND(S1748,2)+ROUND(S1749,2)+ROUND(S1750,2)+ROUND(S1751,2)+ROUND(S1752,2)+ROUND(S1753,2)+ROUND(S1754,2)","v":{"v":1256.7499999999998,"d":"R$ 1,256.75"}},"","17","PINTURA ESQUADRIAS","1","Casa 1",14.96,{"$f":"ROUND(K1730,2)*R1730","v":{"v":50.2656,"d":"R$ 50.27"}}]
[{"$nulls":15},"2","Casa 2",14.96,{"$f":"ROUND(K1730,2)*R1731","v":{"v":50.2656,"d":"R$ 50.27"}}]
[{"$nulls":15},"3","Casa 3",14.96,{"$f":"ROUND(K1730,2)*R1732","v":{"v":50.2656,"d":"R$ 50.27"}}]
[{"$nulls":15},"4","Casa 4",14.96,{"$f":"ROUND(K1730,2)*R1733","v":{"v":50.2656,"d":"R$ 50.27"}}]
[{"$nulls":15},"5","Casa 5",14.96,{"$f":"ROUND(K1730,2)*R1734","v":{"v":50.2656,"d":"R$ 50.27"}}]
[{"$nulls":15},"6","Casa 6",14.96,{"$f":"ROUND(K1730,2)*R1735","v":{"v":50.2656,"d":"R$ 50.27"}}]
[{"$nulls":15},"7","Casa 7",14.96,{"$f":"ROUND(K1730,2)*R1736","v":{"v":50.2656,"d":"R$ 50.27"}}]
[{"$nulls":15},"8","Casa 8",14.96,{"$f":"ROUND(K1730,2)*R1737","v":{"v":50.2656,"d":"R$ 50.27"}}]
[{"$nulls":15},"9","Casa 9",14.96,{"$f":"ROUND(K1730,2)*R1738","v":{"v":50.2656,"d":"R$ 50.27"}}]
[{"$nulls":15},"10","Casa 10",14.96,{"$f":"ROUND(K1730,2)*R1739","v":{"v":50.2656,"d":"R$ 50.27"}}]
[{"$nulls":15},"11","Casa 11",14.96,{"$f":"ROUND(K1730,2)*R1740","v":{"v":50.2656,"d":"R$ 50.27"}}]
[{"$nulls":15},"12","Casa 12",14.96,{"$f":"ROUND(K1730,2)*R1741","v":{"v":50.2656,"d":"R$ 50.27"}}]
[{"$nulls":15},"13","Casa 13",14.96,{"$f":"ROUND(K1730,2)*R1742","v":{"v":50.2656,"d":"R$ 50.27"}}]
[{"$nulls":15},"14","Casa 14",14.96,{"$f":"ROUND(K1730,2)*R1743","v":{"v":50.2656,"d":"R$ 50.27"}}]
[{"$nulls":15},"15","Casa 15",14.96,{"$f":"ROUND(K1730,2)*R1744","v":{"v":50.2656,"d":"R$ 50.27"}}]
[{"$nulls":15},"16","Casa 16",14.96,{"$f":"ROUND(K1730,2)*R1745","v":{"v":50.2656,"d":"R$ 50.27"}}]
[{"$nulls":15},"17","Casa 17",14.96,{"$f":"ROUND(K1730,2)*R1746","v":{"v":50.2656,"d":"R$ 50.27"}}]
[{"$nulls":15},"18","Casa 18",14.96,{"$f":"ROUND(K1730,2)*R1747","v":{"v":50.2656,"d":"R$ 50.27"}}]
[{"$nulls":15},"19","Casa 19",14.96,{"$f":"ROUND(K1730,2)*R1748","v":{"v":50.2656,"d":"R$ 50.27"}}]
[{"$nulls":15},"20","Casa 20",14.96,{"$f":"ROUND(K1730,2)*R1749","v":{"v":50.2656,"d":"R$ 50.27"}}]
[{"$nulls":15},"21","Casa 21",14.96,{"$f":"ROUND(K1730,2)*R1750","v":{"v":50.2656,"d":"R$ 50.27"}}]
[{"$nulls":15},"22","Casa 22",14.96,{"$f":"ROUND(K1730,2)*R1751","v":{"v":50.2656,"d":"R$ 50.27"}}]
[{"$nulls":15},"23","Casa 23",14.96,{"$f":"ROUND(K1730,2)*R1752","v":{"v":50.2656,"d":"R$ 50.27"}}]
[{"$nulls":15},"24","Casa 24",14.96,{"$f":"ROUND(K1730,2)*R1753","v":{"v":50.2656,"d":"R$ 50.27"}}]
[{"$nulls":15},"25","Casa 25",14.96,{"$f":"ROUND(K1730,2)*R1754","v":{"v":50.2656,"d":"R$ 50.27"}}]
["Serviço","17.2","SINAPI","102197","PINTURA FUNDO NIVELADOR ALQUÍDICO BRANCO EM MADEIRA. AF_01/2021",{"$f":"R1755+R1756+R1757+R1758+R1759+R1760+R1761+R1762+R1763+R1764+R1765+R1766+R1767+R1768+R1769+R1770+R1771+R1772+R1773+R1774+R1775+R1776+R1777+R1778+R1779","v":{"v":373.99999999999994,"d":"374.00"}},"M2",{"v":34.96,"d":"R$ 34.96"},{"v":34.96,"d":"R$ 34.96"},{"v":0.25,"d":"25.00%"},{"$f":"ROUND(I1755,2)+(ROUND(I1755,2)*J1755)","v":{"v":43.7,"d":"R$ 43.70"}},{"$f":"ROUND(S1755,2)+ROUND(S1756,2)+ROUND(S1757,2)+ROUND(S1758,2)+ROUND(S1759,2)+ROUND(S1760,2)+ROUND(S1761,2)+ROUND(S1762,2)+ROUND(S1763,2)+ROUND(S1764,2)+ROUND(S1765,2)+ROUND(S1766,2)+ROUND(S1767,2)+ROUND(S1768,2)+ROUND(S1769,2)+ROUND(S1770,2)+ROUND(S1771,2)+ROUND(S1772,2)+ROUND(S1773,2)+ROUND(S1774,2)+ROUND(S1775,2)+ROUND(S1776,2)+ROUND(S1777,2)+ROUND(S1778,2)+ROUND(S1779,2)","v":{"v":16343.75,"d":"R$ 16,343.75"}},"","17","PINTURA ESQUADRIAS","1","Casa 1",14.96,{"$f":"ROUND(K1755,2)*R1755","v":{"v":653.7520000000001,"d":"R$ 653.75"}}]
[{"$nulls":15},"2","Casa 2",14.96,{"$f":"ROUND(K1755,2)*R1756","v":{"v":653.7520000000001,"d":"R$ 653.75"}}]
[{"$nulls":15},"3","Casa 3",14.96,{"$f":"ROUND(K1755,2)*R1757","v":{"v":653.7520000000001,"d":"R$ 653.75"}}]
[{"$nulls":15},"4","Casa 4",14.96,{"$f":"ROUND(K1755,2)*R1758","v":{"v":653.7520000000001,"d":"R$ 653.75"}}]
[{"$nulls":15},"5","Casa 5",14.96,{"$f":"ROUND(K1755,2)*R1759","v":{"v":653.7520000000001,"d":"R$ 653.75"}}]
[{"$nulls":15},"6","Casa 6",14.96,{"$f":"ROUND(K1755,2)*R1760","v":{"v":653.7520000000001,"d":"R$ 653.75"}}]
[{"$nulls":15},"7","Casa 7",14.96,{"$f":"ROUND(K1755,2)*R1761","v":{"v":653.7520000000001,"d":"R$ 653.75"}}]
[{"$nulls":15},"8","Casa 8",14.96,{"$f":"ROUND(K1755,2)*R1762","v":{"v":653.7520000000001,"d":"R$ 653.75"}}]
[{"$nulls":15},"9","Casa 9",14.96,{"$f":"ROUND(K1755,2)*R1763","v":{"v":653.7520000000001,"d":"R$ 653.75"}}]
[{"$nulls":15},"10","Casa 10",14.96,{"$f":"ROUND(K1755,2)*R1764","v":{"v":653.7520000000001,"d":"R$ 653.75"}}]
[{"$nulls":15},"11","Casa 11",14.96,{"$f":"ROUND(K1755,2)*R1765","v":{"v":653.7520000000001,"d":"R$ 653.75"}}]
[{"$nulls":15},"12","Casa 12",14.96,{"$f":"ROUND(K1755,2)*R1766","v":{"v":653.7520000000001,"d":"R$ 653.75"}}]
[{"$nulls":15},"13","Casa 13",14.96,{"$f":"ROUND(K1755,2)*R1767","v":{"v":653.7520000000001,"d":"R$ 653.75"}}]
[{"$nulls":15},"14","Casa 14",14.96,{"$f":"ROUND(K1755,2)*R1768","v":{"v":653.7520000000001,"d":"R$ 653.75"}}]
[{"$nulls":15},"15","Casa 15",14.96,{"$f":"ROUND(K1755,2)*R1769","v":{"v":653.7520000000001,"d":"R$ 653.75"}}]
[{"$nulls":15},"16","Casa 16",14.96,{"$f":"ROUND(K1755,2)*R1770","v":{"v":653.7520000000001,"d":"R$ 653.75"}}]
[{"$nulls":15},"17","Casa 17",14.96,{"$f":"ROUND(K1755,2)*R1771","v":{"v":653.7520000000001,"d":"R$ 653.75"}}]
[{"$nulls":15},"18","Casa 18",14.96,{"$f":"ROUND(K1755,2)*R1772","v":{"v":653.7520000000001,"d":"R$ 653.75"}}]
[{"$nulls":15},"19","Casa 19",14.96,{"$f":"ROUND(K1755,2)*R1773","v":{"v":653.7520000000001,"d":"R$ 653.75"}}]
[{"$nulls":15},"20","Casa 20",14.96,{"$f":"ROUND(K1755,2)*R1774","v":{"v":653.7520000000001,"d":"R$ 653.75"}}]
[{"$nulls":15},"21","Casa 21",14.96,{"$f":"ROUND(K1755,2)*R1775","v":{"v":653.7520000000001,"d":"R$ 653.75"}}]
[{"$nulls":15},"22","Casa 22",14.96,{"$f":"ROUND(K1755,2)*R1776","v":{"v":653.7520000000001,"d":"R$ 653.75"}}]
[{"$nulls":15},"23","Casa 23",14.96,{"$f":"ROUND(K1755,2)*R1777","v":{"v":653.7520000000001,"d":"R$ 653.75"}}]
[{"$nulls":15},"24","Casa 24",14.96,{"$f":"ROUND(K1755,2)*R1778","v":{"v":653.7520000000001,"d":"R$ 653.75"}}]
[{"$nulls":15},"25","Casa 25",14.96,{"$f":"ROUND(K1755,2)*R1779","v":{"v":653.7520000000001,"d":"R$ 653.75"}}]
["Serviço","17.3","SINAPI","102219","PINTURA TINTA DE ACABAMENTO (PIGMENTADA) ESMALTE SINTÉTICO ACETINADO EM MADEIRA, 2 DEMÃOS. AF_01/2021",{"$f":"R1780+R1781+R1782+R1783+R1784+R1785+R1786+R1787+R1788+R1789+R1790+R1791+R1792+R1793+R1794+R1795+R1796+R1797+R1798+R1799+R1800+R1801+R1802+R1803+R1804","v":{"v":373.99999999999994,"d":"374.00"}},"M2",{"v":21.39,"d":"R$ 21.39"},{"v":21.39,"d":"R$ 21.39"},{"v":0.25,"d":"25.00%"},{"$f":"ROUND(I1780,2)+(ROUND(I1780,2)*J1780)","v":{"v":26.7375,"d":"R$ 26.74"}},{"$f":"ROUND(S1780,2)+ROUND(S1781,2)+ROUND(S1782,2)+ROUND(S1783,2)+ROUND(S1784,2)+ROUND(S1785,2)+ROUND(S1786,2)+ROUND(S1787,2)+ROUND(S1788,2)+ROUND(S1789,2)+ROUND(S1790,2)+ROUND(S1791,2)+ROUND(S1792,2)+ROUND(S1793,2)+ROUND(S1794,2)+ROUND(S1795,2)+ROUND(S1796,2)+ROUND(S1797,2)+ROUND(S1798,2)+ROUND(S1799,2)+ROUND(S1800,2)+ROUND(S1801,2)+ROUND(S1802,2)+ROUND(S1803,2)+ROUND(S1804,2)","v":{"v":10000.75,"d":"R$ 10,000.75"}},"","17","PINTURA ESQUADRIAS","1","Casa 1",14.96,{"$f":"ROUND(K1780,2)*R1780","v":{"v":400.0304,"d":"R$ 400.03"}}]
[{"$nulls":15},"2","Casa 2",14.96,{"$f":"ROUND(K1780,2)*R1781","v":{"v":400.0304,"d":"R$ 400.03"}}]
[{"$nulls":15},"3","Casa 3",14.96,{"$f":"ROUND(K1780,2)*R1782","v":{"v":400.0304,"d":"R$ 400.03"}}]
[{"$nulls":15},"4","Casa 4",14.96,{"$f":"ROUND(K1780,2)*R1783","v":{"v":400.0304,"d":"R$ 400.03"}}]
[{"$nulls":15},"5","Casa 5",14.96,{"$f":"ROUND(K1780,2)*R1784","v":{"v":400.0304,"d":"R$ 400.03"}}]
[{"$nulls":15},"6","Casa 6",14.96,{"$f":"ROUND(K1780,2)*R1785","v":{"v":400.0304,"d":"R$ 400.03"}}]
[{"$nulls":15},"7","Casa 7",14.96,{"$f":"ROUND(K1780,2)*R1786","v":{"v":400.0304,"d":"R$ 400.03"}}]
[{"$nulls":15},"8","Casa 8",14.96,{"$f":"ROUND(K1780,2)*R1787","v":{"v":400.0304,"d":"R$ 400.03"}}]
[{"$nulls":15},"9","Casa 9",14.96,{"$f":"ROUND(K1780,2)*R1788","v":{"v":400.0304,"d":"R$ 400.03"}}]
[{"$nulls":15},"10","Casa 10",14.96,{"$f":"ROUND(K1780,2)*R1789","v":{"v":400.0304,"d":"R$ 400.03"}}]
[{"$nulls":15},"11","Casa 11",14.96,{"$f":"ROUND(K1780,2)*R1790","v":{"v":400.0304,"d":"R$ 400.03"}}]
[{"$nulls":15},"12","Casa 12",14.96,{"$f":"ROUND(K1780,2)*R1791","v":{"v":400.0304,"d":"R$ 400.03"}}]
[{"$nulls":15},"13","Casa 13",14.96,{"$f":"ROUND(K1780,2)*R1792","v":{"v":400.0304,"d":"R$ 400.03"}}]
[{"$nulls":15},"14","Casa 14",14.96,{"$f":"ROUND(K1780,2)*R1793","v":{"v":400.0304,"d":"R$ 400.03"}}]
[{"$nulls":15},"15","Casa 15",14.96,{"$f":"ROUND(K1780,2)*R1794","v":{"v":400.0304,"d":"R$ 400.03"}}]
[{"$nulls":15},"16","Casa 16",14.96,{"$f":"ROUND(K1780,2)*R1795","v":{"v":400.0304,"d":"R$ 400.03"}}]
[{"$nulls":15},"17","Casa 17",14.96,{"$f":"ROUND(K1780,2)*R1796","v":{"v":400.0304,"d":"R$ 400.03"}}]
[{"$nulls":15},"18","Casa 18",14.96,{"$f":"ROUND(K1780,2)*R1797","v":{"v":400.0304,"d":"R$ 400.03"}}]
[{"$nulls":15},"19","Casa 19",14.96,{"$f":"ROUND(K1780,2)*R1798","v":{"v":400.0304,"d":"R$ 400.03"}}]
[{"$nulls":15},"20","Casa 20",14.96,{"$f":"ROUND(K1780,2)*R1799","v":{"v":400.0304,"d":"R$ 400.03"}}]
[{"$nulls":15},"21","Casa 21",14.96,{"$f":"ROUND(K1780,2)*R1800","v":{"v":400.0304,"d":"R$ 400.03"}}]
[{"$nulls":15},"22","Casa 22",14.96,{"$f":"ROUND(K1780,2)*R1801","v":{"v":400.0304,"d":"R$ 400.03"}}]
[{"$nulls":15},"23","Casa 23",14.96,{"$f":"ROUND(K1780,2)*R1802","v":{"v":400.0304,"d":"R$ 400.03"}}]
[{"$nulls":15},"24","Casa 24",14.96,{"$f":"ROUND(K1780,2)*R1803","v":{"v":400.0304,"d":"R$ 400.03"}}]
[{"$nulls":15},"25","Casa 25",14.96,{"$f":"ROUND(K1780,2)*R1804","v":{"v":400.0304,"d":"R$ 400.03"}}]
["Macrosserviço","18","","","PISO CERÂMICO","","","","","","",{"$f":"ROUND(L1806,2)+ROUND(L1831,2)+ROUND(L1856,2)+ROUND(L1881,2)+ROUND(L1906,2)+ROUND(L1931,2)+ROUND(L1956,2)+ROUND(L1981,2)+ROUND(L2006,2)","v":{"v":256394.25,"d":"R$ 256,394.25"}},"","","","","","",""]
["Serviço","18.1","SINAPI","97084","COMPACTAÇÃO MECÂNICA DE SOLO PARA EXECUÇÃO DE RADIER, PISO DE CONCRETO OU LAJE SOBRE SOLO, COM COMPACTADOR DE SOLOS TIPO PLACA VIBRATÓRIA. AF_09/2021",{"$f":"R1806+R1807+R1808+R1809+R1810+R1811+R1812+R1813+R1814+R1815+R1816+R1817+R1818+R1819+R1820+R1821+R1822+R1823+R1824+R1825+R1826+R1827+R1828+R1829+R1830","v":{"v":1346.7499999999993,"d":"1,346.75"}},"M2",{"v":0.83,"d":"R$ 0.83"},{"v":0.83,"d":"R$ 0.83"},{"v":0.25,"d":"25.00%"},{"$f":"ROUND(I1806,2)+(ROUND(I1806,2)*J1806)","v":{"v":1.0374999999999999,"d":"R$ 1.04"}},{"$f":"ROUND(S1806,2)+ROUND(S1807,2)+ROUND(S1808,2)+ROUND(S1809,2)+ROUND(S1810,2)+ROUND(S1811,2)+ROUND(S1812,2)+ROUND(S1813,2)+ROUND(S1814,2)+ROUND(S1815,2)+ROUND(S1816,2)+ROUND(S1817,2)+ROUND(S1818,2)+ROUND(S1819,2)+ROUND(S1820,2)+ROUND(S1821,2)+ROUND(S1822,2)+ROUND(S1823,2)+ROUND(S1824,2)+ROUND(S1825,2)+ROUND(S1826,2)+ROUND(S1827,2)+ROUND(S1828,2)+ROUND(S1829,2)+ROUND(S1830,2)","v":{"v":1400.4999999999998,"d":"R$ 1,400.50"}},"","18","PISO CERÂMICO","1","Casa 1",53.87,{"$f":"ROUND(K1806,2)*R1806","v":{"v":56.0248,"d":"R$ 56.02"}}]
[{"$nulls":15},"2","Casa 2",53.87,{"$f":"ROUND(K1806,2)*R1807","v":{"v":56.0248,"d":"R$ 56.02"}}]
[{"$nulls":15},"3","Casa 3",53.87,{"$f":"ROUND(K1806,2)*R1808","v":{"v":56.0248,"d":"R$ 56.02"}}]
[{"$nulls":15},"4","Casa 4",53.87,{"$f":"ROUND(K1806,2)*R1809","v":{"v":56.0248,"d":"R$ 56.02"}}]
[{"$nulls":15},"5","Casa 5",53.87,{"$f":"ROUND(K1806,2)*R1810","v":{"v":56.0248,"d":"R$ 56.02"}}]
[{"$nulls":15},"6","Casa 6",53.87,{"$f":"ROUND(K1806,2)*R1811","v":{"v":56.0248,"d":"R$ 56.02"}}]
[{"$nulls":15},"7","Casa 7",53.87,{"$f":"ROUND(K1806,2)*R1812","v":{"v":56.0248,"d":"R$ 56.02"}}]
[{"$nulls":15},"8","Casa 8",53.87,{"$f":"ROUND(K1806,2)*R1813","v":{"v":56.0248,"d":"R$ 56.02"}}]
[{"$nulls":15},"9","Casa 9",53.87,{"$f":"ROUND(K1806,2)*R1814","v":{"v":56.0248,"d":"R$ 56.02"}}]
[{"$nulls":15},"10","Casa 10",53.87,{"$f":"ROUND(K1806,2)*R1815","v":{"v":56.0248,"d":"R$ 56.02"}}]
[{"$nulls":15},"11","Casa 11",53.87,{"$f":"ROUND(K1806,2)*R1816","v":{"v":56.0248,"d":"R$ 56.02"}}]
[{"$nulls":15},"12","Casa 12",53.87,{"$f":"ROUND(K1806,2)*R1817","v":{"v":56.0248,"d":"R$ 56.02"}}]
[{"$nulls":15},"13","Casa 13",53.87,{"$f":"ROUND(K1806,2)*R1818","v":{"v":56.0248,"d":"R$ 56.02"}}]
[{"$nulls":15},"14","Casa 14",53.87,{"$f":"ROUND(K1806,2)*R1819","v":{"v":56.0248,"d":"R$ 56.02"}}]
[{"$nulls":15},"15","Casa 15",53.87,{"$f":"ROUND(K1806,2)*R1820","v":{"v":56.0248,"d":"R$ 56.02"}}]
[{"$nulls":15},"16","Casa 16",53.87,{"$f":"ROUND(K1806,2)*R1821","v":{"v":56.0248,"d":"R$ 56.02"}}]
[{"$nulls":15},"17","Casa 17",53.87,{"$f":"ROUND(K1806,2)*R1822","v":{"v":56.0248,"d":"R$ 56.02"}}]
[{"$nulls":15},"18","Casa 18",53.87,{"$f":"ROUND(K1806,2)*R1823","v":{"v":56.0248,"d":"R$ 56.02"}}]
[{"$nulls":15},"19","Casa 19",53.87,{"$f":"ROUND(K1806,2)*R1824","v":{"v":56.0248,"d":"R$ 56.02"}}]
[{"$nulls":15},"20","Casa 20",53.87,{"$f":"ROUND(K1806,2)*R1825","v":{"v":56.0248,"d":"R$ 56.02"}}]
[{"$nulls":15},"21","Casa 21",53.87,{"$f":"ROUND(K1806,2)*R1826","v":{"v":56.0248,"d":"R$ 56.02"}}]
[{"$nulls":15},"22","Casa 22",53.87,{"$f":"ROUND(K1806,2)*R1827","v":{"v":56.0248,"d":"R$ 56.02"}}]
[{"$nulls":15},"23","Casa 23",53.87,{"$f":"ROUND(K1806,2)*R1828","v":{"v":56.0248,"d":"R$ 56.02"}}]
[{"$nulls":15},"24","Casa 24",53.87,{"$f":"ROUND(K1806,2)*R1829","v":{"v":56.0248,"d":"R$ 56.02"}}]
[{"$nulls":15},"25","Casa 25",53.87,{"$f":"ROUND(K1806,2)*R1830","v":{"v":56.0248,"d":"R$ 56.02"}}]
["Serviço","18.2","SINAPI","100322","LASTRO COM MATERIAL GRANULAR (PEDRA BRITADA N.3), APLICADO EM PISOS OU LAJES SOBRE SOLO, ESPESSURA DE *10 CM*. AF_01/2024",{"$f":"R1831+R1832+R1833+R1834+R1835+R1836+R1837+R1838+R1839+R1840+R1841+R1842+R1843+R1844+R1845+R1846+R1847+R1848+R1849+R1850+R1851+R1852+R1853+R1854+R1855","v":{"v":134.74999999999997,"d":"134.75"}},"M3",{"v":227.05,"d":"R$ 227.05"},{"v":227.05,"d":"R$ 227.05"},{"v":0.25,"d":"25.00%"},{"$f":"ROUND(I1831,2)+(ROUND(I1831,2)*J1831)","v":{"v":283.8125,"d":"R$ 283.81"}},{"$f":"ROUND(S1831,2)+ROUND(S1832,2)+ROUND(S1833,2)+ROUND(S1834,2)+ROUND(S1835,2)+ROUND(S1836,2)+ROUND(S1837,2)+ROUND(S1838,2)+ROUND(S1839,2)+ROUND(S1840,2)+ROUND(S1841,2)+ROUND(S1842,2)+ROUND(S1843,2)+ROUND(S1844,2)+ROUND(S1845,2)+ROUND(S1846,2)+ROUND(S1847,2)+ROUND(S1848,2)+ROUND(S1849,2)+ROUND(S1850,2)+ROUND(S1851,2)+ROUND(S1852,2)+ROUND(S1853,2)+ROUND(S1854,2)+ROUND(S1855,2)","v":{"v":38243.50000000001,"d":"R$ 38,243.50"}},"","18","PISO CERÂMICO","1","Casa 1",5.39,{"$f":"ROUND(K1831,2)*R1831","v":{"v":1529.7359,"d":"R$ 1,529.74"}}]
[{"$nulls":15},"2","Casa 2",5.39,{"$f":"ROUND(K1831,2)*R1832","v":{"v":1529.7359,"d":"R$ 1,529.74"}}]
[{"$nulls":15},"3","Casa 3",5.39,{"$f":"ROUND(K1831,2)*R1833","v":{"v":1529.7359,"d":"R$ 1,529.74"}}]
[{"$nulls":15},"4","Casa 4",5.39,{"$f":"ROUND(K1831,2)*R1834","v":{"v":1529.7359,"d":"R$ 1,529.74"}}]
[{"$nulls":15},"5","Casa 5",5.39,{"$f":"ROUND(K1831,2)*R1835","v":{"v":1529.7359,"d":"R$ 1,529.74"}}]
[{"$nulls":15},"6","Casa 6",5.39,{"$f":"ROUND(K1831,2)*R1836","v":{"v":1529.7359,"d":"R$ 1,529.74"}}]
[{"$nulls":15},"7","Casa 7",5.39,{"$f":"ROUND(K1831,2)*R1837","v":{"v":1529.7359,"d":"R$ 1,529.74"}}]
[{"$nulls":15},"8","Casa 8",5.39,{"$f":"ROUND(K1831,2)*R1838","v":{"v":1529.7359,"d":"R$ 1,529.74"}}]
[{"$nulls":15},"9","Casa 9",5.39,{"$f":"ROUND(K1831,2)*R1839","v":{"v":1529.7359,"d":"R$ 1,529.74"}}]
[{"$nulls":15},"10","Casa 10",5.39,{"$f":"ROUND(K1831,2)*R1840","v":{"v":1529.7359,"d":"R$ 1,529.74"}}]
[{"$nulls":15},"11","Casa 11",5.39,{"$f":"ROUND(K1831,2)*R1841","v":{"v":1529.7359,"d":"R$ 1,529.74"}}]
[{"$nulls":15},"12","Casa 12",5.39,{"$f":"ROUND(K1831,2)*R1842","v":{"v":1529.7359,"d":"R$ 1,529.74"}}]
[{"$nulls":15},"13","Casa 13",5.39,{"$f":"ROUND(K1831,2)*R1843","v":{"v":1529.7359,"d":"R$ 1,529.74"}}]
[{"$nulls":15},"14","Casa 14",5.39,{"$f":"ROUND(K1831,2)*R1844","v":{"v":1529.7359,"d":"R$ 1,529.74"}}]
[{"$nulls":15},"15","Casa 15",5.39,{"$f":"ROUND(K1831,2)*R1845","v":{"v":1529.7359,"d":"R$ 1,529.74"}}]
[{"$nulls":15},"16","Casa 16",5.39,{"$f":"ROUND(K1831,2)*R1846","v":{"v":1529.7359,"d":"R$ 1,529.74"}}]
[{"$nulls":15},"17","Casa 17",5.39,{"$f":"ROUND(K1831,2)*R1847","v":{"v":1529.7359,"d":"R$ 1,529.74"}}]
[{"$nulls":15},"18","Casa 18",5.39,{"$f":"ROUND(K1831,2)*R1848","v":{"v":1529.7359,"d":"R$ 1,529.74"}}]
[{"$nulls":15},"19","Casa 19",5.39,{"$f":"ROUND(K1831,2)*R1849","v":{"v":1529.7359,"d":"R$ 1,529.74"}}]
[{"$nulls":15},"20","Casa 20",5.39,{"$f":"ROUND(K1831,2)*R1850","v":{"v":1529.7359,"d":"R$ 1,529.74"}}]
[{"$nulls":15},"21","Casa 21",5.39,{"$f":"ROUND(K1831,2)*R1851","v":{"v":1529.7359,"d":"R$ 1,529.74"}}]
[{"$nulls":15},"22","Casa 22",5.39,{"$f":"ROUND(K1831,2)*R1852","v":{"v":1529.7359,"d":"R$ 1,529.74"}}]
[{"$nulls":15},"23","Casa 23",5.39,{"$f":"ROUND(K1831,2)*R1853","v":{"v":1529.7359,"d":"R$ 1,529.74"}}]
[{"$nulls":15},"24","Casa 24",5.39,{"$f":"ROUND(K1831,2)*R1854","v":{"v":1529.7359,"d":"R$ 1,529.74"}}]
[{"$nulls":15},"25","Casa 25",5.39,{"$f":"ROUND(K1831,2)*R1855","v":{"v":1529.7359,"d":"R$ 1,529.74"}}]
["Serviço","18.3","SINAPI","97087","CAMADA SEPARADORA PARA EXECUÇÃO DE RADIER, PISO DE CONCRETO OU LAJE SOBRE SOLO, EM LONA PLÁSTICA. AF_09/2021",{"$f":"R1856+R1857+R1858+R1859+R1860+R1861+R1862+R1863+R1864+R1865+R1866+R1867+R1868+R1869+R1870+R1871+R1872+R1873+R1874+R1875+R1876+R1877+R1878+R1879+R1880","v":{"v":1346.7499999999993,"d":"1,346.75"}},"M2",{"v":2.69,"d":"R$ 2.69"},{"v":2.69,"d":"R$ 2.69"},{"v":0.25,"d":"25.00%"},{"$f":"ROUND(I1856,2)+(ROUND(I1856,2)*J1856)","v":{"v":3.3625,"d":"R$ 3.36"}},{"$f":"ROUND(S1856,2)+ROUND(S1857,2)+ROUND(S1858,2)+ROUND(S1859,2)+ROUND(S1860,2)+ROUND(S1861,2)+ROUND(S1862,2)+ROUND(S1863,2)+ROUND(S1864,2)+ROUND(S1865,2)+ROUND(S1866,2)+ROUND(S1867,2)+ROUND(S1868,2)+ROUND(S1869,2)+ROUND(S1870,2)+ROUND(S1871,2)+ROUND(S1872,2)+ROUND(S1873,2)+ROUND(S1874,2)+ROUND(S1875,2)+ROUND(S1876,2)+ROUND(S1877,2)+ROUND(S1878,2)+ROUND(S1879,2)+ROUND(S1880,2)","v":{"v":4525,"d":"R$ 4,525.00"}},"","18","PISO CERÂMICO","1","Casa 1",53.87,{"$f":"ROUND(K1856,2)*R1856","v":{"v":181.0032,"d":"R$ 181.00"}}]
[{"$nulls":15},"2","Casa 2",53.87,{"$f":"ROUND(K1856,2)*R1857","v":{"v":181.0032,"d":"R$ 181.00"}}]
[{"$nulls":15},"3","Casa 3",53.87,{"$f":"ROUND(K1856,2)*R1858","v":{"v":181.0032,"d":"R$ 181.00"}}]
[{"$nulls":15},"4","Casa 4",53.87,{"$f":"ROUND(K1856,2)*R1859","v":{"v":181.0032,"d":"R$ 181.00"}}]
[{"$nulls":15},"5","Casa 5",53.87,{"$f":"ROUND(K1856,2)*R1860","v":{"v":181.0032,"d":"R$ 181.00"}}]
[{"$nulls":15},"6","Casa 6",53.87,{"$f":"ROUND(K1856,2)*R1861","v":{"v":181.0032,"d":"R$ 181.00"}}]
[{"$nulls":15},"7","Casa 7",53.87,{"$f":"ROUND(K1856,2)*R1862","v":{"v":181.0032,"d":"R$ 181.00"}}]
[{"$nulls":15},"8","Casa 8",53.87,{"$f":"ROUND(K1856,2)*R1863","v":{"v":181.0032,"d":"R$ 181.00"}}]
[{"$nulls":15},"9","Casa 9",53.87,{"$f":"ROUND(K1856,2)*R1864","v":{"v":181.0032,"d":"R$ 181.00"}}]
[{"$nulls":15},"10","Casa 10",53.87,{"$f":"ROUND(K1856,2)*R1865","v":{"v":181.0032,"d":"R$ 181.00"}}]
[{"$nulls":15},"11","Casa 11",53.87,{"$f":"ROUND(K1856,2)*R1866","v":{"v":181.0032,"d":"R$ 181.00"}}]
[{"$nulls":15},"12","Casa 12",53.87,{"$f":"ROUND(K1856,2)*R1867","v":{"v":181.0032,"d":"R$ 181.00"}}]
[{"$nulls":15},"13","Casa 13",53.87,{"$f":"ROUND(K1856,2)*R1868","v":{"v":181.0032,"d":"R$ 181.00"}}]
[{"$nulls":15},"14","Casa 14",53.87,{"$f":"ROUND(K1856,2)*R1869","v":{"v":181.0032,"d":"R$ 181.00"}}]
[{"$nulls":15},"15","Casa 15",53.87,{"$f":"ROUND(K1856,2)*R1870","v":{"v":181.0032,"d":"R$ 181.00"}}]
[{"$nulls":15},"16","Casa 16",53.87,{"$f":"ROUND(K1856,2)*R1871","v":{"v":181.0032,"d":"R$ 181.00"}}]
[{"$nulls":15},"17","Casa 17",53.87,{"$f":"ROUND(K1856,2)*R1872","v":{"v":181.0032,"d":"R$ 181.00"}}]
[{"$nulls":15},"18","Casa 18",53.87,{"$f":"ROUND(K1856,2)*R1873","v":{"v":181.0032,"d":"R$ 181.00"}}]
[{"$nulls":15},"19","Casa 19",53.87,{"$f":"ROUND(K1856,2)*R1874","v":{"v":181.0032,"d":"R$ 181.00"}}]
[{"$nulls":15},"20","Casa 20",53.87,{"$f":"ROUND(K1856,2)*R1875","v":{"v":181.0032,"d":"R$ 181.00"}}]
[{"$nulls":15},"21","Casa 21",53.87,{"$f":"ROUND(K1856,2)*R1876","v":{"v":181.0032,"d":"R$ 181.00"}}]
[{"$nulls":15},"22","Casa 22",53.87,{"$f":"ROUND(K1856,2)*R1877","v":{"v":181.0032,"d":"R$ 181.00"}}]
[{"$nulls":15},"23","Casa 23",53.87,{"$f":"ROUND(K1856,2)*R1878","v":{"v":181.0032,"d":"R$ 181.00"}}]
[{"$nulls":15},"24","Casa 24",53.87,{"$f":"ROUND(K1856,2)*R1879","v":{"v":181.0032,"d":"R$ 181.00"}}]
[{"$nulls":15},"25","Casa 25",53.87,{"$f":"ROUND(K1856,2)*R1880","v":{"v":181.0032,"d":"R$ 181.00"}}]
["Serviço","18.4","SINAPI","95241","LASTRO DE CONCRETO MAGRO, APLICADO EM PISOS, LAJES SOBRE SOLO OU RADIERS, ESPESSURA DE 5 CM. AF_01/2024",{"$f":"R1881+R1882+R1883+R1884+R1885+R1886+R1887+R1888+R1889+R1890+R1891+R1892+R1893+R1894+R1895+R1896+R1897+R1898+R1899+R1900+R1901+R1902+R1903+R1904+R1905","v":{"v":1346.7499999999993,"d":"1,346.75"}},"M2",{"v":38.48,"d":"R$ 38.48"},{"v":38.48,"d":"R$ 38.48"},{"v":0.25,"d":"25.00%"},{"$f":"ROUND(I1881,2)+(ROUND(I1881,2)*J1881)","v":{"v":48.099999999999994,"d":"R$ 48.10"}},{"$f":"ROUND(S1881,2)+ROUND(S1882,2)+ROUND(S1883,2)+ROUND(S1884,2)+ROUND(S1885,2)+ROUND(S1886,2)+ROUND(S1887,2)+ROUND(S1888,2)+ROUND(S1889,2)+ROUND(S1890,2)+ROUND(S1891,2)+ROUND(S1892,2)+ROUND(S1893,2)+ROUND(S1894,2)+ROUND(S1895,2)+ROUND(S1896,2)+ROUND(S1897,2)+ROUND(S1898,2)+ROUND(S1899,2)+ROUND(S1900,2)+ROUND(S1901,2)+ROUND(S1902,2)+ROUND(S1903,2)+ROUND(S1904,2)+ROUND(S1905,2)","v":{"v":64778.75000000002,"d":"R$ 64,778.75"}},"","18","PISO CERÂMICO","1","Casa 1",53.87,{"$f":"ROUND(K1881,2)*R1881","v":{"v":2591.147,"d":"R$ 2,591.15"}}]
[{"$nulls":15},"2","Casa 2",53.87,{"$f":"ROUND(K1881,2)*R1882","v":{"v":2591.147,"d":"R$ 2,591.15"}}]
[{"$nulls":15},"3","Casa 3",53.87,{"$f":"ROUND(K1881,2)*R1883","v":{"v":2591.147,"d":"R$ 2,591.15"}}]
[{"$nulls":15},"4","Casa 4",53.87,{"$f":"ROUND(K1881,2)*R1884","v":{"v":2591.147,"d":"R$ 2,591.15"}}]
[{"$nulls":15},"5","Casa 5",53.87,{"$f":"ROUND(K1881,2)*R1885","v":{"v":2591.147,"d":"R$ 2,591.15"}}]
[{"$nulls":15},"6","Casa 6",53.87,{"$f":"ROUND(K1881,2)*R1886","v":{"v":2591.147,"d":"R$ 2,591.15"}}]
[{"$nulls":15},"7","Casa 7",53.87,{"$f":"ROUND(K1881,2)*R1887","v":{"v":2591.147,"d":"R$ 2,591.15"}}]
[{"$nulls":15},"8","Casa 8",53.87,{"$f":"ROUND(K1881,2)*R1888","v":{"v":2591.147,"d":"R$ 2,591.15"}}]
[{"$nulls":15},"9","Casa 9",53.87,{"$f":"ROUND(K1881,2)*R1889","v":{"v":2591.147,"d":"R$ 2,591.15"}}]
[{"$nulls":15},"10","Casa 10",53.87,{"$f":"ROUND(K1881,2)*R1890","v":{"v":2591.147,"d":"R$ 2,591.15"}}]
[{"$nulls":15},"11","Casa 11",53.87,{"$f":"ROUND(K1881,2)*R1891","v":{"v":2591.147,"d":"R$ 2,591.15"}}]
[{"$nulls":15},"12","Casa 12",53.87,{"$f":"ROUND(K1881,2)*R1892","v":{"v":2591.147,"d":"R$ 2,591.15"}}]
[{"$nulls":15},"13","Casa 13",53.87,{"$f":"ROUND(K1881,2)*R1893","v":{"v":2591.147,"d":"R$ 2,591.15"}}]
[{"$nulls":15},"14","Casa 14",53.87,{"$f":"ROUND(K1881,2)*R1894","v":{"v":2591.147,"d":"R$ 2,591.15"}}]
[{"$nulls":15},"15","Casa 15",53.87,{"$f":"ROUND(K1881,2)*R1895","v":{"v":2591.147,"d":"R$ 2,591.15"}}]
[{"$nulls":15},"16","Casa 16",53.87,{"$f":"ROUND(K1881,2)*R1896","v":{"v":2591.147,"d":"R$ 2,591.15"}}]
[{"$nulls":15},"17","Casa 17",53.87,{"$f":"ROUND(K1881,2)*R1897","v":{"v":2591.147,"d":"R$ 2,591.15"}}]
[{"$nulls":15},"18","Casa 18",53.87,{"$f":"ROUND(K1881,2)*R1898","v":{"v":2591.147,"d":"R$ 2,591.15"}}]
[{"$nulls":15},"19","Casa 19",53.87,{"$f":"ROUND(K1881,2)*R1899","v":{"v":2591.147,"d":"R$ 2,591.15"}}]
[{"$nulls":15},"20","Casa 20",53.87,{"$f":"ROUND(K1881,2)*R1900","v":{"v":2591.147,"d":"R$ 2,591.15"}}]
[{"$nulls":15},"21","Casa 21",53.87,{"$f":"ROUND(K1881,2)*R1901","v":{"v":2591.147,"d":"R$ 2,591.15"}}]
[{"$nulls":15},"22","Casa 22",53.87,{"$f":"ROUND(K1881,2)*R1902","v":{"v":2591.147,"d":"R$ 2,591.15"}}]
[{"$nulls":15},"23","Casa 23",53.87,{"$f":"ROUND(K1881,2)*R1903","v":{"v":2591.147,"d":"R$ 2,591.15"}}]
[{"$nulls":15},"24","Casa 24",53.87,{"$f":"ROUND(K1881,2)*R1904","v":{"v":2591.147,"d":"R$ 2,591.15"}}]
[{"$nulls":15},"25","Casa 25",53.87,{"$f":"ROUND(K1881,2)*R1905","v":{"v":2591.147,"d":"R$ 2,591.15"}}]
["Serviço","18.5","SINAPI","87745","CONTRAPISO EM ARGAMASSA TRAÇO 1:4 (CIMENTO E AREIA), PREPARO MECÂNICO COM BETONEIRA 400 L, APLICADO EM ÁREAS MOLHADAS SOBRE LAJE, ADERIDO, ACABAMENTO NÃO REFORÇADO, ESPESSURA 3CM. AF_07/2021",{"$f":"R1906+R1907+R1908+R1909+R1910+R1911+R1912+R1913+R1914+R1915+R1916+R1917+R1918+R1919+R1920+R1921+R1922+R1923+R1924+R1925+R1926+R1927+R1928+R1929+R1930","v":{"v":378.24999999999994,"d":"378.25"}},"M2",{"v":53.98,"d":"R$ 53.98"},{"v":53.98,"d":"R$ 53.98"},{"v":0.25,"d":"25.00%"},{"$f":"ROUND(I1906,2)+(ROUND(I1906,2)*J1906)","v":{"v":67.475,"d":"R$ 67.48"}},{"$f":"ROUND(S1906,2)+ROUND(S1907,2)+ROUND(S1908,2)+ROUND(S1909,2)+ROUND(S1910,2)+ROUND(S1911,2)+ROUND(S1912,2)+ROUND(S1913,2)+ROUND(S1914,2)+ROUND(S1915,2)+ROUND(S1916,2)+ROUND(S1917,2)+ROUND(S1918,2)+ROUND(S1919,2)+ROUND(S1920,2)+ROUND(S1921,2)+ROUND(S1922,2)+ROUND(S1923,2)+ROUND(S1924,2)+ROUND(S1925,2)+ROUND(S1926,2)+ROUND(S1927,2)+ROUND(S1928,2)+ROUND(S1929,2)+ROUND(S1930,2)","v":{"v":25524.250000000007,"d":"R$ 25,524.25"}},"","18","PISO CERÂMICO","1","Casa 1",15.13,{"$f":"ROUND(K1906,2)*R1906","v":{"v":1020.9724000000001,"d":"R$ 1,020.97"}}]
[{"$nulls":15},"2","Casa 2",15.13,{"$f":"ROUND(K1906,2)*R1907","v":{"v":1020.9724000000001,"d":"R$ 1,020.97"}}]
[{"$nulls":15},"3","Casa 3",15.13,{"$f":"ROUND(K1906,2)*R1908","v":{"v":1020.9724000000001,"d":"R$ 1,020.97"}}]
[{"$nulls":15},"4","Casa 4",15.13,{"$f":"ROUND(K1906,2)*R1909","v":{"v":1020.9724000000001,"d":"R$ 1,020.97"}}]
[{"$nulls":15},"5","Casa 5",15.13,{"$f":"ROUND(K1906,2)*R1910","v":{"v":1020.9724000000001,"d":"R$ 1,020.97"}}]
[{"$nulls":15},"6","Casa 6",15.13,{"$f":"ROUND(K1906,2)*R1911","v":{"v":1020.9724000000001,"d":"R$ 1,020.97"}}]
[{"$nulls":15},"7","Casa 7",15.13,{"$f":"ROUND(K1906,2)*R1912","v":{"v":1020.9724000000001,"d":"R$ 1,020.97"}}]
[{"$nulls":15},"8","Casa 8",15.13,{"$f":"ROUND(K1906,2)*R1913","v":{"v":1020.9724000000001,"d":"R$ 1,020.97"}}]
[{"$nulls":15},"9","Casa 9",15.13,{"$f":"ROUND(K1906,2)*R1914","v":{"v":1020.9724000000001,"d":"R$ 1,020.97"}}]
[{"$nulls":15},"10","Casa 10",15.13,{"$f":"ROUND(K1906,2)*R1915","v":{"v":1020.9724000000001,"d":"R$ 1,020.97"}}]
[{"$nulls":15},"11","Casa 11",15.13,{"$f":"ROUND(K1906,2)*R1916","v":{"v":1020.9724000000001,"d":"R$ 1,020.97"}}]
[{"$nulls":15},"12","Casa 12",15.13,{"$f":"ROUND(K1906,2)*R1917","v":{"v":1020.9724000000001,"d":"R$ 1,020.97"}}]
[{"$nulls":15},"13","Casa 13",15.13,{"$f":"ROUND(K1906,2)*R1918","v":{"v":1020.9724000000001,"d":"R$ 1,020.97"}}]
[{"$nulls":15},"14","Casa 14",15.13,{"$f":"ROUND(K1906,2)*R1919","v":{"v":1020.9724000000001,"d":"R$ 1,020.97"}}]
[{"$nulls":15},"15","Casa 15",15.13,{"$f":"ROUND(K1906,2)*R1920","v":{"v":1020.9724000000001,"d":"R$ 1,020.97"}}]
[{"$nulls":15},"16","Casa 16",15.13,{"$f":"ROUND(K1906,2)*R1921","v":{"v":1020.9724000000001,"d":"R$ 1,020.97"}}]
[{"$nulls":15},"17","Casa 17",15.13,{"$f":"ROUND(K1906,2)*R1922","v":{"v":1020.9724000000001,"d":"R$ 1,020.97"}}]
[{"$nulls":15},"18","Casa 18",15.13,{"$f":"ROUND(K1906,2)*R1923","v":{"v":1020.9724000000001,"d":"R$ 1,020.97"}}]
[{"$nulls":15},"19","Casa 19",15.13,{"$f":"ROUND(K1906,2)*R1924","v":{"v":1020.9724000000001,"d":"R$ 1,020.97"}}]
[{"$nulls":15},"20","Casa 20",15.13,{"$f":"ROUND(K1906,2)*R1925","v":{"v":1020.9724000000001,"d":"R$ 1,020.97"}}]
[{"$nulls":15},"21","Casa 21",15.13,{"$f":"ROUND(K1906,2)*R1926","v":{"v":1020.9724000000001,"d":"R$ 1,020.97"}}]
[{"$nulls":15},"22","Casa 22",15.13,{"$f":"ROUND(K1906,2)*R1927","v":{"v":1020.9724000000001,"d":"R$ 1,020.97"}}]
[{"$nulls":15},"23","Casa 23",15.13,{"$f":"ROUND(K1906,2)*R1928","v":{"v":1020.9724000000001,"d":"R$ 1,020.97"}}]
[{"$nulls":15},"24","Casa 24",15.13,{"$f":"ROUND(K1906,2)*R1929","v":{"v":1020.9724000000001,"d":"R$ 1,020.97"}}]
[{"$nulls":15},"25","Casa 25",15.13,{"$f":"ROUND(K1906,2)*R1930","v":{"v":1020.9724000000001,"d":"R$ 1,020.97"}}]
["Serviço","18.6","SINAPI","87630","CONTRAPISO EM ARGAMASSA TRAÇO 1:4 (CIMENTO E AREIA), PREPARO MECÂNICO COM BETONEIRA 400 L, APLICADO EM ÁREAS SECAS SOBRE LAJE, ADERIDO, ACABAMENTO NÃO REFORÇADO, ESPESSURA 3CM. AF_07/2021",{"$f":"R1931+R1932+R1933+R1934+R1935+R1936+R1937+R1938+R1939+R1940+R1941+R1942+R1943+R1944+R1945+R1946+R1947+R1948+R1949+R1950+R1951+R1952+R1953+R1954+R1955","v":{"v":808.5000000000006,"d":"808.50"}},"M2",{"v":39.57,"d":"R$ 39.57"},{"v":39.57,"d":"R$ 39.57"},{"v":0.25,"d":"25.00%"},{"$f":"ROUND(I1931,2)+(ROUND(I1931,2)*J1931)","v":{"v":49.4625,"d":"R$ 49.46"}},{"$f":"ROUND(S1931,2)+ROUND(S1932,2)+ROUND(S1933,2)+ROUND(S1934,2)+ROUND(S1935,2)+ROUND(S1936,2)+ROUND(S1937,2)+ROUND(S1938,2)+ROUND(S1939,2)+ROUND(S1940,2)+ROUND(S1941,2)+ROUND(S1942,2)+ROUND(S1943,2)+ROUND(S1944,2)+ROUND(S1945,2)+ROUND(S1946,2)+ROUND(S1947,2)+ROUND(S1948,2)+ROUND(S1949,2)+ROUND(S1950,2)+ROUND(S1951,2)+ROUND(S1952,2)+ROUND(S1953,2)+ROUND(S1954,2)+ROUND(S1955,2)","v":{"v":39988.500000000015,"d":"R$ 39,988.50"}},"","18","PISO CERÂMICO","1","Casa 1",32.34,{"$f":"ROUND(K1931,2)*R1931","v":{"v":1599.5364000000002,"d":"R$ 1,599.54"}}]
[{"$nulls":15},"2","Casa 2",32.34,{"$f":"ROUND(K1931,2)*R1932","v":{"v":1599.5364000000002,"d":"R$ 1,599.54"}}]
[{"$nulls":15},"3","Casa 3",32.34,{"$f":"ROUND(K1931,2)*R1933","v":{"v":1599.5364000000002,"d":"R$ 1,599.54"}}]
[{"$nulls":15},"4","Casa 4",32.34,{"$f":"ROUND(K1931,2)*R1934","v":{"v":1599.5364000000002,"d":"R$ 1,599.54"}}]
[{"$nulls":15},"5","Casa 5",32.34,{"$f":"ROUND(K1931,2)*R1935","v":{"v":1599.5364000000002,"d":"R$ 1,599.54"}}]
[{"$nulls":15},"6","Casa 6",32.34,{"$f":"ROUND(K1931,2)*R1936","v":{"v":1599.5364000000002,"d":"R$ 1,599.54"}}]
[{"$nulls":15},"7","Casa 7",32.34,{"$f":"ROUND(K1931,2)*R1937","v":{"v":1599.5364000000002,"d":"R$ 1,599.54"}}]
[{"$nulls":15},"8","Casa 8",32.34,{"$f":"ROUND(K1931,2)*R1938","v":{"v":1599.5364000000002,"d":"R$ 1,599.54"}}]
[{"$nulls":15},"9","Casa 9",32.34,{"$f":"ROUND(K1931,2)*R1939","v":{"v":1599.5364000000002,"d":"R$ 1,599.54"}}]
[{"$nulls":15},"10","Casa 10",32.34,{"$f":"ROUND(K1931,2)*R1940","v":{"v":1599.5364000000002,"d":"R$ 1,599.54"}}]
[{"$nulls":15},"11","Casa 11",32.34,{"$f":"ROUND(K1931,2)*R1941","v":{"v":1599.5364000000002,"d":"R$ 1,599.54"}}]
[{"$nulls":15},"12","Casa 12",32.34,{"$f":"ROUND(K1931,2)*R1942","v":{"v":1599.5364000000002,"d":"R$ 1,599.54"}}]
[{"$nulls":15},"13","Casa 13",32.34,{"$f":"ROUND(K1931,2)*R1943","v":{"v":1599.5364000000002,"d":"R$ 1,599.54"}}]
[{"$nulls":15},"14","Casa 14",32.34,{"$f":"ROUND(K1931,2)*R1944","v":{"v":1599.5364000000002,"d":"R$ 1,599.54"}}]
[{"$nulls":15},"15","Casa 15",32.34,{"$f":"ROUND(K1931,2)*R1945","v":{"v":1599.5364000000002,"d":"R$ 1,599.54"}}]
[{"$nulls":15},"16","Casa 16",32.34,{"$f":"ROUND(K1931,2)*R1946","v":{"v":1599.5364000000002,"d":"R$ 1,599.54"}}]
[{"$nulls":15},"17","Casa 17",32.34,{"$f":"ROUND(K1931,2)*R1947","v":{"v":1599.5364000000002,"d":"R$ 1,599.54"}}]
[{"$nulls":15},"18","Casa 18",32.34,{"$f":"ROUND(K1931,2)*R1948","v":{"v":1599.5364000000002,"d":"R$ 1,599.54"}}]
[{"$nulls":15},"19","Casa 19",32.34,{"$f":"ROUND(K1931,2)*R1949","v":{"v":1599.5364000000002,"d":"R$ 1,599.54"}}]
[{"$nulls":15},"20","Casa 20",32.34,{"$f":"ROUND(K1931,2)*R1950","v":{"v":1599.5364000000002,"d":"R$ 1,599.54"}}]
[{"$nulls":15},"21","Casa 21",32.34,{"$f":"ROUND(K1931,2)*R1951","v":{"v":1599.5364000000002,"d":"R$ 1,599.54"}}]
[{"$nulls":15},"22","Casa 22",32.34,{"$f":"ROUND(K1931,2)*R1952","v":{"v":1599.5364000000002,"d":"R$ 1,599.54"}}]
[{"$nulls":15},"23","Casa 23",32.34,{"$f":"ROUND(K1931,2)*R1953","v":{"v":1599.5364000000002,"d":"R$ 1,599.54"}}]
[{"$nulls":15},"24","Casa 24",32.34,{"$f":"ROUND(K1931,2)*R1954","v":{"v":1599.5364000000002,"d":"R$ 1,599.54"}}]
[{"$nulls":15},"25","Casa 25",32.34,{"$f":"ROUND(K1931,2)*R1955","v":{"v":1599.5364000000002,"d":"R$ 1,599.54"}}]
["Serviço","18.7","SINAPI","87247","REVESTIMENTO CERÂMICO PARA PISO COM PLACAS TIPO ESMALTADA DE DIMENSÕES 35X35 CM APLICADA EM AMBIENTES DE ÁREA ENTRE 5 M2 E 10 M2. AF_02/2023_PE",{"$f":"R1956+R1957+R1958+R1959+R1960+R1961+R1962+R1963+R1964+R1965+R1966+R1967+R1968+R1969+R1970+R1971+R1972+R1973+R1974+R1975+R1976+R1977+R1978+R1979+R1980","v":{"v":420.00000000000017,"d":"420.00"}},"M2",{"v":56.72,"d":"R$ 56.72"},{"v":56.72,"d":"R$ 56.72"},{"v":0.25,"d":"25.00%"},{"$f":"ROUND(I1956,2)+(ROUND(I1956,2)*J1956)","v":{"v":70.9,"d":"R$ 70.90"}},{"$f":"ROUND(S1956,2)+ROUND(S1957,2)+ROUND(S1958,2)+ROUND(S1959,2)+ROUND(S1960,2)+ROUND(S1961,2)+ROUND(S1962,2)+ROUND(S1963,2)+ROUND(S1964,2)+ROUND(S1965,2)+ROUND(S1966,2)+ROUND(S1967,2)+ROUND(S1968,2)+ROUND(S1969,2)+ROUND(S1970,2)+ROUND(S1971,2)+ROUND(S1972,2)+ROUND(S1973,2)+ROUND(S1974,2)+ROUND(S1975,2)+ROUND(S1976,2)+ROUND(S1977,2)+ROUND(S1978,2)+ROUND(S1979,2)+ROUND(S1980,2)","v":{"v":29777.99999999998,"d":"R$ 29,778.00"}},"","18","PISO CERÂMICO","1","Casa 1",{"v":16.8,"d":"16.80"},{"$f":"ROUND(K1956,2)*R1956","v":{"v":1191.1200000000001,"d":"R$ 1,191.12"}}]
[{"$nulls":15},"2","Casa 2",{"v":16.8,"d":"16.80"},{"$f":"ROUND(K1956,2)*R1957","v":{"v":1191.1200000000001,"d":"R$ 1,191.12"}}]
[{"$nulls":15},"3","Casa 3",{"v":16.8,"d":"16.80"},{"$f":"ROUND(K1956,2)*R1958","v":{"v":1191.1200000000001,"d":"R$ 1,191.12"}}]
[{"$nulls":15},"4","Casa 4",{"v":16.8,"d":"16.80"},{"$f":"ROUND(K1956,2)*R1959","v":{"v":1191.1200000000001,"d":"R$ 1,191.12"}}]
[{"$nulls":15},"5","Casa 5",{"v":16.8,"d":"16.80"},{"$f":"ROUND(K1956,2)*R1960","v":{"v":1191.1200000000001,"d":"R$ 1,191.12"}}]
[{"$nulls":15},"6","Casa 6",{"v":16.8,"d":"16.80"},{"$f":"ROUND(K1956,2)*R1961","v":{"v":1191.1200000000001,"d":"R$ 1,191.12"}}]
[{"$nulls":15},"7","Casa 7",{"v":16.8,"d":"16.80"},{"$f":"ROUND(K1956,2)*R1962","v":{"v":1191.1200000000001,"d":"R$ 1,191.12"}}]
[{"$nulls":15},"8","Casa 8",{"v":16.8,"d":"16.80"},{"$f":"ROUND(K1956,2)*R1963","v":{"v":1191.1200000000001,"d":"R$ 1,191.12"}}]
[{"$nulls":15},"9","Casa 9",{"v":16.8,"d":"16.80"},{"$f":"ROUND(K1956,2)*R1964","v":{"v":1191.1200000000001,"d":"R$ 1,191.12"}}]
[{"$nulls":15},"10","Casa 10",{"v":16.8,"d":"16.80"},{"$f":"ROUND(K1956,2)*R1965","v":{"v":1191.1200000000001,"d":"R$ 1,191.12"}}]
[{"$nulls":15},"11","Casa 11",{"v":16.8,"d":"16.80"},{"$f":"ROUND(K1956,2)*R1966","v":{"v":1191.1200000000001,"d":"R$ 1,191.12"}}]
[{"$nulls":15},"12","Casa 12",{"v":16.8,"d":"16.80"},{"$f":"ROUND(K1956,2)*R1967","v":{"v":1191.1200000000001,"d":"R$ 1,191.12"}}]
[{"$nulls":15},"13","Casa 13",{"v":16.8,"d":"16.80"},{"$f":"ROUND(K1956,2)*R1968","v":{"v":1191.1200000000001,"d":"R$ 1,191.12"}}]
[{"$nulls":15},"14","Casa 14",{"v":16.8,"d":"16.80"},{"$f":"ROUND(K1956,2)*R1969","v":{"v":1191.1200000000001,"d":"R$ 1,191.12"}}]
[{"$nulls":15},"15","Casa 15",{"v":16.8,"d":"16.80"},{"$f":"ROUND(K1956,2)*R1970","v":{"v":1191.1200000000001,"d":"R$ 1,191.12"}}]
[{"$nulls":15},"16","Casa 16",{"v":16.8,"d":"16.80"},{"$f":"ROUND(K1956,2)*R1971","v":{"v":1191.1200000000001,"d":"R$ 1,191.12"}}]
[{"$nulls":15},"17","Casa 17",{"v":16.8,"d":"16.80"},{"$f":"ROUND(K1956,2)*R1972","v":{"v":1191.1200000000001,"d":"R$ 1,191.12"}}]
[{"$nulls":15},"18","Casa 18",{"v":16.8,"d":"16.80"},{"$f":"ROUND(K1956,2)*R1973","v":{"v":1191.1200000000001,"d":"R$ 1,191.12"}}]
[{"$nulls":15},"19","Casa 19",{"v":16.8,"d":"16.80"},{"$f":"ROUND(K1956,2)*R1974","v":{"v":1191.1200000000001,"d":"R$ 1,191.12"}}]
[{"$nulls":15},"20","Casa 20",{"v":16.8,"d":"16.80"},{"$f":"ROUND(K1956,2)*R1975","v":{"v":1191.1200000000001,"d":"R$ 1,191.12"}}]
[{"$nulls":15},"21","Casa 21",{"v":16.8,"d":"16.80"},{"$f":"ROUND(K1956,2)*R1976","v":{"v":1191.1200000000001,"d":"R$ 1,191.12"}}]
[{"$nulls":15},"22","Casa 22",{"v":16.8,"d":"16.80"},{"$f":"ROUND(K1956,2)*R1977","v":{"v":1191.1200000000001,"d":"R$ 1,191.12"}}]
[{"$nulls":15},"23","Casa 23",{"v":16.8,"d":"16.80"},{"$f":"ROUND(K1956,2)*R1978","v":{"v":1191.1200000000001,"d":"R$ 1,191.12"}}]
[{"$nulls":15},"24","Casa 24",{"v":16.8,"d":"16.80"},{"$f":"ROUND(K1956,2)*R1979","v":{"v":1191.1200000000001,"d":"R$ 1,191.12"}}]
[{"$nulls":15},"25","Casa 25",{"v":16.8,"d":"16.80"},{"$f":"ROUND(K1956,2)*R1980","v":{"v":1191.1200000000001,"d":"R$ 1,191.12"}}]
["Serviço","18.8","SINAPI","87248","REVESTIMENTO CERÂMICO PARA PISO COM PLACAS TIPO ESMALTADA DE DIMENSÕES 35X35 CM APLICADA EM AMBIENTES DE ÁREA MAIOR QUE 10 M2. AF_02/2023_PE",{"$f":"R1981+R1982+R1983+R1984+R1985+R1986+R1987+R1988+R1989+R1990+R1991+R1992+R1993+R1994+R1995+R1996+R1997+R1998+R1999+R2000+R2001+R2002+R2003+R2004+R2005","v":{"v":477.5000000000002,"d":"477.50"}},"M2",{"v":48.26,"d":"R$ 48.26"},{"v":48.26,"d":"R$ 48.26"},{"v":0.25,"d":"25.00%"},{"$f":"ROUND(I1981,2)+(ROUND(I1981,2)*J1981)","v":{"v":60.324999999999996,"d":"R$ 60.33"}},{"$f":"ROUND(S1981,2)+ROUND(S1982,2)+ROUND(S1983,2)+ROUND(S1984,2)+ROUND(S1985,2)+ROUND(S1986,2)+ROUND(S1987,2)+ROUND(S1988,2)+ROUND(S1989,2)+ROUND(S1990,2)+ROUND(S1991,2)+ROUND(S1992,2)+ROUND(S1993,2)+ROUND(S1994,2)+ROUND(S1995,2)+ROUND(S1996,2)+ROUND(S1997,2)+ROUND(S1998,2)+ROUND(S1999,2)+ROUND(S2000,2)+ROUND(S2001,2)+ROUND(S2002,2)+ROUND(S2003,2)+ROUND(S2004,2)+ROUND(S2005,2)","v":{"v":28807.49999999999,"d":"R$ 28,807.50"}},"","18","PISO CERÂMICO","1","Casa 1",{"v":19.1,"d":"19.10"},{"$f":"ROUND(K1981,2)*R1981","v":{"v":1152.303,"d":"R$ 1,152.30"}}]
[{"$nulls":15},"2","Casa 2",{"v":19.1,"d":"19.10"},{"$f":"ROUND(K1981,2)*R1982","v":{"v":1152.303,"d":"R$ 1,152.30"}}]
[{"$nulls":15},"3","Casa 3",{"v":19.1,"d":"19.10"},{"$f":"ROUND(K1981,2)*R1983","v":{"v":1152.303,"d":"R$ 1,152.30"}}]
[{"$nulls":15},"4","Casa 4",{"v":19.1,"d":"19.10"},{"$f":"ROUND(K1981,2)*R1984","v":{"v":1152.303,"d":"R$ 1,152.30"}}]
[{"$nulls":15},"5","Casa 5",{"v":19.1,"d":"19.10"},{"$f":"ROUND(K1981,2)*R1985","v":{"v":1152.303,"d":"R$ 1,152.30"}}]
[{"$nulls":15},"6","Casa 6",{"v":19.1,"d":"19.10"},{"$f":"ROUND(K1981,2)*R1986","v":{"v":1152.303,"d":"R$ 1,152.30"}}]
[{"$nulls":15},"7","Casa 7",{"v":19.1,"d":"19.10"},{"$f":"ROUND(K1981,2)*R1987","v":{"v":1152.303,"d":"R$ 1,152.30"}}]
[{"$nulls":15},"8","Casa 8",{"v":19.1,"d":"19.10"},{"$f":"ROUND(K1981,2)*R1988","v":{"v":1152.303,"d":"R$ 1,152.30"}}]
[{"$nulls":15},"9","Casa 9",{"v":19.1,"d":"19.10"},{"$f":"ROUND(K1981,2)*R1989","v":{"v":1152.303,"d":"R$ 1,152.30"}}]
[{"$nulls":15},"10","Casa 10",{"v":19.1,"d":"19.10"},{"$f":"ROUND(K1981,2)*R1990","v":{"v":1152.303,"d":"R$ 1,152.30"}}]
[{"$nulls":15},"11","Casa 11",{"v":19.1,"d":"19.10"},{"$f":"ROUND(K1981,2)*R1991","v":{"v":1152.303,"d":"R$ 1,152.30"}}]
[{"$nulls":15},"12","Casa 12",{"v":19.1,"d":"19.10"},{"$f":"ROUND(K1981,2)*R1992","v":{"v":1152.303,"d":"R$ 1,152.30"}}]
[{"$nulls":15},"13","Casa 13",{"v":19.1,"d":"19.10"},{"$f":"ROUND(K1981,2)*R1993","v":{"v":1152.303,"d":"R$ 1,152.30"}}]
[{"$nulls":15},"14","Casa 14",{"v":19.1,"d":"19.10"},{"$f":"ROUND(K1981,2)*R1994","v":{"v":1152.303,"d":"R$ 1,152.30"}}]
[{"$nulls":15},"15","Casa 15",{"v":19.1,"d":"19.10"},{"$f":"ROUND(K1981,2)*R1995","v":{"v":1152.303,"d":"R$ 1,152.30"}}]
[{"$nulls":15},"16","Casa 16",{"v":19.1,"d":"19.10"},{"$f":"ROUND(K1981,2)*R1996","v":{"v":1152.303,"d":"R$ 1,152.30"}}]
[{"$nulls":15},"17","Casa 17",{"v":19.1,"d":"19.10"},{"$f":"ROUND(K1981,2)*R1997","v":{"v":1152.303,"d":"R$ 1,152.30"}}]
[{"$nulls":15},"18","Casa 18",{"v":19.1,"d":"19.10"},{"$f":"ROUND(K1981,2)*R1998","v":{"v":1152.303,"d":"R$ 1,152.30"}}]
[{"$nulls":15},"19","Casa 19",{"v":19.1,"d":"19.10"},{"$f":"ROUND(K1981,2)*R1999","v":{"v":1152.303,"d":"R$ 1,152.30"}}]
[{"$nulls":15},"20","Casa 20",{"v":19.1,"d":"19.10"},{"$f":"ROUND(K1981,2)*R2000","v":{"v":1152.303,"d":"R$ 1,152.30"}}]
[{"$nulls":15},"21","Casa 21",{"v":19.1,"d":"19.10"},{"$f":"ROUND(K1981,2)*R2001","v":{"v":1152.303,"d":"R$ 1,152.30"}}]
[{"$nulls":15},"22","Casa 22",{"v":19.1,"d":"19.10"},{"$f":"ROUND(K1981,2)*R2002","v":{"v":1152.303,"d":"R$ 1,152.30"}}]
[{"$nulls":15},"23","Casa 23",{"v":19.1,"d":"19.10"},{"$f":"ROUND(K1981,2)*R2003","v":{"v":1152.303,"d":"R$ 1,152.30"}}]
[{"$nulls":15},"24","Casa 24",{"v":19.1,"d":"19.10"},{"$f":"ROUND(K1981,2)*R2004","v":{"v":1152.303,"d":"R$ 1,152.30"}}]
[{"$nulls":15},"25","Casa 25",{"v":19.1,"d":"19.10"},{"$f":"ROUND(K1981,2)*R2005","v":{"v":1152.303,"d":"R$ 1,152.30"}}]
["Serviço","18.9","SINAPI","87246","REVESTIMENTO CERÂMICO PARA PISO COM PLACAS TIPO ESMALTADA DE DIMENSÕES 35X35 CM APLICADA EM AMBIENTES DE ÁREA MENOR QUE 5 M2. AF_02/2023_PE",{"$f":"R2006+R2007+R2008+R2009+R2010+R2011+R2012+R2013+R2014+R2015+R2016+R2017+R2018+R2019+R2020+R2021+R2022+R2023+R2024+R2025+R2026+R2027+R2028+R2029+R2030","v":{"v":289,"d":"289.00"}},"M2",{"v":64.63,"d":"R$ 64.63"},{"v":64.63,"d":"R$ 64.63"},{"v":0.25,"d":"25.00%"},{"$f":"ROUND(I2006,2)+(ROUND(I2006,2)*J2006)","v":{"v":80.7875,"d":"R$ 80.79"}},{"$f":"ROUND(S2006,2)+ROUND(S2007,2)+ROUND(S2008,2)+ROUND(S2009,2)+ROUND(S2010,2)+ROUND(S2011,2)+ROUND(S2012,2)+ROUND(S2013,2)+ROUND(S2014,2)+ROUND(S2015,2)+ROUND(S2016,2)+ROUND(S2017,2)+ROUND(S2018,2)+ROUND(S2019,2)+ROUND(S2020,2)+ROUND(S2021,2)+ROUND(S2022,2)+ROUND(S2023,2)+ROUND(S2024,2)+ROUND(S2025,2)+ROUND(S2026,2)+ROUND(S2027,2)+ROUND(S2028,2)+ROUND(S2029,2)+ROUND(S2030,2)","v":{"v":23348.250000000004,"d":"R$ 23,348.25"}},"","18","PISO CERÂMICO","1","Casa 1",11.56,{"$f":"ROUND(K2006,2)*R2006","v":{"v":933.9324000000001,"d":"R$ 933.93"}}]
[{"$nulls":15},"2","Casa 2",11.56,{"$f":"ROUND(K2006,2)*R2007","v":{"v":933.9324000000001,"d":"R$ 933.93"}}]
[{"$nulls":15},"3","Casa 3",11.56,{"$f":"ROUND(K2006,2)*R2008","v":{"v":933.9324000000001,"d":"R$ 933.93"}}]
[{"$nulls":15},"4","Casa 4",11.56,{"$f":"ROUND(K2006,2)*R2009","v":{"v":933.9324000000001,"d":"R$ 933.93"}}]
[{"$nulls":15},"5","Casa 5",11.56,{"$f":"ROUND(K2006,2)*R2010","v":{"v":933.9324000000001,"d":"R$ 933.93"}}]
[{"$nulls":15},"6","Casa 6",11.56,{"$f":"ROUND(K2006,2)*R2011","v":{"v":933.9324000000001,"d":"R$ 933.93"}}]
[{"$nulls":15},"7","Casa 7",11.56,{"$f":"ROUND(K2006,2)*R2012","v":{"v":933.9324000000001,"d":"R$ 933.93"}}]
[{"$nulls":15},"8","Casa 8",11.56,{"$f":"ROUND(K2006,2)*R2013","v":{"v":933.9324000000001,"d":"R$ 933.93"}}]
[{"$nulls":15},"9","Casa 9",11.56,{"$f":"ROUND(K2006,2)*R2014","v":{"v":933.9324000000001,"d":"R$ 933.93"}}]
[{"$nulls":15},"10","Casa 10",11.56,{"$f":"ROUND(K2006,2)*R2015","v":{"v":933.9324000000001,"d":"R$ 933.93"}}]
[{"$nulls":15},"11","Casa 11",11.56,{"$f":"ROUND(K2006,2)*R2016","v":{"v":933.9324000000001,"d":"R$ 933.93"}}]
[{"$nulls":15},"12","Casa 12",11.56,{"$f":"ROUND(K2006,2)*R2017","v":{"v":933.9324000000001,"d":"R$ 933.93"}}]
[{"$nulls":15},"13","Casa 13",11.56,{"$f":"ROUND(K2006,2)*R2018","v":{"v":933.9324000000001,"d":"R$ 933.93"}}]
[{"$nulls":15},"14","Casa 14",11.56,{"$f":"ROUND(K2006,2)*R2019","v":{"v":933.9324000000001,"d":"R$ 933.93"}}]
[{"$nulls":15},"15","Casa 15",11.56,{"$f":"ROUND(K2006,2)*R2020","v":{"v":933.9324000000001,"d":"R$ 933.93"}}]
[{"$nulls":15},"16","Casa 16",11.56,{"$f":"ROUND(K2006,2)*R2021","v":{"v":933.9324000000001,"d":"R$ 933.93"}}]
[{"$nulls":15},"17","Casa 17",11.56,{"$f":"ROUND(K2006,2)*R2022","v":{"v":933.9324000000001,"d":"R$ 933.93"}}]
[{"$nulls":15},"18","Casa 18",11.56,{"$f":"ROUND(K2006,2)*R2023","v":{"v":933.9324000000001,"d":"R$ 933.93"}}]
[{"$nulls":15},"19","Casa 19",11.56,{"$f":"ROUND(K2006,2)*R2024","v":{"v":933.9324000000001,"d":"R$ 933.93"}}]
[{"$nulls":15},"20","Casa 20",11.56,{"$f":"ROUND(K2006,2)*R2025","v":{"v":933.9324000000001,"d":"R$ 933.93"}}]
[{"$nulls":15},"21","Casa 21",11.56,{"$f":"ROUND(K2006,2)*R2026","v":{"v":933.9324000000001,"d":"R$ 933.93"}}]
[{"$nulls":15},"22","Casa 22",11.56,{"$f":"ROUND(K2006,2)*R2027","v":{"v":933.9324000000001,"d":"R$ 933.93"}}]
[{"$nulls":15},"23","Casa 23",11.56,{"$f":"ROUND(K2006,2)*R2028","v":{"v":933.9324000000001,"d":"R$ 933.93"}}]
[{"$nulls":15},"24","Casa 24",11.56,{"$f":"ROUND(K2006,2)*R2029","v":{"v":933.9324000000001,"d":"R$ 933.93"}}]
[{"$nulls":15},"25","Casa 25",11.56,{"$f":"ROUND(K2006,2)*R2030","v":{"v":933.9324000000001,"d":"R$ 933.93"}}]
["Macrosserviço","19","","","PISOS CIMENTADOS","","","","","","",{"$f":"ROUND(L2032,2)+ROUND(L2057,2)","v":{"v":29085.25,"d":"R$ 29,085.25"}},"","","","","","",""]
["Serviço","19.1","SINAPI","97084","COMPACTAÇÃO MECÂNICA DE SOLO PARA EXECUÇÃO DE RADIER, PISO DE CONCRETO OU LAJE SOBRE SOLO, COM COMPACTADOR DE SOLOS TIPO PLACA VIBRATÓRIA. AF_09/2021",{"$f":"R2032+R2033+R2034+R2035+R2036+R2037+R2038+R2039+R2040+R2041+R2042+R2043+R2044+R2045+R2046+R2047+R2048+R2049+R2050+R2051+R2052+R2053+R2054+R2055+R2056","v":{"v":403.74999999999983,"d":"403.75"}},"M2",{"v":0.83,"d":"R$ 0.83"},{"v":0.83,"d":"R$ 0.83"},{"v":0.25,"d":"25.00%"},{"$f":"ROUND(I2032,2)+(ROUND(I2032,2)*J2032)","v":{"v":1.0374999999999999,"d":"R$ 1.04"}},{"$f":"ROUND(S2032,2)+ROUND(S2033,2)+ROUND(S2034,2)+ROUND(S2035,2)+ROUND(S2036,2)+ROUND(S2037,2)+ROUND(S2038,2)+ROUND(S2039,2)+ROUND(S2040,2)+ROUND(S2041,2)+ROUND(S2042,2)+ROUND(S2043,2)+ROUND(S2044,2)+ROUND(S2045,2)+ROUND(S2046,2)+ROUND(S2047,2)+ROUND(S2048,2)+ROUND(S2049,2)+ROUND(S2050,2)+ROUND(S2051,2)+ROUND(S2052,2)+ROUND(S2053,2)+ROUND(S2054,2)+ROUND(S2055,2)+ROUND(S2056,2)","v":{"v":420.00000000000017,"d":"R$ 420.00"}},"","19","PISOS CIMENTADOS","1","Casa 1",16.15,{"$f":"ROUND(K2032,2)*R2032","v":{"v":16.796,"d":"R$ 16.80"}}]
[{"$nulls":15},"2","Casa 2",16.15,{"$f":"ROUND(K2032,2)*R2033","v":{"v":16.796,"d":"R$ 16.80"}}]
[{"$nulls":15},"3","Casa 3",16.15,{"$f":"ROUND(K2032,2)*R2034","v":{"v":16.796,"d":"R$ 16.80"}}]
[{"$nulls":15},"4","Casa 4",16.15,{"$f":"ROUND(K2032,2)*R2035","v":{"v":16.796,"d":"R$ 16.80"}}]
[{"$nulls":15},"5","Casa 5",16.15,{"$f":"ROUND(K2032,2)*R2036","v":{"v":16.796,"d":"R$ 16.80"}}]
[{"$nulls":15},"6","Casa 6",16.15,{"$f":"ROUND(K2032,2)*R2037","v":{"v":16.796,"d":"R$ 16.80"}}]
[{"$nulls":15},"7","Casa 7",16.15,{"$f":"ROUND(K2032,2)*R2038","v":{"v":16.796,"d":"R$ 16.80"}}]
[{"$nulls":15},"8","Casa 8",16.15,{"$f":"ROUND(K2032,2)*R2039","v":{"v":16.796,"d":"R$ 16.80"}}]
[{"$nulls":15},"9","Casa 9",16.15,{"$f":"ROUND(K2032,2)*R2040","v":{"v":16.796,"d":"R$ 16.80"}}]
[{"$nulls":15},"10","Casa 10",16.15,{"$f":"ROUND(K2032,2)*R2041","v":{"v":16.796,"d":"R$ 16.80"}}]
[{"$nulls":15},"11","Casa 11",16.15,{"$f":"ROUND(K2032,2)*R2042","v":{"v":16.796,"d":"R$ 16.80"}}]
[{"$nulls":15},"12","Casa 12",16.15,{"$f":"ROUND(K2032,2)*R2043","v":{"v":16.796,"d":"R$ 16.80"}}]
[{"$nulls":15},"13","Casa 13",16.15,{"$f":"ROUND(K2032,2)*R2044","v":{"v":16.796,"d":"R$ 16.80"}}]
[{"$nulls":15},"14","Casa 14",16.15,{"$f":"ROUND(K2032,2)*R2045","v":{"v":16.796,"d":"R$ 16.80"}}]
[{"$nulls":15},"15","Casa 15",16.15,{"$f":"ROUND(K2032,2)*R2046","v":{"v":16.796,"d":"R$ 16.80"}}]
[{"$nulls":15},"16","Casa 16",16.15,{"$f":"ROUND(K2032,2)*R2047","v":{"v":16.796,"d":"R$ 16.80"}}]
[{"$nulls":15},"17","Casa 17",16.15,{"$f":"ROUND(K2032,2)*R2048","v":{"v":16.796,"d":"R$ 16.80"}}]
[{"$nulls":15},"18","Casa 18",16.15,{"$f":"ROUND(K2032,2)*R2049","v":{"v":16.796,"d":"R$ 16.80"}}]
[{"$nulls":15},"19","Casa 19",16.15,{"$f":"ROUND(K2032,2)*R2050","v":{"v":16.796,"d":"R$ 16.80"}}]
[{"$nulls":15},"20","Casa 20",16.15,{"$f":"ROUND(K2032,2)*R2051","v":{"v":16.796,"d":"R$ 16.80"}}]
[{"$nulls":15},"21","Casa 21",16.15,{"$f":"ROUND(K2032,2)*R2052","v":{"v":16.796,"d":"R$ 16.80"}}]
[{"$nulls":15},"22","Casa 22",16.15,{"$f":"ROUND(K2032,2)*R2053","v":{"v":16.796,"d":"R$ 16.80"}}]
[{"$nulls":15},"23","Casa 23",16.15,{"$f":"ROUND(K2032,2)*R2054","v":{"v":16.796,"d":"R$ 16.80"}}]
[{"$nulls":15},"24","Casa 24",16.15,{"$f":"ROUND(K2032,2)*R2055","v":{"v":16.796,"d":"R$ 16.80"}}]
[{"$nulls":15},"25","Casa 25",16.15,{"$f":"ROUND(K2032,2)*R2056","v":{"v":16.796,"d":"R$ 16.80"}}]
["Serviço","19.2","SINAPI","94990","EXECUÇÃO DE PASSEIO (CALÇADA) OU PISO DE CONCRETO COM CONCRETO MOLDADO IN LOCO, FEITO EM OBRA, ACABAMENTO CONVENCIONAL, NÃO ARMADO. AF_08/2022",{"$f":"R2057+R2058+R2059+R2060+R2061+R2062+R2063+R2064+R2065+R2066+R2067+R2068+R2069+R2070+R2071+R2072+R2073+R2074+R2075+R2076+R2077+R2078+R2079+R2080+R2081","v":{"v":28.249999999999982,"d":"28.25"}},"M3",{"v":811.76,"d":"R$ 811.76"},{"v":811.76,"d":"R$ 811.76"},{"v":0.25,"d":"25.00%"},{"$f":"ROUND(I2057,2)+(ROUND(I2057,2)*J2057)","v":{"v":1014.7,"d":"R$ 1,014.70"}},{"$f":"ROUND(S2057,2)+ROUND(S2058,2)+ROUND(S2059,2)+ROUND(S2060,2)+ROUND(S2061,2)+ROUND(S2062,2)+ROUND(S2063,2)+ROUND(S2064,2)+ROUND(S2065,2)+ROUND(S2066,2)+ROUND(S2067,2)+ROUND(S2068,2)+ROUND(S2069,2)+ROUND(S2070,2)+ROUND(S2071,2)+ROUND(S2072,2)+ROUND(S2073,2)+ROUND(S2074,2)+ROUND(S2075,2)+ROUND(S2076,2)+ROUND(S2077,2)+ROUND(S2078,2)+ROUND(S2079,2)+ROUND(S2080,2)+ROUND(S2081,2)","v":{"v":28665.250000000007,"d":"R$ 28,665.25"}},"","19","PISOS CIMENTADOS","1","Casa 1",1.13,{"$f":"ROUND(K2057,2)*R2057","v":{"v":1146.6109999999999,"d":"R$ 1,146.61"}}]
[{"$nulls":15},"2","Casa 2",1.13,{"$f":"ROUND(K2057,2)*R2058","v":{"v":1146.6109999999999,"d":"R$ 1,146.61"}}]
[{"$nulls":15},"3","Casa 3",1.13,{"$f":"ROUND(K2057,2)*R2059","v":{"v":1146.6109999999999,"d":"R$ 1,146.61"}}]
[{"$nulls":15},"4","Casa 4",1.13,{"$f":"ROUND(K2057,2)*R2060","v":{"v":1146.6109999999999,"d":"R$ 1,146.61"}}]
[{"$nulls":15},"5","Casa 5",1.13,{"$f":"ROUND(K2057,2)*R2061","v":{"v":1146.6109999999999,"d":"R$ 1,146.61"}}]
[{"$nulls":15},"6","Casa 6",1.13,{"$f":"ROUND(K2057,2)*R2062","v":{"v":1146.6109999999999,"d":"R$ 1,146.61"}}]
[{"$nulls":15},"7","Casa 7",1.13,{"$f":"ROUND(K2057,2)*R2063","v":{"v":1146.6109999999999,"d":"R$ 1,146.61"}}]
[{"$nulls":15},"8","Casa 8",1.13,{"$f":"ROUND(K2057,2)*R2064","v":{"v":1146.6109999999999,"d":"R$ 1,146.61"}}]
[{"$nulls":15},"9","Casa 9",1.13,{"$f":"ROUND(K2057,2)*R2065","v":{"v":1146.6109999999999,"d":"R$ 1,146.61"}}]
[{"$nulls":15},"10","Casa 10",1.13,{"$f":"ROUND(K2057,2)*R2066","v":{"v":1146.6109999999999,"d":"R$ 1,146.61"}}]
[{"$nulls":15},"11","Casa 11",1.13,{"$f":"ROUND(K2057,2)*R2067","v":{"v":1146.6109999999999,"d":"R$ 1,146.61"}}]
[{"$nulls":15},"12","Casa 12",1.13,{"$f":"ROUND(K2057,2)*R2068","v":{"v":1146.6109999999999,"d":"R$ 1,146.61"}}]
[{"$nulls":15},"13","Casa 13",1.13,{"$f":"ROUND(K2057,2)*R2069","v":{"v":1146.6109999999999,"d":"R$ 1,146.61"}}]
[{"$nulls":15},"14","Casa 14",1.13,{"$f":"ROUND(K2057,2)*R2070","v":{"v":1146.6109999999999,"d":"R$ 1,146.61"}}]
[{"$nulls":15},"15","Casa 15",1.13,{"$f":"ROUND(K2057,2)*R2071","v":{"v":1146.6109999999999,"d":"R$ 1,146.61"}}]
[{"$nulls":15},"16","Casa 16",1.13,{"$f":"ROUND(K2057,2)*R2072","v":{"v":1146.6109999999999,"d":"R$ 1,146.61"}}]
[{"$nulls":15},"17","Casa 17",1.13,{"$f":"ROUND(K2057,2)*R2073","v":{"v":1146.6109999999999,"d":"R$ 1,146.61"}}]
[{"$nulls":15},"18","Casa 18",1.13,{"$f":"ROUND(K2057,2)*R2074","v":{"v":1146.6109999999999,"d":"R$ 1,146.61"}}]
[{"$nulls":15},"19","Casa 19",1.13,{"$f":"ROUND(K2057,2)*R2075","v":{"v":1146.6109999999999,"d":"R$ 1,146.61"}}]
[{"$nulls":15},"20","Casa 20",1.13,{"$f":"ROUND(K2057,2)*R2076","v":{"v":1146.6109999999999,"d":"R$ 1,146.61"}}]
[{"$nulls":15},"21","Casa 21",1.13,{"$f":"ROUND(K2057,2)*R2077","v":{"v":1146.6109999999999,"d":"R$ 1,146.61"}}]
[{"$nulls":15},"22","Casa 22",1.13,{"$f":"ROUND(K2057,2)*R2078","v":{"v":1146.6109999999999,"d":"R$ 1,146.61"}}]
[{"$nulls":15},"23","Casa 23",1.13,{"$f":"ROUND(K2057,2)*R2079","v":{"v":1146.6109999999999,"d":"R$ 1,146.61"}}]
[{"$nulls":15},"24","Casa 24",1.13,{"$f":"ROUND(K2057,2)*R2080","v":{"v":1146.6109999999999,"d":"R$ 1,146.61"}}]
[{"$nulls":15},"25","Casa 25",1.13,{"$f":"ROUND(K2057,2)*R2081","v":{"v":1146.6109999999999,"d":"R$ 1,146.61"}}]
["Macrosserviço","20","","","RODAPÉS, SOLEIRAS E PEITORIS","","","","","","",{"$f":"ROUND(L2083,2)+ROUND(L2108,2)+ROUND(L2133,2)","v":{"v":28646.75,"d":"R$ 28,646.75"}},"","","","","","",""]
["Serviço","20.1","SINAPI","98695","SOLEIRA EM MÁRMORE, LARGURA 15 CM, ESPESSURA 2,0 CM. AF_09/2020",{"$f":"R2083+R2084+R2085+R2086+R2087+R2088+R2089+R2090+R2091+R2092+R2093+R2094+R2095+R2096+R2097+R2098+R2099+R2100+R2101+R2102+R2103+R2104+R2105+R2106+R2107","v":{"v":63.000000000000036,"d":"63.00"}},"M",{"v":55.47,"d":"R$ 55.47"},{"v":55.47,"d":"R$ 55.47"},{"v":0.25,"d":"25.00%"},{"$f":"ROUND(I2083,2)+(ROUND(I2083,2)*J2083)","v":{"v":69.3375,"d":"R$ 69.34"}},{"$f":"ROUND(S2083,2)+ROUND(S2084,2)+ROUND(S2085,2)+ROUND(S2086,2)+ROUND(S2087,2)+ROUND(S2088,2)+ROUND(S2089,2)+ROUND(S2090,2)+ROUND(S2091,2)+ROUND(S2092,2)+ROUND(S2093,2)+ROUND(S2094,2)+ROUND(S2095,2)+ROUND(S2096,2)+ROUND(S2097,2)+ROUND(S2098,2)+ROUND(S2099,2)+ROUND(S2100,2)+ROUND(S2101,2)+ROUND(S2102,2)+ROUND(S2103,2)+ROUND(S2104,2)+ROUND(S2105,2)+ROUND(S2106,2)+ROUND(S2107,2)","v":{"v":4368.499999999997,"d":"R$ 4,368.50"}},"","20","RODAPÉS, SOLEIRAS E PEITORIS","1","Casa 1",2.52,{"$f":"ROUND(K2083,2)*R2083","v":{"v":174.73680000000002,"d":"R$ 174.74"}}]
[{"$nulls":15},"2","Casa 2",2.52,{"$f":"ROUND(K2083,2)*R2084","v":{"v":174.73680000000002,"d":"R$ 174.74"}}]
[{"$nulls":15},"3","Casa 3",2.52,{"$f":"ROUND(K2083,2)*R2085","v":{"v":174.73680000000002,"d":"R$ 174.74"}}]
[{"$nulls":15},"4","Casa 4",2.52,{"$f":"ROUND(K2083,2)*R2086","v":{"v":174.73680000000002,"d":"R$ 174.74"}}]
[{"$nulls":15},"5","Casa 5",2.52,{"$f":"ROUND(K2083,2)*R2087","v":{"v":174.73680000000002,"d":"R$ 174.74"}}]
[{"$nulls":15},"6","Casa 6",2.52,{"$f":"ROUND(K2083,2)*R2088","v":{"v":174.73680000000002,"d":"R$ 174.74"}}]
[{"$nulls":15},"7","Casa 7",2.52,{"$f":"ROUND(K2083,2)*R2089","v":{"v":174.73680000000002,"d":"R$ 174.74"}}]
[{"$nulls":15},"8","Casa 8",2.52,{"$f":"ROUND(K2083,2)*R2090","v":{"v":174.73680000000002,"d":"R$ 174.74"}}]
[{"$nulls":15},"9","Casa 9",2.52,{"$f":"ROUND(K2083,2)*R2091","v":{"v":174.73680000000002,"d":"R$ 174.74"}}]
[{"$nulls":15},"10","Casa 10",2.52,{"$f":"ROUND(K2083,2)*R2092","v":{"v":174.73680000000002,"d":"R$ 174.74"}}]
[{"$nulls":15},"11","Casa 11",2.52,{"$f":"ROUND(K2083,2)*R2093","v":{"v":174.73680000000002,"d":"R$ 174.74"}}]
[{"$nulls":15},"12","Casa 12",2.52,{"$f":"ROUND(K2083,2)*R2094","v":{"v":174.73680000000002,"d":"R$ 174.74"}}]
[{"$nulls":15},"13","Casa 13",2.52,{"$f":"ROUND(K2083,2)*R2095","v":{"v":174.73680000000002,"d":"R$ 174.74"}}]
[{"$nulls":15},"14","Casa 14",2.52,{"$f":"ROUND(K2083,2)*R2096","v":{"v":174.73680000000002,"d":"R$ 174.74"}}]
[{"$nulls":15},"15","Casa 15",2.52,{"$f":"ROUND(K2083,2)*R2097","v":{"v":174.73680000000002,"d":"R$ 174.74"}}]
[{"$nulls":15},"16","Casa 16",2.52,{"$f":"ROUND(K2083,2)*R2098","v":{"v":174.73680000000002,"d":"R$ 174.74"}}]
[{"$nulls":15},"17","Casa 17",2.52,{"$f":"ROUND(K2083,2)*R2099","v":{"v":174.73680000000002,"d":"R$ 174.74"}}]
[{"$nulls":15},"18","Casa 18",2.52,{"$f":"ROUND(K2083,2)*R2100","v":{"v":174.73680000000002,"d":"R$ 174.74"}}]
[{"$nulls":15},"19","Casa 19",2.52,{"$f":"ROUND(K2083,2)*R2101","v":{"v":174.73680000000002,"d":"R$ 174.74"}}]
[{"$nulls":15},"20","Casa 20",2.52,{"$f":"ROUND(K2083,2)*R2102","v":{"v":174.73680000000002,"d":"R$ 174.74"}}]
[{"$nulls":15},"21","Casa 21",2.52,{"$f":"ROUND(K2083,2)*R2103","v":{"v":174.73680000000002,"d":"R$ 174.74"}}]
[{"$nulls":15},"22","Casa 22",2.52,{"$f":"ROUND(K2083,2)*R2104","v":{"v":174.73680000000002,"d":"R$ 174.74"}}]
[{"$nulls":15},"23","Casa 23",2.52,{"$f":"ROUND(K2083,2)*R2105","v":{"v":174.73680000000002,"d":"R$ 174.74"}}]
[{"$nulls":15},"24","Casa 24",2.52,{"$f":"ROUND(K2083,2)*R2106","v":{"v":174.73680000000002,"d":"R$ 174.74"}}]
[{"$nulls":15},"25","Casa 25",2.52,{"$f":"ROUND(K2083,2)*R2107","v":{"v":174.73680000000002,"d":"R$ 174.74"}}]
["Serviço","20.2","SINAPI","88648","RODAPÉ CERÂMICO DE 7CM DE ALTURA COM PLACAS TIPO ESMALTADA DE DIMENSÕES 35X35CM. AF_02/2023",{"$f":"R2108+R2109+R2110+R2111+R2112+R2113+R2114+R2115+R2116+R2117+R2118+R2119+R2120+R2121+R2122+R2123+R2124+R2125+R2126+R2127+R2128+R2129+R2130+R2131+R2132","v":931.25},"M",{"v":7.33,"d":"R$ 7.33"},{"v":7.33,"d":"R$ 7.33"},{"v":0.25,"d":"25.00%"},{"$f":"ROUND(I2108,2)+(ROUND(I2108,2)*J2108)","v":{"v":9.1625,"d":"R$ 9.16"}},{"$f":"ROUND(S2108,2)+ROUND(S2109,2)+ROUND(S2110,2)+ROUND(S2111,2)+ROUND(S2112,2)+ROUND(S2113,2)+ROUND(S2114,2)+ROUND(S2115,2)+ROUND(S2116,2)+ROUND(S2117,2)+ROUND(S2118,2)+ROUND(S2119,2)+ROUND(S2120,2)+ROUND(S2121,2)+ROUND(S2122,2)+ROUND(S2123,2)+ROUND(S2124,2)+ROUND(S2125,2)+ROUND(S2126,2)+ROUND(S2127,2)+ROUND(S2128,2)+ROUND(S2129,2)+ROUND(S2130,2)+ROUND(S2131,2)+ROUND(S2132,2)","v":{"v":8530.25,"d":"R$ 8,530.25"}},"","20","RODAPÉS, SOLEIRAS E PEITORIS","1","Casa 1",37.25,{"$f":"ROUND(K2108,2)*R2108","v":{"v":341.21,"d":"R$ 341.21"}}]
[{"$nulls":15},"2","Casa 2",37.25,{"$f":"ROUND(K2108,2)*R2109","v":{"v":341.21,"d":"R$ 341.21"}}]
[{"$nulls":15},"3","Casa 3",37.25,{"$f":"ROUND(K2108,2)*R2110","v":{"v":341.21,"d":"R$ 341.21"}}]
[{"$nulls":15},"4","Casa 4",37.25,{"$f":"ROUND(K2108,2)*R2111","v":{"v":341.21,"d":"R$ 341.21"}}]
[{"$nulls":15},"5","Casa 5",37.25,{"$f":"ROUND(K2108,2)*R2112","v":{"v":341.21,"d":"R$ 341.21"}}]
[{"$nulls":15},"6","Casa 6",37.25,{"$f":"ROUND(K2108,2)*R2113","v":{"v":341.21,"d":"R$ 341.21"}}]
[{"$nulls":15},"7","Casa 7",37.25,{"$f":"ROUND(K2108,2)*R2114","v":{"v":341.21,"d":"R$ 341.21"}}]
[{"$nulls":15},"8","Casa 8",37.25,{"$f":"ROUND(K2108,2)*R2115","v":{"v":341.21,"d":"R$ 341.21"}}]
[{"$nulls":15},"9","Casa 9",37.25,{"$f":"ROUND(K2108,2)*R2116","v":{"v":341.21,"d":"R$ 341.21"}}]
[{"$nulls":15},"10","Casa 10",37.25,{"$f":"ROUND(K2108,2)*R2117","v":{"v":341.21,"d":"R$ 341.21"}}]
[{"$nulls":15},"11","Casa 11",37.25,{"$f":"ROUND(K2108,2)*R2118","v":{"v":341.21,"d":"R$ 341.21"}}]
[{"$nulls":15},"12","Casa 12",37.25,{"$f":"ROUND(K2108,2)*R2119","v":{"v":341.21,"d":"R$ 341.21"}}]
[{"$nulls":15},"13","Casa 13",37.25,{"$f":"ROUND(K2108,2)*R2120","v":{"v":341.21,"d":"R$ 341.21"}}]
[{"$nulls":15},"14","Casa 14",37.25,{"$f":"ROUND(K2108,2)*R2121","v":{"v":341.21,"d":"R$ 341.21"}}]
[{"$nulls":15},"15","Casa 15",37.25,{"$f":"ROUND(K2108,2)*R2122","v":{"v":341.21,"d":"R$ 341.21"}}]
[{"$nulls":15},"16","Casa 16",37.25,{"$f":"ROUND(K2108,2)*R2123","v":{"v":341.21,"d":"R$ 341.21"}}]
[{"$nulls":15},"17","Casa 17",37.25,{"$f":"ROUND(K2108,2)*R2124","v":{"v":341.21,"d":"R$ 341.21"}}]
[{"$nulls":15},"18","Casa 18",37.25,{"$f":"ROUND(K2108,2)*R2125","v":{"v":341.21,"d":"R$ 341.21"}}]
[{"$nulls":15},"19","Casa 19",37.25,{"$f":"ROUND(K2108,2)*R2126","v":{"v":341.21,"d":"R$ 341.21"}}]
[{"$nulls":15},"20","Casa 20",37.25,{"$f":"ROUND(K2108,2)*R2127","v":{"v":341.21,"d":"R$ 341.21"}}]
[{"$nulls":15},"21","Casa 21",37.25,{"$f":"ROUND(K2108,2)*R2128","v":{"v":341.21,"d":"R$ 341.21"}}]
[{"$nulls":15},"22","Casa 22",37.25,{"$f":"ROUND(K2108,2)*R2129","v":{"v":341.21,"d":"R$ 341.21"}}]
[{"$nulls":15},"23","Casa 23",37.25,{"$f":"ROUND(K2108,2)*R2130","v":{"v":341.21,"d":"R$ 341.21"}}]
[{"$nulls":15},"24","Casa 24",37.25,{"$f":"ROUND(K2108,2)*R2131","v":{"v":341.21,"d":"R$ 341.21"}}]
[{"$nulls":15},"25","Casa 25",37.25,{"$f":"ROUND(K2108,2)*R2132","v":{"v":341.21,"d":"R$ 341.21"}}]
["Serviço","20.3","SINAPI","101965","PEITORIL LINEAR EM GRANITO OU MÁRMORE, L = 15CM, ASSENTADO COM ARGAMASSA 1:6 COM ADITIVO. AF_11/2020",{"$f":"R2133+R2134+R2135+R2136+R2137+R2138+R2139+R2140+R2141+R2142+R2143+R2144+R2145+R2146+R2147+R2148+R2149+R2150+R2151+R2152+R2153+R2154+R2155+R2156+R2157","v":{"v":162.5,"d":"162.50"}},"M",{"v":77.53,"d":"R$ 77.53"},{"v":77.53,"d":"R$ 77.53"},{"v":0.25,"d":"25.00%"},{"$f":"ROUND(I2133,2)+(ROUND(I2133,2)*J2133)","v":{"v":96.9125,"d":"R$ 96.91"}},{"$f":"ROUND(S2133,2)+ROUND(S2134,2)+ROUND(S2135,2)+ROUND(S2136,2)+ROUND(S2137,2)+ROUND(S2138,2)+ROUND(S2139,2)+ROUND(S2140,2)+ROUND(S2141,2)+ROUND(S2142,2)+ROUND(S2143,2)+ROUND(S2144,2)+ROUND(S2145,2)+ROUND(S2146,2)+ROUND(S2147,2)+ROUND(S2148,2)+ROUND(S2149,2)+ROUND(S2150,2)+ROUND(S2151,2)+ROUND(S2152,2)+ROUND(S2153,2)+ROUND(S2154,2)+ROUND(S2155,2)+ROUND(S2156,2)+ROUND(S2157,2)","v":{"v":15748,"d":"R$ 15,748.00"}},"","20","RODAPÉS, SOLEIRAS E PEITORIS","1","Casa 1",{"v":6.5,"d":"6.50"},{"$f":"ROUND(K2133,2)*R2133","v":{"v":629.915,"d":"R$ 629.92"}}]
[{"$nulls":15},"2","Casa 2",{"v":6.5,"d":"6.50"},{"$f":"ROUND(K2133,2)*R2134","v":{"v":629.915,"d":"R$ 629.92"}}]
[{"$nulls":15},"3","Casa 3",{"v":6.5,"d":"6.50"},{"$f":"ROUND(K2133,2)*R2135","v":{"v":629.915,"d":"R$ 629.92"}}]
[{"$nulls":15},"4","Casa 4",{"v":6.5,"d":"6.50"},{"$f":"ROUND(K2133,2)*R2136","v":{"v":629.915,"d":"R$ 629.92"}}]
[{"$nulls":15},"5","Casa 5",{"v":6.5,"d":"6.50"},{"$f":"ROUND(K2133,2)*R2137","v":{"v":629.915,"d":"R$ 629.92"}}]
[{"$nulls":15},"6","Casa 6",{"v":6.5,"d":"6.50"},{"$f":"ROUND(K2133,2)*R2138","v":{"v":629.915,"d":"R$ 629.92"}}]
[{"$nulls":15},"7","Casa 7",{"v":6.5,"d":"6.50"},{"$f":"ROUND(K2133,2)*R2139","v":{"v":629.915,"d":"R$ 629.92"}}]
[{"$nulls":15},"8","Casa 8",{"v":6.5,"d":"6.50"},{"$f":"ROUND(K2133,2)*R2140","v":{"v":629.915,"d":"R$ 629.92"}}]
[{"$nulls":15},"9","Casa 9",{"v":6.5,"d":"6.50"},{"$f":"ROUND(K2133,2)*R2141","v":{"v":629.915,"d":"R$ 629.92"}}]
[{"$nulls":15},"10","Casa 10",{"v":6.5,"d":"6.50"},{"$f":"ROUND(K2133,2)*R2142","v":{"v":629.915,"d":"R$ 629.92"}}]
[{"$nulls":15},"11","Casa 11",{"v":6.5,"d":"6.50"},{"$f":"ROUND(K2133,2)*R2143","v":{"v":629.915,"d":"R$ 629.92"}}]
[{"$nulls":15},"12","Casa 12",{"v":6.5,"d":"6.50"},{"$f":"ROUND(K2133,2)*R2144","v":{"v":629.915,"d":"R$ 629.92"}}]
[{"$nulls":15},"13","Casa 13",{"v":6.5,"d":"6.50"},{"$f":"ROUND(K2133,2)*R2145","v":{"v":629.915,"d":"R$ 629.92"}}]
[{"$nulls":15},"14","Casa 14",{"v":6.5,"d":"6.50"},{"$f":"ROUND(K2133,2)*R2146","v":{"v":629.915,"d":"R$ 629.92"}}]
[{"$nulls":15},"15","Casa 15",{"v":6.5,"d":"6.50"},{"$f":"ROUND(K2133,2)*R2147","v":{"v":629.915,"d":"R$ 629.92"}}]
[{"$nulls":15},"16","Casa 16",{"v":6.5,"d":"6.50"},{"$f":"ROUND(K2133,2)*R2148","v":{"v":629.915,"d":"R$ 629.92"}}]
[{"$nulls":15},"17","Casa 17",{"v":6.5,"d":"6.50"},{"$f":"ROUND(K2133,2)*R2149","v":{"v":629.915,"d":"R$ 629.92"}}]
[{"$nulls":15},"18","Casa 18",{"v":6.5,"d":"6.50"},{"$f":"ROUND(K2133,2)*R2150","v":{"v":629.915,"d":"R$ 629.92"}}]
[{"$nulls":15},"19","Casa 19",{"v":6.5,"d":"6.50"},{"$f":"ROUND(K2133,2)*R2151","v":{"v":629.915,"d":"R$ 629.92"}}]
[{"$nulls":15},"20","Casa 20",{"v":6.5,"d":"6.50"},{"$f":"ROUND(K2133,2)*R2152","v":{"v":629.915,"d":"R$ 629.92"}}]
[{"$nulls":15},"21","Casa 21",{"v":6.5,"d":"6.50"},{"$f":"ROUND(K2133,2)*R2153","v":{"v":629.915,"d":"R$ 629.92"}}]
[{"$nulls":15},"22","Casa 22",{"v":6.5,"d":"6.50"},{"$f":"ROUND(K2133,2)*R2154","v":{"v":629.915,"d":"R$ 629.92"}}]
[{"$nulls":15},"23","Casa 23",{"v":6.5,"d":"6.50"},{"$f":"ROUND(K2133,2)*R2155","v":{"v":629.915,"d":"R$ 629.92"}}]
[{"$nulls":15},"24","Casa 24",{"v":6.5,"d":"6.50"},{"$f":"ROUND(K2133,2)*R2156","v":{"v":629.915,"d":"R$ 629.92"}}]
[{"$nulls":15},"25","Casa 25",{"v":6.5,"d":"6.50"},{"$f":"ROUND(K2133,2)*R2157","v":{"v":629.915,"d":"R$ 629.92"}}]
["Macrosserviço","21","","","CENTRO DE DISTRIBUIÇÃO ELÉTRICA","","","","","","",{"$f":"ROUND(L2159,2)+ROUND(L2184,2)+ROUND(L2209,2)+ROUND(L2234,2)+ROUND(L2259,2)+ROUND(L2284,2)+ROUND(L2309,2)+ROUND(L2334,2)","v":{"v":82342.25,"d":"R$ 82,342.25"}},"","","","","","",""]
["Serviço","21.1","SINAPI","93653","DISJUNTOR MONOPOLAR TIPO DIN, CORRENTE NOMINAL DE 10A - FORNECIMENTO E INSTALAÇÃO. AF_07/2025",{"$f":"R2159+R2160+R2161+R2162+R2163+R2164+R2165+R2166+R2167+R2168+R2169+R2170+R2171+R2172+R2173+R2174+R2175+R2176+R2177+R2178+R2179+R2180+R2181+R2182+R2183","v":{"v":50,"d":"50.00"}},"UN",{"v":12.14,"d":"R$ 12.14"},{"v":12.14,"d":"R$ 12.14"},{"v":0.25,"d":"25.00%"},{"$f":"ROUND(I2159,2)+(ROUND(I2159,2)*J2159)","v":{"v":15.175,"d":"R$ 15.18"}},{"$f":"ROUND(S2159,2)+ROUND(S2160,2)+ROUND(S2161,2)+ROUND(S2162,2)+ROUND(S2163,2)+ROUND(S2164,2)+ROUND(S2165,2)+ROUND(S2166,2)+ROUND(S2167,2)+ROUND(S2168,2)+ROUND(S2169,2)+ROUND(S2170,2)+ROUND(S2171,2)+ROUND(S2172,2)+ROUND(S2173,2)+ROUND(S2174,2)+ROUND(S2175,2)+ROUND(S2176,2)+ROUND(S2177,2)+ROUND(S2178,2)+ROUND(S2179,2)+ROUND(S2180,2)+ROUND(S2181,2)+ROUND(S2182,2)+ROUND(S2183,2)","v":{"v":759.0000000000002,"d":"R$ 759.00"}},"","21","CENTRO DE DISTRIBUIÇÃO ELÉTRICA","1","Casa 1",{"v":2,"d":"2.00"},{"$f":"ROUND(K2159,2)*R2159","v":{"v":30.36,"d":"R$ 30.36"}}]
[{"$nulls":15},"2","Casa 2",{"v":2,"d":"2.00"},{"$f":"ROUND(K2159,2)*R2160","v":{"v":30.36,"d":"R$ 30.36"}}]
[{"$nulls":15},"3","Casa 3",{"v":2,"d":"2.00"},{"$f":"ROUND(K2159,2)*R2161","v":{"v":30.36,"d":"R$ 30.36"}}]
[{"$nulls":15},"4","Casa 4",{"v":2,"d":"2.00"},{"$f":"ROUND(K2159,2)*R2162","v":{"v":30.36,"d":"R$ 30.36"}}]
[{"$nulls":15},"5","Casa 5",{"v":2,"d":"2.00"},{"$f":"ROUND(K2159,2)*R2163","v":{"v":30.36,"d":"R$ 30.36"}}]
[{"$nulls":15},"6","Casa 6",{"v":2,"d":"2.00"},{"$f":"ROUND(K2159,2)*R2164","v":{"v":30.36,"d":"R$ 30.36"}}]
[{"$nulls":15},"7","Casa 7",{"v":2,"d":"2.00"},{"$f":"ROUND(K2159,2)*R2165","v":{"v":30.36,"d":"R$ 30.36"}}]
[{"$nulls":15},"8","Casa 8",{"v":2,"d":"2.00"},{"$f":"ROUND(K2159,2)*R2166","v":{"v":30.36,"d":"R$ 30.36"}}]
[{"$nulls":15},"9","Casa 9",{"v":2,"d":"2.00"},{"$f":"ROUND(K2159,2)*R2167","v":{"v":30.36,"d":"R$ 30.36"}}]
[{"$nulls":15},"10","Casa 10",{"v":2,"d":"2.00"},{"$f":"ROUND(K2159,2)*R2168","v":{"v":30.36,"d":"R$ 30.36"}}]
[{"$nulls":15},"11","Casa 11",{"v":2,"d":"2.00"},{"$f":"ROUND(K2159,2)*R2169","v":{"v":30.36,"d":"R$ 30.36"}}]
[{"$nulls":15},"12","Casa 12",{"v":2,"d":"2.00"},{"$f":"ROUND(K2159,2)*R2170","v":{"v":30.36,"d":"R$ 30.36"}}]
[{"$nulls":15},"13","Casa 13",{"v":2,"d":"2.00"},{"$f":"ROUND(K2159,2)*R2171","v":{"v":30.36,"d":"R$ 30.36"}}]
[{"$nulls":15},"14","Casa 14",{"v":2,"d":"2.00"},{"$f":"ROUND(K2159,2)*R2172","v":{"v":30.36,"d":"R$ 30.36"}}]
[{"$nulls":15},"15","Casa 15",{"v":2,"d":"2.00"},{"$f":"ROUND(K2159,2)*R2173","v":{"v":30.36,"d":"R$ 30.36"}}]
[{"$nulls":15},"16","Casa 16",{"v":2,"d":"2.00"},{"$f":"ROUND(K2159,2)*R2174","v":{"v":30.36,"d":"R$ 30.36"}}]
[{"$nulls":15},"17","Casa 17",{"v":2,"d":"2.00"},{"$f":"ROUND(K2159,2)*R2175","v":{"v":30.36,"d":"R$ 30.36"}}]
[{"$nulls":15},"18","Casa 18",{"v":2,"d":"2.00"},{"$f":"ROUND(K2159,2)*R2176","v":{"v":30.36,"d":"R$ 30.36"}}]
[{"$nulls":15},"19","Casa 19",{"v":2,"d":"2.00"},{"$f":"ROUND(K2159,2)*R2177","v":{"v":30.36,"d":"R$ 30.36"}}]
[{"$nulls":15},"20","Casa 20",{"v":2,"d":"2.00"},{"$f":"ROUND(K2159,2)*R2178","v":{"v":30.36,"d":"R$ 30.36"}}]
[{"$nulls":15},"21","Casa 21",{"v":2,"d":"2.00"},{"$f":"ROUND(K2159,2)*R2179","v":{"v":30.36,"d":"R$ 30.36"}}]
[{"$nulls":15},"22","Casa 22",{"v":2,"d":"2.00"},{"$f":"ROUND(K2159,2)*R2180","v":{"v":30.36,"d":"R$ 30.36"}}]
[{"$nulls":15},"23","Casa 23",{"v":2,"d":"2.00"},{"$f":"ROUND(K2159,2)*R2181","v":{"v":30.36,"d":"R$ 30.36"}}]
[{"$nulls":15},"24","Casa 24",{"v":2,"d":"2.00"},{"$f":"ROUND(K2159,2)*R2182","v":{"v":30.36,"d":"R$ 30.36"}}]
[{"$nulls":15},"25","Casa 25",{"v":2,"d":"2.00"},{"$f":"ROUND(K2159,2)*R2183","v":{"v":30.36,"d":"R$ 30.36"}}]
["Serviço","21.2","SINAPI","93656","DISJUNTOR MONOPOLAR TIPO DIN, CORRENTE NOMINAL DE 25A - FORNECIMENTO E INSTALAÇÃO. AF_07/2025",{"$f":"R2184+R2185+R2186+R2187+R2188+R2189+R2190+R2191+R2192+R2193+R2194+R2195+R2196+R2197+R2198+R2199+R2200+R2201+R2202+R2203+R2204+R2205+R2206+R2207+R2208","v":{"v":25,"d":"25.00"}},"UN",{"v":14.52,"d":"R$ 14.52"},{"v":14.52,"d":"R$ 14.52"},{"v":0.25,"d":"25.00%"},{"$f":"ROUND(I2184,2)+(ROUND(I2184,2)*J2184)","v":{"v":18.15,"d":"R$ 18.15"}},{"$f":"ROUND(S2184,2)+ROUND(S2185,2)+ROUND(S2186,2)+ROUND(S2187,2)+ROUND(S2188,2)+ROUND(S2189,2)+ROUND(S2190,2)+ROUND(S2191,2)+ROUND(S2192,2)+ROUND(S2193,2)+ROUND(S2194,2)+ROUND(S2195,2)+ROUND(S2196,2)+ROUND(S2197,2)+ROUND(S2198,2)+ROUND(S2199,2)+ROUND(S2200,2)+ROUND(S2201,2)+ROUND(S2202,2)+ROUND(S2203,2)+ROUND(S2204,2)+ROUND(S2205,2)+ROUND(S2206,2)+ROUND(S2207,2)+ROUND(S2208,2)","v":{"v":453.74999999999983,"d":"R$ 453.75"}},"","21","CENTRO DE DISTRIBUIÇÃO ELÉTRICA","1","Casa 1",{"v":1,"d":"1.00"},{"$f":"ROUND(K2184,2)*R2184","v":{"v":18.15,"d":"R$ 18.15"}}]
[{"$nulls":15},"2","Casa 2",{"v":1,"d":"1.00"},{"$f":"ROUND(K2184,2)*R2185","v":{"v":18.15,"d":"R$ 18.15"}}]
[{"$nulls":15},"3","Casa 3",{"v":1,"d":"1.00"},{"$f":"ROUND(K2184,2)*R2186","v":{"v":18.15,"d":"R$ 18.15"}}]
[{"$nulls":15},"4","Casa 4",{"v":1,"d":"1.00"},{"$f":"ROUND(K2184,2)*R2187","v":{"v":18.15,"d":"R$ 18.15"}}]
[{"$nulls":15},"5","Casa 5",{"v":1,"d":"1.00"},{"$f":"ROUND(K2184,2)*R2188","v":{"v":18.15,"d":"R$ 18.15"}}]
[{"$nulls":15},"6","Casa 6",{"v":1,"d":"1.00"},{"$f":"ROUND(K2184,2)*R2189","v":{"v":18.15,"d":"R$ 18.15"}}]
[{"$nulls":15},"7","Casa 7",{"v":1,"d":"1.00"},{"$f":"ROUND(K2184,2)*R2190","v":{"v":18.15,"d":"R$ 18.15"}}]
[{"$nulls":15},"8","Casa 8",{"v":1,"d":"1.00"},{"$f":"ROUND(K2184,2)*R2191","v":{"v":18.15,"d":"R$ 18.15"}}]
[{"$nulls":15},"9","Casa 9",{"v":1,"d":"1.00"},{"$f":"ROUND(K2184,2)*R2192","v":{"v":18.15,"d":"R$ 18.15"}}]
[{"$nulls":15},"10","Casa 10",{"v":1,"d":"1.00"},{"$f":"ROUND(K2184,2)*R2193","v":{"v":18.15,"d":"R$ 18.15"}}]
[{"$nulls":15},"11","Casa 11",{"v":1,"d":"1.00"},{"$f":"ROUND(K2184,2)*R2194","v":{"v":18.15,"d":"R$ 18.15"}}]
[{"$nulls":15},"12","Casa 12",{"v":1,"d":"1.00"},{"$f":"ROUND(K2184,2)*R2195","v":{"v":18.15,"d":"R$ 18.15"}}]
[{"$nulls":15},"13","Casa 13",{"v":1,"d":"1.00"},{"$f":"ROUND(K2184,2)*R2196","v":{"v":18.15,"d":"R$ 18.15"}}]
[{"$nulls":15},"14","Casa 14",{"v":1,"d":"1.00"},{"$f":"ROUND(K2184,2)*R2197","v":{"v":18.15,"d":"R$ 18.15"}}]
[{"$nulls":15},"15","Casa 15",{"v":1,"d":"1.00"},{"$f":"ROUND(K2184,2)*R2198","v":{"v":18.15,"d":"R$ 18.15"}}]
[{"$nulls":15},"16","Casa 16",{"v":1,"d":"1.00"},{"$f":"ROUND(K2184,2)*R2199","v":{"v":18.15,"d":"R$ 18.15"}}]
[{"$nulls":15},"17","Casa 17",{"v":1,"d":"1.00"},{"$f":"ROUND(K2184,2)*R2200","v":{"v":18.15,"d":"R$ 18.15"}}]
[{"$nulls":15},"18","Casa 18",{"v":1,"d":"1.00"},{"$f":"ROUND(K2184,2)*R2201","v":{"v":18.15,"d":"R$ 18.15"}}]
[{"$nulls":15},"19","Casa 19",{"v":1,"d":"1.00"},{"$f":"ROUND(K2184,2)*R2202","v":{"v":18.15,"d":"R$ 18.15"}}]
[{"$nulls":15},"20","Casa 20",{"v":1,"d":"1.00"},{"$f":"ROUND(K2184,2)*R2203","v":{"v":18.15,"d":"R$ 18.15"}}]
[{"$nulls":15},"21","Casa 21",{"v":1,"d":"1.00"},{"$f":"ROUND(K2184,2)*R2204","v":{"v":18.15,"d":"R$ 18.15"}}]
[{"$nulls":15},"22","Casa 22",{"v":1,"d":"1.00"},{"$f":"ROUND(K2184,2)*R2205","v":{"v":18.15,"d":"R$ 18.15"}}]
[{"$nulls":15},"23","Casa 23",{"v":1,"d":"1.00"},{"$f":"ROUND(K2184,2)*R2206","v":{"v":18.15,"d":"R$ 18.15"}}]
[{"$nulls":15},"24","Casa 24",{"v":1,"d":"1.00"},{"$f":"ROUND(K2184,2)*R2207","v":{"v":18.15,"d":"R$ 18.15"}}]
[{"$nulls":15},"25","Casa 25",{"v":1,"d":"1.00"},{"$f":"ROUND(K2184,2)*R2208","v":{"v":18.15,"d":"R$ 18.15"}}]
["Serviço","21.3","SINAPI","93659","DISJUNTOR MONOPOLAR TIPO DIN, CORRENTE NOMINAL DE 50A - FORNECIMENTO E INSTALAÇÃO. AF_07/2025",{"$f":"R2209+R2210+R2211+R2212+R2213+R2214+R2215+R2216+R2217+R2218+R2219+R2220+R2221+R2222+R2223+R2224+R2225+R2226+R2227+R2228+R2229+R2230+R2231+R2232+R2233","v":{"v":25,"d":"25.00"}},"UN",{"v":27.44,"d":"R$ 27.44"},{"v":27.44,"d":"R$ 27.44"},{"v":0.25,"d":"25.00%"},{"$f":"ROUND(I2209,2)+(ROUND(I2209,2)*J2209)","v":{"v":34.300000000000004,"d":"R$ 34.30"}},{"$f":"ROUND(S2209,2)+ROUND(S2210,2)+ROUND(S2211,2)+ROUND(S2212,2)+ROUND(S2213,2)+ROUND(S2214,2)+ROUND(S2215,2)+ROUND(S2216,2)+ROUND(S2217,2)+ROUND(S2218,2)+ROUND(S2219,2)+ROUND(S2220,2)+ROUND(S2221,2)+ROUND(S2222,2)+ROUND(S2223,2)+ROUND(S2224,2)+ROUND(S2225,2)+ROUND(S2226,2)+ROUND(S2227,2)+ROUND(S2228,2)+ROUND(S2229,2)+ROUND(S2230,2)+ROUND(S2231,2)+ROUND(S2232,2)+ROUND(S2233,2)","v":{"v":857.4999999999997,"d":"R$ 857.50"}},"","21","CENTRO DE DISTRIBUIÇÃO ELÉTRICA","1","Casa 1",{"v":1,"d":"1.00"},{"$f":"ROUND(K2209,2)*R2209","v":{"v":34.3,"d":"R$ 34.30"}}]
[{"$nulls":15},"2","Casa 2",{"v":1,"d":"1.00"},{"$f":"ROUND(K2209,2)*R2210","v":{"v":34.3,"d":"R$ 34.30"}}]
[{"$nulls":15},"3","Casa 3",{"v":1,"d":"1.00"},{"$f":"ROUND(K2209,2)*R2211","v":{"v":34.3,"d":"R$ 34.30"}}]
[{"$nulls":15},"4","Casa 4",{"v":1,"d":"1.00"},{"$f":"ROUND(K2209,2)*R2212","v":{"v":34.3,"d":"R$ 34.30"}}]
[{"$nulls":15},"5","Casa 5",{"v":1,"d":"1.00"},{"$f":"ROUND(K2209,2)*R2213","v":{"v":34.3,"d":"R$ 34.30"}}]
[{"$nulls":15},"6","Casa 6",{"v":1,"d":"1.00"},{"$f":"ROUND(K2209,2)*R2214","v":{"v":34.3,"d":"R$ 34.30"}}]
[{"$nulls":15},"7","Casa 7",{"v":1,"d":"1.00"},{"$f":"ROUND(K2209,2)*R2215","v":{"v":34.3,"d":"R$ 34.30"}}]
[{"$nulls":15},"8","Casa 8",{"v":1,"d":"1.00"},{"$f":"ROUND(K2209,2)*R2216","v":{"v":34.3,"d":"R$ 34.30"}}]
[{"$nulls":15},"9","Casa 9",{"v":1,"d":"1.00"},{"$f":"ROUND(K2209,2)*R2217","v":{"v":34.3,"d":"R$ 34.30"}}]
[{"$nulls":15},"10","Casa 10",{"v":1,"d":"1.00"},{"$f":"ROUND(K2209,2)*R2218","v":{"v":34.3,"d":"R$ 34.30"}}]
[{"$nulls":15},"11","Casa 11",{"v":1,"d":"1.00"},{"$f":"ROUND(K2209,2)*R2219","v":{"v":34.3,"d":"R$ 34.30"}}]
[{"$nulls":15},"12","Casa 12",{"v":1,"d":"1.00"},{"$f":"ROUND(K2209,2)*R2220","v":{"v":34.3,"d":"R$ 34.30"}}]
[{"$nulls":15},"13","Casa 13",{"v":1,"d":"1.00"},{"$f":"ROUND(K2209,2)*R2221","v":{"v":34.3,"d":"R$ 34.30"}}]
[{"$nulls":15},"14","Casa 14",{"v":1,"d":"1.00"},{"$f":"ROUND(K2209,2)*R2222","v":{"v":34.3,"d":"R$ 34.30"}}]
[{"$nulls":15},"15","Casa 15",{"v":1,"d":"1.00"},{"$f":"ROUND(K2209,2)*R2223","v":{"v":34.3,"d":"R$ 34.30"}}]
[{"$nulls":15},"16","Casa 16",{"v":1,"d":"1.00"},{"$f":"ROUND(K2209,2)*R2224","v":{"v":34.3,"d":"R$ 34.30"}}]
[{"$nulls":15},"17","Casa 17",{"v":1,"d":"1.00"},{"$f":"ROUND(K2209,2)*R2225","v":{"v":34.3,"d":"R$ 34.30"}}]
[{"$nulls":15},"18","Casa 18",{"v":1,"d":"1.00"},{"$f":"ROUND(K2209,2)*R2226","v":{"v":34.3,"d":"R$ 34.30"}}]
[{"$nulls":15},"19","Casa 19",{"v":1,"d":"1.00"},{"$f":"ROUND(K2209,2)*R2227","v":{"v":34.3,"d":"R$ 34.30"}}]
[{"$nulls":15},"20","Casa 20",{"v":1,"d":"1.00"},{"$f":"ROUND(K2209,2)*R2228","v":{"v":34.3,"d":"R$ 34.30"}}]
[{"$nulls":15},"21","Casa 21",{"v":1,"d":"1.00"},{"$f":"ROUND(K2209,2)*R2229","v":{"v":34.3,"d":"R$ 34.30"}}]
[{"$nulls":15},"22","Casa 22",{"v":1,"d":"1.00"},{"$f":"ROUND(K2209,2)*R2230","v":{"v":34.3,"d":"R$ 34.30"}}]
[{"$nulls":15},"23","Casa 23",{"v":1,"d":"1.00"},{"$f":"ROUND(K2209,2)*R2231","v":{"v":34.3,"d":"R$ 34.30"}}]
[{"$nulls":15},"24","Casa 24",{"v":1,"d":"1.00"},{"$f":"ROUND(K2209,2)*R2232","v":{"v":34.3,"d":"R$ 34.30"}}]
[{"$nulls":15},"25","Casa 25",{"v":1,"d":"1.00"},{"$f":"ROUND(K2209,2)*R2233","v":{"v":34.3,"d":"R$ 34.30"}}]
["Serviço","21.4","Composição","93659_ADP-01","DISJUNTOR MONOPOLAR TIPO DIN, CORRENTE NOMINAL DE 80A - FORNECIMENTO E INSTALAÇÃO.",{"$f":"R2234+R2235+R2236+R2237+R2238+R2239+R2240+R2241+R2242+R2243+R2244+R2245+R2246+R2247+R2248+R2249+R2250+R2251+R2252+R2253+R2254+R2255+R2256+R2257+R2258","v":{"v":50,"d":"50.00"}},"UN",{"v":100.37,"d":"R$ 100.37"},{"v":100.37,"d":"R$ 100.37"},{"v":0.25,"d":"25.00%"},{"$f":"ROUND(I2234,2)+(ROUND(I2234,2)*J2234)","v":{"v":125.4625,"d":"R$ 125.46"}},{"$f":"ROUND(S2234,2)+ROUND(S2235,2)+ROUND(S2236,2)+ROUND(S2237,2)+ROUND(S2238,2)+ROUND(S2239,2)+ROUND(S2240,2)+ROUND(S2241,2)+ROUND(S2242,2)+ROUND(S2243,2)+ROUND(S2244,2)+ROUND(S2245,2)+ROUND(S2246,2)+ROUND(S2247,2)+ROUND(S2248,2)+ROUND(S2249,2)+ROUND(S2250,2)+ROUND(S2251,2)+ROUND(S2252,2)+ROUND(S2253,2)+ROUND(S2254,2)+ROUND(S2255,2)+ROUND(S2256,2)+ROUND(S2257,2)+ROUND(S2258,2)","v":{"v":6273.000000000001,"d":"R$ 6,273.00"}},"","21","CENTRO DE DISTRIBUIÇÃO ELÉTRICA","1","Casa 1",{"v":2,"d":"2.00"},{"$f":"ROUND(K2234,2)*R2234","v":{"v":250.92,"d":"R$ 250.92"}}]
[{"$nulls":15},"2","Casa 2",{"v":2,"d":"2.00"},{"$f":"ROUND(K2234,2)*R2235","v":{"v":250.92,"d":"R$ 250.92"}}]
[{"$nulls":15},"3","Casa 3",{"v":2,"d":"2.00"},{"$f":"ROUND(K2234,2)*R2236","v":{"v":250.92,"d":"R$ 250.92"}}]
[{"$nulls":15},"4","Casa 4",{"v":2,"d":"2.00"},{"$f":"ROUND(K2234,2)*R2237","v":{"v":250.92,"d":"R$ 250.92"}}]
[{"$nulls":15},"5","Casa 5",{"v":2,"d":"2.00"},{"$f":"ROUND(K2234,2)*R2238","v":{"v":250.92,"d":"R$ 250.92"}}]
[{"$nulls":15},"6","Casa 6",{"v":2,"d":"2.00"},{"$f":"ROUND(K2234,2)*R2239","v":{"v":250.92,"d":"R$ 250.92"}}]
[{"$nulls":15},"7","Casa 7",{"v":2,"d":"2.00"},{"$f":"ROUND(K2234,2)*R2240","v":{"v":250.92,"d":"R$ 250.92"}}]
[{"$nulls":15},"8","Casa 8",{"v":2,"d":"2.00"},{"$f":"ROUND(K2234,2)*R2241","v":{"v":250.92,"d":"R$ 250.92"}}]
[{"$nulls":15},"9","Casa 9",{"v":2,"d":"2.00"},{"$f":"ROUND(K2234,2)*R2242","v":{"v":250.92,"d":"R$ 250.92"}}]
[{"$nulls":15},"10","Casa 10",{"v":2,"d":"2.00"},{"$f":"ROUND(K2234,2)*R2243","v":{"v":250.92,"d":"R$ 250.92"}}]
[{"$nulls":15},"11","Casa 11",{"v":2,"d":"2.00"},{"$f":"ROUND(K2234,2)*R2244","v":{"v":250.92,"d":"R$ 250.92"}}]
[{"$nulls":15},"12","Casa 12",{"v":2,"d":"2.00"},{"$f":"ROUND(K2234,2)*R2245","v":{"v":250.92,"d":"R$ 250.92"}}]
[{"$nulls":15},"13","Casa 13",{"v":2,"d":"2.00"},{"$f":"ROUND(K2234,2)*R2246","v":{"v":250.92,"d":"R$ 250.92"}}]
[{"$nulls":15},"14","Casa 14",{"v":2,"d":"2.00"},{"$f":"ROUND(K2234,2)*R2247","v":{"v":250.92,"d":"R$ 250.92"}}]
[{"$nulls":15},"15","Casa 15",{"v":2,"d":"2.00"},{"$f":"ROUND(K2234,2)*R2248","v":{"v":250.92,"d":"R$ 250.92"}}]
[{"$nulls":15},"16","Casa 16",{"v":2,"d":"2.00"},{"$f":"ROUND(K2234,2)*R2249","v":{"v":250.92,"d":"R$ 250.92"}}]
[{"$nulls":15},"17","Casa 17",{"v":2,"d":"2.00"},{"$f":"ROUND(K2234,2)*R2250","v":{"v":250.92,"d":"R$ 250.92"}}]
[{"$nulls":15},"18","Casa 18",{"v":2,"d":"2.00"},{"$f":"ROUND(K2234,2)*R2251","v":{"v":250.92,"d":"R$ 250.92"}}]
[{"$nulls":15},"19","Casa 19",{"v":2,"d":"2.00"},{"$f":"ROUND(K2234,2)*R2252","v":{"v":250.92,"d":"R$ 250.92"}}]
[{"$nulls":15},"20","Casa 20",{"v":2,"d":"2.00"},{"$f":"ROUND(K2234,2)*R2253","v":{"v":250.92,"d":"R$ 250.92"}}]
[{"$nulls":15},"21","Casa 21",{"v":2,"d":"2.00"},{"$f":"ROUND(K2234,2)*R2254","v":{"v":250.92,"d":"R$ 250.92"}}]
[{"$nulls":15},"22","Casa 22",{"v":2,"d":"2.00"},{"$f":"ROUND(K2234,2)*R2255","v":{"v":250.92,"d":"R$ 250.92"}}]
[{"$nulls":15},"23","Casa 23",{"v":2,"d":"2.00"},{"$f":"ROUND(K2234,2)*R2256","v":{"v":250.92,"d":"R$ 250.92"}}]
[{"$nulls":15},"24","Casa 24",{"v":2,"d":"2.00"},{"$f":"ROUND(K2234,2)*R2257","v":{"v":250.92,"d":"R$ 250.92"}}]
[{"$nulls":15},"25","Casa 25",{"v":2,"d":"2.00"},{"$f":"ROUND(K2234,2)*R2258","v":{"v":250.92,"d":"R$ 250.92"}}]
["Serviço","21.5","SINAPI","93675","DISJUNTOR BIPOLAR TIPO DR, CORRENTE NOMINAL DE 40A - FORNECIMENTO E INSTALAÇÃO. AF_07/2025",{"$f":"R2259+R2260+R2261+R2262+R2263+R2264+R2265+R2266+R2267+R2268+R2269+R2270+R2271+R2272+R2273+R2274+R2275+R2276+R2277+R2278+R2279+R2280+R2281+R2282+R2283","v":{"v":25,"d":"25.00"}},"UN",{"v":154.93,"d":"R$ 154.93"},{"v":154.93,"d":"R$ 154.93"},{"v":0.25,"d":"25.00%"},{"$f":"ROUND(I2259,2)+(ROUND(I2259,2)*J2259)","v":{"v":193.66250000000002,"d":"R$ 193.66"}},{"$f":"ROUND(S2259,2)+ROUND(S2260,2)+ROUND(S2261,2)+ROUND(S2262,2)+ROUND(S2263,2)+ROUND(S2264,2)+ROUND(S2265,2)+ROUND(S2266,2)+ROUND(S2267,2)+ROUND(S2268,2)+ROUND(S2269,2)+ROUND(S2270,2)+ROUND(S2271,2)+ROUND(S2272,2)+ROUND(S2273,2)+ROUND(S2274,2)+ROUND(S2275,2)+ROUND(S2276,2)+ROUND(S2277,2)+ROUND(S2278,2)+ROUND(S2279,2)+ROUND(S2280,2)+ROUND(S2281,2)+ROUND(S2282,2)+ROUND(S2283,2)","v":{"v":4841.499999999998,"d":"R$ 4,841.50"}},"","21","CENTRO DE DISTRIBUIÇÃO ELÉTRICA","1","Casa 1",{"v":1,"d":"1.00"},{"$f":"ROUND(K2259,2)*R2259","v":{"v":193.66,"d":"R$ 193.66"}}]
[{"$nulls":15},"2","Casa 2",{"v":1,"d":"1.00"},{"$f":"ROUND(K2259,2)*R2260","v":{"v":193.66,"d":"R$ 193.66"}}]
[{"$nulls":15},"3","Casa 3",{"v":1,"d":"1.00"},{"$f":"ROUND(K2259,2)*R2261","v":{"v":193.66,"d":"R$ 193.66"}}]
[{"$nulls":15},"4","Casa 4",{"v":1,"d":"1.00"},{"$f":"ROUND(K2259,2)*R2262","v":{"v":193.66,"d":"R$ 193.66"}}]
[{"$nulls":15},"5","Casa 5",{"v":1,"d":"1.00"},{"$f":"ROUND(K2259,2)*R2263","v":{"v":193.66,"d":"R$ 193.66"}}]
[{"$nulls":15},"6","Casa 6",{"v":1,"d":"1.00"},{"$f":"ROUND(K2259,2)*R2264","v":{"v":193.66,"d":"R$ 193.66"}}]
[{"$nulls":15},"7","Casa 7",{"v":1,"d":"1.00"},{"$f":"ROUND(K2259,2)*R2265","v":{"v":193.66,"d":"R$ 193.66"}}]
[{"$nulls":15},"8","Casa 8",{"v":1,"d":"1.00"},{"$f":"ROUND(K2259,2)*R2266","v":{"v":193.66,"d":"R$ 193.66"}}]
[{"$nulls":15},"9","Casa 9",{"v":1,"d":"1.00"},{"$f":"ROUND(K2259,2)*R2267","v":{"v":193.66,"d":"R$ 193.66"}}]
[{"$nulls":15},"10","Casa 10",{"v":1,"d":"1.00"},{"$f":"ROUND(K2259,2)*R2268","v":{"v":193.66,"d":"R$ 193.66"}}]
[{"$nulls":15},"11","Casa 11",{"v":1,"d":"1.00"},{"$f":"ROUND(K2259,2)*R2269","v":{"v":193.66,"d":"R$ 193.66"}}]
[{"$nulls":15},"12","Casa 12",{"v":1,"d":"1.00"},{"$f":"ROUND(K2259,2)*R2270","v":{"v":193.66,"d":"R$ 193.66"}}]
[{"$nulls":15},"13","Casa 13",{"v":1,"d":"1.00"},{"$f":"ROUND(K2259,2)*R2271","v":{"v":193.66,"d":"R$ 193.66"}}]
[{"$nulls":15},"14","Casa 14",{"v":1,"d":"1.00"},{"$f":"ROUND(K2259,2)*R2272","v":{"v":193.66,"d":"R$ 193.66"}}]
[{"$nulls":15},"15","Casa 15",{"v":1,"d":"1.00"},{"$f":"ROUND(K2259,2)*R2273","v":{"v":193.66,"d":"R$ 193.66"}}]
[{"$nulls":15},"16","Casa 16",{"v":1,"d":"1.00"},{"$f":"ROUND(K2259,2)*R2274","v":{"v":193.66,"d":"R$ 193.66"}}]
[{"$nulls":15},"17","Casa 17",{"v":1,"d":"1.00"},{"$f":"ROUND(K2259,2)*R2275","v":{"v":193.66,"d":"R$ 193.66"}}]
[{"$nulls":15},"18","Casa 18",{"v":1,"d":"1.00"},{"$f":"ROUND(K2259,2)*R2276","v":{"v":193.66,"d":"R$ 193.66"}}]
[{"$nulls":15},"19","Casa 19",{"v":1,"d":"1.00"},{"$f":"ROUND(K2259,2)*R2277","v":{"v":193.66,"d":"R$ 193.66"}}]
[{"$nulls":15},"20","Casa 20",{"v":1,"d":"1.00"},{"$f":"ROUND(K2259,2)*R2278","v":{"v":193.66,"d":"R$ 193.66"}}]
[{"$nulls":15},"21","Casa 21",{"v":1,"d":"1.00"},{"$f":"ROUND(K2259,2)*R2279","v":{"v":193.66,"d":"R$ 193.66"}}]
[{"$nulls":15},"22","Casa 22",{"v":1,"d":"1.00"},{"$f":"ROUND(K2259,2)*R2280","v":{"v":193.66,"d":"R$ 193.66"}}]
[{"$nulls":15},"23","Casa 23",{"v":1,"d":"1.00"},{"$f":"ROUND(K2259,2)*R2281","v":{"v":193.66,"d":"R$ 193.66"}}]
[{"$nulls":15},"24","Casa 24",{"v":1,"d":"1.00"},{"$f":"ROUND(K2259,2)*R2282","v":{"v":193.66,"d":"R$ 193.66"}}]
[{"$nulls":15},"25","Casa 25",{"v":1,"d":"1.00"},{"$f":"ROUND(K2259,2)*R2283","v":{"v":193.66,"d":"R$ 193.66"}}]
["Serviço","21.6","SINAPI","106030","DISJUNTOR BIPOLAR DR 63A - FORNECIMENTO E INSTALAÇÃO. AF_07/2025",{"$f":"R2284+R2285+R2286+R2287+R2288+R2289+R2290+R2291+R2292+R2293+R2294+R2295+R2296+R2297+R2298+R2299+R2300+R2301+R2302+R2303+R2304+R2305+R2306+R2307+R2308","v":{"v":25,"d":"25.00"}},"UN",{"v":171.94,"d":"R$ 171.94"},{"v":171.94,"d":"R$ 171.94"},{"v":0.25,"d":"25.00%"},{"$f":"ROUND(I2284,2)+(ROUND(I2284,2)*J2284)","v":{"v":214.925,"d":"R$ 214.93"}},{"$f":"ROUND(S2284,2)+ROUND(S2285,2)+ROUND(S2286,2)+ROUND(S2287,2)+ROUND(S2288,2)+ROUND(S2289,2)+ROUND(S2290,2)+ROUND(S2291,2)+ROUND(S2292,2)+ROUND(S2293,2)+ROUND(S2294,2)+ROUND(S2295,2)+ROUND(S2296,2)+ROUND(S2297,2)+ROUND(S2298,2)+ROUND(S2299,2)+ROUND(S2300,2)+ROUND(S2301,2)+ROUND(S2302,2)+ROUND(S2303,2)+ROUND(S2304,2)+ROUND(S2305,2)+ROUND(S2306,2)+ROUND(S2307,2)+ROUND(S2308,2)","v":{"v":5373.25,"d":"R$ 5,373.25"}},"","21","CENTRO DE DISTRIBUIÇÃO ELÉTRICA","1","Casa 1",{"v":1,"d":"1.00"},{"$f":"ROUND(K2284,2)*R2284","v":{"v":214.93,"d":"R$ 214.93"}}]
[{"$nulls":15},"2","Casa 2",{"v":1,"d":"1.00"},{"$f":"ROUND(K2284,2)*R2285","v":{"v":214.93,"d":"R$ 214.93"}}]
[{"$nulls":15},"3","Casa 3",{"v":1,"d":"1.00"},{"$f":"ROUND(K2284,2)*R2286","v":{"v":214.93,"d":"R$ 214.93"}}]
[{"$nulls":15},"4","Casa 4",{"v":1,"d":"1.00"},{"$f":"ROUND(K2284,2)*R2287","v":{"v":214.93,"d":"R$ 214.93"}}]
[{"$nulls":15},"5","Casa 5",{"v":1,"d":"1.00"},{"$f":"ROUND(K2284,2)*R2288","v":{"v":214.93,"d":"R$ 214.93"}}]
[{"$nulls":15},"6","Casa 6",{"v":1,"d":"1.00"},{"$f":"ROUND(K2284,2)*R2289","v":{"v":214.93,"d":"R$ 214.93"}}]
[{"$nulls":15},"7","Casa 7",{"v":1,"d":"1.00"},{"$f":"ROUND(K2284,2)*R2290","v":{"v":214.93,"d":"R$ 214.93"}}]
[{"$nulls":15},"8","Casa 8",{"v":1,"d":"1.00"},{"$f":"ROUND(K2284,2)*R2291","v":{"v":214.93,"d":"R$ 214.93"}}]
[{"$nulls":15},"9","Casa 9",{"v":1,"d":"1.00"},{"$f":"ROUND(K2284,2)*R2292","v":{"v":214.93,"d":"R$ 214.93"}}]
[{"$nulls":15},"10","Casa 10",{"v":1,"d":"1.00"},{"$f":"ROUND(K2284,2)*R2293","v":{"v":214.93,"d":"R$ 214.93"}}]
[{"$nulls":15},"11","Casa 11",{"v":1,"d":"1.00"},{"$f":"ROUND(K2284,2)*R2294","v":{"v":214.93,"d":"R$ 214.93"}}]
[{"$nulls":15},"12","Casa 12",{"v":1,"d":"1.00"},{"$f":"ROUND(K2284,2)*R2295","v":{"v":214.93,"d":"R$ 214.93"}}]
[{"$nulls":15},"13","Casa 13",{"v":1,"d":"1.00"},{"$f":"ROUND(K2284,2)*R2296","v":{"v":214.93,"d":"R$ 214.93"}}]
[{"$nulls":15},"14","Casa 14",{"v":1,"d":"1.00"},{"$f":"ROUND(K2284,2)*R2297","v":{"v":214.93,"d":"R$ 214.93"}}]
[{"$nulls":15},"15","Casa 15",{"v":1,"d":"1.00"},{"$f":"ROUND(K2284,2)*R2298","v":{"v":214.93,"d":"R$ 214.93"}}]
[{"$nulls":15},"16","Casa 16",{"v":1,"d":"1.00"},{"$f":"ROUND(K2284,2)*R2299","v":{"v":214.93,"d":"R$ 214.93"}}]
[{"$nulls":15},"17","Casa 17",{"v":1,"d":"1.00"},{"$f":"ROUND(K2284,2)*R2300","v":{"v":214.93,"d":"R$ 214.93"}}]
[{"$nulls":15},"18","Casa 18",{"v":1,"d":"1.00"},{"$f":"ROUND(K2284,2)*R2301","v":{"v":214.93,"d":"R$ 214.93"}}]
[{"$nulls":15},"19","Casa 19",{"v":1,"d":"1.00"},{"$f":"ROUND(K2284,2)*R2302","v":{"v":214.93,"d":"R$ 214.93"}}]
[{"$nulls":15},"20","Casa 20",{"v":1,"d":"1.00"},{"$f":"ROUND(K2284,2)*R2303","v":{"v":214.93,"d":"R$ 214.93"}}]
[{"$nulls":15},"21","Casa 21",{"v":1,"d":"1.00"},{"$f":"ROUND(K2284,2)*R2304","v":{"v":214.93,"d":"R$ 214.93"}}]
[{"$nulls":15},"22","Casa 22",{"v":1,"d":"1.00"},{"$f":"ROUND(K2284,2)*R2305","v":{"v":214.93,"d":"R$ 214.93"}}]
[{"$nulls":15},"23","Casa 23",{"v":1,"d":"1.00"},{"$f":"ROUND(K2284,2)*R2306","v":{"v":214.93,"d":"R$ 214.93"}}]
[{"$nulls":15},"24","Casa 24",{"v":1,"d":"1.00"},{"$f":"ROUND(K2284,2)*R2307","v":{"v":214.93,"d":"R$ 214.93"}}]
[{"$nulls":15},"25","Casa 25",{"v":1,"d":"1.00"},{"$f":"ROUND(K2284,2)*R2308","v":{"v":214.93,"d":"R$ 214.93"}}]
["Serviço","21.7","SINAPI","101494","ENTRADA DE ENERGIA ELÉTRICA, AÉREA, MONOFÁSICA, COM CAIXA DE EMBUTIR, CABO DE 16 MM2 E DISJUNTOR DIN 50A (NÃO INCLUSO O POSTE DE CONCRETO). AF_07/2020_PS",{"$f":"R2309+R2310+R2311+R2312+R2313+R2314+R2315+R2316+R2317+R2318+R2319+R2320+R2321+R2322+R2323+R2324+R2325+R2326+R2327+R2328+R2329+R2330+R2331+R2332+R2333","v":{"v":25,"d":"25.00"}},"UN",{"v":1808.03,"d":"R$ 1,808.03"},{"v":1808.03,"d":"R$ 1,808.03"},{"v":0.25,"d":"25.00%"},{"$f":"ROUND(I2309,2)+(ROUND(I2309,2)*J2309)","v":{"v":2260.0375,"d":"R$ 2,260.04"}},{"$f":"ROUND(S2309,2)+ROUND(S2310,2)+ROUND(S2311,2)+ROUND(S2312,2)+ROUND(S2313,2)+ROUND(S2314,2)+ROUND(S2315,2)+ROUND(S2316,2)+ROUND(S2317,2)+ROUND(S2318,2)+ROUND(S2319,2)+ROUND(S2320,2)+ROUND(S2321,2)+ROUND(S2322,2)+ROUND(S2323,2)+ROUND(S2324,2)+ROUND(S2325,2)+ROUND(S2326,2)+ROUND(S2327,2)+ROUND(S2328,2)+ROUND(S2329,2)+ROUND(S2330,2)+ROUND(S2331,2)+ROUND(S2332,2)+ROUND(S2333,2)","v":{"v":56501.000000000015,"d":"R$ 56,501.00"}},"","21","CENTRO DE DISTRIBUIÇÃO ELÉTRICA","1","Casa 1",{"v":1,"d":"1.00"},{"$f":"ROUND(K2309,2)*R2309","v":{"v":2260.04,"d":"R$ 2,260.04"}}]
[{"$nulls":15},"2","Casa 2",{"v":1,"d":"1.00"},{"$f":"ROUND(K2309,2)*R2310","v":{"v":2260.04,"d":"R$ 2,260.04"}}]
[{"$nulls":15},"3","Casa 3",{"v":1,"d":"1.00"},{"$f":"ROUND(K2309,2)*R2311","v":{"v":2260.04,"d":"R$ 2,260.04"}}]
[{"$nulls":15},"4","Casa 4",{"v":1,"d":"1.00"},{"$f":"ROUND(K2309,2)*R2312","v":{"v":2260.04,"d":"R$ 2,260.04"}}]
[{"$nulls":15},"5","Casa 5",{"v":1,"d":"1.00"},{"$f":"ROUND(K2309,2)*R2313","v":{"v":2260.04,"d":"R$ 2,260.04"}}]
[{"$nulls":15},"6","Casa 6",{"v":1,"d":"1.00"},{"$f":"ROUND(K2309,2)*R2314","v":{"v":2260.04,"d":"R$ 2,260.04"}}]
[{"$nulls":15},"7","Casa 7",{"v":1,"d":"1.00"},{"$f":"ROUND(K2309,2)*R2315","v":{"v":2260.04,"d":"R$ 2,260.04"}}]
[{"$nulls":15},"8","Casa 8",{"v":1,"d":"1.00"},{"$f":"ROUND(K2309,2)*R2316","v":{"v":2260.04,"d":"R$ 2,260.04"}}]
[{"$nulls":15},"9","Casa 9",{"v":1,"d":"1.00"},{"$f":"ROUND(K2309,2)*R2317","v":{"v":2260.04,"d":"R$ 2,260.04"}}]
[{"$nulls":15},"10","Casa 10",{"v":1,"d":"1.00"},{"$f":"ROUND(K2309,2)*R2318","v":{"v":2260.04,"d":"R$ 2,260.04"}}]
[{"$nulls":15},"11","Casa 11",{"v":1,"d":"1.00"},{"$f":"ROUND(K2309,2)*R2319","v":{"v":2260.04,"d":"R$ 2,260.04"}}]
[{"$nulls":15},"12","Casa 12",{"v":1,"d":"1.00"},{"$f":"ROUND(K2309,2)*R2320","v":{"v":2260.04,"d":"R$ 2,260.04"}}]
[{"$nulls":15},"13","Casa 13",{"v":1,"d":"1.00"},{"$f":"ROUND(K2309,2)*R2321","v":{"v":2260.04,"d":"R$ 2,260.04"}}]
[{"$nulls":15},"14","Casa 14",{"v":1,"d":"1.00"},{"$f":"ROUND(K2309,2)*R2322","v":{"v":2260.04,"d":"R$ 2,260.04"}}]
[{"$nulls":15},"15","Casa 15",{"v":1,"d":"1.00"},{"$f":"ROUND(K2309,2)*R2323","v":{"v":2260.04,"d":"R$ 2,260.04"}}]
[{"$nulls":15},"16","Casa 16",{"v":1,"d":"1.00"},{"$f":"ROUND(K2309,2)*R2324","v":{"v":2260.04,"d":"R$ 2,260.04"}}]
[{"$nulls":15},"17","Casa 17",{"v":1,"d":"1.00"},{"$f":"ROUND(K2309,2)*R2325","v":{"v":2260.04,"d":"R$ 2,260.04"}}]
[{"$nulls":15},"18","Casa 18",{"v":1,"d":"1.00"},{"$f":"ROUND(K2309,2)*R2326","v":{"v":2260.04,"d":"R$ 2,260.04"}}]
[{"$nulls":15},"19","Casa 19",{"v":1,"d":"1.00"},{"$f":"ROUND(K2309,2)*R2327","v":{"v":2260.04,"d":"R$ 2,260.04"}}]
[{"$nulls":15},"20","Casa 20",{"v":1,"d":"1.00"},{"$f":"ROUND(K2309,2)*R2328","v":{"v":2260.04,"d":"R$ 2,260.04"}}]
[{"$nulls":15},"21","Casa 21",{"v":1,"d":"1.00"},{"$f":"ROUND(K2309,2)*R2329","v":{"v":2260.04,"d":"R$ 2,260.04"}}]
[{"$nulls":15},"22","Casa 22",{"v":1,"d":"1.00"},{"$f":"ROUND(K2309,2)*R2330","v":{"v":2260.04,"d":"R$ 2,260.04"}}]
[{"$nulls":15},"23","Casa 23",{"v":1,"d":"1.00"},{"$f":"ROUND(K2309,2)*R2331","v":{"v":2260.04,"d":"R$ 2,260.04"}}]
[{"$nulls":15},"24","Casa 24",{"v":1,"d":"1.00"},{"$f":"ROUND(K2309,2)*R2332","v":{"v":2260.04,"d":"R$ 2,260.04"}}]
[{"$nulls":15},"25","Casa 25",{"v":1,"d":"1.00"},{"$f":"ROUND(K2309,2)*R2333","v":{"v":2260.04,"d":"R$ 2,260.04"}}]
["Serviço","21.8","Composição","101873_ADP-01","QUADRO DE DISTRIBUIÇÃO DE LUZ EM PVC PARA 12 DISJUNTORES - FORNECIMENTO E INSTALAÇÃO.",{"$f":"R2334+R2335+R2336+R2337+R2338+R2339+R2340+R2341+R2342+R2343+R2344+R2345+R2346+R2347+R2348+R2349+R2350+R2351+R2352+R2353+R2354+R2355+R2356+R2357+R2358","v":{"v":25,"d":"25.00"}},"UN",{"v":233.06,"d":"R$ 233.06"},{"v":233.06,"d":"R$ 233.06"},{"v":0.25,"d":"25.00%"},{"$f":"ROUND(I2334,2)+(ROUND(I2334,2)*J2334)","v":{"v":291.325,"d":"R$ 291.33"}},{"$f":"ROUND(S2334,2)+ROUND(S2335,2)+ROUND(S2336,2)+ROUND(S2337,2)+ROUND(S2338,2)+ROUND(S2339,2)+ROUND(S2340,2)+ROUND(S2341,2)+ROUND(S2342,2)+ROUND(S2343,2)+ROUND(S2344,2)+ROUND(S2345,2)+ROUND(S2346,2)+ROUND(S2347,2)+ROUND(S2348,2)+ROUND(S2349,2)+ROUND(S2350,2)+ROUND(S2351,2)+ROUND(S2352,2)+ROUND(S2353,2)+ROUND(S2354,2)+ROUND(S2355,2)+ROUND(S2356,2)+ROUND(S2357,2)+ROUND(S2358,2)","v":{"v":7283.249999999999,"d":"R$ 7,283.25"}},"","21","CENTRO DE DISTRIBUIÇÃO ELÉTRICA","1","Casa 1",{"v":1,"d":"1.00"},{"$f":"ROUND(K2334,2)*R2334","v":{"v":291.33,"d":"R$ 291.33"}}]
[{"$nulls":15},"2","Casa 2",{"v":1,"d":"1.00"},{"$f":"ROUND(K2334,2)*R2335","v":{"v":291.33,"d":"R$ 291.33"}}]
[{"$nulls":15},"3","Casa 3",{"v":1,"d":"1.00"},{"$f":"ROUND(K2334,2)*R2336","v":{"v":291.33,"d":"R$ 291.33"}}]
[{"$nulls":15},"4","Casa 4",{"v":1,"d":"1.00"},{"$f":"ROUND(K2334,2)*R2337","v":{"v":291.33,"d":"R$ 291.33"}}]
[{"$nulls":15},"5","Casa 5",{"v":1,"d":"1.00"},{"$f":"ROUND(K2334,2)*R2338","v":{"v":291.33,"d":"R$ 291.33"}}]
[{"$nulls":15},"6","Casa 6",{"v":1,"d":"1.00"},{"$f":"ROUND(K2334,2)*R2339","v":{"v":291.33,"d":"R$ 291.33"}}]
[{"$nulls":15},"7","Casa 7",{"v":1,"d":"1.00"},{"$f":"ROUND(K2334,2)*R2340","v":{"v":291.33,"d":"R$ 291.33"}}]
[{"$nulls":15},"8","Casa 8",{"v":1,"d":"1.00"},{"$f":"ROUND(K2334,2)*R2341","v":{"v":291.33,"d":"R$ 291.33"}}]
[{"$nulls":15},"9","Casa 9",{"v":1,"d":"1.00"},{"$f":"ROUND(K2334,2)*R2342","v":{"v":291.33,"d":"R$ 291.33"}}]
[{"$nulls":15},"10","Casa 10",{"v":1,"d":"1.00"},{"$f":"ROUND(K2334,2)*R2343","v":{"v":291.33,"d":"R$ 291.33"}}]
[{"$nulls":15},"11","Casa 11",{"v":1,"d":"1.00"},{"$f":"ROUND(K2334,2)*R2344","v":{"v":291.33,"d":"R$ 291.33"}}]
[{"$nulls":15},"12","Casa 12",{"v":1,"d":"1.00"},{"$f":"ROUND(K2334,2)*R2345","v":{"v":291.33,"d":"R$ 291.33"}}]
[{"$nulls":15},"13","Casa 13",{"v":1,"d":"1.00"},{"$f":"ROUND(K2334,2)*R2346","v":{"v":291.33,"d":"R$ 291.33"}}]
[{"$nulls":15},"14","Casa 14",{"v":1,"d":"1.00"},{"$f":"ROUND(K2334,2)*R2347","v":{"v":291.33,"d":"R$ 291.33"}}]
[{"$nulls":15},"15","Casa 15",{"v":1,"d":"1.00"},{"$f":"ROUND(K2334,2)*R2348","v":{"v":291.33,"d":"R$ 291.33"}}]
[{"$nulls":15},"16","Casa 16",{"v":1,"d":"1.00"},{"$f":"ROUND(K2334,2)*R2349","v":{"v":291.33,"d":"R$ 291.33"}}]
[{"$nulls":15},"17","Casa 17",{"v":1,"d":"1.00"},{"$f":"ROUND(K2334,2)*R2350","v":{"v":291.33,"d":"R$ 291.33"}}]
[{"$nulls":15},"18","Casa 18",{"v":1,"d":"1.00"},{"$f":"ROUND(K2334,2)*R2351","v":{"v":291.33,"d":"R$ 291.33"}}]
[{"$nulls":15},"19","Casa 19",{"v":1,"d":"1.00"},{"$f":"ROUND(K2334,2)*R2352","v":{"v":291.33,"d":"R$ 291.33"}}]
[{"$nulls":15},"20","Casa 20",{"v":1,"d":"1.00"},{"$f":"ROUND(K2334,2)*R2353","v":{"v":291.33,"d":"R$ 291.33"}}]
[{"$nulls":15},"21","Casa 21",{"v":1,"d":"1.00"},{"$f":"ROUND(K2334,2)*R2354","v":{"v":291.33,"d":"R$ 291.33"}}]
[{"$nulls":15},"22","Casa 22",{"v":1,"d":"1.00"},{"$f":"ROUND(K2334,2)*R2355","v":{"v":291.33,"d":"R$ 291.33"}}]
[{"$nulls":15},"23","Casa 23",{"v":1,"d":"1.00"},{"$f":"ROUND(K2334,2)*R2356","v":{"v":291.33,"d":"R$ 291.33"}}]
[{"$nulls":15},"24","Casa 24",{"v":1,"d":"1.00"},{"$f":"ROUND(K2334,2)*R2357","v":{"v":291.33,"d":"R$ 291.33"}}]
[{"$nulls":15},"25","Casa 25",{"v":1,"d":"1.00"},{"$f":"ROUND(K2334,2)*R2358","v":{"v":291.33,"d":"R$ 291.33"}}]
["Macrosserviço","22","","","ILUMINAÇÃO, TOMADAS E INTERRUPTORES","","","","","","",{"$f":"ROUND(L2360,2)+ROUND(L2385,2)+ROUND(L2410,2)+ROUND(L2435,2)+ROUND(L2460,2)+ROUND(L2485,2)+ROUND(L2510,2)+ROUND(L2535,2)+ROUND(L2560,2)+ROUND(L2585,2)+ROUND(L2610,2)+ROUND(L2635,2)+ROUND(L2660,2)","v":{"v":65946.75,"d":"R$ 65,946.75"}},"","","","","","",""]
["Serviço","22.1","SINAPI","103782","LUMINÁRIA TIPO PLAFON CIRCULAR, DE SOBREPOR, COM LED DE 12/13 W - FORNECIMENTO E INSTALAÇÃO. AF_09/2024",{"$f":"R2360+R2361+R2362+R2363+R2364+R2365+R2366+R2367+R2368+R2369+R2370+R2371+R2372+R2373+R2374+R2375+R2376+R2377+R2378+R2379+R2380+R2381+R2382+R2383+R2384","v":{"v":175,"d":"175.00"}},"UN",{"v":36.34,"d":"R$ 36.34"},{"v":36.34,"d":"R$ 36.34"},{"v":0.25,"d":"25.00%"},{"$f":"ROUND(I2360,2)+(ROUND(I2360,2)*J2360)","v":{"v":45.425000000000004,"d":"R$ 45.43"}},{"$f":"ROUND(S2360,2)+ROUND(S2361,2)+ROUND(S2362,2)+ROUND(S2363,2)+ROUND(S2364,2)+ROUND(S2365,2)+ROUND(S2366,2)+ROUND(S2367,2)+ROUND(S2368,2)+ROUND(S2369,2)+ROUND(S2370,2)+ROUND(S2371,2)+ROUND(S2372,2)+ROUND(S2373,2)+ROUND(S2374,2)+ROUND(S2375,2)+ROUND(S2376,2)+ROUND(S2377,2)+ROUND(S2378,2)+ROUND(S2379,2)+ROUND(S2380,2)+ROUND(S2381,2)+ROUND(S2382,2)+ROUND(S2383,2)+ROUND(S2384,2)","v":{"v":7950.250000000004,"d":"R$ 7,950.25"}},"","22","ILUMINAÇÃO, TOMADAS E INTERRUPTORES","1","Casa 1",{"v":7,"d":"7.00"},{"$f":"ROUND(K2360,2)*R2360","v":{"v":318.01,"d":"R$ 318.01"}}]
[{"$nulls":15},"2","Casa 2",{"v":7,"d":"7.00"},{"$f":"ROUND(K2360,2)*R2361","v":{"v":318.01,"d":"R$ 318.01"}}]
[{"$nulls":15},"3","Casa 3",{"v":7,"d":"7.00"},{"$f":"ROUND(K2360,2)*R2362","v":{"v":318.01,"d":"R$ 318.01"}}]
[{"$nulls":15},"4","Casa 4",{"v":7,"d":"7.00"},{"$f":"ROUND(K2360,2)*R2363","v":{"v":318.01,"d":"R$ 318.01"}}]
[{"$nulls":15},"5","Casa 5",{"v":7,"d":"7.00"},{"$f":"ROUND(K2360,2)*R2364","v":{"v":318.01,"d":"R$ 318.01"}}]
[{"$nulls":15},"6","Casa 6",{"v":7,"d":"7.00"},{"$f":"ROUND(K2360,2)*R2365","v":{"v":318.01,"d":"R$ 318.01"}}]
[{"$nulls":15},"7","Casa 7",{"v":7,"d":"7.00"},{"$f":"ROUND(K2360,2)*R2366","v":{"v":318.01,"d":"R$ 318.01"}}]
[{"$nulls":15},"8","Casa 8",{"v":7,"d":"7.00"},{"$f":"ROUND(K2360,2)*R2367","v":{"v":318.01,"d":"R$ 318.01"}}]
[{"$nulls":15},"9","Casa 9",{"v":7,"d":"7.00"},{"$f":"ROUND(K2360,2)*R2368","v":{"v":318.01,"d":"R$ 318.01"}}]
[{"$nulls":15},"10","Casa 10",{"v":7,"d":"7.00"},{"$f":"ROUND(K2360,2)*R2369","v":{"v":318.01,"d":"R$ 318.01"}}]
[{"$nulls":15},"11","Casa 11",{"v":7,"d":"7.00"},{"$f":"ROUND(K2360,2)*R2370","v":{"v":318.01,"d":"R$ 318.01"}}]
[{"$nulls":15},"12","Casa 12",{"v":7,"d":"7.00"},{"$f":"ROUND(K2360,2)*R2371","v":{"v":318.01,"d":"R$ 318.01"}}]
[{"$nulls":15},"13","Casa 13",{"v":7,"d":"7.00"},{"$f":"ROUND(K2360,2)*R2372","v":{"v":318.01,"d":"R$ 318.01"}}]
[{"$nulls":15},"14","Casa 14",{"v":7,"d":"7.00"},{"$f":"ROUND(K2360,2)*R2373","v":{"v":318.01,"d":"R$ 318.01"}}]
[{"$nulls":15},"15","Casa 15",{"v":7,"d":"7.00"},{"$f":"ROUND(K2360,2)*R2374","v":{"v":318.01,"d":"R$ 318.01"}}]
[{"$nulls":15},"16","Casa 16",{"v":7,"d":"7.00"},{"$f":"ROUND(K2360,2)*R2375","v":{"v":318.01,"d":"R$ 318.01"}}]
[{"$nulls":15},"17","Casa 17",{"v":7,"d":"7.00"},{"$f":"ROUND(K2360,2)*R2376","v":{"v":318.01,"d":"R$ 318.01"}}]
[{"$nulls":15},"18","Casa 18",{"v":7,"d":"7.00"},{"$f":"ROUND(K2360,2)*R2377","v":{"v":318.01,"d":"R$ 318.01"}}]
[{"$nulls":15},"19","Casa 19",{"v":7,"d":"7.00"},{"$f":"ROUND(K2360,2)*R2378","v":{"v":318.01,"d":"R$ 318.01"}}]
[{"$nulls":15},"20","Casa 20",{"v":7,"d":"7.00"},{"$f":"ROUND(K2360,2)*R2379","v":{"v":318.01,"d":"R$ 318.01"}}]
[{"$nulls":15},"21","Casa 21",{"v":7,"d":"7.00"},{"$f":"ROUND(K2360,2)*R2380","v":{"v":318.01,"d":"R$ 318.01"}}]
[{"$nulls":15},"22","Casa 22",{"v":7,"d":"7.00"},{"$f":"ROUND(K2360,2)*R2381","v":{"v":318.01,"d":"R$ 318.01"}}]
[{"$nulls":15},"23","Casa 23",{"v":7,"d":"7.00"},{"$f":"ROUND(K2360,2)*R2382","v":{"v":318.01,"d":"R$ 318.01"}}]
[{"$nulls":15},"24","Casa 24",{"v":7,"d":"7.00"},{"$f":"ROUND(K2360,2)*R2383","v":{"v":318.01,"d":"R$ 318.01"}}]
[{"$nulls":15},"25","Casa 25",{"v":7,"d":"7.00"},{"$f":"ROUND(K2360,2)*R2384","v":{"v":318.01,"d":"R$ 318.01"}}]
["Serviço","22.2","SINAPI","91953","INTERRUPTOR SIMPLES (1 MÓDULO), 10A/250V, INCLUINDO SUPORTE E PLACA - FORNECIMENTO E INSTALAÇÃO. AF_03/2023",{"$f":"R2385+R2386+R2387+R2388+R2389+R2390+R2391+R2392+R2393+R2394+R2395+R2396+R2397+R2398+R2399+R2400+R2401+R2402+R2403+R2404+R2405+R2406+R2407+R2408+R2409","v":{"v":125,"d":"125.00"}},"UN",{"v":39.56,"d":"R$ 39.56"},{"v":39.56,"d":"R$ 39.56"},{"v":0.25,"d":"25.00%"},{"$f":"ROUND(I2385,2)+(ROUND(I2385,2)*J2385)","v":{"v":49.45,"d":"R$ 49.45"}},{"$f":"ROUND(S2385,2)+ROUND(S2386,2)+ROUND(S2387,2)+ROUND(S2388,2)+ROUND(S2389,2)+ROUND(S2390,2)+ROUND(S2391,2)+ROUND(S2392,2)+ROUND(S2393,2)+ROUND(S2394,2)+ROUND(S2395,2)+ROUND(S2396,2)+ROUND(S2397,2)+ROUND(S2398,2)+ROUND(S2399,2)+ROUND(S2400,2)+ROUND(S2401,2)+ROUND(S2402,2)+ROUND(S2403,2)+ROUND(S2404,2)+ROUND(S2405,2)+ROUND(S2406,2)+ROUND(S2407,2)+ROUND(S2408,2)+ROUND(S2409,2)","v":{"v":6181.25,"d":"R$ 6,181.25"}},"","22","ILUMINAÇÃO, TOMADAS E INTERRUPTORES","1","Casa 1",{"v":5,"d":"5.00"},{"$f":"ROUND(K2385,2)*R2385","v":{"v":247.25,"d":"R$ 247.25"}}]
[{"$nulls":15},"2","Casa 2",{"v":5,"d":"5.00"},{"$f":"ROUND(K2385,2)*R2386","v":{"v":247.25,"d":"R$ 247.25"}}]
[{"$nulls":15},"3","Casa 3",{"v":5,"d":"5.00"},{"$f":"ROUND(K2385,2)*R2387","v":{"v":247.25,"d":"R$ 247.25"}}]
[{"$nulls":15},"4","Casa 4",{"v":5,"d":"5.00"},{"$f":"ROUND(K2385,2)*R2388","v":{"v":247.25,"d":"R$ 247.25"}}]
[{"$nulls":15},"5","Casa 5",{"v":5,"d":"5.00"},{"$f":"ROUND(K2385,2)*R2389","v":{"v":247.25,"d":"R$ 247.25"}}]
[{"$nulls":15},"6","Casa 6",{"v":5,"d":"5.00"},{"$f":"ROUND(K2385,2)*R2390","v":{"v":247.25,"d":"R$ 247.25"}}]
[{"$nulls":15},"7","Casa 7",{"v":5,"d":"5.00"},{"$f":"ROUND(K2385,2)*R2391","v":{"v":247.25,"d":"R$ 247.25"}}]
[{"$nulls":15},"8","Casa 8",{"v":5,"d":"5.00"},{"$f":"ROUND(K2385,2)*R2392","v":{"v":247.25,"d":"R$ 247.25"}}]
[{"$nulls":15},"9","Casa 9",{"v":5,"d":"5.00"},{"$f":"ROUND(K2385,2)*R2393","v":{"v":247.25,"d":"R$ 247.25"}}]
[{"$nulls":15},"10","Casa 10",{"v":5,"d":"5.00"},{"$f":"ROUND(K2385,2)*R2394","v":{"v":247.25,"d":"R$ 247.25"}}]
[{"$nulls":15},"11","Casa 11",{"v":5,"d":"5.00"},{"$f":"ROUND(K2385,2)*R2395","v":{"v":247.25,"d":"R$ 247.25"}}]
[{"$nulls":15},"12","Casa 12",{"v":5,"d":"5.00"},{"$f":"ROUND(K2385,2)*R2396","v":{"v":247.25,"d":"R$ 247.25"}}]
[{"$nulls":15},"13","Casa 13",{"v":5,"d":"5.00"},{"$f":"ROUND(K2385,2)*R2397","v":{"v":247.25,"d":"R$ 247.25"}}]
[{"$nulls":15},"14","Casa 14",{"v":5,"d":"5.00"},{"$f":"ROUND(K2385,2)*R2398","v":{"v":247.25,"d":"R$ 247.25"}}]
[{"$nulls":15},"15","Casa 15",{"v":5,"d":"5.00"},{"$f":"ROUND(K2385,2)*R2399","v":{"v":247.25,"d":"R$ 247.25"}}]
[{"$nulls":15},"16","Casa 16",{"v":5,"d":"5.00"},{"$f":"ROUND(K2385,2)*R2400","v":{"v":247.25,"d":"R$ 247.25"}}]
[{"$nulls":15},"17","Casa 17",{"v":5,"d":"5.00"},{"$f":"ROUND(K2385,2)*R2401","v":{"v":247.25,"d":"R$ 247.25"}}]
[{"$nulls":15},"18","Casa 18",{"v":5,"d":"5.00"},{"$f":"ROUND(K2385,2)*R2402","v":{"v":247.25,"d":"R$ 247.25"}}]
[{"$nulls":15},"19","Casa 19",{"v":5,"d":"5.00"},{"$f":"ROUND(K2385,2)*R2403","v":{"v":247.25,"d":"R$ 247.25"}}]
[{"$nulls":15},"20","Casa 20",{"v":5,"d":"5.00"},{"$f":"ROUND(K2385,2)*R2404","v":{"v":247.25,"d":"R$ 247.25"}}]
[{"$nulls":15},"21","Casa 21",{"v":5,"d":"5.00"},{"$f":"ROUND(K2385,2)*R2405","v":{"v":247.25,"d":"R$ 247.25"}}]
[{"$nulls":15},"22","Casa 22",{"v":5,"d":"5.00"},{"$f":"ROUND(K2385,2)*R2406","v":{"v":247.25,"d":"R$ 247.25"}}]
[{"$nulls":15},"23","Casa 23",{"v":5,"d":"5.00"},{"$f":"ROUND(K2385,2)*R2407","v":{"v":247.25,"d":"R$ 247.25"}}]
[{"$nulls":15},"24","Casa 24",{"v":5,"d":"5.00"},{"$f":"ROUND(K2385,2)*R2408","v":{"v":247.25,"d":"R$ 247.25"}}]
[{"$nulls":15},"25","Casa 25",{"v":5,"d":"5.00"},{"$f":"ROUND(K2385,2)*R2409","v":{"v":247.25,"d":"R$ 247.25"}}]
["Serviço","22.3","SINAPI","91959","INTERRUPTOR SIMPLES (2 MÓDULOS), 10A/250V, INCLUINDO SUPORTE E PLACA - FORNECIMENTO E INSTALAÇÃO. AF_03/2023",{"$f":"R2410+R2411+R2412+R2413+R2414+R2415+R2416+R2417+R2418+R2419+R2420+R2421+R2422+R2423+R2424+R2425+R2426+R2427+R2428+R2429+R2430+R2431+R2432+R2433+R2434","v":{"v":25,"d":"25.00"}},"UN",{"v":60.13,"d":"R$ 60.13"},{"v":60.13,"d":"R$ 60.13"},{"v":0.25,"d":"25.00%"},{"$f":"ROUND(I2410,2)+(ROUND(I2410,2)*J2410)","v":{"v":75.16250000000001,"d":"R$ 75.16"}},{"$f":"ROUND(S2410,2)+ROUND(S2411,2)+ROUND(S2412,2)+ROUND(S2413,2)+ROUND(S2414,2)+ROUND(S2415,2)+ROUND(S2416,2)+ROUND(S2417,2)+ROUND(S2418,2)+ROUND(S2419,2)+ROUND(S2420,2)+ROUND(S2421,2)+ROUND(S2422,2)+ROUND(S2423,2)+ROUND(S2424,2)+ROUND(S2425,2)+ROUND(S2426,2)+ROUND(S2427,2)+ROUND(S2428,2)+ROUND(S2429,2)+ROUND(S2430,2)+ROUND(S2431,2)+ROUND(S2432,2)+ROUND(S2433,2)+ROUND(S2434,2)","v":{"v":1879.0000000000007,"d":"R$ 1,879.00"}},"","22","ILUMINAÇÃO, TOMADAS E INTERRUPTORES","1","Casa 1",{"v":1,"d":"1.00"},{"$f":"ROUND(K2410,2)*R2410","v":{"v":75.16,"d":"R$ 75.16"}}]
[{"$nulls":15},"2","Casa 2",{"v":1,"d":"1.00"},{"$f":"ROUND(K2410,2)*R2411","v":{"v":75.16,"d":"R$ 75.16"}}]
[{"$nulls":15},"3","Casa 3",{"v":1,"d":"1.00"},{"$f":"ROUND(K2410,2)*R2412","v":{"v":75.16,"d":"R$ 75.16"}}]
[{"$nulls":15},"4","Casa 4",{"v":1,"d":"1.00"},{"$f":"ROUND(K2410,2)*R2413","v":{"v":75.16,"d":"R$ 75.16"}}]
[{"$nulls":15},"5","Casa 5",{"v":1,"d":"1.00"},{"$f":"ROUND(K2410,2)*R2414","v":{"v":75.16,"d":"R$ 75.16"}}]
[{"$nulls":15},"6","Casa 6",{"v":1,"d":"1.00"},{"$f":"ROUND(K2410,2)*R2415","v":{"v":75.16,"d":"R$ 75.16"}}]
[{"$nulls":15},"7","Casa 7",{"v":1,"d":"1.00"},{"$f":"ROUND(K2410,2)*R2416","v":{"v":75.16,"d":"R$ 75.16"}}]
[{"$nulls":15},"8","Casa 8",{"v":1,"d":"1.00"},{"$f":"ROUND(K2410,2)*R2417","v":{"v":75.16,"d":"R$ 75.16"}}]
[{"$nulls":15},"9","Casa 9",{"v":1,"d":"1.00"},{"$f":"ROUND(K2410,2)*R2418","v":{"v":75.16,"d":"R$ 75.16"}}]
[{"$nulls":15},"10","Casa 10",{"v":1,"d":"1.00"},{"$f":"ROUND(K2410,2)*R2419","v":{"v":75.16,"d":"R$ 75.16"}}]
[{"$nulls":15},"11","Casa 11",{"v":1,"d":"1.00"},{"$f":"ROUND(K2410,2)*R2420","v":{"v":75.16,"d":"R$ 75.16"}}]
[{"$nulls":15},"12","Casa 12",{"v":1,"d":"1.00"},{"$f":"ROUND(K2410,2)*R2421","v":{"v":75.16,"d":"R$ 75.16"}}]
[{"$nulls":15},"13","Casa 13",{"v":1,"d":"1.00"},{"$f":"ROUND(K2410,2)*R2422","v":{"v":75.16,"d":"R$ 75.16"}}]
[{"$nulls":15},"14","Casa 14",{"v":1,"d":"1.00"},{"$f":"ROUND(K2410,2)*R2423","v":{"v":75.16,"d":"R$ 75.16"}}]
[{"$nulls":15},"15","Casa 15",{"v":1,"d":"1.00"},{"$f":"ROUND(K2410,2)*R2424","v":{"v":75.16,"d":"R$ 75.16"}}]
[{"$nulls":15},"16","Casa 16",{"v":1,"d":"1.00"},{"$f":"ROUND(K2410,2)*R2425","v":{"v":75.16,"d":"R$ 75.16"}}]
[{"$nulls":15},"17","Casa 17",{"v":1,"d":"1.00"},{"$f":"ROUND(K2410,2)*R2426","v":{"v":75.16,"d":"R$ 75.16"}}]
[{"$nulls":15},"18","Casa 18",{"v":1,"d":"1.00"},{"$f":"ROUND(K2410,2)*R2427","v":{"v":75.16,"d":"R$ 75.16"}}]
[{"$nulls":15},"19","Casa 19",{"v":1,"d":"1.00"},{"$f":"ROUND(K2410,2)*R2428","v":{"v":75.16,"d":"R$ 75.16"}}]
[{"$nulls":15},"20","Casa 20",{"v":1,"d":"1.00"},{"$f":"ROUND(K2410,2)*R2429","v":{"v":75.16,"d":"R$ 75.16"}}]
[{"$nulls":15},"21","Casa 21",{"v":1,"d":"1.00"},{"$f":"ROUND(K2410,2)*R2430","v":{"v":75.16,"d":"R$ 75.16"}}]
[{"$nulls":15},"22","Casa 22",{"v":1,"d":"1.00"},{"$f":"ROUND(K2410,2)*R2431","v":{"v":75.16,"d":"R$ 75.16"}}]
[{"$nulls":15},"23","Casa 23",{"v":1,"d":"1.00"},{"$f":"ROUND(K2410,2)*R2432","v":{"v":75.16,"d":"R$ 75.16"}}]
[{"$nulls":15},"24","Casa 24",{"v":1,"d":"1.00"},{"$f":"ROUND(K2410,2)*R2433","v":{"v":75.16,"d":"R$ 75.16"}}]
[{"$nulls":15},"25","Casa 25",{"v":1,"d":"1.00"},{"$f":"ROUND(K2410,2)*R2434","v":{"v":75.16,"d":"R$ 75.16"}}]
["Serviço","22.4","SINAPI","92000","TOMADA BAIXA DE EMBUTIR (1 MÓDULO), 2P+T 10 A, INCLUINDO SUPORTE E PLACA - FORNECIMENTO E INSTALAÇÃO. AF_03/2023",{"$f":"R2435+R2436+R2437+R2438+R2439+R2440+R2441+R2442+R2443+R2444+R2445+R2446+R2447+R2448+R2449+R2450+R2451+R2452+R2453+R2454+R2455+R2456+R2457+R2458+R2459","v":{"v":250,"d":"250.00"}},"UN",{"v":41.42,"d":"R$ 41.42"},{"v":41.42,"d":"R$ 41.42"},{"v":0.25,"d":"25.00%"},{"$f":"ROUND(I2435,2)+(ROUND(I2435,2)*J2435)","v":{"v":51.775000000000006,"d":"R$ 51.78"}},{"$f":"ROUND(S2435,2)+ROUND(S2436,2)+ROUND(S2437,2)+ROUND(S2438,2)+ROUND(S2439,2)+ROUND(S2440,2)+ROUND(S2441,2)+ROUND(S2442,2)+ROUND(S2443,2)+ROUND(S2444,2)+ROUND(S2445,2)+ROUND(S2446,2)+ROUND(S2447,2)+ROUND(S2448,2)+ROUND(S2449,2)+ROUND(S2450,2)+ROUND(S2451,2)+ROUND(S2452,2)+ROUND(S2453,2)+ROUND(S2454,2)+ROUND(S2455,2)+ROUND(S2456,2)+ROUND(S2457,2)+ROUND(S2458,2)+ROUND(S2459,2)","v":{"v":12944.999999999995,"d":"R$ 12,945.00"}},"","22","ILUMINAÇÃO, TOMADAS E INTERRUPTORES","1","Casa 1",{"v":10,"d":"10.00"},{"$f":"ROUND(K2435,2)*R2435","v":{"v":517.8,"d":"R$ 517.80"}}]
[{"$nulls":15},"2","Casa 2",{"v":10,"d":"10.00"},{"$f":"ROUND(K2435,2)*R2436","v":{"v":517.8,"d":"R$ 517.80"}}]
[{"$nulls":15},"3","Casa 3",{"v":10,"d":"10.00"},{"$f":"ROUND(K2435,2)*R2437","v":{"v":517.8,"d":"R$ 517.80"}}]
[{"$nulls":15},"4","Casa 4",{"v":10,"d":"10.00"},{"$f":"ROUND(K2435,2)*R2438","v":{"v":517.8,"d":"R$ 517.80"}}]
[{"$nulls":15},"5","Casa 5",{"v":10,"d":"10.00"},{"$f":"ROUND(K2435,2)*R2439","v":{"v":517.8,"d":"R$ 517.80"}}]
[{"$nulls":15},"6","Casa 6",{"v":10,"d":"10.00"},{"$f":"ROUND(K2435,2)*R2440","v":{"v":517.8,"d":"R$ 517.80"}}]
[{"$nulls":15},"7","Casa 7",{"v":10,"d":"10.00"},{"$f":"ROUND(K2435,2)*R2441","v":{"v":517.8,"d":"R$ 517.80"}}]
[{"$nulls":15},"8","Casa 8",{"v":10,"d":"10.00"},{"$f":"ROUND(K2435,2)*R2442","v":{"v":517.8,"d":"R$ 517.80"}}]
[{"$nulls":15},"9","Casa 9",{"v":10,"d":"10.00"},{"$f":"ROUND(K2435,2)*R2443","v":{"v":517.8,"d":"R$ 517.80"}}]
[{"$nulls":15},"10","Casa 10",{"v":10,"d":"10.00"},{"$f":"ROUND(K2435,2)*R2444","v":{"v":517.8,"d":"R$ 517.80"}}]
[{"$nulls":15},"11","Casa 11",{"v":10,"d":"10.00"},{"$f":"ROUND(K2435,2)*R2445","v":{"v":517.8,"d":"R$ 517.80"}}]
[{"$nulls":15},"12","Casa 12",{"v":10,"d":"10.00"},{"$f":"ROUND(K2435,2)*R2446","v":{"v":517.8,"d":"R$ 517.80"}}]
[{"$nulls":15},"13","Casa 13",{"v":10,"d":"10.00"},{"$f":"ROUND(K2435,2)*R2447","v":{"v":517.8,"d":"R$ 517.80"}}]
[{"$nulls":15},"14","Casa 14",{"v":10,"d":"10.00"},{"$f":"ROUND(K2435,2)*R2448","v":{"v":517.8,"d":"R$ 517.80"}}]
[{"$nulls":15},"15","Casa 15",{"v":10,"d":"10.00"},{"$f":"ROUND(K2435,2)*R2449","v":{"v":517.8,"d":"R$ 517.80"}}]
[{"$nulls":15},"16","Casa 16",{"v":10,"d":"10.00"},{"$f":"ROUND(K2435,2)*R2450","v":{"v":517.8,"d":"R$ 517.80"}}]
[{"$nulls":15},"17","Casa 17",{"v":10,"d":"10.00"},{"$f":"ROUND(K2435,2)*R2451","v":{"v":517.8,"d":"R$ 517.80"}}]
[{"$nulls":15},"18","Casa 18",{"v":10,"d":"10.00"},{"$f":"ROUND(K2435,2)*R2452","v":{"v":517.8,"d":"R$ 517.80"}}]
[{"$nulls":15},"19","Casa 19",{"v":10,"d":"10.00"},{"$f":"ROUND(K2435,2)*R2453","v":{"v":517.8,"d":"R$ 517.80"}}]
[{"$nulls":15},"20","Casa 20",{"v":10,"d":"10.00"},{"$f":"ROUND(K2435,2)*R2454","v":{"v":517.8,"d":"R$ 517.80"}}]
[{"$nulls":15},"21","Casa 21",{"v":10,"d":"10.00"},{"$f":"ROUND(K2435,2)*R2455","v":{"v":517.8,"d":"R$ 517.80"}}]
[{"$nulls":15},"22","Casa 22",{"v":10,"d":"10.00"},{"$f":"ROUND(K2435,2)*R2456","v":{"v":517.8,"d":"R$ 517.80"}}]
[{"$nulls":15},"23","Casa 23",{"v":10,"d":"10.00"},{"$f":"ROUND(K2435,2)*R2457","v":{"v":517.8,"d":"R$ 517.80"}}]
[{"$nulls":15},"24","Casa 24",{"v":10,"d":"10.00"},{"$f":"ROUND(K2435,2)*R2458","v":{"v":517.8,"d":"R$ 517.80"}}]
[{"$nulls":15},"25","Casa 25",{"v":10,"d":"10.00"},{"$f":"ROUND(K2435,2)*R2459","v":{"v":517.8,"d":"R$ 517.80"}}]
["Serviço","22.5","SINAPI","91996","TOMADA MÉDIA DE EMBUTIR (1 MÓDULO), 2P+T 10 A, INCLUINDO SUPORTE E PLACA - FORNECIMENTO E INSTALAÇÃO. AF_03/2023",{"$f":"R2460+R2461+R2462+R2463+R2464+R2465+R2466+R2467+R2468+R2469+R2470+R2471+R2472+R2473+R2474+R2475+R2476+R2477+R2478+R2479+R2480+R2481+R2482+R2483+R2484","v":{"v":150,"d":"150.00"}},"UN",{"v":46.78,"d":"R$ 46.78"},{"v":46.78,"d":"R$ 46.78"},{"v":0.25,"d":"25.00%"},{"$f":"ROUND(I2460,2)+(ROUND(I2460,2)*J2460)","v":{"v":58.475,"d":"R$ 58.48"}},{"$f":"ROUND(S2460,2)+ROUND(S2461,2)+ROUND(S2462,2)+ROUND(S2463,2)+ROUND(S2464,2)+ROUND(S2465,2)+ROUND(S2466,2)+ROUND(S2467,2)+ROUND(S2468,2)+ROUND(S2469,2)+ROUND(S2470,2)+ROUND(S2471,2)+ROUND(S2472,2)+ROUND(S2473,2)+ROUND(S2474,2)+ROUND(S2475,2)+ROUND(S2476,2)+ROUND(S2477,2)+ROUND(S2478,2)+ROUND(S2479,2)+ROUND(S2480,2)+ROUND(S2481,2)+ROUND(S2482,2)+ROUND(S2483,2)+ROUND(S2484,2)","v":{"v":8772,"d":"R$ 8,772.00"}},"","22","ILUMINAÇÃO, TOMADAS E INTERRUPTORES","1","Casa 1",{"v":6,"d":"6.00"},{"$f":"ROUND(K2460,2)*R2460","v":{"v":350.88,"d":"R$ 350.88"}}]
[{"$nulls":15},"2","Casa 2",{"v":6,"d":"6.00"},{"$f":"ROUND(K2460,2)*R2461","v":{"v":350.88,"d":"R$ 350.88"}}]
[{"$nulls":15},"3","Casa 3",{"v":6,"d":"6.00"},{"$f":"ROUND(K2460,2)*R2462","v":{"v":350.88,"d":"R$ 350.88"}}]
[{"$nulls":15},"4","Casa 4",{"v":6,"d":"6.00"},{"$f":"ROUND(K2460,2)*R2463","v":{"v":350.88,"d":"R$ 350.88"}}]
[{"$nulls":15},"5","Casa 5",{"v":6,"d":"6.00"},{"$f":"ROUND(K2460,2)*R2464","v":{"v":350.88,"d":"R$ 350.88"}}]
[{"$nulls":15},"6","Casa 6",{"v":6,"d":"6.00"},{"$f":"ROUND(K2460,2)*R2465","v":{"v":350.88,"d":"R$ 350.88"}}]
[{"$nulls":15},"7","Casa 7",{"v":6,"d":"6.00"},{"$f":"ROUND(K2460,2)*R2466","v":{"v":350.88,"d":"R$ 350.88"}}]
[{"$nulls":15},"8","Casa 8",{"v":6,"d":"6.00"},{"$f":"ROUND(K2460,2)*R2467","v":{"v":350.88,"d":"R$ 350.88"}}]
[{"$nulls":15},"9","Casa 9",{"v":6,"d":"6.00"},{"$f":"ROUND(K2460,2)*R2468","v":{"v":350.88,"d":"R$ 350.88"}}]
[{"$nulls":15},"10","Casa 10",{"v":6,"d":"6.00"},{"$f":"ROUND(K2460,2)*R2469","v":{"v":350.88,"d":"R$ 350.88"}}]
[{"$nulls":15},"11","Casa 11",{"v":6,"d":"6.00"},{"$f":"ROUND(K2460,2)*R2470","v":{"v":350.88,"d":"R$ 350.88"}}]
[{"$nulls":15},"12","Casa 12",{"v":6,"d":"6.00"},{"$f":"ROUND(K2460,2)*R2471","v":{"v":350.88,"d":"R$ 350.88"}}]
[{"$nulls":15},"13","Casa 13",{"v":6,"d":"6.00"},{"$f":"ROUND(K2460,2)*R2472","v":{"v":350.88,"d":"R$ 350.88"}}]
[{"$nulls":15},"14","Casa 14",{"v":6,"d":"6.00"},{"$f":"ROUND(K2460,2)*R2473","v":{"v":350.88,"d":"R$ 350.88"}}]
[{"$nulls":15},"15","Casa 15",{"v":6,"d":"6.00"},{"$f":"ROUND(K2460,2)*R2474","v":{"v":350.88,"d":"R$ 350.88"}}]
[{"$nulls":15},"16","Casa 16",{"v":6,"d":"6.00"},{"$f":"ROUND(K2460,2)*R2475","v":{"v":350.88,"d":"R$ 350.88"}}]
[{"$nulls":15},"17","Casa 17",{"v":6,"d":"6.00"},{"$f":"ROUND(K2460,2)*R2476","v":{"v":350.88,"d":"R$ 350.88"}}]
[{"$nulls":15},"18","Casa 18",{"v":6,"d":"6.00"},{"$f":"ROUND(K2460,2)*R2477","v":{"v":350.88,"d":"R$ 350.88"}}]
[{"$nulls":15},"19","Casa 19",{"v":6,"d":"6.00"},{"$f":"ROUND(K2460,2)*R2478","v":{"v":350.88,"d":"R$ 350.88"}}]
[{"$nulls":15},"20","Casa 20",{"v":6,"d":"6.00"},{"$f":"ROUND(K2460,2)*R2479","v":{"v":350.88,"d":"R$ 350.88"}}]
[{"$nulls":15},"21","Casa 21",{"v":6,"d":"6.00"},{"$f":"ROUND(K2460,2)*R2480","v":{"v":350.88,"d":"R$ 350.88"}}]
[{"$nulls":15},"22","Casa 22",{"v":6,"d":"6.00"},{"$f":"ROUND(K2460,2)*R2481","v":{"v":350.88,"d":"R$ 350.88"}}]
[{"$nulls":15},"23","Casa 23",{"v":6,"d":"6.00"},{"$f":"ROUND(K2460,2)*R2482","v":{"v":350.88,"d":"R$ 350.88"}}]
[{"$nulls":15},"24","Casa 24",{"v":6,"d":"6.00"},{"$f":"ROUND(K2460,2)*R2483","v":{"v":350.88,"d":"R$ 350.88"}}]
[{"$nulls":15},"25","Casa 25",{"v":6,"d":"6.00"},{"$f":"ROUND(K2460,2)*R2484","v":{"v":350.88,"d":"R$ 350.88"}}]
["Serviço","22.6","SINAPI","91993","TOMADA ALTA DE EMBUTIR (1 MÓDULO), 2P+T 20 A, INCLUINDO SUPORTE E PLACA - FORNECIMENTO E INSTALAÇÃO. AF_03/2023",{"$f":"R2485+R2486+R2487+R2488+R2489+R2490+R2491+R2492+R2493+R2494+R2495+R2496+R2497+R2498+R2499+R2500+R2501+R2502+R2503+R2504+R2505+R2506+R2507+R2508+R2509","v":{"v":25,"d":"25.00"}},"UN",{"v":63.31,"d":"R$ 63.31"},{"v":63.31,"d":"R$ 63.31"},{"v":0.25,"d":"25.00%"},{"$f":"ROUND(I2485,2)+(ROUND(I2485,2)*J2485)","v":{"v":79.1375,"d":"R$ 79.14"}},{"$f":"ROUND(S2485,2)+ROUND(S2486,2)+ROUND(S2487,2)+ROUND(S2488,2)+ROUND(S2489,2)+ROUND(S2490,2)+ROUND(S2491,2)+ROUND(S2492,2)+ROUND(S2493,2)+ROUND(S2494,2)+ROUND(S2495,2)+ROUND(S2496,2)+ROUND(S2497,2)+ROUND(S2498,2)+ROUND(S2499,2)+ROUND(S2500,2)+ROUND(S2501,2)+ROUND(S2502,2)+ROUND(S2503,2)+ROUND(S2504,2)+ROUND(S2505,2)+ROUND(S2506,2)+ROUND(S2507,2)+ROUND(S2508,2)+ROUND(S2509,2)","v":{"v":1978.5000000000011,"d":"R$ 1,978.50"}},"","22","ILUMINAÇÃO, TOMADAS E INTERRUPTORES","1","Casa 1",{"v":1,"d":"1.00"},{"$f":"ROUND(K2485,2)*R2485","v":{"v":79.14,"d":"R$ 79.14"}}]
[{"$nulls":15},"2","Casa 2",{"v":1,"d":"1.00"},{"$f":"ROUND(K2485,2)*R2486","v":{"v":79.14,"d":"R$ 79.14"}}]
[{"$nulls":15},"3","Casa 3",{"v":1,"d":"1.00"},{"$f":"ROUND(K2485,2)*R2487","v":{"v":79.14,"d":"R$ 79.14"}}]
[{"$nulls":15},"4","Casa 4",{"v":1,"d":"1.00"},{"$f":"ROUND(K2485,2)*R2488","v":{"v":79.14,"d":"R$ 79.14"}}]
[{"$nulls":15},"5","Casa 5",{"v":1,"d":"1.00"},{"$f":"ROUND(K2485,2)*R2489","v":{"v":79.14,"d":"R$ 79.14"}}]
[{"$nulls":15},"6","Casa 6",{"v":1,"d":"1.00"},{"$f":"ROUND(K2485,2)*R2490","v":{"v":79.14,"d":"R$ 79.14"}}]
[{"$nulls":15},"7","Casa 7",{"v":1,"d":"1.00"},{"$f":"ROUND(K2485,2)*R2491","v":{"v":79.14,"d":"R$ 79.14"}}]
[{"$nulls":15},"8","Casa 8",{"v":1,"d":"1.00"},{"$f":"ROUND(K2485,2)*R2492","v":{"v":79.14,"d":"R$ 79.14"}}]
[{"$nulls":15},"9","Casa 9",{"v":1,"d":"1.00"},{"$f":"ROUND(K2485,2)*R2493","v":{"v":79.14,"d":"R$ 79.14"}}]
[{"$nulls":15},"10","Casa 10",{"v":1,"d":"1.00"},{"$f":"ROUND(K2485,2)*R2494","v":{"v":79.14,"d":"R$ 79.14"}}]
[{"$nulls":15},"11","Casa 11",{"v":1,"d":"1.00"},{"$f":"ROUND(K2485,2)*R2495","v":{"v":79.14,"d":"R$ 79.14"}}]
[{"$nulls":15},"12","Casa 12",{"v":1,"d":"1.00"},{"$f":"ROUND(K2485,2)*R2496","v":{"v":79.14,"d":"R$ 79.14"}}]
[{"$nulls":15},"13","Casa 13",{"v":1,"d":"1.00"},{"$f":"ROUND(K2485,2)*R2497","v":{"v":79.14,"d":"R$ 79.14"}}]
[{"$nulls":15},"14","Casa 14",{"v":1,"d":"1.00"},{"$f":"ROUND(K2485,2)*R2498","v":{"v":79.14,"d":"R$ 79.14"}}]
[{"$nulls":15},"15","Casa 15",{"v":1,"d":"1.00"},{"$f":"ROUND(K2485,2)*R2499","v":{"v":79.14,"d":"R$ 79.14"}}]
[{"$nulls":15},"16","Casa 16",{"v":1,"d":"1.00"},{"$f":"ROUND(K2485,2)*R2500","v":{"v":79.14,"d":"R$ 79.14"}}]
[{"$nulls":15},"17","Casa 17",{"v":1,"d":"1.00"},{"$f":"ROUND(K2485,2)*R2501","v":{"v":79.14,"d":"R$ 79.14"}}]
[{"$nulls":15},"18","Casa 18",{"v":1,"d":"1.00"},{"$f":"ROUND(K2485,2)*R2502","v":{"v":79.14,"d":"R$ 79.14"}}]
[{"$nulls":15},"19","Casa 19",{"v":1,"d":"1.00"},{"$f":"ROUND(K2485,2)*R2503","v":{"v":79.14,"d":"R$ 79.14"}}]
[{"$nulls":15},"20","Casa 20",{"v":1,"d":"1.00"},{"$f":"ROUND(K2485,2)*R2504","v":{"v":79.14,"d":"R$ 79.14"}}]
[{"$nulls":15},"21","Casa 21",{"v":1,"d":"1.00"},{"$f":"ROUND(K2485,2)*R2505","v":{"v":79.14,"d":"R$ 79.14"}}]
[{"$nulls":15},"22","Casa 22",{"v":1,"d":"1.00"},{"$f":"ROUND(K2485,2)*R2506","v":{"v":79.14,"d":"R$ 79.14"}}]
[{"$nulls":15},"23","Casa 23",{"v":1,"d":"1.00"},{"$f":"ROUND(K2485,2)*R2507","v":{"v":79.14,"d":"R$ 79.14"}}]
[{"$nulls":15},"24","Casa 24",{"v":1,"d":"1.00"},{"$f":"ROUND(K2485,2)*R2508","v":{"v":79.14,"d":"R$ 79.14"}}]
[{"$nulls":15},"25","Casa 25",{"v":1,"d":"1.00"},{"$f":"ROUND(K2485,2)*R2509","v":{"v":79.14,"d":"R$ 79.14"}}]
["Serviço","22.7","SINAPI","91985","INTERRUPTOR PULSADOR CAMPAINHA (1 MÓDULO), 10A/250V, INCLUINDO SUPORTE E PLACA - FORNECIMENTO E INSTALAÇÃO. AF_03/2023",{"$f":"R2510+R2511+R2512+R2513+R2514+R2515+R2516+R2517+R2518+R2519+R2520+R2521+R2522+R2523+R2524+R2525+R2526+R2527+R2528+R2529+R2530+R2531+R2532+R2533+R2534","v":{"v":25,"d":"25.00"}},"UN",{"v":38.19,"d":"R$ 38.19"},{"v":38.19,"d":"R$ 38.19"},{"v":0.25,"d":"25.00%"},{"$f":"ROUND(I2510,2)+(ROUND(I2510,2)*J2510)","v":{"v":47.7375,"d":"R$ 47.74"}},{"$f":"ROUND(S2510,2)+ROUND(S2511,2)+ROUND(S2512,2)+ROUND(S2513,2)+ROUND(S2514,2)+ROUND(S2515,2)+ROUND(S2516,2)+ROUND(S2517,2)+ROUND(S2518,2)+ROUND(S2519,2)+ROUND(S2520,2)+ROUND(S2521,2)+ROUND(S2522,2)+ROUND(S2523,2)+ROUND(S2524,2)+ROUND(S2525,2)+ROUND(S2526,2)+ROUND(S2527,2)+ROUND(S2528,2)+ROUND(S2529,2)+ROUND(S2530,2)+ROUND(S2531,2)+ROUND(S2532,2)+ROUND(S2533,2)+ROUND(S2534,2)","v":{"v":1193.5,"d":"R$ 1,193.50"}},"","22","ILUMINAÇÃO, TOMADAS E INTERRUPTORES","1","Casa 1",{"v":1,"d":"1.00"},{"$f":"ROUND(K2510,2)*R2510","v":{"v":47.74,"d":"R$ 47.74"}}]
[{"$nulls":15},"2","Casa 2",{"v":1,"d":"1.00"},{"$f":"ROUND(K2510,2)*R2511","v":{"v":47.74,"d":"R$ 47.74"}}]
[{"$nulls":15},"3","Casa 3",{"v":1,"d":"1.00"},{"$f":"ROUND(K2510,2)*R2512","v":{"v":47.74,"d":"R$ 47.74"}}]
[{"$nulls":15},"4","Casa 4",{"v":1,"d":"1.00"},{"$f":"ROUND(K2510,2)*R2513","v":{"v":47.74,"d":"R$ 47.74"}}]
[{"$nulls":15},"5","Casa 5",{"v":1,"d":"1.00"},{"$f":"ROUND(K2510,2)*R2514","v":{"v":47.74,"d":"R$ 47.74"}}]
[{"$nulls":15},"6","Casa 6",{"v":1,"d":"1.00"},{"$f":"ROUND(K2510,2)*R2515","v":{"v":47.74,"d":"R$ 47.74"}}]
[{"$nulls":15},"7","Casa 7",{"v":1,"d":"1.00"},{"$f":"ROUND(K2510,2)*R2516","v":{"v":47.74,"d":"R$ 47.74"}}]
[{"$nulls":15},"8","Casa 8",{"v":1,"d":"1.00"},{"$f":"ROUND(K2510,2)*R2517","v":{"v":47.74,"d":"R$ 47.74"}}]
[{"$nulls":15},"9","Casa 9",{"v":1,"d":"1.00"},{"$f":"ROUND(K2510,2)*R2518","v":{"v":47.74,"d":"R$ 47.74"}}]
[{"$nulls":15},"10","Casa 10",{"v":1,"d":"1.00"},{"$f":"ROUND(K2510,2)*R2519","v":{"v":47.74,"d":"R$ 47.74"}}]
[{"$nulls":15},"11","Casa 11",{"v":1,"d":"1.00"},{"$f":"ROUND(K2510,2)*R2520","v":{"v":47.74,"d":"R$ 47.74"}}]
[{"$nulls":15},"12","Casa 12",{"v":1,"d":"1.00"},{"$f":"ROUND(K2510,2)*R2521","v":{"v":47.74,"d":"R$ 47.74"}}]
[{"$nulls":15},"13","Casa 13",{"v":1,"d":"1.00"},{"$f":"ROUND(K2510,2)*R2522","v":{"v":47.74,"d":"R$ 47.74"}}]
[{"$nulls":15},"14","Casa 14",{"v":1,"d":"1.00"},{"$f":"ROUND(K2510,2)*R2523","v":{"v":47.74,"d":"R$ 47.74"}}]
[{"$nulls":15},"15","Casa 15",{"v":1,"d":"1.00"},{"$f":"ROUND(K2510,2)*R2524","v":{"v":47.74,"d":"R$ 47.74"}}]
[{"$nulls":15},"16","Casa 16",{"v":1,"d":"1.00"},{"$f":"ROUND(K2510,2)*R2525","v":{"v":47.74,"d":"R$ 47.74"}}]
[{"$nulls":15},"17","Casa 17",{"v":1,"d":"1.00"},{"$f":"ROUND(K2510,2)*R2526","v":{"v":47.74,"d":"R$ 47.74"}}]
[{"$nulls":15},"18","Casa 18",{"v":1,"d":"1.00"},{"$f":"ROUND(K2510,2)*R2527","v":{"v":47.74,"d":"R$ 47.74"}}]
[{"$nulls":15},"19","Casa 19",{"v":1,"d":"1.00"},{"$f":"ROUND(K2510,2)*R2528","v":{"v":47.74,"d":"R$ 47.74"}}]
[{"$nulls":15},"20","Casa 20",{"v":1,"d":"1.00"},{"$f":"ROUND(K2510,2)*R2529","v":{"v":47.74,"d":"R$ 47.74"}}]
[{"$nulls":15},"21","Casa 21",{"v":1,"d":"1.00"},{"$f":"ROUND(K2510,2)*R2530","v":{"v":47.74,"d":"R$ 47.74"}}]
[{"$nulls":15},"22","Casa 22",{"v":1,"d":"1.00"},{"$f":"ROUND(K2510,2)*R2531","v":{"v":47.74,"d":"R$ 47.74"}}]
[{"$nulls":15},"23","Casa 23",{"v":1,"d":"1.00"},{"$f":"ROUND(K2510,2)*R2532","v":{"v":47.74,"d":"R$ 47.74"}}]
[{"$nulls":15},"24","Casa 24",{"v":1,"d":"1.00"},{"$f":"ROUND(K2510,2)*R2533","v":{"v":47.74,"d":"R$ 47.74"}}]
[{"$nulls":15},"25","Casa 25",{"v":1,"d":"1.00"},{"$f":"ROUND(K2510,2)*R2534","v":{"v":47.74,"d":"R$ 47.74"}}]
["Serviço","22.8","SINAPI","91987","CAMPAINHA CIGARRA (1 MÓDULO), 10A/250V, INCLUINDO SUPORTE E PLACA - FORNECIMENTO E INSTALAÇÃO. AF_03/2023",{"$f":"R2535+R2536+R2537+R2538+R2539+R2540+R2541+R2542+R2543+R2544+R2545+R2546+R2547+R2548+R2549+R2550+R2551+R2552+R2553+R2554+R2555+R2556+R2557+R2558+R2559","v":{"v":25,"d":"25.00"}},"UN",{"v":62.95,"d":"R$ 62.95"},{"v":62.95,"d":"R$ 62.95"},{"v":0.25,"d":"25.00%"},{"$f":"ROUND(I2535,2)+(ROUND(I2535,2)*J2535)","v":{"v":78.6875,"d":"R$ 78.69"}},{"$f":"ROUND(S2535,2)+ROUND(S2536,2)+ROUND(S2537,2)+ROUND(S2538,2)+ROUND(S2539,2)+ROUND(S2540,2)+ROUND(S2541,2)+ROUND(S2542,2)+ROUND(S2543,2)+ROUND(S2544,2)+ROUND(S2545,2)+ROUND(S2546,2)+ROUND(S2547,2)+ROUND(S2548,2)+ROUND(S2549,2)+ROUND(S2550,2)+ROUND(S2551,2)+ROUND(S2552,2)+ROUND(S2553,2)+ROUND(S2554,2)+ROUND(S2555,2)+ROUND(S2556,2)+ROUND(S2557,2)+ROUND(S2558,2)+ROUND(S2559,2)","v":{"v":1967.250000000001,"d":"R$ 1,967.25"}},"","22","ILUMINAÇÃO, TOMADAS E INTERRUPTORES","1","Casa 1",{"v":1,"d":"1.00"},{"$f":"ROUND(K2535,2)*R2535","v":{"v":78.69,"d":"R$ 78.69"}}]
[{"$nulls":15},"2","Casa 2",{"v":1,"d":"1.00"},{"$f":"ROUND(K2535,2)*R2536","v":{"v":78.69,"d":"R$ 78.69"}}]
[{"$nulls":15},"3","Casa 3",{"v":1,"d":"1.00"},{"$f":"ROUND(K2535,2)*R2537","v":{"v":78.69,"d":"R$ 78.69"}}]
[{"$nulls":15},"4","Casa 4",{"v":1,"d":"1.00"},{"$f":"ROUND(K2535,2)*R2538","v":{"v":78.69,"d":"R$ 78.69"}}]
[{"$nulls":15},"5","Casa 5",{"v":1,"d":"1.00"},{"$f":"ROUND(K2535,2)*R2539","v":{"v":78.69,"d":"R$ 78.69"}}]
[{"$nulls":15},"6","Casa 6",{"v":1,"d":"1.00"},{"$f":"ROUND(K2535,2)*R2540","v":{"v":78.69,"d":"R$ 78.69"}}]
[{"$nulls":15},"7","Casa 7",{"v":1,"d":"1.00"},{"$f":"ROUND(K2535,2)*R2541","v":{"v":78.69,"d":"R$ 78.69"}}]
[{"$nulls":15},"8","Casa 8",{"v":1,"d":"1.00"},{"$f":"ROUND(K2535,2)*R2542","v":{"v":78.69,"d":"R$ 78.69"}}]
[{"$nulls":15},"9","Casa 9",{"v":1,"d":"1.00"},{"$f":"ROUND(K2535,2)*R2543","v":{"v":78.69,"d":"R$ 78.69"}}]
[{"$nulls":15},"10","Casa 10",{"v":1,"d":"1.00"},{"$f":"ROUND(K2535,2)*R2544","v":{"v":78.69,"d":"R$ 78.69"}}]
[{"$nulls":15},"11","Casa 11",{"v":1,"d":"1.00"},{"$f":"ROUND(K2535,2)*R2545","v":{"v":78.69,"d":"R$ 78.69"}}]
[{"$nulls":15},"12","Casa 12",{"v":1,"d":"1.00"},{"$f":"ROUND(K2535,2)*R2546","v":{"v":78.69,"d":"R$ 78.69"}}]
[{"$nulls":15},"13","Casa 13",{"v":1,"d":"1.00"},{"$f":"ROUND(K2535,2)*R2547","v":{"v":78.69,"d":"R$ 78.69"}}]
[{"$nulls":15},"14","Casa 14",{"v":1,"d":"1.00"},{"$f":"ROUND(K2535,2)*R2548","v":{"v":78.69,"d":"R$ 78.69"}}]
[{"$nulls":15},"15","Casa 15",{"v":1,"d":"1.00"},{"$f":"ROUND(K2535,2)*R2549","v":{"v":78.69,"d":"R$ 78.69"}}]
[{"$nulls":15},"16","Casa 16",{"v":1,"d":"1.00"},{"$f":"ROUND(K2535,2)*R2550","v":{"v":78.69,"d":"R$ 78.69"}}]
[{"$nulls":15},"17","Casa 17",{"v":1,"d":"1.00"},{"$f":"ROUND(K2535,2)*R2551","v":{"v":78.69,"d":"R$ 78.69"}}]
[{"$nulls":15},"18","Casa 18",{"v":1,"d":"1.00"},{"$f":"ROUND(K2535,2)*R2552","v":{"v":78.69,"d":"R$ 78.69"}}]
[{"$nulls":15},"19","Casa 19",{"v":1,"d":"1.00"},{"$f":"ROUND(K2535,2)*R2553","v":{"v":78.69,"d":"R$ 78.69"}}]
[{"$nulls":15},"20","Casa 20",{"v":1,"d":"1.00"},{"$f":"ROUND(K2535,2)*R2554","v":{"v":78.69,"d":"R$ 78.69"}}]
[{"$nulls":15},"21","Casa 21",{"v":1,"d":"1.00"},{"$f":"ROUND(K2535,2)*R2555","v":{"v":78.69,"d":"R$ 78.69"}}]
[{"$nulls":15},"22","Casa 22",{"v":1,"d":"1.00"},{"$f":"ROUND(K2535,2)*R2556","v":{"v":78.69,"d":"R$ 78.69"}}]
[{"$nulls":15},"23","Casa 23",{"v":1,"d":"1.00"},{"$f":"ROUND(K2535,2)*R2557","v":{"v":78.69,"d":"R$ 78.69"}}]
[{"$nulls":15},"24","Casa 24",{"v":1,"d":"1.00"},{"$f":"ROUND(K2535,2)*R2558","v":{"v":78.69,"d":"R$ 78.69"}}]
[{"$nulls":15},"25","Casa 25",{"v":1,"d":"1.00"},{"$f":"ROUND(K2535,2)*R2559","v":{"v":78.69,"d":"R$ 78.69"}}]
["Serviço","22.9","Composição","91947_ADP-01","SUPORTE PARAFUSADO COM ESPELHO / PLACA DE ENCAIXE 4\" X 2\" BAIXO PARA PONTO ELÉTRICO - FORNECIMENTO E INSTALAÇÃO.",{"$f":"R2560+R2561+R2562+R2563+R2564+R2565+R2566+R2567+R2568+R2569+R2570+R2571+R2572+R2573+R2574+R2575+R2576+R2577+R2578+R2579+R2580+R2581+R2582+R2583+R2584","v":{"v":50,"d":"50.00"}},"UN",{"v":11.33,"d":"R$ 11.33"},{"v":11.33,"d":"R$ 11.33"},{"v":0.25,"d":"25.00%"},{"$f":"ROUND(I2560,2)+(ROUND(I2560,2)*J2560)","v":{"v":14.1625,"d":"R$ 14.16"}},{"$f":"ROUND(S2560,2)+ROUND(S2561,2)+ROUND(S2562,2)+ROUND(S2563,2)+ROUND(S2564,2)+ROUND(S2565,2)+ROUND(S2566,2)+ROUND(S2567,2)+ROUND(S2568,2)+ROUND(S2569,2)+ROUND(S2570,2)+ROUND(S2571,2)+ROUND(S2572,2)+ROUND(S2573,2)+ROUND(S2574,2)+ROUND(S2575,2)+ROUND(S2576,2)+ROUND(S2577,2)+ROUND(S2578,2)+ROUND(S2579,2)+ROUND(S2580,2)+ROUND(S2581,2)+ROUND(S2582,2)+ROUND(S2583,2)+ROUND(S2584,2)","v":{"v":708.0000000000002,"d":"R$ 708.00"}},"","22","ILUMINAÇÃO, TOMADAS E INTERRUPTORES","1","Casa 1",{"v":2,"d":"2.00"},{"$f":"ROUND(K2560,2)*R2560","v":{"v":28.32,"d":"R$ 28.32"}}]
[{"$nulls":15},"2","Casa 2",{"v":2,"d":"2.00"},{"$f":"ROUND(K2560,2)*R2561","v":{"v":28.32,"d":"R$ 28.32"}}]
[{"$nulls":15},"3","Casa 3",{"v":2,"d":"2.00"},{"$f":"ROUND(K2560,2)*R2562","v":{"v":28.32,"d":"R$ 28.32"}}]
[{"$nulls":15},"4","Casa 4",{"v":2,"d":"2.00"},{"$f":"ROUND(K2560,2)*R2563","v":{"v":28.32,"d":"R$ 28.32"}}]
[{"$nulls":15},"5","Casa 5",{"v":2,"d":"2.00"},{"$f":"ROUND(K2560,2)*R2564","v":{"v":28.32,"d":"R$ 28.32"}}]
[{"$nulls":15},"6","Casa 6",{"v":2,"d":"2.00"},{"$f":"ROUND(K2560,2)*R2565","v":{"v":28.32,"d":"R$ 28.32"}}]
[{"$nulls":15},"7","Casa 7",{"v":2,"d":"2.00"},{"$f":"ROUND(K2560,2)*R2566","v":{"v":28.32,"d":"R$ 28.32"}}]
[{"$nulls":15},"8","Casa 8",{"v":2,"d":"2.00"},{"$f":"ROUND(K2560,2)*R2567","v":{"v":28.32,"d":"R$ 28.32"}}]
[{"$nulls":15},"9","Casa 9",{"v":2,"d":"2.00"},{"$f":"ROUND(K2560,2)*R2568","v":{"v":28.32,"d":"R$ 28.32"}}]
[{"$nulls":15},"10","Casa 10",{"v":2,"d":"2.00"},{"$f":"ROUND(K2560,2)*R2569","v":{"v":28.32,"d":"R$ 28.32"}}]
[{"$nulls":15},"11","Casa 11",{"v":2,"d":"2.00"},{"$f":"ROUND(K2560,2)*R2570","v":{"v":28.32,"d":"R$ 28.32"}}]
[{"$nulls":15},"12","Casa 12",{"v":2,"d":"2.00"},{"$f":"ROUND(K2560,2)*R2571","v":{"v":28.32,"d":"R$ 28.32"}}]
[{"$nulls":15},"13","Casa 13",{"v":2,"d":"2.00"},{"$f":"ROUND(K2560,2)*R2572","v":{"v":28.32,"d":"R$ 28.32"}}]
[{"$nulls":15},"14","Casa 14",{"v":2,"d":"2.00"},{"$f":"ROUND(K2560,2)*R2573","v":{"v":28.32,"d":"R$ 28.32"}}]
[{"$nulls":15},"15","Casa 15",{"v":2,"d":"2.00"},{"$f":"ROUND(K2560,2)*R2574","v":{"v":28.32,"d":"R$ 28.32"}}]
[{"$nulls":15},"16","Casa 16",{"v":2,"d":"2.00"},{"$f":"ROUND(K2560,2)*R2575","v":{"v":28.32,"d":"R$ 28.32"}}]
[{"$nulls":15},"17","Casa 17",{"v":2,"d":"2.00"},{"$f":"ROUND(K2560,2)*R2576","v":{"v":28.32,"d":"R$ 28.32"}}]
[{"$nulls":15},"18","Casa 18",{"v":2,"d":"2.00"},{"$f":"ROUND(K2560,2)*R2577","v":{"v":28.32,"d":"R$ 28.32"}}]
[{"$nulls":15},"19","Casa 19",{"v":2,"d":"2.00"},{"$f":"ROUND(K2560,2)*R2578","v":{"v":28.32,"d":"R$ 28.32"}}]
[{"$nulls":15},"20","Casa 20",{"v":2,"d":"2.00"},{"$f":"ROUND(K2560,2)*R2579","v":{"v":28.32,"d":"R$ 28.32"}}]
[{"$nulls":15},"21","Casa 21",{"v":2,"d":"2.00"},{"$f":"ROUND(K2560,2)*R2580","v":{"v":28.32,"d":"R$ 28.32"}}]
[{"$nulls":15},"22","Casa 22",{"v":2,"d":"2.00"},{"$f":"ROUND(K2560,2)*R2581","v":{"v":28.32,"d":"R$ 28.32"}}]
[{"$nulls":15},"23","Casa 23",{"v":2,"d":"2.00"},{"$f":"ROUND(K2560,2)*R2582","v":{"v":28.32,"d":"R$ 28.32"}}]
[{"$nulls":15},"24","Casa 24",{"v":2,"d":"2.00"},{"$f":"ROUND(K2560,2)*R2583","v":{"v":28.32,"d":"R$ 28.32"}}]
[{"$nulls":15},"25","Casa 25",{"v":2,"d":"2.00"},{"$f":"ROUND(K2560,2)*R2584","v":{"v":28.32,"d":"R$ 28.32"}}]
["Serviço","22.10","SINAPI","91941","CAIXA RETANGULAR 4\" X 2\" BAIXA (0,30 M DO PISO), PVC, INSTALADA EM PAREDE - FORNECIMENTO E INSTALAÇÃO. AF_03/2023",{"$f":"R2585+R2586+R2587+R2588+R2589+R2590+R2591+R2592+R2593+R2594+R2595+R2596+R2597+R2598+R2599+R2600+R2601+R2602+R2603+R2604+R2605+R2606+R2607+R2608+R2609","v":{"v":300,"d":"300.00"}},"UN",{"v":14.82,"d":"R$ 14.82"},{"v":14.82,"d":"R$ 14.82"},{"v":0.25,"d":"25.00%"},{"$f":"ROUND(I2585,2)+(ROUND(I2585,2)*J2585)","v":{"v":18.525,"d":"R$ 18.53"}},{"$f":"ROUND(S2585,2)+ROUND(S2586,2)+ROUND(S2587,2)+ROUND(S2588,2)+ROUND(S2589,2)+ROUND(S2590,2)+ROUND(S2591,2)+ROUND(S2592,2)+ROUND(S2593,2)+ROUND(S2594,2)+ROUND(S2595,2)+ROUND(S2596,2)+ROUND(S2597,2)+ROUND(S2598,2)+ROUND(S2599,2)+ROUND(S2600,2)+ROUND(S2601,2)+ROUND(S2602,2)+ROUND(S2603,2)+ROUND(S2604,2)+ROUND(S2605,2)+ROUND(S2606,2)+ROUND(S2607,2)+ROUND(S2608,2)+ROUND(S2609,2)","v":{"v":5559,"d":"R$ 5,559.00"}},"","22","ILUMINAÇÃO, TOMADAS E INTERRUPTORES","1","Casa 1",{"v":12,"d":"12.00"},{"$f":"ROUND(K2585,2)*R2585","v":{"v":222.36,"d":"R$ 222.36"}}]
[{"$nulls":15},"2","Casa 2",{"v":12,"d":"12.00"},{"$f":"ROUND(K2585,2)*R2586","v":{"v":222.36,"d":"R$ 222.36"}}]
[{"$nulls":15},"3","Casa 3",{"v":12,"d":"12.00"},{"$f":"ROUND(K2585,2)*R2587","v":{"v":222.36,"d":"R$ 222.36"}}]
[{"$nulls":15},"4","Casa 4",{"v":12,"d":"12.00"},{"$f":"ROUND(K2585,2)*R2588","v":{"v":222.36,"d":"R$ 222.36"}}]
[{"$nulls":15},"5","Casa 5",{"v":12,"d":"12.00"},{"$f":"ROUND(K2585,2)*R2589","v":{"v":222.36,"d":"R$ 222.36"}}]
[{"$nulls":15},"6","Casa 6",{"v":12,"d":"12.00"},{"$f":"ROUND(K2585,2)*R2590","v":{"v":222.36,"d":"R$ 222.36"}}]
[{"$nulls":15},"7","Casa 7",{"v":12,"d":"12.00"},{"$f":"ROUND(K2585,2)*R2591","v":{"v":222.36,"d":"R$ 222.36"}}]
[{"$nulls":15},"8","Casa 8",{"v":12,"d":"12.00"},{"$f":"ROUND(K2585,2)*R2592","v":{"v":222.36,"d":"R$ 222.36"}}]
[{"$nulls":15},"9","Casa 9",{"v":12,"d":"12.00"},{"$f":"ROUND(K2585,2)*R2593","v":{"v":222.36,"d":"R$ 222.36"}}]
[{"$nulls":15},"10","Casa 10",{"v":12,"d":"12.00"},{"$f":"ROUND(K2585,2)*R2594","v":{"v":222.36,"d":"R$ 222.36"}}]
[{"$nulls":15},"11","Casa 11",{"v":12,"d":"12.00"},{"$f":"ROUND(K2585,2)*R2595","v":{"v":222.36,"d":"R$ 222.36"}}]
[{"$nulls":15},"12","Casa 12",{"v":12,"d":"12.00"},{"$f":"ROUND(K2585,2)*R2596","v":{"v":222.36,"d":"R$ 222.36"}}]
[{"$nulls":15},"13","Casa 13",{"v":12,"d":"12.00"},{"$f":"ROUND(K2585,2)*R2597","v":{"v":222.36,"d":"R$ 222.36"}}]
[{"$nulls":15},"14","Casa 14",{"v":12,"d":"12.00"},{"$f":"ROUND(K2585,2)*R2598","v":{"v":222.36,"d":"R$ 222.36"}}]
[{"$nulls":15},"15","Casa 15",{"v":12,"d":"12.00"},{"$f":"ROUND(K2585,2)*R2599","v":{"v":222.36,"d":"R$ 222.36"}}]
[{"$nulls":15},"16","Casa 16",{"v":12,"d":"12.00"},{"$f":"ROUND(K2585,2)*R2600","v":{"v":222.36,"d":"R$ 222.36"}}]
[{"$nulls":15},"17","Casa 17",{"v":12,"d":"12.00"},{"$f":"ROUND(K2585,2)*R2601","v":{"v":222.36,"d":"R$ 222.36"}}]
[{"$nulls":15},"18","Casa 18",{"v":12,"d":"12.00"},{"$f":"ROUND(K2585,2)*R2602","v":{"v":222.36,"d":"R$ 222.36"}}]
[{"$nulls":15},"19","Casa 19",{"v":12,"d":"12.00"},{"$f":"ROUND(K2585,2)*R2603","v":{"v":222.36,"d":"R$ 222.36"}}]
[{"$nulls":15},"20","Casa 20",{"v":12,"d":"12.00"},{"$f":"ROUND(K2585,2)*R2604","v":{"v":222.36,"d":"R$ 222.36"}}]
[{"$nulls":15},"21","Casa 21",{"v":12,"d":"12.00"},{"$f":"ROUND(K2585,2)*R2605","v":{"v":222.36,"d":"R$ 222.36"}}]
[{"$nulls":15},"22","Casa 22",{"v":12,"d":"12.00"},{"$f":"ROUND(K2585,2)*R2606","v":{"v":222.36,"d":"R$ 222.36"}}]
[{"$nulls":15},"23","Casa 23",{"v":12,"d":"12.00"},{"$f":"ROUND(K2585,2)*R2607","v":{"v":222.36,"d":"R$ 222.36"}}]
[{"$nulls":15},"24","Casa 24",{"v":12,"d":"12.00"},{"$f":"ROUND(K2585,2)*R2608","v":{"v":222.36,"d":"R$ 222.36"}}]
[{"$nulls":15},"25","Casa 25",{"v":12,"d":"12.00"},{"$f":"ROUND(K2585,2)*R2609","v":{"v":222.36,"d":"R$ 222.36"}}]
["Serviço","22.11","SINAPI","91940","CAIXA RETANGULAR 4\" X 2\" MÉDIA (1,30 M DO PISO), PVC, INSTALADA EM PAREDE - FORNECIMENTO E INSTALAÇÃO. AF_03/2023",{"$f":"R2610+R2611+R2612+R2613+R2614+R2615+R2616+R2617+R2618+R2619+R2620+R2621+R2622+R2623+R2624+R2625+R2626+R2627+R2628+R2629+R2630+R2631+R2632+R2633+R2634","v":{"v":325,"d":"325.00"}},"UN",{"v":23.88,"d":"R$ 23.88"},{"v":23.88,"d":"R$ 23.88"},{"v":0.25,"d":"25.00%"},{"$f":"ROUND(I2610,2)+(ROUND(I2610,2)*J2610)","v":{"v":29.849999999999998,"d":"R$ 29.85"}},{"$f":"ROUND(S2610,2)+ROUND(S2611,2)+ROUND(S2612,2)+ROUND(S2613,2)+ROUND(S2614,2)+ROUND(S2615,2)+ROUND(S2616,2)+ROUND(S2617,2)+ROUND(S2618,2)+ROUND(S2619,2)+ROUND(S2620,2)+ROUND(S2621,2)+ROUND(S2622,2)+ROUND(S2623,2)+ROUND(S2624,2)+ROUND(S2625,2)+ROUND(S2626,2)+ROUND(S2627,2)+ROUND(S2628,2)+ROUND(S2629,2)+ROUND(S2630,2)+ROUND(S2631,2)+ROUND(S2632,2)+ROUND(S2633,2)+ROUND(S2634,2)","v":{"v":9701.25,"d":"R$ 9,701.25"}},"","22","ILUMINAÇÃO, TOMADAS E INTERRUPTORES","1","Casa 1",{"v":13,"d":"13.00"},{"$f":"ROUND(K2610,2)*R2610","v":{"v":388.05,"d":"R$ 388.05"}}]
[{"$nulls":15},"2","Casa 2",{"v":13,"d":"13.00"},{"$f":"ROUND(K2610,2)*R2611","v":{"v":388.05,"d":"R$ 388.05"}}]
[{"$nulls":15},"3","Casa 3",{"v":13,"d":"13.00"},{"$f":"ROUND(K2610,2)*R2612","v":{"v":388.05,"d":"R$ 388.05"}}]
[{"$nulls":15},"4","Casa 4",{"v":13,"d":"13.00"},{"$f":"ROUND(K2610,2)*R2613","v":{"v":388.05,"d":"R$ 388.05"}}]
[{"$nulls":15},"5","Casa 5",{"v":13,"d":"13.00"},{"$f":"ROUND(K2610,2)*R2614","v":{"v":388.05,"d":"R$ 388.05"}}]
[{"$nulls":15},"6","Casa 6",{"v":13,"d":"13.00"},{"$f":"ROUND(K2610,2)*R2615","v":{"v":388.05,"d":"R$ 388.05"}}]
[{"$nulls":15},"7","Casa 7",{"v":13,"d":"13.00"},{"$f":"ROUND(K2610,2)*R2616","v":{"v":388.05,"d":"R$ 388.05"}}]
[{"$nulls":15},"8","Casa 8",{"v":13,"d":"13.00"},{"$f":"ROUND(K2610,2)*R2617","v":{"v":388.05,"d":"R$ 388.05"}}]
[{"$nulls":15},"9","Casa 9",{"v":13,"d":"13.00"},{"$f":"ROUND(K2610,2)*R2618","v":{"v":388.05,"d":"R$ 388.05"}}]
[{"$nulls":15},"10","Casa 10",{"v":13,"d":"13.00"},{"$f":"ROUND(K2610,2)*R2619","v":{"v":388.05,"d":"R$ 388.05"}}]
[{"$nulls":15},"11","Casa 11",{"v":13,"d":"13.00"},{"$f":"ROUND(K2610,2)*R2620","v":{"v":388.05,"d":"R$ 388.05"}}]
[{"$nulls":15},"12","Casa 12",{"v":13,"d":"13.00"},{"$f":"ROUND(K2610,2)*R2621","v":{"v":388.05,"d":"R$ 388.05"}}]
[{"$nulls":15},"13","Casa 13",{"v":13,"d":"13.00"},{"$f":"ROUND(K2610,2)*R2622","v":{"v":388.05,"d":"R$ 388.05"}}]
[{"$nulls":15},"14","Casa 14",{"v":13,"d":"13.00"},{"$f":"ROUND(K2610,2)*R2623","v":{"v":388.05,"d":"R$ 388.05"}}]
[{"$nulls":15},"15","Casa 15",{"v":13,"d":"13.00"},{"$f":"ROUND(K2610,2)*R2624","v":{"v":388.05,"d":"R$ 388.05"}}]
[{"$nulls":15},"16","Casa 16",{"v":13,"d":"13.00"},{"$f":"ROUND(K2610,2)*R2625","v":{"v":388.05,"d":"R$ 388.05"}}]
[{"$nulls":15},"17","Casa 17",{"v":13,"d":"13.00"},{"$f":"ROUND(K2610,2)*R2626","v":{"v":388.05,"d":"R$ 388.05"}}]
[{"$nulls":15},"18","Casa 18",{"v":13,"d":"13.00"},{"$f":"ROUND(K2610,2)*R2627","v":{"v":388.05,"d":"R$ 388.05"}}]
[{"$nulls":15},"19","Casa 19",{"v":13,"d":"13.00"},{"$f":"ROUND(K2610,2)*R2628","v":{"v":388.05,"d":"R$ 388.05"}}]
[{"$nulls":15},"20","Casa 20",{"v":13,"d":"13.00"},{"$f":"ROUND(K2610,2)*R2629","v":{"v":388.05,"d":"R$ 388.05"}}]
[{"$nulls":15},"21","Casa 21",{"v":13,"d":"13.00"},{"$f":"ROUND(K2610,2)*R2630","v":{"v":388.05,"d":"R$ 388.05"}}]
[{"$nulls":15},"22","Casa 22",{"v":13,"d":"13.00"},{"$f":"ROUND(K2610,2)*R2631","v":{"v":388.05,"d":"R$ 388.05"}}]
[{"$nulls":15},"23","Casa 23",{"v":13,"d":"13.00"},{"$f":"ROUND(K2610,2)*R2632","v":{"v":388.05,"d":"R$ 388.05"}}]
[{"$nulls":15},"24","Casa 24",{"v":13,"d":"13.00"},{"$f":"ROUND(K2610,2)*R2633","v":{"v":388.05,"d":"R$ 388.05"}}]
[{"$nulls":15},"25","Casa 25",{"v":13,"d":"13.00"},{"$f":"ROUND(K2610,2)*R2634","v":{"v":388.05,"d":"R$ 388.05"}}]
["Serviço","22.12","SINAPI","91939","CAIXA RETANGULAR 4\" X 2\" ALTA (2,00 M DO PISO), PVC, INSTALADA EM PAREDE - FORNECIMENTO E INSTALAÇÃO. AF_03/2023",{"$f":"R2635+R2636+R2637+R2638+R2639+R2640+R2641+R2642+R2643+R2644+R2645+R2646+R2647+R2648+R2649+R2650+R2651+R2652+R2653+R2654+R2655+R2656+R2657+R2658+R2659","v":{"v":50,"d":"50.00"}},"UN",{"v":42.36,"d":"R$ 42.36"},{"v":42.36,"d":"R$ 42.36"},{"v":0.25,"d":"25.00%"},{"$f":"ROUND(I2635,2)+(ROUND(I2635,2)*J2635)","v":{"v":52.95,"d":"R$ 52.95"}},{"$f":"ROUND(S2635,2)+ROUND(S2636,2)+ROUND(S2637,2)+ROUND(S2638,2)+ROUND(S2639,2)+ROUND(S2640,2)+ROUND(S2641,2)+ROUND(S2642,2)+ROUND(S2643,2)+ROUND(S2644,2)+ROUND(S2645,2)+ROUND(S2646,2)+ROUND(S2647,2)+ROUND(S2648,2)+ROUND(S2649,2)+ROUND(S2650,2)+ROUND(S2651,2)+ROUND(S2652,2)+ROUND(S2653,2)+ROUND(S2654,2)+ROUND(S2655,2)+ROUND(S2656,2)+ROUND(S2657,2)+ROUND(S2658,2)+ROUND(S2659,2)","v":{"v":2647.5000000000014,"d":"R$ 2,647.50"}},"","22","ILUMINAÇÃO, TOMADAS E INTERRUPTORES","1","Casa 1",{"v":2,"d":"2.00"},{"$f":"ROUND(K2635,2)*R2635","v":{"v":105.9,"d":"R$ 105.90"}}]
[{"$nulls":15},"2","Casa 2",{"v":2,"d":"2.00"},{"$f":"ROUND(K2635,2)*R2636","v":{"v":105.9,"d":"R$ 105.90"}}]
[{"$nulls":15},"3","Casa 3",{"v":2,"d":"2.00"},{"$f":"ROUND(K2635,2)*R2637","v":{"v":105.9,"d":"R$ 105.90"}}]
[{"$nulls":15},"4","Casa 4",{"v":2,"d":"2.00"},{"$f":"ROUND(K2635,2)*R2638","v":{"v":105.9,"d":"R$ 105.90"}}]
[{"$nulls":15},"5","Casa 5",{"v":2,"d":"2.00"},{"$f":"ROUND(K2635,2)*R2639","v":{"v":105.9,"d":"R$ 105.90"}}]
[{"$nulls":15},"6","Casa 6",{"v":2,"d":"2.00"},{"$f":"ROUND(K2635,2)*R2640","v":{"v":105.9,"d":"R$ 105.90"}}]
[{"$nulls":15},"7","Casa 7",{"v":2,"d":"2.00"},{"$f":"ROUND(K2635,2)*R2641","v":{"v":105.9,"d":"R$ 105.90"}}]
[{"$nulls":15},"8","Casa 8",{"v":2,"d":"2.00"},{"$f":"ROUND(K2635,2)*R2642","v":{"v":105.9,"d":"R$ 105.90"}}]
[{"$nulls":15},"9","Casa 9",{"v":2,"d":"2.00"},{"$f":"ROUND(K2635,2)*R2643","v":{"v":105.9,"d":"R$ 105.90"}}]
[{"$nulls":15},"10","Casa 10",{"v":2,"d":"2.00"},{"$f":"ROUND(K2635,2)*R2644","v":{"v":105.9,"d":"R$ 105.90"}}]
[{"$nulls":15},"11","Casa 11",{"v":2,"d":"2.00"},{"$f":"ROUND(K2635,2)*R2645","v":{"v":105.9,"d":"R$ 105.90"}}]
[{"$nulls":15},"12","Casa 12",{"v":2,"d":"2.00"},{"$f":"ROUND(K2635,2)*R2646","v":{"v":105.9,"d":"R$ 105.90"}}]
[{"$nulls":15},"13","Casa 13",{"v":2,"d":"2.00"},{"$f":"ROUND(K2635,2)*R2647","v":{"v":105.9,"d":"R$ 105.90"}}]
[{"$nulls":15},"14","Casa 14",{"v":2,"d":"2.00"},{"$f":"ROUND(K2635,2)*R2648","v":{"v":105.9,"d":"R$ 105.90"}}]
[{"$nulls":15},"15","Casa 15",{"v":2,"d":"2.00"},{"$f":"ROUND(K2635,2)*R2649","v":{"v":105.9,"d":"R$ 105.90"}}]
[{"$nulls":15},"16","Casa 16",{"v":2,"d":"2.00"},{"$f":"ROUND(K2635,2)*R2650","v":{"v":105.9,"d":"R$ 105.90"}}]
[{"$nulls":15},"17","Casa 17",{"v":2,"d":"2.00"},{"$f":"ROUND(K2635,2)*R2651","v":{"v":105.9,"d":"R$ 105.90"}}]
[{"$nulls":15},"18","Casa 18",{"v":2,"d":"2.00"},{"$f":"ROUND(K2635,2)*R2652","v":{"v":105.9,"d":"R$ 105.90"}}]
[{"$nulls":15},"19","Casa 19",{"v":2,"d":"2.00"},{"$f":"ROUND(K2635,2)*R2653","v":{"v":105.9,"d":"R$ 105.90"}}]
[{"$nulls":15},"20","Casa 20",{"v":2,"d":"2.00"},{"$f":"ROUND(K2635,2)*R2654","v":{"v":105.9,"d":"R$ 105.90"}}]
[{"$nulls":15},"21","Casa 21",{"v":2,"d":"2.00"},{"$f":"ROUND(K2635,2)*R2655","v":{"v":105.9,"d":"R$ 105.90"}}]
[{"$nulls":15},"22","Casa 22",{"v":2,"d":"2.00"},{"$f":"ROUND(K2635,2)*R2656","v":{"v":105.9,"d":"R$ 105.90"}}]
[{"$nulls":15},"23","Casa 23",{"v":2,"d":"2.00"},{"$f":"ROUND(K2635,2)*R2657","v":{"v":105.9,"d":"R$ 105.90"}}]
[{"$nulls":15},"24","Casa 24",{"v":2,"d":"2.00"},{"$f":"ROUND(K2635,2)*R2658","v":{"v":105.9,"d":"R$ 105.90"}}]
[{"$nulls":15},"25","Casa 25",{"v":2,"d":"2.00"},{"$f":"ROUND(K2635,2)*R2659","v":{"v":105.9,"d":"R$ 105.90"}}]
["Serviço","22.13","SINAPI","91937","CAIXA OCTOGONAL 3\" X 3\", PVC, INSTALADA EM LAJE - FORNECIMENTO E INSTALAÇÃO. AF_03/2023",{"$f":"R2660+R2661+R2662+R2663+R2664+R2665+R2666+R2667+R2668+R2669+R2670+R2671+R2672+R2673+R2674+R2675+R2676+R2677+R2678+R2679+R2680+R2681+R2682+R2683+R2684","v":{"v":175,"d":"175.00"}},"UN",{"v":20.41,"d":"R$ 20.41"},{"v":20.41,"d":"R$ 20.41"},{"v":0.25,"d":"25.00%"},{"$f":"ROUND(I2660,2)+(ROUND(I2660,2)*J2660)","v":{"v":25.5125,"d":"R$ 25.51"}},{"$f":"ROUND(S2660,2)+ROUND(S2661,2)+ROUND(S2662,2)+ROUND(S2663,2)+ROUND(S2664,2)+ROUND(S2665,2)+ROUND(S2666,2)+ROUND(S2667,2)+ROUND(S2668,2)+ROUND(S2669,2)+ROUND(S2670,2)+ROUND(S2671,2)+ROUND(S2672,2)+ROUND(S2673,2)+ROUND(S2674,2)+ROUND(S2675,2)+ROUND(S2676,2)+ROUND(S2677,2)+ROUND(S2678,2)+ROUND(S2679,2)+ROUND(S2680,2)+ROUND(S2681,2)+ROUND(S2682,2)+ROUND(S2683,2)+ROUND(S2684,2)","v":{"v":4464.250000000001,"d":"R$ 4,464.25"}},"","22","ILUMINAÇÃO, TOMADAS E INTERRUPTORES","1","Casa 1",{"v":7,"d":"7.00"},{"$f":"ROUND(K2660,2)*R2660","v":{"v":178.57000000000002,"d":"R$ 178.57"}}]
[{"$nulls":15},"2","Casa 2",{"v":7,"d":"7.00"},{"$f":"ROUND(K2660,2)*R2661","v":{"v":178.57000000000002,"d":"R$ 178.57"}}]
[{"$nulls":15},"3","Casa 3",{"v":7,"d":"7.00"},{"$f":"ROUND(K2660,2)*R2662","v":{"v":178.57000000000002,"d":"R$ 178.57"}}]
[{"$nulls":15},"4","Casa 4",{"v":7,"d":"7.00"},{"$f":"ROUND(K2660,2)*R2663","v":{"v":178.57000000000002,"d":"R$ 178.57"}}]
[{"$nulls":15},"5","Casa 5",{"v":7,"d":"7.00"},{"$f":"ROUND(K2660,2)*R2664","v":{"v":178.57000000000002,"d":"R$ 178.57"}}]
[{"$nulls":15},"6","Casa 6",{"v":7,"d":"7.00"},{"$f":"ROUND(K2660,2)*R2665","v":{"v":178.57000000000002,"d":"R$ 178.57"}}]
[{"$nulls":15},"7","Casa 7",{"v":7,"d":"7.00"},{"$f":"ROUND(K2660,2)*R2666","v":{"v":178.57000000000002,"d":"R$ 178.57"}}]
[{"$nulls":15},"8","Casa 8",{"v":7,"d":"7.00"},{"$f":"ROUND(K2660,2)*R2667","v":{"v":178.57000000000002,"d":"R$ 178.57"}}]
[{"$nulls":15},"9","Casa 9",{"v":7,"d":"7.00"},{"$f":"ROUND(K2660,2)*R2668","v":{"v":178.57000000000002,"d":"R$ 178.57"}}]
[{"$nulls":15},"10","Casa 10",{"v":7,"d":"7.00"},{"$f":"ROUND(K2660,2)*R2669","v":{"v":178.57000000000002,"d":"R$ 178.57"}}]
[{"$nulls":15},"11","Casa 11",{"v":7,"d":"7.00"},{"$f":"ROUND(K2660,2)*R2670","v":{"v":178.57000000000002,"d":"R$ 178.57"}}]
[{"$nulls":15},"12","Casa 12",{"v":7,"d":"7.00"},{"$f":"ROUND(K2660,2)*R2671","v":{"v":178.57000000000002,"d":"R$ 178.57"}}]
[{"$nulls":15},"13","Casa 13",{"v":7,"d":"7.00"},{"$f":"ROUND(K2660,2)*R2672","v":{"v":178.57000000000002,"d":"R$ 178.57"}}]
[{"$nulls":15},"14","Casa 14",{"v":7,"d":"7.00"},{"$f":"ROUND(K2660,2)*R2673","v":{"v":178.57000000000002,"d":"R$ 178.57"}}]
[{"$nulls":15},"15","Casa 15",{"v":7,"d":"7.00"},{"$f":"ROUND(K2660,2)*R2674","v":{"v":178.57000000000002,"d":"R$ 178.57"}}]
[{"$nulls":15},"16","Casa 16",{"v":7,"d":"7.00"},{"$f":"ROUND(K2660,2)*R2675","v":{"v":178.57000000000002,"d":"R$ 178.57"}}]
[{"$nulls":15},"17","Casa 17",{"v":7,"d":"7.00"},{"$f":"ROUND(K2660,2)*R2676","v":{"v":178.57000000000002,"d":"R$ 178.57"}}]
[{"$nulls":15},"18","Casa 18",{"v":7,"d":"7.00"},{"$f":"ROUND(K2660,2)*R2677","v":{"v":178.57000000000002,"d":"R$ 178.57"}}]
[{"$nulls":15},"19","Casa 19",{"v":7,"d":"7.00"},{"$f":"ROUND(K2660,2)*R2678","v":{"v":178.57000000000002,"d":"R$ 178.57"}}]
[{"$nulls":15},"20","Casa 20",{"v":7,"d":"7.00"},{"$f":"ROUND(K2660,2)*R2679","v":{"v":178.57000000000002,"d":"R$ 178.57"}}]
[{"$nulls":15},"21","Casa 21",{"v":7,"d":"7.00"},{"$f":"ROUND(K2660,2)*R2680","v":{"v":178.57000000000002,"d":"R$ 178.57"}}]
[{"$nulls":15},"22","Casa 22",{"v":7,"d":"7.00"},{"$f":"ROUND(K2660,2)*R2681","v":{"v":178.57000000000002,"d":"R$ 178.57"}}]
[{"$nulls":15},"23","Casa 23",{"v":7,"d":"7.00"},{"$f":"ROUND(K2660,2)*R2682","v":{"v":178.57000000000002,"d":"R$ 178.57"}}]
[{"$nulls":15},"24","Casa 24",{"v":7,"d":"7.00"},{"$f":"ROUND(K2660,2)*R2683","v":{"v":178.57000000000002,"d":"R$ 178.57"}}]
[{"$nulls":15},"25","Casa 25",{"v":7,"d":"7.00"},{"$f":"ROUND(K2660,2)*R2684","v":{"v":178.57000000000002,"d":"R$ 178.57"}}]
["Macrosserviço","23","","","FIOS E CABOS","","","","","","",{"$f":"ROUND(L2686,2)+ROUND(L2711,2)+ROUND(L2736,2)+ROUND(L2761,2)+ROUND(L2786,2)+ROUND(L2811,2)+ROUND(L2836,2)+ROUND(L2861,2)+ROUND(L2886,2)","v":{"v":171854,"d":"R$ 171,854.00"}},"","","","","","",""]
["Serviço","23.1","SINAPI","91924","CABO DE COBRE FLEXÍVEL ISOLADO, 1,5 MM², ANTI-CHAMA 450/750 V, PARA CIRCUITOS TERMINAIS - FORNECIMENTO E INSTALAÇÃO. AF_03/2023",{"$f":"R2686+R2687+R2688+R2689+R2690+R2691+R2692+R2693+R2694+R2695+R2696+R2697+R2698+R2699+R2700+R2701+R2702+R2703+R2704+R2705+R2706+R2707+R2708+R2709+R2710","v":{"v":2430.999999999999,"d":"2,431.00"}},"M",{"v":3.58,"d":"R$ 3.58"},{"v":3.58,"d":"R$ 3.58"},{"v":0.25,"d":"25.00%"},{"$f":"ROUND(I2686,2)+(ROUND(I2686,2)*J2686)","v":{"v":4.475,"d":"R$ 4.48"}},{"$f":"ROUND(S2686,2)+ROUND(S2687,2)+ROUND(S2688,2)+ROUND(S2689,2)+ROUND(S2690,2)+ROUND(S2691,2)+ROUND(S2692,2)+ROUND(S2693,2)+ROUND(S2694,2)+ROUND(S2695,2)+ROUND(S2696,2)+ROUND(S2697,2)+ROUND(S2698,2)+ROUND(S2699,2)+ROUND(S2700,2)+ROUND(S2701,2)+ROUND(S2702,2)+ROUND(S2703,2)+ROUND(S2704,2)+ROUND(S2705,2)+ROUND(S2706,2)+ROUND(S2707,2)+ROUND(S2708,2)+ROUND(S2709,2)+ROUND(S2710,2)","v":{"v":10890.999999999998,"d":"R$ 10,891.00"}},"","23","FIOS E CABOS","1","Casa 1",97.24,{"$f":"ROUND(K2686,2)*R2686","v":{"v":435.6352,"d":"R$ 435.64"}}]
[{"$nulls":15},"2","Casa 2",97.24,{"$f":"ROUND(K2686,2)*R2687","v":{"v":435.6352,"d":"R$ 435.64"}}]
[{"$nulls":15},"3","Casa 3",97.24,{"$f":"ROUND(K2686,2)*R2688","v":{"v":435.6352,"d":"R$ 435.64"}}]
[{"$nulls":15},"4","Casa 4",97.24,{"$f":"ROUND(K2686,2)*R2689","v":{"v":435.6352,"d":"R$ 435.64"}}]
[{"$nulls":15},"5","Casa 5",97.24,{"$f":"ROUND(K2686,2)*R2690","v":{"v":435.6352,"d":"R$ 435.64"}}]
[{"$nulls":15},"6","Casa 6",97.24,{"$f":"ROUND(K2686,2)*R2691","v":{"v":435.6352,"d":"R$ 435.64"}}]
[{"$nulls":15},"7","Casa 7",97.24,{"$f":"ROUND(K2686,2)*R2692","v":{"v":435.6352,"d":"R$ 435.64"}}]
[{"$nulls":15},"8","Casa 8",97.24,{"$f":"ROUND(K2686,2)*R2693","v":{"v":435.6352,"d":"R$ 435.64"}}]
[{"$nulls":15},"9","Casa 9",97.24,{"$f":"ROUND(K2686,2)*R2694","v":{"v":435.6352,"d":"R$ 435.64"}}]
[{"$nulls":15},"10","Casa 10",97.24,{"$f":"ROUND(K2686,2)*R2695","v":{"v":435.6352,"d":"R$ 435.64"}}]
[{"$nulls":15},"11","Casa 11",97.24,{"$f":"ROUND(K2686,2)*R2696","v":{"v":435.6352,"d":"R$ 435.64"}}]
[{"$nulls":15},"12","Casa 12",97.24,{"$f":"ROUND(K2686,2)*R2697","v":{"v":435.6352,"d":"R$ 435.64"}}]
[{"$nulls":15},"13","Casa 13",97.24,{"$f":"ROUND(K2686,2)*R2698","v":{"v":435.6352,"d":"R$ 435.64"}}]
[{"$nulls":15},"14","Casa 14",97.24,{"$f":"ROUND(K2686,2)*R2699","v":{"v":435.6352,"d":"R$ 435.64"}}]
[{"$nulls":15},"15","Casa 15",97.24,{"$f":"ROUND(K2686,2)*R2700","v":{"v":435.6352,"d":"R$ 435.64"}}]
[{"$nulls":15},"16","Casa 16",97.24,{"$f":"ROUND(K2686,2)*R2701","v":{"v":435.6352,"d":"R$ 435.64"}}]
[{"$nulls":15},"17","Casa 17",97.24,{"$f":"ROUND(K2686,2)*R2702","v":{"v":435.6352,"d":"R$ 435.64"}}]
[{"$nulls":15},"18","Casa 18",97.24,{"$f":"ROUND(K2686,2)*R2703","v":{"v":435.6352,"d":"R$ 435.64"}}]
[{"$nulls":15},"19","Casa 19",97.24,{"$f":"ROUND(K2686,2)*R2704","v":{"v":435.6352,"d":"R$ 435.64"}}]
[{"$nulls":15},"20","Casa 20",97.24,{"$f":"ROUND(K2686,2)*R2705","v":{"v":435.6352,"d":"R$ 435.64"}}]
[{"$nulls":15},"21","Casa 21",97.24,{"$f":"ROUND(K2686,2)*R2706","v":{"v":435.6352,"d":"R$ 435.64"}}]
[{"$nulls":15},"22","Casa 22",97.24,{"$f":"ROUND(K2686,2)*R2707","v":{"v":435.6352,"d":"R$ 435.64"}}]
[{"$nulls":15},"23","Casa 23",97.24,{"$f":"ROUND(K2686,2)*R2708","v":{"v":435.6352,"d":"R$ 435.64"}}]
[{"$nulls":15},"24","Casa 24",97.24,{"$f":"ROUND(K2686,2)*R2709","v":{"v":435.6352,"d":"R$ 435.64"}}]
[{"$nulls":15},"25","Casa 25",97.24,{"$f":"ROUND(K2686,2)*R2710","v":{"v":435.6352,"d":"R$ 435.64"}}]
["Serviço","23.2","SINAPI","91926","CABO DE COBRE FLEXÍVEL ISOLADO, 2,5 MM², ANTI-CHAMA 450/750 V, PARA CIRCUITOS TERMINAIS - FORNECIMENTO E INSTALAÇÃO. AF_03/2023",{"$f":"R2711+R2712+R2713+R2714+R2715+R2716+R2717+R2718+R2719+R2720+R2721+R2722+R2723+R2724+R2725+R2726+R2727+R2728+R2729+R2730+R2731+R2732+R2733+R2734+R2735","v":{"v":4386.249999999998,"d":"4,386.25"}},"M",{"v":5.13,"d":"R$ 5.13"},{"v":5.13,"d":"R$ 5.13"},{"v":0.25,"d":"25.00%"},{"$f":"ROUND(I2711,2)+(ROUND(I2711,2)*J2711)","v":{"v":6.4125,"d":"R$ 6.41"}},{"$f":"ROUND(S2711,2)+ROUND(S2712,2)+ROUND(S2713,2)+ROUND(S2714,2)+ROUND(S2715,2)+ROUND(S2716,2)+ROUND(S2717,2)+ROUND(S2718,2)+ROUND(S2719,2)+ROUND(S2720,2)+ROUND(S2721,2)+ROUND(S2722,2)+ROUND(S2723,2)+ROUND(S2724,2)+ROUND(S2725,2)+ROUND(S2726,2)+ROUND(S2727,2)+ROUND(S2728,2)+ROUND(S2729,2)+ROUND(S2730,2)+ROUND(S2731,2)+ROUND(S2732,2)+ROUND(S2733,2)+ROUND(S2734,2)+ROUND(S2735,2)","v":{"v":28115.75000000002,"d":"R$ 28,115.75"}},"","23","FIOS E CABOS","1","Casa 1",175.45,{"$f":"ROUND(K2711,2)*R2711","v":{"v":1124.6345,"d":"R$ 1,124.63"}}]
[{"$nulls":15},"2","Casa 2",175.45,{"$f":"ROUND(K2711,2)*R2712","v":{"v":1124.6345,"d":"R$ 1,124.63"}}]
[{"$nulls":15},"3","Casa 3",175.45,{"$f":"ROUND(K2711,2)*R2713","v":{"v":1124.6345,"d":"R$ 1,124.63"}}]
[{"$nulls":15},"4","Casa 4",175.45,{"$f":"ROUND(K2711,2)*R2714","v":{"v":1124.6345,"d":"R$ 1,124.63"}}]
[{"$nulls":15},"5","Casa 5",175.45,{"$f":"ROUND(K2711,2)*R2715","v":{"v":1124.6345,"d":"R$ 1,124.63"}}]
[{"$nulls":15},"6","Casa 6",175.45,{"$f":"ROUND(K2711,2)*R2716","v":{"v":1124.6345,"d":"R$ 1,124.63"}}]
[{"$nulls":15},"7","Casa 7",175.45,{"$f":"ROUND(K2711,2)*R2717","v":{"v":1124.6345,"d":"R$ 1,124.63"}}]
[{"$nulls":15},"8","Casa 8",175.45,{"$f":"ROUND(K2711,2)*R2718","v":{"v":1124.6345,"d":"R$ 1,124.63"}}]
[{"$nulls":15},"9","Casa 9",175.45,{"$f":"ROUND(K2711,2)*R2719","v":{"v":1124.6345,"d":"R$ 1,124.63"}}]
[{"$nulls":15},"10","Casa 10",175.45,{"$f":"ROUND(K2711,2)*R2720","v":{"v":1124.6345,"d":"R$ 1,124.63"}}]
[{"$nulls":15},"11","Casa 11",175.45,{"$f":"ROUND(K2711,2)*R2721","v":{"v":1124.6345,"d":"R$ 1,124.63"}}]
[{"$nulls":15},"12","Casa 12",175.45,{"$f":"ROUND(K2711,2)*R2722","v":{"v":1124.6345,"d":"R$ 1,124.63"}}]
[{"$nulls":15},"13","Casa 13",175.45,{"$f":"ROUND(K2711,2)*R2723","v":{"v":1124.6345,"d":"R$ 1,124.63"}}]
[{"$nulls":15},"14","Casa 14",175.45,{"$f":"ROUND(K2711,2)*R2724","v":{"v":1124.6345,"d":"R$ 1,124.63"}}]
[{"$nulls":15},"15","Casa 15",175.45,{"$f":"ROUND(K2711,2)*R2725","v":{"v":1124.6345,"d":"R$ 1,124.63"}}]
[{"$nulls":15},"16","Casa 16",175.45,{"$f":"ROUND(K2711,2)*R2726","v":{"v":1124.6345,"d":"R$ 1,124.63"}}]
[{"$nulls":15},"17","Casa 17",175.45,{"$f":"ROUND(K2711,2)*R2727","v":{"v":1124.6345,"d":"R$ 1,124.63"}}]
[{"$nulls":15},"18","Casa 18",175.45,{"$f":"ROUND(K2711,2)*R2728","v":{"v":1124.6345,"d":"R$ 1,124.63"}}]
[{"$nulls":15},"19","Casa 19",175.45,{"$f":"ROUND(K2711,2)*R2729","v":{"v":1124.6345,"d":"R$ 1,124.63"}}]
[{"$nulls":15},"20","Casa 20",175.45,{"$f":"ROUND(K2711,2)*R2730","v":{"v":1124.6345,"d":"R$ 1,124.63"}}]
[{"$nulls":15},"21","Casa 21",175.45,{"$f":"ROUND(K2711,2)*R2731","v":{"v":1124.6345,"d":"R$ 1,124.63"}}]
[{"$nulls":15},"22","Casa 22",175.45,{"$f":"ROUND(K2711,2)*R2732","v":{"v":1124.6345,"d":"R$ 1,124.63"}}]
[{"$nulls":15},"23","Casa 23",175.45,{"$f":"ROUND(K2711,2)*R2733","v":{"v":1124.6345,"d":"R$ 1,124.63"}}]
[{"$nulls":15},"24","Casa 24",175.45,{"$f":"ROUND(K2711,2)*R2734","v":{"v":1124.6345,"d":"R$ 1,124.63"}}]
[{"$nulls":15},"25","Casa 25",175.45,{"$f":"ROUND(K2711,2)*R2735","v":{"v":1124.6345,"d":"R$ 1,124.63"}}]
["Serviço","23.3","SINAPI","91928","CABO DE COBRE FLEXÍVEL ISOLADO, 4 MM², ANTI-CHAMA 450/750 V, PARA CIRCUITOS TERMINAIS - FORNECIMENTO E INSTALAÇÃO. AF_03/2023",{"$f":"R2736+R2737+R2738+R2739+R2740+R2741+R2742+R2743+R2744+R2745+R2746+R2747+R2748+R2749+R2750+R2751+R2752+R2753+R2754+R2755+R2756+R2757+R2758+R2759+R2760","v":{"v":2153.2500000000014,"d":"2,153.25"}},"M",{"v":7.83,"d":"R$ 7.83"},{"v":7.83,"d":"R$ 7.83"},{"v":0.25,"d":"25.00%"},{"$f":"ROUND(I2736,2)+(ROUND(I2736,2)*J2736)","v":{"v":9.7875,"d":"R$ 9.79"}},{"$f":"ROUND(S2736,2)+ROUND(S2737,2)+ROUND(S2738,2)+ROUND(S2739,2)+ROUND(S2740,2)+ROUND(S2741,2)+ROUND(S2742,2)+ROUND(S2743,2)+ROUND(S2744,2)+ROUND(S2745,2)+ROUND(S2746,2)+ROUND(S2747,2)+ROUND(S2748,2)+ROUND(S2749,2)+ROUND(S2750,2)+ROUND(S2751,2)+ROUND(S2752,2)+ROUND(S2753,2)+ROUND(S2754,2)+ROUND(S2755,2)+ROUND(S2756,2)+ROUND(S2757,2)+ROUND(S2758,2)+ROUND(S2759,2)+ROUND(S2760,2)","v":{"v":21080.24999999999,"d":"R$ 21,080.25"}},"","23","FIOS E CABOS","1","Casa 1",86.13,{"$f":"ROUND(K2736,2)*R2736","v":{"v":843.2126999999999,"d":"R$ 843.21"}}]
[{"$nulls":15},"2","Casa 2",86.13,{"$f":"ROUND(K2736,2)*R2737","v":{"v":843.2126999999999,"d":"R$ 843.21"}}]
[{"$nulls":15},"3","Casa 3",86.13,{"$f":"ROUND(K2736,2)*R2738","v":{"v":843.2126999999999,"d":"R$ 843.21"}}]
[{"$nulls":15},"4","Casa 4",86.13,{"$f":"ROUND(K2736,2)*R2739","v":{"v":843.2126999999999,"d":"R$ 843.21"}}]
[{"$nulls":15},"5","Casa 5",86.13,{"$f":"ROUND(K2736,2)*R2740","v":{"v":843.2126999999999,"d":"R$ 843.21"}}]
[{"$nulls":15},"6","Casa 6",86.13,{"$f":"ROUND(K2736,2)*R2741","v":{"v":843.2126999999999,"d":"R$ 843.21"}}]
[{"$nulls":15},"7","Casa 7",86.13,{"$f":"ROUND(K2736,2)*R2742","v":{"v":843.2126999999999,"d":"R$ 843.21"}}]
[{"$nulls":15},"8","Casa 8",86.13,{"$f":"ROUND(K2736,2)*R2743","v":{"v":843.2126999999999,"d":"R$ 843.21"}}]
[{"$nulls":15},"9","Casa 9",86.13,{"$f":"ROUND(K2736,2)*R2744","v":{"v":843.2126999999999,"d":"R$ 843.21"}}]
[{"$nulls":15},"10","Casa 10",86.13,{"$f":"ROUND(K2736,2)*R2745","v":{"v":843.2126999999999,"d":"R$ 843.21"}}]
[{"$nulls":15},"11","Casa 11",86.13,{"$f":"ROUND(K2736,2)*R2746","v":{"v":843.2126999999999,"d":"R$ 843.21"}}]
[{"$nulls":15},"12","Casa 12",86.13,{"$f":"ROUND(K2736,2)*R2747","v":{"v":843.2126999999999,"d":"R$ 843.21"}}]
[{"$nulls":15},"13","Casa 13",86.13,{"$f":"ROUND(K2736,2)*R2748","v":{"v":843.2126999999999,"d":"R$ 843.21"}}]
[{"$nulls":15},"14","Casa 14",86.13,{"$f":"ROUND(K2736,2)*R2749","v":{"v":843.2126999999999,"d":"R$ 843.21"}}]
[{"$nulls":15},"15","Casa 15",86.13,{"$f":"ROUND(K2736,2)*R2750","v":{"v":843.2126999999999,"d":"R$ 843.21"}}]
[{"$nulls":15},"16","Casa 16",86.13,{"$f":"ROUND(K2736,2)*R2751","v":{"v":843.2126999999999,"d":"R$ 843.21"}}]
[{"$nulls":15},"17","Casa 17",86.13,{"$f":"ROUND(K2736,2)*R2752","v":{"v":843.2126999999999,"d":"R$ 843.21"}}]
[{"$nulls":15},"18","Casa 18",86.13,{"$f":"ROUND(K2736,2)*R2753","v":{"v":843.2126999999999,"d":"R$ 843.21"}}]
[{"$nulls":15},"19","Casa 19",86.13,{"$f":"ROUND(K2736,2)*R2754","v":{"v":843.2126999999999,"d":"R$ 843.21"}}]
[{"$nulls":15},"20","Casa 20",86.13,{"$f":"ROUND(K2736,2)*R2755","v":{"v":843.2126999999999,"d":"R$ 843.21"}}]
[{"$nulls":15},"21","Casa 21",86.13,{"$f":"ROUND(K2736,2)*R2756","v":{"v":843.2126999999999,"d":"R$ 843.21"}}]
[{"$nulls":15},"22","Casa 22",86.13,{"$f":"ROUND(K2736,2)*R2757","v":{"v":843.2126999999999,"d":"R$ 843.21"}}]
[{"$nulls":15},"23","Casa 23",86.13,{"$f":"ROUND(K2736,2)*R2758","v":{"v":843.2126999999999,"d":"R$ 843.21"}}]
[{"$nulls":15},"24","Casa 24",86.13,{"$f":"ROUND(K2736,2)*R2759","v":{"v":843.2126999999999,"d":"R$ 843.21"}}]
[{"$nulls":15},"25","Casa 25",86.13,{"$f":"ROUND(K2736,2)*R2760","v":{"v":843.2126999999999,"d":"R$ 843.21"}}]
["Serviço","23.4","SINAPI","101884","CABO DE COBRE ISOLADO, 10 MM², ANTI-CHAMA 450/750 V, INSTALADO EM ELETROCALHA OU PERFILADO - FORNECIMENTO E INSTALAÇÃO. AF_07/2025",{"$f":"R2761+R2762+R2763+R2764+R2765+R2766+R2767+R2768+R2769+R2770+R2771+R2772+R2773+R2774+R2775+R2776+R2777+R2778+R2779+R2780+R2781+R2782+R2783+R2784+R2785","v":{"v":610.5,"d":"610.50"}},"M",{"v":11.68,"d":"R$ 11.68"},{"v":11.68,"d":"R$ 11.68"},{"v":0.25,"d":"25.00%"},{"$f":"ROUND(I2761,2)+(ROUND(I2761,2)*J2761)","v":{"v":14.6,"d":"R$ 14.60"}},{"$f":"ROUND(S2761,2)+ROUND(S2762,2)+ROUND(S2763,2)+ROUND(S2764,2)+ROUND(S2765,2)+ROUND(S2766,2)+ROUND(S2767,2)+ROUND(S2768,2)+ROUND(S2769,2)+ROUND(S2770,2)+ROUND(S2771,2)+ROUND(S2772,2)+ROUND(S2773,2)+ROUND(S2774,2)+ROUND(S2775,2)+ROUND(S2776,2)+ROUND(S2777,2)+ROUND(S2778,2)+ROUND(S2779,2)+ROUND(S2780,2)+ROUND(S2781,2)+ROUND(S2782,2)+ROUND(S2783,2)+ROUND(S2784,2)+ROUND(S2785,2)","v":{"v":8913.249999999998,"d":"R$ 8,913.25"}},"","23","FIOS E CABOS","1","Casa 1",24.42,{"$f":"ROUND(K2761,2)*R2761","v":{"v":356.53200000000004,"d":"R$ 356.53"}}]
[{"$nulls":15},"2","Casa 2",24.42,{"$f":"ROUND(K2761,2)*R2762","v":{"v":356.53200000000004,"d":"R$ 356.53"}}]
[{"$nulls":15},"3","Casa 3",24.42,{"$f":"ROUND(K2761,2)*R2763","v":{"v":356.53200000000004,"d":"R$ 356.53"}}]
[{"$nulls":15},"4","Casa 4",24.42,{"$f":"ROUND(K2761,2)*R2764","v":{"v":356.53200000000004,"d":"R$ 356.53"}}]
[{"$nulls":15},"5","Casa 5",24.42,{"$f":"ROUND(K2761,2)*R2765","v":{"v":356.53200000000004,"d":"R$ 356.53"}}]
[{"$nulls":15},"6","Casa 6",24.42,{"$f":"ROUND(K2761,2)*R2766","v":{"v":356.53200000000004,"d":"R$ 356.53"}}]
[{"$nulls":15},"7","Casa 7",24.42,{"$f":"ROUND(K2761,2)*R2767","v":{"v":356.53200000000004,"d":"R$ 356.53"}}]
[{"$nulls":15},"8","Casa 8",24.42,{"$f":"ROUND(K2761,2)*R2768","v":{"v":356.53200000000004,"d":"R$ 356.53"}}]
[{"$nulls":15},"9","Casa 9",24.42,{"$f":"ROUND(K2761,2)*R2769","v":{"v":356.53200000000004,"d":"R$ 356.53"}}]
[{"$nulls":15},"10","Casa 10",24.42,{"$f":"ROUND(K2761,2)*R2770","v":{"v":356.53200000000004,"d":"R$ 356.53"}}]
[{"$nulls":15},"11","Casa 11",24.42,{"$f":"ROUND(K2761,2)*R2771","v":{"v":356.53200000000004,"d":"R$ 356.53"}}]
[{"$nulls":15},"12","Casa 12",24.42,{"$f":"ROUND(K2761,2)*R2772","v":{"v":356.53200000000004,"d":"R$ 356.53"}}]
[{"$nulls":15},"13","Casa 13",24.42,{"$f":"ROUND(K2761,2)*R2773","v":{"v":356.53200000000004,"d":"R$ 356.53"}}]
[{"$nulls":15},"14","Casa 14",24.42,{"$f":"ROUND(K2761,2)*R2774","v":{"v":356.53200000000004,"d":"R$ 356.53"}}]
[{"$nulls":15},"15","Casa 15",24.42,{"$f":"ROUND(K2761,2)*R2775","v":{"v":356.53200000000004,"d":"R$ 356.53"}}]
[{"$nulls":15},"16","Casa 16",24.42,{"$f":"ROUND(K2761,2)*R2776","v":{"v":356.53200000000004,"d":"R$ 356.53"}}]
[{"$nulls":15},"17","Casa 17",24.42,{"$f":"ROUND(K2761,2)*R2777","v":{"v":356.53200000000004,"d":"R$ 356.53"}}]
[{"$nulls":15},"18","Casa 18",24.42,{"$f":"ROUND(K2761,2)*R2778","v":{"v":356.53200000000004,"d":"R$ 356.53"}}]
[{"$nulls":15},"19","Casa 19",24.42,{"$f":"ROUND(K2761,2)*R2779","v":{"v":356.53200000000004,"d":"R$ 356.53"}}]
[{"$nulls":15},"20","Casa 20",24.42,{"$f":"ROUND(K2761,2)*R2780","v":{"v":356.53200000000004,"d":"R$ 356.53"}}]
[{"$nulls":15},"21","Casa 21",24.42,{"$f":"ROUND(K2761,2)*R2781","v":{"v":356.53200000000004,"d":"R$ 356.53"}}]
[{"$nulls":15},"22","Casa 22",24.42,{"$f":"ROUND(K2761,2)*R2782","v":{"v":356.53200000000004,"d":"R$ 356.53"}}]
[{"$nulls":15},"23","Casa 23",24.42,{"$f":"ROUND(K2761,2)*R2783","v":{"v":356.53200000000004,"d":"R$ 356.53"}}]
[{"$nulls":15},"24","Casa 24",24.42,{"$f":"ROUND(K2761,2)*R2784","v":{"v":356.53200000000004,"d":"R$ 356.53"}}]
[{"$nulls":15},"25","Casa 25",24.42,{"$f":"ROUND(K2761,2)*R2785","v":{"v":356.53200000000004,"d":"R$ 356.53"}}]
["Serviço","23.5","SINAPI","101561","CABO DE COBRE FLEXÍVEL ISOLADO, 16 MM², 0,6/1,0 KV, PARA REDE AÉREA DE DISTRIBUIÇÃO DE ENERGIA ELÉTRICA DE BAIXA TENSÃO - FORNECIMENTO E INSTALAÇÃO. AF_07/2020",{"$f":"R2786+R2787+R2788+R2789+R2790+R2791+R2792+R2793+R2794+R2795+R2796+R2797+R2798+R2799+R2800+R2801+R2802+R2803+R2804+R2805+R2806+R2807+R2808+R2809+R2810","v":{"v":890.0000000000003,"d":"890.00"}},"M",{"v":17.64,"d":"R$ 17.64"},{"v":17.64,"d":"R$ 17.64"},{"v":0.25,"d":"25.00%"},{"$f":"ROUND(I2786,2)+(ROUND(I2786,2)*J2786)","v":{"v":22.05,"d":"R$ 22.05"}},{"$f":"ROUND(S2786,2)+ROUND(S2787,2)+ROUND(S2788,2)+ROUND(S2789,2)+ROUND(S2790,2)+ROUND(S2791,2)+ROUND(S2792,2)+ROUND(S2793,2)+ROUND(S2794,2)+ROUND(S2795,2)+ROUND(S2796,2)+ROUND(S2797,2)+ROUND(S2798,2)+ROUND(S2799,2)+ROUND(S2800,2)+ROUND(S2801,2)+ROUND(S2802,2)+ROUND(S2803,2)+ROUND(S2804,2)+ROUND(S2805,2)+ROUND(S2806,2)+ROUND(S2807,2)+ROUND(S2808,2)+ROUND(S2809,2)+ROUND(S2810,2)","v":{"v":19624.499999999993,"d":"R$ 19,624.50"}},"","23","FIOS E CABOS","1","Casa 1",{"v":35.6,"d":"35.60"},{"$f":"ROUND(K2786,2)*R2786","v":{"v":784.98,"d":"R$ 784.98"}}]
[{"$nulls":15},"2","Casa 2",{"v":35.6,"d":"35.60"},{"$f":"ROUND(K2786,2)*R2787","v":{"v":784.98,"d":"R$ 784.98"}}]
[{"$nulls":15},"3","Casa 3",{"v":35.6,"d":"35.60"},{"$f":"ROUND(K2786,2)*R2788","v":{"v":784.98,"d":"R$ 784.98"}}]
[{"$nulls":15},"4","Casa 4",{"v":35.6,"d":"35.60"},{"$f":"ROUND(K2786,2)*R2789","v":{"v":784.98,"d":"R$ 784.98"}}]
[{"$nulls":15},"5","Casa 5",{"v":35.6,"d":"35.60"},{"$f":"ROUND(K2786,2)*R2790","v":{"v":784.98,"d":"R$ 784.98"}}]
[{"$nulls":15},"6","Casa 6",{"v":35.6,"d":"35.60"},{"$f":"ROUND(K2786,2)*R2791","v":{"v":784.98,"d":"R$ 784.98"}}]
[{"$nulls":15},"7","Casa 7",{"v":35.6,"d":"35.60"},{"$f":"ROUND(K2786,2)*R2792","v":{"v":784.98,"d":"R$ 784.98"}}]
[{"$nulls":15},"8","Casa 8",{"v":35.6,"d":"35.60"},{"$f":"ROUND(K2786,2)*R2793","v":{"v":784.98,"d":"R$ 784.98"}}]
[{"$nulls":15},"9","Casa 9",{"v":35.6,"d":"35.60"},{"$f":"ROUND(K2786,2)*R2794","v":{"v":784.98,"d":"R$ 784.98"}}]
[{"$nulls":15},"10","Casa 10",{"v":35.6,"d":"35.60"},{"$f":"ROUND(K2786,2)*R2795","v":{"v":784.98,"d":"R$ 784.98"}}]
[{"$nulls":15},"11","Casa 11",{"v":35.6,"d":"35.60"},{"$f":"ROUND(K2786,2)*R2796","v":{"v":784.98,"d":"R$ 784.98"}}]
[{"$nulls":15},"12","Casa 12",{"v":35.6,"d":"35.60"},{"$f":"ROUND(K2786,2)*R2797","v":{"v":784.98,"d":"R$ 784.98"}}]
[{"$nulls":15},"13","Casa 13",{"v":35.6,"d":"35.60"},{"$f":"ROUND(K2786,2)*R2798","v":{"v":784.98,"d":"R$ 784.98"}}]
[{"$nulls":15},"14","Casa 14",{"v":35.6,"d":"35.60"},{"$f":"ROUND(K2786,2)*R2799","v":{"v":784.98,"d":"R$ 784.98"}}]
[{"$nulls":15},"15","Casa 15",{"v":35.6,"d":"35.60"},{"$f":"ROUND(K2786,2)*R2800","v":{"v":784.98,"d":"R$ 784.98"}}]
[{"$nulls":15},"16","Casa 16",{"v":35.6,"d":"35.60"},{"$f":"ROUND(K2786,2)*R2801","v":{"v":784.98,"d":"R$ 784.98"}}]
[{"$nulls":15},"17","Casa 17",{"v":35.6,"d":"35.60"},{"$f":"ROUND(K2786,2)*R2802","v":{"v":784.98,"d":"R$ 784.98"}}]
[{"$nulls":15},"18","Casa 18",{"v":35.6,"d":"35.60"},{"$f":"ROUND(K2786,2)*R2803","v":{"v":784.98,"d":"R$ 784.98"}}]
[{"$nulls":15},"19","Casa 19",{"v":35.6,"d":"35.60"},{"$f":"ROUND(K2786,2)*R2804","v":{"v":784.98,"d":"R$ 784.98"}}]
[{"$nulls":15},"20","Casa 20",{"v":35.6,"d":"35.60"},{"$f":"ROUND(K2786,2)*R2805","v":{"v":784.98,"d":"R$ 784.98"}}]
[{"$nulls":15},"21","Casa 21",{"v":35.6,"d":"35.60"},{"$f":"ROUND(K2786,2)*R2806","v":{"v":784.98,"d":"R$ 784.98"}}]
[{"$nulls":15},"22","Casa 22",{"v":35.6,"d":"35.60"},{"$f":"ROUND(K2786,2)*R2807","v":{"v":784.98,"d":"R$ 784.98"}}]
[{"$nulls":15},"23","Casa 23",{"v":35.6,"d":"35.60"},{"$f":"ROUND(K2786,2)*R2808","v":{"v":784.98,"d":"R$ 784.98"}}]
[{"$nulls":15},"24","Casa 24",{"v":35.6,"d":"35.60"},{"$f":"ROUND(K2786,2)*R2809","v":{"v":784.98,"d":"R$ 784.98"}}]
[{"$nulls":15},"25","Casa 25",{"v":35.6,"d":"35.60"},{"$f":"ROUND(K2786,2)*R2810","v":{"v":784.98,"d":"R$ 784.98"}}]
["Serviço","23.6","SINAPI","91834","ELETRODUTO FLEXÍVEL CORRUGADO, PVC, DN 25 MM (3/4\"), PARA CIRCUITOS TERMINAIS, INSTALADO EM FORRO - FORNECIMENTO E INSTALAÇÃO. AF_03/2023",{"$f":"R2811+R2812+R2813+R2814+R2815+R2816+R2817+R2818+R2819+R2820+R2821+R2822+R2823+R2824+R2825+R2826+R2827+R2828+R2829+R2830+R2831+R2832+R2833+R2834+R2835","v":{"v":1206,"d":"1,206.00"}},"M",{"v":20.13,"d":"R$ 20.13"},{"v":20.13,"d":"R$ 20.13"},{"v":0.25,"d":"25.00%"},{"$f":"ROUND(I2811,2)+(ROUND(I2811,2)*J2811)","v":{"v":25.162499999999998,"d":"R$ 25.16"}},{"$f":"ROUND(S2811,2)+ROUND(S2812,2)+ROUND(S2813,2)+ROUND(S2814,2)+ROUND(S2815,2)+ROUND(S2816,2)+ROUND(S2817,2)+ROUND(S2818,2)+ROUND(S2819,2)+ROUND(S2820,2)+ROUND(S2821,2)+ROUND(S2822,2)+ROUND(S2823,2)+ROUND(S2824,2)+ROUND(S2825,2)+ROUND(S2826,2)+ROUND(S2827,2)+ROUND(S2828,2)+ROUND(S2829,2)+ROUND(S2830,2)+ROUND(S2831,2)+ROUND(S2832,2)+ROUND(S2833,2)+ROUND(S2834,2)+ROUND(S2835,2)","v":{"v":30343.00000000001,"d":"R$ 30,343.00"}},"","23","FIOS E CABOS","1","Casa 1",48.24,{"$f":"ROUND(K2811,2)*R2811","v":{"v":1213.7184,"d":"R$ 1,213.72"}}]
[{"$nulls":15},"2","Casa 2",48.24,{"$f":"ROUND(K2811,2)*R2812","v":{"v":1213.7184,"d":"R$ 1,213.72"}}]
[{"$nulls":15},"3","Casa 3",48.24,{"$f":"ROUND(K2811,2)*R2813","v":{"v":1213.7184,"d":"R$ 1,213.72"}}]
[{"$nulls":15},"4","Casa 4",48.24,{"$f":"ROUND(K2811,2)*R2814","v":{"v":1213.7184,"d":"R$ 1,213.72"}}]
[{"$nulls":15},"5","Casa 5",48.24,{"$f":"ROUND(K2811,2)*R2815","v":{"v":1213.7184,"d":"R$ 1,213.72"}}]
[{"$nulls":15},"6","Casa 6",48.24,{"$f":"ROUND(K2811,2)*R2816","v":{"v":1213.7184,"d":"R$ 1,213.72"}}]
[{"$nulls":15},"7","Casa 7",48.24,{"$f":"ROUND(K2811,2)*R2817","v":{"v":1213.7184,"d":"R$ 1,213.72"}}]
[{"$nulls":15},"8","Casa 8",48.24,{"$f":"ROUND(K2811,2)*R2818","v":{"v":1213.7184,"d":"R$ 1,213.72"}}]
[{"$nulls":15},"9","Casa 9",48.24,{"$f":"ROUND(K2811,2)*R2819","v":{"v":1213.7184,"d":"R$ 1,213.72"}}]
[{"$nulls":15},"10","Casa 10",48.24,{"$f":"ROUND(K2811,2)*R2820","v":{"v":1213.7184,"d":"R$ 1,213.72"}}]
[{"$nulls":15},"11","Casa 11",48.24,{"$f":"ROUND(K2811,2)*R2821","v":{"v":1213.7184,"d":"R$ 1,213.72"}}]
[{"$nulls":15},"12","Casa 12",48.24,{"$f":"ROUND(K2811,2)*R2822","v":{"v":1213.7184,"d":"R$ 1,213.72"}}]
[{"$nulls":15},"13","Casa 13",48.24,{"$f":"ROUND(K2811,2)*R2823","v":{"v":1213.7184,"d":"R$ 1,213.72"}}]
[{"$nulls":15},"14","Casa 14",48.24,{"$f":"ROUND(K2811,2)*R2824","v":{"v":1213.7184,"d":"R$ 1,213.72"}}]
[{"$nulls":15},"15","Casa 15",48.24,{"$f":"ROUND(K2811,2)*R2825","v":{"v":1213.7184,"d":"R$ 1,213.72"}}]
[{"$nulls":15},"16","Casa 16",48.24,{"$f":"ROUND(K2811,2)*R2826","v":{"v":1213.7184,"d":"R$ 1,213.72"}}]
[{"$nulls":15},"17","Casa 17",48.24,{"$f":"ROUND(K2811,2)*R2827","v":{"v":1213.7184,"d":"R$ 1,213.72"}}]
[{"$nulls":15},"18","Casa 18",48.24,{"$f":"ROUND(K2811,2)*R2828","v":{"v":1213.7184,"d":"R$ 1,213.72"}}]
[{"$nulls":15},"19","Casa 19",48.24,{"$f":"ROUND(K2811,2)*R2829","v":{"v":1213.7184,"d":"R$ 1,213.72"}}]
[{"$nulls":15},"20","Casa 20",48.24,{"$f":"ROUND(K2811,2)*R2830","v":{"v":1213.7184,"d":"R$ 1,213.72"}}]
[{"$nulls":15},"21","Casa 21",48.24,{"$f":"ROUND(K2811,2)*R2831","v":{"v":1213.7184,"d":"R$ 1,213.72"}}]
[{"$nulls":15},"22","Casa 22",48.24,{"$f":"ROUND(K2811,2)*R2832","v":{"v":1213.7184,"d":"R$ 1,213.72"}}]
[{"$nulls":15},"23","Casa 23",48.24,{"$f":"ROUND(K2811,2)*R2833","v":{"v":1213.7184,"d":"R$ 1,213.72"}}]
[{"$nulls":15},"24","Casa 24",48.24,{"$f":"ROUND(K2811,2)*R2834","v":{"v":1213.7184,"d":"R$ 1,213.72"}}]
[{"$nulls":15},"25","Casa 25",48.24,{"$f":"ROUND(K2811,2)*R2835","v":{"v":1213.7184,"d":"R$ 1,213.72"}}]
["Serviço","23.7","SINAPI","91854","ELETRODUTO FLEXÍVEL CORRUGADO, PVC, DN 25 MM (3/4\"), PARA CIRCUITOS TERMINAIS, INSTALADO EM PAREDE - FORNECIMENTO E INSTALAÇÃO. AF_03/2023",{"$f":"R2836+R2837+R2838+R2839+R2840+R2841+R2842+R2843+R2844+R2845+R2846+R2847+R2848+R2849+R2850+R2851+R2852+R2853+R2854+R2855+R2856+R2857+R2858+R2859+R2860","v":{"v":1572.7500000000002,"d":"1,572.75"}},"M",{"v":11.95,"d":"R$ 11.95"},{"v":11.95,"d":"R$ 11.95"},{"v":0.25,"d":"25.00%"},{"$f":"ROUND(I2836,2)+(ROUND(I2836,2)*J2836)","v":{"v":14.9375,"d":"R$ 14.94"}},{"$f":"ROUND(S2836,2)+ROUND(S2837,2)+ROUND(S2838,2)+ROUND(S2839,2)+ROUND(S2840,2)+ROUND(S2841,2)+ROUND(S2842,2)+ROUND(S2843,2)+ROUND(S2844,2)+ROUND(S2845,2)+ROUND(S2846,2)+ROUND(S2847,2)+ROUND(S2848,2)+ROUND(S2849,2)+ROUND(S2850,2)+ROUND(S2851,2)+ROUND(S2852,2)+ROUND(S2853,2)+ROUND(S2854,2)+ROUND(S2855,2)+ROUND(S2856,2)+ROUND(S2857,2)+ROUND(S2858,2)+ROUND(S2859,2)+ROUND(S2860,2)","v":{"v":23497,"d":"R$ 23,497.00"}},"","23","FIOS E CABOS","1","Casa 1",62.91,{"$f":"ROUND(K2836,2)*R2836","v":{"v":939.8753999999999,"d":"R$ 939.88"}}]
[{"$nulls":15},"2","Casa 2",62.91,{"$f":"ROUND(K2836,2)*R2837","v":{"v":939.8753999999999,"d":"R$ 939.88"}}]
[{"$nulls":15},"3","Casa 3",62.91,{"$f":"ROUND(K2836,2)*R2838","v":{"v":939.8753999999999,"d":"R$ 939.88"}}]
[{"$nulls":15},"4","Casa 4",62.91,{"$f":"ROUND(K2836,2)*R2839","v":{"v":939.8753999999999,"d":"R$ 939.88"}}]
[{"$nulls":15},"5","Casa 5",62.91,{"$f":"ROUND(K2836,2)*R2840","v":{"v":939.8753999999999,"d":"R$ 939.88"}}]
[{"$nulls":15},"6","Casa 6",62.91,{"$f":"ROUND(K2836,2)*R2841","v":{"v":939.8753999999999,"d":"R$ 939.88"}}]
[{"$nulls":15},"7","Casa 7",62.91,{"$f":"ROUND(K2836,2)*R2842","v":{"v":939.8753999999999,"d":"R$ 939.88"}}]
[{"$nulls":15},"8","Casa 8",62.91,{"$f":"ROUND(K2836,2)*R2843","v":{"v":939.8753999999999,"d":"R$ 939.88"}}]
[{"$nulls":15},"9","Casa 9",62.91,{"$f":"ROUND(K2836,2)*R2844","v":{"v":939.8753999999999,"d":"R$ 939.88"}}]
[{"$nulls":15},"10","Casa 10",62.91,{"$f":"ROUND(K2836,2)*R2845","v":{"v":939.8753999999999,"d":"R$ 939.88"}}]
[{"$nulls":15},"11","Casa 11",62.91,{"$f":"ROUND(K2836,2)*R2846","v":{"v":939.8753999999999,"d":"R$ 939.88"}}]
[{"$nulls":15},"12","Casa 12",62.91,{"$f":"ROUND(K2836,2)*R2847","v":{"v":939.8753999999999,"d":"R$ 939.88"}}]
[{"$nulls":15},"13","Casa 13",62.91,{"$f":"ROUND(K2836,2)*R2848","v":{"v":939.8753999999999,"d":"R$ 939.88"}}]
[{"$nulls":15},"14","Casa 14",62.91,{"$f":"ROUND(K2836,2)*R2849","v":{"v":939.8753999999999,"d":"R$ 939.88"}}]
[{"$nulls":15},"15","Casa 15",62.91,{"$f":"ROUND(K2836,2)*R2850","v":{"v":939.8753999999999,"d":"R$ 939.88"}}]
[{"$nulls":15},"16","Casa 16",62.91,{"$f":"ROUND(K2836,2)*R2851","v":{"v":939.8753999999999,"d":"R$ 939.88"}}]
[{"$nulls":15},"17","Casa 17",62.91,{"$f":"ROUND(K2836,2)*R2852","v":{"v":939.8753999999999,"d":"R$ 939.88"}}]
[{"$nulls":15},"18","Casa 18",62.91,{"$f":"ROUND(K2836,2)*R2853","v":{"v":939.8753999999999,"d":"R$ 939.88"}}]
[{"$nulls":15},"19","Casa 19",62.91,{"$f":"ROUND(K2836,2)*R2854","v":{"v":939.8753999999999,"d":"R$ 939.88"}}]
[{"$nulls":15},"20","Casa 20",62.91,{"$f":"ROUND(K2836,2)*R2855","v":{"v":939.8753999999999,"d":"R$ 939.88"}}]
[{"$nulls":15},"21","Casa 21",62.91,{"$f":"ROUND(K2836,2)*R2856","v":{"v":939.8753999999999,"d":"R$ 939.88"}}]
[{"$nulls":15},"22","Casa 22",62.91,{"$f":"ROUND(K2836,2)*R2857","v":{"v":939.8753999999999,"d":"R$ 939.88"}}]
[{"$nulls":15},"23","Casa 23",62.91,{"$f":"ROUND(K2836,2)*R2858","v":{"v":939.8753999999999,"d":"R$ 939.88"}}]
[{"$nulls":15},"24","Casa 24",62.91,{"$f":"ROUND(K2836,2)*R2859","v":{"v":939.8753999999999,"d":"R$ 939.88"}}]
[{"$nulls":15},"25","Casa 25",62.91,{"$f":"ROUND(K2836,2)*R2860","v":{"v":939.8753999999999,"d":"R$ 939.88"}}]
["Serviço","23.8","SINAPI","91845","ELETRODUTO FLEXÍVEL CORRUGADO REFORÇADO, PVC, DN 25 MM (3/4\"), PARA CIRCUITOS TERMINAIS, INSTALADO EM LAJE - FORNECIMENTO E INSTALAÇÃO. AF_03/2023",{"$f":"R2861+R2862+R2863+R2864+R2865+R2866+R2867+R2868+R2869+R2870+R2871+R2872+R2873+R2874+R2875+R2876+R2877+R2878+R2879+R2880+R2881+R2882+R2883+R2884+R2885","v":{"v":551.4999999999999,"d":"551.50"}},"M",{"v":9.07,"d":"R$ 9.07"},{"v":9.07,"d":"R$ 9.07"},{"v":0.25,"d":"25.00%"},{"$f":"ROUND(I2861,2)+(ROUND(I2861,2)*J2861)","v":{"v":11.3375,"d":"R$ 11.34"}},{"$f":"ROUND(S2861,2)+ROUND(S2862,2)+ROUND(S2863,2)+ROUND(S2864,2)+ROUND(S2865,2)+ROUND(S2866,2)+ROUND(S2867,2)+ROUND(S2868,2)+ROUND(S2869,2)+ROUND(S2870,2)+ROUND(S2871,2)+ROUND(S2872,2)+ROUND(S2873,2)+ROUND(S2874,2)+ROUND(S2875,2)+ROUND(S2876,2)+ROUND(S2877,2)+ROUND(S2878,2)+ROUND(S2879,2)+ROUND(S2880,2)+ROUND(S2881,2)+ROUND(S2882,2)+ROUND(S2883,2)+ROUND(S2884,2)+ROUND(S2885,2)","v":{"v":6253.999999999998,"d":"R$ 6,254.00"}},"","23","FIOS E CABOS","1","Casa 1",22.06,{"$f":"ROUND(K2861,2)*R2861","v":{"v":250.16039999999998,"d":"R$ 250.16"}}]
[{"$nulls":15},"2","Casa 2",22.06,{"$f":"ROUND(K2861,2)*R2862","v":{"v":250.16039999999998,"d":"R$ 250.16"}}]
[{"$nulls":15},"3","Casa 3",22.06,{"$f":"ROUND(K2861,2)*R2863","v":{"v":250.16039999999998,"d":"R$ 250.16"}}]
[{"$nulls":15},"4","Casa 4",22.06,{"$f":"ROUND(K2861,2)*R2864","v":{"v":250.16039999999998,"d":"R$ 250.16"}}]
[{"$nulls":15},"5","Casa 5",22.06,{"$f":"ROUND(K2861,2)*R2865","v":{"v":250.16039999999998,"d":"R$ 250.16"}}]
[{"$nulls":15},"6","Casa 6",22.06,{"$f":"ROUND(K2861,2)*R2866","v":{"v":250.16039999999998,"d":"R$ 250.16"}}]
[{"$nulls":15},"7","Casa 7",22.06,{"$f":"ROUND(K2861,2)*R2867","v":{"v":250.16039999999998,"d":"R$ 250.16"}}]
[{"$nulls":15},"8","Casa 8",22.06,{"$f":"ROUND(K2861,2)*R2868","v":{"v":250.16039999999998,"d":"R$ 250.16"}}]
[{"$nulls":15},"9","Casa 9",22.06,{"$f":"ROUND(K2861,2)*R2869","v":{"v":250.16039999999998,"d":"R$ 250.16"}}]
[{"$nulls":15},"10","Casa 10",22.06,{"$f":"ROUND(K2861,2)*R2870","v":{"v":250.16039999999998,"d":"R$ 250.16"}}]
[{"$nulls":15},"11","Casa 11",22.06,{"$f":"ROUND(K2861,2)*R2871","v":{"v":250.16039999999998,"d":"R$ 250.16"}}]
[{"$nulls":15},"12","Casa 12",22.06,{"$f":"ROUND(K2861,2)*R2872","v":{"v":250.16039999999998,"d":"R$ 250.16"}}]
[{"$nulls":15},"13","Casa 13",22.06,{"$f":"ROUND(K2861,2)*R2873","v":{"v":250.16039999999998,"d":"R$ 250.16"}}]
[{"$nulls":15},"14","Casa 14",22.06,{"$f":"ROUND(K2861,2)*R2874","v":{"v":250.16039999999998,"d":"R$ 250.16"}}]
[{"$nulls":15},"15","Casa 15",22.06,{"$f":"ROUND(K2861,2)*R2875","v":{"v":250.16039999999998,"d":"R$ 250.16"}}]
[{"$nulls":15},"16","Casa 16",22.06,{"$f":"ROUND(K2861,2)*R2876","v":{"v":250.16039999999998,"d":"R$ 250.16"}}]
[{"$nulls":15},"17","Casa 17",22.06,{"$f":"ROUND(K2861,2)*R2877","v":{"v":250.16039999999998,"d":"R$ 250.16"}}]
[{"$nulls":15},"18","Casa 18",22.06,{"$f":"ROUND(K2861,2)*R2878","v":{"v":250.16039999999998,"d":"R$ 250.16"}}]
[{"$nulls":15},"19","Casa 19",22.06,{"$f":"ROUND(K2861,2)*R2879","v":{"v":250.16039999999998,"d":"R$ 250.16"}}]
[{"$nulls":15},"20","Casa 20",22.06,{"$f":"ROUND(K2861,2)*R2880","v":{"v":250.16039999999998,"d":"R$ 250.16"}}]
[{"$nulls":15},"21","Casa 21",22.06,{"$f":"ROUND(K2861,2)*R2881","v":{"v":250.16039999999998,"d":"R$ 250.16"}}]
[{"$nulls":15},"22","Casa 22",22.06,{"$f":"ROUND(K2861,2)*R2882","v":{"v":250.16039999999998,"d":"R$ 250.16"}}]
[{"$nulls":15},"23","Casa 23",22.06,{"$f":"ROUND(K2861,2)*R2883","v":{"v":250.16039999999998,"d":"R$ 250.16"}}]
[{"$nulls":15},"24","Casa 24",22.06,{"$f":"ROUND(K2861,2)*R2884","v":{"v":250.16039999999998,"d":"R$ 250.16"}}]
[{"$nulls":15},"25","Casa 25",22.06,{"$f":"ROUND(K2861,2)*R2885","v":{"v":250.16039999999998,"d":"R$ 250.16"}}]
["Serviço","23.9","SINAPI","90447","RASGO LINEAR MANUAL EM ALVENARIA, PARA ELETRODUTOS, DIÂMETROS MENORES OU IGUAIS A 40 MM. AF_09/2023",{"$f":"R2886+R2887+R2888+R2889+R2890+R2891+R2892+R2893+R2894+R2895+R2896+R2897+R2898+R2899+R2900+R2901+R2902+R2903+R2904+R2905+R2906+R2907+R2908+R2909+R2910","v":{"v":1572.7500000000002,"d":"1,572.75"}},"M",{"v":11.77,"d":"R$ 11.77"},{"v":11.77,"d":"R$ 11.77"},{"v":0.25,"d":"25.00%"},{"$f":"ROUND(I2886,2)+(ROUND(I2886,2)*J2886)","v":{"v":14.712499999999999,"d":"R$ 14.71"}},{"$f":"ROUND(S2886,2)+ROUND(S2887,2)+ROUND(S2888,2)+ROUND(S2889,2)+ROUND(S2890,2)+ROUND(S2891,2)+ROUND(S2892,2)+ROUND(S2893,2)+ROUND(S2894,2)+ROUND(S2895,2)+ROUND(S2896,2)+ROUND(S2897,2)+ROUND(S2898,2)+ROUND(S2899,2)+ROUND(S2900,2)+ROUND(S2901,2)+ROUND(S2902,2)+ROUND(S2903,2)+ROUND(S2904,2)+ROUND(S2905,2)+ROUND(S2906,2)+ROUND(S2907,2)+ROUND(S2908,2)+ROUND(S2909,2)+ROUND(S2910,2)","v":{"v":23135.25,"d":"R$ 23,135.25"}},"","23","FIOS E CABOS","1","Casa 1",62.91,{"$f":"ROUND(K2886,2)*R2886","v":{"v":925.4061,"d":"R$ 925.41"}}]
[{"$nulls":15},"2","Casa 2",62.91,{"$f":"ROUND(K2886,2)*R2887","v":{"v":925.4061,"d":"R$ 925.41"}}]
[{"$nulls":15},"3","Casa 3",62.91,{"$f":"ROUND(K2886,2)*R2888","v":{"v":925.4061,"d":"R$ 925.41"}}]
[{"$nulls":15},"4","Casa 4",62.91,{"$f":"ROUND(K2886,2)*R2889","v":{"v":925.4061,"d":"R$ 925.41"}}]
[{"$nulls":15},"5","Casa 5",62.91,{"$f":"ROUND(K2886,2)*R2890","v":{"v":925.4061,"d":"R$ 925.41"}}]
[{"$nulls":15},"6","Casa 6",62.91,{"$f":"ROUND(K2886,2)*R2891","v":{"v":925.4061,"d":"R$ 925.41"}}]
[{"$nulls":15},"7","Casa 7",62.91,{"$f":"ROUND(K2886,2)*R2892","v":{"v":925.4061,"d":"R$ 925.41"}}]
[{"$nulls":15},"8","Casa 8",62.91,{"$f":"ROUND(K2886,2)*R2893","v":{"v":925.4061,"d":"R$ 925.41"}}]
[{"$nulls":15},"9","Casa 9",62.91,{"$f":"ROUND(K2886,2)*R2894","v":{"v":925.4061,"d":"R$ 925.41"}}]
[{"$nulls":15},"10","Casa 10",62.91,{"$f":"ROUND(K2886,2)*R2895","v":{"v":925.4061,"d":"R$ 925.41"}}]
[{"$nulls":15},"11","Casa 11",62.91,{"$f":"ROUND(K2886,2)*R2896","v":{"v":925.4061,"d":"R$ 925.41"}}]
[{"$nulls":15},"12","Casa 12",62.91,{"$f":"ROUND(K2886,2)*R2897","v":{"v":925.4061,"d":"R$ 925.41"}}]
[{"$nulls":15},"13","Casa 13",62.91,{"$f":"ROUND(K2886,2)*R2898","v":{"v":925.4061,"d":"R$ 925.41"}}]
[{"$nulls":15},"14","Casa 14",62.91,{"$f":"ROUND(K2886,2)*R2899","v":{"v":925.4061,"d":"R$ 925.41"}}]
[{"$nulls":15},"15","Casa 15",62.91,{"$f":"ROUND(K2886,2)*R2900","v":{"v":925.4061,"d":"R$ 925.41"}}]
[{"$nulls":15},"16","Casa 16",62.91,{"$f":"ROUND(K2886,2)*R2901","v":{"v":925.4061,"d":"R$ 925.41"}}]
[{"$nulls":15},"17","Casa 17",62.91,{"$f":"ROUND(K2886,2)*R2902","v":{"v":925.4061,"d":"R$ 925.41"}}]
[{"$nulls":15},"18","Casa 18",62.91,{"$f":"ROUND(K2886,2)*R2903","v":{"v":925.4061,"d":"R$ 925.41"}}]
[{"$nulls":15},"19","Casa 19",62.91,{"$f":"ROUND(K2886,2)*R2904","v":{"v":925.4061,"d":"R$ 925.41"}}]
[{"$nulls":15},"20","Casa 20",62.91,{"$f":"ROUND(K2886,2)*R2905","v":{"v":925.4061,"d":"R$ 925.41"}}]
[{"$nulls":15},"21","Casa 21",62.91,{"$f":"ROUND(K2886,2)*R2906","v":{"v":925.4061,"d":"R$ 925.41"}}]
[{"$nulls":15},"22","Casa 22",62.91,{"$f":"ROUND(K2886,2)*R2907","v":{"v":925.4061,"d":"R$ 925.41"}}]
[{"$nulls":15},"23","Casa 23",62.91,{"$f":"ROUND(K2886,2)*R2908","v":{"v":925.4061,"d":"R$ 925.41"}}]
[{"$nulls":15},"24","Casa 24",62.91,{"$f":"ROUND(K2886,2)*R2909","v":{"v":925.4061,"d":"R$ 925.41"}}]
[{"$nulls":15},"25","Casa 25",62.91,{"$f":"ROUND(K2886,2)*R2910","v":{"v":925.4061,"d":"R$ 925.41"}}]
["Macrosserviço","24","","","TUBULAÇÕES E CONEXÕES HIDRÁULICAS","","","","","","",{"$f":"ROUND(L2912,2)+ROUND(L2937,2)+ROUND(L2962,2)+ROUND(L2987,2)+ROUND(L3012,2)+ROUND(L3037,2)+ROUND(L3062,2)","v":{"v":27373.25,"d":"R$ 27,373.25"}},"","","","","","",""]
["Serviço","24.1","SINAPI","90373","JOELHO 90 GRAUS COM BUCHA DE LATÃO, PVC, SOLDÁVEL, DN 25MM, X 1/2 INSTALADO EM RAMAL OU SUB-RAMAL DE ÁGUA - FORNECIMENTO E INSTALAÇÃO. AF_06/2022",{"$f":"R2912+R2913+R2914+R2915+R2916+R2917+R2918+R2919+R2920+R2921+R2922+R2923+R2924+R2925+R2926+R2927+R2928+R2929+R2930+R2931+R2932+R2933+R2934+R2935+R2936","v":{"v":175,"d":"175.00"}},"UN",{"v":16.15,"d":"R$ 16.15"},{"v":16.15,"d":"R$ 16.15"},{"v":0.25,"d":"25.00%"},{"$f":"ROUND(I2912,2)+(ROUND(I2912,2)*J2912)","v":{"v":20.1875,"d":"R$ 20.19"}},{"$f":"ROUND(S2912,2)+ROUND(S2913,2)+ROUND(S2914,2)+ROUND(S2915,2)+ROUND(S2916,2)+ROUND(S2917,2)+ROUND(S2918,2)+ROUND(S2919,2)+ROUND(S2920,2)+ROUND(S2921,2)+ROUND(S2922,2)+ROUND(S2923,2)+ROUND(S2924,2)+ROUND(S2925,2)+ROUND(S2926,2)+ROUND(S2927,2)+ROUND(S2928,2)+ROUND(S2929,2)+ROUND(S2930,2)+ROUND(S2931,2)+ROUND(S2932,2)+ROUND(S2933,2)+ROUND(S2934,2)+ROUND(S2935,2)+ROUND(S2936,2)","v":{"v":3533.249999999999,"d":"R$ 3,533.25"}},"","24","TUBULAÇÕES E CONEXÕES HIDRÁULICAS","1","Casa 1",{"v":7,"d":"7.00"},{"$f":"ROUND(K2912,2)*R2912","v":{"v":141.33,"d":"R$ 141.33"}}]
[{"$nulls":15},"2","Casa 2",{"v":7,"d":"7.00"},{"$f":"ROUND(K2912,2)*R2913","v":{"v":141.33,"d":"R$ 141.33"}}]
[{"$nulls":15},"3","Casa 3",{"v":7,"d":"7.00"},{"$f":"ROUND(K2912,2)*R2914","v":{"v":141.33,"d":"R$ 141.33"}}]
[{"$nulls":15},"4","Casa 4",{"v":7,"d":"7.00"},{"$f":"ROUND(K2912,2)*R2915","v":{"v":141.33,"d":"R$ 141.33"}}]
[{"$nulls":15},"5","Casa 5",{"v":7,"d":"7.00"},{"$f":"ROUND(K2912,2)*R2916","v":{"v":141.33,"d":"R$ 141.33"}}]
[{"$nulls":15},"6","Casa 6",{"v":7,"d":"7.00"},{"$f":"ROUND(K2912,2)*R2917","v":{"v":141.33,"d":"R$ 141.33"}}]
[{"$nulls":15},"7","Casa 7",{"v":7,"d":"7.00"},{"$f":"ROUND(K2912,2)*R2918","v":{"v":141.33,"d":"R$ 141.33"}}]
[{"$nulls":15},"8","Casa 8",{"v":7,"d":"7.00"},{"$f":"ROUND(K2912,2)*R2919","v":{"v":141.33,"d":"R$ 141.33"}}]
[{"$nulls":15},"9","Casa 9",{"v":7,"d":"7.00"},{"$f":"ROUND(K2912,2)*R2920","v":{"v":141.33,"d":"R$ 141.33"}}]
[{"$nulls":15},"10","Casa 10",{"v":7,"d":"7.00"},{"$f":"ROUND(K2912,2)*R2921","v":{"v":141.33,"d":"R$ 141.33"}}]
[{"$nulls":15},"11","Casa 11",{"v":7,"d":"7.00"},{"$f":"ROUND(K2912,2)*R2922","v":{"v":141.33,"d":"R$ 141.33"}}]
[{"$nulls":15},"12","Casa 12",{"v":7,"d":"7.00"},{"$f":"ROUND(K2912,2)*R2923","v":{"v":141.33,"d":"R$ 141.33"}}]
[{"$nulls":15},"13","Casa 13",{"v":7,"d":"7.00"},{"$f":"ROUND(K2912,2)*R2924","v":{"v":141.33,"d":"R$ 141.33"}}]
[{"$nulls":15},"14","Casa 14",{"v":7,"d":"7.00"},{"$f":"ROUND(K2912,2)*R2925","v":{"v":141.33,"d":"R$ 141.33"}}]
[{"$nulls":15},"15","Casa 15",{"v":7,"d":"7.00"},{"$f":"ROUND(K2912,2)*R2926","v":{"v":141.33,"d":"R$ 141.33"}}]
[{"$nulls":15},"16","Casa 16",{"v":7,"d":"7.00"},{"$f":"ROUND(K2912,2)*R2927","v":{"v":141.33,"d":"R$ 141.33"}}]
[{"$nulls":15},"17","Casa 17",{"v":7,"d":"7.00"},{"$f":"ROUND(K2912,2)*R2928","v":{"v":141.33,"d":"R$ 141.33"}}]
[{"$nulls":15},"18","Casa 18",{"v":7,"d":"7.00"},{"$f":"ROUND(K2912,2)*R2929","v":{"v":141.33,"d":"R$ 141.33"}}]
[{"$nulls":15},"19","Casa 19",{"v":7,"d":"7.00"},{"$f":"ROUND(K2912,2)*R2930","v":{"v":141.33,"d":"R$ 141.33"}}]
[{"$nulls":15},"20","Casa 20",{"v":7,"d":"7.00"},{"$f":"ROUND(K2912,2)*R2931","v":{"v":141.33,"d":"R$ 141.33"}}]
[{"$nulls":15},"21","Casa 21",{"v":7,"d":"7.00"},{"$f":"ROUND(K2912,2)*R2932","v":{"v":141.33,"d":"R$ 141.33"}}]
[{"$nulls":15},"22","Casa 22",{"v":7,"d":"7.00"},{"$f":"ROUND(K2912,2)*R2933","v":{"v":141.33,"d":"R$ 141.33"}}]
[{"$nulls":15},"23","Casa 23",{"v":7,"d":"7.00"},{"$f":"ROUND(K2912,2)*R2934","v":{"v":141.33,"d":"R$ 141.33"}}]
[{"$nulls":15},"24","Casa 24",{"v":7,"d":"7.00"},{"$f":"ROUND(K2912,2)*R2935","v":{"v":141.33,"d":"R$ 141.33"}}]
[{"$nulls":15},"25","Casa 25",{"v":7,"d":"7.00"},{"$f":"ROUND(K2912,2)*R2936","v":{"v":141.33,"d":"R$ 141.33"}}]
["Serviço","24.2","SINAPI","89408","JOELHO 90 GRAUS, PVC, SOLDÁVEL, DN 25MM, INSTALADO EM RAMAL DE DISTRIBUIÇÃO DE ÁGUA - FORNECIMENTO E INSTALAÇÃO. AF_06/2022",{"$f":"R2937+R2938+R2939+R2940+R2941+R2942+R2943+R2944+R2945+R2946+R2947+R2948+R2949+R2950+R2951+R2952+R2953+R2954+R2955+R2956+R2957+R2958+R2959+R2960+R2961","v":{"v":200,"d":"200.00"}},"UN",{"v":10.4,"d":"R$ 10.40"},{"v":10.4,"d":"R$ 10.40"},{"v":0.25,"d":"25.00%"},{"$f":"ROUND(I2937,2)+(ROUND(I2937,2)*J2937)","v":{"v":13,"d":"R$ 13.00"}},{"$f":"ROUND(S2937,2)+ROUND(S2938,2)+ROUND(S2939,2)+ROUND(S2940,2)+ROUND(S2941,2)+ROUND(S2942,2)+ROUND(S2943,2)+ROUND(S2944,2)+ROUND(S2945,2)+ROUND(S2946,2)+ROUND(S2947,2)+ROUND(S2948,2)+ROUND(S2949,2)+ROUND(S2950,2)+ROUND(S2951,2)+ROUND(S2952,2)+ROUND(S2953,2)+ROUND(S2954,2)+ROUND(S2955,2)+ROUND(S2956,2)+ROUND(S2957,2)+ROUND(S2958,2)+ROUND(S2959,2)+ROUND(S2960,2)+ROUND(S2961,2)","v":{"v":2600,"d":"R$ 2,600.00"}},"","24","TUBULAÇÕES E CONEXÕES HIDRÁULICAS","1","Casa 1",{"v":8,"d":"8.00"},{"$f":"ROUND(K2937,2)*R2937","v":{"v":104,"d":"R$ 104.00"}}]
[{"$nulls":15},"2","Casa 2",{"v":8,"d":"8.00"},{"$f":"ROUND(K2937,2)*R2938","v":{"v":104,"d":"R$ 104.00"}}]
[{"$nulls":15},"3","Casa 3",{"v":8,"d":"8.00"},{"$f":"ROUND(K2937,2)*R2939","v":{"v":104,"d":"R$ 104.00"}}]
[{"$nulls":15},"4","Casa 4",{"v":8,"d":"8.00"},{"$f":"ROUND(K2937,2)*R2940","v":{"v":104,"d":"R$ 104.00"}}]
[{"$nulls":15},"5","Casa 5",{"v":8,"d":"8.00"},{"$f":"ROUND(K2937,2)*R2941","v":{"v":104,"d":"R$ 104.00"}}]
[{"$nulls":15},"6","Casa 6",{"v":8,"d":"8.00"},{"$f":"ROUND(K2937,2)*R2942","v":{"v":104,"d":"R$ 104.00"}}]
[{"$nulls":15},"7","Casa 7",{"v":8,"d":"8.00"},{"$f":"ROUND(K2937,2)*R2943","v":{"v":104,"d":"R$ 104.00"}}]
[{"$nulls":15},"8","Casa 8",{"v":8,"d":"8.00"},{"$f":"ROUND(K2937,2)*R2944","v":{"v":104,"d":"R$ 104.00"}}]
[{"$nulls":15},"9","Casa 9",{"v":8,"d":"8.00"},{"$f":"ROUND(K2937,2)*R2945","v":{"v":104,"d":"R$ 104.00"}}]
[{"$nulls":15},"10","Casa 10",{"v":8,"d":"8.00"},{"$f":"ROUND(K2937,2)*R2946","v":{"v":104,"d":"R$ 104.00"}}]
[{"$nulls":15},"11","Casa 11",{"v":8,"d":"8.00"},{"$f":"ROUND(K2937,2)*R2947","v":{"v":104,"d":"R$ 104.00"}}]
[{"$nulls":15},"12","Casa 12",{"v":8,"d":"8.00"},{"$f":"ROUND(K2937,2)*R2948","v":{"v":104,"d":"R$ 104.00"}}]
[{"$nulls":15},"13","Casa 13",{"v":8,"d":"8.00"},{"$f":"ROUND(K2937,2)*R2949","v":{"v":104,"d":"R$ 104.00"}}]
[{"$nulls":15},"14","Casa 14",{"v":8,"d":"8.00"},{"$f":"ROUND(K2937,2)*R2950","v":{"v":104,"d":"R$ 104.00"}}]
[{"$nulls":15},"15","Casa 15",{"v":8,"d":"8.00"},{"$f":"ROUND(K2937,2)*R2951","v":{"v":104,"d":"R$ 104.00"}}]
[{"$nulls":15},"16","Casa 16",{"v":8,"d":"8.00"},{"$f":"ROUND(K2937,2)*R2952","v":{"v":104,"d":"R$ 104.00"}}]
[{"$nulls":15},"17","Casa 17",{"v":8,"d":"8.00"},{"$f":"ROUND(K2937,2)*R2953","v":{"v":104,"d":"R$ 104.00"}}]
[{"$nulls":15},"18","Casa 18",{"v":8,"d":"8.00"},{"$f":"ROUND(K2937,2)*R2954","v":{"v":104,"d":"R$ 104.00"}}]
[{"$nulls":15},"19","Casa 19",{"v":8,"d":"8.00"},{"$f":"ROUND(K2937,2)*R2955","v":{"v":104,"d":"R$ 104.00"}}]
[{"$nulls":15},"20","Casa 20",{"v":8,"d":"8.00"},{"$f":"ROUND(K2937,2)*R2956","v":{"v":104,"d":"R$ 104.00"}}]
[{"$nulls":15},"21","Casa 21",{"v":8,"d":"8.00"},{"$f":"ROUND(K2937,2)*R2957","v":{"v":104,"d":"R$ 104.00"}}]
[{"$nulls":15},"22","Casa 22",{"v":8,"d":"8.00"},{"$f":"ROUND(K2937,2)*R2958","v":{"v":104,"d":"R$ 104.00"}}]
[{"$nulls":15},"23","Casa 23",{"v":8,"d":"8.00"},{"$f":"ROUND(K2937,2)*R2959","v":{"v":104,"d":"R$ 104.00"}}]
[{"$nulls":15},"24","Casa 24",{"v":8,"d":"8.00"},{"$f":"ROUND(K2937,2)*R2960","v":{"v":104,"d":"R$ 104.00"}}]
[{"$nulls":15},"25","Casa 25",{"v":8,"d":"8.00"},{"$f":"ROUND(K2937,2)*R2961","v":{"v":104,"d":"R$ 104.00"}}]
["Serviço","24.3","SINAPI","89395","TE, PVC, SOLDÁVEL, DN 25MM, INSTALADO EM RAMAL OU SUB-RAMAL DE ÁGUA - FORNECIMENTO E INSTALAÇÃO. AF_06/2022",{"$f":"R2962+R2963+R2964+R2965+R2966+R2967+R2968+R2969+R2970+R2971+R2972+R2973+R2974+R2975+R2976+R2977+R2978+R2979+R2980+R2981+R2982+R2983+R2984+R2985+R2986","v":{"v":100,"d":"100.00"}},"UN",{"v":15.7,"d":"R$ 15.70"},{"v":15.7,"d":"R$ 15.70"},{"v":0.25,"d":"25.00%"},{"$f":"ROUND(I2962,2)+(ROUND(I2962,2)*J2962)","v":{"v":19.625,"d":"R$ 19.63"}},{"$f":"ROUND(S2962,2)+ROUND(S2963,2)+ROUND(S2964,2)+ROUND(S2965,2)+ROUND(S2966,2)+ROUND(S2967,2)+ROUND(S2968,2)+ROUND(S2969,2)+ROUND(S2970,2)+ROUND(S2971,2)+ROUND(S2972,2)+ROUND(S2973,2)+ROUND(S2974,2)+ROUND(S2975,2)+ROUND(S2976,2)+ROUND(S2977,2)+ROUND(S2978,2)+ROUND(S2979,2)+ROUND(S2980,2)+ROUND(S2981,2)+ROUND(S2982,2)+ROUND(S2983,2)+ROUND(S2984,2)+ROUND(S2985,2)+ROUND(S2986,2)","v":{"v":1962.9999999999998,"d":"R$ 1,963.00"}},"","24","TUBULAÇÕES E CONEXÕES HIDRÁULICAS","1","Casa 1",{"v":4,"d":"4.00"},{"$f":"ROUND(K2962,2)*R2962","v":{"v":78.52,"d":"R$ 78.52"}}]
[{"$nulls":15},"2","Casa 2",{"v":4,"d":"4.00"},{"$f":"ROUND(K2962,2)*R2963","v":{"v":78.52,"d":"R$ 78.52"}}]
[{"$nulls":15},"3","Casa 3",{"v":4,"d":"4.00"},{"$f":"ROUND(K2962,2)*R2964","v":{"v":78.52,"d":"R$ 78.52"}}]
[{"$nulls":15},"4","Casa 4",{"v":4,"d":"4.00"},{"$f":"ROUND(K2962,2)*R2965","v":{"v":78.52,"d":"R$ 78.52"}}]
[{"$nulls":15},"5","Casa 5",{"v":4,"d":"4.00"},{"$f":"ROUND(K2962,2)*R2966","v":{"v":78.52,"d":"R$ 78.52"}}]
[{"$nulls":15},"6","Casa 6",{"v":4,"d":"4.00"},{"$f":"ROUND(K2962,2)*R2967","v":{"v":78.52,"d":"R$ 78.52"}}]
[{"$nulls":15},"7","Casa 7",{"v":4,"d":"4.00"},{"$f":"ROUND(K2962,2)*R2968","v":{"v":78.52,"d":"R$ 78.52"}}]
[{"$nulls":15},"8","Casa 8",{"v":4,"d":"4.00"},{"$f":"ROUND(K2962,2)*R2969","v":{"v":78.52,"d":"R$ 78.52"}}]
[{"$nulls":15},"9","Casa 9",{"v":4,"d":"4.00"},{"$f":"ROUND(K2962,2)*R2970","v":{"v":78.52,"d":"R$ 78.52"}}]
[{"$nulls":15},"10","Casa 10",{"v":4,"d":"4.00"},{"$f":"ROUND(K2962,2)*R2971","v":{"v":78.52,"d":"R$ 78.52"}}]
[{"$nulls":15},"11","Casa 11",{"v":4,"d":"4.00"},{"$f":"ROUND(K2962,2)*R2972","v":{"v":78.52,"d":"R$ 78.52"}}]
[{"$nulls":15},"12","Casa 12",{"v":4,"d":"4.00"},{"$f":"ROUND(K2962,2)*R2973","v":{"v":78.52,"d":"R$ 78.52"}}]
[{"$nulls":15},"13","Casa 13",{"v":4,"d":"4.00"},{"$f":"ROUND(K2962,2)*R2974","v":{"v":78.52,"d":"R$ 78.52"}}]
[{"$nulls":15},"14","Casa 14",{"v":4,"d":"4.00"},{"$f":"ROUND(K2962,2)*R2975","v":{"v":78.52,"d":"R$ 78.52"}}]
[{"$nulls":15},"15","Casa 15",{"v":4,"d":"4.00"},{"$f":"ROUND(K2962,2)*R2976","v":{"v":78.52,"d":"R$ 78.52"}}]
[{"$nulls":15},"16","Casa 16",{"v":4,"d":"4.00"},{"$f":"ROUND(K2962,2)*R2977","v":{"v":78.52,"d":"R$ 78.52"}}]
[{"$nulls":15},"17","Casa 17",{"v":4,"d":"4.00"},{"$f":"ROUND(K2962,2)*R2978","v":{"v":78.52,"d":"R$ 78.52"}}]
[{"$nulls":15},"18","Casa 18",{"v":4,"d":"4.00"},{"$f":"ROUND(K2962,2)*R2979","v":{"v":78.52,"d":"R$ 78.52"}}]
[{"$nulls":15},"19","Casa 19",{"v":4,"d":"4.00"},{"$f":"ROUND(K2962,2)*R2980","v":{"v":78.52,"d":"R$ 78.52"}}]
[{"$nulls":15},"20","Casa 20",{"v":4,"d":"4.00"},{"$f":"ROUND(K2962,2)*R2981","v":{"v":78.52,"d":"R$ 78.52"}}]
[{"$nulls":15},"21","Casa 21",{"v":4,"d":"4.00"},{"$f":"ROUND(K2962,2)*R2982","v":{"v":78.52,"d":"R$ 78.52"}}]
[{"$nulls":15},"22","Casa 22",{"v":4,"d":"4.00"},{"$f":"ROUND(K2962,2)*R2983","v":{"v":78.52,"d":"R$ 78.52"}}]
[{"$nulls":15},"23","Casa 23",{"v":4,"d":"4.00"},{"$f":"ROUND(K2962,2)*R2984","v":{"v":78.52,"d":"R$ 78.52"}}]
[{"$nulls":15},"24","Casa 24",{"v":4,"d":"4.00"},{"$f":"ROUND(K2962,2)*R2985","v":{"v":78.52,"d":"R$ 78.52"}}]
[{"$nulls":15},"25","Casa 25",{"v":4,"d":"4.00"},{"$f":"ROUND(K2962,2)*R2986","v":{"v":78.52,"d":"R$ 78.52"}}]
["Serviço","24.4","SINAPI","89383","ADAPTADOR CURTO COM BOLSA E ROSCA PARA REGISTRO, PVC, SOLDÁVEL, DN 25MM X 3/4, INSTALADO EM RAMAL OU SUB-RAMAL DE ÁGUA - FORNECIMENTO E INSTALAÇÃO. AF_06/2022",{"$f":"R2987+R2988+R2989+R2990+R2991+R2992+R2993+R2994+R2995+R2996+R2997+R2998+R2999+R3000+R3001+R3002+R3003+R3004+R3005+R3006+R3007+R3008+R3009+R3010+R3011","v":{"v":200,"d":"200.00"}},"UN",{"v":7.96,"d":"R$ 7.96"},{"v":7.96,"d":"R$ 7.96"},{"v":0.25,"d":"25.00%"},{"$f":"ROUND(I2987,2)+(ROUND(I2987,2)*J2987)","v":{"v":9.95,"d":"R$ 9.95"}},{"$f":"ROUND(S2987,2)+ROUND(S2988,2)+ROUND(S2989,2)+ROUND(S2990,2)+ROUND(S2991,2)+ROUND(S2992,2)+ROUND(S2993,2)+ROUND(S2994,2)+ROUND(S2995,2)+ROUND(S2996,2)+ROUND(S2997,2)+ROUND(S2998,2)+ROUND(S2999,2)+ROUND(S3000,2)+ROUND(S3001,2)+ROUND(S3002,2)+ROUND(S3003,2)+ROUND(S3004,2)+ROUND(S3005,2)+ROUND(S3006,2)+ROUND(S3007,2)+ROUND(S3008,2)+ROUND(S3009,2)+ROUND(S3010,2)+ROUND(S3011,2)","v":{"v":1989.999999999999,"d":"R$ 1,990.00"}},"","24","TUBULAÇÕES E CONEXÕES HIDRÁULICAS","1","Casa 1",{"v":8,"d":"8.00"},{"$f":"ROUND(K2987,2)*R2987","v":{"v":79.6,"d":"R$ 79.60"}}]
[{"$nulls":15},"2","Casa 2",{"v":8,"d":"8.00"},{"$f":"ROUND(K2987,2)*R2988","v":{"v":79.6,"d":"R$ 79.60"}}]
[{"$nulls":15},"3","Casa 3",{"v":8,"d":"8.00"},{"$f":"ROUND(K2987,2)*R2989","v":{"v":79.6,"d":"R$ 79.60"}}]
[{"$nulls":15},"4","Casa 4",{"v":8,"d":"8.00"},{"$f":"ROUND(K2987,2)*R2990","v":{"v":79.6,"d":"R$ 79.60"}}]
[{"$nulls":15},"5","Casa 5",{"v":8,"d":"8.00"},{"$f":"ROUND(K2987,2)*R2991","v":{"v":79.6,"d":"R$ 79.60"}}]
[{"$nulls":15},"6","Casa 6",{"v":8,"d":"8.00"},{"$f":"ROUND(K2987,2)*R2992","v":{"v":79.6,"d":"R$ 79.60"}}]
[{"$nulls":15},"7","Casa 7",{"v":8,"d":"8.00"},{"$f":"ROUND(K2987,2)*R2993","v":{"v":79.6,"d":"R$ 79.60"}}]
[{"$nulls":15},"8","Casa 8",{"v":8,"d":"8.00"},{"$f":"ROUND(K2987,2)*R2994","v":{"v":79.6,"d":"R$ 79.60"}}]
[{"$nulls":15},"9","Casa 9",{"v":8,"d":"8.00"},{"$f":"ROUND(K2987,2)*R2995","v":{"v":79.6,"d":"R$ 79.60"}}]
[{"$nulls":15},"10","Casa 10",{"v":8,"d":"8.00"},{"$f":"ROUND(K2987,2)*R2996","v":{"v":79.6,"d":"R$ 79.60"}}]
[{"$nulls":15},"11","Casa 11",{"v":8,"d":"8.00"},{"$f":"ROUND(K2987,2)*R2997","v":{"v":79.6,"d":"R$ 79.60"}}]
[{"$nulls":15},"12","Casa 12",{"v":8,"d":"8.00"},{"$f":"ROUND(K2987,2)*R2998","v":{"v":79.6,"d":"R$ 79.60"}}]
[{"$nulls":15},"13","Casa 13",{"v":8,"d":"8.00"},{"$f":"ROUND(K2987,2)*R2999","v":{"v":79.6,"d":"R$ 79.60"}}]
[{"$nulls":15},"14","Casa 14",{"v":8,"d":"8.00"},{"$f":"ROUND(K2987,2)*R3000","v":{"v":79.6,"d":"R$ 79.60"}}]
[{"$nulls":15},"15","Casa 15",{"v":8,"d":"8.00"},{"$f":"ROUND(K2987,2)*R3001","v":{"v":79.6,"d":"R$ 79.60"}}]
[{"$nulls":15},"16","Casa 16",{"v":8,"d":"8.00"},{"$f":"ROUND(K2987,2)*R3002","v":{"v":79.6,"d":"R$ 79.60"}}]
[{"$nulls":15},"17","Casa 17",{"v":8,"d":"8.00"},{"$f":"ROUND(K2987,2)*R3003","v":{"v":79.6,"d":"R$ 79.60"}}]
[{"$nulls":15},"18","Casa 18",{"v":8,"d":"8.00"},{"$f":"ROUND(K2987,2)*R3004","v":{"v":79.6,"d":"R$ 79.60"}}]
[{"$nulls":15},"19","Casa 19",{"v":8,"d":"8.00"},{"$f":"ROUND(K2987,2)*R3005","v":{"v":79.6,"d":"R$ 79.60"}}]
[{"$nulls":15},"20","Casa 20",{"v":8,"d":"8.00"},{"$f":"ROUND(K2987,2)*R3006","v":{"v":79.6,"d":"R$ 79.60"}}]
[{"$nulls":15},"21","Casa 21",{"v":8,"d":"8.00"},{"$f":"ROUND(K2987,2)*R3007","v":{"v":79.6,"d":"R$ 79.60"}}]
[{"$nulls":15},"22","Casa 22",{"v":8,"d":"8.00"},{"$f":"ROUND(K2987,2)*R3008","v":{"v":79.6,"d":"R$ 79.60"}}]
[{"$nulls":15},"23","Casa 23",{"v":8,"d":"8.00"},{"$f":"ROUND(K2987,2)*R3009","v":{"v":79.6,"d":"R$ 79.60"}}]
[{"$nulls":15},"24","Casa 24",{"v":8,"d":"8.00"},{"$f":"ROUND(K2987,2)*R3010","v":{"v":79.6,"d":"R$ 79.60"}}]
[{"$nulls":15},"25","Casa 25",{"v":8,"d":"8.00"},{"$f":"ROUND(K2987,2)*R3011","v":{"v":79.6,"d":"R$ 79.60"}}]
["Serviço","24.5","SINAPI","89446","TUBO, PVC, SOLDÁVEL, DE 25MM, INSTALADO EM PRUMADA DE ÁGUA - FORNECIMENTO E INSTALAÇÃO. AF_06/2022",{"$f":"R3012+R3013+R3014+R3015+R3016+R3017+R3018+R3019+R3020+R3021+R3022+R3023+R3024+R3025+R3026+R3027+R3028+R3029+R3030+R3031+R3032+R3033+R3034+R3035+R3036","v":{"v":127.49999999999994,"d":"127.50"}},"M",{"v":7,"d":"R$ 7.00"},{"v":7,"d":"R$ 7.00"},{"v":0.25,"d":"25.00%"},{"$f":"ROUND(I3012,2)+(ROUND(I3012,2)*J3012)","v":{"v":8.75,"d":"R$ 8.75"}},{"$f":"ROUND(S3012,2)+ROUND(S3013,2)+ROUND(S3014,2)+ROUND(S3015,2)+ROUND(S3016,2)+ROUND(S3017,2)+ROUND(S3018,2)+ROUND(S3019,2)+ROUND(S3020,2)+ROUND(S3021,2)+ROUND(S3022,2)+ROUND(S3023,2)+ROUND(S3024,2)+ROUND(S3025,2)+ROUND(S3026,2)+ROUND(S3027,2)+ROUND(S3028,2)+ROUND(S3029,2)+ROUND(S3030,2)+ROUND(S3031,2)+ROUND(S3032,2)+ROUND(S3033,2)+ROUND(S3034,2)+ROUND(S3035,2)+ROUND(S3036,2)","v":{"v":1115.7500000000002,"d":"R$ 1,115.75"}},"","24","TUBULAÇÕES E CONEXÕES HIDRÁULICAS","1","Casa 1",{"v":5.1,"d":"5.10"},{"$f":"ROUND(K3012,2)*R3012","v":{"v":44.625,"d":"R$ 44.63"}}]
[{"$nulls":15},"2","Casa 2",{"v":5.1,"d":"5.10"},{"$f":"ROUND(K3012,2)*R3013","v":{"v":44.625,"d":"R$ 44.63"}}]
[{"$nulls":15},"3","Casa 3",{"v":5.1,"d":"5.10"},{"$f":"ROUND(K3012,2)*R3014","v":{"v":44.625,"d":"R$ 44.63"}}]
[{"$nulls":15},"4","Casa 4",{"v":5.1,"d":"5.10"},{"$f":"ROUND(K3012,2)*R3015","v":{"v":44.625,"d":"R$ 44.63"}}]
[{"$nulls":15},"5","Casa 5",{"v":5.1,"d":"5.10"},{"$f":"ROUND(K3012,2)*R3016","v":{"v":44.625,"d":"R$ 44.63"}}]
[{"$nulls":15},"6","Casa 6",{"v":5.1,"d":"5.10"},{"$f":"ROUND(K3012,2)*R3017","v":{"v":44.625,"d":"R$ 44.63"}}]
[{"$nulls":15},"7","Casa 7",{"v":5.1,"d":"5.10"},{"$f":"ROUND(K3012,2)*R3018","v":{"v":44.625,"d":"R$ 44.63"}}]
[{"$nulls":15},"8","Casa 8",{"v":5.1,"d":"5.10"},{"$f":"ROUND(K3012,2)*R3019","v":{"v":44.625,"d":"R$ 44.63"}}]
[{"$nulls":15},"9","Casa 9",{"v":5.1,"d":"5.10"},{"$f":"ROUND(K3012,2)*R3020","v":{"v":44.625,"d":"R$ 44.63"}}]
[{"$nulls":15},"10","Casa 10",{"v":5.1,"d":"5.10"},{"$f":"ROUND(K3012,2)*R3021","v":{"v":44.625,"d":"R$ 44.63"}}]
[{"$nulls":15},"11","Casa 11",{"v":5.1,"d":"5.10"},{"$f":"ROUND(K3012,2)*R3022","v":{"v":44.625,"d":"R$ 44.63"}}]
[{"$nulls":15},"12","Casa 12",{"v":5.1,"d":"5.10"},{"$f":"ROUND(K3012,2)*R3023","v":{"v":44.625,"d":"R$ 44.63"}}]
[{"$nulls":15},"13","Casa 13",{"v":5.1,"d":"5.10"},{"$f":"ROUND(K3012,2)*R3024","v":{"v":44.625,"d":"R$ 44.63"}}]
[{"$nulls":15},"14","Casa 14",{"v":5.1,"d":"5.10"},{"$f":"ROUND(K3012,2)*R3025","v":{"v":44.625,"d":"R$ 44.63"}}]
[{"$nulls":15},"15","Casa 15",{"v":5.1,"d":"5.10"},{"$f":"ROUND(K3012,2)*R3026","v":{"v":44.625,"d":"R$ 44.63"}}]
[{"$nulls":15},"16","Casa 16",{"v":5.1,"d":"5.10"},{"$f":"ROUND(K3012,2)*R3027","v":{"v":44.625,"d":"R$ 44.63"}}]
[{"$nulls":15},"17","Casa 17",{"v":5.1,"d":"5.10"},{"$f":"ROUND(K3012,2)*R3028","v":{"v":44.625,"d":"R$ 44.63"}}]
[{"$nulls":15},"18","Casa 18",{"v":5.1,"d":"5.10"},{"$f":"ROUND(K3012,2)*R3029","v":{"v":44.625,"d":"R$ 44.63"}}]
[{"$nulls":15},"19","Casa 19",{"v":5.1,"d":"5.10"},{"$f":"ROUND(K3012,2)*R3030","v":{"v":44.625,"d":"R$ 44.63"}}]
[{"$nulls":15},"20","Casa 20",{"v":5.1,"d":"5.10"},{"$f":"ROUND(K3012,2)*R3031","v":{"v":44.625,"d":"R$ 44.63"}}]
[{"$nulls":15},"21","Casa 21",{"v":5.1,"d":"5.10"},{"$f":"ROUND(K3012,2)*R3032","v":{"v":44.625,"d":"R$ 44.63"}}]
[{"$nulls":15},"22","Casa 22",{"v":5.1,"d":"5.10"},{"$f":"ROUND(K3012,2)*R3033","v":{"v":44.625,"d":"R$ 44.63"}}]
[{"$nulls":15},"23","Casa 23",{"v":5.1,"d":"5.10"},{"$f":"ROUND(K3012,2)*R3034","v":{"v":44.625,"d":"R$ 44.63"}}]
[{"$nulls":15},"24","Casa 24",{"v":5.1,"d":"5.10"},{"$f":"ROUND(K3012,2)*R3035","v":{"v":44.625,"d":"R$ 44.63"}}]
[{"$nulls":15},"25","Casa 25",{"v":5.1,"d":"5.10"},{"$f":"ROUND(K3012,2)*R3036","v":{"v":44.625,"d":"R$ 44.63"}}]
["Serviço","24.6","SINAPI","89356","TUBO, PVC, SOLDÁVEL, DE 25MM, INSTALADO EM RAMAL OU SUB-RAMAL DE ÁGUA - FORNECIMENTO E INSTALAÇÃO. AF_06/2022",{"$f":"R3037+R3038+R3039+R3040+R3041+R3042+R3043+R3044+R3045+R3046+R3047+R3048+R3049+R3050+R3051+R3052+R3053+R3054+R3055+R3056+R3057+R3058+R3059+R3060+R3061","v":{"v":217.49999999999991,"d":"217.50"}},"M",{"v":28.88,"d":"R$ 28.88"},{"v":28.88,"d":"R$ 28.88"},{"v":0.25,"d":"25.00%"},{"$f":"ROUND(I3037,2)+(ROUND(I3037,2)*J3037)","v":{"v":36.1,"d":"R$ 36.10"}},{"$f":"ROUND(S3037,2)+ROUND(S3038,2)+ROUND(S3039,2)+ROUND(S3040,2)+ROUND(S3041,2)+ROUND(S3042,2)+ROUND(S3043,2)+ROUND(S3044,2)+ROUND(S3045,2)+ROUND(S3046,2)+ROUND(S3047,2)+ROUND(S3048,2)+ROUND(S3049,2)+ROUND(S3050,2)+ROUND(S3051,2)+ROUND(S3052,2)+ROUND(S3053,2)+ROUND(S3054,2)+ROUND(S3055,2)+ROUND(S3056,2)+ROUND(S3057,2)+ROUND(S3058,2)+ROUND(S3059,2)+ROUND(S3060,2)+ROUND(S3061,2)","v":{"v":7851.749999999997,"d":"R$ 7,851.75"}},"","24","TUBULAÇÕES E CONEXÕES HIDRÁULICAS","1","Casa 1",{"v":8.7,"d":"8.70"},{"$f":"ROUND(K3037,2)*R3037","v":{"v":314.07,"d":"R$ 314.07"}}]
[{"$nulls":15},"2","Casa 2",{"v":8.7,"d":"8.70"},{"$f":"ROUND(K3037,2)*R3038","v":{"v":314.07,"d":"R$ 314.07"}}]
[{"$nulls":15},"3","Casa 3",{"v":8.7,"d":"8.70"},{"$f":"ROUND(K3037,2)*R3039","v":{"v":314.07,"d":"R$ 314.07"}}]
[{"$nulls":15},"4","Casa 4",{"v":8.7,"d":"8.70"},{"$f":"ROUND(K3037,2)*R3040","v":{"v":314.07,"d":"R$ 314.07"}}]
[{"$nulls":15},"5","Casa 5",{"v":8.7,"d":"8.70"},{"$f":"ROUND(K3037,2)*R3041","v":{"v":314.07,"d":"R$ 314.07"}}]
[{"$nulls":15},"6","Casa 6",{"v":8.7,"d":"8.70"},{"$f":"ROUND(K3037,2)*R3042","v":{"v":314.07,"d":"R$ 314.07"}}]
[{"$nulls":15},"7","Casa 7",{"v":8.7,"d":"8.70"},{"$f":"ROUND(K3037,2)*R3043","v":{"v":314.07,"d":"R$ 314.07"}}]
[{"$nulls":15},"8","Casa 8",{"v":8.7,"d":"8.70"},{"$f":"ROUND(K3037,2)*R3044","v":{"v":314.07,"d":"R$ 314.07"}}]
[{"$nulls":15},"9","Casa 9",{"v":8.7,"d":"8.70"},{"$f":"ROUND(K3037,2)*R3045","v":{"v":314.07,"d":"R$ 314.07"}}]
[{"$nulls":15},"10","Casa 10",{"v":8.7,"d":"8.70"},{"$f":"ROUND(K3037,2)*R3046","v":{"v":314.07,"d":"R$ 314.07"}}]
[{"$nulls":15},"11","Casa 11",{"v":8.7,"d":"8.70"},{"$f":"ROUND(K3037,2)*R3047","v":{"v":314.07,"d":"R$ 314.07"}}]
[{"$nulls":15},"12","Casa 12",{"v":8.7,"d":"8.70"},{"$f":"ROUND(K3037,2)*R3048","v":{"v":314.07,"d":"R$ 314.07"}}]
[{"$nulls":15},"13","Casa 13",{"v":8.7,"d":"8.70"},{"$f":"ROUND(K3037,2)*R3049","v":{"v":314.07,"d":"R$ 314.07"}}]
[{"$nulls":15},"14","Casa 14",{"v":8.7,"d":"8.70"},{"$f":"ROUND(K3037,2)*R3050","v":{"v":314.07,"d":"R$ 314.07"}}]
[{"$nulls":15},"15","Casa 15",{"v":8.7,"d":"8.70"},{"$f":"ROUND(K3037,2)*R3051","v":{"v":314.07,"d":"R$ 314.07"}}]
[{"$nulls":15},"16","Casa 16",{"v":8.7,"d":"8.70"},{"$f":"ROUND(K3037,2)*R3052","v":{"v":314.07,"d":"R$ 314.07"}}]
[{"$nulls":15},"17","Casa 17",{"v":8.7,"d":"8.70"},{"$f":"ROUND(K3037,2)*R3053","v":{"v":314.07,"d":"R$ 314.07"}}]
[{"$nulls":15},"18","Casa 18",{"v":8.7,"d":"8.70"},{"$f":"ROUND(K3037,2)*R3054","v":{"v":314.07,"d":"R$ 314.07"}}]
[{"$nulls":15},"19","Casa 19",{"v":8.7,"d":"8.70"},{"$f":"ROUND(K3037,2)*R3055","v":{"v":314.07,"d":"R$ 314.07"}}]
[{"$nulls":15},"20","Casa 20",{"v":8.7,"d":"8.70"},{"$f":"ROUND(K3037,2)*R3056","v":{"v":314.07,"d":"R$ 314.07"}}]
[{"$nulls":15},"21","Casa 21",{"v":8.7,"d":"8.70"},{"$f":"ROUND(K3037,2)*R3057","v":{"v":314.07,"d":"R$ 314.07"}}]
[{"$nulls":15},"22","Casa 22",{"v":8.7,"d":"8.70"},{"$f":"ROUND(K3037,2)*R3058","v":{"v":314.07,"d":"R$ 314.07"}}]
[{"$nulls":15},"23","Casa 23",{"v":8.7,"d":"8.70"},{"$f":"ROUND(K3037,2)*R3059","v":{"v":314.07,"d":"R$ 314.07"}}]
[{"$nulls":15},"24","Casa 24",{"v":8.7,"d":"8.70"},{"$f":"ROUND(K3037,2)*R3060","v":{"v":314.07,"d":"R$ 314.07"}}]
[{"$nulls":15},"25","Casa 25",{"v":8.7,"d":"8.70"},{"$f":"ROUND(K3037,2)*R3061","v":{"v":314.07,"d":"R$ 314.07"}}]
["Serviço","24.7","Composição","CPU-02","FORNECIMENTO E INSTALAÇÃO DE PRESSURIZADOR ACOPLADO AO CHUVEIRO (TENSÃO: 110V - PRESSÃO MINIMA: 0,7MCA / PRESSÃO MÁXIMA: 2,5MCA - ENTRADA 1/2\" / SAÍDA 1/2\")",{"$f":"R3062+R3063+R3064+R3065+R3066+R3067+R3068+R3069+R3070+R3071+R3072+R3073+R3074+R3075+R3076+R3077+R3078+R3079+R3080+R3081+R3082+R3083+R3084+R3085+R3086","v":{"v":25,"d":"25.00"}},"UN",{"v":266.22,"d":"R$ 266.22"},{"v":266.22,"d":"R$ 266.22"},{"v":0.25,"d":"25.00%"},{"$f":"ROUND(I3062,2)+(ROUND(I3062,2)*J3062)","v":{"v":332.77500000000003,"d":"R$ 332.78"}},{"$f":"ROUND(S3062,2)+ROUND(S3063,2)+ROUND(S3064,2)+ROUND(S3065,2)+ROUND(S3066,2)+ROUND(S3067,2)+ROUND(S3068,2)+ROUND(S3069,2)+ROUND(S3070,2)+ROUND(S3071,2)+ROUND(S3072,2)+ROUND(S3073,2)+ROUND(S3074,2)+ROUND(S3075,2)+ROUND(S3076,2)+ROUND(S3077,2)+ROUND(S3078,2)+ROUND(S3079,2)+ROUND(S3080,2)+ROUND(S3081,2)+ROUND(S3082,2)+ROUND(S3083,2)+ROUND(S3084,2)+ROUND(S3085,2)+ROUND(S3086,2)","v":{"v":8319.499999999996,"d":"R$ 8,319.50"}},"","24","TUBULAÇÕES E CONEXÕES HIDRÁULICAS","1","Casa 1",{"v":1,"d":"1.00"},{"$f":"ROUND(K3062,2)*R3062","v":{"v":332.78,"d":"R$ 332.78"}}]
[{"$nulls":15},"2","Casa 2",{"v":1,"d":"1.00"},{"$f":"ROUND(K3062,2)*R3063","v":{"v":332.78,"d":"R$ 332.78"}}]
[{"$nulls":15},"3","Casa 3",{"v":1,"d":"1.00"},{"$f":"ROUND(K3062,2)*R3064","v":{"v":332.78,"d":"R$ 332.78"}}]
[{"$nulls":15},"4","Casa 4",{"v":1,"d":"1.00"},{"$f":"ROUND(K3062,2)*R3065","v":{"v":332.78,"d":"R$ 332.78"}}]
[{"$nulls":15},"5","Casa 5",{"v":1,"d":"1.00"},{"$f":"ROUND(K3062,2)*R3066","v":{"v":332.78,"d":"R$ 332.78"}}]
[{"$nulls":15},"6","Casa 6",{"v":1,"d":"1.00"},{"$f":"ROUND(K3062,2)*R3067","v":{"v":332.78,"d":"R$ 332.78"}}]
[{"$nulls":15},"7","Casa 7",{"v":1,"d":"1.00"},{"$f":"ROUND(K3062,2)*R3068","v":{"v":332.78,"d":"R$ 332.78"}}]
[{"$nulls":15},"8","Casa 8",{"v":1,"d":"1.00"},{"$f":"ROUND(K3062,2)*R3069","v":{"v":332.78,"d":"R$ 332.78"}}]
[{"$nulls":15},"9","Casa 9",{"v":1,"d":"1.00"},{"$f":"ROUND(K3062,2)*R3070","v":{"v":332.78,"d":"R$ 332.78"}}]
[{"$nulls":15},"10","Casa 10",{"v":1,"d":"1.00"},{"$f":"ROUND(K3062,2)*R3071","v":{"v":332.78,"d":"R$ 332.78"}}]
[{"$nulls":15},"11","Casa 11",{"v":1,"d":"1.00"},{"$f":"ROUND(K3062,2)*R3072","v":{"v":332.78,"d":"R$ 332.78"}}]
[{"$nulls":15},"12","Casa 12",{"v":1,"d":"1.00"},{"$f":"ROUND(K3062,2)*R3073","v":{"v":332.78,"d":"R$ 332.78"}}]
[{"$nulls":15},"13","Casa 13",{"v":1,"d":"1.00"},{"$f":"ROUND(K3062,2)*R3074","v":{"v":332.78,"d":"R$ 332.78"}}]
[{"$nulls":15},"14","Casa 14",{"v":1,"d":"1.00"},{"$f":"ROUND(K3062,2)*R3075","v":{"v":332.78,"d":"R$ 332.78"}}]
[{"$nulls":15},"15","Casa 15",{"v":1,"d":"1.00"},{"$f":"ROUND(K3062,2)*R3076","v":{"v":332.78,"d":"R$ 332.78"}}]
[{"$nulls":15},"16","Casa 16",{"v":1,"d":"1.00"},{"$f":"ROUND(K3062,2)*R3077","v":{"v":332.78,"d":"R$ 332.78"}}]
[{"$nulls":15},"17","Casa 17",{"v":1,"d":"1.00"},{"$f":"ROUND(K3062,2)*R3078","v":{"v":332.78,"d":"R$ 332.78"}}]
[{"$nulls":15},"18","Casa 18",{"v":1,"d":"1.00"},{"$f":"ROUND(K3062,2)*R3079","v":{"v":332.78,"d":"R$ 332.78"}}]
[{"$nulls":15},"19","Casa 19",{"v":1,"d":"1.00"},{"$f":"ROUND(K3062,2)*R3080","v":{"v":332.78,"d":"R$ 332.78"}}]
[{"$nulls":15},"20","Casa 20",{"v":1,"d":"1.00"},{"$f":"ROUND(K3062,2)*R3081","v":{"v":332.78,"d":"R$ 332.78"}}]
[{"$nulls":15},"21","Casa 21",{"v":1,"d":"1.00"},{"$f":"ROUND(K3062,2)*R3082","v":{"v":332.78,"d":"R$ 332.78"}}]
[{"$nulls":15},"22","Casa 22",{"v":1,"d":"1.00"},{"$f":"ROUND(K3062,2)*R3083","v":{"v":332.78,"d":"R$ 332.78"}}]
[{"$nulls":15},"23","Casa 23",{"v":1,"d":"1.00"},{"$f":"ROUND(K3062,2)*R3084","v":{"v":332.78,"d":"R$ 332.78"}}]
[{"$nulls":15},"24","Casa 24",{"v":1,"d":"1.00"},{"$f":"ROUND(K3062,2)*R3085","v":{"v":332.78,"d":"R$ 332.78"}}]
[{"$nulls":15},"25","Casa 25",{"v":1,"d":"1.00"},{"$f":"ROUND(K3062,2)*R3086","v":{"v":332.78,"d":"R$ 332.78"}}]
["Macrosserviço","25","","","REGISTROS","","","","","","",{"$f":"ROUND(L3088,2)+ROUND(L3113,2)+ROUND(L3138,2)+ROUND(L3163,2)","v":{"v":20324,"d":"R$ 20,324.00"}},"","","","","","",""]
["Serviço","25.1","SINAPI","89985","REGISTRO DE PRESSÃO BRUTO, LATÃO, ROSCÁVEL, 3/4\", COM ACABAMENTO E CANOPLA CROMADOS - FORNECIMENTO E INSTALAÇÃO. AF_08/2021",{"$f":"R3088+R3089+R3090+R3091+R3092+R3093+R3094+R3095+R3096+R3097+R3098+R3099+R3100+R3101+R3102+R3103+R3104+R3105+R3106+R3107+R3108+R3109+R3110+R3111+R3112","v":{"v":25,"d":"25.00"}},"UN",{"v":116.27,"d":"R$ 116.27"},{"v":116.27,"d":"R$ 116.27"},{"v":0.25,"d":"25.00%"},{"$f":"ROUND(I3088,2)+(ROUND(I3088,2)*J3088)","v":{"v":145.3375,"d":"R$ 145.34"}},{"$f":"ROUND(S3088,2)+ROUND(S3089,2)+ROUND(S3090,2)+ROUND(S3091,2)+ROUND(S3092,2)+ROUND(S3093,2)+ROUND(S3094,2)+ROUND(S3095,2)+ROUND(S3096,2)+ROUND(S3097,2)+ROUND(S3098,2)+ROUND(S3099,2)+ROUND(S3100,2)+ROUND(S3101,2)+ROUND(S3102,2)+ROUND(S3103,2)+ROUND(S3104,2)+ROUND(S3105,2)+ROUND(S3106,2)+ROUND(S3107,2)+ROUND(S3108,2)+ROUND(S3109,2)+ROUND(S3110,2)+ROUND(S3111,2)+ROUND(S3112,2)","v":{"v":3633.500000000001,"d":"R$ 3,633.50"}},"","25","REGISTROS","1","Casa 1",{"v":1,"d":"1.00"},{"$f":"ROUND(K3088,2)*R3088","v":{"v":145.34,"d":"R$ 145.34"}}]
[{"$nulls":15},"2","Casa 2",{"v":1,"d":"1.00"},{"$f":"ROUND(K3088,2)*R3089","v":{"v":145.34,"d":"R$ 145.34"}}]
[{"$nulls":15},"3","Casa 3",{"v":1,"d":"1.00"},{"$f":"ROUND(K3088,2)*R3090","v":{"v":145.34,"d":"R$ 145.34"}}]
[{"$nulls":15},"4","Casa 4",{"v":1,"d":"1.00"},{"$f":"ROUND(K3088,2)*R3091","v":{"v":145.34,"d":"R$ 145.34"}}]
[{"$nulls":15},"5","Casa 5",{"v":1,"d":"1.00"},{"$f":"ROUND(K3088,2)*R3092","v":{"v":145.34,"d":"R$ 145.34"}}]
[{"$nulls":15},"6","Casa 6",{"v":1,"d":"1.00"},{"$f":"ROUND(K3088,2)*R3093","v":{"v":145.34,"d":"R$ 145.34"}}]
[{"$nulls":15},"7","Casa 7",{"v":1,"d":"1.00"},{"$f":"ROUND(K3088,2)*R3094","v":{"v":145.34,"d":"R$ 145.34"}}]
[{"$nulls":15},"8","Casa 8",{"v":1,"d":"1.00"},{"$f":"ROUND(K3088,2)*R3095","v":{"v":145.34,"d":"R$ 145.34"}}]
[{"$nulls":15},"9","Casa 9",{"v":1,"d":"1.00"},{"$f":"ROUND(K3088,2)*R3096","v":{"v":145.34,"d":"R$ 145.34"}}]
[{"$nulls":15},"10","Casa 10",{"v":1,"d":"1.00"},{"$f":"ROUND(K3088,2)*R3097","v":{"v":145.34,"d":"R$ 145.34"}}]
[{"$nulls":15},"11","Casa 11",{"v":1,"d":"1.00"},{"$f":"ROUND(K3088,2)*R3098","v":{"v":145.34,"d":"R$ 145.34"}}]
[{"$nulls":15},"12","Casa 12",{"v":1,"d":"1.00"},{"$f":"ROUND(K3088,2)*R3099","v":{"v":145.34,"d":"R$ 145.34"}}]
[{"$nulls":15},"13","Casa 13",{"v":1,"d":"1.00"},{"$f":"ROUND(K3088,2)*R3100","v":{"v":145.34,"d":"R$ 145.34"}}]
[{"$nulls":15},"14","Casa 14",{"v":1,"d":"1.00"},{"$f":"ROUND(K3088,2)*R3101","v":{"v":145.34,"d":"R$ 145.34"}}]
[{"$nulls":15},"15","Casa 15",{"v":1,"d":"1.00"},{"$f":"ROUND(K3088,2)*R3102","v":{"v":145.34,"d":"R$ 145.34"}}]
[{"$nulls":15},"16","Casa 16",{"v":1,"d":"1.00"},{"$f":"ROUND(K3088,2)*R3103","v":{"v":145.34,"d":"R$ 145.34"}}]
[{"$nulls":15},"17","Casa 17",{"v":1,"d":"1.00"},{"$f":"ROUND(K3088,2)*R3104","v":{"v":145.34,"d":"R$ 145.34"}}]
[{"$nulls":15},"18","Casa 18",{"v":1,"d":"1.00"},{"$f":"ROUND(K3088,2)*R3105","v":{"v":145.34,"d":"R$ 145.34"}}]
[{"$nulls":15},"19","Casa 19",{"v":1,"d":"1.00"},{"$f":"ROUND(K3088,2)*R3106","v":{"v":145.34,"d":"R$ 145.34"}}]
[{"$nulls":15},"20","Casa 20",{"v":1,"d":"1.00"},{"$f":"ROUND(K3088,2)*R3107","v":{"v":145.34,"d":"R$ 145.34"}}]
[{"$nulls":15},"21","Casa 21",{"v":1,"d":"1.00"},{"$f":"ROUND(K3088,2)*R3108","v":{"v":145.34,"d":"R$ 145.34"}}]
[{"$nulls":15},"22","Casa 22",{"v":1,"d":"1.00"},{"$f":"ROUND(K3088,2)*R3109","v":{"v":145.34,"d":"R$ 145.34"}}]
[{"$nulls":15},"23","Casa 23",{"v":1,"d":"1.00"},{"$f":"ROUND(K3088,2)*R3110","v":{"v":145.34,"d":"R$ 145.34"}}]
[{"$nulls":15},"24","Casa 24",{"v":1,"d":"1.00"},{"$f":"ROUND(K3088,2)*R3111","v":{"v":145.34,"d":"R$ 145.34"}}]
[{"$nulls":15},"25","Casa 25",{"v":1,"d":"1.00"},{"$f":"ROUND(K3088,2)*R3112","v":{"v":145.34,"d":"R$ 145.34"}}]
["Serviço","25.2","SINAPI","89987","REGISTRO DE GAVETA BRUTO, LATÃO, ROSCÁVEL, 3/4\", COM ACABAMENTO E CANOPLA CROMADOS - FORNECIMENTO E INSTALAÇÃO. AF_08/2021",{"$f":"R3113+R3114+R3115+R3116+R3117+R3118+R3119+R3120+R3121+R3122+R3123+R3124+R3125+R3126+R3127+R3128+R3129+R3130+R3131+R3132+R3133+R3134+R3135+R3136+R3137","v":{"v":75,"d":"75.00"}},"UN",{"v":122.46,"d":"R$ 122.46"},{"v":122.46,"d":"R$ 122.46"},{"v":0.25,"d":"25.00%"},{"$f":"ROUND(I3113,2)+(ROUND(I3113,2)*J3113)","v":{"v":153.075,"d":"R$ 153.08"}},{"$f":"ROUND(S3113,2)+ROUND(S3114,2)+ROUND(S3115,2)+ROUND(S3116,2)+ROUND(S3117,2)+ROUND(S3118,2)+ROUND(S3119,2)+ROUND(S3120,2)+ROUND(S3121,2)+ROUND(S3122,2)+ROUND(S3123,2)+ROUND(S3124,2)+ROUND(S3125,2)+ROUND(S3126,2)+ROUND(S3127,2)+ROUND(S3128,2)+ROUND(S3129,2)+ROUND(S3130,2)+ROUND(S3131,2)+ROUND(S3132,2)+ROUND(S3133,2)+ROUND(S3134,2)+ROUND(S3135,2)+ROUND(S3136,2)+ROUND(S3137,2)","v":{"v":11480.999999999996,"d":"R$ 11,481.00"}},"","25","REGISTROS","1","Casa 1",{"v":3,"d":"3.00"},{"$f":"ROUND(K3113,2)*R3113","v":{"v":459.24,"d":"R$ 459.24"}}]
[{"$nulls":15},"2","Casa 2",{"v":3,"d":"3.00"},{"$f":"ROUND(K3113,2)*R3114","v":{"v":459.24,"d":"R$ 459.24"}}]
[{"$nulls":15},"3","Casa 3",{"v":3,"d":"3.00"},{"$f":"ROUND(K3113,2)*R3115","v":{"v":459.24,"d":"R$ 459.24"}}]
[{"$nulls":15},"4","Casa 4",{"v":3,"d":"3.00"},{"$f":"ROUND(K3113,2)*R3116","v":{"v":459.24,"d":"R$ 459.24"}}]
[{"$nulls":15},"5","Casa 5",{"v":3,"d":"3.00"},{"$f":"ROUND(K3113,2)*R3117","v":{"v":459.24,"d":"R$ 459.24"}}]
[{"$nulls":15},"6","Casa 6",{"v":3,"d":"3.00"},{"$f":"ROUND(K3113,2)*R3118","v":{"v":459.24,"d":"R$ 459.24"}}]
[{"$nulls":15},"7","Casa 7",{"v":3,"d":"3.00"},{"$f":"ROUND(K3113,2)*R3119","v":{"v":459.24,"d":"R$ 459.24"}}]
[{"$nulls":15},"8","Casa 8",{"v":3,"d":"3.00"},{"$f":"ROUND(K3113,2)*R3120","v":{"v":459.24,"d":"R$ 459.24"}}]
[{"$nulls":15},"9","Casa 9",{"v":3,"d":"3.00"},{"$f":"ROUND(K3113,2)*R3121","v":{"v":459.24,"d":"R$ 459.24"}}]
[{"$nulls":15},"10","Casa 10",{"v":3,"d":"3.00"},{"$f":"ROUND(K3113,2)*R3122","v":{"v":459.24,"d":"R$ 459.24"}}]
[{"$nulls":15},"11","Casa 11",{"v":3,"d":"3.00"},{"$f":"ROUND(K3113,2)*R3123","v":{"v":459.24,"d":"R$ 459.24"}}]
[{"$nulls":15},"12","Casa 12",{"v":3,"d":"3.00"},{"$f":"ROUND(K3113,2)*R3124","v":{"v":459.24,"d":"R$ 459.24"}}]
[{"$nulls":15},"13","Casa 13",{"v":3,"d":"3.00"},{"$f":"ROUND(K3113,2)*R3125","v":{"v":459.24,"d":"R$ 459.24"}}]
[{"$nulls":15},"14","Casa 14",{"v":3,"d":"3.00"},{"$f":"ROUND(K3113,2)*R3126","v":{"v":459.24,"d":"R$ 459.24"}}]
[{"$nulls":15},"15","Casa 15",{"v":3,"d":"3.00"},{"$f":"ROUND(K3113,2)*R3127","v":{"v":459.24,"d":"R$ 459.24"}}]
[{"$nulls":15},"16","Casa 16",{"v":3,"d":"3.00"},{"$f":"ROUND(K3113,2)*R3128","v":{"v":459.24,"d":"R$ 459.24"}}]
[{"$nulls":15},"17","Casa 17",{"v":3,"d":"3.00"},{"$f":"ROUND(K3113,2)*R3129","v":{"v":459.24,"d":"R$ 459.24"}}]
[{"$nulls":15},"18","Casa 18",{"v":3,"d":"3.00"},{"$f":"ROUND(K3113,2)*R3130","v":{"v":459.24,"d":"R$ 459.24"}}]
[{"$nulls":15},"19","Casa 19",{"v":3,"d":"3.00"},{"$f":"ROUND(K3113,2)*R3131","v":{"v":459.24,"d":"R$ 459.24"}}]
[{"$nulls":15},"20","Casa 20",{"v":3,"d":"3.00"},{"$f":"ROUND(K3113,2)*R3132","v":{"v":459.24,"d":"R$ 459.24"}}]
[{"$nulls":15},"21","Casa 21",{"v":3,"d":"3.00"},{"$f":"ROUND(K3113,2)*R3133","v":{"v":459.24,"d":"R$ 459.24"}}]
[{"$nulls":15},"22","Casa 22",{"v":3,"d":"3.00"},{"$f":"ROUND(K3113,2)*R3134","v":{"v":459.24,"d":"R$ 459.24"}}]
[{"$nulls":15},"23","Casa 23",{"v":3,"d":"3.00"},{"$f":"ROUND(K3113,2)*R3135","v":{"v":459.24,"d":"R$ 459.24"}}]
[{"$nulls":15},"24","Casa 24",{"v":3,"d":"3.00"},{"$f":"ROUND(K3113,2)*R3136","v":{"v":459.24,"d":"R$ 459.24"}}]
[{"$nulls":15},"25","Casa 25",{"v":3,"d":"3.00"},{"$f":"ROUND(K3113,2)*R3137","v":{"v":459.24,"d":"R$ 459.24"}}]
["Serviço","25.3","SINAPI","94490","REGISTRO DE ESFERA, PVC, SOLDÁVEL, COM VOLANTE, DN 32 MM - FORNECIMENTO E INSTALAÇÃO. AF_08/2021",{"$f":"R3138+R3139+R3140+R3141+R3142+R3143+R3144+R3145+R3146+R3147+R3148+R3149+R3150+R3151+R3152+R3153+R3154+R3155+R3156+R3157+R3158+R3159+R3160+R3161+R3162","v":{"v":50,"d":"50.00"}},"UN",{"v":58.02,"d":"R$ 58.02"},{"v":58.02,"d":"R$ 58.02"},{"v":0.25,"d":"25.00%"},{"$f":"ROUND(I3138,2)+(ROUND(I3138,2)*J3138)","v":{"v":72.525,"d":"R$ 72.53"}},{"$f":"ROUND(S3138,2)+ROUND(S3139,2)+ROUND(S3140,2)+ROUND(S3141,2)+ROUND(S3142,2)+ROUND(S3143,2)+ROUND(S3144,2)+ROUND(S3145,2)+ROUND(S3146,2)+ROUND(S3147,2)+ROUND(S3148,2)+ROUND(S3149,2)+ROUND(S3150,2)+ROUND(S3151,2)+ROUND(S3152,2)+ROUND(S3153,2)+ROUND(S3154,2)+ROUND(S3155,2)+ROUND(S3156,2)+ROUND(S3157,2)+ROUND(S3158,2)+ROUND(S3159,2)+ROUND(S3160,2)+ROUND(S3161,2)+ROUND(S3162,2)","v":{"v":3626.499999999999,"d":"R$ 3,626.50"}},"","25","REGISTROS","1","Casa 1",{"v":2,"d":"2.00"},{"$f":"ROUND(K3138,2)*R3138","v":{"v":145.06,"d":"R$ 145.06"}}]
[{"$nulls":15},"2","Casa 2",{"v":2,"d":"2.00"},{"$f":"ROUND(K3138,2)*R3139","v":{"v":145.06,"d":"R$ 145.06"}}]
[{"$nulls":15},"3","Casa 3",{"v":2,"d":"2.00"},{"$f":"ROUND(K3138,2)*R3140","v":{"v":145.06,"d":"R$ 145.06"}}]
[{"$nulls":15},"4","Casa 4",{"v":2,"d":"2.00"},{"$f":"ROUND(K3138,2)*R3141","v":{"v":145.06,"d":"R$ 145.06"}}]
[{"$nulls":15},"5","Casa 5",{"v":2,"d":"2.00"},{"$f":"ROUND(K3138,2)*R3142","v":{"v":145.06,"d":"R$ 145.06"}}]
[{"$nulls":15},"6","Casa 6",{"v":2,"d":"2.00"},{"$f":"ROUND(K3138,2)*R3143","v":{"v":145.06,"d":"R$ 145.06"}}]
[{"$nulls":15},"7","Casa 7",{"v":2,"d":"2.00"},{"$f":"ROUND(K3138,2)*R3144","v":{"v":145.06,"d":"R$ 145.06"}}]
[{"$nulls":15},"8","Casa 8",{"v":2,"d":"2.00"},{"$f":"ROUND(K3138,2)*R3145","v":{"v":145.06,"d":"R$ 145.06"}}]
[{"$nulls":15},"9","Casa 9",{"v":2,"d":"2.00"},{"$f":"ROUND(K3138,2)*R3146","v":{"v":145.06,"d":"R$ 145.06"}}]
[{"$nulls":15},"10","Casa 10",{"v":2,"d":"2.00"},{"$f":"ROUND(K3138,2)*R3147","v":{"v":145.06,"d":"R$ 145.06"}}]
[{"$nulls":15},"11","Casa 11",{"v":2,"d":"2.00"},{"$f":"ROUND(K3138,2)*R3148","v":{"v":145.06,"d":"R$ 145.06"}}]
[{"$nulls":15},"12","Casa 12",{"v":2,"d":"2.00"},{"$f":"ROUND(K3138,2)*R3149","v":{"v":145.06,"d":"R$ 145.06"}}]
[{"$nulls":15},"13","Casa 13",{"v":2,"d":"2.00"},{"$f":"ROUND(K3138,2)*R3150","v":{"v":145.06,"d":"R$ 145.06"}}]
[{"$nulls":15},"14","Casa 14",{"v":2,"d":"2.00"},{"$f":"ROUND(K3138,2)*R3151","v":{"v":145.06,"d":"R$ 145.06"}}]
[{"$nulls":15},"15","Casa 15",{"v":2,"d":"2.00"},{"$f":"ROUND(K3138,2)*R3152","v":{"v":145.06,"d":"R$ 145.06"}}]
[{"$nulls":15},"16","Casa 16",{"v":2,"d":"2.00"},{"$f":"ROUND(K3138,2)*R3153","v":{"v":145.06,"d":"R$ 145.06"}}]
[{"$nulls":15},"17","Casa 17",{"v":2,"d":"2.00"},{"$f":"ROUND(K3138,2)*R3154","v":{"v":145.06,"d":"R$ 145.06"}}]
[{"$nulls":15},"18","Casa 18",{"v":2,"d":"2.00"},{"$f":"ROUND(K3138,2)*R3155","v":{"v":145.06,"d":"R$ 145.06"}}]
[{"$nulls":15},"19","Casa 19",{"v":2,"d":"2.00"},{"$f":"ROUND(K3138,2)*R3156","v":{"v":145.06,"d":"R$ 145.06"}}]
[{"$nulls":15},"20","Casa 20",{"v":2,"d":"2.00"},{"$f":"ROUND(K3138,2)*R3157","v":{"v":145.06,"d":"R$ 145.06"}}]
[{"$nulls":15},"21","Casa 21",{"v":2,"d":"2.00"},{"$f":"ROUND(K3138,2)*R3158","v":{"v":145.06,"d":"R$ 145.06"}}]
[{"$nulls":15},"22","Casa 22",{"v":2,"d":"2.00"},{"$f":"ROUND(K3138,2)*R3159","v":{"v":145.06,"d":"R$ 145.06"}}]
[{"$nulls":15},"23","Casa 23",{"v":2,"d":"2.00"},{"$f":"ROUND(K3138,2)*R3160","v":{"v":145.06,"d":"R$ 145.06"}}]
[{"$nulls":15},"24","Casa 24",{"v":2,"d":"2.00"},{"$f":"ROUND(K3138,2)*R3161","v":{"v":145.06,"d":"R$ 145.06"}}]
[{"$nulls":15},"25","Casa 25",{"v":2,"d":"2.00"},{"$f":"ROUND(K3138,2)*R3162","v":{"v":145.06,"d":"R$ 145.06"}}]
["Serviço","25.4","SINAPI","86885","ENGATE FLEXÍVEL EM PLÁSTICO BRANCO, 1/2\" X 40CM - FORNECIMENTO E INSTALAÇÃO. AF_01/2020",{"$f":"R3163+R3164+R3165+R3166+R3167+R3168+R3169+R3170+R3171+R3172+R3173+R3174+R3175+R3176+R3177+R3178+R3179+R3180+R3181+R3182+R3183+R3184+R3185+R3186+R3187","v":{"v":100,"d":"100.00"}},"UN",{"v":12.66,"d":"R$ 12.66"},{"v":12.66,"d":"R$ 12.66"},{"v":0.25,"d":"25.00%"},{"$f":"ROUND(I3163,2)+(ROUND(I3163,2)*J3163)","v":{"v":15.825,"d":"R$ 15.83"}},{"$f":"ROUND(S3163,2)+ROUND(S3164,2)+ROUND(S3165,2)+ROUND(S3166,2)+ROUND(S3167,2)+ROUND(S3168,2)+ROUND(S3169,2)+ROUND(S3170,2)+ROUND(S3171,2)+ROUND(S3172,2)+ROUND(S3173,2)+ROUND(S3174,2)+ROUND(S3175,2)+ROUND(S3176,2)+ROUND(S3177,2)+ROUND(S3178,2)+ROUND(S3179,2)+ROUND(S3180,2)+ROUND(S3181,2)+ROUND(S3182,2)+ROUND(S3183,2)+ROUND(S3184,2)+ROUND(S3185,2)+ROUND(S3186,2)+ROUND(S3187,2)","v":{"v":1582.9999999999998,"d":"R$ 1,583.00"}},"","25","REGISTROS","1","Casa 1",{"v":4,"d":"4.00"},{"$f":"ROUND(K3163,2)*R3163","v":{"v":63.32,"d":"R$ 63.32"}}]
[{"$nulls":15},"2","Casa 2",{"v":4,"d":"4.00"},{"$f":"ROUND(K3163,2)*R3164","v":{"v":63.32,"d":"R$ 63.32"}}]
[{"$nulls":15},"3","Casa 3",{"v":4,"d":"4.00"},{"$f":"ROUND(K3163,2)*R3165","v":{"v":63.32,"d":"R$ 63.32"}}]
[{"$nulls":15},"4","Casa 4",{"v":4,"d":"4.00"},{"$f":"ROUND(K3163,2)*R3166","v":{"v":63.32,"d":"R$ 63.32"}}]
[{"$nulls":15},"5","Casa 5",{"v":4,"d":"4.00"},{"$f":"ROUND(K3163,2)*R3167","v":{"v":63.32,"d":"R$ 63.32"}}]
[{"$nulls":15},"6","Casa 6",{"v":4,"d":"4.00"},{"$f":"ROUND(K3163,2)*R3168","v":{"v":63.32,"d":"R$ 63.32"}}]
[{"$nulls":15},"7","Casa 7",{"v":4,"d":"4.00"},{"$f":"ROUND(K3163,2)*R3169","v":{"v":63.32,"d":"R$ 63.32"}}]
[{"$nulls":15},"8","Casa 8",{"v":4,"d":"4.00"},{"$f":"ROUND(K3163,2)*R3170","v":{"v":63.32,"d":"R$ 63.32"}}]
[{"$nulls":15},"9","Casa 9",{"v":4,"d":"4.00"},{"$f":"ROUND(K3163,2)*R3171","v":{"v":63.32,"d":"R$ 63.32"}}]
[{"$nulls":15},"10","Casa 10",{"v":4,"d":"4.00"},{"$f":"ROUND(K3163,2)*R3172","v":{"v":63.32,"d":"R$ 63.32"}}]
[{"$nulls":15},"11","Casa 11",{"v":4,"d":"4.00"},{"$f":"ROUND(K3163,2)*R3173","v":{"v":63.32,"d":"R$ 63.32"}}]
[{"$nulls":15},"12","Casa 12",{"v":4,"d":"4.00"},{"$f":"ROUND(K3163,2)*R3174","v":{"v":63.32,"d":"R$ 63.32"}}]
[{"$nulls":15},"13","Casa 13",{"v":4,"d":"4.00"},{"$f":"ROUND(K3163,2)*R3175","v":{"v":63.32,"d":"R$ 63.32"}}]
[{"$nulls":15},"14","Casa 14",{"v":4,"d":"4.00"},{"$f":"ROUND(K3163,2)*R3176","v":{"v":63.32,"d":"R$ 63.32"}}]
[{"$nulls":15},"15","Casa 15",{"v":4,"d":"4.00"},{"$f":"ROUND(K3163,2)*R3177","v":{"v":63.32,"d":"R$ 63.32"}}]
[{"$nulls":15},"16","Casa 16",{"v":4,"d":"4.00"},{"$f":"ROUND(K3163,2)*R3178","v":{"v":63.32,"d":"R$ 63.32"}}]
[{"$nulls":15},"17","Casa 17",{"v":4,"d":"4.00"},{"$f":"ROUND(K3163,2)*R3179","v":{"v":63.32,"d":"R$ 63.32"}}]
[{"$nulls":15},"18","Casa 18",{"v":4,"d":"4.00"},{"$f":"ROUND(K3163,2)*R3180","v":{"v":63.32,"d":"R$ 63.32"}}]
[{"$nulls":15},"19","Casa 19",{"v":4,"d":"4.00"},{"$f":"ROUND(K3163,2)*R3181","v":{"v":63.32,"d":"R$ 63.32"}}]
[{"$nulls":15},"20","Casa 20",{"v":4,"d":"4.00"},{"$f":"ROUND(K3163,2)*R3182","v":{"v":63.32,"d":"R$ 63.32"}}]
[{"$nulls":15},"21","Casa 21",{"v":4,"d":"4.00"},{"$f":"ROUND(K3163,2)*R3183","v":{"v":63.32,"d":"R$ 63.32"}}]
[{"$nulls":15},"22","Casa 22",{"v":4,"d":"4.00"},{"$f":"ROUND(K3163,2)*R3184","v":{"v":63.32,"d":"R$ 63.32"}}]
[{"$nulls":15},"23","Casa 23",{"v":4,"d":"4.00"},{"$f":"ROUND(K3163,2)*R3185","v":{"v":63.32,"d":"R$ 63.32"}}]
[{"$nulls":15},"24","Casa 24",{"v":4,"d":"4.00"},{"$f":"ROUND(K3163,2)*R3186","v":{"v":63.32,"d":"R$ 63.32"}}]
[{"$nulls":15},"25","Casa 25",{"v":4,"d":"4.00"},{"$f":"ROUND(K3163,2)*R3187","v":{"v":63.32,"d":"R$ 63.32"}}]
["Macrosserviço","26","","","ENTRADA / ALIMENTAÇÃO HIDRÁULICA","","","","","","",{"$f":"ROUND(L3189,2)+ROUND(L3214,2)+ROUND(L3239,2)+ROUND(L3264,2)+ROUND(L3289,2)+ROUND(L3314,2)+ROUND(L3339,2)","v":{"v":19188,"d":"R$ 19,188.00"}},"","","","","","",""]
["Serviço","26.1","SINAPI","97741","KIT CAVALETE PARA MEDIÇÃO DE ÁGUA - ENTRADA INDIVIDUALIZADA, EM PVC 25 MM (3/4\"), PARA 1 MEDIDOR - FORNECIMENTO E INSTALAÇÃO (EXCLUSIVE HIDRÔMETRO). AF_03/2024",{"$f":"R3189+R3190+R3191+R3192+R3193+R3194+R3195+R3196+R3197+R3198+R3199+R3200+R3201+R3202+R3203+R3204+R3205+R3206+R3207+R3208+R3209+R3210+R3211+R3212+R3213","v":{"v":25,"d":"25.00"}},"UN",{"v":209.83,"d":"R$ 209.83"},{"v":209.83,"d":"R$ 209.83"},{"v":0.25,"d":"25.00%"},{"$f":"ROUND(I3189,2)+(ROUND(I3189,2)*J3189)","v":{"v":262.2875,"d":"R$ 262.29"}},{"$f":"ROUND(S3189,2)+ROUND(S3190,2)+ROUND(S3191,2)+ROUND(S3192,2)+ROUND(S3193,2)+ROUND(S3194,2)+ROUND(S3195,2)+ROUND(S3196,2)+ROUND(S3197,2)+ROUND(S3198,2)+ROUND(S3199,2)+ROUND(S3200,2)+ROUND(S3201,2)+ROUND(S3202,2)+ROUND(S3203,2)+ROUND(S3204,2)+ROUND(S3205,2)+ROUND(S3206,2)+ROUND(S3207,2)+ROUND(S3208,2)+ROUND(S3209,2)+ROUND(S3210,2)+ROUND(S3211,2)+ROUND(S3212,2)+ROUND(S3213,2)","v":{"v":6557.25,"d":"R$ 6,557.25"}},"","26","ENTRADA / ALIMENTAÇÃO HIDRÁULICA","1","Casa 1",{"v":1,"d":"1.00"},{"$f":"ROUND(K3189,2)*R3189","v":{"v":262.29,"d":"R$ 262.29"}}]
[{"$nulls":15},"2","Casa 2",{"v":1,"d":"1.00"},{"$f":"ROUND(K3189,2)*R3190","v":{"v":262.29,"d":"R$ 262.29"}}]
[{"$nulls":15},"3","Casa 3",{"v":1,"d":"1.00"},{"$f":"ROUND(K3189,2)*R3191","v":{"v":262.29,"d":"R$ 262.29"}}]
[{"$nulls":15},"4","Casa 4",{"v":1,"d":"1.00"},{"$f":"ROUND(K3189,2)*R3192","v":{"v":262.29,"d":"R$ 262.29"}}]
[{"$nulls":15},"5","Casa 5",{"v":1,"d":"1.00"},{"$f":"ROUND(K3189,2)*R3193","v":{"v":262.29,"d":"R$ 262.29"}}]
[{"$nulls":15},"6","Casa 6",{"v":1,"d":"1.00"},{"$f":"ROUND(K3189,2)*R3194","v":{"v":262.29,"d":"R$ 262.29"}}]
[{"$nulls":15},"7","Casa 7",{"v":1,"d":"1.00"},{"$f":"ROUND(K3189,2)*R3195","v":{"v":262.29,"d":"R$ 262.29"}}]
[{"$nulls":15},"8","Casa 8",{"v":1,"d":"1.00"},{"$f":"ROUND(K3189,2)*R3196","v":{"v":262.29,"d":"R$ 262.29"}}]
[{"$nulls":15},"9","Casa 9",{"v":1,"d":"1.00"},{"$f":"ROUND(K3189,2)*R3197","v":{"v":262.29,"d":"R$ 262.29"}}]
[{"$nulls":15},"10","Casa 10",{"v":1,"d":"1.00"},{"$f":"ROUND(K3189,2)*R3198","v":{"v":262.29,"d":"R$ 262.29"}}]
[{"$nulls":15},"11","Casa 11",{"v":1,"d":"1.00"},{"$f":"ROUND(K3189,2)*R3199","v":{"v":262.29,"d":"R$ 262.29"}}]
[{"$nulls":15},"12","Casa 12",{"v":1,"d":"1.00"},{"$f":"ROUND(K3189,2)*R3200","v":{"v":262.29,"d":"R$ 262.29"}}]
[{"$nulls":15},"13","Casa 13",{"v":1,"d":"1.00"},{"$f":"ROUND(K3189,2)*R3201","v":{"v":262.29,"d":"R$ 262.29"}}]
[{"$nulls":15},"14","Casa 14",{"v":1,"d":"1.00"},{"$f":"ROUND(K3189,2)*R3202","v":{"v":262.29,"d":"R$ 262.29"}}]
[{"$nulls":15},"15","Casa 15",{"v":1,"d":"1.00"},{"$f":"ROUND(K3189,2)*R3203","v":{"v":262.29,"d":"R$ 262.29"}}]
[{"$nulls":15},"16","Casa 16",{"v":1,"d":"1.00"},{"$f":"ROUND(K3189,2)*R3204","v":{"v":262.29,"d":"R$ 262.29"}}]
[{"$nulls":15},"17","Casa 17",{"v":1,"d":"1.00"},{"$f":"ROUND(K3189,2)*R3205","v":{"v":262.29,"d":"R$ 262.29"}}]
[{"$nulls":15},"18","Casa 18",{"v":1,"d":"1.00"},{"$f":"ROUND(K3189,2)*R3206","v":{"v":262.29,"d":"R$ 262.29"}}]
[{"$nulls":15},"19","Casa 19",{"v":1,"d":"1.00"},{"$f":"ROUND(K3189,2)*R3207","v":{"v":262.29,"d":"R$ 262.29"}}]
[{"$nulls":15},"20","Casa 20",{"v":1,"d":"1.00"},{"$f":"ROUND(K3189,2)*R3208","v":{"v":262.29,"d":"R$ 262.29"}}]
[{"$nulls":15},"21","Casa 21",{"v":1,"d":"1.00"},{"$f":"ROUND(K3189,2)*R3209","v":{"v":262.29,"d":"R$ 262.29"}}]
[{"$nulls":15},"22","Casa 22",{"v":1,"d":"1.00"},{"$f":"ROUND(K3189,2)*R3210","v":{"v":262.29,"d":"R$ 262.29"}}]
[{"$nulls":15},"23","Casa 23",{"v":1,"d":"1.00"},{"$f":"ROUND(K3189,2)*R3211","v":{"v":262.29,"d":"R$ 262.29"}}]
[{"$nulls":15},"24","Casa 24",{"v":1,"d":"1.00"},{"$f":"ROUND(K3189,2)*R3212","v":{"v":262.29,"d":"R$ 262.29"}}]
[{"$nulls":15},"25","Casa 25",{"v":1,"d":"1.00"},{"$f":"ROUND(K3189,2)*R3213","v":{"v":262.29,"d":"R$ 262.29"}}]
["Serviço","26.2","Composição","104994_ADP-01","CAIXA DE EMBUTIR EM POLICARBONATO PARA ABRIGO DE HIDRÔMETRO - FORNECIMENTO E INSTALAÇÃO (EXCLUSIVE HIDRÔMETRO).",{"$f":"R3214+R3215+R3216+R3217+R3218+R3219+R3220+R3221+R3222+R3223+R3224+R3225+R3226+R3227+R3228+R3229+R3230+R3231+R3232+R3233+R3234+R3235+R3236+R3237+R3238","v":{"v":25,"d":"25.00"}},"UN",{"v":192.28,"d":"R$ 192.28"},{"v":192.28,"d":"R$ 192.28"},{"v":0.25,"d":"25.00%"},{"$f":"ROUND(I3214,2)+(ROUND(I3214,2)*J3214)","v":{"v":240.35,"d":"R$ 240.35"}},{"$f":"ROUND(S3214,2)+ROUND(S3215,2)+ROUND(S3216,2)+ROUND(S3217,2)+ROUND(S3218,2)+ROUND(S3219,2)+ROUND(S3220,2)+ROUND(S3221,2)+ROUND(S3222,2)+ROUND(S3223,2)+ROUND(S3224,2)+ROUND(S3225,2)+ROUND(S3226,2)+ROUND(S3227,2)+ROUND(S3228,2)+ROUND(S3229,2)+ROUND(S3230,2)+ROUND(S3231,2)+ROUND(S3232,2)+ROUND(S3233,2)+ROUND(S3234,2)+ROUND(S3235,2)+ROUND(S3236,2)+ROUND(S3237,2)+ROUND(S3238,2)","v":{"v":6008.750000000002,"d":"R$ 6,008.75"}},"","26","ENTRADA / ALIMENTAÇÃO HIDRÁULICA","1","Casa 1",{"v":1,"d":"1.00"},{"$f":"ROUND(K3214,2)*R3214","v":{"v":240.35,"d":"R$ 240.35"}}]
[{"$nulls":15},"2","Casa 2",{"v":1,"d":"1.00"},{"$f":"ROUND(K3214,2)*R3215","v":{"v":240.35,"d":"R$ 240.35"}}]
[{"$nulls":15},"3","Casa 3",{"v":1,"d":"1.00"},{"$f":"ROUND(K3214,2)*R3216","v":{"v":240.35,"d":"R$ 240.35"}}]
[{"$nulls":15},"4","Casa 4",{"v":1,"d":"1.00"},{"$f":"ROUND(K3214,2)*R3217","v":{"v":240.35,"d":"R$ 240.35"}}]
[{"$nulls":15},"5","Casa 5",{"v":1,"d":"1.00"},{"$f":"ROUND(K3214,2)*R3218","v":{"v":240.35,"d":"R$ 240.35"}}]
[{"$nulls":15},"6","Casa 6",{"v":1,"d":"1.00"},{"$f":"ROUND(K3214,2)*R3219","v":{"v":240.35,"d":"R$ 240.35"}}]
[{"$nulls":15},"7","Casa 7",{"v":1,"d":"1.00"},{"$f":"ROUND(K3214,2)*R3220","v":{"v":240.35,"d":"R$ 240.35"}}]
[{"$nulls":15},"8","Casa 8",{"v":1,"d":"1.00"},{"$f":"ROUND(K3214,2)*R3221","v":{"v":240.35,"d":"R$ 240.35"}}]
[{"$nulls":15},"9","Casa 9",{"v":1,"d":"1.00"},{"$f":"ROUND(K3214,2)*R3222","v":{"v":240.35,"d":"R$ 240.35"}}]
[{"$nulls":15},"10","Casa 10",{"v":1,"d":"1.00"},{"$f":"ROUND(K3214,2)*R3223","v":{"v":240.35,"d":"R$ 240.35"}}]
[{"$nulls":15},"11","Casa 11",{"v":1,"d":"1.00"},{"$f":"ROUND(K3214,2)*R3224","v":{"v":240.35,"d":"R$ 240.35"}}]
[{"$nulls":15},"12","Casa 12",{"v":1,"d":"1.00"},{"$f":"ROUND(K3214,2)*R3225","v":{"v":240.35,"d":"R$ 240.35"}}]
[{"$nulls":15},"13","Casa 13",{"v":1,"d":"1.00"},{"$f":"ROUND(K3214,2)*R3226","v":{"v":240.35,"d":"R$ 240.35"}}]
[{"$nulls":15},"14","Casa 14",{"v":1,"d":"1.00"},{"$f":"ROUND(K3214,2)*R3227","v":{"v":240.35,"d":"R$ 240.35"}}]
[{"$nulls":15},"15","Casa 15",{"v":1,"d":"1.00"},{"$f":"ROUND(K3214,2)*R3228","v":{"v":240.35,"d":"R$ 240.35"}}]
[{"$nulls":15},"16","Casa 16",{"v":1,"d":"1.00"},{"$f":"ROUND(K3214,2)*R3229","v":{"v":240.35,"d":"R$ 240.35"}}]
[{"$nulls":15},"17","Casa 17",{"v":1,"d":"1.00"},{"$f":"ROUND(K3214,2)*R3230","v":{"v":240.35,"d":"R$ 240.35"}}]
[{"$nulls":15},"18","Casa 18",{"v":1,"d":"1.00"},{"$f":"ROUND(K3214,2)*R3231","v":{"v":240.35,"d":"R$ 240.35"}}]
[{"$nulls":15},"19","Casa 19",{"v":1,"d":"1.00"},{"$f":"ROUND(K3214,2)*R3232","v":{"v":240.35,"d":"R$ 240.35"}}]
[{"$nulls":15},"20","Casa 20",{"v":1,"d":"1.00"},{"$f":"ROUND(K3214,2)*R3233","v":{"v":240.35,"d":"R$ 240.35"}}]
[{"$nulls":15},"21","Casa 21",{"v":1,"d":"1.00"},{"$f":"ROUND(K3214,2)*R3234","v":{"v":240.35,"d":"R$ 240.35"}}]
[{"$nulls":15},"22","Casa 22",{"v":1,"d":"1.00"},{"$f":"ROUND(K3214,2)*R3235","v":{"v":240.35,"d":"R$ 240.35"}}]
[{"$nulls":15},"23","Casa 23",{"v":1,"d":"1.00"},{"$f":"ROUND(K3214,2)*R3236","v":{"v":240.35,"d":"R$ 240.35"}}]
[{"$nulls":15},"24","Casa 24",{"v":1,"d":"1.00"},{"$f":"ROUND(K3214,2)*R3237","v":{"v":240.35,"d":"R$ 240.35"}}]
[{"$nulls":15},"25","Casa 25",{"v":1,"d":"1.00"},{"$f":"ROUND(K3214,2)*R3238","v":{"v":240.35,"d":"R$ 240.35"}}]
["Serviço","26.3","SINAPI","89353","REGISTRO DE GAVETA BRUTO, LATÃO, ROSCÁVEL, 3/4\" - FORNECIMENTO E INSTALAÇÃO. AF_08/2021",{"$f":"R3239+R3240+R3241+R3242+R3243+R3244+R3245+R3246+R3247+R3248+R3249+R3250+R3251+R3252+R3253+R3254+R3255+R3256+R3257+R3258+R3259+R3260+R3261+R3262+R3263","v":{"v":25,"d":"25.00"}},"UN",{"v":51.48,"d":"R$ 51.48"},{"v":51.48,"d":"R$ 51.48"},{"v":0.25,"d":"25.00%"},{"$f":"ROUND(I3239,2)+(ROUND(I3239,2)*J3239)","v":{"v":64.35,"d":"R$ 64.35"}},{"$f":"ROUND(S3239,2)+ROUND(S3240,2)+ROUND(S3241,2)+ROUND(S3242,2)+ROUND(S3243,2)+ROUND(S3244,2)+ROUND(S3245,2)+ROUND(S3246,2)+ROUND(S3247,2)+ROUND(S3248,2)+ROUND(S3249,2)+ROUND(S3250,2)+ROUND(S3251,2)+ROUND(S3252,2)+ROUND(S3253,2)+ROUND(S3254,2)+ROUND(S3255,2)+ROUND(S3256,2)+ROUND(S3257,2)+ROUND(S3258,2)+ROUND(S3259,2)+ROUND(S3260,2)+ROUND(S3261,2)+ROUND(S3262,2)+ROUND(S3263,2)","v":{"v":1608.7499999999993,"d":"R$ 1,608.75"}},"","26","ENTRADA / ALIMENTAÇÃO HIDRÁULICA","1","Casa 1",{"v":1,"d":"1.00"},{"$f":"ROUND(K3239,2)*R3239","v":{"v":64.35,"d":"R$ 64.35"}}]
[{"$nulls":15},"2","Casa 2",{"v":1,"d":"1.00"},{"$f":"ROUND(K3239,2)*R3240","v":{"v":64.35,"d":"R$ 64.35"}}]
[{"$nulls":15},"3","Casa 3",{"v":1,"d":"1.00"},{"$f":"ROUND(K3239,2)*R3241","v":{"v":64.35,"d":"R$ 64.35"}}]
[{"$nulls":15},"4","Casa 4",{"v":1,"d":"1.00"},{"$f":"ROUND(K3239,2)*R3242","v":{"v":64.35,"d":"R$ 64.35"}}]
[{"$nulls":15},"5","Casa 5",{"v":1,"d":"1.00"},{"$f":"ROUND(K3239,2)*R3243","v":{"v":64.35,"d":"R$ 64.35"}}]
[{"$nulls":15},"6","Casa 6",{"v":1,"d":"1.00"},{"$f":"ROUND(K3239,2)*R3244","v":{"v":64.35,"d":"R$ 64.35"}}]
[{"$nulls":15},"7","Casa 7",{"v":1,"d":"1.00"},{"$f":"ROUND(K3239,2)*R3245","v":{"v":64.35,"d":"R$ 64.35"}}]
[{"$nulls":15},"8","Casa 8",{"v":1,"d":"1.00"},{"$f":"ROUND(K3239,2)*R3246","v":{"v":64.35,"d":"R$ 64.35"}}]
[{"$nulls":15},"9","Casa 9",{"v":1,"d":"1.00"},{"$f":"ROUND(K3239,2)*R3247","v":{"v":64.35,"d":"R$ 64.35"}}]
[{"$nulls":15},"10","Casa 10",{"v":1,"d":"1.00"},{"$f":"ROUND(K3239,2)*R3248","v":{"v":64.35,"d":"R$ 64.35"}}]
[{"$nulls":15},"11","Casa 11",{"v":1,"d":"1.00"},{"$f":"ROUND(K3239,2)*R3249","v":{"v":64.35,"d":"R$ 64.35"}}]
[{"$nulls":15},"12","Casa 12",{"v":1,"d":"1.00"},{"$f":"ROUND(K3239,2)*R3250","v":{"v":64.35,"d":"R$ 64.35"}}]
[{"$nulls":15},"13","Casa 13",{"v":1,"d":"1.00"},{"$f":"ROUND(K3239,2)*R3251","v":{"v":64.35,"d":"R$ 64.35"}}]
[{"$nulls":15},"14","Casa 14",{"v":1,"d":"1.00"},{"$f":"ROUND(K3239,2)*R3252","v":{"v":64.35,"d":"R$ 64.35"}}]
[{"$nulls":15},"15","Casa 15",{"v":1,"d":"1.00"},{"$f":"ROUND(K3239,2)*R3253","v":{"v":64.35,"d":"R$ 64.35"}}]
[{"$nulls":15},"16","Casa 16",{"v":1,"d":"1.00"},{"$f":"ROUND(K3239,2)*R3254","v":{"v":64.35,"d":"R$ 64.35"}}]
[{"$nulls":15},"17","Casa 17",{"v":1,"d":"1.00"},{"$f":"ROUND(K3239,2)*R3255","v":{"v":64.35,"d":"R$ 64.35"}}]
[{"$nulls":15},"18","Casa 18",{"v":1,"d":"1.00"},{"$f":"ROUND(K3239,2)*R3256","v":{"v":64.35,"d":"R$ 64.35"}}]
[{"$nulls":15},"19","Casa 19",{"v":1,"d":"1.00"},{"$f":"ROUND(K3239,2)*R3257","v":{"v":64.35,"d":"R$ 64.35"}}]
[{"$nulls":15},"20","Casa 20",{"v":1,"d":"1.00"},{"$f":"ROUND(K3239,2)*R3258","v":{"v":64.35,"d":"R$ 64.35"}}]
[{"$nulls":15},"21","Casa 21",{"v":1,"d":"1.00"},{"$f":"ROUND(K3239,2)*R3259","v":{"v":64.35,"d":"R$ 64.35"}}]
[{"$nulls":15},"22","Casa 22",{"v":1,"d":"1.00"},{"$f":"ROUND(K3239,2)*R3260","v":{"v":64.35,"d":"R$ 64.35"}}]
[{"$nulls":15},"23","Casa 23",{"v":1,"d":"1.00"},{"$f":"ROUND(K3239,2)*R3261","v":{"v":64.35,"d":"R$ 64.35"}}]
[{"$nulls":15},"24","Casa 24",{"v":1,"d":"1.00"},{"$f":"ROUND(K3239,2)*R3262","v":{"v":64.35,"d":"R$ 64.35"}}]
[{"$nulls":15},"25","Casa 25",{"v":1,"d":"1.00"},{"$f":"ROUND(K3239,2)*R3263","v":{"v":64.35,"d":"R$ 64.35"}}]
["Serviço","26.4","SINAPI","89402","TUBO, PVC, SOLDÁVEL, DE 25MM, INSTALADO EM RAMAL DE DISTRIBUIÇÃO DE ÁGUA - FORNECIMENTO E INSTALAÇÃO. AF_06/2022",{"$f":"R3264+R3265+R3266+R3267+R3268+R3269+R3270+R3271+R3272+R3273+R3274+R3275+R3276+R3277+R3278+R3279+R3280+R3281+R3282+R3283+R3284+R3285+R3286+R3287+R3288","v":168.75},"M",{"v":15.44,"d":"R$ 15.44"},{"v":15.44,"d":"R$ 15.44"},{"v":0.25,"d":"25.00%"},{"$f":"ROUND(I3264,2)+(ROUND(I3264,2)*J3264)","v":{"v":19.3,"d":"R$ 19.30"}},{"$f":"ROUND(S3264,2)+ROUND(S3265,2)+ROUND(S3266,2)+ROUND(S3267,2)+ROUND(S3268,2)+ROUND(S3269,2)+ROUND(S3270,2)+ROUND(S3271,2)+ROUND(S3272,2)+ROUND(S3273,2)+ROUND(S3274,2)+ROUND(S3275,2)+ROUND(S3276,2)+ROUND(S3277,2)+ROUND(S3278,2)+ROUND(S3279,2)+ROUND(S3280,2)+ROUND(S3281,2)+ROUND(S3282,2)+ROUND(S3283,2)+ROUND(S3284,2)+ROUND(S3285,2)+ROUND(S3286,2)+ROUND(S3287,2)+ROUND(S3288,2)","v":{"v":3257.000000000002,"d":"R$ 3,257.00"}},"","26","ENTRADA / ALIMENTAÇÃO HIDRÁULICA","1","Casa 1",6.75,{"$f":"ROUND(K3264,2)*R3264","v":{"v":130.275,"d":"R$ 130.28"}}]
[{"$nulls":15},"2","Casa 2",6.75,{"$f":"ROUND(K3264,2)*R3265","v":{"v":130.275,"d":"R$ 130.28"}}]
[{"$nulls":15},"3","Casa 3",6.75,{"$f":"ROUND(K3264,2)*R3266","v":{"v":130.275,"d":"R$ 130.28"}}]
[{"$nulls":15},"4","Casa 4",6.75,{"$f":"ROUND(K3264,2)*R3267","v":{"v":130.275,"d":"R$ 130.28"}}]
[{"$nulls":15},"5","Casa 5",6.75,{"$f":"ROUND(K3264,2)*R3268","v":{"v":130.275,"d":"R$ 130.28"}}]
[{"$nulls":15},"6","Casa 6",6.75,{"$f":"ROUND(K3264,2)*R3269","v":{"v":130.275,"d":"R$ 130.28"}}]
[{"$nulls":15},"7","Casa 7",6.75,{"$f":"ROUND(K3264,2)*R3270","v":{"v":130.275,"d":"R$ 130.28"}}]
[{"$nulls":15},"8","Casa 8",6.75,{"$f":"ROUND(K3264,2)*R3271","v":{"v":130.275,"d":"R$ 130.28"}}]
[{"$nulls":15},"9","Casa 9",6.75,{"$f":"ROUND(K3264,2)*R3272","v":{"v":130.275,"d":"R$ 130.28"}}]
[{"$nulls":15},"10","Casa 10",6.75,{"$f":"ROUND(K3264,2)*R3273","v":{"v":130.275,"d":"R$ 130.28"}}]
[{"$nulls":15},"11","Casa 11",6.75,{"$f":"ROUND(K3264,2)*R3274","v":{"v":130.275,"d":"R$ 130.28"}}]
[{"$nulls":15},"12","Casa 12",6.75,{"$f":"ROUND(K3264,2)*R3275","v":{"v":130.275,"d":"R$ 130.28"}}]
[{"$nulls":15},"13","Casa 13",6.75,{"$f":"ROUND(K3264,2)*R3276","v":{"v":130.275,"d":"R$ 130.28"}}]
[{"$nulls":15},"14","Casa 14",6.75,{"$f":"ROUND(K3264,2)*R3277","v":{"v":130.275,"d":"R$ 130.28"}}]
[{"$nulls":15},"15","Casa 15",6.75,{"$f":"ROUND(K3264,2)*R3278","v":{"v":130.275,"d":"R$ 130.28"}}]
[{"$nulls":15},"16","Casa 16",6.75,{"$f":"ROUND(K3264,2)*R3279","v":{"v":130.275,"d":"R$ 130.28"}}]
[{"$nulls":15},"17","Casa 17",6.75,{"$f":"ROUND(K3264,2)*R3280","v":{"v":130.275,"d":"R$ 130.28"}}]
[{"$nulls":15},"18","Casa 18",6.75,{"$f":"ROUND(K3264,2)*R3281","v":{"v":130.275,"d":"R$ 130.28"}}]
[{"$nulls":15},"19","Casa 19",6.75,{"$f":"ROUND(K3264,2)*R3282","v":{"v":130.275,"d":"R$ 130.28"}}]
[{"$nulls":15},"20","Casa 20",6.75,{"$f":"ROUND(K3264,2)*R3283","v":{"v":130.275,"d":"R$ 130.28"}}]
[{"$nulls":15},"21","Casa 21",6.75,{"$f":"ROUND(K3264,2)*R3284","v":{"v":130.275,"d":"R$ 130.28"}}]
[{"$nulls":15},"22","Casa 22",6.75,{"$f":"ROUND(K3264,2)*R3285","v":{"v":130.275,"d":"R$ 130.28"}}]
[{"$nulls":15},"23","Casa 23",6.75,{"$f":"ROUND(K3264,2)*R3286","v":{"v":130.275,"d":"R$ 130.28"}}]
[{"$nulls":15},"24","Casa 24",6.75,{"$f":"ROUND(K3264,2)*R3287","v":{"v":130.275,"d":"R$ 130.28"}}]
[{"$nulls":15},"25","Casa 25",6.75,{"$f":"ROUND(K3264,2)*R3288","v":{"v":130.275,"d":"R$ 130.28"}}]
["Serviço","26.5","SINAPI","89446","TUBO, PVC, SOLDÁVEL, DE 25MM, INSTALADO EM PRUMADA DE ÁGUA - FORNECIMENTO E INSTALAÇÃO. AF_06/2022",{"$f":"R3289+R3290+R3291+R3292+R3293+R3294+R3295+R3296+R3297+R3298+R3299+R3300+R3301+R3302+R3303+R3304+R3305+R3306+R3307+R3308+R3309+R3310+R3311+R3312+R3313","v":{"v":75,"d":"75.00"}},"M",{"v":7,"d":"R$ 7.00"},{"v":7,"d":"R$ 7.00"},{"v":0.25,"d":"25.00%"},{"$f":"ROUND(I3289,2)+(ROUND(I3289,2)*J3289)","v":{"v":8.75,"d":"R$ 8.75"}},{"$f":"ROUND(S3289,2)+ROUND(S3290,2)+ROUND(S3291,2)+ROUND(S3292,2)+ROUND(S3293,2)+ROUND(S3294,2)+ROUND(S3295,2)+ROUND(S3296,2)+ROUND(S3297,2)+ROUND(S3298,2)+ROUND(S3299,2)+ROUND(S3300,2)+ROUND(S3301,2)+ROUND(S3302,2)+ROUND(S3303,2)+ROUND(S3304,2)+ROUND(S3305,2)+ROUND(S3306,2)+ROUND(S3307,2)+ROUND(S3308,2)+ROUND(S3309,2)+ROUND(S3310,2)+ROUND(S3311,2)+ROUND(S3312,2)+ROUND(S3313,2)","v":{"v":656.25,"d":"R$ 656.25"}},"","26","ENTRADA / ALIMENTAÇÃO HIDRÁULICA","1","Casa 1",{"v":3,"d":"3.00"},{"$f":"ROUND(K3289,2)*R3289","v":{"v":26.25,"d":"R$ 26.25"}}]
[{"$nulls":15},"2","Casa 2",{"v":3,"d":"3.00"},{"$f":"ROUND(K3289,2)*R3290","v":{"v":26.25,"d":"R$ 26.25"}}]
[{"$nulls":15},"3","Casa 3",{"v":3,"d":"3.00"},{"$f":"ROUND(K3289,2)*R3291","v":{"v":26.25,"d":"R$ 26.25"}}]
[{"$nulls":15},"4","Casa 4",{"v":3,"d":"3.00"},{"$f":"ROUND(K3289,2)*R3292","v":{"v":26.25,"d":"R$ 26.25"}}]
[{"$nulls":15},"5","Casa 5",{"v":3,"d":"3.00"},{"$f":"ROUND(K3289,2)*R3293","v":{"v":26.25,"d":"R$ 26.25"}}]
[{"$nulls":15},"6","Casa 6",{"v":3,"d":"3.00"},{"$f":"ROUND(K3289,2)*R3294","v":{"v":26.25,"d":"R$ 26.25"}}]
[{"$nulls":15},"7","Casa 7",{"v":3,"d":"3.00"},{"$f":"ROUND(K3289,2)*R3295","v":{"v":26.25,"d":"R$ 26.25"}}]
[{"$nulls":15},"8","Casa 8",{"v":3,"d":"3.00"},{"$f":"ROUND(K3289,2)*R3296","v":{"v":26.25,"d":"R$ 26.25"}}]
[{"$nulls":15},"9","Casa 9",{"v":3,"d":"3.00"},{"$f":"ROUND(K3289,2)*R3297","v":{"v":26.25,"d":"R$ 26.25"}}]
[{"$nulls":15},"10","Casa 10",{"v":3,"d":"3.00"},{"$f":"ROUND(K3289,2)*R3298","v":{"v":26.25,"d":"R$ 26.25"}}]
[{"$nulls":15},"11","Casa 11",{"v":3,"d":"3.00"},{"$f":"ROUND(K3289,2)*R3299","v":{"v":26.25,"d":"R$ 26.25"}}]
[{"$nulls":15},"12","Casa 12",{"v":3,"d":"3.00"},{"$f":"ROUND(K3289,2)*R3300","v":{"v":26.25,"d":"R$ 26.25"}}]
[{"$nulls":15},"13","Casa 13",{"v":3,"d":"3.00"},{"$f":"ROUND(K3289,2)*R3301","v":{"v":26.25,"d":"R$ 26.25"}}]
[{"$nulls":15},"14","Casa 14",{"v":3,"d":"3.00"},{"$f":"ROUND(K3289,2)*R3302","v":{"v":26.25,"d":"R$ 26.25"}}]
[{"$nulls":15},"15","Casa 15",{"v":3,"d":"3.00"},{"$f":"ROUND(K3289,2)*R3303","v":{"v":26.25,"d":"R$ 26.25"}}]
[{"$nulls":15},"16","Casa 16",{"v":3,"d":"3.00"},{"$f":"ROUND(K3289,2)*R3304","v":{"v":26.25,"d":"R$ 26.25"}}]
[{"$nulls":15},"17","Casa 17",{"v":3,"d":"3.00"},{"$f":"ROUND(K3289,2)*R3305","v":{"v":26.25,"d":"R$ 26.25"}}]
[{"$nulls":15},"18","Casa 18",{"v":3,"d":"3.00"},{"$f":"ROUND(K3289,2)*R3306","v":{"v":26.25,"d":"R$ 26.25"}}]
[{"$nulls":15},"19","Casa 19",{"v":3,"d":"3.00"},{"$f":"ROUND(K3289,2)*R3307","v":{"v":26.25,"d":"R$ 26.25"}}]
[{"$nulls":15},"20","Casa 20",{"v":3,"d":"3.00"},{"$f":"ROUND(K3289,2)*R3308","v":{"v":26.25,"d":"R$ 26.25"}}]
[{"$nulls":15},"21","Casa 21",{"v":3,"d":"3.00"},{"$f":"ROUND(K3289,2)*R3309","v":{"v":26.25,"d":"R$ 26.25"}}]
[{"$nulls":15},"22","Casa 22",{"v":3,"d":"3.00"},{"$f":"ROUND(K3289,2)*R3310","v":{"v":26.25,"d":"R$ 26.25"}}]
[{"$nulls":15},"23","Casa 23",{"v":3,"d":"3.00"},{"$f":"ROUND(K3289,2)*R3311","v":{"v":26.25,"d":"R$ 26.25"}}]
[{"$nulls":15},"24","Casa 24",{"v":3,"d":"3.00"},{"$f":"ROUND(K3289,2)*R3312","v":{"v":26.25,"d":"R$ 26.25"}}]
[{"$nulls":15},"25","Casa 25",{"v":3,"d":"3.00"},{"$f":"ROUND(K3289,2)*R3313","v":{"v":26.25,"d":"R$ 26.25"}}]
["Serviço","26.6","SINAPI","89408","JOELHO 90 GRAUS, PVC, SOLDÁVEL, DN 25MM, INSTALADO EM RAMAL DE DISTRIBUIÇÃO DE ÁGUA - FORNECIMENTO E INSTALAÇÃO. AF_06/2022",{"$f":"R3314+R3315+R3316+R3317+R3318+R3319+R3320+R3321+R3322+R3323+R3324+R3325+R3326+R3327+R3328+R3329+R3330+R3331+R3332+R3333+R3334+R3335+R3336+R3337+R3338","v":{"v":50,"d":"50.00"}},"UN",{"v":10.4,"d":"R$ 10.40"},{"v":10.4,"d":"R$ 10.40"},{"v":0.25,"d":"25.00%"},{"$f":"ROUND(I3314,2)+(ROUND(I3314,2)*J3314)","v":{"v":13,"d":"R$ 13.00"}},{"$f":"ROUND(S3314,2)+ROUND(S3315,2)+ROUND(S3316,2)+ROUND(S3317,2)+ROUND(S3318,2)+ROUND(S3319,2)+ROUND(S3320,2)+ROUND(S3321,2)+ROUND(S3322,2)+ROUND(S3323,2)+ROUND(S3324,2)+ROUND(S3325,2)+ROUND(S3326,2)+ROUND(S3327,2)+ROUND(S3328,2)+ROUND(S3329,2)+ROUND(S3330,2)+ROUND(S3331,2)+ROUND(S3332,2)+ROUND(S3333,2)+ROUND(S3334,2)+ROUND(S3335,2)+ROUND(S3336,2)+ROUND(S3337,2)+ROUND(S3338,2)","v":{"v":650,"d":"R$ 650.00"}},"","26","ENTRADA / ALIMENTAÇÃO HIDRÁULICA","1","Casa 1",{"v":2,"d":"2.00"},{"$f":"ROUND(K3314,2)*R3314","v":{"v":26,"d":"R$ 26.00"}}]
[{"$nulls":15},"2","Casa 2",{"v":2,"d":"2.00"},{"$f":"ROUND(K3314,2)*R3315","v":{"v":26,"d":"R$ 26.00"}}]
[{"$nulls":15},"3","Casa 3",{"v":2,"d":"2.00"},{"$f":"ROUND(K3314,2)*R3316","v":{"v":26,"d":"R$ 26.00"}}]
[{"$nulls":15},"4","Casa 4",{"v":2,"d":"2.00"},{"$f":"ROUND(K3314,2)*R3317","v":{"v":26,"d":"R$ 26.00"}}]
[{"$nulls":15},"5","Casa 5",{"v":2,"d":"2.00"},{"$f":"ROUND(K3314,2)*R3318","v":{"v":26,"d":"R$ 26.00"}}]
[{"$nulls":15},"6","Casa 6",{"v":2,"d":"2.00"},{"$f":"ROUND(K3314,2)*R3319","v":{"v":26,"d":"R$ 26.00"}}]
[{"$nulls":15},"7","Casa 7",{"v":2,"d":"2.00"},{"$f":"ROUND(K3314,2)*R3320","v":{"v":26,"d":"R$ 26.00"}}]
[{"$nulls":15},"8","Casa 8",{"v":2,"d":"2.00"},{"$f":"ROUND(K3314,2)*R3321","v":{"v":26,"d":"R$ 26.00"}}]
[{"$nulls":15},"9","Casa 9",{"v":2,"d":"2.00"},{"$f":"ROUND(K3314,2)*R3322","v":{"v":26,"d":"R$ 26.00"}}]
[{"$nulls":15},"10","Casa 10",{"v":2,"d":"2.00"},{"$f":"ROUND(K3314,2)*R3323","v":{"v":26,"d":"R$ 26.00"}}]
[{"$nulls":15},"11","Casa 11",{"v":2,"d":"2.00"},{"$f":"ROUND(K3314,2)*R3324","v":{"v":26,"d":"R$ 26.00"}}]
[{"$nulls":15},"12","Casa 12",{"v":2,"d":"2.00"},{"$f":"ROUND(K3314,2)*R3325","v":{"v":26,"d":"R$ 26.00"}}]
[{"$nulls":15},"13","Casa 13",{"v":2,"d":"2.00"},{"$f":"ROUND(K3314,2)*R3326","v":{"v":26,"d":"R$ 26.00"}}]
[{"$nulls":15},"14","Casa 14",{"v":2,"d":"2.00"},{"$f":"ROUND(K3314,2)*R3327","v":{"v":26,"d":"R$ 26.00"}}]
[{"$nulls":15},"15","Casa 15",{"v":2,"d":"2.00"},{"$f":"ROUND(K3314,2)*R3328","v":{"v":26,"d":"R$ 26.00"}}]
[{"$nulls":15},"16","Casa 16",{"v":2,"d":"2.00"},{"$f":"ROUND(K3314,2)*R3329","v":{"v":26,"d":"R$ 26.00"}}]
[{"$nulls":15},"17","Casa 17",{"v":2,"d":"2.00"},{"$f":"ROUND(K3314,2)*R3330","v":{"v":26,"d":"R$ 26.00"}}]
[{"$nulls":15},"18","Casa 18",{"v":2,"d":"2.00"},{"$f":"ROUND(K3314,2)*R3331","v":{"v":26,"d":"R$ 26.00"}}]
[{"$nulls":15},"19","Casa 19",{"v":2,"d":"2.00"},{"$f":"ROUND(K3314,2)*R3332","v":{"v":26,"d":"R$ 26.00"}}]
[{"$nulls":15},"20","Casa 20",{"v":2,"d":"2.00"},{"$f":"ROUND(K3314,2)*R3333","v":{"v":26,"d":"R$ 26.00"}}]
[{"$nulls":15},"21","Casa 21",{"v":2,"d":"2.00"},{"$f":"ROUND(K3314,2)*R3334","v":{"v":26,"d":"R$ 26.00"}}]
[{"$nulls":15},"22","Casa 22",{"v":2,"d":"2.00"},{"$f":"ROUND(K3314,2)*R3335","v":{"v":26,"d":"R$ 26.00"}}]
[{"$nulls":15},"23","Casa 23",{"v":2,"d":"2.00"},{"$f":"ROUND(K3314,2)*R3336","v":{"v":26,"d":"R$ 26.00"}}]
[{"$nulls":15},"24","Casa 24",{"v":2,"d":"2.00"},{"$f":"ROUND(K3314,2)*R3337","v":{"v":26,"d":"R$ 26.00"}}]
[{"$nulls":15},"25","Casa 25",{"v":2,"d":"2.00"},{"$f":"ROUND(K3314,2)*R3338","v":{"v":26,"d":"R$ 26.00"}}]
["Serviço","26.7","SINAPI","89440","TE, PVC, SOLDÁVEL, DN 25MM, INSTALADO EM RAMAL DE DISTRIBUIÇÃO DE ÁGUA - FORNECIMENTO E INSTALAÇÃO. AF_06/2022",{"$f":"R3339+R3340+R3341+R3342+R3343+R3344+R3345+R3346+R3347+R3348+R3349+R3350+R3351+R3352+R3353+R3354+R3355+R3356+R3357+R3358+R3359+R3360+R3361+R3362+R3363","v":{"v":25,"d":"25.00"}},"UN",{"v":14.4,"d":"R$ 14.40"},{"v":14.4,"d":"R$ 14.40"},{"v":0.25,"d":"25.00%"},{"$f":"ROUND(I3339,2)+(ROUND(I3339,2)*J3339)","v":{"v":18,"d":"R$ 18.00"}},{"$f":"ROUND(S3339,2)+ROUND(S3340,2)+ROUND(S3341,2)+ROUND(S3342,2)+ROUND(S3343,2)+ROUND(S3344,2)+ROUND(S3345,2)+ROUND(S3346,2)+ROUND(S3347,2)+ROUND(S3348,2)+ROUND(S3349,2)+ROUND(S3350,2)+ROUND(S3351,2)+ROUND(S3352,2)+ROUND(S3353,2)+ROUND(S3354,2)+ROUND(S3355,2)+ROUND(S3356,2)+ROUND(S3357,2)+ROUND(S3358,2)+ROUND(S3359,2)+ROUND(S3360,2)+ROUND(S3361,2)+ROUND(S3362,2)+ROUND(S3363,2)","v":{"v":450,"d":"R$ 450.00"}},"","26","ENTRADA / ALIMENTAÇÃO HIDRÁULICA","1","Casa 1",{"v":1,"d":"1.00"},{"$f":"ROUND(K3339,2)*R3339","v":{"v":18,"d":"R$ 18.00"}}]
[{"$nulls":15},"2","Casa 2",{"v":1,"d":"1.00"},{"$f":"ROUND(K3339,2)*R3340","v":{"v":18,"d":"R$ 18.00"}}]
[{"$nulls":15},"3","Casa 3",{"v":1,"d":"1.00"},{"$f":"ROUND(K3339,2)*R3341","v":{"v":18,"d":"R$ 18.00"}}]
[{"$nulls":15},"4","Casa 4",{"v":1,"d":"1.00"},{"$f":"ROUND(K3339,2)*R3342","v":{"v":18,"d":"R$ 18.00"}}]
[{"$nulls":15},"5","Casa 5",{"v":1,"d":"1.00"},{"$f":"ROUND(K3339,2)*R3343","v":{"v":18,"d":"R$ 18.00"}}]
[{"$nulls":15},"6","Casa 6",{"v":1,"d":"1.00"},{"$f":"ROUND(K3339,2)*R3344","v":{"v":18,"d":"R$ 18.00"}}]
[{"$nulls":15},"7","Casa 7",{"v":1,"d":"1.00"},{"$f":"ROUND(K3339,2)*R3345","v":{"v":18,"d":"R$ 18.00"}}]
[{"$nulls":15},"8","Casa 8",{"v":1,"d":"1.00"},{"$f":"ROUND(K3339,2)*R3346","v":{"v":18,"d":"R$ 18.00"}}]
[{"$nulls":15},"9","Casa 9",{"v":1,"d":"1.00"},{"$f":"ROUND(K3339,2)*R3347","v":{"v":18,"d":"R$ 18.00"}}]
[{"$nulls":15},"10","Casa 10",{"v":1,"d":"1.00"},{"$f":"ROUND(K3339,2)*R3348","v":{"v":18,"d":"R$ 18.00"}}]
[{"$nulls":15},"11","Casa 11",{"v":1,"d":"1.00"},{"$f":"ROUND(K3339,2)*R3349","v":{"v":18,"d":"R$ 18.00"}}]
[{"$nulls":15},"12","Casa 12",{"v":1,"d":"1.00"},{"$f":"ROUND(K3339,2)*R3350","v":{"v":18,"d":"R$ 18.00"}}]
[{"$nulls":15},"13","Casa 13",{"v":1,"d":"1.00"},{"$f":"ROUND(K3339,2)*R3351","v":{"v":18,"d":"R$ 18.00"}}]
[{"$nulls":15},"14","Casa 14",{"v":1,"d":"1.00"},{"$f":"ROUND(K3339,2)*R3352","v":{"v":18,"d":"R$ 18.00"}}]
[{"$nulls":15},"15","Casa 15",{"v":1,"d":"1.00"},{"$f":"ROUND(K3339,2)*R3353","v":{"v":18,"d":"R$ 18.00"}}]
[{"$nulls":15},"16","Casa 16",{"v":1,"d":"1.00"},{"$f":"ROUND(K3339,2)*R3354","v":{"v":18,"d":"R$ 18.00"}}]
[{"$nulls":15},"17","Casa 17",{"v":1,"d":"1.00"},{"$f":"ROUND(K3339,2)*R3355","v":{"v":18,"d":"R$ 18.00"}}]
[{"$nulls":15},"18","Casa 18",{"v":1,"d":"1.00"},{"$f":"ROUND(K3339,2)*R3356","v":{"v":18,"d":"R$ 18.00"}}]
[{"$nulls":15},"19","Casa 19",{"v":1,"d":"1.00"},{"$f":"ROUND(K3339,2)*R3357","v":{"v":18,"d":"R$ 18.00"}}]
[{"$nulls":15},"20","Casa 20",{"v":1,"d":"1.00"},{"$f":"ROUND(K3339,2)*R3358","v":{"v":18,"d":"R$ 18.00"}}]
[{"$nulls":15},"21","Casa 21",{"v":1,"d":"1.00"},{"$f":"ROUND(K3339,2)*R3359","v":{"v":18,"d":"R$ 18.00"}}]
[{"$nulls":15},"22","Casa 22",{"v":1,"d":"1.00"},{"$f":"ROUND(K3339,2)*R3360","v":{"v":18,"d":"R$ 18.00"}}]
[{"$nulls":15},"23","Casa 23",{"v":1,"d":"1.00"},{"$f":"ROUND(K3339,2)*R3361","v":{"v":18,"d":"R$ 18.00"}}]
[{"$nulls":15},"24","Casa 24",{"v":1,"d":"1.00"},{"$f":"ROUND(K3339,2)*R3362","v":{"v":18,"d":"R$ 18.00"}}]
[{"$nulls":15},"25","Casa 25",{"v":1,"d":"1.00"},{"$f":"ROUND(K3339,2)*R3363","v":{"v":18,"d":"R$ 18.00"}}]
["Macrosserviço","27","","","CAIXA D'ÁGUA E BARRILETE","","","","","","",{"$f":"ROUND(L3365,2)+ROUND(L3390,2)+ROUND(L3415,2)+ROUND(L3440,2)+ROUND(L3465,2)+ROUND(L3490,2)+ROUND(L3515,2)+ROUND(L3540,2)+ROUND(L3565,2)+ROUND(L3590,2)+ROUND(L3615,2)+ROUND(L3640,2)+ROUND(L3665,2)+ROUND(L3690,2)","v":{"v":32077,"d":"R$ 32,077.00"}},"","","","","","",""]
["Serviço","27.1","SINAPI","102605","CAIXA D´ÁGUA EM POLIETILENO, 500 LITROS - FORNECIMENTO E INSTALAÇÃO. AF_06/2021",{"$f":"R3365+R3366+R3367+R3368+R3369+R3370+R3371+R3372+R3373+R3374+R3375+R3376+R3377+R3378+R3379+R3380+R3381+R3382+R3383+R3384+R3385+R3386+R3387+R3388+R3389","v":{"v":25,"d":"25.00"}},"UN",{"v":287.52,"d":"R$ 287.52"},{"v":287.52,"d":"R$ 287.52"},{"v":0.25,"d":"25.00%"},{"$f":"ROUND(I3365,2)+(ROUND(I3365,2)*J3365)","v":{"v":359.4,"d":"R$ 359.40"}},{"$f":"ROUND(S3365,2)+ROUND(S3366,2)+ROUND(S3367,2)+ROUND(S3368,2)+ROUND(S3369,2)+ROUND(S3370,2)+ROUND(S3371,2)+ROUND(S3372,2)+ROUND(S3373,2)+ROUND(S3374,2)+ROUND(S3375,2)+ROUND(S3376,2)+ROUND(S3377,2)+ROUND(S3378,2)+ROUND(S3379,2)+ROUND(S3380,2)+ROUND(S3381,2)+ROUND(S3382,2)+ROUND(S3383,2)+ROUND(S3384,2)+ROUND(S3385,2)+ROUND(S3386,2)+ROUND(S3387,2)+ROUND(S3388,2)+ROUND(S3389,2)","v":{"v":8984.999999999996,"d":"R$ 8,985.00"}},"","27","CAIXA D'ÁGUA E BARRILETE","1","Casa 1",{"v":1,"d":"1.00"},{"$f":"ROUND(K3365,2)*R3365","v":{"v":359.4,"d":"R$ 359.40"}}]
[{"$nulls":15},"2","Casa 2",{"v":1,"d":"1.00"},{"$f":"ROUND(K3365,2)*R3366","v":{"v":359.4,"d":"R$ 359.40"}}]
[{"$nulls":15},"3","Casa 3",{"v":1,"d":"1.00"},{"$f":"ROUND(K3365,2)*R3367","v":{"v":359.4,"d":"R$ 359.40"}}]
[{"$nulls":15},"4","Casa 4",{"v":1,"d":"1.00"},{"$f":"ROUND(K3365,2)*R3368","v":{"v":359.4,"d":"R$ 359.40"}}]
[{"$nulls":15},"5","Casa 5",{"v":1,"d":"1.00"},{"$f":"ROUND(K3365,2)*R3369","v":{"v":359.4,"d":"R$ 359.40"}}]
[{"$nulls":15},"6","Casa 6",{"v":1,"d":"1.00"},{"$f":"ROUND(K3365,2)*R3370","v":{"v":359.4,"d":"R$ 359.40"}}]
[{"$nulls":15},"7","Casa 7",{"v":1,"d":"1.00"},{"$f":"ROUND(K3365,2)*R3371","v":{"v":359.4,"d":"R$ 359.40"}}]
[{"$nulls":15},"8","Casa 8",{"v":1,"d":"1.00"},{"$f":"ROUND(K3365,2)*R3372","v":{"v":359.4,"d":"R$ 359.40"}}]
[{"$nulls":15},"9","Casa 9",{"v":1,"d":"1.00"},{"$f":"ROUND(K3365,2)*R3373","v":{"v":359.4,"d":"R$ 359.40"}}]
[{"$nulls":15},"10","Casa 10",{"v":1,"d":"1.00"},{"$f":"ROUND(K3365,2)*R3374","v":{"v":359.4,"d":"R$ 359.40"}}]
[{"$nulls":15},"11","Casa 11",{"v":1,"d":"1.00"},{"$f":"ROUND(K3365,2)*R3375","v":{"v":359.4,"d":"R$ 359.40"}}]
[{"$nulls":15},"12","Casa 12",{"v":1,"d":"1.00"},{"$f":"ROUND(K3365,2)*R3376","v":{"v":359.4,"d":"R$ 359.40"}}]
[{"$nulls":15},"13","Casa 13",{"v":1,"d":"1.00"},{"$f":"ROUND(K3365,2)*R3377","v":{"v":359.4,"d":"R$ 359.40"}}]
[{"$nulls":15},"14","Casa 14",{"v":1,"d":"1.00"},{"$f":"ROUND(K3365,2)*R3378","v":{"v":359.4,"d":"R$ 359.40"}}]
[{"$nulls":15},"15","Casa 15",{"v":1,"d":"1.00"},{"$f":"ROUND(K3365,2)*R3379","v":{"v":359.4,"d":"R$ 359.40"}}]
[{"$nulls":15},"16","Casa 16",{"v":1,"d":"1.00"},{"$f":"ROUND(K3365,2)*R3380","v":{"v":359.4,"d":"R$ 359.40"}}]
[{"$nulls":15},"17","Casa 17",{"v":1,"d":"1.00"},{"$f":"ROUND(K3365,2)*R3381","v":{"v":359.4,"d":"R$ 359.40"}}]
[{"$nulls":15},"18","Casa 18",{"v":1,"d":"1.00"},{"$f":"ROUND(K3365,2)*R3382","v":{"v":359.4,"d":"R$ 359.40"}}]
[{"$nulls":15},"19","Casa 19",{"v":1,"d":"1.00"},{"$f":"ROUND(K3365,2)*R3383","v":{"v":359.4,"d":"R$ 359.40"}}]
[{"$nulls":15},"20","Casa 20",{"v":1,"d":"1.00"},{"$f":"ROUND(K3365,2)*R3384","v":{"v":359.4,"d":"R$ 359.40"}}]
[{"$nulls":15},"21","Casa 21",{"v":1,"d":"1.00"},{"$f":"ROUND(K3365,2)*R3385","v":{"v":359.4,"d":"R$ 359.40"}}]
[{"$nulls":15},"22","Casa 22",{"v":1,"d":"1.00"},{"$f":"ROUND(K3365,2)*R3386","v":{"v":359.4,"d":"R$ 359.40"}}]
[{"$nulls":15},"23","Casa 23",{"v":1,"d":"1.00"},{"$f":"ROUND(K3365,2)*R3387","v":{"v":359.4,"d":"R$ 359.40"}}]
[{"$nulls":15},"24","Casa 24",{"v":1,"d":"1.00"},{"$f":"ROUND(K3365,2)*R3388","v":{"v":359.4,"d":"R$ 359.40"}}]
[{"$nulls":15},"25","Casa 25",{"v":1,"d":"1.00"},{"$f":"ROUND(K3365,2)*R3389","v":{"v":359.4,"d":"R$ 359.40"}}]
["Serviço","27.2","SINAPI","102591","FURO EM CAIXA D'ÁGUA COM ESPESSURA DE 2 ATÉ 5 MM E DIÂMETRO DE 25 MM. AF_06/2021",{"$f":"R3390+R3391+R3392+R3393+R3394+R3395+R3396+R3397+R3398+R3399+R3400+R3401+R3402+R3403+R3404+R3405+R3406+R3407+R3408+R3409+R3410+R3411+R3412+R3413+R3414","v":{"v":25,"d":"25.00"}},"UN",{"v":5.15,"d":"R$ 5.15"},{"v":5.15,"d":"R$ 5.15"},{"v":0.25,"d":"25.00%"},{"$f":"ROUND(I3390,2)+(ROUND(I3390,2)*J3390)","v":{"v":6.4375,"d":"R$ 6.44"}},{"$f":"ROUND(S3390,2)+ROUND(S3391,2)+ROUND(S3392,2)+ROUND(S3393,2)+ROUND(S3394,2)+ROUND(S3395,2)+ROUND(S3396,2)+ROUND(S3397,2)+ROUND(S3398,2)+ROUND(S3399,2)+ROUND(S3400,2)+ROUND(S3401,2)+ROUND(S3402,2)+ROUND(S3403,2)+ROUND(S3404,2)+ROUND(S3405,2)+ROUND(S3406,2)+ROUND(S3407,2)+ROUND(S3408,2)+ROUND(S3409,2)+ROUND(S3410,2)+ROUND(S3411,2)+ROUND(S3412,2)+ROUND(S3413,2)+ROUND(S3414,2)","v":{"v":160.99999999999997,"d":"R$ 161.00"}},"","27","CAIXA D'ÁGUA E BARRILETE","1","Casa 1",{"v":1,"d":"1.00"},{"$f":"ROUND(K3390,2)*R3390","v":{"v":6.44,"d":"R$ 6.44"}}]
[{"$nulls":15},"2","Casa 2",{"v":1,"d":"1.00"},{"$f":"ROUND(K3390,2)*R3391","v":{"v":6.44,"d":"R$ 6.44"}}]
[{"$nulls":15},"3","Casa 3",{"v":1,"d":"1.00"},{"$f":"ROUND(K3390,2)*R3392","v":{"v":6.44,"d":"R$ 6.44"}}]
[{"$nulls":15},"4","Casa 4",{"v":1,"d":"1.00"},{"$f":"ROUND(K3390,2)*R3393","v":{"v":6.44,"d":"R$ 6.44"}}]
[{"$nulls":15},"5","Casa 5",{"v":1,"d":"1.00"},{"$f":"ROUND(K3390,2)*R3394","v":{"v":6.44,"d":"R$ 6.44"}}]
[{"$nulls":15},"6","Casa 6",{"v":1,"d":"1.00"},{"$f":"ROUND(K3390,2)*R3395","v":{"v":6.44,"d":"R$ 6.44"}}]
[{"$nulls":15},"7","Casa 7",{"v":1,"d":"1.00"},{"$f":"ROUND(K3390,2)*R3396","v":{"v":6.44,"d":"R$ 6.44"}}]
[{"$nulls":15},"8","Casa 8",{"v":1,"d":"1.00"},{"$f":"ROUND(K3390,2)*R3397","v":{"v":6.44,"d":"R$ 6.44"}}]
[{"$nulls":15},"9","Casa 9",{"v":1,"d":"1.00"},{"$f":"ROUND(K3390,2)*R3398","v":{"v":6.44,"d":"R$ 6.44"}}]
[{"$nulls":15},"10","Casa 10",{"v":1,"d":"1.00"},{"$f":"ROUND(K3390,2)*R3399","v":{"v":6.44,"d":"R$ 6.44"}}]
[{"$nulls":15},"11","Casa 11",{"v":1,"d":"1.00"},{"$f":"ROUND(K3390,2)*R3400","v":{"v":6.44,"d":"R$ 6.44"}}]
[{"$nulls":15},"12","Casa 12",{"v":1,"d":"1.00"},{"$f":"ROUND(K3390,2)*R3401","v":{"v":6.44,"d":"R$ 6.44"}}]
[{"$nulls":15},"13","Casa 13",{"v":1,"d":"1.00"},{"$f":"ROUND(K3390,2)*R3402","v":{"v":6.44,"d":"R$ 6.44"}}]
[{"$nulls":15},"14","Casa 14",{"v":1,"d":"1.00"},{"$f":"ROUND(K3390,2)*R3403","v":{"v":6.44,"d":"R$ 6.44"}}]
[{"$nulls":15},"15","Casa 15",{"v":1,"d":"1.00"},{"$f":"ROUND(K3390,2)*R3404","v":{"v":6.44,"d":"R$ 6.44"}}]
[{"$nulls":15},"16","Casa 16",{"v":1,"d":"1.00"},{"$f":"ROUND(K3390,2)*R3405","v":{"v":6.44,"d":"R$ 6.44"}}]
[{"$nulls":15},"17","Casa 17",{"v":1,"d":"1.00"},{"$f":"ROUND(K3390,2)*R3406","v":{"v":6.44,"d":"R$ 6.44"}}]
[{"$nulls":15},"18","Casa 18",{"v":1,"d":"1.00"},{"$f":"ROUND(K3390,2)*R3407","v":{"v":6.44,"d":"R$ 6.44"}}]
[{"$nulls":15},"19","Casa 19",{"v":1,"d":"1.00"},{"$f":"ROUND(K3390,2)*R3408","v":{"v":6.44,"d":"R$ 6.44"}}]
[{"$nulls":15},"20","Casa 20",{"v":1,"d":"1.00"},{"$f":"ROUND(K3390,2)*R3409","v":{"v":6.44,"d":"R$ 6.44"}}]
[{"$nulls":15},"21","Casa 21",{"v":1,"d":"1.00"},{"$f":"ROUND(K3390,2)*R3410","v":{"v":6.44,"d":"R$ 6.44"}}]
[{"$nulls":15},"22","Casa 22",{"v":1,"d":"1.00"},{"$f":"ROUND(K3390,2)*R3411","v":{"v":6.44,"d":"R$ 6.44"}}]
[{"$nulls":15},"23","Casa 23",{"v":1,"d":"1.00"},{"$f":"ROUND(K3390,2)*R3412","v":{"v":6.44,"d":"R$ 6.44"}}]
[{"$nulls":15},"24","Casa 24",{"v":1,"d":"1.00"},{"$f":"ROUND(K3390,2)*R3413","v":{"v":6.44,"d":"R$ 6.44"}}]
[{"$nulls":15},"25","Casa 25",{"v":1,"d":"1.00"},{"$f":"ROUND(K3390,2)*R3414","v":{"v":6.44,"d":"R$ 6.44"}}]
["Serviço","27.3","SINAPI","102593","FURO EM CAIXA D'ÁGUA COM ESPESSURA DE 2 ATÉ 5 MM E DIÂMETRO DE 32 MM. AF_06/2021",{"$f":"R3415+R3416+R3417+R3418+R3419+R3420+R3421+R3422+R3423+R3424+R3425+R3426+R3427+R3428+R3429+R3430+R3431+R3432+R3433+R3434+R3435+R3436+R3437+R3438+R3439","v":{"v":50,"d":"50.00"}},"UN",{"v":5.81,"d":"R$ 5.81"},{"v":5.81,"d":"R$ 5.81"},{"v":0.25,"d":"25.00%"},{"$f":"ROUND(I3415,2)+(ROUND(I3415,2)*J3415)","v":{"v":7.262499999999999,"d":"R$ 7.26"}},{"$f":"ROUND(S3415,2)+ROUND(S3416,2)+ROUND(S3417,2)+ROUND(S3418,2)+ROUND(S3419,2)+ROUND(S3420,2)+ROUND(S3421,2)+ROUND(S3422,2)+ROUND(S3423,2)+ROUND(S3424,2)+ROUND(S3425,2)+ROUND(S3426,2)+ROUND(S3427,2)+ROUND(S3428,2)+ROUND(S3429,2)+ROUND(S3430,2)+ROUND(S3431,2)+ROUND(S3432,2)+ROUND(S3433,2)+ROUND(S3434,2)+ROUND(S3435,2)+ROUND(S3436,2)+ROUND(S3437,2)+ROUND(S3438,2)+ROUND(S3439,2)","v":{"v":362.99999999999994,"d":"R$ 363.00"}},"","27","CAIXA D'ÁGUA E BARRILETE","1","Casa 1",{"v":2,"d":"2.00"},{"$f":"ROUND(K3415,2)*R3415","v":{"v":14.52,"d":"R$ 14.52"}}]
[{"$nulls":15},"2","Casa 2",{"v":2,"d":"2.00"},{"$f":"ROUND(K3415,2)*R3416","v":{"v":14.52,"d":"R$ 14.52"}}]
[{"$nulls":15},"3","Casa 3",{"v":2,"d":"2.00"},{"$f":"ROUND(K3415,2)*R3417","v":{"v":14.52,"d":"R$ 14.52"}}]
[{"$nulls":15},"4","Casa 4",{"v":2,"d":"2.00"},{"$f":"ROUND(K3415,2)*R3418","v":{"v":14.52,"d":"R$ 14.52"}}]
[{"$nulls":15},"5","Casa 5",{"v":2,"d":"2.00"},{"$f":"ROUND(K3415,2)*R3419","v":{"v":14.52,"d":"R$ 14.52"}}]
[{"$nulls":15},"6","Casa 6",{"v":2,"d":"2.00"},{"$f":"ROUND(K3415,2)*R3420","v":{"v":14.52,"d":"R$ 14.52"}}]
[{"$nulls":15},"7","Casa 7",{"v":2,"d":"2.00"},{"$f":"ROUND(K3415,2)*R3421","v":{"v":14.52,"d":"R$ 14.52"}}]
[{"$nulls":15},"8","Casa 8",{"v":2,"d":"2.00"},{"$f":"ROUND(K3415,2)*R3422","v":{"v":14.52,"d":"R$ 14.52"}}]
[{"$nulls":15},"9","Casa 9",{"v":2,"d":"2.00"},{"$f":"ROUND(K3415,2)*R3423","v":{"v":14.52,"d":"R$ 14.52"}}]
[{"$nulls":15},"10","Casa 10",{"v":2,"d":"2.00"},{"$f":"ROUND(K3415,2)*R3424","v":{"v":14.52,"d":"R$ 14.52"}}]
[{"$nulls":15},"11","Casa 11",{"v":2,"d":"2.00"},{"$f":"ROUND(K3415,2)*R3425","v":{"v":14.52,"d":"R$ 14.52"}}]
[{"$nulls":15},"12","Casa 12",{"v":2,"d":"2.00"},{"$f":"ROUND(K3415,2)*R3426","v":{"v":14.52,"d":"R$ 14.52"}}]
[{"$nulls":15},"13","Casa 13",{"v":2,"d":"2.00"},{"$f":"ROUND(K3415,2)*R3427","v":{"v":14.52,"d":"R$ 14.52"}}]
[{"$nulls":15},"14","Casa 14",{"v":2,"d":"2.00"},{"$f":"ROUND(K3415,2)*R3428","v":{"v":14.52,"d":"R$ 14.52"}}]
[{"$nulls":15},"15","Casa 15",{"v":2,"d":"2.00"},{"$f":"ROUND(K3415,2)*R3429","v":{"v":14.52,"d":"R$ 14.52"}}]
[{"$nulls":15},"16","Casa 16",{"v":2,"d":"2.00"},{"$f":"ROUND(K3415,2)*R3430","v":{"v":14.52,"d":"R$ 14.52"}}]
[{"$nulls":15},"17","Casa 17",{"v":2,"d":"2.00"},{"$f":"ROUND(K3415,2)*R3431","v":{"v":14.52,"d":"R$ 14.52"}}]
[{"$nulls":15},"18","Casa 18",{"v":2,"d":"2.00"},{"$f":"ROUND(K3415,2)*R3432","v":{"v":14.52,"d":"R$ 14.52"}}]
[{"$nulls":15},"19","Casa 19",{"v":2,"d":"2.00"},{"$f":"ROUND(K3415,2)*R3433","v":{"v":14.52,"d":"R$ 14.52"}}]
[{"$nulls":15},"20","Casa 20",{"v":2,"d":"2.00"},{"$f":"ROUND(K3415,2)*R3434","v":{"v":14.52,"d":"R$ 14.52"}}]
[{"$nulls":15},"21","Casa 21",{"v":2,"d":"2.00"},{"$f":"ROUND(K3415,2)*R3435","v":{"v":14.52,"d":"R$ 14.52"}}]
[{"$nulls":15},"22","Casa 22",{"v":2,"d":"2.00"},{"$f":"ROUND(K3415,2)*R3436","v":{"v":14.52,"d":"R$ 14.52"}}]
[{"$nulls":15},"23","Casa 23",{"v":2,"d":"2.00"},{"$f":"ROUND(K3415,2)*R3437","v":{"v":14.52,"d":"R$ 14.52"}}]
[{"$nulls":15},"24","Casa 24",{"v":2,"d":"2.00"},{"$f":"ROUND(K3415,2)*R3438","v":{"v":14.52,"d":"R$ 14.52"}}]
[{"$nulls":15},"25","Casa 25",{"v":2,"d":"2.00"},{"$f":"ROUND(K3415,2)*R3439","v":{"v":14.52,"d":"R$ 14.52"}}]
["Serviço","27.4","SINAPI","94703","ADAPTADOR COM FLANGE E ANEL DE VEDAÇÃO, PVC, SOLDÁVEL, DN 25 MM X 3/4\", INSTALADO EM RESERVAÇÃO PREDIAL DE ÁGUA - FORNECIMENTO E INSTALAÇÃO. AF_04/2024",{"$f":"R3440+R3441+R3442+R3443+R3444+R3445+R3446+R3447+R3448+R3449+R3450+R3451+R3452+R3453+R3454+R3455+R3456+R3457+R3458+R3459+R3460+R3461+R3462+R3463+R3464","v":{"v":25,"d":"25.00"}},"UN",{"v":25.12,"d":"R$ 25.12"},{"v":25.12,"d":"R$ 25.12"},{"v":0.25,"d":"25.00%"},{"$f":"ROUND(I3440,2)+(ROUND(I3440,2)*J3440)","v":{"v":31.400000000000002,"d":"R$ 31.40"}},{"$f":"ROUND(S3440,2)+ROUND(S3441,2)+ROUND(S3442,2)+ROUND(S3443,2)+ROUND(S3444,2)+ROUND(S3445,2)+ROUND(S3446,2)+ROUND(S3447,2)+ROUND(S3448,2)+ROUND(S3449,2)+ROUND(S3450,2)+ROUND(S3451,2)+ROUND(S3452,2)+ROUND(S3453,2)+ROUND(S3454,2)+ROUND(S3455,2)+ROUND(S3456,2)+ROUND(S3457,2)+ROUND(S3458,2)+ROUND(S3459,2)+ROUND(S3460,2)+ROUND(S3461,2)+ROUND(S3462,2)+ROUND(S3463,2)+ROUND(S3464,2)","v":{"v":784.9999999999997,"d":"R$ 785.00"}},"","27","CAIXA D'ÁGUA E BARRILETE","1","Casa 1",{"v":1,"d":"1.00"},{"$f":"ROUND(K3440,2)*R3440","v":{"v":31.4,"d":"R$ 31.40"}}]
[{"$nulls":15},"2","Casa 2",{"v":1,"d":"1.00"},{"$f":"ROUND(K3440,2)*R3441","v":{"v":31.4,"d":"R$ 31.40"}}]
[{"$nulls":15},"3","Casa 3",{"v":1,"d":"1.00"},{"$f":"ROUND(K3440,2)*R3442","v":{"v":31.4,"d":"R$ 31.40"}}]
[{"$nulls":15},"4","Casa 4",{"v":1,"d":"1.00"},{"$f":"ROUND(K3440,2)*R3443","v":{"v":31.4,"d":"R$ 31.40"}}]
[{"$nulls":15},"5","Casa 5",{"v":1,"d":"1.00"},{"$f":"ROUND(K3440,2)*R3444","v":{"v":31.4,"d":"R$ 31.40"}}]
[{"$nulls":15},"6","Casa 6",{"v":1,"d":"1.00"},{"$f":"ROUND(K3440,2)*R3445","v":{"v":31.4,"d":"R$ 31.40"}}]
[{"$nulls":15},"7","Casa 7",{"v":1,"d":"1.00"},{"$f":"ROUND(K3440,2)*R3446","v":{"v":31.4,"d":"R$ 31.40"}}]
[{"$nulls":15},"8","Casa 8",{"v":1,"d":"1.00"},{"$f":"ROUND(K3440,2)*R3447","v":{"v":31.4,"d":"R$ 31.40"}}]
[{"$nulls":15},"9","Casa 9",{"v":1,"d":"1.00"},{"$f":"ROUND(K3440,2)*R3448","v":{"v":31.4,"d":"R$ 31.40"}}]
[{"$nulls":15},"10","Casa 10",{"v":1,"d":"1.00"},{"$f":"ROUND(K3440,2)*R3449","v":{"v":31.4,"d":"R$ 31.40"}}]
[{"$nulls":15},"11","Casa 11",{"v":1,"d":"1.00"},{"$f":"ROUND(K3440,2)*R3450","v":{"v":31.4,"d":"R$ 31.40"}}]
[{"$nulls":15},"12","Casa 12",{"v":1,"d":"1.00"},{"$f":"ROUND(K3440,2)*R3451","v":{"v":31.4,"d":"R$ 31.40"}}]
[{"$nulls":15},"13","Casa 13",{"v":1,"d":"1.00"},{"$f":"ROUND(K3440,2)*R3452","v":{"v":31.4,"d":"R$ 31.40"}}]
[{"$nulls":15},"14","Casa 14",{"v":1,"d":"1.00"},{"$f":"ROUND(K3440,2)*R3453","v":{"v":31.4,"d":"R$ 31.40"}}]
[{"$nulls":15},"15","Casa 15",{"v":1,"d":"1.00"},{"$f":"ROUND(K3440,2)*R3454","v":{"v":31.4,"d":"R$ 31.40"}}]
[{"$nulls":15},"16","Casa 16",{"v":1,"d":"1.00"},{"$f":"ROUND(K3440,2)*R3455","v":{"v":31.4,"d":"R$ 31.40"}}]
[{"$nulls":15},"17","Casa 17",{"v":1,"d":"1.00"},{"$f":"ROUND(K3440,2)*R3456","v":{"v":31.4,"d":"R$ 31.40"}}]
[{"$nulls":15},"18","Casa 18",{"v":1,"d":"1.00"},{"$f":"ROUND(K3440,2)*R3457","v":{"v":31.4,"d":"R$ 31.40"}}]
[{"$nulls":15},"19","Casa 19",{"v":1,"d":"1.00"},{"$f":"ROUND(K3440,2)*R3458","v":{"v":31.4,"d":"R$ 31.40"}}]
[{"$nulls":15},"20","Casa 20",{"v":1,"d":"1.00"},{"$f":"ROUND(K3440,2)*R3459","v":{"v":31.4,"d":"R$ 31.40"}}]
[{"$nulls":15},"21","Casa 21",{"v":1,"d":"1.00"},{"$f":"ROUND(K3440,2)*R3460","v":{"v":31.4,"d":"R$ 31.40"}}]
[{"$nulls":15},"22","Casa 22",{"v":1,"d":"1.00"},{"$f":"ROUND(K3440,2)*R3461","v":{"v":31.4,"d":"R$ 31.40"}}]
[{"$nulls":15},"23","Casa 23",{"v":1,"d":"1.00"},{"$f":"ROUND(K3440,2)*R3462","v":{"v":31.4,"d":"R$ 31.40"}}]
[{"$nulls":15},"24","Casa 24",{"v":1,"d":"1.00"},{"$f":"ROUND(K3440,2)*R3463","v":{"v":31.4,"d":"R$ 31.40"}}]
[{"$nulls":15},"25","Casa 25",{"v":1,"d":"1.00"},{"$f":"ROUND(K3440,2)*R3464","v":{"v":31.4,"d":"R$ 31.40"}}]
["Serviço","27.5","SINAPI","94704","ADAPTADOR COM FLANGE E ANEL DE VEDAÇÃO, PVC, SOLDÁVEL, DN 32 MM X 1\", INSTALADO EM RESERVAÇÃO PREDIAL DE ÁGUA - FORNECIMENTO E INSTALAÇÃO. AF_04/2024",{"$f":"R3465+R3466+R3467+R3468+R3469+R3470+R3471+R3472+R3473+R3474+R3475+R3476+R3477+R3478+R3479+R3480+R3481+R3482+R3483+R3484+R3485+R3486+R3487+R3488+R3489","v":{"v":50,"d":"50.00"}},"UN",{"v":33.9,"d":"R$ 33.90"},{"v":33.9,"d":"R$ 33.90"},{"v":0.25,"d":"25.00%"},{"$f":"ROUND(I3465,2)+(ROUND(I3465,2)*J3465)","v":{"v":42.375,"d":"R$ 42.38"}},{"$f":"ROUND(S3465,2)+ROUND(S3466,2)+ROUND(S3467,2)+ROUND(S3468,2)+ROUND(S3469,2)+ROUND(S3470,2)+ROUND(S3471,2)+ROUND(S3472,2)+ROUND(S3473,2)+ROUND(S3474,2)+ROUND(S3475,2)+ROUND(S3476,2)+ROUND(S3477,2)+ROUND(S3478,2)+ROUND(S3479,2)+ROUND(S3480,2)+ROUND(S3481,2)+ROUND(S3482,2)+ROUND(S3483,2)+ROUND(S3484,2)+ROUND(S3485,2)+ROUND(S3486,2)+ROUND(S3487,2)+ROUND(S3488,2)+ROUND(S3489,2)","v":{"v":2119,"d":"R$ 2,119.00"}},"","27","CAIXA D'ÁGUA E BARRILETE","1","Casa 1",{"v":2,"d":"2.00"},{"$f":"ROUND(K3465,2)*R3465","v":{"v":84.76,"d":"R$ 84.76"}}]
[{"$nulls":15},"2","Casa 2",{"v":2,"d":"2.00"},{"$f":"ROUND(K3465,2)*R3466","v":{"v":84.76,"d":"R$ 84.76"}}]
[{"$nulls":15},"3","Casa 3",{"v":2,"d":"2.00"},{"$f":"ROUND(K3465,2)*R3467","v":{"v":84.76,"d":"R$ 84.76"}}]
[{"$nulls":15},"4","Casa 4",{"v":2,"d":"2.00"},{"$f":"ROUND(K3465,2)*R3468","v":{"v":84.76,"d":"R$ 84.76"}}]
[{"$nulls":15},"5","Casa 5",{"v":2,"d":"2.00"},{"$f":"ROUND(K3465,2)*R3469","v":{"v":84.76,"d":"R$ 84.76"}}]
[{"$nulls":15},"6","Casa 6",{"v":2,"d":"2.00"},{"$f":"ROUND(K3465,2)*R3470","v":{"v":84.76,"d":"R$ 84.76"}}]
[{"$nulls":15},"7","Casa 7",{"v":2,"d":"2.00"},{"$f":"ROUND(K3465,2)*R3471","v":{"v":84.76,"d":"R$ 84.76"}}]
[{"$nulls":15},"8","Casa 8",{"v":2,"d":"2.00"},{"$f":"ROUND(K3465,2)*R3472","v":{"v":84.76,"d":"R$ 84.76"}}]
[{"$nulls":15},"9","Casa 9",{"v":2,"d":"2.00"},{"$f":"ROUND(K3465,2)*R3473","v":{"v":84.76,"d":"R$ 84.76"}}]
[{"$nulls":15},"10","Casa 10",{"v":2,"d":"2.00"},{"$f":"ROUND(K3465,2)*R3474","v":{"v":84.76,"d":"R$ 84.76"}}]
[{"$nulls":15},"11","Casa 11",{"v":2,"d":"2.00"},{"$f":"ROUND(K3465,2)*R3475","v":{"v":84.76,"d":"R$ 84.76"}}]
[{"$nulls":15},"12","Casa 12",{"v":2,"d":"2.00"},{"$f":"ROUND(K3465,2)*R3476","v":{"v":84.76,"d":"R$ 84.76"}}]
[{"$nulls":15},"13","Casa 13",{"v":2,"d":"2.00"},{"$f":"ROUND(K3465,2)*R3477","v":{"v":84.76,"d":"R$ 84.76"}}]
[{"$nulls":15},"14","Casa 14",{"v":2,"d":"2.00"},{"$f":"ROUND(K3465,2)*R3478","v":{"v":84.76,"d":"R$ 84.76"}}]
[{"$nulls":15},"15","Casa 15",{"v":2,"d":"2.00"},{"$f":"ROUND(K3465,2)*R3479","v":{"v":84.76,"d":"R$ 84.76"}}]
[{"$nulls":15},"16","Casa 16",{"v":2,"d":"2.00"},{"$f":"ROUND(K3465,2)*R3480","v":{"v":84.76,"d":"R$ 84.76"}}]
[{"$nulls":15},"17","Casa 17",{"v":2,"d":"2.00"},{"$f":"ROUND(K3465,2)*R3481","v":{"v":84.76,"d":"R$ 84.76"}}]
[{"$nulls":15},"18","Casa 18",{"v":2,"d":"2.00"},{"$f":"ROUND(K3465,2)*R3482","v":{"v":84.76,"d":"R$ 84.76"}}]
[{"$nulls":15},"19","Casa 19",{"v":2,"d":"2.00"},{"$f":"ROUND(K3465,2)*R3483","v":{"v":84.76,"d":"R$ 84.76"}}]
[{"$nulls":15},"20","Casa 20",{"v":2,"d":"2.00"},{"$f":"ROUND(K3465,2)*R3484","v":{"v":84.76,"d":"R$ 84.76"}}]
[{"$nulls":15},"21","Casa 21",{"v":2,"d":"2.00"},{"$f":"ROUND(K3465,2)*R3485","v":{"v":84.76,"d":"R$ 84.76"}}]
[{"$nulls":15},"22","Casa 22",{"v":2,"d":"2.00"},{"$f":"ROUND(K3465,2)*R3486","v":{"v":84.76,"d":"R$ 84.76"}}]
[{"$nulls":15},"23","Casa 23",{"v":2,"d":"2.00"},{"$f":"ROUND(K3465,2)*R3487","v":{"v":84.76,"d":"R$ 84.76"}}]
[{"$nulls":15},"24","Casa 24",{"v":2,"d":"2.00"},{"$f":"ROUND(K3465,2)*R3488","v":{"v":84.76,"d":"R$ 84.76"}}]
[{"$nulls":15},"25","Casa 25",{"v":2,"d":"2.00"},{"$f":"ROUND(K3465,2)*R3489","v":{"v":84.76,"d":"R$ 84.76"}}]
["Serviço","27.6","SINAPI","94796","TORNEIRA DE BOIA PARA CAIXA D'ÁGUA, ROSCÁVEL, 3/4\" - FORNECIMENTO E INSTALAÇÃO. AF_08/2021",{"$f":"R3490+R3491+R3492+R3493+R3494+R3495+R3496+R3497+R3498+R3499+R3500+R3501+R3502+R3503+R3504+R3505+R3506+R3507+R3508+R3509+R3510+R3511+R3512+R3513+R3514","v":{"v":25,"d":"25.00"}},"UN",{"v":46.01,"d":"R$ 46.01"},{"v":46.01,"d":"R$ 46.01"},{"v":0.25,"d":"25.00%"},{"$f":"ROUND(I3490,2)+(ROUND(I3490,2)*J3490)","v":{"v":57.512499999999996,"d":"R$ 57.51"}},{"$f":"ROUND(S3490,2)+ROUND(S3491,2)+ROUND(S3492,2)+ROUND(S3493,2)+ROUND(S3494,2)+ROUND(S3495,2)+ROUND(S3496,2)+ROUND(S3497,2)+ROUND(S3498,2)+ROUND(S3499,2)+ROUND(S3500,2)+ROUND(S3501,2)+ROUND(S3502,2)+ROUND(S3503,2)+ROUND(S3504,2)+ROUND(S3505,2)+ROUND(S3506,2)+ROUND(S3507,2)+ROUND(S3508,2)+ROUND(S3509,2)+ROUND(S3510,2)+ROUND(S3511,2)+ROUND(S3512,2)+ROUND(S3513,2)+ROUND(S3514,2)","v":{"v":1437.75,"d":"R$ 1,437.75"}},"","27","CAIXA D'ÁGUA E BARRILETE","1","Casa 1",{"v":1,"d":"1.00"},{"$f":"ROUND(K3490,2)*R3490","v":{"v":57.51,"d":"R$ 57.51"}}]
[{"$nulls":15},"2","Casa 2",{"v":1,"d":"1.00"},{"$f":"ROUND(K3490,2)*R3491","v":{"v":57.51,"d":"R$ 57.51"}}]
[{"$nulls":15},"3","Casa 3",{"v":1,"d":"1.00"},{"$f":"ROUND(K3490,2)*R3492","v":{"v":57.51,"d":"R$ 57.51"}}]
[{"$nulls":15},"4","Casa 4",{"v":1,"d":"1.00"},{"$f":"ROUND(K3490,2)*R3493","v":{"v":57.51,"d":"R$ 57.51"}}]
[{"$nulls":15},"5","Casa 5",{"v":1,"d":"1.00"},{"$f":"ROUND(K3490,2)*R3494","v":{"v":57.51,"d":"R$ 57.51"}}]
[{"$nulls":15},"6","Casa 6",{"v":1,"d":"1.00"},{"$f":"ROUND(K3490,2)*R3495","v":{"v":57.51,"d":"R$ 57.51"}}]
[{"$nulls":15},"7","Casa 7",{"v":1,"d":"1.00"},{"$f":"ROUND(K3490,2)*R3496","v":{"v":57.51,"d":"R$ 57.51"}}]
[{"$nulls":15},"8","Casa 8",{"v":1,"d":"1.00"},{"$f":"ROUND(K3490,2)*R3497","v":{"v":57.51,"d":"R$ 57.51"}}]
[{"$nulls":15},"9","Casa 9",{"v":1,"d":"1.00"},{"$f":"ROUND(K3490,2)*R3498","v":{"v":57.51,"d":"R$ 57.51"}}]
[{"$nulls":15},"10","Casa 10",{"v":1,"d":"1.00"},{"$f":"ROUND(K3490,2)*R3499","v":{"v":57.51,"d":"R$ 57.51"}}]
[{"$nulls":15},"11","Casa 11",{"v":1,"d":"1.00"},{"$f":"ROUND(K3490,2)*R3500","v":{"v":57.51,"d":"R$ 57.51"}}]
[{"$nulls":15},"12","Casa 12",{"v":1,"d":"1.00"},{"$f":"ROUND(K3490,2)*R3501","v":{"v":57.51,"d":"R$ 57.51"}}]
[{"$nulls":15},"13","Casa 13",{"v":1,"d":"1.00"},{"$f":"ROUND(K3490,2)*R3502","v":{"v":57.51,"d":"R$ 57.51"}}]
[{"$nulls":15},"14","Casa 14",{"v":1,"d":"1.00"},{"$f":"ROUND(K3490,2)*R3503","v":{"v":57.51,"d":"R$ 57.51"}}]
[{"$nulls":15},"15","Casa 15",{"v":1,"d":"1.00"},{"$f":"ROUND(K3490,2)*R3504","v":{"v":57.51,"d":"R$ 57.51"}}]
[{"$nulls":15},"16","Casa 16",{"v":1,"d":"1.00"},{"$f":"ROUND(K3490,2)*R3505","v":{"v":57.51,"d":"R$ 57.51"}}]
[{"$nulls":15},"17","Casa 17",{"v":1,"d":"1.00"},{"$f":"ROUND(K3490,2)*R3506","v":{"v":57.51,"d":"R$ 57.51"}}]
[{"$nulls":15},"18","Casa 18",{"v":1,"d":"1.00"},{"$f":"ROUND(K3490,2)*R3507","v":{"v":57.51,"d":"R$ 57.51"}}]
[{"$nulls":15},"19","Casa 19",{"v":1,"d":"1.00"},{"$f":"ROUND(K3490,2)*R3508","v":{"v":57.51,"d":"R$ 57.51"}}]
[{"$nulls":15},"20","Casa 20",{"v":1,"d":"1.00"},{"$f":"ROUND(K3490,2)*R3509","v":{"v":57.51,"d":"R$ 57.51"}}]
[{"$nulls":15},"21","Casa 21",{"v":1,"d":"1.00"},{"$f":"ROUND(K3490,2)*R3510","v":{"v":57.51,"d":"R$ 57.51"}}]
[{"$nulls":15},"22","Casa 22",{"v":1,"d":"1.00"},{"$f":"ROUND(K3490,2)*R3511","v":{"v":57.51,"d":"R$ 57.51"}}]
[{"$nulls":15},"23","Casa 23",{"v":1,"d":"1.00"},{"$f":"ROUND(K3490,2)*R3512","v":{"v":57.51,"d":"R$ 57.51"}}]
[{"$nulls":15},"24","Casa 24",{"v":1,"d":"1.00"},{"$f":"ROUND(K3490,2)*R3513","v":{"v":57.51,"d":"R$ 57.51"}}]
[{"$nulls":15},"25","Casa 25",{"v":1,"d":"1.00"},{"$f":"ROUND(K3490,2)*R3514","v":{"v":57.51,"d":"R$ 57.51"}}]
["Serviço","27.7","SINAPI","89408","JOELHO 90 GRAUS, PVC, SOLDÁVEL, DN 25MM, INSTALADO EM RAMAL DE DISTRIBUIÇÃO DE ÁGUA - FORNECIMENTO E INSTALAÇÃO. AF_06/2022",{"$f":"R3515+R3516+R3517+R3518+R3519+R3520+R3521+R3522+R3523+R3524+R3525+R3526+R3527+R3528+R3529+R3530+R3531+R3532+R3533+R3534+R3535+R3536+R3537+R3538+R3539","v":{"v":200,"d":"200.00"}},"UN",{"v":10.4,"d":"R$ 10.40"},{"v":10.4,"d":"R$ 10.40"},{"v":0.25,"d":"25.00%"},{"$f":"ROUND(I3515,2)+(ROUND(I3515,2)*J3515)","v":{"v":13,"d":"R$ 13.00"}},{"$f":"ROUND(S3515,2)+ROUND(S3516,2)+ROUND(S3517,2)+ROUND(S3518,2)+ROUND(S3519,2)+ROUND(S3520,2)+ROUND(S3521,2)+ROUND(S3522,2)+ROUND(S3523,2)+ROUND(S3524,2)+ROUND(S3525,2)+ROUND(S3526,2)+ROUND(S3527,2)+ROUND(S3528,2)+ROUND(S3529,2)+ROUND(S3530,2)+ROUND(S3531,2)+ROUND(S3532,2)+ROUND(S3533,2)+ROUND(S3534,2)+ROUND(S3535,2)+ROUND(S3536,2)+ROUND(S3537,2)+ROUND(S3538,2)+ROUND(S3539,2)","v":{"v":2600,"d":"R$ 2,600.00"}},"","27","CAIXA D'ÁGUA E BARRILETE","1","Casa 1",{"v":8,"d":"8.00"},{"$f":"ROUND(K3515,2)*R3515","v":{"v":104,"d":"R$ 104.00"}}]
[{"$nulls":15},"2","Casa 2",{"v":8,"d":"8.00"},{"$f":"ROUND(K3515,2)*R3516","v":{"v":104,"d":"R$ 104.00"}}]
[{"$nulls":15},"3","Casa 3",{"v":8,"d":"8.00"},{"$f":"ROUND(K3515,2)*R3517","v":{"v":104,"d":"R$ 104.00"}}]
[{"$nulls":15},"4","Casa 4",{"v":8,"d":"8.00"},{"$f":"ROUND(K3515,2)*R3518","v":{"v":104,"d":"R$ 104.00"}}]
[{"$nulls":15},"5","Casa 5",{"v":8,"d":"8.00"},{"$f":"ROUND(K3515,2)*R3519","v":{"v":104,"d":"R$ 104.00"}}]
[{"$nulls":15},"6","Casa 6",{"v":8,"d":"8.00"},{"$f":"ROUND(K3515,2)*R3520","v":{"v":104,"d":"R$ 104.00"}}]
[{"$nulls":15},"7","Casa 7",{"v":8,"d":"8.00"},{"$f":"ROUND(K3515,2)*R3521","v":{"v":104,"d":"R$ 104.00"}}]
[{"$nulls":15},"8","Casa 8",{"v":8,"d":"8.00"},{"$f":"ROUND(K3515,2)*R3522","v":{"v":104,"d":"R$ 104.00"}}]
[{"$nulls":15},"9","Casa 9",{"v":8,"d":"8.00"},{"$f":"ROUND(K3515,2)*R3523","v":{"v":104,"d":"R$ 104.00"}}]
[{"$nulls":15},"10","Casa 10",{"v":8,"d":"8.00"},{"$f":"ROUND(K3515,2)*R3524","v":{"v":104,"d":"R$ 104.00"}}]
[{"$nulls":15},"11","Casa 11",{"v":8,"d":"8.00"},{"$f":"ROUND(K3515,2)*R3525","v":{"v":104,"d":"R$ 104.00"}}]
[{"$nulls":15},"12","Casa 12",{"v":8,"d":"8.00"},{"$f":"ROUND(K3515,2)*R3526","v":{"v":104,"d":"R$ 104.00"}}]
[{"$nulls":15},"13","Casa 13",{"v":8,"d":"8.00"},{"$f":"ROUND(K3515,2)*R3527","v":{"v":104,"d":"R$ 104.00"}}]
[{"$nulls":15},"14","Casa 14",{"v":8,"d":"8.00"},{"$f":"ROUND(K3515,2)*R3528","v":{"v":104,"d":"R$ 104.00"}}]
[{"$nulls":15},"15","Casa 15",{"v":8,"d":"8.00"},{"$f":"ROUND(K3515,2)*R3529","v":{"v":104,"d":"R$ 104.00"}}]
[{"$nulls":15},"16","Casa 16",{"v":8,"d":"8.00"},{"$f":"ROUND(K3515,2)*R3530","v":{"v":104,"d":"R$ 104.00"}}]
[{"$nulls":15},"17","Casa 17",{"v":8,"d":"8.00"},{"$f":"ROUND(K3515,2)*R3531","v":{"v":104,"d":"R$ 104.00"}}]
[{"$nulls":15},"18","Casa 18",{"v":8,"d":"8.00"},{"$f":"ROUND(K3515,2)*R3532","v":{"v":104,"d":"R$ 104.00"}}]
[{"$nulls":15},"19","Casa 19",{"v":8,"d":"8.00"},{"$f":"ROUND(K3515,2)*R3533","v":{"v":104,"d":"R$ 104.00"}}]
[{"$nulls":15},"20","Casa 20",{"v":8,"d":"8.00"},{"$f":"ROUND(K3515,2)*R3534","v":{"v":104,"d":"R$ 104.00"}}]
[{"$nulls":15},"21","Casa 21",{"v":8,"d":"8.00"},{"$f":"ROUND(K3515,2)*R3535","v":{"v":104,"d":"R$ 104.00"}}]
[{"$nulls":15},"22","Casa 22",{"v":8,"d":"8.00"},{"$f":"ROUND(K3515,2)*R3536","v":{"v":104,"d":"R$ 104.00"}}]
[{"$nulls":15},"23","Casa 23",{"v":8,"d":"8.00"},{"$f":"ROUND(K3515,2)*R3537","v":{"v":104,"d":"R$ 104.00"}}]
[{"$nulls":15},"24","Casa 24",{"v":8,"d":"8.00"},{"$f":"ROUND(K3515,2)*R3538","v":{"v":104,"d":"R$ 104.00"}}]
[{"$nulls":15},"25","Casa 25",{"v":8,"d":"8.00"},{"$f":"ROUND(K3515,2)*R3539","v":{"v":104,"d":"R$ 104.00"}}]
["Serviço","27.8","SINAPI","89413","JOELHO 90 GRAUS, PVC, SOLDÁVEL, DN 32MM, INSTALADO EM RAMAL DE DISTRIBUIÇÃO DE ÁGUA - FORNECIMENTO E INSTALAÇÃO. AF_06/2022",{"$f":"R3540+R3541+R3542+R3543+R3544+R3545+R3546+R3547+R3548+R3549+R3550+R3551+R3552+R3553+R3554+R3555+R3556+R3557+R3558+R3559+R3560+R3561+R3562+R3563+R3564","v":{"v":100,"d":"100.00"}},"UN",{"v":14.7,"d":"R$ 14.70"},{"v":14.7,"d":"R$ 14.70"},{"v":0.25,"d":"25.00%"},{"$f":"ROUND(I3540,2)+(ROUND(I3540,2)*J3540)","v":{"v":18.375,"d":"R$ 18.38"}},{"$f":"ROUND(S3540,2)+ROUND(S3541,2)+ROUND(S3542,2)+ROUND(S3543,2)+ROUND(S3544,2)+ROUND(S3545,2)+ROUND(S3546,2)+ROUND(S3547,2)+ROUND(S3548,2)+ROUND(S3549,2)+ROUND(S3550,2)+ROUND(S3551,2)+ROUND(S3552,2)+ROUND(S3553,2)+ROUND(S3554,2)+ROUND(S3555,2)+ROUND(S3556,2)+ROUND(S3557,2)+ROUND(S3558,2)+ROUND(S3559,2)+ROUND(S3560,2)+ROUND(S3561,2)+ROUND(S3562,2)+ROUND(S3563,2)+ROUND(S3564,2)","v":{"v":1837.9999999999998,"d":"R$ 1,838.00"}},"","27","CAIXA D'ÁGUA E BARRILETE","1","Casa 1",{"v":4,"d":"4.00"},{"$f":"ROUND(K3540,2)*R3540","v":{"v":73.52,"d":"R$ 73.52"}}]
[{"$nulls":15},"2","Casa 2",{"v":4,"d":"4.00"},{"$f":"ROUND(K3540,2)*R3541","v":{"v":73.52,"d":"R$ 73.52"}}]
[{"$nulls":15},"3","Casa 3",{"v":4,"d":"4.00"},{"$f":"ROUND(K3540,2)*R3542","v":{"v":73.52,"d":"R$ 73.52"}}]
[{"$nulls":15},"4","Casa 4",{"v":4,"d":"4.00"},{"$f":"ROUND(K3540,2)*R3543","v":{"v":73.52,"d":"R$ 73.52"}}]
[{"$nulls":15},"5","Casa 5",{"v":4,"d":"4.00"},{"$f":"ROUND(K3540,2)*R3544","v":{"v":73.52,"d":"R$ 73.52"}}]
[{"$nulls":15},"6","Casa 6",{"v":4,"d":"4.00"},{"$f":"ROUND(K3540,2)*R3545","v":{"v":73.52,"d":"R$ 73.52"}}]
[{"$nulls":15},"7","Casa 7",{"v":4,"d":"4.00"},{"$f":"ROUND(K3540,2)*R3546","v":{"v":73.52,"d":"R$ 73.52"}}]
[{"$nulls":15},"8","Casa 8",{"v":4,"d":"4.00"},{"$f":"ROUND(K3540,2)*R3547","v":{"v":73.52,"d":"R$ 73.52"}}]
[{"$nulls":15},"9","Casa 9",{"v":4,"d":"4.00"},{"$f":"ROUND(K3540,2)*R3548","v":{"v":73.52,"d":"R$ 73.52"}}]
[{"$nulls":15},"10","Casa 10",{"v":4,"d":"4.00"},{"$f":"ROUND(K3540,2)*R3549","v":{"v":73.52,"d":"R$ 73.52"}}]
[{"$nulls":15},"11","Casa 11",{"v":4,"d":"4.00"},{"$f":"ROUND(K3540,2)*R3550","v":{"v":73.52,"d":"R$ 73.52"}}]
[{"$nulls":15},"12","Casa 12",{"v":4,"d":"4.00"},{"$f":"ROUND(K3540,2)*R3551","v":{"v":73.52,"d":"R$ 73.52"}}]
[{"$nulls":15},"13","Casa 13",{"v":4,"d":"4.00"},{"$f":"ROUND(K3540,2)*R3552","v":{"v":73.52,"d":"R$ 73.52"}}]
[{"$nulls":15},"14","Casa 14",{"v":4,"d":"4.00"},{"$f":"ROUND(K3540,2)*R3553","v":{"v":73.52,"d":"R$ 73.52"}}]
[{"$nulls":15},"15","Casa 15",{"v":4,"d":"4.00"},{"$f":"ROUND(K3540,2)*R3554","v":{"v":73.52,"d":"R$ 73.52"}}]
[{"$nulls":15},"16","Casa 16",{"v":4,"d":"4.00"},{"$f":"ROUND(K3540,2)*R3555","v":{"v":73.52,"d":"R$ 73.52"}}]
[{"$nulls":15},"17","Casa 17",{"v":4,"d":"4.00"},{"$f":"ROUND(K3540,2)*R3556","v":{"v":73.52,"d":"R$ 73.52"}}]
[{"$nulls":15},"18","Casa 18",{"v":4,"d":"4.00"},{"$f":"ROUND(K3540,2)*R3557","v":{"v":73.52,"d":"R$ 73.52"}}]
[{"$nulls":15},"19","Casa 19",{"v":4,"d":"4.00"},{"$f":"ROUND(K3540,2)*R3558","v":{"v":73.52,"d":"R$ 73.52"}}]
[{"$nulls":15},"20","Casa 20",{"v":4,"d":"4.00"},{"$f":"ROUND(K3540,2)*R3559","v":{"v":73.52,"d":"R$ 73.52"}}]
[{"$nulls":15},"21","Casa 21",{"v":4,"d":"4.00"},{"$f":"ROUND(K3540,2)*R3560","v":{"v":73.52,"d":"R$ 73.52"}}]
[{"$nulls":15},"22","Casa 22",{"v":4,"d":"4.00"},{"$f":"ROUND(K3540,2)*R3561","v":{"v":73.52,"d":"R$ 73.52"}}]
[{"$nulls":15},"23","Casa 23",{"v":4,"d":"4.00"},{"$f":"ROUND(K3540,2)*R3562","v":{"v":73.52,"d":"R$ 73.52"}}]
[{"$nulls":15},"24","Casa 24",{"v":4,"d":"4.00"},{"$f":"ROUND(K3540,2)*R3563","v":{"v":73.52,"d":"R$ 73.52"}}]
[{"$nulls":15},"25","Casa 25",{"v":4,"d":"4.00"},{"$f":"ROUND(K3540,2)*R3564","v":{"v":73.52,"d":"R$ 73.52"}}]
["Serviço","27.9","SINAPI","89414","JOELHO 45 GRAUS, PVC, SOLDÁVEL, DN 32MM, INSTALADO EM RAMAL DE DISTRIBUIÇÃO DE ÁGUA - FORNECIMENTO E INSTALAÇÃO. AF_06/2022",{"$f":"R3565+R3566+R3567+R3568+R3569+R3570+R3571+R3572+R3573+R3574+R3575+R3576+R3577+R3578+R3579+R3580+R3581+R3582+R3583+R3584+R3585+R3586+R3587+R3588+R3589","v":{"v":25,"d":"25.00"}},"UN",{"v":17,"d":"R$ 17.00"},{"v":17,"d":"R$ 17.00"},{"v":0.25,"d":"25.00%"},{"$f":"ROUND(I3565,2)+(ROUND(I3565,2)*J3565)","v":{"v":21.25,"d":"R$ 21.25"}},{"$f":"ROUND(S3565,2)+ROUND(S3566,2)+ROUND(S3567,2)+ROUND(S3568,2)+ROUND(S3569,2)+ROUND(S3570,2)+ROUND(S3571,2)+ROUND(S3572,2)+ROUND(S3573,2)+ROUND(S3574,2)+ROUND(S3575,2)+ROUND(S3576,2)+ROUND(S3577,2)+ROUND(S3578,2)+ROUND(S3579,2)+ROUND(S3580,2)+ROUND(S3581,2)+ROUND(S3582,2)+ROUND(S3583,2)+ROUND(S3584,2)+ROUND(S3585,2)+ROUND(S3586,2)+ROUND(S3587,2)+ROUND(S3588,2)+ROUND(S3589,2)","v":{"v":531.25,"d":"R$ 531.25"}},"","27","CAIXA D'ÁGUA E BARRILETE","1","Casa 1",{"v":1,"d":"1.00"},{"$f":"ROUND(K3565,2)*R3565","v":{"v":21.25,"d":"R$ 21.25"}}]
[{"$nulls":15},"2","Casa 2",{"v":1,"d":"1.00"},{"$f":"ROUND(K3565,2)*R3566","v":{"v":21.25,"d":"R$ 21.25"}}]
[{"$nulls":15},"3","Casa 3",{"v":1,"d":"1.00"},{"$f":"ROUND(K3565,2)*R3567","v":{"v":21.25,"d":"R$ 21.25"}}]
[{"$nulls":15},"4","Casa 4",{"v":1,"d":"1.00"},{"$f":"ROUND(K3565,2)*R3568","v":{"v":21.25,"d":"R$ 21.25"}}]
[{"$nulls":15},"5","Casa 5",{"v":1,"d":"1.00"},{"$f":"ROUND(K3565,2)*R3569","v":{"v":21.25,"d":"R$ 21.25"}}]
[{"$nulls":15},"6","Casa 6",{"v":1,"d":"1.00"},{"$f":"ROUND(K3565,2)*R3570","v":{"v":21.25,"d":"R$ 21.25"}}]
[{"$nulls":15},"7","Casa 7",{"v":1,"d":"1.00"},{"$f":"ROUND(K3565,2)*R3571","v":{"v":21.25,"d":"R$ 21.25"}}]
[{"$nulls":15},"8","Casa 8",{"v":1,"d":"1.00"},{"$f":"ROUND(K3565,2)*R3572","v":{"v":21.25,"d":"R$ 21.25"}}]
[{"$nulls":15},"9","Casa 9",{"v":1,"d":"1.00"},{"$f":"ROUND(K3565,2)*R3573","v":{"v":21.25,"d":"R$ 21.25"}}]
[{"$nulls":15},"10","Casa 10",{"v":1,"d":"1.00"},{"$f":"ROUND(K3565,2)*R3574","v":{"v":21.25,"d":"R$ 21.25"}}]
[{"$nulls":15},"11","Casa 11",{"v":1,"d":"1.00"},{"$f":"ROUND(K3565,2)*R3575","v":{"v":21.25,"d":"R$ 21.25"}}]
[{"$nulls":15},"12","Casa 12",{"v":1,"d":"1.00"},{"$f":"ROUND(K3565,2)*R3576","v":{"v":21.25,"d":"R$ 21.25"}}]
[{"$nulls":15},"13","Casa 13",{"v":1,"d":"1.00"},{"$f":"ROUND(K3565,2)*R3577","v":{"v":21.25,"d":"R$ 21.25"}}]
[{"$nulls":15},"14","Casa 14",{"v":1,"d":"1.00"},{"$f":"ROUND(K3565,2)*R3578","v":{"v":21.25,"d":"R$ 21.25"}}]
[{"$nulls":15},"15","Casa 15",{"v":1,"d":"1.00"},{"$f":"ROUND(K3565,2)*R3579","v":{"v":21.25,"d":"R$ 21.25"}}]
[{"$nulls":15},"16","Casa 16",{"v":1,"d":"1.00"},{"$f":"ROUND(K3565,2)*R3580","v":{"v":21.25,"d":"R$ 21.25"}}]
[{"$nulls":15},"17","Casa 17",{"v":1,"d":"1.00"},{"$f":"ROUND(K3565,2)*R3581","v":{"v":21.25,"d":"R$ 21.25"}}]
[{"$nulls":15},"18","Casa 18",{"v":1,"d":"1.00"},{"$f":"ROUND(K3565,2)*R3582","v":{"v":21.25,"d":"R$ 21.25"}}]
[{"$nulls":15},"19","Casa 19",{"v":1,"d":"1.00"},{"$f":"ROUND(K3565,2)*R3583","v":{"v":21.25,"d":"R$ 21.25"}}]
[{"$nulls":15},"20","Casa 20",{"v":1,"d":"1.00"},{"$f":"ROUND(K3565,2)*R3584","v":{"v":21.25,"d":"R$ 21.25"}}]
[{"$nulls":15},"21","Casa 21",{"v":1,"d":"1.00"},{"$f":"ROUND(K3565,2)*R3585","v":{"v":21.25,"d":"R$ 21.25"}}]
[{"$nulls":15},"22","Casa 22",{"v":1,"d":"1.00"},{"$f":"ROUND(K3565,2)*R3586","v":{"v":21.25,"d":"R$ 21.25"}}]
[{"$nulls":15},"23","Casa 23",{"v":1,"d":"1.00"},{"$f":"ROUND(K3565,2)*R3587","v":{"v":21.25,"d":"R$ 21.25"}}]
[{"$nulls":15},"24","Casa 24",{"v":1,"d":"1.00"},{"$f":"ROUND(K3565,2)*R3588","v":{"v":21.25,"d":"R$ 21.25"}}]
[{"$nulls":15},"25","Casa 25",{"v":1,"d":"1.00"},{"$f":"ROUND(K3565,2)*R3589","v":{"v":21.25,"d":"R$ 21.25"}}]
["Serviço","27.10","SINAPI","103953","BUCHA DE REDUÇÃO, CURTA, PVC, SOLDÁVEL, DN 32 X 25 MM, INSTALADO EM RAMAL DE DISTRIBUIÇÃO DE ÁGUA - FORNECIMENTO E INSTALAÇÃO. AF_06/2022",{"$f":"R3590+R3591+R3592+R3593+R3594+R3595+R3596+R3597+R3598+R3599+R3600+R3601+R3602+R3603+R3604+R3605+R3606+R3607+R3608+R3609+R3610+R3611+R3612+R3613+R3614","v":{"v":50,"d":"50.00"}},"UN",{"v":8.74,"d":"R$ 8.74"},{"v":8.74,"d":"R$ 8.74"},{"v":0.25,"d":"25.00%"},{"$f":"ROUND(I3590,2)+(ROUND(I3590,2)*J3590)","v":{"v":10.925,"d":"R$ 10.93"}},{"$f":"ROUND(S3590,2)+ROUND(S3591,2)+ROUND(S3592,2)+ROUND(S3593,2)+ROUND(S3594,2)+ROUND(S3595,2)+ROUND(S3596,2)+ROUND(S3597,2)+ROUND(S3598,2)+ROUND(S3599,2)+ROUND(S3600,2)+ROUND(S3601,2)+ROUND(S3602,2)+ROUND(S3603,2)+ROUND(S3604,2)+ROUND(S3605,2)+ROUND(S3606,2)+ROUND(S3607,2)+ROUND(S3608,2)+ROUND(S3609,2)+ROUND(S3610,2)+ROUND(S3611,2)+ROUND(S3612,2)+ROUND(S3613,2)+ROUND(S3614,2)","v":{"v":546.5000000000002,"d":"R$ 546.50"}},"","27","CAIXA D'ÁGUA E BARRILETE","1","Casa 1",{"v":2,"d":"2.00"},{"$f":"ROUND(K3590,2)*R3590","v":{"v":21.86,"d":"R$ 21.86"}}]
[{"$nulls":15},"2","Casa 2",{"v":2,"d":"2.00"},{"$f":"ROUND(K3590,2)*R3591","v":{"v":21.86,"d":"R$ 21.86"}}]
[{"$nulls":15},"3","Casa 3",{"v":2,"d":"2.00"},{"$f":"ROUND(K3590,2)*R3592","v":{"v":21.86,"d":"R$ 21.86"}}]
[{"$nulls":15},"4","Casa 4",{"v":2,"d":"2.00"},{"$f":"ROUND(K3590,2)*R3593","v":{"v":21.86,"d":"R$ 21.86"}}]
[{"$nulls":15},"5","Casa 5",{"v":2,"d":"2.00"},{"$f":"ROUND(K3590,2)*R3594","v":{"v":21.86,"d":"R$ 21.86"}}]
[{"$nulls":15},"6","Casa 6",{"v":2,"d":"2.00"},{"$f":"ROUND(K3590,2)*R3595","v":{"v":21.86,"d":"R$ 21.86"}}]
[{"$nulls":15},"7","Casa 7",{"v":2,"d":"2.00"},{"$f":"ROUND(K3590,2)*R3596","v":{"v":21.86,"d":"R$ 21.86"}}]
[{"$nulls":15},"8","Casa 8",{"v":2,"d":"2.00"},{"$f":"ROUND(K3590,2)*R3597","v":{"v":21.86,"d":"R$ 21.86"}}]
[{"$nulls":15},"9","Casa 9",{"v":2,"d":"2.00"},{"$f":"ROUND(K3590,2)*R3598","v":{"v":21.86,"d":"R$ 21.86"}}]
[{"$nulls":15},"10","Casa 10",{"v":2,"d":"2.00"},{"$f":"ROUND(K3590,2)*R3599","v":{"v":21.86,"d":"R$ 21.86"}}]
[{"$nulls":15},"11","Casa 11",{"v":2,"d":"2.00"},{"$f":"ROUND(K3590,2)*R3600","v":{"v":21.86,"d":"R$ 21.86"}}]
[{"$nulls":15},"12","Casa 12",{"v":2,"d":"2.00"},{"$f":"ROUND(K3590,2)*R3601","v":{"v":21.86,"d":"R$ 21.86"}}]
[{"$nulls":15},"13","Casa 13",{"v":2,"d":"2.00"},{"$f":"ROUND(K3590,2)*R3602","v":{"v":21.86,"d":"R$ 21.86"}}]
[{"$nulls":15},"14","Casa 14",{"v":2,"d":"2.00"},{"$f":"ROUND(K3590,2)*R3603","v":{"v":21.86,"d":"R$ 21.86"}}]
[{"$nulls":15},"15","Casa 15",{"v":2,"d":"2.00"},{"$f":"ROUND(K3590,2)*R3604","v":{"v":21.86,"d":"R$ 21.86"}}]
[{"$nulls":15},"16","Casa 16",{"v":2,"d":"2.00"},{"$f":"ROUND(K3590,2)*R3605","v":{"v":21.86,"d":"R$ 21.86"}}]
[{"$nulls":15},"17","Casa 17",{"v":2,"d":"2.00"},{"$f":"ROUND(K3590,2)*R3606","v":{"v":21.86,"d":"R$ 21.86"}}]
[{"$nulls":15},"18","Casa 18",{"v":2,"d":"2.00"},{"$f":"ROUND(K3590,2)*R3607","v":{"v":21.86,"d":"R$ 21.86"}}]
[{"$nulls":15},"19","Casa 19",{"v":2,"d":"2.00"},{"$f":"ROUND(K3590,2)*R3608","v":{"v":21.86,"d":"R$ 21.86"}}]
[{"$nulls":15},"20","Casa 20",{"v":2,"d":"2.00"},{"$f":"ROUND(K3590,2)*R3609","v":{"v":21.86,"d":"R$ 21.86"}}]
[{"$nulls":15},"21","Casa 21",{"v":2,"d":"2.00"},{"$f":"ROUND(K3590,2)*R3610","v":{"v":21.86,"d":"R$ 21.86"}}]
[{"$nulls":15},"22","Casa 22",{"v":2,"d":"2.00"},{"$f":"ROUND(K3590,2)*R3611","v":{"v":21.86,"d":"R$ 21.86"}}]
[{"$nulls":15},"23","Casa 23",{"v":2,"d":"2.00"},{"$f":"ROUND(K3590,2)*R3612","v":{"v":21.86,"d":"R$ 21.86"}}]
[{"$nulls":15},"24","Casa 24",{"v":2,"d":"2.00"},{"$f":"ROUND(K3590,2)*R3613","v":{"v":21.86,"d":"R$ 21.86"}}]
[{"$nulls":15},"25","Casa 25",{"v":2,"d":"2.00"},{"$f":"ROUND(K3590,2)*R3614","v":{"v":21.86,"d":"R$ 21.86"}}]
["Serviço","27.11","SINAPI","89443","TE, PVC, SOLDÁVEL, DN 32MM, INSTALADO EM RAMAL DE DISTRIBUIÇÃO DE ÁGUA - FORNECIMENTO E INSTALAÇÃO. AF_06/2022",{"$f":"R3615+R3616+R3617+R3618+R3619+R3620+R3621+R3622+R3623+R3624+R3625+R3626+R3627+R3628+R3629+R3630+R3631+R3632+R3633+R3634+R3635+R3636+R3637+R3638+R3639","v":{"v":75,"d":"75.00"}},"UN",{"v":20.6,"d":"R$ 20.60"},{"v":20.6,"d":"R$ 20.60"},{"v":0.25,"d":"25.00%"},{"$f":"ROUND(I3615,2)+(ROUND(I3615,2)*J3615)","v":{"v":25.75,"d":"R$ 25.75"}},{"$f":"ROUND(S3615,2)+ROUND(S3616,2)+ROUND(S3617,2)+ROUND(S3618,2)+ROUND(S3619,2)+ROUND(S3620,2)+ROUND(S3621,2)+ROUND(S3622,2)+ROUND(S3623,2)+ROUND(S3624,2)+ROUND(S3625,2)+ROUND(S3626,2)+ROUND(S3627,2)+ROUND(S3628,2)+ROUND(S3629,2)+ROUND(S3630,2)+ROUND(S3631,2)+ROUND(S3632,2)+ROUND(S3633,2)+ROUND(S3634,2)+ROUND(S3635,2)+ROUND(S3636,2)+ROUND(S3637,2)+ROUND(S3638,2)+ROUND(S3639,2)","v":{"v":1931.25,"d":"R$ 1,931.25"}},"","27","CAIXA D'ÁGUA E BARRILETE","1","Casa 1",{"v":3,"d":"3.00"},{"$f":"ROUND(K3615,2)*R3615","v":{"v":77.25,"d":"R$ 77.25"}}]
[{"$nulls":15},"2","Casa 2",{"v":3,"d":"3.00"},{"$f":"ROUND(K3615,2)*R3616","v":{"v":77.25,"d":"R$ 77.25"}}]
[{"$nulls":15},"3","Casa 3",{"v":3,"d":"3.00"},{"$f":"ROUND(K3615,2)*R3617","v":{"v":77.25,"d":"R$ 77.25"}}]
[{"$nulls":15},"4","Casa 4",{"v":3,"d":"3.00"},{"$f":"ROUND(K3615,2)*R3618","v":{"v":77.25,"d":"R$ 77.25"}}]
[{"$nulls":15},"5","Casa 5",{"v":3,"d":"3.00"},{"$f":"ROUND(K3615,2)*R3619","v":{"v":77.25,"d":"R$ 77.25"}}]
[{"$nulls":15},"6","Casa 6",{"v":3,"d":"3.00"},{"$f":"ROUND(K3615,2)*R3620","v":{"v":77.25,"d":"R$ 77.25"}}]
[{"$nulls":15},"7","Casa 7",{"v":3,"d":"3.00"},{"$f":"ROUND(K3615,2)*R3621","v":{"v":77.25,"d":"R$ 77.25"}}]
[{"$nulls":15},"8","Casa 8",{"v":3,"d":"3.00"},{"$f":"ROUND(K3615,2)*R3622","v":{"v":77.25,"d":"R$ 77.25"}}]
[{"$nulls":15},"9","Casa 9",{"v":3,"d":"3.00"},{"$f":"ROUND(K3615,2)*R3623","v":{"v":77.25,"d":"R$ 77.25"}}]
[{"$nulls":15},"10","Casa 10",{"v":3,"d":"3.00"},{"$f":"ROUND(K3615,2)*R3624","v":{"v":77.25,"d":"R$ 77.25"}}]
[{"$nulls":15},"11","Casa 11",{"v":3,"d":"3.00"},{"$f":"ROUND(K3615,2)*R3625","v":{"v":77.25,"d":"R$ 77.25"}}]
[{"$nulls":15},"12","Casa 12",{"v":3,"d":"3.00"},{"$f":"ROUND(K3615,2)*R3626","v":{"v":77.25,"d":"R$ 77.25"}}]
[{"$nulls":15},"13","Casa 13",{"v":3,"d":"3.00"},{"$f":"ROUND(K3615,2)*R3627","v":{"v":77.25,"d":"R$ 77.25"}}]
[{"$nulls":15},"14","Casa 14",{"v":3,"d":"3.00"},{"$f":"ROUND(K3615,2)*R3628","v":{"v":77.25,"d":"R$ 77.25"}}]
[{"$nulls":15},"15","Casa 15",{"v":3,"d":"3.00"},{"$f":"ROUND(K3615,2)*R3629","v":{"v":77.25,"d":"R$ 77.25"}}]
[{"$nulls":15},"16","Casa 16",{"v":3,"d":"3.00"},{"$f":"ROUND(K3615,2)*R3630","v":{"v":77.25,"d":"R$ 77.25"}}]
[{"$nulls":15},"17","Casa 17",{"v":3,"d":"3.00"},{"$f":"ROUND(K3615,2)*R3631","v":{"v":77.25,"d":"R$ 77.25"}}]
[{"$nulls":15},"18","Casa 18",{"v":3,"d":"3.00"},{"$f":"ROUND(K3615,2)*R3632","v":{"v":77.25,"d":"R$ 77.25"}}]
[{"$nulls":15},"19","Casa 19",{"v":3,"d":"3.00"},{"$f":"ROUND(K3615,2)*R3633","v":{"v":77.25,"d":"R$ 77.25"}}]
[{"$nulls":15},"20","Casa 20",{"v":3,"d":"3.00"},{"$f":"ROUND(K3615,2)*R3634","v":{"v":77.25,"d":"R$ 77.25"}}]
[{"$nulls":15},"21","Casa 21",{"v":3,"d":"3.00"},{"$f":"ROUND(K3615,2)*R3635","v":{"v":77.25,"d":"R$ 77.25"}}]
[{"$nulls":15},"22","Casa 22",{"v":3,"d":"3.00"},{"$f":"ROUND(K3615,2)*R3636","v":{"v":77.25,"d":"R$ 77.25"}}]
[{"$nulls":15},"23","Casa 23",{"v":3,"d":"3.00"},{"$f":"ROUND(K3615,2)*R3637","v":{"v":77.25,"d":"R$ 77.25"}}]
[{"$nulls":15},"24","Casa 24",{"v":3,"d":"3.00"},{"$f":"ROUND(K3615,2)*R3638","v":{"v":77.25,"d":"R$ 77.25"}}]
[{"$nulls":15},"25","Casa 25",{"v":3,"d":"3.00"},{"$f":"ROUND(K3615,2)*R3639","v":{"v":77.25,"d":"R$ 77.25"}}]
["Serviço","27.12","SINAPI","89445","TÊ DE REDUÇÃO, PVC, SOLDÁVEL, DN 32MM X 25MM, INSTALADO EM RAMAL DE DISTRIBUIÇÃO DE ÁGUA - FORNECIMENTO E INSTALAÇÃO. AF_06/2022",{"$f":"R3640+R3641+R3642+R3643+R3644+R3645+R3646+R3647+R3648+R3649+R3650+R3651+R3652+R3653+R3654+R3655+R3656+R3657+R3658+R3659+R3660+R3661+R3662+R3663+R3664","v":{"v":25,"d":"25.00"}},"UN",{"v":23.13,"d":"R$ 23.13"},{"v":23.13,"d":"R$ 23.13"},{"v":0.25,"d":"25.00%"},{"$f":"ROUND(I3640,2)+(ROUND(I3640,2)*J3640)","v":{"v":28.912499999999998,"d":"R$ 28.91"}},{"$f":"ROUND(S3640,2)+ROUND(S3641,2)+ROUND(S3642,2)+ROUND(S3643,2)+ROUND(S3644,2)+ROUND(S3645,2)+ROUND(S3646,2)+ROUND(S3647,2)+ROUND(S3648,2)+ROUND(S3649,2)+ROUND(S3650,2)+ROUND(S3651,2)+ROUND(S3652,2)+ROUND(S3653,2)+ROUND(S3654,2)+ROUND(S3655,2)+ROUND(S3656,2)+ROUND(S3657,2)+ROUND(S3658,2)+ROUND(S3659,2)+ROUND(S3660,2)+ROUND(S3661,2)+ROUND(S3662,2)+ROUND(S3663,2)+ROUND(S3664,2)","v":{"v":722.75,"d":"R$ 722.75"}},"","27","CAIXA D'ÁGUA E BARRILETE","1","Casa 1",{"v":1,"d":"1.00"},{"$f":"ROUND(K3640,2)*R3640","v":{"v":28.91,"d":"R$ 28.91"}}]
[{"$nulls":15},"2","Casa 2",{"v":1,"d":"1.00"},{"$f":"ROUND(K3640,2)*R3641","v":{"v":28.91,"d":"R$ 28.91"}}]
[{"$nulls":15},"3","Casa 3",{"v":1,"d":"1.00"},{"$f":"ROUND(K3640,2)*R3642","v":{"v":28.91,"d":"R$ 28.91"}}]
[{"$nulls":15},"4","Casa 4",{"v":1,"d":"1.00"},{"$f":"ROUND(K3640,2)*R3643","v":{"v":28.91,"d":"R$ 28.91"}}]
[{"$nulls":15},"5","Casa 5",{"v":1,"d":"1.00"},{"$f":"ROUND(K3640,2)*R3644","v":{"v":28.91,"d":"R$ 28.91"}}]
[{"$nulls":15},"6","Casa 6",{"v":1,"d":"1.00"},{"$f":"ROUND(K3640,2)*R3645","v":{"v":28.91,"d":"R$ 28.91"}}]
[{"$nulls":15},"7","Casa 7",{"v":1,"d":"1.00"},{"$f":"ROUND(K3640,2)*R3646","v":{"v":28.91,"d":"R$ 28.91"}}]
[{"$nulls":15},"8","Casa 8",{"v":1,"d":"1.00"},{"$f":"ROUND(K3640,2)*R3647","v":{"v":28.91,"d":"R$ 28.91"}}]
[{"$nulls":15},"9","Casa 9",{"v":1,"d":"1.00"},{"$f":"ROUND(K3640,2)*R3648","v":{"v":28.91,"d":"R$ 28.91"}}]
[{"$nulls":15},"10","Casa 10",{"v":1,"d":"1.00"},{"$f":"ROUND(K3640,2)*R3649","v":{"v":28.91,"d":"R$ 28.91"}}]
[{"$nulls":15},"11","Casa 11",{"v":1,"d":"1.00"},{"$f":"ROUND(K3640,2)*R3650","v":{"v":28.91,"d":"R$ 28.91"}}]
[{"$nulls":15},"12","Casa 12",{"v":1,"d":"1.00"},{"$f":"ROUND(K3640,2)*R3651","v":{"v":28.91,"d":"R$ 28.91"}}]
[{"$nulls":15},"13","Casa 13",{"v":1,"d":"1.00"},{"$f":"ROUND(K3640,2)*R3652","v":{"v":28.91,"d":"R$ 28.91"}}]
[{"$nulls":15},"14","Casa 14",{"v":1,"d":"1.00"},{"$f":"ROUND(K3640,2)*R3653","v":{"v":28.91,"d":"R$ 28.91"}}]
[{"$nulls":15},"15","Casa 15",{"v":1,"d":"1.00"},{"$f":"ROUND(K3640,2)*R3654","v":{"v":28.91,"d":"R$ 28.91"}}]
[{"$nulls":15},"16","Casa 16",{"v":1,"d":"1.00"},{"$f":"ROUND(K3640,2)*R3655","v":{"v":28.91,"d":"R$ 28.91"}}]
[{"$nulls":15},"17","Casa 17",{"v":1,"d":"1.00"},{"$f":"ROUND(K3640,2)*R3656","v":{"v":28.91,"d":"R$ 28.91"}}]
[{"$nulls":15},"18","Casa 18",{"v":1,"d":"1.00"},{"$f":"ROUND(K3640,2)*R3657","v":{"v":28.91,"d":"R$ 28.91"}}]
[{"$nulls":15},"19","Casa 19",{"v":1,"d":"1.00"},{"$f":"ROUND(K3640,2)*R3658","v":{"v":28.91,"d":"R$ 28.91"}}]
[{"$nulls":15},"20","Casa 20",{"v":1,"d":"1.00"},{"$f":"ROUND(K3640,2)*R3659","v":{"v":28.91,"d":"R$ 28.91"}}]
[{"$nulls":15},"21","Casa 21",{"v":1,"d":"1.00"},{"$f":"ROUND(K3640,2)*R3660","v":{"v":28.91,"d":"R$ 28.91"}}]
[{"$nulls":15},"22","Casa 22",{"v":1,"d":"1.00"},{"$f":"ROUND(K3640,2)*R3661","v":{"v":28.91,"d":"R$ 28.91"}}]
[{"$nulls":15},"23","Casa 23",{"v":1,"d":"1.00"},{"$f":"ROUND(K3640,2)*R3662","v":{"v":28.91,"d":"R$ 28.91"}}]
[{"$nulls":15},"24","Casa 24",{"v":1,"d":"1.00"},{"$f":"ROUND(K3640,2)*R3663","v":{"v":28.91,"d":"R$ 28.91"}}]
[{"$nulls":15},"25","Casa 25",{"v":1,"d":"1.00"},{"$f":"ROUND(K3640,2)*R3664","v":{"v":28.91,"d":"R$ 28.91"}}]
["Serviço","27.13","SINAPI","89402","TUBO, PVC, SOLDÁVEL, DE 25MM, INSTALADO EM RAMAL DE DISTRIBUIÇÃO DE ÁGUA - FORNECIMENTO E INSTALAÇÃO. AF_06/2022",{"$f":"R3665+R3666+R3667+R3668+R3669+R3670+R3671+R3672+R3673+R3674+R3675+R3676+R3677+R3678+R3679+R3680+R3681+R3682+R3683+R3684+R3685+R3686+R3687+R3688+R3689","v":{"v":110.00000000000004,"d":"110.00"}},"M",{"v":15.44,"d":"R$ 15.44"},{"v":15.44,"d":"R$ 15.44"},{"v":0.25,"d":"25.00%"},{"$f":"ROUND(I3665,2)+(ROUND(I3665,2)*J3665)","v":{"v":19.3,"d":"R$ 19.30"}},{"$f":"ROUND(S3665,2)+ROUND(S3666,2)+ROUND(S3667,2)+ROUND(S3668,2)+ROUND(S3669,2)+ROUND(S3670,2)+ROUND(S3671,2)+ROUND(S3672,2)+ROUND(S3673,2)+ROUND(S3674,2)+ROUND(S3675,2)+ROUND(S3676,2)+ROUND(S3677,2)+ROUND(S3678,2)+ROUND(S3679,2)+ROUND(S3680,2)+ROUND(S3681,2)+ROUND(S3682,2)+ROUND(S3683,2)+ROUND(S3684,2)+ROUND(S3685,2)+ROUND(S3686,2)+ROUND(S3687,2)+ROUND(S3688,2)+ROUND(S3689,2)","v":{"v":2123.0000000000005,"d":"R$ 2,123.00"}},"","27","CAIXA D'ÁGUA E BARRILETE","1","Casa 1",{"v":4.4,"d":"4.40"},{"$f":"ROUND(K3665,2)*R3665","v":{"v":84.92000000000002,"d":"R$ 84.92"}}]
[{"$nulls":15},"2","Casa 2",{"v":4.4,"d":"4.40"},{"$f":"ROUND(K3665,2)*R3666","v":{"v":84.92000000000002,"d":"R$ 84.92"}}]
[{"$nulls":15},"3","Casa 3",{"v":4.4,"d":"4.40"},{"$f":"ROUND(K3665,2)*R3667","v":{"v":84.92000000000002,"d":"R$ 84.92"}}]
[{"$nulls":15},"4","Casa 4",{"v":4.4,"d":"4.40"},{"$f":"ROUND(K3665,2)*R3668","v":{"v":84.92000000000002,"d":"R$ 84.92"}}]
[{"$nulls":15},"5","Casa 5",{"v":4.4,"d":"4.40"},{"$f":"ROUND(K3665,2)*R3669","v":{"v":84.92000000000002,"d":"R$ 84.92"}}]
[{"$nulls":15},"6","Casa 6",{"v":4.4,"d":"4.40"},{"$f":"ROUND(K3665,2)*R3670","v":{"v":84.92000000000002,"d":"R$ 84.92"}}]
[{"$nulls":15},"7","Casa 7",{"v":4.4,"d":"4.40"},{"$f":"ROUND(K3665,2)*R3671","v":{"v":84.92000000000002,"d":"R$ 84.92"}}]
[{"$nulls":15},"8","Casa 8",{"v":4.4,"d":"4.40"},{"$f":"ROUND(K3665,2)*R3672","v":{"v":84.92000000000002,"d":"R$ 84.92"}}]
[{"$nulls":15},"9","Casa 9",{"v":4.4,"d":"4.40"},{"$f":"ROUND(K3665,2)*R3673","v":{"v":84.92000000000002,"d":"R$ 84.92"}}]
[{"$nulls":15},"10","Casa 10",{"v":4.4,"d":"4.40"},{"$f":"ROUND(K3665,2)*R3674","v":{"v":84.92000000000002,"d":"R$ 84.92"}}]
[{"$nulls":15},"11","Casa 11",{"v":4.4,"d":"4.40"},{"$f":"ROUND(K3665,2)*R3675","v":{"v":84.92000000000002,"d":"R$ 84.92"}}]
[{"$nulls":15},"12","Casa 12",{"v":4.4,"d":"4.40"},{"$f":"ROUND(K3665,2)*R3676","v":{"v":84.92000000000002,"d":"R$ 84.92"}}]
[{"$nulls":15},"13","Casa 13",{"v":4.4,"d":"4.40"},{"$f":"ROUND(K3665,2)*R3677","v":{"v":84.92000000000002,"d":"R$ 84.92"}}]
[{"$nulls":15},"14","Casa 14",{"v":4.4,"d":"4.40"},{"$f":"ROUND(K3665,2)*R3678","v":{"v":84.92000000000002,"d":"R$ 84.92"}}]
[{"$nulls":15},"15","Casa 15",{"v":4.4,"d":"4.40"},{"$f":"ROUND(K3665,2)*R3679","v":{"v":84.92000000000002,"d":"R$ 84.92"}}]
[{"$nulls":15},"16","Casa 16",{"v":4.4,"d":"4.40"},{"$f":"ROUND(K3665,2)*R3680","v":{"v":84.92000000000002,"d":"R$ 84.92"}}]
[{"$nulls":15},"17","Casa 17",{"v":4.4,"d":"4.40"},{"$f":"ROUND(K3665,2)*R3681","v":{"v":84.92000000000002,"d":"R$ 84.92"}}]
[{"$nulls":15},"18","Casa 18",{"v":4.4,"d":"4.40"},{"$f":"ROUND(K3665,2)*R3682","v":{"v":84.92000000000002,"d":"R$ 84.92"}}]
[{"$nulls":15},"19","Casa 19",{"v":4.4,"d":"4.40"},{"$f":"ROUND(K3665,2)*R3683","v":{"v":84.92000000000002,"d":"R$ 84.92"}}]
[{"$nulls":15},"20","Casa 20",{"v":4.4,"d":"4.40"},{"$f":"ROUND(K3665,2)*R3684","v":{"v":84.92000000000002,"d":"R$ 84.92"}}]
[{"$nulls":15},"21","Casa 21",{"v":4.4,"d":"4.40"},{"$f":"ROUND(K3665,2)*R3685","v":{"v":84.92000000000002,"d":"R$ 84.92"}}]
[{"$nulls":15},"22","Casa 22",{"v":4.4,"d":"4.40"},{"$f":"ROUND(K3665,2)*R3686","v":{"v":84.92000000000002,"d":"R$ 84.92"}}]
[{"$nulls":15},"23","Casa 23",{"v":4.4,"d":"4.40"},{"$f":"ROUND(K3665,2)*R3687","v":{"v":84.92000000000002,"d":"R$ 84.92"}}]
[{"$nulls":15},"24","Casa 24",{"v":4.4,"d":"4.40"},{"$f":"ROUND(K3665,2)*R3688","v":{"v":84.92000000000002,"d":"R$ 84.92"}}]
[{"$nulls":15},"25","Casa 25",{"v":4.4,"d":"4.40"},{"$f":"ROUND(K3665,2)*R3689","v":{"v":84.92000000000002,"d":"R$ 84.92"}}]
["Serviço","27.14","SINAPI","89403","TUBO, PVC, SOLDÁVEL, DE 32MM, INSTALADO EM RAMAL DE DISTRIBUIÇÃO DE ÁGUA - FORNECIMENTO E INSTALAÇÃO. AF_06/2022",{"$f":"R3690+R3691+R3692+R3693+R3694+R3695+R3696+R3697+R3698+R3699+R3700+R3701+R3702+R3703+R3704+R3705+R3706+R3707+R3708+R3709+R3710+R3711+R3712+R3713+R3714","v":{"v":263.7500000000001,"d":"263.75"}},"M",{"v":24.06,"d":"R$ 24.06"},{"v":24.06,"d":"R$ 24.06"},{"v":0.25,"d":"25.00%"},{"$f":"ROUND(I3690,2)+(ROUND(I3690,2)*J3690)","v":{"v":30.075,"d":"R$ 30.08"}},{"$f":"ROUND(S3690,2)+ROUND(S3691,2)+ROUND(S3692,2)+ROUND(S3693,2)+ROUND(S3694,2)+ROUND(S3695,2)+ROUND(S3696,2)+ROUND(S3697,2)+ROUND(S3698,2)+ROUND(S3699,2)+ROUND(S3700,2)+ROUND(S3701,2)+ROUND(S3702,2)+ROUND(S3703,2)+ROUND(S3704,2)+ROUND(S3705,2)+ROUND(S3706,2)+ROUND(S3707,2)+ROUND(S3708,2)+ROUND(S3709,2)+ROUND(S3710,2)+ROUND(S3711,2)+ROUND(S3712,2)+ROUND(S3713,2)+ROUND(S3714,2)","v":{"v":7933.500000000002,"d":"R$ 7,933.50"}},"","27","CAIXA D'ÁGUA E BARRILETE","1","Casa 1",10.55,{"$f":"ROUND(K3690,2)*R3690","v":{"v":317.344,"d":"R$ 317.34"}}]
[{"$nulls":15},"2","Casa 2",10.55,{"$f":"ROUND(K3690,2)*R3691","v":{"v":317.344,"d":"R$ 317.34"}}]
[{"$nulls":15},"3","Casa 3",10.55,{"$f":"ROUND(K3690,2)*R3692","v":{"v":317.344,"d":"R$ 317.34"}}]
[{"$nulls":15},"4","Casa 4",10.55,{"$f":"ROUND(K3690,2)*R3693","v":{"v":317.344,"d":"R$ 317.34"}}]
[{"$nulls":15},"5","Casa 5",10.55,{"$f":"ROUND(K3690,2)*R3694","v":{"v":317.344,"d":"R$ 317.34"}}]
[{"$nulls":15},"6","Casa 6",10.55,{"$f":"ROUND(K3690,2)*R3695","v":{"v":317.344,"d":"R$ 317.34"}}]
[{"$nulls":15},"7","Casa 7",10.55,{"$f":"ROUND(K3690,2)*R3696","v":{"v":317.344,"d":"R$ 317.34"}}]
[{"$nulls":15},"8","Casa 8",10.55,{"$f":"ROUND(K3690,2)*R3697","v":{"v":317.344,"d":"R$ 317.34"}}]
[{"$nulls":15},"9","Casa 9",10.55,{"$f":"ROUND(K3690,2)*R3698","v":{"v":317.344,"d":"R$ 317.34"}}]
[{"$nulls":15},"10","Casa 10",10.55,{"$f":"ROUND(K3690,2)*R3699","v":{"v":317.344,"d":"R$ 317.34"}}]
[{"$nulls":15},"11","Casa 11",10.55,{"$f":"ROUND(K3690,2)*R3700","v":{"v":317.344,"d":"R$ 317.34"}}]
[{"$nulls":15},"12","Casa 12",10.55,{"$f":"ROUND(K3690,2)*R3701","v":{"v":317.344,"d":"R$ 317.34"}}]
[{"$nulls":15},"13","Casa 13",10.55,{"$f":"ROUND(K3690,2)*R3702","v":{"v":317.344,"d":"R$ 317.34"}}]
[{"$nulls":15},"14","Casa 14",10.55,{"$f":"ROUND(K3690,2)*R3703","v":{"v":317.344,"d":"R$ 317.34"}}]
[{"$nulls":15},"15","Casa 15",10.55,{"$f":"ROUND(K3690,2)*R3704","v":{"v":317.344,"d":"R$ 317.34"}}]
[{"$nulls":15},"16","Casa 16",10.55,{"$f":"ROUND(K3690,2)*R3705","v":{"v":317.344,"d":"R$ 317.34"}}]
[{"$nulls":15},"17","Casa 17",10.55,{"$f":"ROUND(K3690,2)*R3706","v":{"v":317.344,"d":"R$ 317.34"}}]
[{"$nulls":15},"18","Casa 18",10.55,{"$f":"ROUND(K3690,2)*R3707","v":{"v":317.344,"d":"R$ 317.34"}}]
[{"$nulls":15},"19","Casa 19",10.55,{"$f":"ROUND(K3690,2)*R3708","v":{"v":317.344,"d":"R$ 317.34"}}]
[{"$nulls":15},"20","Casa 20",10.55,{"$f":"ROUND(K3690,2)*R3709","v":{"v":317.344,"d":"R$ 317.34"}}]
[{"$nulls":15},"21","Casa 21",10.55,{"$f":"ROUND(K3690,2)*R3710","v":{"v":317.344,"d":"R$ 317.34"}}]
[{"$nulls":15},"22","Casa 22",10.55,{"$f":"ROUND(K3690,2)*R3711","v":{"v":317.344,"d":"R$ 317.34"}}]
[{"$nulls":15},"23","Casa 23",10.55,{"$f":"ROUND(K3690,2)*R3712","v":{"v":317.344,"d":"R$ 317.34"}}]
[{"$nulls":15},"24","Casa 24",10.55,{"$f":"ROUND(K3690,2)*R3713","v":{"v":317.344,"d":"R$ 317.34"}}]
[{"$nulls":15},"25","Casa 25",10.55,{"$f":"ROUND(K3690,2)*R3714","v":{"v":317.344,"d":"R$ 317.34"}}]
["Macrosserviço","28","","","TUBULAÇÕES E CONEXÕES SANITÁRIAS","","","","","","",{"$f":"ROUND(L3716,2)+ROUND(L3741,2)+ROUND(L3766,2)+ROUND(L3791,2)+ROUND(L3816,2)+ROUND(L3841,2)+ROUND(L3866,2)+ROUND(L3891,2)+ROUND(L3916,2)+ROUND(L3941,2)+ROUND(L3966,2)+ROUND(L3991,2)","v":{"v":77949.25,"d":"R$ 77,949.25"}},"","","","","","",""]
["Serviço","28.1","SINAPI","89726","JOELHO 45 GRAUS, PVC, SERIE NORMAL, ESGOTO PREDIAL, DN 40 MM, JUNTA SOLDÁVEL, FORNECIDO E INSTALADO EM RAMAL DE DESCARGA OU RAMAL DE ESGOTO SANITÁRIO. AF_08/2022",{"$f":"R3716+R3717+R3718+R3719+R3720+R3721+R3722+R3723+R3724+R3725+R3726+R3727+R3728+R3729+R3730+R3731+R3732+R3733+R3734+R3735+R3736+R3737+R3738+R3739+R3740","v":{"v":75,"d":"75.00"}},"UN",{"v":12.72,"d":"R$ 12.72"},{"v":12.72,"d":"R$ 12.72"},{"v":0.25,"d":"25.00%"},{"$f":"ROUND(I3716,2)+(ROUND(I3716,2)*J3716)","v":{"v":15.9,"d":"R$ 15.90"}},{"$f":"ROUND(S3716,2)+ROUND(S3717,2)+ROUND(S3718,2)+ROUND(S3719,2)+ROUND(S3720,2)+ROUND(S3721,2)+ROUND(S3722,2)+ROUND(S3723,2)+ROUND(S3724,2)+ROUND(S3725,2)+ROUND(S3726,2)+ROUND(S3727,2)+ROUND(S3728,2)+ROUND(S3729,2)+ROUND(S3730,2)+ROUND(S3731,2)+ROUND(S3732,2)+ROUND(S3733,2)+ROUND(S3734,2)+ROUND(S3735,2)+ROUND(S3736,2)+ROUND(S3737,2)+ROUND(S3738,2)+ROUND(S3739,2)+ROUND(S3740,2)","v":{"v":1192.5000000000005,"d":"R$ 1,192.50"}},"","28","TUBULAÇÕES E CONEXÕES SANITÁRIAS","1","Casa 1",{"v":3,"d":"3.00"},{"$f":"ROUND(K3716,2)*R3716","v":{"v":47.7,"d":"R$ 47.70"}}]
[{"$nulls":15},"2","Casa 2",{"v":3,"d":"3.00"},{"$f":"ROUND(K3716,2)*R3717","v":{"v":47.7,"d":"R$ 47.70"}}]
[{"$nulls":15},"3","Casa 3",{"v":3,"d":"3.00"},{"$f":"ROUND(K3716,2)*R3718","v":{"v":47.7,"d":"R$ 47.70"}}]
[{"$nulls":15},"4","Casa 4",{"v":3,"d":"3.00"},{"$f":"ROUND(K3716,2)*R3719","v":{"v":47.7,"d":"R$ 47.70"}}]
[{"$nulls":15},"5","Casa 5",{"v":3,"d":"3.00"},{"$f":"ROUND(K3716,2)*R3720","v":{"v":47.7,"d":"R$ 47.70"}}]
[{"$nulls":15},"6","Casa 6",{"v":3,"d":"3.00"},{"$f":"ROUND(K3716,2)*R3721","v":{"v":47.7,"d":"R$ 47.70"}}]
[{"$nulls":15},"7","Casa 7",{"v":3,"d":"3.00"},{"$f":"ROUND(K3716,2)*R3722","v":{"v":47.7,"d":"R$ 47.70"}}]
[{"$nulls":15},"8","Casa 8",{"v":3,"d":"3.00"},{"$f":"ROUND(K3716,2)*R3723","v":{"v":47.7,"d":"R$ 47.70"}}]
[{"$nulls":15},"9","Casa 9",{"v":3,"d":"3.00"},{"$f":"ROUND(K3716,2)*R3724","v":{"v":47.7,"d":"R$ 47.70"}}]
[{"$nulls":15},"10","Casa 10",{"v":3,"d":"3.00"},{"$f":"ROUND(K3716,2)*R3725","v":{"v":47.7,"d":"R$ 47.70"}}]
[{"$nulls":15},"11","Casa 11",{"v":3,"d":"3.00"},{"$f":"ROUND(K3716,2)*R3726","v":{"v":47.7,"d":"R$ 47.70"}}]
[{"$nulls":15},"12","Casa 12",{"v":3,"d":"3.00"},{"$f":"ROUND(K3716,2)*R3727","v":{"v":47.7,"d":"R$ 47.70"}}]
[{"$nulls":15},"13","Casa 13",{"v":3,"d":"3.00"},{"$f":"ROUND(K3716,2)*R3728","v":{"v":47.7,"d":"R$ 47.70"}}]
[{"$nulls":15},"14","Casa 14",{"v":3,"d":"3.00"},{"$f":"ROUND(K3716,2)*R3729","v":{"v":47.7,"d":"R$ 47.70"}}]
[{"$nulls":15},"15","Casa 15",{"v":3,"d":"3.00"},{"$f":"ROUND(K3716,2)*R3730","v":{"v":47.7,"d":"R$ 47.70"}}]
[{"$nulls":15},"16","Casa 16",{"v":3,"d":"3.00"},{"$f":"ROUND(K3716,2)*R3731","v":{"v":47.7,"d":"R$ 47.70"}}]
[{"$nulls":15},"17","Casa 17",{"v":3,"d":"3.00"},{"$f":"ROUND(K3716,2)*R3732","v":{"v":47.7,"d":"R$ 47.70"}}]
[{"$nulls":15},"18","Casa 18",{"v":3,"d":"3.00"},{"$f":"ROUND(K3716,2)*R3733","v":{"v":47.7,"d":"R$ 47.70"}}]
[{"$nulls":15},"19","Casa 19",{"v":3,"d":"3.00"},{"$f":"ROUND(K3716,2)*R3734","v":{"v":47.7,"d":"R$ 47.70"}}]
[{"$nulls":15},"20","Casa 20",{"v":3,"d":"3.00"},{"$f":"ROUND(K3716,2)*R3735","v":{"v":47.7,"d":"R$ 47.70"}}]
[{"$nulls":15},"21","Casa 21",{"v":3,"d":"3.00"},{"$f":"ROUND(K3716,2)*R3736","v":{"v":47.7,"d":"R$ 47.70"}}]
[{"$nulls":15},"22","Casa 22",{"v":3,"d":"3.00"},{"$f":"ROUND(K3716,2)*R3737","v":{"v":47.7,"d":"R$ 47.70"}}]
[{"$nulls":15},"23","Casa 23",{"v":3,"d":"3.00"},{"$f":"ROUND(K3716,2)*R3738","v":{"v":47.7,"d":"R$ 47.70"}}]
[{"$nulls":15},"24","Casa 24",{"v":3,"d":"3.00"},{"$f":"ROUND(K3716,2)*R3739","v":{"v":47.7,"d":"R$ 47.70"}}]
[{"$nulls":15},"25","Casa 25",{"v":3,"d":"3.00"},{"$f":"ROUND(K3716,2)*R3740","v":{"v":47.7,"d":"R$ 47.70"}}]
["Serviço","28.2","SINAPI","89732","JOELHO 45 GRAUS, PVC, SERIE NORMAL, ESGOTO PREDIAL, DN 50 MM, JUNTA ELÁSTICA, FORNECIDO E INSTALADO EM RAMAL DE DESCARGA OU RAMAL DE ESGOTO SANITÁRIO. AF_08/2022",{"$f":"R3741+R3742+R3743+R3744+R3745+R3746+R3747+R3748+R3749+R3750+R3751+R3752+R3753+R3754+R3755+R3756+R3757+R3758+R3759+R3760+R3761+R3762+R3763+R3764+R3765","v":{"v":50,"d":"50.00"}},"UN",{"v":18.46,"d":"R$ 18.46"},{"v":18.46,"d":"R$ 18.46"},{"v":0.25,"d":"25.00%"},{"$f":"ROUND(I3741,2)+(ROUND(I3741,2)*J3741)","v":{"v":23.075000000000003,"d":"R$ 23.08"}},{"$f":"ROUND(S3741,2)+ROUND(S3742,2)+ROUND(S3743,2)+ROUND(S3744,2)+ROUND(S3745,2)+ROUND(S3746,2)+ROUND(S3747,2)+ROUND(S3748,2)+ROUND(S3749,2)+ROUND(S3750,2)+ROUND(S3751,2)+ROUND(S3752,2)+ROUND(S3753,2)+ROUND(S3754,2)+ROUND(S3755,2)+ROUND(S3756,2)+ROUND(S3757,2)+ROUND(S3758,2)+ROUND(S3759,2)+ROUND(S3760,2)+ROUND(S3761,2)+ROUND(S3762,2)+ROUND(S3763,2)+ROUND(S3764,2)+ROUND(S3765,2)","v":{"v":1153.9999999999998,"d":"R$ 1,154.00"}},"","28","TUBULAÇÕES E CONEXÕES SANITÁRIAS","1","Casa 1",{"v":2,"d":"2.00"},{"$f":"ROUND(K3741,2)*R3741","v":{"v":46.16,"d":"R$ 46.16"}}]
[{"$nulls":15},"2","Casa 2",{"v":2,"d":"2.00"},{"$f":"ROUND(K3741,2)*R3742","v":{"v":46.16,"d":"R$ 46.16"}}]
[{"$nulls":15},"3","Casa 3",{"v":2,"d":"2.00"},{"$f":"ROUND(K3741,2)*R3743","v":{"v":46.16,"d":"R$ 46.16"}}]
[{"$nulls":15},"4","Casa 4",{"v":2,"d":"2.00"},{"$f":"ROUND(K3741,2)*R3744","v":{"v":46.16,"d":"R$ 46.16"}}]
[{"$nulls":15},"5","Casa 5",{"v":2,"d":"2.00"},{"$f":"ROUND(K3741,2)*R3745","v":{"v":46.16,"d":"R$ 46.16"}}]
[{"$nulls":15},"6","Casa 6",{"v":2,"d":"2.00"},{"$f":"ROUND(K3741,2)*R3746","v":{"v":46.16,"d":"R$ 46.16"}}]
[{"$nulls":15},"7","Casa 7",{"v":2,"d":"2.00"},{"$f":"ROUND(K3741,2)*R3747","v":{"v":46.16,"d":"R$ 46.16"}}]
[{"$nulls":15},"8","Casa 8",{"v":2,"d":"2.00"},{"$f":"ROUND(K3741,2)*R3748","v":{"v":46.16,"d":"R$ 46.16"}}]
[{"$nulls":15},"9","Casa 9",{"v":2,"d":"2.00"},{"$f":"ROUND(K3741,2)*R3749","v":{"v":46.16,"d":"R$ 46.16"}}]
[{"$nulls":15},"10","Casa 10",{"v":2,"d":"2.00"},{"$f":"ROUND(K3741,2)*R3750","v":{"v":46.16,"d":"R$ 46.16"}}]
[{"$nulls":15},"11","Casa 11",{"v":2,"d":"2.00"},{"$f":"ROUND(K3741,2)*R3751","v":{"v":46.16,"d":"R$ 46.16"}}]
[{"$nulls":15},"12","Casa 12",{"v":2,"d":"2.00"},{"$f":"ROUND(K3741,2)*R3752","v":{"v":46.16,"d":"R$ 46.16"}}]
[{"$nulls":15},"13","Casa 13",{"v":2,"d":"2.00"},{"$f":"ROUND(K3741,2)*R3753","v":{"v":46.16,"d":"R$ 46.16"}}]
[{"$nulls":15},"14","Casa 14",{"v":2,"d":"2.00"},{"$f":"ROUND(K3741,2)*R3754","v":{"v":46.16,"d":"R$ 46.16"}}]
[{"$nulls":15},"15","Casa 15",{"v":2,"d":"2.00"},{"$f":"ROUND(K3741,2)*R3755","v":{"v":46.16,"d":"R$ 46.16"}}]
[{"$nulls":15},"16","Casa 16",{"v":2,"d":"2.00"},{"$f":"ROUND(K3741,2)*R3756","v":{"v":46.16,"d":"R$ 46.16"}}]
[{"$nulls":15},"17","Casa 17",{"v":2,"d":"2.00"},{"$f":"ROUND(K3741,2)*R3757","v":{"v":46.16,"d":"R$ 46.16"}}]
[{"$nulls":15},"18","Casa 18",{"v":2,"d":"2.00"},{"$f":"ROUND(K3741,2)*R3758","v":{"v":46.16,"d":"R$ 46.16"}}]
[{"$nulls":15},"19","Casa 19",{"v":2,"d":"2.00"},{"$f":"ROUND(K3741,2)*R3759","v":{"v":46.16,"d":"R$ 46.16"}}]
[{"$nulls":15},"20","Casa 20",{"v":2,"d":"2.00"},{"$f":"ROUND(K3741,2)*R3760","v":{"v":46.16,"d":"R$ 46.16"}}]
[{"$nulls":15},"21","Casa 21",{"v":2,"d":"2.00"},{"$f":"ROUND(K3741,2)*R3761","v":{"v":46.16,"d":"R$ 46.16"}}]
[{"$nulls":15},"22","Casa 22",{"v":2,"d":"2.00"},{"$f":"ROUND(K3741,2)*R3762","v":{"v":46.16,"d":"R$ 46.16"}}]
[{"$nulls":15},"23","Casa 23",{"v":2,"d":"2.00"},{"$f":"ROUND(K3741,2)*R3763","v":{"v":46.16,"d":"R$ 46.16"}}]
[{"$nulls":15},"24","Casa 24",{"v":2,"d":"2.00"},{"$f":"ROUND(K3741,2)*R3764","v":{"v":46.16,"d":"R$ 46.16"}}]
[{"$nulls":15},"25","Casa 25",{"v":2,"d":"2.00"},{"$f":"ROUND(K3741,2)*R3765","v":{"v":46.16,"d":"R$ 46.16"}}]
["Serviço","28.3","SINAPI","89724","JOELHO 90 GRAUS, PVC, SERIE NORMAL, ESGOTO PREDIAL, DN 40 MM, JUNTA SOLDÁVEL, FORNECIDO E INSTALADO EM RAMAL DE DESCARGA OU RAMAL DE ESGOTO SANITÁRIO. AF_08/2022",{"$f":"R3766+R3767+R3768+R3769+R3770+R3771+R3772+R3773+R3774+R3775+R3776+R3777+R3778+R3779+R3780+R3781+R3782+R3783+R3784+R3785+R3786+R3787+R3788+R3789+R3790","v":{"v":50,"d":"50.00"}},"UN",{"v":12.42,"d":"R$ 12.42"},{"v":12.42,"d":"R$ 12.42"},{"v":0.25,"d":"25.00%"},{"$f":"ROUND(I3766,2)+(ROUND(I3766,2)*J3766)","v":{"v":15.525,"d":"R$ 15.53"}},{"$f":"ROUND(S3766,2)+ROUND(S3767,2)+ROUND(S3768,2)+ROUND(S3769,2)+ROUND(S3770,2)+ROUND(S3771,2)+ROUND(S3772,2)+ROUND(S3773,2)+ROUND(S3774,2)+ROUND(S3775,2)+ROUND(S3776,2)+ROUND(S3777,2)+ROUND(S3778,2)+ROUND(S3779,2)+ROUND(S3780,2)+ROUND(S3781,2)+ROUND(S3782,2)+ROUND(S3783,2)+ROUND(S3784,2)+ROUND(S3785,2)+ROUND(S3786,2)+ROUND(S3787,2)+ROUND(S3788,2)+ROUND(S3789,2)+ROUND(S3790,2)","v":{"v":776.4999999999995,"d":"R$ 776.50"}},"","28","TUBULAÇÕES E CONEXÕES SANITÁRIAS","1","Casa 1",{"v":2,"d":"2.00"},{"$f":"ROUND(K3766,2)*R3766","v":{"v":31.06,"d":"R$ 31.06"}}]
[{"$nulls":15},"2","Casa 2",{"v":2,"d":"2.00"},{"$f":"ROUND(K3766,2)*R3767","v":{"v":31.06,"d":"R$ 31.06"}}]
[{"$nulls":15},"3","Casa 3",{"v":2,"d":"2.00"},{"$f":"ROUND(K3766,2)*R3768","v":{"v":31.06,"d":"R$ 31.06"}}]
[{"$nulls":15},"4","Casa 4",{"v":2,"d":"2.00"},{"$f":"ROUND(K3766,2)*R3769","v":{"v":31.06,"d":"R$ 31.06"}}]
[{"$nulls":15},"5","Casa 5",{"v":2,"d":"2.00"},{"$f":"ROUND(K3766,2)*R3770","v":{"v":31.06,"d":"R$ 31.06"}}]
[{"$nulls":15},"6","Casa 6",{"v":2,"d":"2.00"},{"$f":"ROUND(K3766,2)*R3771","v":{"v":31.06,"d":"R$ 31.06"}}]
[{"$nulls":15},"7","Casa 7",{"v":2,"d":"2.00"},{"$f":"ROUND(K3766,2)*R3772","v":{"v":31.06,"d":"R$ 31.06"}}]
[{"$nulls":15},"8","Casa 8",{"v":2,"d":"2.00"},{"$f":"ROUND(K3766,2)*R3773","v":{"v":31.06,"d":"R$ 31.06"}}]
[{"$nulls":15},"9","Casa 9",{"v":2,"d":"2.00"},{"$f":"ROUND(K3766,2)*R3774","v":{"v":31.06,"d":"R$ 31.06"}}]
[{"$nulls":15},"10","Casa 10",{"v":2,"d":"2.00"},{"$f":"ROUND(K3766,2)*R3775","v":{"v":31.06,"d":"R$ 31.06"}}]
[{"$nulls":15},"11","Casa 11",{"v":2,"d":"2.00"},{"$f":"ROUND(K3766,2)*R3776","v":{"v":31.06,"d":"R$ 31.06"}}]
[{"$nulls":15},"12","Casa 12",{"v":2,"d":"2.00"},{"$f":"ROUND(K3766,2)*R3777","v":{"v":31.06,"d":"R$ 31.06"}}]
[{"$nulls":15},"13","Casa 13",{"v":2,"d":"2.00"},{"$f":"ROUND(K3766,2)*R3778","v":{"v":31.06,"d":"R$ 31.06"}}]
[{"$nulls":15},"14","Casa 14",{"v":2,"d":"2.00"},{"$f":"ROUND(K3766,2)*R3779","v":{"v":31.06,"d":"R$ 31.06"}}]
[{"$nulls":15},"15","Casa 15",{"v":2,"d":"2.00"},{"$f":"ROUND(K3766,2)*R3780","v":{"v":31.06,"d":"R$ 31.06"}}]
[{"$nulls":15},"16","Casa 16",{"v":2,"d":"2.00"},{"$f":"ROUND(K3766,2)*R3781","v":{"v":31.06,"d":"R$ 31.06"}}]
[{"$nulls":15},"17","Casa 17",{"v":2,"d":"2.00"},{"$f":"ROUND(K3766,2)*R3782","v":{"v":31.06,"d":"R$ 31.06"}}]
[{"$nulls":15},"18","Casa 18",{"v":2,"d":"2.00"},{"$f":"ROUND(K3766,2)*R3783","v":{"v":31.06,"d":"R$ 31.06"}}]
[{"$nulls":15},"19","Casa 19",{"v":2,"d":"2.00"},{"$f":"ROUND(K3766,2)*R3784","v":{"v":31.06,"d":"R$ 31.06"}}]
[{"$nulls":15},"20","Casa 20",{"v":2,"d":"2.00"},{"$f":"ROUND(K3766,2)*R3785","v":{"v":31.06,"d":"R$ 31.06"}}]
[{"$nulls":15},"21","Casa 21",{"v":2,"d":"2.00"},{"$f":"ROUND(K3766,2)*R3786","v":{"v":31.06,"d":"R$ 31.06"}}]
[{"$nulls":15},"22","Casa 22",{"v":2,"d":"2.00"},{"$f":"ROUND(K3766,2)*R3787","v":{"v":31.06,"d":"R$ 31.06"}}]
[{"$nulls":15},"23","Casa 23",{"v":2,"d":"2.00"},{"$f":"ROUND(K3766,2)*R3788","v":{"v":31.06,"d":"R$ 31.06"}}]
[{"$nulls":15},"24","Casa 24",{"v":2,"d":"2.00"},{"$f":"ROUND(K3766,2)*R3789","v":{"v":31.06,"d":"R$ 31.06"}}]
[{"$nulls":15},"25","Casa 25",{"v":2,"d":"2.00"},{"$f":"ROUND(K3766,2)*R3790","v":{"v":31.06,"d":"R$ 31.06"}}]
["Serviço","28.4","SINAPI","89731","JOELHO 90 GRAUS, PVC, SERIE NORMAL, ESGOTO PREDIAL, DN 50 MM, JUNTA ELÁSTICA, FORNECIDO E INSTALADO EM RAMAL DE DESCARGA OU RAMAL DE ESGOTO SANITÁRIO. AF_08/2022",{"$f":"R3791+R3792+R3793+R3794+R3795+R3796+R3797+R3798+R3799+R3800+R3801+R3802+R3803+R3804+R3805+R3806+R3807+R3808+R3809+R3810+R3811+R3812+R3813+R3814+R3815","v":{"v":225,"d":"225.00"}},"UN",{"v":17.51,"d":"R$ 17.51"},{"v":17.51,"d":"R$ 17.51"},{"v":0.25,"d":"25.00%"},{"$f":"ROUND(I3791,2)+(ROUND(I3791,2)*J3791)","v":{"v":21.887500000000003,"d":"R$ 21.89"}},{"$f":"ROUND(S3791,2)+ROUND(S3792,2)+ROUND(S3793,2)+ROUND(S3794,2)+ROUND(S3795,2)+ROUND(S3796,2)+ROUND(S3797,2)+ROUND(S3798,2)+ROUND(S3799,2)+ROUND(S3800,2)+ROUND(S3801,2)+ROUND(S3802,2)+ROUND(S3803,2)+ROUND(S3804,2)+ROUND(S3805,2)+ROUND(S3806,2)+ROUND(S3807,2)+ROUND(S3808,2)+ROUND(S3809,2)+ROUND(S3810,2)+ROUND(S3811,2)+ROUND(S3812,2)+ROUND(S3813,2)+ROUND(S3814,2)+ROUND(S3815,2)","v":{"v":4925.250000000003,"d":"R$ 4,925.25"}},"","28","TUBULAÇÕES E CONEXÕES SANITÁRIAS","1","Casa 1",{"v":9,"d":"9.00"},{"$f":"ROUND(K3791,2)*R3791","v":{"v":197.01,"d":"R$ 197.01"}}]
[{"$nulls":15},"2","Casa 2",{"v":9,"d":"9.00"},{"$f":"ROUND(K3791,2)*R3792","v":{"v":197.01,"d":"R$ 197.01"}}]
[{"$nulls":15},"3","Casa 3",{"v":9,"d":"9.00"},{"$f":"ROUND(K3791,2)*R3793","v":{"v":197.01,"d":"R$ 197.01"}}]
[{"$nulls":15},"4","Casa 4",{"v":9,"d":"9.00"},{"$f":"ROUND(K3791,2)*R3794","v":{"v":197.01,"d":"R$ 197.01"}}]
[{"$nulls":15},"5","Casa 5",{"v":9,"d":"9.00"},{"$f":"ROUND(K3791,2)*R3795","v":{"v":197.01,"d":"R$ 197.01"}}]
[{"$nulls":15},"6","Casa 6",{"v":9,"d":"9.00"},{"$f":"ROUND(K3791,2)*R3796","v":{"v":197.01,"d":"R$ 197.01"}}]
[{"$nulls":15},"7","Casa 7",{"v":9,"d":"9.00"},{"$f":"ROUND(K3791,2)*R3797","v":{"v":197.01,"d":"R$ 197.01"}}]
[{"$nulls":15},"8","Casa 8",{"v":9,"d":"9.00"},{"$f":"ROUND(K3791,2)*R3798","v":{"v":197.01,"d":"R$ 197.01"}}]
[{"$nulls":15},"9","Casa 9",{"v":9,"d":"9.00"},{"$f":"ROUND(K3791,2)*R3799","v":{"v":197.01,"d":"R$ 197.01"}}]
[{"$nulls":15},"10","Casa 10",{"v":9,"d":"9.00"},{"$f":"ROUND(K3791,2)*R3800","v":{"v":197.01,"d":"R$ 197.01"}}]
[{"$nulls":15},"11","Casa 11",{"v":9,"d":"9.00"},{"$f":"ROUND(K3791,2)*R3801","v":{"v":197.01,"d":"R$ 197.01"}}]
[{"$nulls":15},"12","Casa 12",{"v":9,"d":"9.00"},{"$f":"ROUND(K3791,2)*R3802","v":{"v":197.01,"d":"R$ 197.01"}}]
[{"$nulls":15},"13","Casa 13",{"v":9,"d":"9.00"},{"$f":"ROUND(K3791,2)*R3803","v":{"v":197.01,"d":"R$ 197.01"}}]
[{"$nulls":15},"14","Casa 14",{"v":9,"d":"9.00"},{"$f":"ROUND(K3791,2)*R3804","v":{"v":197.01,"d":"R$ 197.01"}}]
[{"$nulls":15},"15","Casa 15",{"v":9,"d":"9.00"},{"$f":"ROUND(K3791,2)*R3805","v":{"v":197.01,"d":"R$ 197.01"}}]
[{"$nulls":15},"16","Casa 16",{"v":9,"d":"9.00"},{"$f":"ROUND(K3791,2)*R3806","v":{"v":197.01,"d":"R$ 197.01"}}]
[{"$nulls":15},"17","Casa 17",{"v":9,"d":"9.00"},{"$f":"ROUND(K3791,2)*R3807","v":{"v":197.01,"d":"R$ 197.01"}}]
[{"$nulls":15},"18","Casa 18",{"v":9,"d":"9.00"},{"$f":"ROUND(K3791,2)*R3808","v":{"v":197.01,"d":"R$ 197.01"}}]
[{"$nulls":15},"19","Casa 19",{"v":9,"d":"9.00"},{"$f":"ROUND(K3791,2)*R3809","v":{"v":197.01,"d":"R$ 197.01"}}]
[{"$nulls":15},"20","Casa 20",{"v":9,"d":"9.00"},{"$f":"ROUND(K3791,2)*R3810","v":{"v":197.01,"d":"R$ 197.01"}}]
[{"$nulls":15},"21","Casa 21",{"v":9,"d":"9.00"},{"$f":"ROUND(K3791,2)*R3811","v":{"v":197.01,"d":"R$ 197.01"}}]
[{"$nulls":15},"22","Casa 22",{"v":9,"d":"9.00"},{"$f":"ROUND(K3791,2)*R3812","v":{"v":197.01,"d":"R$ 197.01"}}]
[{"$nulls":15},"23","Casa 23",{"v":9,"d":"9.00"},{"$f":"ROUND(K3791,2)*R3813","v":{"v":197.01,"d":"R$ 197.01"}}]
[{"$nulls":15},"24","Casa 24",{"v":9,"d":"9.00"},{"$f":"ROUND(K3791,2)*R3814","v":{"v":197.01,"d":"R$ 197.01"}}]
[{"$nulls":15},"25","Casa 25",{"v":9,"d":"9.00"},{"$f":"ROUND(K3791,2)*R3815","v":{"v":197.01,"d":"R$ 197.01"}}]
["Serviço","28.5","SINAPI","89744","JOELHO 90 GRAUS, PVC, SERIE NORMAL, ESGOTO PREDIAL, DN 100 MM, JUNTA ELÁSTICA, FORNECIDO E INSTALADO EM RAMAL DE DESCARGA OU RAMAL DE ESGOTO SANITÁRIO. AF_08/2022",{"$f":"R3816+R3817+R3818+R3819+R3820+R3821+R3822+R3823+R3824+R3825+R3826+R3827+R3828+R3829+R3830+R3831+R3832+R3833+R3834+R3835+R3836+R3837+R3838+R3839+R3840","v":{"v":25,"d":"25.00"}},"UN",{"v":32.53,"d":"R$ 32.53"},{"v":32.53,"d":"R$ 32.53"},{"v":0.25,"d":"25.00%"},{"$f":"ROUND(I3816,2)+(ROUND(I3816,2)*J3816)","v":{"v":40.6625,"d":"R$ 40.66"}},{"$f":"ROUND(S3816,2)+ROUND(S3817,2)+ROUND(S3818,2)+ROUND(S3819,2)+ROUND(S3820,2)+ROUND(S3821,2)+ROUND(S3822,2)+ROUND(S3823,2)+ROUND(S3824,2)+ROUND(S3825,2)+ROUND(S3826,2)+ROUND(S3827,2)+ROUND(S3828,2)+ROUND(S3829,2)+ROUND(S3830,2)+ROUND(S3831,2)+ROUND(S3832,2)+ROUND(S3833,2)+ROUND(S3834,2)+ROUND(S3835,2)+ROUND(S3836,2)+ROUND(S3837,2)+ROUND(S3838,2)+ROUND(S3839,2)+ROUND(S3840,2)","v":{"v":1016.4999999999994,"d":"R$ 1,016.50"}},"","28","TUBULAÇÕES E CONEXÕES SANITÁRIAS","1","Casa 1",{"v":1,"d":"1.00"},{"$f":"ROUND(K3816,2)*R3816","v":{"v":40.66,"d":"R$ 40.66"}}]
[{"$nulls":15},"2","Casa 2",{"v":1,"d":"1.00"},{"$f":"ROUND(K3816,2)*R3817","v":{"v":40.66,"d":"R$ 40.66"}}]
[{"$nulls":15},"3","Casa 3",{"v":1,"d":"1.00"},{"$f":"ROUND(K3816,2)*R3818","v":{"v":40.66,"d":"R$ 40.66"}}]
[{"$nulls":15},"4","Casa 4",{"v":1,"d":"1.00"},{"$f":"ROUND(K3816,2)*R3819","v":{"v":40.66,"d":"R$ 40.66"}}]
[{"$nulls":15},"5","Casa 5",{"v":1,"d":"1.00"},{"$f":"ROUND(K3816,2)*R3820","v":{"v":40.66,"d":"R$ 40.66"}}]
[{"$nulls":15},"6","Casa 6",{"v":1,"d":"1.00"},{"$f":"ROUND(K3816,2)*R3821","v":{"v":40.66,"d":"R$ 40.66"}}]
[{"$nulls":15},"7","Casa 7",{"v":1,"d":"1.00"},{"$f":"ROUND(K3816,2)*R3822","v":{"v":40.66,"d":"R$ 40.66"}}]
[{"$nulls":15},"8","Casa 8",{"v":1,"d":"1.00"},{"$f":"ROUND(K3816,2)*R3823","v":{"v":40.66,"d":"R$ 40.66"}}]
[{"$nulls":15},"9","Casa 9",{"v":1,"d":"1.00"},{"$f":"ROUND(K3816,2)*R3824","v":{"v":40.66,"d":"R$ 40.66"}}]
[{"$nulls":15},"10","Casa 10",{"v":1,"d":"1.00"},{"$f":"ROUND(K3816,2)*R3825","v":{"v":40.66,"d":"R$ 40.66"}}]
[{"$nulls":15},"11","Casa 11",{"v":1,"d":"1.00"},{"$f":"ROUND(K3816,2)*R3826","v":{"v":40.66,"d":"R$ 40.66"}}]
[{"$nulls":15},"12","Casa 12",{"v":1,"d":"1.00"},{"$f":"ROUND(K3816,2)*R3827","v":{"v":40.66,"d":"R$ 40.66"}}]
[{"$nulls":15},"13","Casa 13",{"v":1,"d":"1.00"},{"$f":"ROUND(K3816,2)*R3828","v":{"v":40.66,"d":"R$ 40.66"}}]
[{"$nulls":15},"14","Casa 14",{"v":1,"d":"1.00"},{"$f":"ROUND(K3816,2)*R3829","v":{"v":40.66,"d":"R$ 40.66"}}]
[{"$nulls":15},"15","Casa 15",{"v":1,"d":"1.00"},{"$f":"ROUND(K3816,2)*R3830","v":{"v":40.66,"d":"R$ 40.66"}}]
[{"$nulls":15},"16","Casa 16",{"v":1,"d":"1.00"},{"$f":"ROUND(K3816,2)*R3831","v":{"v":40.66,"d":"R$ 40.66"}}]
[{"$nulls":15},"17","Casa 17",{"v":1,"d":"1.00"},{"$f":"ROUND(K3816,2)*R3832","v":{"v":40.66,"d":"R$ 40.66"}}]
[{"$nulls":15},"18","Casa 18",{"v":1,"d":"1.00"},{"$f":"ROUND(K3816,2)*R3833","v":{"v":40.66,"d":"R$ 40.66"}}]
[{"$nulls":15},"19","Casa 19",{"v":1,"d":"1.00"},{"$f":"ROUND(K3816,2)*R3834","v":{"v":40.66,"d":"R$ 40.66"}}]
[{"$nulls":15},"20","Casa 20",{"v":1,"d":"1.00"},{"$f":"ROUND(K3816,2)*R3835","v":{"v":40.66,"d":"R$ 40.66"}}]
[{"$nulls":15},"21","Casa 21",{"v":1,"d":"1.00"},{"$f":"ROUND(K3816,2)*R3836","v":{"v":40.66,"d":"R$ 40.66"}}]
[{"$nulls":15},"22","Casa 22",{"v":1,"d":"1.00"},{"$f":"ROUND(K3816,2)*R3837","v":{"v":40.66,"d":"R$ 40.66"}}]
[{"$nulls":15},"23","Casa 23",{"v":1,"d":"1.00"},{"$f":"ROUND(K3816,2)*R3838","v":{"v":40.66,"d":"R$ 40.66"}}]
[{"$nulls":15},"24","Casa 24",{"v":1,"d":"1.00"},{"$f":"ROUND(K3816,2)*R3839","v":{"v":40.66,"d":"R$ 40.66"}}]
[{"$nulls":15},"25","Casa 25",{"v":1,"d":"1.00"},{"$f":"ROUND(K3816,2)*R3840","v":{"v":40.66,"d":"R$ 40.66"}}]
["Serviço","28.6","SINAPI","89784","TE, PVC, SERIE NORMAL, ESGOTO PREDIAL, DN 50 X 50 MM, JUNTA ELÁSTICA, FORNECIDO E INSTALADO EM RAMAL DE DESCARGA OU RAMAL DE ESGOTO SANITÁRIO. AF_08/2022",{"$f":"R3841+R3842+R3843+R3844+R3845+R3846+R3847+R3848+R3849+R3850+R3851+R3852+R3853+R3854+R3855+R3856+R3857+R3858+R3859+R3860+R3861+R3862+R3863+R3864+R3865","v":{"v":25,"d":"25.00"}},"UN",{"v":28.72,"d":"R$ 28.72"},{"v":28.72,"d":"R$ 28.72"},{"v":0.25,"d":"25.00%"},{"$f":"ROUND(I3841,2)+(ROUND(I3841,2)*J3841)","v":{"v":35.9,"d":"R$ 35.90"}},{"$f":"ROUND(S3841,2)+ROUND(S3842,2)+ROUND(S3843,2)+ROUND(S3844,2)+ROUND(S3845,2)+ROUND(S3846,2)+ROUND(S3847,2)+ROUND(S3848,2)+ROUND(S3849,2)+ROUND(S3850,2)+ROUND(S3851,2)+ROUND(S3852,2)+ROUND(S3853,2)+ROUND(S3854,2)+ROUND(S3855,2)+ROUND(S3856,2)+ROUND(S3857,2)+ROUND(S3858,2)+ROUND(S3859,2)+ROUND(S3860,2)+ROUND(S3861,2)+ROUND(S3862,2)+ROUND(S3863,2)+ROUND(S3864,2)+ROUND(S3865,2)","v":{"v":897.4999999999997,"d":"R$ 897.50"}},"","28","TUBULAÇÕES E CONEXÕES SANITÁRIAS","1","Casa 1",{"v":1,"d":"1.00"},{"$f":"ROUND(K3841,2)*R3841","v":{"v":35.9,"d":"R$ 35.90"}}]
[{"$nulls":15},"2","Casa 2",{"v":1,"d":"1.00"},{"$f":"ROUND(K3841,2)*R3842","v":{"v":35.9,"d":"R$ 35.90"}}]
[{"$nulls":15},"3","Casa 3",{"v":1,"d":"1.00"},{"$f":"ROUND(K3841,2)*R3843","v":{"v":35.9,"d":"R$ 35.90"}}]
[{"$nulls":15},"4","Casa 4",{"v":1,"d":"1.00"},{"$f":"ROUND(K3841,2)*R3844","v":{"v":35.9,"d":"R$ 35.90"}}]
[{"$nulls":15},"5","Casa 5",{"v":1,"d":"1.00"},{"$f":"ROUND(K3841,2)*R3845","v":{"v":35.9,"d":"R$ 35.90"}}]
[{"$nulls":15},"6","Casa 6",{"v":1,"d":"1.00"},{"$f":"ROUND(K3841,2)*R3846","v":{"v":35.9,"d":"R$ 35.90"}}]
[{"$nulls":15},"7","Casa 7",{"v":1,"d":"1.00"},{"$f":"ROUND(K3841,2)*R3847","v":{"v":35.9,"d":"R$ 35.90"}}]
[{"$nulls":15},"8","Casa 8",{"v":1,"d":"1.00"},{"$f":"ROUND(K3841,2)*R3848","v":{"v":35.9,"d":"R$ 35.90"}}]
[{"$nulls":15},"9","Casa 9",{"v":1,"d":"1.00"},{"$f":"ROUND(K3841,2)*R3849","v":{"v":35.9,"d":"R$ 35.90"}}]
[{"$nulls":15},"10","Casa 10",{"v":1,"d":"1.00"},{"$f":"ROUND(K3841,2)*R3850","v":{"v":35.9,"d":"R$ 35.90"}}]
[{"$nulls":15},"11","Casa 11",{"v":1,"d":"1.00"},{"$f":"ROUND(K3841,2)*R3851","v":{"v":35.9,"d":"R$ 35.90"}}]
[{"$nulls":15},"12","Casa 12",{"v":1,"d":"1.00"},{"$f":"ROUND(K3841,2)*R3852","v":{"v":35.9,"d":"R$ 35.90"}}]
[{"$nulls":15},"13","Casa 13",{"v":1,"d":"1.00"},{"$f":"ROUND(K3841,2)*R3853","v":{"v":35.9,"d":"R$ 35.90"}}]
[{"$nulls":15},"14","Casa 14",{"v":1,"d":"1.00"},{"$f":"ROUND(K3841,2)*R3854","v":{"v":35.9,"d":"R$ 35.90"}}]
[{"$nulls":15},"15","Casa 15",{"v":1,"d":"1.00"},{"$f":"ROUND(K3841,2)*R3855","v":{"v":35.9,"d":"R$ 35.90"}}]
[{"$nulls":15},"16","Casa 16",{"v":1,"d":"1.00"},{"$f":"ROUND(K3841,2)*R3856","v":{"v":35.9,"d":"R$ 35.90"}}]
[{"$nulls":15},"17","Casa 17",{"v":1,"d":"1.00"},{"$f":"ROUND(K3841,2)*R3857","v":{"v":35.9,"d":"R$ 35.90"}}]
[{"$nulls":15},"18","Casa 18",{"v":1,"d":"1.00"},{"$f":"ROUND(K3841,2)*R3858","v":{"v":35.9,"d":"R$ 35.90"}}]
[{"$nulls":15},"19","Casa 19",{"v":1,"d":"1.00"},{"$f":"ROUND(K3841,2)*R3859","v":{"v":35.9,"d":"R$ 35.90"}}]
[{"$nulls":15},"20","Casa 20",{"v":1,"d":"1.00"},{"$f":"ROUND(K3841,2)*R3860","v":{"v":35.9,"d":"R$ 35.90"}}]
[{"$nulls":15},"21","Casa 21",{"v":1,"d":"1.00"},{"$f":"ROUND(K3841,2)*R3861","v":{"v":35.9,"d":"R$ 35.90"}}]
[{"$nulls":15},"22","Casa 22",{"v":1,"d":"1.00"},{"$f":"ROUND(K3841,2)*R3862","v":{"v":35.9,"d":"R$ 35.90"}}]
[{"$nulls":15},"23","Casa 23",{"v":1,"d":"1.00"},{"$f":"ROUND(K3841,2)*R3863","v":{"v":35.9,"d":"R$ 35.90"}}]
[{"$nulls":15},"24","Casa 24",{"v":1,"d":"1.00"},{"$f":"ROUND(K3841,2)*R3864","v":{"v":35.9,"d":"R$ 35.90"}}]
[{"$nulls":15},"25","Casa 25",{"v":1,"d":"1.00"},{"$f":"ROUND(K3841,2)*R3865","v":{"v":35.9,"d":"R$ 35.90"}}]
["Serviço","28.7","SINAPI","104345","JUNÇÃO DE REDUÇÃO INVERTIDA, PVC, SÉRIE NORMAL, ESGOTO PREDIAL, DN 100 X 50 MM, JUNTA ELÁSTICA, FORNECIDO E INSTALADO EM RAMAL DE DESCARGA OU RAMAL DE ESGOTO SANITÁRIO. AF_08/2022",{"$f":"R3866+R3867+R3868+R3869+R3870+R3871+R3872+R3873+R3874+R3875+R3876+R3877+R3878+R3879+R3880+R3881+R3882+R3883+R3884+R3885+R3886+R3887+R3888+R3889+R3890","v":{"v":25,"d":"25.00"}},"UN",{"v":51.68,"d":"R$ 51.68"},{"v":51.68,"d":"R$ 51.68"},{"v":0.25,"d":"25.00%"},{"$f":"ROUND(I3866,2)+(ROUND(I3866,2)*J3866)","v":{"v":64.6,"d":"R$ 64.60"}},{"$f":"ROUND(S3866,2)+ROUND(S3867,2)+ROUND(S3868,2)+ROUND(S3869,2)+ROUND(S3870,2)+ROUND(S3871,2)+ROUND(S3872,2)+ROUND(S3873,2)+ROUND(S3874,2)+ROUND(S3875,2)+ROUND(S3876,2)+ROUND(S3877,2)+ROUND(S3878,2)+ROUND(S3879,2)+ROUND(S3880,2)+ROUND(S3881,2)+ROUND(S3882,2)+ROUND(S3883,2)+ROUND(S3884,2)+ROUND(S3885,2)+ROUND(S3886,2)+ROUND(S3887,2)+ROUND(S3888,2)+ROUND(S3889,2)+ROUND(S3890,2)","v":{"v":1614.9999999999993,"d":"R$ 1,615.00"}},"","28","TUBULAÇÕES E CONEXÕES SANITÁRIAS","1","Casa 1",{"v":1,"d":"1.00"},{"$f":"ROUND(K3866,2)*R3866","v":{"v":64.6,"d":"R$ 64.60"}}]
[{"$nulls":15},"2","Casa 2",{"v":1,"d":"1.00"},{"$f":"ROUND(K3866,2)*R3867","v":{"v":64.6,"d":"R$ 64.60"}}]
[{"$nulls":15},"3","Casa 3",{"v":1,"d":"1.00"},{"$f":"ROUND(K3866,2)*R3868","v":{"v":64.6,"d":"R$ 64.60"}}]
[{"$nulls":15},"4","Casa 4",{"v":1,"d":"1.00"},{"$f":"ROUND(K3866,2)*R3869","v":{"v":64.6,"d":"R$ 64.60"}}]
[{"$nulls":15},"5","Casa 5",{"v":1,"d":"1.00"},{"$f":"ROUND(K3866,2)*R3870","v":{"v":64.6,"d":"R$ 64.60"}}]
[{"$nulls":15},"6","Casa 6",{"v":1,"d":"1.00"},{"$f":"ROUND(K3866,2)*R3871","v":{"v":64.6,"d":"R$ 64.60"}}]
[{"$nulls":15},"7","Casa 7",{"v":1,"d":"1.00"},{"$f":"ROUND(K3866,2)*R3872","v":{"v":64.6,"d":"R$ 64.60"}}]
[{"$nulls":15},"8","Casa 8",{"v":1,"d":"1.00"},{"$f":"ROUND(K3866,2)*R3873","v":{"v":64.6,"d":"R$ 64.60"}}]
[{"$nulls":15},"9","Casa 9",{"v":1,"d":"1.00"},{"$f":"ROUND(K3866,2)*R3874","v":{"v":64.6,"d":"R$ 64.60"}}]
[{"$nulls":15},"10","Casa 10",{"v":1,"d":"1.00"},{"$f":"ROUND(K3866,2)*R3875","v":{"v":64.6,"d":"R$ 64.60"}}]
[{"$nulls":15},"11","Casa 11",{"v":1,"d":"1.00"},{"$f":"ROUND(K3866,2)*R3876","v":{"v":64.6,"d":"R$ 64.60"}}]
[{"$nulls":15},"12","Casa 12",{"v":1,"d":"1.00"},{"$f":"ROUND(K3866,2)*R3877","v":{"v":64.6,"d":"R$ 64.60"}}]
[{"$nulls":15},"13","Casa 13",{"v":1,"d":"1.00"},{"$f":"ROUND(K3866,2)*R3878","v":{"v":64.6,"d":"R$ 64.60"}}]
[{"$nulls":15},"14","Casa 14",{"v":1,"d":"1.00"},{"$f":"ROUND(K3866,2)*R3879","v":{"v":64.6,"d":"R$ 64.60"}}]
[{"$nulls":15},"15","Casa 15",{"v":1,"d":"1.00"},{"$f":"ROUND(K3866,2)*R3880","v":{"v":64.6,"d":"R$ 64.60"}}]
[{"$nulls":15},"16","Casa 16",{"v":1,"d":"1.00"},{"$f":"ROUND(K3866,2)*R3881","v":{"v":64.6,"d":"R$ 64.60"}}]
[{"$nulls":15},"17","Casa 17",{"v":1,"d":"1.00"},{"$f":"ROUND(K3866,2)*R3882","v":{"v":64.6,"d":"R$ 64.60"}}]
[{"$nulls":15},"18","Casa 18",{"v":1,"d":"1.00"},{"$f":"ROUND(K3866,2)*R3883","v":{"v":64.6,"d":"R$ 64.60"}}]
[{"$nulls":15},"19","Casa 19",{"v":1,"d":"1.00"},{"$f":"ROUND(K3866,2)*R3884","v":{"v":64.6,"d":"R$ 64.60"}}]
[{"$nulls":15},"20","Casa 20",{"v":1,"d":"1.00"},{"$f":"ROUND(K3866,2)*R3885","v":{"v":64.6,"d":"R$ 64.60"}}]
[{"$nulls":15},"21","Casa 21",{"v":1,"d":"1.00"},{"$f":"ROUND(K3866,2)*R3886","v":{"v":64.6,"d":"R$ 64.60"}}]
[{"$nulls":15},"22","Casa 22",{"v":1,"d":"1.00"},{"$f":"ROUND(K3866,2)*R3887","v":{"v":64.6,"d":"R$ 64.60"}}]
[{"$nulls":15},"23","Casa 23",{"v":1,"d":"1.00"},{"$f":"ROUND(K3866,2)*R3888","v":{"v":64.6,"d":"R$ 64.60"}}]
[{"$nulls":15},"24","Casa 24",{"v":1,"d":"1.00"},{"$f":"ROUND(K3866,2)*R3889","v":{"v":64.6,"d":"R$ 64.60"}}]
[{"$nulls":15},"25","Casa 25",{"v":1,"d":"1.00"},{"$f":"ROUND(K3866,2)*R3890","v":{"v":64.6,"d":"R$ 64.60"}}]
["Serviço","28.8","SINAPI","104348","TERMINAL DE VENTILAÇÃO, PVC, SÉRIE NORMAL, ESGOTO PREDIAL, DN 50 MM, JUNTA SOLDÁVEL, FORNECIDO E INSTALADO EM PRUMADA DE ESGOTO SANITÁRIO OU VENTILAÇÃO. AF_08/2022",{"$f":"R3891+R3892+R3893+R3894+R3895+R3896+R3897+R3898+R3899+R3900+R3901+R3902+R3903+R3904+R3905+R3906+R3907+R3908+R3909+R3910+R3911+R3912+R3913+R3914+R3915","v":{"v":25,"d":"25.00"}},"UN",{"v":14.14,"d":"R$ 14.14"},{"v":14.14,"d":"R$ 14.14"},{"v":0.25,"d":"25.00%"},{"$f":"ROUND(I3891,2)+(ROUND(I3891,2)*J3891)","v":{"v":17.675,"d":"R$ 17.68"}},{"$f":"ROUND(S3891,2)+ROUND(S3892,2)+ROUND(S3893,2)+ROUND(S3894,2)+ROUND(S3895,2)+ROUND(S3896,2)+ROUND(S3897,2)+ROUND(S3898,2)+ROUND(S3899,2)+ROUND(S3900,2)+ROUND(S3901,2)+ROUND(S3902,2)+ROUND(S3903,2)+ROUND(S3904,2)+ROUND(S3905,2)+ROUND(S3906,2)+ROUND(S3907,2)+ROUND(S3908,2)+ROUND(S3909,2)+ROUND(S3910,2)+ROUND(S3911,2)+ROUND(S3912,2)+ROUND(S3913,2)+ROUND(S3914,2)+ROUND(S3915,2)","v":{"v":442.0000000000001,"d":"R$ 442.00"}},"","28","TUBULAÇÕES E CONEXÕES SANITÁRIAS","1","Casa 1",{"v":1,"d":"1.00"},{"$f":"ROUND(K3891,2)*R3891","v":{"v":17.68,"d":"R$ 17.68"}}]
[{"$nulls":15},"2","Casa 2",{"v":1,"d":"1.00"},{"$f":"ROUND(K3891,2)*R3892","v":{"v":17.68,"d":"R$ 17.68"}}]
[{"$nulls":15},"3","Casa 3",{"v":1,"d":"1.00"},{"$f":"ROUND(K3891,2)*R3893","v":{"v":17.68,"d":"R$ 17.68"}}]
[{"$nulls":15},"4","Casa 4",{"v":1,"d":"1.00"},{"$f":"ROUND(K3891,2)*R3894","v":{"v":17.68,"d":"R$ 17.68"}}]
[{"$nulls":15},"5","Casa 5",{"v":1,"d":"1.00"},{"$f":"ROUND(K3891,2)*R3895","v":{"v":17.68,"d":"R$ 17.68"}}]
[{"$nulls":15},"6","Casa 6",{"v":1,"d":"1.00"},{"$f":"ROUND(K3891,2)*R3896","v":{"v":17.68,"d":"R$ 17.68"}}]
[{"$nulls":15},"7","Casa 7",{"v":1,"d":"1.00"},{"$f":"ROUND(K3891,2)*R3897","v":{"v":17.68,"d":"R$ 17.68"}}]
[{"$nulls":15},"8","Casa 8",{"v":1,"d":"1.00"},{"$f":"ROUND(K3891,2)*R3898","v":{"v":17.68,"d":"R$ 17.68"}}]
[{"$nulls":15},"9","Casa 9",{"v":1,"d":"1.00"},{"$f":"ROUND(K3891,2)*R3899","v":{"v":17.68,"d":"R$ 17.68"}}]
[{"$nulls":15},"10","Casa 10",{"v":1,"d":"1.00"},{"$f":"ROUND(K3891,2)*R3900","v":{"v":17.68,"d":"R$ 17.68"}}]
[{"$nulls":15},"11","Casa 11",{"v":1,"d":"1.00"},{"$f":"ROUND(K3891,2)*R3901","v":{"v":17.68,"d":"R$ 17.68"}}]
[{"$nulls":15},"12","Casa 12",{"v":1,"d":"1.00"},{"$f":"ROUND(K3891,2)*R3902","v":{"v":17.68,"d":"R$ 17.68"}}]
[{"$nulls":15},"13","Casa 13",{"v":1,"d":"1.00"},{"$f":"ROUND(K3891,2)*R3903","v":{"v":17.68,"d":"R$ 17.68"}}]
[{"$nulls":15},"14","Casa 14",{"v":1,"d":"1.00"},{"$f":"ROUND(K3891,2)*R3904","v":{"v":17.68,"d":"R$ 17.68"}}]
[{"$nulls":15},"15","Casa 15",{"v":1,"d":"1.00"},{"$f":"ROUND(K3891,2)*R3905","v":{"v":17.68,"d":"R$ 17.68"}}]
[{"$nulls":15},"16","Casa 16",{"v":1,"d":"1.00"},{"$f":"ROUND(K3891,2)*R3906","v":{"v":17.68,"d":"R$ 17.68"}}]
[{"$nulls":15},"17","Casa 17",{"v":1,"d":"1.00"},{"$f":"ROUND(K3891,2)*R3907","v":{"v":17.68,"d":"R$ 17.68"}}]
[{"$nulls":15},"18","Casa 18",{"v":1,"d":"1.00"},{"$f":"ROUND(K3891,2)*R3908","v":{"v":17.68,"d":"R$ 17.68"}}]
[{"$nulls":15},"19","Casa 19",{"v":1,"d":"1.00"},{"$f":"ROUND(K3891,2)*R3909","v":{"v":17.68,"d":"R$ 17.68"}}]
[{"$nulls":15},"20","Casa 20",{"v":1,"d":"1.00"},{"$f":"ROUND(K3891,2)*R3910","v":{"v":17.68,"d":"R$ 17.68"}}]
[{"$nulls":15},"21","Casa 21",{"v":1,"d":"1.00"},{"$f":"ROUND(K3891,2)*R3911","v":{"v":17.68,"d":"R$ 17.68"}}]
[{"$nulls":15},"22","Casa 22",{"v":1,"d":"1.00"},{"$f":"ROUND(K3891,2)*R3912","v":{"v":17.68,"d":"R$ 17.68"}}]
[{"$nulls":15},"23","Casa 23",{"v":1,"d":"1.00"},{"$f":"ROUND(K3891,2)*R3913","v":{"v":17.68,"d":"R$ 17.68"}}]
[{"$nulls":15},"24","Casa 24",{"v":1,"d":"1.00"},{"$f":"ROUND(K3891,2)*R3914","v":{"v":17.68,"d":"R$ 17.68"}}]
[{"$nulls":15},"25","Casa 25",{"v":1,"d":"1.00"},{"$f":"ROUND(K3891,2)*R3915","v":{"v":17.68,"d":"R$ 17.68"}}]
["Serviço","28.9","SINAPI","89711","TUBO PVC, SERIE NORMAL, ESGOTO PREDIAL, DN 40 MM, FORNECIDO E INSTALADO EM RAMAL DE DESCARGA OU RAMAL DE ESGOTO SANITÁRIO. AF_08/2022",{"$f":"R3916+R3917+R3918+R3919+R3920+R3921+R3922+R3923+R3924+R3925+R3926+R3927+R3928+R3929+R3930+R3931+R3932+R3933+R3934+R3935+R3936+R3937+R3938+R3939+R3940","v":{"v":83.74999999999999,"d":"83.75"}},"M",{"v":26.66,"d":"R$ 26.66"},{"v":26.66,"d":"R$ 26.66"},{"v":0.25,"d":"25.00%"},{"$f":"ROUND(I3916,2)+(ROUND(I3916,2)*J3916)","v":{"v":33.325,"d":"R$ 33.33"}},{"$f":"ROUND(S3916,2)+ROUND(S3917,2)+ROUND(S3918,2)+ROUND(S3919,2)+ROUND(S3920,2)+ROUND(S3921,2)+ROUND(S3922,2)+ROUND(S3923,2)+ROUND(S3924,2)+ROUND(S3925,2)+ROUND(S3926,2)+ROUND(S3927,2)+ROUND(S3928,2)+ROUND(S3929,2)+ROUND(S3930,2)+ROUND(S3931,2)+ROUND(S3932,2)+ROUND(S3933,2)+ROUND(S3934,2)+ROUND(S3935,2)+ROUND(S3936,2)+ROUND(S3937,2)+ROUND(S3938,2)+ROUND(S3939,2)+ROUND(S3940,2)","v":{"v":2791.4999999999995,"d":"R$ 2,791.50"}},"","28","TUBULAÇÕES E CONEXÕES SANITÁRIAS","1","Casa 1",3.35,{"$f":"ROUND(K3916,2)*R3916","v":{"v":111.6555,"d":"R$ 111.66"}}]
[{"$nulls":15},"2","Casa 2",3.35,{"$f":"ROUND(K3916,2)*R3917","v":{"v":111.6555,"d":"R$ 111.66"}}]
[{"$nulls":15},"3","Casa 3",3.35,{"$f":"ROUND(K3916,2)*R3918","v":{"v":111.6555,"d":"R$ 111.66"}}]
[{"$nulls":15},"4","Casa 4",3.35,{"$f":"ROUND(K3916,2)*R3919","v":{"v":111.6555,"d":"R$ 111.66"}}]
[{"$nulls":15},"5","Casa 5",3.35,{"$f":"ROUND(K3916,2)*R3920","v":{"v":111.6555,"d":"R$ 111.66"}}]
[{"$nulls":15},"6","Casa 6",3.35,{"$f":"ROUND(K3916,2)*R3921","v":{"v":111.6555,"d":"R$ 111.66"}}]
[{"$nulls":15},"7","Casa 7",3.35,{"$f":"ROUND(K3916,2)*R3922","v":{"v":111.6555,"d":"R$ 111.66"}}]
[{"$nulls":15},"8","Casa 8",3.35,{"$f":"ROUND(K3916,2)*R3923","v":{"v":111.6555,"d":"R$ 111.66"}}]
[{"$nulls":15},"9","Casa 9",3.35,{"$f":"ROUND(K3916,2)*R3924","v":{"v":111.6555,"d":"R$ 111.66"}}]
[{"$nulls":15},"10","Casa 10",3.35,{"$f":"ROUND(K3916,2)*R3925","v":{"v":111.6555,"d":"R$ 111.66"}}]
[{"$nulls":15},"11","Casa 11",3.35,{"$f":"ROUND(K3916,2)*R3926","v":{"v":111.6555,"d":"R$ 111.66"}}]
[{"$nulls":15},"12","Casa 12",3.35,{"$f":"ROUND(K3916,2)*R3927","v":{"v":111.6555,"d":"R$ 111.66"}}]
[{"$nulls":15},"13","Casa 13",3.35,{"$f":"ROUND(K3916,2)*R3928","v":{"v":111.6555,"d":"R$ 111.66"}}]
[{"$nulls":15},"14","Casa 14",3.35,{"$f":"ROUND(K3916,2)*R3929","v":{"v":111.6555,"d":"R$ 111.66"}}]
[{"$nulls":15},"15","Casa 15",3.35,{"$f":"ROUND(K3916,2)*R3930","v":{"v":111.6555,"d":"R$ 111.66"}}]
[{"$nulls":15},"16","Casa 16",3.35,{"$f":"ROUND(K3916,2)*R3931","v":{"v":111.6555,"d":"R$ 111.66"}}]
[{"$nulls":15},"17","Casa 17",3.35,{"$f":"ROUND(K3916,2)*R3932","v":{"v":111.6555,"d":"R$ 111.66"}}]
[{"$nulls":15},"18","Casa 18",3.35,{"$f":"ROUND(K3916,2)*R3933","v":{"v":111.6555,"d":"R$ 111.66"}}]
[{"$nulls":15},"19","Casa 19",3.35,{"$f":"ROUND(K3916,2)*R3934","v":{"v":111.6555,"d":"R$ 111.66"}}]
[{"$nulls":15},"20","Casa 20",3.35,{"$f":"ROUND(K3916,2)*R3935","v":{"v":111.6555,"d":"R$ 111.66"}}]
[{"$nulls":15},"21","Casa 21",3.35,{"$f":"ROUND(K3916,2)*R3936","v":{"v":111.6555,"d":"R$ 111.66"}}]
[{"$nulls":15},"22","Casa 22",3.35,{"$f":"ROUND(K3916,2)*R3937","v":{"v":111.6555,"d":"R$ 111.66"}}]
[{"$nulls":15},"23","Casa 23",3.35,{"$f":"ROUND(K3916,2)*R3938","v":{"v":111.6555,"d":"R$ 111.66"}}]
[{"$nulls":15},"24","Casa 24",3.35,{"$f":"ROUND(K3916,2)*R3939","v":{"v":111.6555,"d":"R$ 111.66"}}]
[{"$nulls":15},"25","Casa 25",3.35,{"$f":"ROUND(K3916,2)*R3940","v":{"v":111.6555,"d":"R$ 111.66"}}]
["Serviço","28.10","SINAPI","89712","TUBO PVC, SERIE NORMAL, ESGOTO PREDIAL, DN 50 MM, FORNECIDO E INSTALADO EM RAMAL DE DESCARGA OU RAMAL DE ESGOTO SANITÁRIO. AF_08/2022",{"$f":"R3941+R3942+R3943+R3944+R3945+R3946+R3947+R3948+R3949+R3950+R3951+R3952+R3953+R3954+R3955+R3956+R3957+R3958+R3959+R3960+R3961+R3962+R3963+R3964+R3965","v":{"v":255.25000000000014,"d":"255.25"}},"M",{"v":34.05,"d":"R$ 34.05"},{"v":34.05,"d":"R$ 34.05"},{"v":0.25,"d":"25.00%"},{"$f":"ROUND(I3941,2)+(ROUND(I3941,2)*J3941)","v":{"v":42.5625,"d":"R$ 42.56"}},{"$f":"ROUND(S3941,2)+ROUND(S3942,2)+ROUND(S3943,2)+ROUND(S3944,2)+ROUND(S3945,2)+ROUND(S3946,2)+ROUND(S3947,2)+ROUND(S3948,2)+ROUND(S3949,2)+ROUND(S3950,2)+ROUND(S3951,2)+ROUND(S3952,2)+ROUND(S3953,2)+ROUND(S3954,2)+ROUND(S3955,2)+ROUND(S3956,2)+ROUND(S3957,2)+ROUND(S3958,2)+ROUND(S3959,2)+ROUND(S3960,2)+ROUND(S3961,2)+ROUND(S3962,2)+ROUND(S3963,2)+ROUND(S3964,2)+ROUND(S3965,2)","v":{"v":10863.500000000005,"d":"R$ 10,863.50"}},"","28","TUBULAÇÕES E CONEXÕES SANITÁRIAS","1","Casa 1",10.21,{"$f":"ROUND(K3941,2)*R3941","v":{"v":434.53760000000005,"d":"R$ 434.54"}}]
[{"$nulls":15},"2","Casa 2",10.21,{"$f":"ROUND(K3941,2)*R3942","v":{"v":434.53760000000005,"d":"R$ 434.54"}}]
[{"$nulls":15},"3","Casa 3",10.21,{"$f":"ROUND(K3941,2)*R3943","v":{"v":434.53760000000005,"d":"R$ 434.54"}}]
[{"$nulls":15},"4","Casa 4",10.21,{"$f":"ROUND(K3941,2)*R3944","v":{"v":434.53760000000005,"d":"R$ 434.54"}}]
[{"$nulls":15},"5","Casa 5",10.21,{"$f":"ROUND(K3941,2)*R3945","v":{"v":434.53760000000005,"d":"R$ 434.54"}}]
[{"$nulls":15},"6","Casa 6",10.21,{"$f":"ROUND(K3941,2)*R3946","v":{"v":434.53760000000005,"d":"R$ 434.54"}}]
[{"$nulls":15},"7","Casa 7",10.21,{"$f":"ROUND(K3941,2)*R3947","v":{"v":434.53760000000005,"d":"R$ 434.54"}}]
[{"$nulls":15},"8","Casa 8",10.21,{"$f":"ROUND(K3941,2)*R3948","v":{"v":434.53760000000005,"d":"R$ 434.54"}}]
[{"$nulls":15},"9","Casa 9",10.21,{"$f":"ROUND(K3941,2)*R3949","v":{"v":434.53760000000005,"d":"R$ 434.54"}}]
[{"$nulls":15},"10","Casa 10",10.21,{"$f":"ROUND(K3941,2)*R3950","v":{"v":434.53760000000005,"d":"R$ 434.54"}}]
[{"$nulls":15},"11","Casa 11",10.21,{"$f":"ROUND(K3941,2)*R3951","v":{"v":434.53760000000005,"d":"R$ 434.54"}}]
[{"$nulls":15},"12","Casa 12",10.21,{"$f":"ROUND(K3941,2)*R3952","v":{"v":434.53760000000005,"d":"R$ 434.54"}}]
[{"$nulls":15},"13","Casa 13",10.21,{"$f":"ROUND(K3941,2)*R3953","v":{"v":434.53760000000005,"d":"R$ 434.54"}}]
[{"$nulls":15},"14","Casa 14",10.21,{"$f":"ROUND(K3941,2)*R3954","v":{"v":434.53760000000005,"d":"R$ 434.54"}}]
[{"$nulls":15},"15","Casa 15",10.21,{"$f":"ROUND(K3941,2)*R3955","v":{"v":434.53760000000005,"d":"R$ 434.54"}}]
[{"$nulls":15},"16","Casa 16",10.21,{"$f":"ROUND(K3941,2)*R3956","v":{"v":434.53760000000005,"d":"R$ 434.54"}}]
[{"$nulls":15},"17","Casa 17",10.21,{"$f":"ROUND(K3941,2)*R3957","v":{"v":434.53760000000005,"d":"R$ 434.54"}}]
[{"$nulls":15},"18","Casa 18",10.21,{"$f":"ROUND(K3941,2)*R3958","v":{"v":434.53760000000005,"d":"R$ 434.54"}}]
[{"$nulls":15},"19","Casa 19",10.21,{"$f":"ROUND(K3941,2)*R3959","v":{"v":434.53760000000005,"d":"R$ 434.54"}}]
[{"$nulls":15},"20","Casa 20",10.21,{"$f":"ROUND(K3941,2)*R3960","v":{"v":434.53760000000005,"d":"R$ 434.54"}}]
[{"$nulls":15},"21","Casa 21",10.21,{"$f":"ROUND(K3941,2)*R3961","v":{"v":434.53760000000005,"d":"R$ 434.54"}}]
[{"$nulls":15},"22","Casa 22",10.21,{"$f":"ROUND(K3941,2)*R3962","v":{"v":434.53760000000005,"d":"R$ 434.54"}}]
[{"$nulls":15},"23","Casa 23",10.21,{"$f":"ROUND(K3941,2)*R3963","v":{"v":434.53760000000005,"d":"R$ 434.54"}}]
[{"$nulls":15},"24","Casa 24",10.21,{"$f":"ROUND(K3941,2)*R3964","v":{"v":434.53760000000005,"d":"R$ 434.54"}}]
[{"$nulls":15},"25","Casa 25",10.21,{"$f":"ROUND(K3941,2)*R3965","v":{"v":434.53760000000005,"d":"R$ 434.54"}}]
["Serviço","28.11","SINAPI","89798","TUBO PVC, SERIE NORMAL, ESGOTO PREDIAL, DN 50 MM, FORNECIDO E INSTALADO EM PRUMADA DE ESGOTO SANITÁRIO OU VENTILAÇÃO. AF_08/2022",{"$f":"R3966+R3967+R3968+R3969+R3970+R3971+R3972+R3973+R3974+R3975+R3976+R3977+R3978+R3979+R3980+R3981+R3982+R3983+R3984+R3985+R3986+R3987+R3988+R3989+R3990","v":{"v":100,"d":"100.00"}},"M",{"v":17.4,"d":"R$ 17.40"},{"v":17.4,"d":"R$ 17.40"},{"v":0.25,"d":"25.00%"},{"$f":"ROUND(I3966,2)+(ROUND(I3966,2)*J3966)","v":{"v":21.75,"d":"R$ 21.75"}},{"$f":"ROUND(S3966,2)+ROUND(S3967,2)+ROUND(S3968,2)+ROUND(S3969,2)+ROUND(S3970,2)+ROUND(S3971,2)+ROUND(S3972,2)+ROUND(S3973,2)+ROUND(S3974,2)+ROUND(S3975,2)+ROUND(S3976,2)+ROUND(S3977,2)+ROUND(S3978,2)+ROUND(S3979,2)+ROUND(S3980,2)+ROUND(S3981,2)+ROUND(S3982,2)+ROUND(S3983,2)+ROUND(S3984,2)+ROUND(S3985,2)+ROUND(S3986,2)+ROUND(S3987,2)+ROUND(S3988,2)+ROUND(S3989,2)+ROUND(S3990,2)","v":{"v":2175,"d":"R$ 2,175.00"}},"","28","TUBULAÇÕES E CONEXÕES SANITÁRIAS","1","Casa 1",{"v":4,"d":"4.00"},{"$f":"ROUND(K3966,2)*R3966","v":{"v":87,"d":"R$ 87.00"}}]
[{"$nulls":15},"2","Casa 2",{"v":4,"d":"4.00"},{"$f":"ROUND(K3966,2)*R3967","v":{"v":87,"d":"R$ 87.00"}}]
[{"$nulls":15},"3","Casa 3",{"v":4,"d":"4.00"},{"$f":"ROUND(K3966,2)*R3968","v":{"v":87,"d":"R$ 87.00"}}]
[{"$nulls":15},"4","Casa 4",{"v":4,"d":"4.00"},{"$f":"ROUND(K3966,2)*R3969","v":{"v":87,"d":"R$ 87.00"}}]
[{"$nulls":15},"5","Casa 5",{"v":4,"d":"4.00"},{"$f":"ROUND(K3966,2)*R3970","v":{"v":87,"d":"R$ 87.00"}}]
[{"$nulls":15},"6","Casa 6",{"v":4,"d":"4.00"},{"$f":"ROUND(K3966,2)*R3971","v":{"v":87,"d":"R$ 87.00"}}]
[{"$nulls":15},"7","Casa 7",{"v":4,"d":"4.00"},{"$f":"ROUND(K3966,2)*R3972","v":{"v":87,"d":"R$ 87.00"}}]
[{"$nulls":15},"8","Casa 8",{"v":4,"d":"4.00"},{"$f":"ROUND(K3966,2)*R3973","v":{"v":87,"d":"R$ 87.00"}}]
[{"$nulls":15},"9","Casa 9",{"v":4,"d":"4.00"},{"$f":"ROUND(K3966,2)*R3974","v":{"v":87,"d":"R$ 87.00"}}]
[{"$nulls":15},"10","Casa 10",{"v":4,"d":"4.00"},{"$f":"ROUND(K3966,2)*R3975","v":{"v":87,"d":"R$ 87.00"}}]
[{"$nulls":15},"11","Casa 11",{"v":4,"d":"4.00"},{"$f":"ROUND(K3966,2)*R3976","v":{"v":87,"d":"R$ 87.00"}}]
[{"$nulls":15},"12","Casa 12",{"v":4,"d":"4.00"},{"$f":"ROUND(K3966,2)*R3977","v":{"v":87,"d":"R$ 87.00"}}]
[{"$nulls":15},"13","Casa 13",{"v":4,"d":"4.00"},{"$f":"ROUND(K3966,2)*R3978","v":{"v":87,"d":"R$ 87.00"}}]
[{"$nulls":15},"14","Casa 14",{"v":4,"d":"4.00"},{"$f":"ROUND(K3966,2)*R3979","v":{"v":87,"d":"R$ 87.00"}}]
[{"$nulls":15},"15","Casa 15",{"v":4,"d":"4.00"},{"$f":"ROUND(K3966,2)*R3980","v":{"v":87,"d":"R$ 87.00"}}]
[{"$nulls":15},"16","Casa 16",{"v":4,"d":"4.00"},{"$f":"ROUND(K3966,2)*R3981","v":{"v":87,"d":"R$ 87.00"}}]
[{"$nulls":15},"17","Casa 17",{"v":4,"d":"4.00"},{"$f":"ROUND(K3966,2)*R3982","v":{"v":87,"d":"R$ 87.00"}}]
[{"$nulls":15},"18","Casa 18",{"v":4,"d":"4.00"},{"$f":"ROUND(K3966,2)*R3983","v":{"v":87,"d":"R$ 87.00"}}]
[{"$nulls":15},"19","Casa 19",{"v":4,"d":"4.00"},{"$f":"ROUND(K3966,2)*R3984","v":{"v":87,"d":"R$ 87.00"}}]
[{"$nulls":15},"20","Casa 20",{"v":4,"d":"4.00"},{"$f":"ROUND(K3966,2)*R3985","v":{"v":87,"d":"R$ 87.00"}}]
[{"$nulls":15},"21","Casa 21",{"v":4,"d":"4.00"},{"$f":"ROUND(K3966,2)*R3986","v":{"v":87,"d":"R$ 87.00"}}]
[{"$nulls":15},"22","Casa 22",{"v":4,"d":"4.00"},{"$f":"ROUND(K3966,2)*R3987","v":{"v":87,"d":"R$ 87.00"}}]
[{"$nulls":15},"23","Casa 23",{"v":4,"d":"4.00"},{"$f":"ROUND(K3966,2)*R3988","v":{"v":87,"d":"R$ 87.00"}}]
[{"$nulls":15},"24","Casa 24",{"v":4,"d":"4.00"},{"$f":"ROUND(K3966,2)*R3989","v":{"v":87,"d":"R$ 87.00"}}]
[{"$nulls":15},"25","Casa 25",{"v":4,"d":"4.00"},{"$f":"ROUND(K3966,2)*R3990","v":{"v":87,"d":"R$ 87.00"}}]
["Serviço","28.12","SINAPI","89714","TUBO PVC, SERIE NORMAL, ESGOTO PREDIAL, DN 100 MM, FORNECIDO E INSTALADO EM RAMAL DE DESCARGA OU RAMAL DE ESGOTO SANITÁRIO. AF_08/2022",{"$f":"R3991+R3992+R3993+R3994+R3995+R3996+R3997+R3998+R3999+R4000+R4001+R4002+R4003+R4004+R4005+R4006+R4007+R4008+R4009+R4010+R4011+R4012+R4013+R4014+R4015","v":{"v":844.9999999999997,"d":"845.00"}},"M",{"v":47.43,"d":"R$ 47.43"},{"v":47.43,"d":"R$ 47.43"},{"v":0.25,"d":"25.00%"},{"$f":"ROUND(I3991,2)+(ROUND(I3991,2)*J3991)","v":{"v":59.2875,"d":"R$ 59.29"}},{"$f":"ROUND(S3991,2)+ROUND(S3992,2)+ROUND(S3993,2)+ROUND(S3994,2)+ROUND(S3995,2)+ROUND(S3996,2)+ROUND(S3997,2)+ROUND(S3998,2)+ROUND(S3999,2)+ROUND(S4000,2)+ROUND(S4001,2)+ROUND(S4002,2)+ROUND(S4003,2)+ROUND(S4004,2)+ROUND(S4005,2)+ROUND(S4006,2)+ROUND(S4007,2)+ROUND(S4008,2)+ROUND(S4009,2)+ROUND(S4010,2)+ROUND(S4011,2)+ROUND(S4012,2)+ROUND(S4013,2)+ROUND(S4014,2)+ROUND(S4015,2)","v":{"v":50100,"d":"R$ 50,100.00"}},"","28","TUBULAÇÕES E CONEXÕES SANITÁRIAS","1","Casa 1",{"v":33.8,"d":"33.80"},{"$f":"ROUND(K3991,2)*R3991","v":{"v":2004.0019999999997,"d":"R$ 2,004.00"}}]
[{"$nulls":15},"2","Casa 2",{"v":33.8,"d":"33.80"},{"$f":"ROUND(K3991,2)*R3992","v":{"v":2004.0019999999997,"d":"R$ 2,004.00"}}]
[{"$nulls":15},"3","Casa 3",{"v":33.8,"d":"33.80"},{"$f":"ROUND(K3991,2)*R3993","v":{"v":2004.0019999999997,"d":"R$ 2,004.00"}}]
[{"$nulls":15},"4","Casa 4",{"v":33.8,"d":"33.80"},{"$f":"ROUND(K3991,2)*R3994","v":{"v":2004.0019999999997,"d":"R$ 2,004.00"}}]
[{"$nulls":15},"5","Casa 5",{"v":33.8,"d":"33.80"},{"$f":"ROUND(K3991,2)*R3995","v":{"v":2004.0019999999997,"d":"R$ 2,004.00"}}]
[{"$nulls":15},"6","Casa 6",{"v":33.8,"d":"33.80"},{"$f":"ROUND(K3991,2)*R3996","v":{"v":2004.0019999999997,"d":"R$ 2,004.00"}}]
[{"$nulls":15},"7","Casa 7",{"v":33.8,"d":"33.80"},{"$f":"ROUND(K3991,2)*R3997","v":{"v":2004.0019999999997,"d":"R$ 2,004.00"}}]
[{"$nulls":15},"8","Casa 8",{"v":33.8,"d":"33.80"},{"$f":"ROUND(K3991,2)*R3998","v":{"v":2004.0019999999997,"d":"R$ 2,004.00"}}]
[{"$nulls":15},"9","Casa 9",{"v":33.8,"d":"33.80"},{"$f":"ROUND(K3991,2)*R3999","v":{"v":2004.0019999999997,"d":"R$ 2,004.00"}}]
[{"$nulls":15},"10","Casa 10",{"v":33.8,"d":"33.80"},{"$f":"ROUND(K3991,2)*R4000","v":{"v":2004.0019999999997,"d":"R$ 2,004.00"}}]
[{"$nulls":15},"11","Casa 11",{"v":33.8,"d":"33.80"},{"$f":"ROUND(K3991,2)*R4001","v":{"v":2004.0019999999997,"d":"R$ 2,004.00"}}]
[{"$nulls":15},"12","Casa 12",{"v":33.8,"d":"33.80"},{"$f":"ROUND(K3991,2)*R4002","v":{"v":2004.0019999999997,"d":"R$ 2,004.00"}}]
[{"$nulls":15},"13","Casa 13",{"v":33.8,"d":"33.80"},{"$f":"ROUND(K3991,2)*R4003","v":{"v":2004.0019999999997,"d":"R$ 2,004.00"}}]
[{"$nulls":15},"14","Casa 14",{"v":33.8,"d":"33.80"},{"$f":"ROUND(K3991,2)*R4004","v":{"v":2004.0019999999997,"d":"R$ 2,004.00"}}]
[{"$nulls":15},"15","Casa 15",{"v":33.8,"d":"33.80"},{"$f":"ROUND(K3991,2)*R4005","v":{"v":2004.0019999999997,"d":"R$ 2,004.00"}}]
[{"$nulls":15},"16","Casa 16",{"v":33.8,"d":"33.80"},{"$f":"ROUND(K3991,2)*R4006","v":{"v":2004.0019999999997,"d":"R$ 2,004.00"}}]
[{"$nulls":15},"17","Casa 17",{"v":33.8,"d":"33.80"},{"$f":"ROUND(K3991,2)*R4007","v":{"v":2004.0019999999997,"d":"R$ 2,004.00"}}]
[{"$nulls":15},"18","Casa 18",{"v":33.8,"d":"33.80"},{"$f":"ROUND(K3991,2)*R4008","v":{"v":2004.0019999999997,"d":"R$ 2,004.00"}}]
[{"$nulls":15},"19","Casa 19",{"v":33.8,"d":"33.80"},{"$f":"ROUND(K3991,2)*R4009","v":{"v":2004.0019999999997,"d":"R$ 2,004.00"}}]
[{"$nulls":15},"20","Casa 20",{"v":33.8,"d":"33.80"},{"$f":"ROUND(K3991,2)*R4010","v":{"v":2004.0019999999997,"d":"R$ 2,004.00"}}]
[{"$nulls":15},"21","Casa 21",{"v":33.8,"d":"33.80"},{"$f":"ROUND(K3991,2)*R4011","v":{"v":2004.0019999999997,"d":"R$ 2,004.00"}}]
[{"$nulls":15},"22","Casa 22",{"v":33.8,"d":"33.80"},{"$f":"ROUND(K3991,2)*R4012","v":{"v":2004.0019999999997,"d":"R$ 2,004.00"}}]
[{"$nulls":15},"23","Casa 23",{"v":33.8,"d":"33.80"},{"$f":"ROUND(K3991,2)*R4013","v":{"v":2004.0019999999997,"d":"R$ 2,004.00"}}]
[{"$nulls":15},"24","Casa 24",{"v":33.8,"d":"33.80"},{"$f":"ROUND(K3991,2)*R4014","v":{"v":2004.0019999999997,"d":"R$ 2,004.00"}}]
[{"$nulls":15},"25","Casa 25",{"v":33.8,"d":"33.80"},{"$f":"ROUND(K3991,2)*R4015","v":{"v":2004.0019999999997,"d":"R$ 2,004.00"}}]
["Macrosserviço","29","","","ACESSÓRIOS / CAIXAS SANITÁRIAS","","","","","","",{"$f":"ROUND(L4017,2)+ROUND(L4042,2)+ROUND(L4067,2)+ROUND(L4092,2)+ROUND(L4117,2)","v":{"v":108228.75,"d":"R$ 108,228.75"}},"","","","","","",""]
["Serviço","29.1","SINAPI","97902","CAIXA ENTERRADA HIDRÁULICA RETANGULAR EM ALVENARIA COM TIJOLOS CERÂMICOS MACIÇOS, DIMENSÕES INTERNAS: 0,6X0,6X0,6 M PARA REDE DE ESGOTO. AF_12/2020",{"$f":"R4017+R4018+R4019+R4020+R4021+R4022+R4023+R4024+R4025+R4026+R4027+R4028+R4029+R4030+R4031+R4032+R4033+R4034+R4035+R4036+R4037+R4038+R4039+R4040+R4041","v":{"v":125,"d":"125.00"}},"UN",{"v":595.63,"d":"R$ 595.63"},{"v":595.63,"d":"R$ 595.63"},{"v":0.25,"d":"25.00%"},{"$f":"ROUND(I4017,2)+(ROUND(I4017,2)*J4017)","v":{"v":744.5375,"d":"R$ 744.54"}},{"$f":"ROUND(S4017,2)+ROUND(S4018,2)+ROUND(S4019,2)+ROUND(S4020,2)+ROUND(S4021,2)+ROUND(S4022,2)+ROUND(S4023,2)+ROUND(S4024,2)+ROUND(S4025,2)+ROUND(S4026,2)+ROUND(S4027,2)+ROUND(S4028,2)+ROUND(S4029,2)+ROUND(S4030,2)+ROUND(S4031,2)+ROUND(S4032,2)+ROUND(S4033,2)+ROUND(S4034,2)+ROUND(S4035,2)+ROUND(S4036,2)+ROUND(S4037,2)+ROUND(S4038,2)+ROUND(S4039,2)+ROUND(S4040,2)+ROUND(S4041,2)","v":{"v":93067.49999999996,"d":"R$ 93,067.50"}},"","29","ACESSÓRIOS / CAIXAS SANITÁRIAS","1","Casa 1",{"v":5,"d":"5.00"},{"$f":"ROUND(K4017,2)*R4017","v":{"v":3722.7,"d":"R$ 3,722.70"}}]
[{"$nulls":15},"2","Casa 2",{"v":5,"d":"5.00"},{"$f":"ROUND(K4017,2)*R4018","v":{"v":3722.7,"d":"R$ 3,722.70"}}]
[{"$nulls":15},"3","Casa 3",{"v":5,"d":"5.00"},{"$f":"ROUND(K4017,2)*R4019","v":{"v":3722.7,"d":"R$ 3,722.70"}}]
[{"$nulls":15},"4","Casa 4",{"v":5,"d":"5.00"},{"$f":"ROUND(K4017,2)*R4020","v":{"v":3722.7,"d":"R$ 3,722.70"}}]
[{"$nulls":15},"5","Casa 5",{"v":5,"d":"5.00"},{"$f":"ROUND(K4017,2)*R4021","v":{"v":3722.7,"d":"R$ 3,722.70"}}]
[{"$nulls":15},"6","Casa 6",{"v":5,"d":"5.00"},{"$f":"ROUND(K4017,2)*R4022","v":{"v":3722.7,"d":"R$ 3,722.70"}}]
[{"$nulls":15},"7","Casa 7",{"v":5,"d":"5.00"},{"$f":"ROUND(K4017,2)*R4023","v":{"v":3722.7,"d":"R$ 3,722.70"}}]
[{"$nulls":15},"8","Casa 8",{"v":5,"d":"5.00"},{"$f":"ROUND(K4017,2)*R4024","v":{"v":3722.7,"d":"R$ 3,722.70"}}]
[{"$nulls":15},"9","Casa 9",{"v":5,"d":"5.00"},{"$f":"ROUND(K4017,2)*R4025","v":{"v":3722.7,"d":"R$ 3,722.70"}}]
[{"$nulls":15},"10","Casa 10",{"v":5,"d":"5.00"},{"$f":"ROUND(K4017,2)*R4026","v":{"v":3722.7,"d":"R$ 3,722.70"}}]
[{"$nulls":15},"11","Casa 11",{"v":5,"d":"5.00"},{"$f":"ROUND(K4017,2)*R4027","v":{"v":3722.7,"d":"R$ 3,722.70"}}]
[{"$nulls":15},"12","Casa 12",{"v":5,"d":"5.00"},{"$f":"ROUND(K4017,2)*R4028","v":{"v":3722.7,"d":"R$ 3,722.70"}}]
[{"$nulls":15},"13","Casa 13",{"v":5,"d":"5.00"},{"$f":"ROUND(K4017,2)*R4029","v":{"v":3722.7,"d":"R$ 3,722.70"}}]
[{"$nulls":15},"14","Casa 14",{"v":5,"d":"5.00"},{"$f":"ROUND(K4017,2)*R4030","v":{"v":3722.7,"d":"R$ 3,722.70"}}]
[{"$nulls":15},"15","Casa 15",{"v":5,"d":"5.00"},{"$f":"ROUND(K4017,2)*R4031","v":{"v":3722.7,"d":"R$ 3,722.70"}}]
[{"$nulls":15},"16","Casa 16",{"v":5,"d":"5.00"},{"$f":"ROUND(K4017,2)*R4032","v":{"v":3722.7,"d":"R$ 3,722.70"}}]
[{"$nulls":15},"17","Casa 17",{"v":5,"d":"5.00"},{"$f":"ROUND(K4017,2)*R4033","v":{"v":3722.7,"d":"R$ 3,722.70"}}]
[{"$nulls":15},"18","Casa 18",{"v":5,"d":"5.00"},{"$f":"ROUND(K4017,2)*R4034","v":{"v":3722.7,"d":"R$ 3,722.70"}}]
[{"$nulls":15},"19","Casa 19",{"v":5,"d":"5.00"},{"$f":"ROUND(K4017,2)*R4035","v":{"v":3722.7,"d":"R$ 3,722.70"}}]
[{"$nulls":15},"20","Casa 20",{"v":5,"d":"5.00"},{"$f":"ROUND(K4017,2)*R4036","v":{"v":3722.7,"d":"R$ 3,722.70"}}]
[{"$nulls":15},"21","Casa 21",{"v":5,"d":"5.00"},{"$f":"ROUND(K4017,2)*R4037","v":{"v":3722.7,"d":"R$ 3,722.70"}}]
[{"$nulls":15},"22","Casa 22",{"v":5,"d":"5.00"},{"$f":"ROUND(K4017,2)*R4038","v":{"v":3722.7,"d":"R$ 3,722.70"}}]
[{"$nulls":15},"23","Casa 23",{"v":5,"d":"5.00"},{"$f":"ROUND(K4017,2)*R4039","v":{"v":3722.7,"d":"R$ 3,722.70"}}]
[{"$nulls":15},"24","Casa 24",{"v":5,"d":"5.00"},{"$f":"ROUND(K4017,2)*R4040","v":{"v":3722.7,"d":"R$ 3,722.70"}}]
[{"$nulls":15},"25","Casa 25",{"v":5,"d":"5.00"},{"$f":"ROUND(K4017,2)*R4041","v":{"v":3722.7,"d":"R$ 3,722.70"}}]
["Serviço","29.2","SINAPI","89707","CAIXA SIFONADA, PVC, DN 100 X 100 X 50 MM, JUNTA ELÁSTICA, FORNECIDA E INSTALADA EM RAMAL DE DESCARGA OU EM RAMAL DE ESGOTO SANITÁRIO. AF_08/2022",{"$f":"R4042+R4043+R4044+R4045+R4046+R4047+R4048+R4049+R4050+R4051+R4052+R4053+R4054+R4055+R4056+R4057+R4058+R4059+R4060+R4061+R4062+R4063+R4064+R4065+R4066","v":{"v":25,"d":"25.00"}},"UN",{"v":56.11,"d":"R$ 56.11"},{"v":56.11,"d":"R$ 56.11"},{"v":0.25,"d":"25.00%"},{"$f":"ROUND(I4042,2)+(ROUND(I4042,2)*J4042)","v":{"v":70.1375,"d":"R$ 70.14"}},{"$f":"ROUND(S4042,2)+ROUND(S4043,2)+ROUND(S4044,2)+ROUND(S4045,2)+ROUND(S4046,2)+ROUND(S4047,2)+ROUND(S4048,2)+ROUND(S4049,2)+ROUND(S4050,2)+ROUND(S4051,2)+ROUND(S4052,2)+ROUND(S4053,2)+ROUND(S4054,2)+ROUND(S4055,2)+ROUND(S4056,2)+ROUND(S4057,2)+ROUND(S4058,2)+ROUND(S4059,2)+ROUND(S4060,2)+ROUND(S4061,2)+ROUND(S4062,2)+ROUND(S4063,2)+ROUND(S4064,2)+ROUND(S4065,2)+ROUND(S4066,2)","v":{"v":1753.500000000001,"d":"R$ 1,753.50"}},"","29","ACESSÓRIOS / CAIXAS SANITÁRIAS","1","Casa 1",{"v":1,"d":"1.00"},{"$f":"ROUND(K4042,2)*R4042","v":{"v":70.14,"d":"R$ 70.14"}}]
[{"$nulls":15},"2","Casa 2",{"v":1,"d":"1.00"},{"$f":"ROUND(K4042,2)*R4043","v":{"v":70.14,"d":"R$ 70.14"}}]
[{"$nulls":15},"3","Casa 3",{"v":1,"d":"1.00"},{"$f":"ROUND(K4042,2)*R4044","v":{"v":70.14,"d":"R$ 70.14"}}]
[{"$nulls":15},"4","Casa 4",{"v":1,"d":"1.00"},{"$f":"ROUND(K4042,2)*R4045","v":{"v":70.14,"d":"R$ 70.14"}}]
[{"$nulls":15},"5","Casa 5",{"v":1,"d":"1.00"},{"$f":"ROUND(K4042,2)*R4046","v":{"v":70.14,"d":"R$ 70.14"}}]
[{"$nulls":15},"6","Casa 6",{"v":1,"d":"1.00"},{"$f":"ROUND(K4042,2)*R4047","v":{"v":70.14,"d":"R$ 70.14"}}]
[{"$nulls":15},"7","Casa 7",{"v":1,"d":"1.00"},{"$f":"ROUND(K4042,2)*R4048","v":{"v":70.14,"d":"R$ 70.14"}}]
[{"$nulls":15},"8","Casa 8",{"v":1,"d":"1.00"},{"$f":"ROUND(K4042,2)*R4049","v":{"v":70.14,"d":"R$ 70.14"}}]
[{"$nulls":15},"9","Casa 9",{"v":1,"d":"1.00"},{"$f":"ROUND(K4042,2)*R4050","v":{"v":70.14,"d":"R$ 70.14"}}]
[{"$nulls":15},"10","Casa 10",{"v":1,"d":"1.00"},{"$f":"ROUND(K4042,2)*R4051","v":{"v":70.14,"d":"R$ 70.14"}}]
[{"$nulls":15},"11","Casa 11",{"v":1,"d":"1.00"},{"$f":"ROUND(K4042,2)*R4052","v":{"v":70.14,"d":"R$ 70.14"}}]
[{"$nulls":15},"12","Casa 12",{"v":1,"d":"1.00"},{"$f":"ROUND(K4042,2)*R4053","v":{"v":70.14,"d":"R$ 70.14"}}]
[{"$nulls":15},"13","Casa 13",{"v":1,"d":"1.00"},{"$f":"ROUND(K4042,2)*R4054","v":{"v":70.14,"d":"R$ 70.14"}}]
[{"$nulls":15},"14","Casa 14",{"v":1,"d":"1.00"},{"$f":"ROUND(K4042,2)*R4055","v":{"v":70.14,"d":"R$ 70.14"}}]
[{"$nulls":15},"15","Casa 15",{"v":1,"d":"1.00"},{"$f":"ROUND(K4042,2)*R4056","v":{"v":70.14,"d":"R$ 70.14"}}]
[{"$nulls":15},"16","Casa 16",{"v":1,"d":"1.00"},{"$f":"ROUND(K4042,2)*R4057","v":{"v":70.14,"d":"R$ 70.14"}}]
[{"$nulls":15},"17","Casa 17",{"v":1,"d":"1.00"},{"$f":"ROUND(K4042,2)*R4058","v":{"v":70.14,"d":"R$ 70.14"}}]
[{"$nulls":15},"18","Casa 18",{"v":1,"d":"1.00"},{"$f":"ROUND(K4042,2)*R4059","v":{"v":70.14,"d":"R$ 70.14"}}]
[{"$nulls":15},"19","Casa 19",{"v":1,"d":"1.00"},{"$f":"ROUND(K4042,2)*R4060","v":{"v":70.14,"d":"R$ 70.14"}}]
[{"$nulls":15},"20","Casa 20",{"v":1,"d":"1.00"},{"$f":"ROUND(K4042,2)*R4061","v":{"v":70.14,"d":"R$ 70.14"}}]
[{"$nulls":15},"21","Casa 21",{"v":1,"d":"1.00"},{"$f":"ROUND(K4042,2)*R4062","v":{"v":70.14,"d":"R$ 70.14"}}]
[{"$nulls":15},"22","Casa 22",{"v":1,"d":"1.00"},{"$f":"ROUND(K4042,2)*R4063","v":{"v":70.14,"d":"R$ 70.14"}}]
[{"$nulls":15},"23","Casa 23",{"v":1,"d":"1.00"},{"$f":"ROUND(K4042,2)*R4064","v":{"v":70.14,"d":"R$ 70.14"}}]
[{"$nulls":15},"24","Casa 24",{"v":1,"d":"1.00"},{"$f":"ROUND(K4042,2)*R4065","v":{"v":70.14,"d":"R$ 70.14"}}]
[{"$nulls":15},"25","Casa 25",{"v":1,"d":"1.00"},{"$f":"ROUND(K4042,2)*R4066","v":{"v":70.14,"d":"R$ 70.14"}}]
["Serviço","29.3","SINAPI","104327","RALO SIFONADO REDONDO, PVC, DN 100 X 40 MM, JUNTA SOLDÁVEL, FORNECIDO E INSTALADO EM RAMAL DE DESCARGA OU EM RAMAL DE ESGOTO SANITÁRIO. AF_08/2022",{"$f":"R4067+R4068+R4069+R4070+R4071+R4072+R4073+R4074+R4075+R4076+R4077+R4078+R4079+R4080+R4081+R4082+R4083+R4084+R4085+R4086+R4087+R4088+R4089+R4090+R4091","v":{"v":25,"d":"25.00"}},"UN",{"v":22.03,"d":"R$ 22.03"},{"v":22.03,"d":"R$ 22.03"},{"v":0.25,"d":"25.00%"},{"$f":"ROUND(I4067,2)+(ROUND(I4067,2)*J4067)","v":{"v":27.5375,"d":"R$ 27.54"}},{"$f":"ROUND(S4067,2)+ROUND(S4068,2)+ROUND(S4069,2)+ROUND(S4070,2)+ROUND(S4071,2)+ROUND(S4072,2)+ROUND(S4073,2)+ROUND(S4074,2)+ROUND(S4075,2)+ROUND(S4076,2)+ROUND(S4077,2)+ROUND(S4078,2)+ROUND(S4079,2)+ROUND(S4080,2)+ROUND(S4081,2)+ROUND(S4082,2)+ROUND(S4083,2)+ROUND(S4084,2)+ROUND(S4085,2)+ROUND(S4086,2)+ROUND(S4087,2)+ROUND(S4088,2)+ROUND(S4089,2)+ROUND(S4090,2)+ROUND(S4091,2)","v":{"v":688.4999999999999,"d":"R$ 688.50"}},"","29","ACESSÓRIOS / CAIXAS SANITÁRIAS","1","Casa 1",{"v":1,"d":"1.00"},{"$f":"ROUND(K4067,2)*R4067","v":{"v":27.54,"d":"R$ 27.54"}}]
[{"$nulls":15},"2","Casa 2",{"v":1,"d":"1.00"},{"$f":"ROUND(K4067,2)*R4068","v":{"v":27.54,"d":"R$ 27.54"}}]
[{"$nulls":15},"3","Casa 3",{"v":1,"d":"1.00"},{"$f":"ROUND(K4067,2)*R4069","v":{"v":27.54,"d":"R$ 27.54"}}]
[{"$nulls":15},"4","Casa 4",{"v":1,"d":"1.00"},{"$f":"ROUND(K4067,2)*R4070","v":{"v":27.54,"d":"R$ 27.54"}}]
[{"$nulls":15},"5","Casa 5",{"v":1,"d":"1.00"},{"$f":"ROUND(K4067,2)*R4071","v":{"v":27.54,"d":"R$ 27.54"}}]
[{"$nulls":15},"6","Casa 6",{"v":1,"d":"1.00"},{"$f":"ROUND(K4067,2)*R4072","v":{"v":27.54,"d":"R$ 27.54"}}]
[{"$nulls":15},"7","Casa 7",{"v":1,"d":"1.00"},{"$f":"ROUND(K4067,2)*R4073","v":{"v":27.54,"d":"R$ 27.54"}}]
[{"$nulls":15},"8","Casa 8",{"v":1,"d":"1.00"},{"$f":"ROUND(K4067,2)*R4074","v":{"v":27.54,"d":"R$ 27.54"}}]
[{"$nulls":15},"9","Casa 9",{"v":1,"d":"1.00"},{"$f":"ROUND(K4067,2)*R4075","v":{"v":27.54,"d":"R$ 27.54"}}]
[{"$nulls":15},"10","Casa 10",{"v":1,"d":"1.00"},{"$f":"ROUND(K4067,2)*R4076","v":{"v":27.54,"d":"R$ 27.54"}}]
[{"$nulls":15},"11","Casa 11",{"v":1,"d":"1.00"},{"$f":"ROUND(K4067,2)*R4077","v":{"v":27.54,"d":"R$ 27.54"}}]
[{"$nulls":15},"12","Casa 12",{"v":1,"d":"1.00"},{"$f":"ROUND(K4067,2)*R4078","v":{"v":27.54,"d":"R$ 27.54"}}]
[{"$nulls":15},"13","Casa 13",{"v":1,"d":"1.00"},{"$f":"ROUND(K4067,2)*R4079","v":{"v":27.54,"d":"R$ 27.54"}}]
[{"$nulls":15},"14","Casa 14",{"v":1,"d":"1.00"},{"$f":"ROUND(K4067,2)*R4080","v":{"v":27.54,"d":"R$ 27.54"}}]
[{"$nulls":15},"15","Casa 15",{"v":1,"d":"1.00"},{"$f":"ROUND(K4067,2)*R4081","v":{"v":27.54,"d":"R$ 27.54"}}]
[{"$nulls":15},"16","Casa 16",{"v":1,"d":"1.00"},{"$f":"ROUND(K4067,2)*R4082","v":{"v":27.54,"d":"R$ 27.54"}}]
[{"$nulls":15},"17","Casa 17",{"v":1,"d":"1.00"},{"$f":"ROUND(K4067,2)*R4083","v":{"v":27.54,"d":"R$ 27.54"}}]
[{"$nulls":15},"18","Casa 18",{"v":1,"d":"1.00"},{"$f":"ROUND(K4067,2)*R4084","v":{"v":27.54,"d":"R$ 27.54"}}]
[{"$nulls":15},"19","Casa 19",{"v":1,"d":"1.00"},{"$f":"ROUND(K4067,2)*R4085","v":{"v":27.54,"d":"R$ 27.54"}}]
[{"$nulls":15},"20","Casa 20",{"v":1,"d":"1.00"},{"$f":"ROUND(K4067,2)*R4086","v":{"v":27.54,"d":"R$ 27.54"}}]
[{"$nulls":15},"21","Casa 21",{"v":1,"d":"1.00"},{"$f":"ROUND(K4067,2)*R4087","v":{"v":27.54,"d":"R$ 27.54"}}]
[{"$nulls":15},"22","Casa 22",{"v":1,"d":"1.00"},{"$f":"ROUND(K4067,2)*R4088","v":{"v":27.54,"d":"R$ 27.54"}}]
[{"$nulls":15},"23","Casa 23",{"v":1,"d":"1.00"},{"$f":"ROUND(K4067,2)*R4089","v":{"v":27.54,"d":"R$ 27.54"}}]
[{"$nulls":15},"24","Casa 24",{"v":1,"d":"1.00"},{"$f":"ROUND(K4067,2)*R4090","v":{"v":27.54,"d":"R$ 27.54"}}]
[{"$nulls":15},"25","Casa 25",{"v":1,"d":"1.00"},{"$f":"ROUND(K4067,2)*R4091","v":{"v":27.54,"d":"R$ 27.54"}}]
["Serviço","29.4","SINAPI","104326","RALO SECO CÔNICO, PVC, DN 100 X 40 MM, JUNTA SOLDÁVEL, FORNECIDO E INSTALADO EM RAMAL DE DESCARGA OU EM RAMAL DE ESGOTO SANITÁRIO. AF_08/2022",{"$f":"R4092+R4093+R4094+R4095+R4096+R4097+R4098+R4099+R4100+R4101+R4102+R4103+R4104+R4105+R4106+R4107+R4108+R4109+R4110+R4111+R4112+R4113+R4114+R4115+R4116","v":{"v":25,"d":"25.00"}},"UN",{"v":23.06,"d":"R$ 23.06"},{"v":23.06,"d":"R$ 23.06"},{"v":0.25,"d":"25.00%"},{"$f":"ROUND(I4092,2)+(ROUND(I4092,2)*J4092)","v":{"v":28.825,"d":"R$ 28.83"}},{"$f":"ROUND(S4092,2)+ROUND(S4093,2)+ROUND(S4094,2)+ROUND(S4095,2)+ROUND(S4096,2)+ROUND(S4097,2)+ROUND(S4098,2)+ROUND(S4099,2)+ROUND(S4100,2)+ROUND(S4101,2)+ROUND(S4102,2)+ROUND(S4103,2)+ROUND(S4104,2)+ROUND(S4105,2)+ROUND(S4106,2)+ROUND(S4107,2)+ROUND(S4108,2)+ROUND(S4109,2)+ROUND(S4110,2)+ROUND(S4111,2)+ROUND(S4112,2)+ROUND(S4113,2)+ROUND(S4114,2)+ROUND(S4115,2)+ROUND(S4116,2)","v":{"v":720.7500000000001,"d":"R$ 720.75"}},"","29","ACESSÓRIOS / CAIXAS SANITÁRIAS","1","Casa 1",{"v":1,"d":"1.00"},{"$f":"ROUND(K4092,2)*R4092","v":{"v":28.83,"d":"R$ 28.83"}}]
[{"$nulls":15},"2","Casa 2",{"v":1,"d":"1.00"},{"$f":"ROUND(K4092,2)*R4093","v":{"v":28.83,"d":"R$ 28.83"}}]
[{"$nulls":15},"3","Casa 3",{"v":1,"d":"1.00"},{"$f":"ROUND(K4092,2)*R4094","v":{"v":28.83,"d":"R$ 28.83"}}]
[{"$nulls":15},"4","Casa 4",{"v":1,"d":"1.00"},{"$f":"ROUND(K4092,2)*R4095","v":{"v":28.83,"d":"R$ 28.83"}}]
[{"$nulls":15},"5","Casa 5",{"v":1,"d":"1.00"},{"$f":"ROUND(K4092,2)*R4096","v":{"v":28.83,"d":"R$ 28.83"}}]
[{"$nulls":15},"6","Casa 6",{"v":1,"d":"1.00"},{"$f":"ROUND(K4092,2)*R4097","v":{"v":28.83,"d":"R$ 28.83"}}]
[{"$nulls":15},"7","Casa 7",{"v":1,"d":"1.00"},{"$f":"ROUND(K4092,2)*R4098","v":{"v":28.83,"d":"R$ 28.83"}}]
[{"$nulls":15},"8","Casa 8",{"v":1,"d":"1.00"},{"$f":"ROUND(K4092,2)*R4099","v":{"v":28.83,"d":"R$ 28.83"}}]
[{"$nulls":15},"9","Casa 9",{"v":1,"d":"1.00"},{"$f":"ROUND(K4092,2)*R4100","v":{"v":28.83,"d":"R$ 28.83"}}]
[{"$nulls":15},"10","Casa 10",{"v":1,"d":"1.00"},{"$f":"ROUND(K4092,2)*R4101","v":{"v":28.83,"d":"R$ 28.83"}}]
[{"$nulls":15},"11","Casa 11",{"v":1,"d":"1.00"},{"$f":"ROUND(K4092,2)*R4102","v":{"v":28.83,"d":"R$ 28.83"}}]
[{"$nulls":15},"12","Casa 12",{"v":1,"d":"1.00"},{"$f":"ROUND(K4092,2)*R4103","v":{"v":28.83,"d":"R$ 28.83"}}]
[{"$nulls":15},"13","Casa 13",{"v":1,"d":"1.00"},{"$f":"ROUND(K4092,2)*R4104","v":{"v":28.83,"d":"R$ 28.83"}}]
[{"$nulls":15},"14","Casa 14",{"v":1,"d":"1.00"},{"$f":"ROUND(K4092,2)*R4105","v":{"v":28.83,"d":"R$ 28.83"}}]
[{"$nulls":15},"15","Casa 15",{"v":1,"d":"1.00"},{"$f":"ROUND(K4092,2)*R4106","v":{"v":28.83,"d":"R$ 28.83"}}]
[{"$nulls":15},"16","Casa 16",{"v":1,"d":"1.00"},{"$f":"ROUND(K4092,2)*R4107","v":{"v":28.83,"d":"R$ 28.83"}}]
[{"$nulls":15},"17","Casa 17",{"v":1,"d":"1.00"},{"$f":"ROUND(K4092,2)*R4108","v":{"v":28.83,"d":"R$ 28.83"}}]
[{"$nulls":15},"18","Casa 18",{"v":1,"d":"1.00"},{"$f":"ROUND(K4092,2)*R4109","v":{"v":28.83,"d":"R$ 28.83"}}]
[{"$nulls":15},"19","Casa 19",{"v":1,"d":"1.00"},{"$f":"ROUND(K4092,2)*R4110","v":{"v":28.83,"d":"R$ 28.83"}}]
[{"$nulls":15},"20","Casa 20",{"v":1,"d":"1.00"},{"$f":"ROUND(K4092,2)*R4111","v":{"v":28.83,"d":"R$ 28.83"}}]
[{"$nulls":15},"21","Casa 21",{"v":1,"d":"1.00"},{"$f":"ROUND(K4092,2)*R4112","v":{"v":28.83,"d":"R$ 28.83"}}]
[{"$nulls":15},"22","Casa 22",{"v":1,"d":"1.00"},{"$f":"ROUND(K4092,2)*R4113","v":{"v":28.83,"d":"R$ 28.83"}}]
[{"$nulls":15},"23","Casa 23",{"v":1,"d":"1.00"},{"$f":"ROUND(K4092,2)*R4114","v":{"v":28.83,"d":"R$ 28.83"}}]
[{"$nulls":15},"24","Casa 24",{"v":1,"d":"1.00"},{"$f":"ROUND(K4092,2)*R4115","v":{"v":28.83,"d":"R$ 28.83"}}]
[{"$nulls":15},"25","Casa 25",{"v":1,"d":"1.00"},{"$f":"ROUND(K4092,2)*R4116","v":{"v":28.83,"d":"R$ 28.83"}}]
["Serviço","29.5","SINAPI","98104","CAIXA DE GORDURA SIMPLES (CAPACIDADE: 36L), RETANGULAR, EM ALVENARIA COM TIJOLOS CERÂMICOS MACIÇOS, DIMENSÕES INTERNAS = 0,2X0,4 M, ALTURA INTERNA = 0,8 M. AF_12/2020",{"$f":"R4117+R4118+R4119+R4120+R4121+R4122+R4123+R4124+R4125+R4126+R4127+R4128+R4129+R4130+R4131+R4132+R4133+R4134+R4135+R4136+R4137+R4138+R4139+R4140+R4141","v":{"v":25,"d":"25.00"}},"UN",{"v":383.95,"d":"R$ 383.95"},{"v":383.95,"d":"R$ 383.95"},{"v":0.25,"d":"25.00%"},{"$f":"ROUND(I4117,2)+(ROUND(I4117,2)*J4117)","v":{"v":479.9375,"d":"R$ 479.94"}},{"$f":"ROUND(S4117,2)+ROUND(S4118,2)+ROUND(S4119,2)+ROUND(S4120,2)+ROUND(S4121,2)+ROUND(S4122,2)+ROUND(S4123,2)+ROUND(S4124,2)+ROUND(S4125,2)+ROUND(S4126,2)+ROUND(S4127,2)+ROUND(S4128,2)+ROUND(S4129,2)+ROUND(S4130,2)+ROUND(S4131,2)+ROUND(S4132,2)+ROUND(S4133,2)+ROUND(S4134,2)+ROUND(S4135,2)+ROUND(S4136,2)+ROUND(S4137,2)+ROUND(S4138,2)+ROUND(S4139,2)+ROUND(S4140,2)+ROUND(S4141,2)","v":{"v":11998.5,"d":"R$ 11,998.50"}},"","29","ACESSÓRIOS / CAIXAS SANITÁRIAS","1","Casa 1",{"v":1,"d":"1.00"},{"$f":"ROUND(K4117,2)*R4117","v":{"v":479.94,"d":"R$ 479.94"}}]
[{"$nulls":15},"2","Casa 2",{"v":1,"d":"1.00"},{"$f":"ROUND(K4117,2)*R4118","v":{"v":479.94,"d":"R$ 479.94"}}]
[{"$nulls":15},"3","Casa 3",{"v":1,"d":"1.00"},{"$f":"ROUND(K4117,2)*R4119","v":{"v":479.94,"d":"R$ 479.94"}}]
[{"$nulls":15},"4","Casa 4",{"v":1,"d":"1.00"},{"$f":"ROUND(K4117,2)*R4120","v":{"v":479.94,"d":"R$ 479.94"}}]
[{"$nulls":15},"5","Casa 5",{"v":1,"d":"1.00"},{"$f":"ROUND(K4117,2)*R4121","v":{"v":479.94,"d":"R$ 479.94"}}]
[{"$nulls":15},"6","Casa 6",{"v":1,"d":"1.00"},{"$f":"ROUND(K4117,2)*R4122","v":{"v":479.94,"d":"R$ 479.94"}}]
[{"$nulls":15},"7","Casa 7",{"v":1,"d":"1.00"},{"$f":"ROUND(K4117,2)*R4123","v":{"v":479.94,"d":"R$ 479.94"}}]
[{"$nulls":15},"8","Casa 8",{"v":1,"d":"1.00"},{"$f":"ROUND(K4117,2)*R4124","v":{"v":479.94,"d":"R$ 479.94"}}]
[{"$nulls":15},"9","Casa 9",{"v":1,"d":"1.00"},{"$f":"ROUND(K4117,2)*R4125","v":{"v":479.94,"d":"R$ 479.94"}}]
[{"$nulls":15},"10","Casa 10",{"v":1,"d":"1.00"},{"$f":"ROUND(K4117,2)*R4126","v":{"v":479.94,"d":"R$ 479.94"}}]
[{"$nulls":15},"11","Casa 11",{"v":1,"d":"1.00"},{"$f":"ROUND(K4117,2)*R4127","v":{"v":479.94,"d":"R$ 479.94"}}]
[{"$nulls":15},"12","Casa 12",{"v":1,"d":"1.00"},{"$f":"ROUND(K4117,2)*R4128","v":{"v":479.94,"d":"R$ 479.94"}}]
[{"$nulls":15},"13","Casa 13",{"v":1,"d":"1.00"},{"$f":"ROUND(K4117,2)*R4129","v":{"v":479.94,"d":"R$ 479.94"}}]
[{"$nulls":15},"14","Casa 14",{"v":1,"d":"1.00"},{"$f":"ROUND(K4117,2)*R4130","v":{"v":479.94,"d":"R$ 479.94"}}]
[{"$nulls":15},"15","Casa 15",{"v":1,"d":"1.00"},{"$f":"ROUND(K4117,2)*R4131","v":{"v":479.94,"d":"R$ 479.94"}}]
[{"$nulls":15},"16","Casa 16",{"v":1,"d":"1.00"},{"$f":"ROUND(K4117,2)*R4132","v":{"v":479.94,"d":"R$ 479.94"}}]
[{"$nulls":15},"17","Casa 17",{"v":1,"d":"1.00"},{"$f":"ROUND(K4117,2)*R4133","v":{"v":479.94,"d":"R$ 479.94"}}]
[{"$nulls":15},"18","Casa 18",{"v":1,"d":"1.00"},{"$f":"ROUND(K4117,2)*R4134","v":{"v":479.94,"d":"R$ 479.94"}}]
[{"$nulls":15},"19","Casa 19",{"v":1,"d":"1.00"},{"$f":"ROUND(K4117,2)*R4135","v":{"v":479.94,"d":"R$ 479.94"}}]
[{"$nulls":15},"20","Casa 20",{"v":1,"d":"1.00"},{"$f":"ROUND(K4117,2)*R4136","v":{"v":479.94,"d":"R$ 479.94"}}]
[{"$nulls":15},"21","Casa 21",{"v":1,"d":"1.00"},{"$f":"ROUND(K4117,2)*R4137","v":{"v":479.94,"d":"R$ 479.94"}}]
[{"$nulls":15},"22","Casa 22",{"v":1,"d":"1.00"},{"$f":"ROUND(K4117,2)*R4138","v":{"v":479.94,"d":"R$ 479.94"}}]
[{"$nulls":15},"23","Casa 23",{"v":1,"d":"1.00"},{"$f":"ROUND(K4117,2)*R4139","v":{"v":479.94,"d":"R$ 479.94"}}]
[{"$nulls":15},"24","Casa 24",{"v":1,"d":"1.00"},{"$f":"ROUND(K4117,2)*R4140","v":{"v":479.94,"d":"R$ 479.94"}}]
[{"$nulls":15},"25","Casa 25",{"v":1,"d":"1.00"},{"$f":"ROUND(K4117,2)*R4141","v":{"v":479.94,"d":"R$ 479.94"}}]
["Macrosserviço","30","","","APARELHOS, METAIS E BANCADAS","","","","","","",{"$f":"ROUND(L4143,2)+ROUND(L4168,2)+ROUND(L4193,2)+ROUND(L4218,2)+ROUND(L4243,2)+ROUND(L4268,2)+ROUND(L4293,2)+ROUND(L4295,2)+ROUND(L4297,2)+ROUND(L4299,2)","v":{"v":69919.63,"d":"R$ 69,919.63"}},"","","","","","",""]
["Serviço","30.1","SINAPI","86931","VASO SANITÁRIO SIFONADO COM CAIXA ACOPLADA LOUÇA BRANCA, INCLUSO ENGATE FLEXÍVEL EM PLÁSTICO BRANCO, 1/2 X 40CM - FORNECIMENTO E INSTALAÇÃO. AF_01/2020",{"$f":"R4143+R4144+R4145+R4146+R4147+R4148+R4149+R4150+R4151+R4152+R4153+R4154+R4155+R4156+R4157+R4158+R4159+R4160+R4161+R4162+R4163+R4164+R4165+R4166+R4167","v":{"v":25,"d":"25.00"}},"UN",{"v":580.33,"d":"R$ 580.33"},{"v":580.33,"d":"R$ 580.33"},{"v":0.25,"d":"25.00%"},{"$f":"ROUND(I4143,2)+(ROUND(I4143,2)*J4143)","v":{"v":725.4125,"d":"R$ 725.41"}},{"$f":"ROUND(S4143,2)+ROUND(S4144,2)+ROUND(S4145,2)+ROUND(S4146,2)+ROUND(S4147,2)+ROUND(S4148,2)+ROUND(S4149,2)+ROUND(S4150,2)+ROUND(S4151,2)+ROUND(S4152,2)+ROUND(S4153,2)+ROUND(S4154,2)+ROUND(S4155,2)+ROUND(S4156,2)+ROUND(S4157,2)+ROUND(S4158,2)+ROUND(S4159,2)+ROUND(S4160,2)+ROUND(S4161,2)+ROUND(S4162,2)+ROUND(S4163,2)+ROUND(S4164,2)+ROUND(S4165,2)+ROUND(S4166,2)+ROUND(S4167,2)","v":{"v":18135.25,"d":"R$ 18,135.25"}},"","30","APARELHOS, METAIS E BANCADAS","1","Casa 1",{"v":1,"d":"1.00"},{"$f":"ROUND(K4143,2)*R4143","v":{"v":725.41,"d":"R$ 725.41"}}]
[{"$nulls":15},"2","Casa 2",{"v":1,"d":"1.00"},{"$f":"ROUND(K4143,2)*R4144","v":{"v":725.41,"d":"R$ 725.41"}}]
[{"$nulls":15},"3","Casa 3",{"v":1,"d":"1.00"},{"$f":"ROUND(K4143,2)*R4145","v":{"v":725.41,"d":"R$ 725.41"}}]
[{"$nulls":15},"4","Casa 4",{"v":1,"d":"1.00"},{"$f":"ROUND(K4143,2)*R4146","v":{"v":725.41,"d":"R$ 725.41"}}]
[{"$nulls":15},"5","Casa 5",{"v":1,"d":"1.00"},{"$f":"ROUND(K4143,2)*R4147","v":{"v":725.41,"d":"R$ 725.41"}}]
[{"$nulls":15},"6","Casa 6",{"v":1,"d":"1.00"},{"$f":"ROUND(K4143,2)*R4148","v":{"v":725.41,"d":"R$ 725.41"}}]
[{"$nulls":15},"7","Casa 7",{"v":1,"d":"1.00"},{"$f":"ROUND(K4143,2)*R4149","v":{"v":725.41,"d":"R$ 725.41"}}]
[{"$nulls":15},"8","Casa 8",{"v":1,"d":"1.00"},{"$f":"ROUND(K4143,2)*R4150","v":{"v":725.41,"d":"R$ 725.41"}}]
[{"$nulls":15},"9","Casa 9",{"v":1,"d":"1.00"},{"$f":"ROUND(K4143,2)*R4151","v":{"v":725.41,"d":"R$ 725.41"}}]
[{"$nulls":15},"10","Casa 10",{"v":1,"d":"1.00"},{"$f":"ROUND(K4143,2)*R4152","v":{"v":725.41,"d":"R$ 725.41"}}]
[{"$nulls":15},"11","Casa 11",{"v":1,"d":"1.00"},{"$f":"ROUND(K4143,2)*R4153","v":{"v":725.41,"d":"R$ 725.41"}}]
[{"$nulls":15},"12","Casa 12",{"v":1,"d":"1.00"},{"$f":"ROUND(K4143,2)*R4154","v":{"v":725.41,"d":"R$ 725.41"}}]
[{"$nulls":15},"13","Casa 13",{"v":1,"d":"1.00"},{"$f":"ROUND(K4143,2)*R4155","v":{"v":725.41,"d":"R$ 725.41"}}]
[{"$nulls":15},"14","Casa 14",{"v":1,"d":"1.00"},{"$f":"ROUND(K4143,2)*R4156","v":{"v":725.41,"d":"R$ 725.41"}}]
[{"$nulls":15},"15","Casa 15",{"v":1,"d":"1.00"},{"$f":"ROUND(K4143,2)*R4157","v":{"v":725.41,"d":"R$ 725.41"}}]
[{"$nulls":15},"16","Casa 16",{"v":1,"d":"1.00"},{"$f":"ROUND(K4143,2)*R4158","v":{"v":725.41,"d":"R$ 725.41"}}]
[{"$nulls":15},"17","Casa 17",{"v":1,"d":"1.00"},{"$f":"ROUND(K4143,2)*R4159","v":{"v":725.41,"d":"R$ 725.41"}}]
[{"$nulls":15},"18","Casa 18",{"v":1,"d":"1.00"},{"$f":"ROUND(K4143,2)*R4160","v":{"v":725.41,"d":"R$ 725.41"}}]
[{"$nulls":15},"19","Casa 19",{"v":1,"d":"1.00"},{"$f":"ROUND(K4143,2)*R4161","v":{"v":725.41,"d":"R$ 725.41"}}]
[{"$nulls":15},"20","Casa 20",{"v":1,"d":"1.00"},{"$f":"ROUND(K4143,2)*R4162","v":{"v":725.41,"d":"R$ 725.41"}}]
[{"$nulls":15},"21","Casa 21",{"v":1,"d":"1.00"},{"$f":"ROUND(K4143,2)*R4163","v":{"v":725.41,"d":"R$ 725.41"}}]
[{"$nulls":15},"22","Casa 22",{"v":1,"d":"1.00"},{"$f":"ROUND(K4143,2)*R4164","v":{"v":725.41,"d":"R$ 725.41"}}]
[{"$nulls":15},"23","Casa 23",{"v":1,"d":"1.00"},{"$f":"ROUND(K4143,2)*R4165","v":{"v":725.41,"d":"R$ 725.41"}}]
[{"$nulls":15},"24","Casa 24",{"v":1,"d":"1.00"},{"$f":"ROUND(K4143,2)*R4166","v":{"v":725.41,"d":"R$ 725.41"}}]
[{"$nulls":15},"25","Casa 25",{"v":1,"d":"1.00"},{"$f":"ROUND(K4143,2)*R4167","v":{"v":725.41,"d":"R$ 725.41"}}]
["Serviço","30.2","SINAPI","86943","LAVATÓRIO LOUÇA BRANCA SUSPENSO, 29,5 X 39CM OU EQUIVALENTE, PADRÃO POPULAR, INCLUSO SIFÃO FLEXÍVEL EM PVC, VÁLVULA E ENGATE FLEXÍVEL 30CM EM PLÁSTICO E TORNEIRA CROMADA DE MESA, PADRÃO POPULAR - FORNECIMENTO E INSTALAÇÃO. AF_01/2020",{"$f":"R4168+R4169+R4170+R4171+R4172+R4173+R4174+R4175+R4176+R4177+R4178+R4179+R4180+R4181+R4182+R4183+R4184+R4185+R4186+R4187+R4188+R4189+R4190+R4191+R4192","v":{"v":25,"d":"25.00"}},"UN",{"v":259.29,"d":"R$ 259.29"},{"v":259.29,"d":"R$ 259.29"},{"v":0.25,"d":"25.00%"},{"$f":"ROUND(I4168,2)+(ROUND(I4168,2)*J4168)","v":{"v":324.1125,"d":"R$ 324.11"}},{"$f":"ROUND(S4168,2)+ROUND(S4169,2)+ROUND(S4170,2)+ROUND(S4171,2)+ROUND(S4172,2)+ROUND(S4173,2)+ROUND(S4174,2)+ROUND(S4175,2)+ROUND(S4176,2)+ROUND(S4177,2)+ROUND(S4178,2)+ROUND(S4179,2)+ROUND(S4180,2)+ROUND(S4181,2)+ROUND(S4182,2)+ROUND(S4183,2)+ROUND(S4184,2)+ROUND(S4185,2)+ROUND(S4186,2)+ROUND(S4187,2)+ROUND(S4188,2)+ROUND(S4189,2)+ROUND(S4190,2)+ROUND(S4191,2)+ROUND(S4192,2)","v":{"v":8102.749999999997,"d":"R$ 8,102.75"}},"","30","APARELHOS, METAIS E BANCADAS","1","Casa 1",{"v":1,"d":"1.00"},{"$f":"ROUND(K4168,2)*R4168","v":{"v":324.11,"d":"R$ 324.11"}}]
[{"$nulls":15},"2","Casa 2",{"v":1,"d":"1.00"},{"$f":"ROUND(K4168,2)*R4169","v":{"v":324.11,"d":"R$ 324.11"}}]
[{"$nulls":15},"3","Casa 3",{"v":1,"d":"1.00"},{"$f":"ROUND(K4168,2)*R4170","v":{"v":324.11,"d":"R$ 324.11"}}]
[{"$nulls":15},"4","Casa 4",{"v":1,"d":"1.00"},{"$f":"ROUND(K4168,2)*R4171","v":{"v":324.11,"d":"R$ 324.11"}}]
[{"$nulls":15},"5","Casa 5",{"v":1,"d":"1.00"},{"$f":"ROUND(K4168,2)*R4172","v":{"v":324.11,"d":"R$ 324.11"}}]
[{"$nulls":15},"6","Casa 6",{"v":1,"d":"1.00"},{"$f":"ROUND(K4168,2)*R4173","v":{"v":324.11,"d":"R$ 324.11"}}]
[{"$nulls":15},"7","Casa 7",{"v":1,"d":"1.00"},{"$f":"ROUND(K4168,2)*R4174","v":{"v":324.11,"d":"R$ 324.11"}}]
[{"$nulls":15},"8","Casa 8",{"v":1,"d":"1.00"},{"$f":"ROUND(K4168,2)*R4175","v":{"v":324.11,"d":"R$ 324.11"}}]
[{"$nulls":15},"9","Casa 9",{"v":1,"d":"1.00"},{"$f":"ROUND(K4168,2)*R4176","v":{"v":324.11,"d":"R$ 324.11"}}]
[{"$nulls":15},"10","Casa 10",{"v":1,"d":"1.00"},{"$f":"ROUND(K4168,2)*R4177","v":{"v":324.11,"d":"R$ 324.11"}}]
[{"$nulls":15},"11","Casa 11",{"v":1,"d":"1.00"},{"$f":"ROUND(K4168,2)*R4178","v":{"v":324.11,"d":"R$ 324.11"}}]
[{"$nulls":15},"12","Casa 12",{"v":1,"d":"1.00"},{"$f":"ROUND(K4168,2)*R4179","v":{"v":324.11,"d":"R$ 324.11"}}]
[{"$nulls":15},"13","Casa 13",{"v":1,"d":"1.00"},{"$f":"ROUND(K4168,2)*R4180","v":{"v":324.11,"d":"R$ 324.11"}}]
[{"$nulls":15},"14","Casa 14",{"v":1,"d":"1.00"},{"$f":"ROUND(K4168,2)*R4181","v":{"v":324.11,"d":"R$ 324.11"}}]
[{"$nulls":15},"15","Casa 15",{"v":1,"d":"1.00"},{"$f":"ROUND(K4168,2)*R4182","v":{"v":324.11,"d":"R$ 324.11"}}]
[{"$nulls":15},"16","Casa 16",{"v":1,"d":"1.00"},{"$f":"ROUND(K4168,2)*R4183","v":{"v":324.11,"d":"R$ 324.11"}}]
[{"$nulls":15},"17","Casa 17",{"v":1,"d":"1.00"},{"$f":"ROUND(K4168,2)*R4184","v":{"v":324.11,"d":"R$ 324.11"}}]
[{"$nulls":15},"18","Casa 18",{"v":1,"d":"1.00"},{"$f":"ROUND(K4168,2)*R4185","v":{"v":324.11,"d":"R$ 324.11"}}]
[{"$nulls":15},"19","Casa 19",{"v":1,"d":"1.00"},{"$f":"ROUND(K4168,2)*R4186","v":{"v":324.11,"d":"R$ 324.11"}}]
[{"$nulls":15},"20","Casa 20",{"v":1,"d":"1.00"},{"$f":"ROUND(K4168,2)*R4187","v":{"v":324.11,"d":"R$ 324.11"}}]
[{"$nulls":15},"21","Casa 21",{"v":1,"d":"1.00"},{"$f":"ROUND(K4168,2)*R4188","v":{"v":324.11,"d":"R$ 324.11"}}]
[{"$nulls":15},"22","Casa 22",{"v":1,"d":"1.00"},{"$f":"ROUND(K4168,2)*R4189","v":{"v":324.11,"d":"R$ 324.11"}}]
[{"$nulls":15},"23","Casa 23",{"v":1,"d":"1.00"},{"$f":"ROUND(K4168,2)*R4190","v":{"v":324.11,"d":"R$ 324.11"}}]
[{"$nulls":15},"24","Casa 24",{"v":1,"d":"1.00"},{"$f":"ROUND(K4168,2)*R4191","v":{"v":324.11,"d":"R$ 324.11"}}]
[{"$nulls":15},"25","Casa 25",{"v":1,"d":"1.00"},{"$f":"ROUND(K4168,2)*R4192","v":{"v":324.11,"d":"R$ 324.11"}}]
["Serviço","30.3","SINAPI","86934","BANCADA DE MÁRMORE SINTÉTICO 120 X 60CM, COM CUBA INTEGRADA, INCLUSO SIFÃO TIPO FLEXÍVEL EM PVC, VÁLVULA EM PLÁSTICO CROMADO TIPO AMERICANA E TORNEIRA CROMADA LONGA, DE PAREDE, PADRÃO POPULAR - FORNECIMENTO E INSTALAÇÃO. AF_01/2020",{"$f":"R4193+R4194+R4195+R4196+R4197+R4198+R4199+R4200+R4201+R4202+R4203+R4204+R4205+R4206+R4207+R4208+R4209+R4210+R4211+R4212+R4213+R4214+R4215+R4216+R4217","v":{"v":25,"d":"25.00"}},"UN",{"v":365.19,"d":"R$ 365.19"},{"v":365.19,"d":"R$ 365.19"},{"v":0.25,"d":"25.00%"},{"$f":"ROUND(I4193,2)+(ROUND(I4193,2)*J4193)","v":{"v":456.4875,"d":"R$ 456.49"}},{"$f":"ROUND(S4193,2)+ROUND(S4194,2)+ROUND(S4195,2)+ROUND(S4196,2)+ROUND(S4197,2)+ROUND(S4198,2)+ROUND(S4199,2)+ROUND(S4200,2)+ROUND(S4201,2)+ROUND(S4202,2)+ROUND(S4203,2)+ROUND(S4204,2)+ROUND(S4205,2)+ROUND(S4206,2)+ROUND(S4207,2)+ROUND(S4208,2)+ROUND(S4209,2)+ROUND(S4210,2)+ROUND(S4211,2)+ROUND(S4212,2)+ROUND(S4213,2)+ROUND(S4214,2)+ROUND(S4215,2)+ROUND(S4216,2)+ROUND(S4217,2)","v":{"v":11412.249999999996,"d":"R$ 11,412.25"}},"","30","APARELHOS, METAIS E BANCADAS","1","Casa 1",{"v":1,"d":"1.00"},{"$f":"ROUND(K4193,2)*R4193","v":{"v":456.49,"d":"R$ 456.49"}}]
[{"$nulls":15},"2","Casa 2",{"v":1,"d":"1.00"},{"$f":"ROUND(K4193,2)*R4194","v":{"v":456.49,"d":"R$ 456.49"}}]
[{"$nulls":15},"3","Casa 3",{"v":1,"d":"1.00"},{"$f":"ROUND(K4193,2)*R4195","v":{"v":456.49,"d":"R$ 456.49"}}]
[{"$nulls":15},"4","Casa 4",{"v":1,"d":"1.00"},{"$f":"ROUND(K4193,2)*R4196","v":{"v":456.49,"d":"R$ 456.49"}}]
[{"$nulls":15},"5","Casa 5",{"v":1,"d":"1.00"},{"$f":"ROUND(K4193,2)*R4197","v":{"v":456.49,"d":"R$ 456.49"}}]
[{"$nulls":15},"6","Casa 6",{"v":1,"d":"1.00"},{"$f":"ROUND(K4193,2)*R4198","v":{"v":456.49,"d":"R$ 456.49"}}]
[{"$nulls":15},"7","Casa 7",{"v":1,"d":"1.00"},{"$f":"ROUND(K4193,2)*R4199","v":{"v":456.49,"d":"R$ 456.49"}}]
[{"$nulls":15},"8","Casa 8",{"v":1,"d":"1.00"},{"$f":"ROUND(K4193,2)*R4200","v":{"v":456.49,"d":"R$ 456.49"}}]
[{"$nulls":15},"9","Casa 9",{"v":1,"d":"1.00"},{"$f":"ROUND(K4193,2)*R4201","v":{"v":456.49,"d":"R$ 456.49"}}]
[{"$nulls":15},"10","Casa 10",{"v":1,"d":"1.00"},{"$f":"ROUND(K4193,2)*R4202","v":{"v":456.49,"d":"R$ 456.49"}}]
[{"$nulls":15},"11","Casa 11",{"v":1,"d":"1.00"},{"$f":"ROUND(K4193,2)*R4203","v":{"v":456.49,"d":"R$ 456.49"}}]
[{"$nulls":15},"12","Casa 12",{"v":1,"d":"1.00"},{"$f":"ROUND(K4193,2)*R4204","v":{"v":456.49,"d":"R$ 456.49"}}]
[{"$nulls":15},"13","Casa 13",{"v":1,"d":"1.00"},{"$f":"ROUND(K4193,2)*R4205","v":{"v":456.49,"d":"R$ 456.49"}}]
[{"$nulls":15},"14","Casa 14",{"v":1,"d":"1.00"},{"$f":"ROUND(K4193,2)*R4206","v":{"v":456.49,"d":"R$ 456.49"}}]
[{"$nulls":15},"15","Casa 15",{"v":1,"d":"1.00"},{"$f":"ROUND(K4193,2)*R4207","v":{"v":456.49,"d":"R$ 456.49"}}]
[{"$nulls":15},"16","Casa 16",{"v":1,"d":"1.00"},{"$f":"ROUND(K4193,2)*R4208","v":{"v":456.49,"d":"R$ 456.49"}}]
[{"$nulls":15},"17","Casa 17",{"v":1,"d":"1.00"},{"$f":"ROUND(K4193,2)*R4209","v":{"v":456.49,"d":"R$ 456.49"}}]
[{"$nulls":15},"18","Casa 18",{"v":1,"d":"1.00"},{"$f":"ROUND(K4193,2)*R4210","v":{"v":456.49,"d":"R$ 456.49"}}]
[{"$nulls":15},"19","Casa 19",{"v":1,"d":"1.00"},{"$f":"ROUND(K4193,2)*R4211","v":{"v":456.49,"d":"R$ 456.49"}}]
[{"$nulls":15},"20","Casa 20",{"v":1,"d":"1.00"},{"$f":"ROUND(K4193,2)*R4212","v":{"v":456.49,"d":"R$ 456.49"}}]
[{"$nulls":15},"21","Casa 21",{"v":1,"d":"1.00"},{"$f":"ROUND(K4193,2)*R4213","v":{"v":456.49,"d":"R$ 456.49"}}]
[{"$nulls":15},"22","Casa 22",{"v":1,"d":"1.00"},{"$f":"ROUND(K4193,2)*R4214","v":{"v":456.49,"d":"R$ 456.49"}}]
[{"$nulls":15},"23","Casa 23",{"v":1,"d":"1.00"},{"$f":"ROUND(K4193,2)*R4215","v":{"v":456.49,"d":"R$ 456.49"}}]
[{"$nulls":15},"24","Casa 24",{"v":1,"d":"1.00"},{"$f":"ROUND(K4193,2)*R4216","v":{"v":456.49,"d":"R$ 456.49"}}]
[{"$nulls":15},"25","Casa 25",{"v":1,"d":"1.00"},{"$f":"ROUND(K4193,2)*R4217","v":{"v":456.49,"d":"R$ 456.49"}}]
["Serviço","30.4","SINAPI","86925","TANQUE DE MÁRMORE SINTÉTICO COM COLUNA, 22L OU EQUIVALENTE, INCLUSO SIFÃO FLEXÍVEL EM PVC, VÁLVULA PLÁSTICA E TORNEIRA DE METAL CROMADO PADRÃO POPULAR - FORNECIMENTO E INSTALAÇÃO. AF_01/2020",{"$f":"R4218+R4219+R4220+R4221+R4222+R4223+R4224+R4225+R4226+R4227+R4228+R4229+R4230+R4231+R4232+R4233+R4234+R4235+R4236+R4237+R4238+R4239+R4240+R4241+R4242","v":{"v":25,"d":"25.00"}},"UN",{"v":510.41,"d":"R$ 510.41"},{"v":510.41,"d":"R$ 510.41"},{"v":0.25,"d":"25.00%"},{"$f":"ROUND(I4218,2)+(ROUND(I4218,2)*J4218)","v":{"v":638.0125,"d":"R$ 638.01"}},{"$f":"ROUND(S4218,2)+ROUND(S4219,2)+ROUND(S4220,2)+ROUND(S4221,2)+ROUND(S4222,2)+ROUND(S4223,2)+ROUND(S4224,2)+ROUND(S4225,2)+ROUND(S4226,2)+ROUND(S4227,2)+ROUND(S4228,2)+ROUND(S4229,2)+ROUND(S4230,2)+ROUND(S4231,2)+ROUND(S4232,2)+ROUND(S4233,2)+ROUND(S4234,2)+ROUND(S4235,2)+ROUND(S4236,2)+ROUND(S4237,2)+ROUND(S4238,2)+ROUND(S4239,2)+ROUND(S4240,2)+ROUND(S4241,2)+ROUND(S4242,2)","v":{"v":15950.250000000004,"d":"R$ 15,950.25"}},"","30","APARELHOS, METAIS E BANCADAS","1","Casa 1",{"v":1,"d":"1.00"},{"$f":"ROUND(K4218,2)*R4218","v":{"v":638.01,"d":"R$ 638.01"}}]
[{"$nulls":15},"2","Casa 2",{"v":1,"d":"1.00"},{"$f":"ROUND(K4218,2)*R4219","v":{"v":638.01,"d":"R$ 638.01"}}]
[{"$nulls":15},"3","Casa 3",{"v":1,"d":"1.00"},{"$f":"ROUND(K4218,2)*R4220","v":{"v":638.01,"d":"R$ 638.01"}}]
[{"$nulls":15},"4","Casa 4",{"v":1,"d":"1.00"},{"$f":"ROUND(K4218,2)*R4221","v":{"v":638.01,"d":"R$ 638.01"}}]
[{"$nulls":15},"5","Casa 5",{"v":1,"d":"1.00"},{"$f":"ROUND(K4218,2)*R4222","v":{"v":638.01,"d":"R$ 638.01"}}]
[{"$nulls":15},"6","Casa 6",{"v":1,"d":"1.00"},{"$f":"ROUND(K4218,2)*R4223","v":{"v":638.01,"d":"R$ 638.01"}}]
[{"$nulls":15},"7","Casa 7",{"v":1,"d":"1.00"},{"$f":"ROUND(K4218,2)*R4224","v":{"v":638.01,"d":"R$ 638.01"}}]
[{"$nulls":15},"8","Casa 8",{"v":1,"d":"1.00"},{"$f":"ROUND(K4218,2)*R4225","v":{"v":638.01,"d":"R$ 638.01"}}]
[{"$nulls":15},"9","Casa 9",{"v":1,"d":"1.00"},{"$f":"ROUND(K4218,2)*R4226","v":{"v":638.01,"d":"R$ 638.01"}}]
[{"$nulls":15},"10","Casa 10",{"v":1,"d":"1.00"},{"$f":"ROUND(K4218,2)*R4227","v":{"v":638.01,"d":"R$ 638.01"}}]
[{"$nulls":15},"11","Casa 11",{"v":1,"d":"1.00"},{"$f":"ROUND(K4218,2)*R4228","v":{"v":638.01,"d":"R$ 638.01"}}]
[{"$nulls":15},"12","Casa 12",{"v":1,"d":"1.00"},{"$f":"ROUND(K4218,2)*R4229","v":{"v":638.01,"d":"R$ 638.01"}}]
[{"$nulls":15},"13","Casa 13",{"v":1,"d":"1.00"},{"$f":"ROUND(K4218,2)*R4230","v":{"v":638.01,"d":"R$ 638.01"}}]
[{"$nulls":15},"14","Casa 14",{"v":1,"d":"1.00"},{"$f":"ROUND(K4218,2)*R4231","v":{"v":638.01,"d":"R$ 638.01"}}]
[{"$nulls":15},"15","Casa 15",{"v":1,"d":"1.00"},{"$f":"ROUND(K4218,2)*R4232","v":{"v":638.01,"d":"R$ 638.01"}}]
[{"$nulls":15},"16","Casa 16",{"v":1,"d":"1.00"},{"$f":"ROUND(K4218,2)*R4233","v":{"v":638.01,"d":"R$ 638.01"}}]
[{"$nulls":15},"17","Casa 17",{"v":1,"d":"1.00"},{"$f":"ROUND(K4218,2)*R4234","v":{"v":638.01,"d":"R$ 638.01"}}]
[{"$nulls":15},"18","Casa 18",{"v":1,"d":"1.00"},{"$f":"ROUND(K4218,2)*R4235","v":{"v":638.01,"d":"R$ 638.01"}}]
[{"$nulls":15},"19","Casa 19",{"v":1,"d":"1.00"},{"$f":"ROUND(K4218,2)*R4236","v":{"v":638.01,"d":"R$ 638.01"}}]
[{"$nulls":15},"20","Casa 20",{"v":1,"d":"1.00"},{"$f":"ROUND(K4218,2)*R4237","v":{"v":638.01,"d":"R$ 638.01"}}]
[{"$nulls":15},"21","Casa 21",{"v":1,"d":"1.00"},{"$f":"ROUND(K4218,2)*R4238","v":{"v":638.01,"d":"R$ 638.01"}}]
[{"$nulls":15},"22","Casa 22",{"v":1,"d":"1.00"},{"$f":"ROUND(K4218,2)*R4239","v":{"v":638.01,"d":"R$ 638.01"}}]
[{"$nulls":15},"23","Casa 23",{"v":1,"d":"1.00"},{"$f":"ROUND(K4218,2)*R4240","v":{"v":638.01,"d":"R$ 638.01"}}]
[{"$nulls":15},"24","Casa 24",{"v":1,"d":"1.00"},{"$f":"ROUND(K4218,2)*R4241","v":{"v":638.01,"d":"R$ 638.01"}}]
[{"$nulls":15},"25","Casa 25",{"v":1,"d":"1.00"},{"$f":"ROUND(K4218,2)*R4242","v":{"v":638.01,"d":"R$ 638.01"}}]
["Serviço","30.5","SINAPI","100860","CHUVEIRO ELÉTRICO COMUM CORPO PLÁSTICO, TIPO DUCHA - FORNECIMENTO E INSTALAÇÃO. AF_01/2020",{"$f":"R4243+R4244+R4245+R4246+R4247+R4248+R4249+R4250+R4251+R4252+R4253+R4254+R4255+R4256+R4257+R4258+R4259+R4260+R4261+R4262+R4263+R4264+R4265+R4266+R4267","v":{"v":25,"d":"25.00"}},"UN",{"v":110.06,"d":"R$ 110.06"},{"v":110.06,"d":"R$ 110.06"},{"v":0.25,"d":"25.00%"},{"$f":"ROUND(I4243,2)+(ROUND(I4243,2)*J4243)","v":{"v":137.575,"d":"R$ 137.58"}},{"$f":"ROUND(S4243,2)+ROUND(S4244,2)+ROUND(S4245,2)+ROUND(S4246,2)+ROUND(S4247,2)+ROUND(S4248,2)+ROUND(S4249,2)+ROUND(S4250,2)+ROUND(S4251,2)+ROUND(S4252,2)+ROUND(S4253,2)+ROUND(S4254,2)+ROUND(S4255,2)+ROUND(S4256,2)+ROUND(S4257,2)+ROUND(S4258,2)+ROUND(S4259,2)+ROUND(S4260,2)+ROUND(S4261,2)+ROUND(S4262,2)+ROUND(S4263,2)+ROUND(S4264,2)+ROUND(S4265,2)+ROUND(S4266,2)+ROUND(S4267,2)","v":{"v":3439.499999999999,"d":"R$ 3,439.50"}},"","30","APARELHOS, METAIS E BANCADAS","1","Casa 1",{"v":1,"d":"1.00"},{"$f":"ROUND(K4243,2)*R4243","v":{"v":137.58,"d":"R$ 137.58"}}]
[{"$nulls":15},"2","Casa 2",{"v":1,"d":"1.00"},{"$f":"ROUND(K4243,2)*R4244","v":{"v":137.58,"d":"R$ 137.58"}}]
[{"$nulls":15},"3","Casa 3",{"v":1,"d":"1.00"},{"$f":"ROUND(K4243,2)*R4245","v":{"v":137.58,"d":"R$ 137.58"}}]
[{"$nulls":15},"4","Casa 4",{"v":1,"d":"1.00"},{"$f":"ROUND(K4243,2)*R4246","v":{"v":137.58,"d":"R$ 137.58"}}]
[{"$nulls":15},"5","Casa 5",{"v":1,"d":"1.00"},{"$f":"ROUND(K4243,2)*R4247","v":{"v":137.58,"d":"R$ 137.58"}}]
[{"$nulls":15},"6","Casa 6",{"v":1,"d":"1.00"},{"$f":"ROUND(K4243,2)*R4248","v":{"v":137.58,"d":"R$ 137.58"}}]
[{"$nulls":15},"7","Casa 7",{"v":1,"d":"1.00"},{"$f":"ROUND(K4243,2)*R4249","v":{"v":137.58,"d":"R$ 137.58"}}]
[{"$nulls":15},"8","Casa 8",{"v":1,"d":"1.00"},{"$f":"ROUND(K4243,2)*R4250","v":{"v":137.58,"d":"R$ 137.58"}}]
[{"$nulls":15},"9","Casa 9",{"v":1,"d":"1.00"},{"$f":"ROUND(K4243,2)*R4251","v":{"v":137.58,"d":"R$ 137.58"}}]
[{"$nulls":15},"10","Casa 10",{"v":1,"d":"1.00"},{"$f":"ROUND(K4243,2)*R4252","v":{"v":137.58,"d":"R$ 137.58"}}]
[{"$nulls":15},"11","Casa 11",{"v":1,"d":"1.00"},{"$f":"ROUND(K4243,2)*R4253","v":{"v":137.58,"d":"R$ 137.58"}}]
[{"$nulls":15},"12","Casa 12",{"v":1,"d":"1.00"},{"$f":"ROUND(K4243,2)*R4254","v":{"v":137.58,"d":"R$ 137.58"}}]
[{"$nulls":15},"13","Casa 13",{"v":1,"d":"1.00"},{"$f":"ROUND(K4243,2)*R4255","v":{"v":137.58,"d":"R$ 137.58"}}]
[{"$nulls":15},"14","Casa 14",{"v":1,"d":"1.00"},{"$f":"ROUND(K4243,2)*R4256","v":{"v":137.58,"d":"R$ 137.58"}}]
[{"$nulls":15},"15","Casa 15",{"v":1,"d":"1.00"},{"$f":"ROUND(K4243,2)*R4257","v":{"v":137.58,"d":"R$ 137.58"}}]
[{"$nulls":15},"16","Casa 16",{"v":1,"d":"1.00"},{"$f":"ROUND(K4243,2)*R4258","v":{"v":137.58,"d":"R$ 137.58"}}]
[{"$nulls":15},"17","Casa 17",{"v":1,"d":"1.00"},{"$f":"ROUND(K4243,2)*R4259","v":{"v":137.58,"d":"R$ 137.58"}}]
[{"$nulls":15},"18","Casa 18",{"v":1,"d":"1.00"},{"$f":"ROUND(K4243,2)*R4260","v":{"v":137.58,"d":"R$ 137.58"}}]
[{"$nulls":15},"19","Casa 19",{"v":1,"d":"1.00"},{"$f":"ROUND(K4243,2)*R4261","v":{"v":137.58,"d":"R$ 137.58"}}]
[{"$nulls":15},"20","Casa 20",{"v":1,"d":"1.00"},{"$f":"ROUND(K4243,2)*R4262","v":{"v":137.58,"d":"R$ 137.58"}}]
[{"$nulls":15},"21","Casa 21",{"v":1,"d":"1.00"},{"$f":"ROUND(K4243,2)*R4263","v":{"v":137.58,"d":"R$ 137.58"}}]
[{"$nulls":15},"22","Casa 22",{"v":1,"d":"1.00"},{"$f":"ROUND(K4243,2)*R4264","v":{"v":137.58,"d":"R$ 137.58"}}]
[{"$nulls":15},"23","Casa 23",{"v":1,"d":"1.00"},{"$f":"ROUND(K4243,2)*R4265","v":{"v":137.58,"d":"R$ 137.58"}}]
[{"$nulls":15},"24","Casa 24",{"v":1,"d":"1.00"},{"$f":"ROUND(K4243,2)*R4266","v":{"v":137.58,"d":"R$ 137.58"}}]
[{"$nulls":15},"25","Casa 25",{"v":1,"d":"1.00"},{"$f":"ROUND(K4243,2)*R4267","v":{"v":137.58,"d":"R$ 137.58"}}]
["Serviço","30.6","SINAPI","95546","KIT DE ACESSORIOS PARA BANHEIRO EM METAL CROMADO, 5 PECAS, INCLUSO FIXAÇÃO. AF_01/2020",{"$f":"R4268+R4269+R4270+R4271+R4272+R4273+R4274+R4275+R4276+R4277+R4278+R4279+R4280+R4281+R4282+R4283+R4284+R4285+R4286+R4287+R4288+R4289+R4290+R4291+R4292","v":{"v":25,"d":"25.00"}},"UN",{"v":197.54,"d":"R$ 197.54"},{"v":197.54,"d":"R$ 197.54"},{"v":0.25,"d":"25.00%"},{"$f":"ROUND(I4268,2)+(ROUND(I4268,2)*J4268)","v":{"v":246.92499999999998,"d":"R$ 246.93"}},{"$f":"ROUND(S4268,2)+ROUND(S4269,2)+ROUND(S4270,2)+ROUND(S4271,2)+ROUND(S4272,2)+ROUND(S4273,2)+ROUND(S4274,2)+ROUND(S4275,2)+ROUND(S4276,2)+ROUND(S4277,2)+ROUND(S4278,2)+ROUND(S4279,2)+ROUND(S4280,2)+ROUND(S4281,2)+ROUND(S4282,2)+ROUND(S4283,2)+ROUND(S4284,2)+ROUND(S4285,2)+ROUND(S4286,2)+ROUND(S4287,2)+ROUND(S4288,2)+ROUND(S4289,2)+ROUND(S4290,2)+ROUND(S4291,2)+ROUND(S4292,2)","v":{"v":6173.250000000002,"d":"R$ 6,173.25"}},"","30","APARELHOS, METAIS E BANCADAS","1","Casa 1",{"v":1,"d":"1.00"},{"$f":"ROUND(K4268,2)*R4268","v":{"v":246.93,"d":"R$ 246.93"}}]
[{"$nulls":15},"2","Casa 2",{"v":1,"d":"1.00"},{"$f":"ROUND(K4268,2)*R4269","v":{"v":246.93,"d":"R$ 246.93"}}]
[{"$nulls":15},"3","Casa 3",{"v":1,"d":"1.00"},{"$f":"ROUND(K4268,2)*R4270","v":{"v":246.93,"d":"R$ 246.93"}}]
[{"$nulls":15},"4","Casa 4",{"v":1,"d":"1.00"},{"$f":"ROUND(K4268,2)*R4271","v":{"v":246.93,"d":"R$ 246.93"}}]
[{"$nulls":15},"5","Casa 5",{"v":1,"d":"1.00"},{"$f":"ROUND(K4268,2)*R4272","v":{"v":246.93,"d":"R$ 246.93"}}]
[{"$nulls":15},"6","Casa 6",{"v":1,"d":"1.00"},{"$f":"ROUND(K4268,2)*R4273","v":{"v":246.93,"d":"R$ 246.93"}}]
[{"$nulls":15},"7","Casa 7",{"v":1,"d":"1.00"},{"$f":"ROUND(K4268,2)*R4274","v":{"v":246.93,"d":"R$ 246.93"}}]
[{"$nulls":15},"8","Casa 8",{"v":1,"d":"1.00"},{"$f":"ROUND(K4268,2)*R4275","v":{"v":246.93,"d":"R$ 246.93"}}]
[{"$nulls":15},"9","Casa 9",{"v":1,"d":"1.00"},{"$f":"ROUND(K4268,2)*R4276","v":{"v":246.93,"d":"R$ 246.93"}}]
[{"$nulls":15},"10","Casa 10",{"v":1,"d":"1.00"},{"$f":"ROUND(K4268,2)*R4277","v":{"v":246.93,"d":"R$ 246.93"}}]
[{"$nulls":15},"11","Casa 11",{"v":1,"d":"1.00"},{"$f":"ROUND(K4268,2)*R4278","v":{"v":246.93,"d":"R$ 246.93"}}]
[{"$nulls":15},"12","Casa 12",{"v":1,"d":"1.00"},{"$f":"ROUND(K4268,2)*R4279","v":{"v":246.93,"d":"R$ 246.93"}}]
[{"$nulls":15},"13","Casa 13",{"v":1,"d":"1.00"},{"$f":"ROUND(K4268,2)*R4280","v":{"v":246.93,"d":"R$ 246.93"}}]
[{"$nulls":15},"14","Casa 14",{"v":1,"d":"1.00"},{"$f":"ROUND(K4268,2)*R4281","v":{"v":246.93,"d":"R$ 246.93"}}]
[{"$nulls":15},"15","Casa 15",{"v":1,"d":"1.00"},{"$f":"ROUND(K4268,2)*R4282","v":{"v":246.93,"d":"R$ 246.93"}}]
[{"$nulls":15},"16","Casa 16",{"v":1,"d":"1.00"},{"$f":"ROUND(K4268,2)*R4283","v":{"v":246.93,"d":"R$ 246.93"}}]
[{"$nulls":15},"17","Casa 17",{"v":1,"d":"1.00"},{"$f":"ROUND(K4268,2)*R4284","v":{"v":246.93,"d":"R$ 246.93"}}]
[{"$nulls":15},"18","Casa 18",{"v":1,"d":"1.00"},{"$f":"ROUND(K4268,2)*R4285","v":{"v":246.93,"d":"R$ 246.93"}}]
[{"$nulls":15},"19","Casa 19",{"v":1,"d":"1.00"},{"$f":"ROUND(K4268,2)*R4286","v":{"v":246.93,"d":"R$ 246.93"}}]
[{"$nulls":15},"20","Casa 20",{"v":1,"d":"1.00"},{"$f":"ROUND(K4268,2)*R4287","v":{"v":246.93,"d":"R$ 246.93"}}]
[{"$nulls":15},"21","Casa 21",{"v":1,"d":"1.00"},{"$f":"ROUND(K4268,2)*R4288","v":{"v":246.93,"d":"R$ 246.93"}}]
[{"$nulls":15},"22","Casa 22",{"v":1,"d":"1.00"},{"$f":"ROUND(K4268,2)*R4289","v":{"v":246.93,"d":"R$ 246.93"}}]
[{"$nulls":15},"23","Casa 23",{"v":1,"d":"1.00"},{"$f":"ROUND(K4268,2)*R4290","v":{"v":246.93,"d":"R$ 246.93"}}]
[{"$nulls":15},"24","Casa 24",{"v":1,"d":"1.00"},{"$f":"ROUND(K4268,2)*R4291","v":{"v":246.93,"d":"R$ 246.93"}}]
[{"$nulls":15},"25","Casa 25",{"v":1,"d":"1.00"},{"$f":"ROUND(K4268,2)*R4292","v":{"v":246.93,"d":"R$ 246.93"}}]
["Serviço","30.7","SINAPI","100875","BANCO ARTICULADO, EM ACO INOX, PARA PCD, FIXADO NA PAREDE - FORNECIMENTO E INSTALAÇÃO. AF_01/2020",{"$f":"R4293+R4294","v":{"v":2,"d":"2.00"}},"UN",{"v":830.63,"d":"R$ 830.63"},{"v":830.63,"d":"R$ 830.63"},{"v":0.25,"d":"25.00%"},{"$f":"ROUND(I4293,2)+(ROUND(I4293,2)*J4293)","v":{"v":1038.2875,"d":"R$ 1,038.29"}},{"$f":"ROUND(S4293,2)+ROUND(S4294,2)","v":{"v":2076.58,"d":"R$ 2,076.58"}},"","30","APARELHOS, METAIS E BANCADAS","1","Casa 1",{"v":1,"d":"1.00"},{"$f":"ROUND(K4293,2)*R4293","v":{"v":1038.29,"d":"R$ 1,038.29"}}]
[{"$nulls":15},"2","Casa 2",{"v":1,"d":"1.00"},{"$f":"ROUND(K4293,2)*R4294","v":{"v":1038.29,"d":"R$ 1,038.29"}}]
["Serviço","30.8","SINAPI","100863","BARRA DE APOIO EM \"L\", EM ACO INOX POLIDO 70 X 70 CM, FIXADA NA PAREDE - FORNECIMENTO E INSTALACAO. AF_01/2020",{"$f":"R4295+R4296","v":{"v":2,"d":"2.00"}},"UN",{"v":491.72,"d":"R$ 491.72"},{"v":491.72,"d":"R$ 491.72"},{"v":0.25,"d":"25.00%"},{"$f":"ROUND(I4295,2)+(ROUND(I4295,2)*J4295)","v":{"v":614.6500000000001,"d":"R$ 614.65"}},{"$f":"ROUND(S4295,2)+ROUND(S4296,2)","v":{"v":1229.3,"d":"R$ 1,229.30"}},"","30","APARELHOS, METAIS E BANCADAS","1","Casa 1",{"v":1,"d":"1.00"},{"$f":"ROUND(K4295,2)*R4295","v":{"v":614.65,"d":"R$ 614.65"}}]
[{"$nulls":15},"2","Casa 2",{"v":1,"d":"1.00"},{"$f":"ROUND(K4295,2)*R4296","v":{"v":614.65,"d":"R$ 614.65"}}]
["Serviço","30.9","SINAPI","100866","BARRA DE APOIO RETA, EM ACO INOX POLIDO, COMPRIMENTO 60CM, FIXADA NA PAREDE - FORNECIMENTO E INSTALAÇÃO. AF_01/2020",{"$f":"R4297+R4298","v":{"v":6,"d":"6.00"}},"UN",{"v":262.71,"d":"R$ 262.71"},{"v":262.71,"d":"R$ 262.71"},{"v":0.25,"d":"25.00%"},{"$f":"ROUND(I4297,2)+(ROUND(I4297,2)*J4297)","v":{"v":328.3875,"d":"R$ 328.39"}},{"$f":"ROUND(S4297,2)+ROUND(S4298,2)","v":{"v":1970.34,"d":"R$ 1,970.34"}},"","30","APARELHOS, METAIS E BANCADAS","1","Casa 1",{"v":3,"d":"3.00"},{"$f":"ROUND(K4297,2)*R4297","v":{"v":985.17,"d":"R$ 985.17"}}]
[{"$nulls":15},"2","Casa 2",{"v":3,"d":"3.00"},{"$f":"ROUND(K4297,2)*R4298","v":{"v":985.17,"d":"R$ 985.17"}}]
["Serviço","30.10","SINAPI","100868","BARRA DE APOIO RETA, EM ACO INOX POLIDO, COMPRIMENTO 80 CM, FIXADA NA PAREDE - FORNECIMENTO E INSTALAÇÃO. AF_01/2020",{"$f":"R4299+R4300","v":{"v":4,"d":"4.00"}},"UN",{"v":286.03,"d":"R$ 286.03"},{"v":286.03,"d":"R$ 286.03"},{"v":0.25,"d":"25.00%"},{"$f":"ROUND(I4299,2)+(ROUND(I4299,2)*J4299)","v":{"v":357.53749999999997,"d":"R$ 357.54"}},{"$f":"ROUND(S4299,2)+ROUND(S4300,2)","v":{"v":1430.16,"d":"R$ 1,430.16"}},"","30","APARELHOS, METAIS E BANCADAS","1","Casa 1",{"v":2,"d":"2.00"},{"$f":"ROUND(K4299,2)*R4299","v":{"v":715.08,"d":"R$ 715.08"}}]
[{"$nulls":15},"2","Casa 2",{"v":2,"d":"2.00"},{"$f":"ROUND(K4299,2)*R4300","v":{"v":715.08,"d":"R$ 715.08"}}]
["Macrosserviço","31","","","CALAFETE / LIMPEZA","","","","","","",{"$f":"ROUND(L4302,2)+ROUND(L4327,2)+ROUND(L4352,2)+ROUND(L4377,2)+ROUND(L4402,2)+ROUND(L4427,2)+ROUND(L4452,2)+ROUND(L4477,2)+ROUND(L4502,2)","v":{"v":18862.75,"d":"R$ 18,862.75"}},"","","","","","",""]
["Serviço","31.1","SINAPI","99818","LIMPEZA DE BACIA SANITÁRIA, BIDÊ OU MICTÓRIO EM LOUÇA, INCLUSIVE METAIS CORRESPONDENTES. AF_04/2019",{"$f":"R4302+R4303+R4304+R4305+R4306+R4307+R4308+R4309+R4310+R4311+R4312+R4313+R4314+R4315+R4316+R4317+R4318+R4319+R4320+R4321+R4322+R4323+R4324+R4325+R4326","v":{"v":25,"d":"25.00"}},"UN",{"v":6.11,"d":"R$ 6.11"},{"v":6.11,"d":"R$ 6.11"},{"v":0.25,"d":"25.00%"},{"$f":"ROUND(I4302,2)+(ROUND(I4302,2)*J4302)","v":{"v":7.6375,"d":"R$ 7.64"}},{"$f":"ROUND(S4302,2)+ROUND(S4303,2)+ROUND(S4304,2)+ROUND(S4305,2)+ROUND(S4306,2)+ROUND(S4307,2)+ROUND(S4308,2)+ROUND(S4309,2)+ROUND(S4310,2)+ROUND(S4311,2)+ROUND(S4312,2)+ROUND(S4313,2)+ROUND(S4314,2)+ROUND(S4315,2)+ROUND(S4316,2)+ROUND(S4317,2)+ROUND(S4318,2)+ROUND(S4319,2)+ROUND(S4320,2)+ROUND(S4321,2)+ROUND(S4322,2)+ROUND(S4323,2)+ROUND(S4324,2)+ROUND(S4325,2)+ROUND(S4326,2)","v":{"v":190.9999999999999,"d":"R$ 191.00"}},"","31","CALAFETE / LIMPEZA","1","Casa 1",{"v":1,"d":"1.00"},{"$f":"ROUND(K4302,2)*R4302","v":{"v":7.64,"d":"R$ 7.64"}}]
[{"$nulls":15},"2","Casa 2",{"v":1,"d":"1.00"},{"$f":"ROUND(K4302,2)*R4303","v":{"v":7.64,"d":"R$ 7.64"}}]
[{"$nulls":15},"3","Casa 3",{"v":1,"d":"1.00"},{"$f":"ROUND(K4302,2)*R4304","v":{"v":7.64,"d":"R$ 7.64"}}]
[{"$nulls":15},"4","Casa 4",{"v":1,"d":"1.00"},{"$f":"ROUND(K4302,2)*R4305","v":{"v":7.64,"d":"R$ 7.64"}}]
[{"$nulls":15},"5","Casa 5",{"v":1,"d":"1.00"},{"$f":"ROUND(K4302,2)*R4306","v":{"v":7.64,"d":"R$ 7.64"}}]
[{"$nulls":15},"6","Casa 6",{"v":1,"d":"1.00"},{"$f":"ROUND(K4302,2)*R4307","v":{"v":7.64,"d":"R$ 7.64"}}]
[{"$nulls":15},"7","Casa 7",{"v":1,"d":"1.00"},{"$f":"ROUND(K4302,2)*R4308","v":{"v":7.64,"d":"R$ 7.64"}}]
[{"$nulls":15},"8","Casa 8",{"v":1,"d":"1.00"},{"$f":"ROUND(K4302,2)*R4309","v":{"v":7.64,"d":"R$ 7.64"}}]
[{"$nulls":15},"9","Casa 9",{"v":1,"d":"1.00"},{"$f":"ROUND(K4302,2)*R4310","v":{"v":7.64,"d":"R$ 7.64"}}]
[{"$nulls":15},"10","Casa 10",{"v":1,"d":"1.00"},{"$f":"ROUND(K4302,2)*R4311","v":{"v":7.64,"d":"R$ 7.64"}}]
[{"$nulls":15},"11","Casa 11",{"v":1,"d":"1.00"},{"$f":"ROUND(K4302,2)*R4312","v":{"v":7.64,"d":"R$ 7.64"}}]
[{"$nulls":15},"12","Casa 12",{"v":1,"d":"1.00"},{"$f":"ROUND(K4302,2)*R4313","v":{"v":7.64,"d":"R$ 7.64"}}]
[{"$nulls":15},"13","Casa 13",{"v":1,"d":"1.00"},{"$f":"ROUND(K4302,2)*R4314","v":{"v":7.64,"d":"R$ 7.64"}}]
[{"$nulls":15},"14","Casa 14",{"v":1,"d":"1.00"},{"$f":"ROUND(K4302,2)*R4315","v":{"v":7.64,"d":"R$ 7.64"}}]
[{"$nulls":15},"15","Casa 15",{"v":1,"d":"1.00"},{"$f":"ROUND(K4302,2)*R4316","v":{"v":7.64,"d":"R$ 7.64"}}]
[{"$nulls":15},"16","Casa 16",{"v":1,"d":"1.00"},{"$f":"ROUND(K4302,2)*R4317","v":{"v":7.64,"d":"R$ 7.64"}}]
[{"$nulls":15},"17","Casa 17",{"v":1,"d":"1.00"},{"$f":"ROUND(K4302,2)*R4318","v":{"v":7.64,"d":"R$ 7.64"}}]
[{"$nulls":15},"18","Casa 18",{"v":1,"d":"1.00"},{"$f":"ROUND(K4302,2)*R4319","v":{"v":7.64,"d":"R$ 7.64"}}]
[{"$nulls":15},"19","Casa 19",{"v":1,"d":"1.00"},{"$f":"ROUND(K4302,2)*R4320","v":{"v":7.64,"d":"R$ 7.64"}}]
[{"$nulls":15},"20","Casa 20",{"v":1,"d":"1.00"},{"$f":"ROUND(K4302,2)*R4321","v":{"v":7.64,"d":"R$ 7.64"}}]
[{"$nulls":15},"21","Casa 21",{"v":1,"d":"1.00"},{"$f":"ROUND(K4302,2)*R4322","v":{"v":7.64,"d":"R$ 7.64"}}]
[{"$nulls":15},"22","Casa 22",{"v":1,"d":"1.00"},{"$f":"ROUND(K4302,2)*R4323","v":{"v":7.64,"d":"R$ 7.64"}}]
[{"$nulls":15},"23","Casa 23",{"v":1,"d":"1.00"},{"$f":"ROUND(K4302,2)*R4324","v":{"v":7.64,"d":"R$ 7.64"}}]
[{"$nulls":15},"24","Casa 24",{"v":1,"d":"1.00"},{"$f":"ROUND(K4302,2)*R4325","v":{"v":7.64,"d":"R$ 7.64"}}]
[{"$nulls":15},"25","Casa 25",{"v":1,"d":"1.00"},{"$f":"ROUND(K4302,2)*R4326","v":{"v":7.64,"d":"R$ 7.64"}}]
["Serviço","31.2","SINAPI","99819","LIMPEZA DE BANCADA DE PEDRA (MÁRMORE OU GRANITO). AF_04/2019",{"$f":"R4327+R4328+R4329+R4330+R4331+R4332+R4333+R4334+R4335+R4336+R4337+R4338+R4339+R4340+R4341+R4342+R4343+R4344+R4345+R4346+R4347+R4348+R4349+R4350+R4351","v":{"v":18.000000000000004,"d":"18.00"}},"M2",{"v":20.97,"d":"R$ 20.97"},{"v":20.97,"d":"R$ 20.97"},{"v":0.25,"d":"25.00%"},{"$f":"ROUND(I4327,2)+(ROUND(I4327,2)*J4327)","v":{"v":26.2125,"d":"R$ 26.21"}},{"$f":"ROUND(S4327,2)+ROUND(S4328,2)+ROUND(S4329,2)+ROUND(S4330,2)+ROUND(S4331,2)+ROUND(S4332,2)+ROUND(S4333,2)+ROUND(S4334,2)+ROUND(S4335,2)+ROUND(S4336,2)+ROUND(S4337,2)+ROUND(S4338,2)+ROUND(S4339,2)+ROUND(S4340,2)+ROUND(S4341,2)+ROUND(S4342,2)+ROUND(S4343,2)+ROUND(S4344,2)+ROUND(S4345,2)+ROUND(S4346,2)+ROUND(S4347,2)+ROUND(S4348,2)+ROUND(S4349,2)+ROUND(S4350,2)+ROUND(S4351,2)","v":{"v":471.75000000000006,"d":"R$ 471.75"}},"","31","CALAFETE / LIMPEZA","1","Casa 1",0.72,{"$f":"ROUND(K4327,2)*R4327","v":{"v":18.871199999999998,"d":"R$ 18.87"}}]
[{"$nulls":15},"2","Casa 2",0.72,{"$f":"ROUND(K4327,2)*R4328","v":{"v":18.871199999999998,"d":"R$ 18.87"}}]
[{"$nulls":15},"3","Casa 3",0.72,{"$f":"ROUND(K4327,2)*R4329","v":{"v":18.871199999999998,"d":"R$ 18.87"}}]
[{"$nulls":15},"4","Casa 4",0.72,{"$f":"ROUND(K4327,2)*R4330","v":{"v":18.871199999999998,"d":"R$ 18.87"}}]
[{"$nulls":15},"5","Casa 5",0.72,{"$f":"ROUND(K4327,2)*R4331","v":{"v":18.871199999999998,"d":"R$ 18.87"}}]
[{"$nulls":15},"6","Casa 6",0.72,{"$f":"ROUND(K4327,2)*R4332","v":{"v":18.871199999999998,"d":"R$ 18.87"}}]
[{"$nulls":15},"7","Casa 7",0.72,{"$f":"ROUND(K4327,2)*R4333","v":{"v":18.871199999999998,"d":"R$ 18.87"}}]
[{"$nulls":15},"8","Casa 8",0.72,{"$f":"ROUND(K4327,2)*R4334","v":{"v":18.871199999999998,"d":"R$ 18.87"}}]
[{"$nulls":15},"9","Casa 9",0.72,{"$f":"ROUND(K4327,2)*R4335","v":{"v":18.871199999999998,"d":"R$ 18.87"}}]
[{"$nulls":15},"10","Casa 10",0.72,{"$f":"ROUND(K4327,2)*R4336","v":{"v":18.871199999999998,"d":"R$ 18.87"}}]
[{"$nulls":15},"11","Casa 11",0.72,{"$f":"ROUND(K4327,2)*R4337","v":{"v":18.871199999999998,"d":"R$ 18.87"}}]
[{"$nulls":15},"12","Casa 12",0.72,{"$f":"ROUND(K4327,2)*R4338","v":{"v":18.871199999999998,"d":"R$ 18.87"}}]
[{"$nulls":15},"13","Casa 13",0.72,{"$f":"ROUND(K4327,2)*R4339","v":{"v":18.871199999999998,"d":"R$ 18.87"}}]
[{"$nulls":15},"14","Casa 14",0.72,{"$f":"ROUND(K4327,2)*R4340","v":{"v":18.871199999999998,"d":"R$ 18.87"}}]
[{"$nulls":15},"15","Casa 15",0.72,{"$f":"ROUND(K4327,2)*R4341","v":{"v":18.871199999999998,"d":"R$ 18.87"}}]
[{"$nulls":15},"16","Casa 16",0.72,{"$f":"ROUND(K4327,2)*R4342","v":{"v":18.871199999999998,"d":"R$ 18.87"}}]
[{"$nulls":15},"17","Casa 17",0.72,{"$f":"ROUND(K4327,2)*R4343","v":{"v":18.871199999999998,"d":"R$ 18.87"}}]
[{"$nulls":15},"18","Casa 18",0.72,{"$f":"ROUND(K4327,2)*R4344","v":{"v":18.871199999999998,"d":"R$ 18.87"}}]
[{"$nulls":15},"19","Casa 19",0.72,{"$f":"ROUND(K4327,2)*R4345","v":{"v":18.871199999999998,"d":"R$ 18.87"}}]
[{"$nulls":15},"20","Casa 20",0.72,{"$f":"ROUND(K4327,2)*R4346","v":{"v":18.871199999999998,"d":"R$ 18.87"}}]
[{"$nulls":15},"21","Casa 21",0.72,{"$f":"ROUND(K4327,2)*R4347","v":{"v":18.871199999999998,"d":"R$ 18.87"}}]
[{"$nulls":15},"22","Casa 22",0.72,{"$f":"ROUND(K4327,2)*R4348","v":{"v":18.871199999999998,"d":"R$ 18.87"}}]
[{"$nulls":15},"23","Casa 23",0.72,{"$f":"ROUND(K4327,2)*R4349","v":{"v":18.871199999999998,"d":"R$ 18.87"}}]
[{"$nulls":15},"24","Casa 24",0.72,{"$f":"ROUND(K4327,2)*R4350","v":{"v":18.871199999999998,"d":"R$ 18.87"}}]
[{"$nulls":15},"25","Casa 25",0.72,{"$f":"ROUND(K4327,2)*R4351","v":{"v":18.871199999999998,"d":"R$ 18.87"}}]
["Serviço","31.3","SINAPI","99811","LIMPEZA DE CONTRAPISO COM VASSOURA A SECO. AF_04/2019",{"$f":"R4352+R4353+R4354+R4355+R4356+R4357+R4358+R4359+R4360+R4361+R4362+R4363+R4364+R4365+R4366+R4367+R4368+R4369+R4370+R4371+R4372+R4373+R4374+R4375+R4376","v":{"v":403.74999999999983,"d":"403.75"}},"M2",{"v":4.41,"d":"R$ 4.41"},{"v":4.41,"d":"R$ 4.41"},{"v":0.25,"d":"25.00%"},{"$f":"ROUND(I4352,2)+(ROUND(I4352,2)*J4352)","v":{"v":5.5125,"d":"R$ 5.51"}},{"$f":"ROUND(S4352,2)+ROUND(S4353,2)+ROUND(S4354,2)+ROUND(S4355,2)+ROUND(S4356,2)+ROUND(S4357,2)+ROUND(S4358,2)+ROUND(S4359,2)+ROUND(S4360,2)+ROUND(S4361,2)+ROUND(S4362,2)+ROUND(S4363,2)+ROUND(S4364,2)+ROUND(S4365,2)+ROUND(S4366,2)+ROUND(S4367,2)+ROUND(S4368,2)+ROUND(S4369,2)+ROUND(S4370,2)+ROUND(S4371,2)+ROUND(S4372,2)+ROUND(S4373,2)+ROUND(S4374,2)+ROUND(S4375,2)+ROUND(S4376,2)","v":{"v":2224.7499999999995,"d":"R$ 2,224.75"}},"","31","CALAFETE / LIMPEZA","1","Casa 1",16.15,{"$f":"ROUND(K4352,2)*R4352","v":{"v":88.98649999999999,"d":"R$ 88.99"}}]
[{"$nulls":15},"2","Casa 2",16.15,{"$f":"ROUND(K4352,2)*R4353","v":{"v":88.98649999999999,"d":"R$ 88.99"}}]
[{"$nulls":15},"3","Casa 3",16.15,{"$f":"ROUND(K4352,2)*R4354","v":{"v":88.98649999999999,"d":"R$ 88.99"}}]
[{"$nulls":15},"4","Casa 4",16.15,{"$f":"ROUND(K4352,2)*R4355","v":{"v":88.98649999999999,"d":"R$ 88.99"}}]
[{"$nulls":15},"5","Casa 5",16.15,{"$f":"ROUND(K4352,2)*R4356","v":{"v":88.98649999999999,"d":"R$ 88.99"}}]
[{"$nulls":15},"6","Casa 6",16.15,{"$f":"ROUND(K4352,2)*R4357","v":{"v":88.98649999999999,"d":"R$ 88.99"}}]
[{"$nulls":15},"7","Casa 7",16.15,{"$f":"ROUND(K4352,2)*R4358","v":{"v":88.98649999999999,"d":"R$ 88.99"}}]
[{"$nulls":15},"8","Casa 8",16.15,{"$f":"ROUND(K4352,2)*R4359","v":{"v":88.98649999999999,"d":"R$ 88.99"}}]
[{"$nulls":15},"9","Casa 9",16.15,{"$f":"ROUND(K4352,2)*R4360","v":{"v":88.98649999999999,"d":"R$ 88.99"}}]
[{"$nulls":15},"10","Casa 10",16.15,{"$f":"ROUND(K4352,2)*R4361","v":{"v":88.98649999999999,"d":"R$ 88.99"}}]
[{"$nulls":15},"11","Casa 11",16.15,{"$f":"ROUND(K4352,2)*R4362","v":{"v":88.98649999999999,"d":"R$ 88.99"}}]
[{"$nulls":15},"12","Casa 12",16.15,{"$f":"ROUND(K4352,2)*R4363","v":{"v":88.98649999999999,"d":"R$ 88.99"}}]
[{"$nulls":15},"13","Casa 13",16.15,{"$f":"ROUND(K4352,2)*R4364","v":{"v":88.98649999999999,"d":"R$ 88.99"}}]
[{"$nulls":15},"14","Casa 14",16.15,{"$f":"ROUND(K4352,2)*R4365","v":{"v":88.98649999999999,"d":"R$ 88.99"}}]
[{"$nulls":15},"15","Casa 15",16.15,{"$f":"ROUND(K4352,2)*R4366","v":{"v":88.98649999999999,"d":"R$ 88.99"}}]
[{"$nulls":15},"16","Casa 16",16.15,{"$f":"ROUND(K4352,2)*R4367","v":{"v":88.98649999999999,"d":"R$ 88.99"}}]
[{"$nulls":15},"17","Casa 17",16.15,{"$f":"ROUND(K4352,2)*R4368","v":{"v":88.98649999999999,"d":"R$ 88.99"}}]
[{"$nulls":15},"18","Casa 18",16.15,{"$f":"ROUND(K4352,2)*R4369","v":{"v":88.98649999999999,"d":"R$ 88.99"}}]
[{"$nulls":15},"19","Casa 19",16.15,{"$f":"ROUND(K4352,2)*R4370","v":{"v":88.98649999999999,"d":"R$ 88.99"}}]
[{"$nulls":15},"20","Casa 20",16.15,{"$f":"ROUND(K4352,2)*R4371","v":{"v":88.98649999999999,"d":"R$ 88.99"}}]
[{"$nulls":15},"21","Casa 21",16.15,{"$f":"ROUND(K4352,2)*R4372","v":{"v":88.98649999999999,"d":"R$ 88.99"}}]
[{"$nulls":15},"22","Casa 22",16.15,{"$f":"ROUND(K4352,2)*R4373","v":{"v":88.98649999999999,"d":"R$ 88.99"}}]
[{"$nulls":15},"23","Casa 23",16.15,{"$f":"ROUND(K4352,2)*R4374","v":{"v":88.98649999999999,"d":"R$ 88.99"}}]
[{"$nulls":15},"24","Casa 24",16.15,{"$f":"ROUND(K4352,2)*R4375","v":{"v":88.98649999999999,"d":"R$ 88.99"}}]
[{"$nulls":15},"25","Casa 25",16.15,{"$f":"ROUND(K4352,2)*R4376","v":{"v":88.98649999999999,"d":"R$ 88.99"}}]
["Serviço","31.4","SINAPI","99826","LIMPEZA DE FORRO REMOVÍVEL COM PANO ÚMIDO. AF_04/2019",{"$f":"R4377+R4378+R4379+R4380+R4381+R4382+R4383+R4384+R4385+R4386+R4387+R4388+R4389+R4390+R4391+R4392+R4393+R4394+R4395+R4396+R4397+R4398+R4399+R4400+R4401","v":{"v":897.4999999999997,"d":"897.50"}},"M2",{"v":1.92,"d":"R$ 1.92"},{"v":1.92,"d":"R$ 1.92"},{"v":0.25,"d":"25.00%"},{"$f":"ROUND(I4377,2)+(ROUND(I4377,2)*J4377)","v":{"v":2.4,"d":"R$ 2.40"}},{"$f":"ROUND(S4377,2)+ROUND(S4378,2)+ROUND(S4379,2)+ROUND(S4380,2)+ROUND(S4381,2)+ROUND(S4382,2)+ROUND(S4383,2)+ROUND(S4384,2)+ROUND(S4385,2)+ROUND(S4386,2)+ROUND(S4387,2)+ROUND(S4388,2)+ROUND(S4389,2)+ROUND(S4390,2)+ROUND(S4391,2)+ROUND(S4392,2)+ROUND(S4393,2)+ROUND(S4394,2)+ROUND(S4395,2)+ROUND(S4396,2)+ROUND(S4397,2)+ROUND(S4398,2)+ROUND(S4399,2)+ROUND(S4400,2)+ROUND(S4401,2)","v":{"v":2154.0000000000005,"d":"R$ 2,154.00"}},"","31","CALAFETE / LIMPEZA","1","Casa 1",{"v":35.9,"d":"35.90"},{"$f":"ROUND(K4377,2)*R4377","v":{"v":86.16,"d":"R$ 86.16"}}]
[{"$nulls":15},"2","Casa 2",{"v":35.9,"d":"35.90"},{"$f":"ROUND(K4377,2)*R4378","v":{"v":86.16,"d":"R$ 86.16"}}]
[{"$nulls":15},"3","Casa 3",{"v":35.9,"d":"35.90"},{"$f":"ROUND(K4377,2)*R4379","v":{"v":86.16,"d":"R$ 86.16"}}]
[{"$nulls":15},"4","Casa 4",{"v":35.9,"d":"35.90"},{"$f":"ROUND(K4377,2)*R4380","v":{"v":86.16,"d":"R$ 86.16"}}]
[{"$nulls":15},"5","Casa 5",{"v":35.9,"d":"35.90"},{"$f":"ROUND(K4377,2)*R4381","v":{"v":86.16,"d":"R$ 86.16"}}]
[{"$nulls":15},"6","Casa 6",{"v":35.9,"d":"35.90"},{"$f":"ROUND(K4377,2)*R4382","v":{"v":86.16,"d":"R$ 86.16"}}]
[{"$nulls":15},"7","Casa 7",{"v":35.9,"d":"35.90"},{"$f":"ROUND(K4377,2)*R4383","v":{"v":86.16,"d":"R$ 86.16"}}]
[{"$nulls":15},"8","Casa 8",{"v":35.9,"d":"35.90"},{"$f":"ROUND(K4377,2)*R4384","v":{"v":86.16,"d":"R$ 86.16"}}]
[{"$nulls":15},"9","Casa 9",{"v":35.9,"d":"35.90"},{"$f":"ROUND(K4377,2)*R4385","v":{"v":86.16,"d":"R$ 86.16"}}]
[{"$nulls":15},"10","Casa 10",{"v":35.9,"d":"35.90"},{"$f":"ROUND(K4377,2)*R4386","v":{"v":86.16,"d":"R$ 86.16"}}]
[{"$nulls":15},"11","Casa 11",{"v":35.9,"d":"35.90"},{"$f":"ROUND(K4377,2)*R4387","v":{"v":86.16,"d":"R$ 86.16"}}]
[{"$nulls":15},"12","Casa 12",{"v":35.9,"d":"35.90"},{"$f":"ROUND(K4377,2)*R4388","v":{"v":86.16,"d":"R$ 86.16"}}]
[{"$nulls":15},"13","Casa 13",{"v":35.9,"d":"35.90"},{"$f":"ROUND(K4377,2)*R4389","v":{"v":86.16,"d":"R$ 86.16"}}]
[{"$nulls":15},"14","Casa 14",{"v":35.9,"d":"35.90"},{"$f":"ROUND(K4377,2)*R4390","v":{"v":86.16,"d":"R$ 86.16"}}]
[{"$nulls":15},"15","Casa 15",{"v":35.9,"d":"35.90"},{"$f":"ROUND(K4377,2)*R4391","v":{"v":86.16,"d":"R$ 86.16"}}]
[{"$nulls":15},"16","Casa 16",{"v":35.9,"d":"35.90"},{"$f":"ROUND(K4377,2)*R4392","v":{"v":86.16,"d":"R$ 86.16"}}]
[{"$nulls":15},"17","Casa 17",{"v":35.9,"d":"35.90"},{"$f":"ROUND(K4377,2)*R4393","v":{"v":86.16,"d":"R$ 86.16"}}]
[{"$nulls":15},"18","Casa 18",{"v":35.9,"d":"35.90"},{"$f":"ROUND(K4377,2)*R4394","v":{"v":86.16,"d":"R$ 86.16"}}]
[{"$nulls":15},"19","Casa 19",{"v":35.9,"d":"35.90"},{"$f":"ROUND(K4377,2)*R4395","v":{"v":86.16,"d":"R$ 86.16"}}]
[{"$nulls":15},"20","Casa 20",{"v":35.9,"d":"35.90"},{"$f":"ROUND(K4377,2)*R4396","v":{"v":86.16,"d":"R$ 86.16"}}]
[{"$nulls":15},"21","Casa 21",{"v":35.9,"d":"35.90"},{"$f":"ROUND(K4377,2)*R4397","v":{"v":86.16,"d":"R$ 86.16"}}]
[{"$nulls":15},"22","Casa 22",{"v":35.9,"d":"35.90"},{"$f":"ROUND(K4377,2)*R4398","v":{"v":86.16,"d":"R$ 86.16"}}]
[{"$nulls":15},"23","Casa 23",{"v":35.9,"d":"35.90"},{"$f":"ROUND(K4377,2)*R4399","v":{"v":86.16,"d":"R$ 86.16"}}]
[{"$nulls":15},"24","Casa 24",{"v":35.9,"d":"35.90"},{"$f":"ROUND(K4377,2)*R4400","v":{"v":86.16,"d":"R$ 86.16"}}]
[{"$nulls":15},"25","Casa 25",{"v":35.9,"d":"35.90"},{"$f":"ROUND(K4377,2)*R4401","v":{"v":86.16,"d":"R$ 86.16"}}]
["Serviço","31.5","SINAPI","99821","LIMPEZA DE JANELA DE VIDRO COM CAIXILHO EM AÇO/ALUMÍNIO/PVC. AF_04/2019",{"$f":"R4402+R4403+R4404+R4405+R4406+R4407+R4408+R4409+R4410+R4411+R4412+R4413+R4414+R4415+R4416+R4417+R4418+R4419+R4420+R4421+R4422+R4423+R4424+R4425+R4426","v":{"v":293.9999999999999,"d":"294.00"}},"M2",{"v":3.53,"d":"R$ 3.53"},{"v":3.53,"d":"R$ 3.53"},{"v":0.25,"d":"25.00%"},{"$f":"ROUND(I4402,2)+(ROUND(I4402,2)*J4402)","v":{"v":4.4125,"d":"R$ 4.41"}},{"$f":"ROUND(S4402,2)+ROUND(S4403,2)+ROUND(S4404,2)+ROUND(S4405,2)+ROUND(S4406,2)+ROUND(S4407,2)+ROUND(S4408,2)+ROUND(S4409,2)+ROUND(S4410,2)+ROUND(S4411,2)+ROUND(S4412,2)+ROUND(S4413,2)+ROUND(S4414,2)+ROUND(S4415,2)+ROUND(S4416,2)+ROUND(S4417,2)+ROUND(S4418,2)+ROUND(S4419,2)+ROUND(S4420,2)+ROUND(S4421,2)+ROUND(S4422,2)+ROUND(S4423,2)+ROUND(S4424,2)+ROUND(S4425,2)+ROUND(S4426,2)","v":{"v":1296.4999999999995,"d":"R$ 1,296.50"}},"","31","CALAFETE / LIMPEZA","1","Casa 1",11.76,{"$f":"ROUND(K4402,2)*R4402","v":{"v":51.8616,"d":"R$ 51.86"}}]
[{"$nulls":15},"2","Casa 2",11.76,{"$f":"ROUND(K4402,2)*R4403","v":{"v":51.8616,"d":"R$ 51.86"}}]
[{"$nulls":15},"3","Casa 3",11.76,{"$f":"ROUND(K4402,2)*R4404","v":{"v":51.8616,"d":"R$ 51.86"}}]
[{"$nulls":15},"4","Casa 4",11.76,{"$f":"ROUND(K4402,2)*R4405","v":{"v":51.8616,"d":"R$ 51.86"}}]
[{"$nulls":15},"5","Casa 5",11.76,{"$f":"ROUND(K4402,2)*R4406","v":{"v":51.8616,"d":"R$ 51.86"}}]
[{"$nulls":15},"6","Casa 6",11.76,{"$f":"ROUND(K4402,2)*R4407","v":{"v":51.8616,"d":"R$ 51.86"}}]
[{"$nulls":15},"7","Casa 7",11.76,{"$f":"ROUND(K4402,2)*R4408","v":{"v":51.8616,"d":"R$ 51.86"}}]
[{"$nulls":15},"8","Casa 8",11.76,{"$f":"ROUND(K4402,2)*R4409","v":{"v":51.8616,"d":"R$ 51.86"}}]
[{"$nulls":15},"9","Casa 9",11.76,{"$f":"ROUND(K4402,2)*R4410","v":{"v":51.8616,"d":"R$ 51.86"}}]
[{"$nulls":15},"10","Casa 10",11.76,{"$f":"ROUND(K4402,2)*R4411","v":{"v":51.8616,"d":"R$ 51.86"}}]
[{"$nulls":15},"11","Casa 11",11.76,{"$f":"ROUND(K4402,2)*R4412","v":{"v":51.8616,"d":"R$ 51.86"}}]
[{"$nulls":15},"12","Casa 12",11.76,{"$f":"ROUND(K4402,2)*R4413","v":{"v":51.8616,"d":"R$ 51.86"}}]
[{"$nulls":15},"13","Casa 13",11.76,{"$f":"ROUND(K4402,2)*R4414","v":{"v":51.8616,"d":"R$ 51.86"}}]
[{"$nulls":15},"14","Casa 14",11.76,{"$f":"ROUND(K4402,2)*R4415","v":{"v":51.8616,"d":"R$ 51.86"}}]
[{"$nulls":15},"15","Casa 15",11.76,{"$f":"ROUND(K4402,2)*R4416","v":{"v":51.8616,"d":"R$ 51.86"}}]
[{"$nulls":15},"16","Casa 16",11.76,{"$f":"ROUND(K4402,2)*R4417","v":{"v":51.8616,"d":"R$ 51.86"}}]
[{"$nulls":15},"17","Casa 17",11.76,{"$f":"ROUND(K4402,2)*R4418","v":{"v":51.8616,"d":"R$ 51.86"}}]
[{"$nulls":15},"18","Casa 18",11.76,{"$f":"ROUND(K4402,2)*R4419","v":{"v":51.8616,"d":"R$ 51.86"}}]
[{"$nulls":15},"19","Casa 19",11.76,{"$f":"ROUND(K4402,2)*R4420","v":{"v":51.8616,"d":"R$ 51.86"}}]
[{"$nulls":15},"20","Casa 20",11.76,{"$f":"ROUND(K4402,2)*R4421","v":{"v":51.8616,"d":"R$ 51.86"}}]
[{"$nulls":15},"21","Casa 21",11.76,{"$f":"ROUND(K4402,2)*R4422","v":{"v":51.8616,"d":"R$ 51.86"}}]
[{"$nulls":15},"22","Casa 22",11.76,{"$f":"ROUND(K4402,2)*R4423","v":{"v":51.8616,"d":"R$ 51.86"}}]
[{"$nulls":15},"23","Casa 23",11.76,{"$f":"ROUND(K4402,2)*R4424","v":{"v":51.8616,"d":"R$ 51.86"}}]
[{"$nulls":15},"24","Casa 24",11.76,{"$f":"ROUND(K4402,2)*R4425","v":{"v":51.8616,"d":"R$ 51.86"}}]
[{"$nulls":15},"25","Casa 25",11.76,{"$f":"ROUND(K4402,2)*R4426","v":{"v":51.8616,"d":"R$ 51.86"}}]
["Serviço","31.6","SINAPI","99804","LIMPEZA DE PISO CERÂMICO OU PORCELANATO UTILIZANDO DETERGENTE NEUTRO E ESCOVAÇÃO MANUAL. AF_04/2019",{"$f":"R4427+R4428+R4429+R4430+R4431+R4432+R4433+R4434+R4435+R4436+R4437+R4438+R4439+R4440+R4441+R4442+R4443+R4444+R4445+R4446+R4447+R4448+R4449+R4450+R4451","v":{"v":1186.5000000000005,"d":"1,186.50"}},"M2",{"v":6.7,"d":"R$ 6.70"},{"v":6.7,"d":"R$ 6.70"},{"v":0.25,"d":"25.00%"},{"$f":"ROUND(I4427,2)+(ROUND(I4427,2)*J4427)","v":{"v":8.375,"d":"R$ 8.38"}},{"$f":"ROUND(S4427,2)+ROUND(S4428,2)+ROUND(S4429,2)+ROUND(S4430,2)+ROUND(S4431,2)+ROUND(S4432,2)+ROUND(S4433,2)+ROUND(S4434,2)+ROUND(S4435,2)+ROUND(S4436,2)+ROUND(S4437,2)+ROUND(S4438,2)+ROUND(S4439,2)+ROUND(S4440,2)+ROUND(S4441,2)+ROUND(S4442,2)+ROUND(S4443,2)+ROUND(S4444,2)+ROUND(S4445,2)+ROUND(S4446,2)+ROUND(S4447,2)+ROUND(S4448,2)+ROUND(S4449,2)+ROUND(S4450,2)+ROUND(S4451,2)","v":{"v":9942.749999999996,"d":"R$ 9,942.75"}},"","31","CALAFETE / LIMPEZA","1","Casa 1",47.46,{"$f":"ROUND(K4427,2)*R4427","v":{"v":397.7148,"d":"R$ 397.71"}}]
[{"$nulls":15},"2","Casa 2",47.46,{"$f":"ROUND(K4427,2)*R4428","v":{"v":397.7148,"d":"R$ 397.71"}}]
[{"$nulls":15},"3","Casa 3",47.46,{"$f":"ROUND(K4427,2)*R4429","v":{"v":397.7148,"d":"R$ 397.71"}}]
[{"$nulls":15},"4","Casa 4",47.46,{"$f":"ROUND(K4427,2)*R4430","v":{"v":397.7148,"d":"R$ 397.71"}}]
[{"$nulls":15},"5","Casa 5",47.46,{"$f":"ROUND(K4427,2)*R4431","v":{"v":397.7148,"d":"R$ 397.71"}}]
[{"$nulls":15},"6","Casa 6",47.46,{"$f":"ROUND(K4427,2)*R4432","v":{"v":397.7148,"d":"R$ 397.71"}}]
[{"$nulls":15},"7","Casa 7",47.46,{"$f":"ROUND(K4427,2)*R4433","v":{"v":397.7148,"d":"R$ 397.71"}}]
[{"$nulls":15},"8","Casa 8",47.46,{"$f":"ROUND(K4427,2)*R4434","v":{"v":397.7148,"d":"R$ 397.71"}}]
[{"$nulls":15},"9","Casa 9",47.46,{"$f":"ROUND(K4427,2)*R4435","v":{"v":397.7148,"d":"R$ 397.71"}}]
[{"$nulls":15},"10","Casa 10",47.46,{"$f":"ROUND(K4427,2)*R4436","v":{"v":397.7148,"d":"R$ 397.71"}}]
[{"$nulls":15},"11","Casa 11",47.46,{"$f":"ROUND(K4427,2)*R4437","v":{"v":397.7148,"d":"R$ 397.71"}}]
[{"$nulls":15},"12","Casa 12",47.46,{"$f":"ROUND(K4427,2)*R4438","v":{"v":397.7148,"d":"R$ 397.71"}}]
[{"$nulls":15},"13","Casa 13",47.46,{"$f":"ROUND(K4427,2)*R4439","v":{"v":397.7148,"d":"R$ 397.71"}}]
[{"$nulls":15},"14","Casa 14",47.46,{"$f":"ROUND(K4427,2)*R4440","v":{"v":397.7148,"d":"R$ 397.71"}}]
[{"$nulls":15},"15","Casa 15",47.46,{"$f":"ROUND(K4427,2)*R4441","v":{"v":397.7148,"d":"R$ 397.71"}}]
[{"$nulls":15},"16","Casa 16",47.46,{"$f":"ROUND(K4427,2)*R4442","v":{"v":397.7148,"d":"R$ 397.71"}}]
[{"$nulls":15},"17","Casa 17",47.46,{"$f":"ROUND(K4427,2)*R4443","v":{"v":397.7148,"d":"R$ 397.71"}}]
[{"$nulls":15},"18","Casa 18",47.46,{"$f":"ROUND(K4427,2)*R4444","v":{"v":397.7148,"d":"R$ 397.71"}}]
[{"$nulls":15},"19","Casa 19",47.46,{"$f":"ROUND(K4427,2)*R4445","v":{"v":397.7148,"d":"R$ 397.71"}}]
[{"$nulls":15},"20","Casa 20",47.46,{"$f":"ROUND(K4427,2)*R4446","v":{"v":397.7148,"d":"R$ 397.71"}}]
[{"$nulls":15},"21","Casa 21",47.46,{"$f":"ROUND(K4427,2)*R4447","v":{"v":397.7148,"d":"R$ 397.71"}}]
[{"$nulls":15},"22","Casa 22",47.46,{"$f":"ROUND(K4427,2)*R4448","v":{"v":397.7148,"d":"R$ 397.71"}}]
[{"$nulls":15},"23","Casa 23",47.46,{"$f":"ROUND(K4427,2)*R4449","v":{"v":397.7148,"d":"R$ 397.71"}}]
[{"$nulls":15},"24","Casa 24",47.46,{"$f":"ROUND(K4427,2)*R4450","v":{"v":397.7148,"d":"R$ 397.71"}}]
[{"$nulls":15},"25","Casa 25",47.46,{"$f":"ROUND(K4427,2)*R4451","v":{"v":397.7148,"d":"R$ 397.71"}}]
["Serviço","31.7","SINAPI","99822","LIMPEZA DE PORTA DE MADEIRA. AF_04/2019",{"$f":"R4452+R4453+R4454+R4455+R4456+R4457+R4458+R4459+R4460+R4461+R4462+R4463+R4464+R4465+R4466+R4467+R4468+R4469+R4470+R4471+R4472+R4473+R4474+R4475+R4476","v":{"v":252.00000000000014,"d":"252.00"}},"M2",{"v":1.25,"d":"R$ 1.25"},{"v":1.25,"d":"R$ 1.25"},{"v":0.25,"d":"25.00%"},{"$f":"ROUND(I4452,2)+(ROUND(I4452,2)*J4452)","v":{"v":1.5625,"d":"R$ 1.56"}},{"$f":"ROUND(S4452,2)+ROUND(S4453,2)+ROUND(S4454,2)+ROUND(S4455,2)+ROUND(S4456,2)+ROUND(S4457,2)+ROUND(S4458,2)+ROUND(S4459,2)+ROUND(S4460,2)+ROUND(S4461,2)+ROUND(S4462,2)+ROUND(S4463,2)+ROUND(S4464,2)+ROUND(S4465,2)+ROUND(S4466,2)+ROUND(S4467,2)+ROUND(S4468,2)+ROUND(S4469,2)+ROUND(S4470,2)+ROUND(S4471,2)+ROUND(S4472,2)+ROUND(S4473,2)+ROUND(S4474,2)+ROUND(S4475,2)+ROUND(S4476,2)","v":{"v":393.0000000000002,"d":"R$ 393.00"}},"","31","CALAFETE / LIMPEZA","1","Casa 1",10.08,{"$f":"ROUND(K4452,2)*R4452","v":{"v":15.7248,"d":"R$ 15.72"}}]
[{"$nulls":15},"2","Casa 2",10.08,{"$f":"ROUND(K4452,2)*R4453","v":{"v":15.7248,"d":"R$ 15.72"}}]
[{"$nulls":15},"3","Casa 3",10.08,{"$f":"ROUND(K4452,2)*R4454","v":{"v":15.7248,"d":"R$ 15.72"}}]
[{"$nulls":15},"4","Casa 4",10.08,{"$f":"ROUND(K4452,2)*R4455","v":{"v":15.7248,"d":"R$ 15.72"}}]
[{"$nulls":15},"5","Casa 5",10.08,{"$f":"ROUND(K4452,2)*R4456","v":{"v":15.7248,"d":"R$ 15.72"}}]
[{"$nulls":15},"6","Casa 6",10.08,{"$f":"ROUND(K4452,2)*R4457","v":{"v":15.7248,"d":"R$ 15.72"}}]
[{"$nulls":15},"7","Casa 7",10.08,{"$f":"ROUND(K4452,2)*R4458","v":{"v":15.7248,"d":"R$ 15.72"}}]
[{"$nulls":15},"8","Casa 8",10.08,{"$f":"ROUND(K4452,2)*R4459","v":{"v":15.7248,"d":"R$ 15.72"}}]
[{"$nulls":15},"9","Casa 9",10.08,{"$f":"ROUND(K4452,2)*R4460","v":{"v":15.7248,"d":"R$ 15.72"}}]
[{"$nulls":15},"10","Casa 10",10.08,{"$f":"ROUND(K4452,2)*R4461","v":{"v":15.7248,"d":"R$ 15.72"}}]
[{"$nulls":15},"11","Casa 11",10.08,{"$f":"ROUND(K4452,2)*R4462","v":{"v":15.7248,"d":"R$ 15.72"}}]
[{"$nulls":15},"12","Casa 12",10.08,{"$f":"ROUND(K4452,2)*R4463","v":{"v":15.7248,"d":"R$ 15.72"}}]
[{"$nulls":15},"13","Casa 13",10.08,{"$f":"ROUND(K4452,2)*R4464","v":{"v":15.7248,"d":"R$ 15.72"}}]
[{"$nulls":15},"14","Casa 14",10.08,{"$f":"ROUND(K4452,2)*R4465","v":{"v":15.7248,"d":"R$ 15.72"}}]
[{"$nulls":15},"15","Casa 15",10.08,{"$f":"ROUND(K4452,2)*R4466","v":{"v":15.7248,"d":"R$ 15.72"}}]
[{"$nulls":15},"16","Casa 16",10.08,{"$f":"ROUND(K4452,2)*R4467","v":{"v":15.7248,"d":"R$ 15.72"}}]
[{"$nulls":15},"17","Casa 17",10.08,{"$f":"ROUND(K4452,2)*R4468","v":{"v":15.7248,"d":"R$ 15.72"}}]
[{"$nulls":15},"18","Casa 18",10.08,{"$f":"ROUND(K4452,2)*R4469","v":{"v":15.7248,"d":"R$ 15.72"}}]
[{"$nulls":15},"19","Casa 19",10.08,{"$f":"ROUND(K4452,2)*R4470","v":{"v":15.7248,"d":"R$ 15.72"}}]
[{"$nulls":15},"20","Casa 20",10.08,{"$f":"ROUND(K4452,2)*R4471","v":{"v":15.7248,"d":"R$ 15.72"}}]
[{"$nulls":15},"21","Casa 21",10.08,{"$f":"ROUND(K4452,2)*R4472","v":{"v":15.7248,"d":"R$ 15.72"}}]
[{"$nulls":15},"22","Casa 22",10.08,{"$f":"ROUND(K4452,2)*R4473","v":{"v":15.7248,"d":"R$ 15.72"}}]
[{"$nulls":15},"23","Casa 23",10.08,{"$f":"ROUND(K4452,2)*R4474","v":{"v":15.7248,"d":"R$ 15.72"}}]
[{"$nulls":15},"24","Casa 24",10.08,{"$f":"ROUND(K4452,2)*R4475","v":{"v":15.7248,"d":"R$ 15.72"}}]
[{"$nulls":15},"25","Casa 25",10.08,{"$f":"ROUND(K4452,2)*R4476","v":{"v":15.7248,"d":"R$ 15.72"}}]
["Serviço","31.8","SINAPI","99807","LIMPEZA DE REVESTIMENTO CERÂMICO EM PAREDE UTILIZANDO DETERGENTE NEUTRO E ESCOVAÇÃO MANUAL. AF_04/2019",{"$f":"R4477+R4478+R4479+R4480+R4481+R4482+R4483+R4484+R4485+R4486+R4487+R4488+R4489+R4490+R4491+R4492+R4493+R4494+R4495+R4496+R4497+R4498+R4499+R4500+R4501","v":{"v":599.2500000000003,"d":"599.25"}},"M2",{"v":2.02,"d":"R$ 2.02"},{"v":2.02,"d":"R$ 2.02"},{"v":0.25,"d":"25.00%"},{"$f":"ROUND(I4477,2)+(ROUND(I4477,2)*J4477)","v":{"v":2.525,"d":"R$ 2.53"}},{"$f":"ROUND(S4477,2)+ROUND(S4478,2)+ROUND(S4479,2)+ROUND(S4480,2)+ROUND(S4481,2)+ROUND(S4482,2)+ROUND(S4483,2)+ROUND(S4484,2)+ROUND(S4485,2)+ROUND(S4486,2)+ROUND(S4487,2)+ROUND(S4488,2)+ROUND(S4489,2)+ROUND(S4490,2)+ROUND(S4491,2)+ROUND(S4492,2)+ROUND(S4493,2)+ROUND(S4494,2)+ROUND(S4495,2)+ROUND(S4496,2)+ROUND(S4497,2)+ROUND(S4498,2)+ROUND(S4499,2)+ROUND(S4500,2)+ROUND(S4501,2)","v":{"v":1516.0000000000007,"d":"R$ 1,516.00"}},"","31","CALAFETE / LIMPEZA","1","Casa 1",23.97,{"$f":"ROUND(K4477,2)*R4477","v":{"v":60.644099999999995,"d":"R$ 60.64"}}]
[{"$nulls":15},"2","Casa 2",23.97,{"$f":"ROUND(K4477,2)*R4478","v":{"v":60.644099999999995,"d":"R$ 60.64"}}]
[{"$nulls":15},"3","Casa 3",23.97,{"$f":"ROUND(K4477,2)*R4479","v":{"v":60.644099999999995,"d":"R$ 60.64"}}]
[{"$nulls":15},"4","Casa 4",23.97,{"$f":"ROUND(K4477,2)*R4480","v":{"v":60.644099999999995,"d":"R$ 60.64"}}]
[{"$nulls":15},"5","Casa 5",23.97,{"$f":"ROUND(K4477,2)*R4481","v":{"v":60.644099999999995,"d":"R$ 60.64"}}]
[{"$nulls":15},"6","Casa 6",23.97,{"$f":"ROUND(K4477,2)*R4482","v":{"v":60.644099999999995,"d":"R$ 60.64"}}]
[{"$nulls":15},"7","Casa 7",23.97,{"$f":"ROUND(K4477,2)*R4483","v":{"v":60.644099999999995,"d":"R$ 60.64"}}]
[{"$nulls":15},"8","Casa 8",23.97,{"$f":"ROUND(K4477,2)*R4484","v":{"v":60.644099999999995,"d":"R$ 60.64"}}]
[{"$nulls":15},"9","Casa 9",23.97,{"$f":"ROUND(K4477,2)*R4485","v":{"v":60.644099999999995,"d":"R$ 60.64"}}]
[{"$nulls":15},"10","Casa 10",23.97,{"$f":"ROUND(K4477,2)*R4486","v":{"v":60.644099999999995,"d":"R$ 60.64"}}]
[{"$nulls":15},"11","Casa 11",23.97,{"$f":"ROUND(K4477,2)*R4487","v":{"v":60.644099999999995,"d":"R$ 60.64"}}]
[{"$nulls":15},"12","Casa 12",23.97,{"$f":"ROUND(K4477,2)*R4488","v":{"v":60.644099999999995,"d":"R$ 60.64"}}]
[{"$nulls":15},"13","Casa 13",23.97,{"$f":"ROUND(K4477,2)*R4489","v":{"v":60.644099999999995,"d":"R$ 60.64"}}]
[{"$nulls":15},"14","Casa 14",23.97,{"$f":"ROUND(K4477,2)*R4490","v":{"v":60.644099999999995,"d":"R$ 60.64"}}]
[{"$nulls":15},"15","Casa 15",23.97,{"$f":"ROUND(K4477,2)*R4491","v":{"v":60.644099999999995,"d":"R$ 60.64"}}]
[{"$nulls":15},"16","Casa 16",23.97,{"$f":"ROUND(K4477,2)*R4492","v":{"v":60.644099999999995,"d":"R$ 60.64"}}]
[{"$nulls":15},"17","Casa 17",23.97,{"$f":"ROUND(K4477,2)*R4493","v":{"v":60.644099999999995,"d":"R$ 60.64"}}]
[{"$nulls":15},"18","Casa 18",23.97,{"$f":"ROUND(K4477,2)*R4494","v":{"v":60.644099999999995,"d":"R$ 60.64"}}]
[{"$nulls":15},"19","Casa 19",23.97,{"$f":"ROUND(K4477,2)*R4495","v":{"v":60.644099999999995,"d":"R$ 60.64"}}]
[{"$nulls":15},"20","Casa 20",23.97,{"$f":"ROUND(K4477,2)*R4496","v":{"v":60.644099999999995,"d":"R$ 60.64"}}]
[{"$nulls":15},"21","Casa 21",23.97,{"$f":"ROUND(K4477,2)*R4497","v":{"v":60.644099999999995,"d":"R$ 60.64"}}]
[{"$nulls":15},"22","Casa 22",23.97,{"$f":"ROUND(K4477,2)*R4498","v":{"v":60.644099999999995,"d":"R$ 60.64"}}]
[{"$nulls":15},"23","Casa 23",23.97,{"$f":"ROUND(K4477,2)*R4499","v":{"v":60.644099999999995,"d":"R$ 60.64"}}]
[{"$nulls":15},"24","Casa 24",23.97,{"$f":"ROUND(K4477,2)*R4500","v":{"v":60.644099999999995,"d":"R$ 60.64"}}]
[{"$nulls":15},"25","Casa 25",23.97,{"$f":"ROUND(K4477,2)*R4501","v":{"v":60.644099999999995,"d":"R$ 60.64"}}]
["Serviço","31.9","SINAPI","99816","LIMPEZA DE TANQUE OU LAVATÓRIO DE LOUÇA ISOLADO, INCLUSIVE METAIS CORRESPONDENTES. AF_04/2019",{"$f":"R4502+R4503+R4504+R4505+R4506+R4507+R4508+R4509+R4510+R4511+R4512+R4513+R4514+R4515+R4516+R4517+R4518+R4519+R4520+R4521+R4522+R4523+R4524+R4525+R4526","v":{"v":50,"d":"50.00"}},"UN",{"v":10.77,"d":"R$ 10.77"},{"v":10.77,"d":"R$ 10.77"},{"v":0.25,"d":"25.00%"},{"$f":"ROUND(I4502,2)+(ROUND(I4502,2)*J4502)","v":{"v":13.462499999999999,"d":"R$ 13.46"}},{"$f":"ROUND(S4502,2)+ROUND(S4503,2)+ROUND(S4504,2)+ROUND(S4505,2)+ROUND(S4506,2)+ROUND(S4507,2)+ROUND(S4508,2)+ROUND(S4509,2)+ROUND(S4510,2)+ROUND(S4511,2)+ROUND(S4512,2)+ROUND(S4513,2)+ROUND(S4514,2)+ROUND(S4515,2)+ROUND(S4516,2)+ROUND(S4517,2)+ROUND(S4518,2)+ROUND(S4519,2)+ROUND(S4520,2)+ROUND(S4521,2)+ROUND(S4522,2)+ROUND(S4523,2)+ROUND(S4524,2)+ROUND(S4525,2)+ROUND(S4526,2)","v":{"v":673,"d":"R$ 673.00"}},"","31","CALAFETE / LIMPEZA","1","Casa 1",{"v":2,"d":"2.00"},{"$f":"ROUND(K4502,2)*R4502","v":{"v":26.92,"d":"R$ 26.92"}}]
[{"$nulls":15},"2","Casa 2",{"v":2,"d":"2.00"},{"$f":"ROUND(K4502,2)*R4503","v":{"v":26.92,"d":"R$ 26.92"}}]
[{"$nulls":15},"3","Casa 3",{"v":2,"d":"2.00"},{"$f":"ROUND(K4502,2)*R4504","v":{"v":26.92,"d":"R$ 26.92"}}]
[{"$nulls":15},"4","Casa 4",{"v":2,"d":"2.00"},{"$f":"ROUND(K4502,2)*R4505","v":{"v":26.92,"d":"R$ 26.92"}}]
[{"$nulls":15},"5","Casa 5",{"v":2,"d":"2.00"},{"$f":"ROUND(K4502,2)*R4506","v":{"v":26.92,"d":"R$ 26.92"}}]
[{"$nulls":15},"6","Casa 6",{"v":2,"d":"2.00"},{"$f":"ROUND(K4502,2)*R4507","v":{"v":26.92,"d":"R$ 26.92"}}]
[{"$nulls":15},"7","Casa 7",{"v":2,"d":"2.00"},{"$f":"ROUND(K4502,2)*R4508","v":{"v":26.92,"d":"R$ 26.92"}}]
[{"$nulls":15},"8","Casa 8",{"v":2,"d":"2.00"},{"$f":"ROUND(K4502,2)*R4509","v":{"v":26.92,"d":"R$ 26.92"}}]
[{"$nulls":15},"9","Casa 9",{"v":2,"d":"2.00"},{"$f":"ROUND(K4502,2)*R4510","v":{"v":26.92,"d":"R$ 26.92"}}]
[{"$nulls":15},"10","Casa 10",{"v":2,"d":"2.00"},{"$f":"ROUND(K4502,2)*R4511","v":{"v":26.92,"d":"R$ 26.92"}}]
[{"$nulls":15},"11","Casa 11",{"v":2,"d":"2.00"},{"$f":"ROUND(K4502,2)*R4512","v":{"v":26.92,"d":"R$ 26.92"}}]
[{"$nulls":15},"12","Casa 12",{"v":2,"d":"2.00"},{"$f":"ROUND(K4502,2)*R4513","v":{"v":26.92,"d":"R$ 26.92"}}]
[{"$nulls":15},"13","Casa 13",{"v":2,"d":"2.00"},{"$f":"ROUND(K4502,2)*R4514","v":{"v":26.92,"d":"R$ 26.92"}}]
[{"$nulls":15},"14","Casa 14",{"v":2,"d":"2.00"},{"$f":"ROUND(K4502,2)*R4515","v":{"v":26.92,"d":"R$ 26.92"}}]
[{"$nulls":15},"15","Casa 15",{"v":2,"d":"2.00"},{"$f":"ROUND(K4502,2)*R4516","v":{"v":26.92,"d":"R$ 26.92"}}]
[{"$nulls":15},"16","Casa 16",{"v":2,"d":"2.00"},{"$f":"ROUND(K4502,2)*R4517","v":{"v":26.92,"d":"R$ 26.92"}}]
[{"$nulls":15},"17","Casa 17",{"v":2,"d":"2.00"},{"$f":"ROUND(K4502,2)*R4518","v":{"v":26.92,"d":"R$ 26.92"}}]
[{"$nulls":15},"18","Casa 18",{"v":2,"d":"2.00"},{"$f":"ROUND(K4502,2)*R4519","v":{"v":26.92,"d":"R$ 26.92"}}]
[{"$nulls":15},"19","Casa 19",{"v":2,"d":"2.00"},{"$f":"ROUND(K4502,2)*R4520","v":{"v":26.92,"d":"R$ 26.92"}}]
[{"$nulls":15},"20","Casa 20",{"v":2,"d":"2.00"},{"$f":"ROUND(K4502,2)*R4521","v":{"v":26.92,"d":"R$ 26.92"}}]
[{"$nulls":15},"21","Casa 21",{"v":2,"d":"2.00"},{"$f":"ROUND(K4502,2)*R4522","v":{"v":26.92,"d":"R$ 26.92"}}]
[{"$nulls":15},"22","Casa 22",{"v":2,"d":"2.00"},{"$f":"ROUND(K4502,2)*R4523","v":{"v":26.92,"d":"R$ 26.92"}}]
[{"$nulls":15},"23","Casa 23",{"v":2,"d":"2.00"},{"$f":"ROUND(K4502,2)*R4524","v":{"v":26.92,"d":"R$ 26.92"}}]
[{"$nulls":15},"24","Casa 24",{"v":2,"d":"2.00"},{"$f":"ROUND(K4502,2)*R4525","v":{"v":26.92,"d":"R$ 26.92"}}]
[{"$nulls":15},"25","Casa 25",{"v":2,"d":"2.00"},{"$f":"ROUND(K4502,2)*R4526","v":{"v":26.92,"d":"R$ 26.92"}}]
["","","","","","","","","","","","","","","","","","Total:",{"$f":"L2+L53+L90+L316+L517+L593+L844+L920+L1071+L1097+L1248+L1399+L1450+L1551+L1577+L1678+L1729+L1805+L2031+L2082+L2158+L2359+L2685+L2911+L3087+L3188+L3364+L3715+L4016+L4142+L4301","v":{"v":3886600.05,"d":"R$ 3,886,600.05"}}]
["","","","","","","","","","","","","","","","","","Valor não utilizado (QCI):",{"$f":"ROUND(3886600.05,2)-ROUND(S4527,2)","v":{"v":0,"d":"R$ 0.00"}}]

{"sheet":"CFF - PLE","index":1,"n_rows":776,"n_cols":5,"rows_kept":776,"merged":[[1,0,25,0],[1,1,25,1],[26,0,50,0],[26,1,50,1],[51,0,75,0],[51,1,75,1],[76,0,100,0],[76,1,100,1],[101,0,125,0],[101,1,125,1],[126,0,150,0],[126,1,150,1],[151,0,175,0],[151,1,175,1],[176,0,200,0],[176,1,200,1],[201,0,225,0],[201,1,225,1],[226,0,250,0],[226,1,250,1],[251,0,275,0],[251,1,275,1],[276,0,300,0],[276,1,300,1],[301,0,325,0],[301,1,325,1],[326,0,350,0],[326,1,350,1],[351,0,375,0],[351,1,375,1],[376,0,400,0],[376,1,400,1],[401,0,425,0],[401,1,425,1],[426,0,450,0],[426,1,450,1],[451,0,475,0],[451,1,475,1],[476,0,500,0],[476,1,500,1],[501,0,525,0],[501,1,525,1],[526,0,550,0],[526,1,550,1],[551,0,575,0],[551,1,575,1],[576,0,600,0],[576,1,600,1],[601,0,625,0],[601,1,625,1],[626,0,650,0],[626,1,650,1],[651,0,675,0],[651,1,675,1],[676,0,700,0],[676,1,700,1],[701,0,725,0],[701,1,725,1],[726,0,750,0],[726,1,750,1],[751,0,775,0],[751,1,775,1]]}
["N° do Evento","Título do Evento","N° da Frente de Obra","Frente de Obra","N° do Período de Conclusão do Evento"]
["1","Administração Local","1","Casa 1","12"]
[null,null,"2","Casa 2","12"]
[null,null,"3","Casa 3","12"]
[null,null,"4","Casa 4","12"]
[null,null,"5","Casa 5","12"]
[null,null,"6","Casa 6","12"]
[null,null,"7","Casa 7","12"]
[null,null,"8","Casa 8","12"]
[null,null,"9","Casa 9","12"]
[null,null,"10","Casa 10","12"]
[null,null,"11","Casa 11","12"]
[null,null,"12","Casa 12","12"]
[null,null,"13","Casa 13","12"]
[null,null,"14","Casa 14","12"]
[null,null,"15","Casa 15","12"]
[null,null,"16","Casa 16","12"]
[null,null,"17","Casa 17","12"]
[null,null,"18","Casa 18","12"]
[null,null,"19","Casa 19","12"]
[null,null,"20","Casa 20","12"]
[null,null,"21","Casa 21","12"]
[null,null,"22","Casa 22","12"]
[null,null,"23","Casa 23","12"]
[null,null,"24","Casa 24","12"]
[null,null,"25","Casa 25","12"]
["2","SERVIÇOS PRELIMINARES","1","Casa 1","1"]
[null,null,"2","Casa 2","1"]
[null,null,"3","Casa 3","1"]
[null,null,"4","Casa 4","1"]
[null,null,"5","Casa 5","1"]
[null,null,"6","Casa 6","1"]
[null,null,"7","Casa 7","1"]
[null,null,"8","Casa 8","1"]
[null,null,"9","Casa 9","1"]
[null,null,"10","Casa 10","1"]
[null,null,"11","Casa 11","1"]
[null,null,"12","Casa 12","1"]
[null,null,"13","Casa 13","1"]
[null,null,"14","Casa 14","1"]
[null,null,"15","Casa 15","1"]
[null,null,"16","Casa 16","1"]
[null,null,"17","Casa 17","1"]
[null,null,"18","Casa 18","1"]
[null,null,"19","Casa 19","1"]
[null,null,"20","Casa 20","1"]
[null,null,"21","Casa 21","1"]
[null,null,"22","Casa 22","1"]
[null,null,"23","Casa 23","1"]
[null,null,"24","Casa 24","1"]
[null,null,"25","Casa 25","1"]
["12","REVESTIMENTOS CERÂMICOS","1","Casa 1","7"]
[null,null,"2","Casa 2","7"]
[null,null,"3","Casa 3","7"]
[null,null,"4","Casa 4","7"]
[null,null,"5","Casa 5","7"]
[null,null,"6","Casa 6","7"]
[null,null,"7","Casa 7","7"]
[null,null,"8","Casa 8","7"]
[null,null,"9","Casa 9","7"]
[null,null,"10","Casa 10","7"]
[null,null,"11","Casa 11","7"]
[null,null,"12","Casa 12","7"]
[null,null,"13","Casa 13","7"]
[null,null,"14","Casa 14","7"]
[null,null,"15","Casa 15","7"]
[null,null,"16","Casa 16","7"]
[null,null,"17","Casa 17","7"]
[null,null,"18","Casa 18","7"]
[null,null,"19","Casa 19","7"]
[null,null,"20","Casa 20","7"]
[null,null,"21","Casa 21","7"]
[null,null,"22","Casa 22","7"]
[null,null,"23","Casa 23","7"]
[null,null,"24","Casa 24","7"]
[null,null,"25","Casa 25","7"]
["3","SAPATA","1","Casa 1","1"]
[null,null,"2","Casa 2","1"]
[null,null,"3","Casa 3","1"]
[null,null,"4","Casa 4","1"]
[null,null,"5","Casa 5","1"]
[null,null,"6","Casa 6","1"]
[null,null,"7","Casa 7","1"]
[null,null,"8","Casa 8","1"]
[null,null,"9","Casa 9","1"]
[null,null,"10","Casa 10","1"]
[null,null,"11","Casa 11","1"]
[null,null,"12","Casa 12","1"]
[null,null,"13","Casa 13","1"]
[null,null,"14","Casa 14","1"]
[null,null,"15","Casa 15","1"]
[null,null,"16","Casa 16","1"]
[null,null,"17","Casa 17","1"]
[null,null,"18","Casa 18","1"]
[null,null,"19","Casa 19","1"]
[null,null,"20","Casa 20","1"]
[null,null,"21","Casa 21","1"]
[null,null,"22","Casa 22","1"]
[null,null,"23","Casa 23","1"]
[null,null,"24","Casa 24","1"]
[null,null,"25","Casa 25","1"]
["4","BALDRAMES","1","Casa 1","2"]
[null,null,"2","Casa 2","2"]
[null,null,"3","Casa 3","2"]
[null,null,"4","Casa 4","2"]
[null,null,"5","Casa 5","2"]
[null,null,"6","Casa 6","2"]
[null,null,"7","Casa 7","2"]
[null,null,"8","Casa 8","2"]
[null,null,"9","Casa 9","2"]
[null,null,"10","Casa 10","2"]
[null,null,"11","Casa 11","2"]
[null,null,"12","Casa 12","2"]
[null,null,"13","Casa 13","2"]
[null,null,"14","Casa 14","2"]
[null,null,"15","Casa 15","2"]
[null,null,"16","Casa 16","2"]
[null,null,"17","Casa 17","2"]
[null,null,"18","Casa 18","2"]
[null,null,"19","Casa 19","2"]
[null,null,"20","Casa 20","2"]
[null,null,"21","Casa 21","2"]
[null,null,"22","Casa 22","2"]
[null,null,"23","Casa 23","2"]
[null,null,"24","Casa 24","2"]
[null,null,"25","Casa 25","2"]
["5","IMPERMEABILIZAÇÃO","1","Casa 1","2"]
[null,null,"2","Casa 2","2"]
[null,null,"3","Casa 3","2"]
[null,null,"4","Casa 4","2"]
[null,null,"5","Casa 5","2"]
[null,null,"6","Casa 6","2"]
[null,null,"7","Casa 7","2"]
[null,null,"8","Casa 8","2"]
[null,null,"9","Casa 9","2"]
[null,null,"10","Casa 10","2"]
[null,null,"11","Casa 11","2"]
[null,null,"12","Casa 12","2"]
[null,null,"13","Casa 13","2"]
[null,null,"14","Casa 14","2"]
[null,null,"15","Casa 15","2"]
[null,null,"16","Casa 16","2"]
[null,null,"17","Casa 17","2"]
[null,null,"18","Casa 18","2"]
[null,null,"19","Casa 19","2"]
[null,null,"20","Casa 20","2"]
[null,null,"21","Casa 21","2"]
[null,null,"22","Casa 22","2"]
[null,null,"23","Casa 23","2"]
[null,null,"24","Casa 24","2"]
[null,null,"25","Casa 25","2"]
["6","PILARES, VIGAS E LAJES","1","Casa 1","3"]
[null,null,"2","Casa 2","3"]
[null,null,"3","Casa 3","3"]
[null,null,"4","Casa 4","3"]
[null,null,"5","Casa 5","3"]
[null,null,"6","Casa 6","3"]
[null,null,"7","Casa 7","3"]
[null,null,"8","Casa 8","3"]
[null,null,"9","Casa 9","3"]
[null,null,"10","Casa 10","3"]
[null,null,"11","Casa 11","3"]
[null,null,"12","Casa 12","3"]
[null,null,"13","Casa 13","3"]
[null,null,"14","Casa 14","3"]
[null,null,"15","Casa 15","3"]
[null,null,"16","Casa 16","3"]
[null,null,"17","Casa 17","3"]
[null,null,"18","Casa 18","3"]
[null,null,"19","Casa 19","3"]
[null,null,"20","Casa 20","3"]
[null,null,"21","Casa 21","3"]
[null,null,"22","Casa 22","3"]
[null,null,"23","Casa 23","3"]
[null,null,"24","Casa 24","3"]
[null,null,"25","Casa 25","3"]
["7","ALVENARIA/FECHAMENTOS","1","Casa 1","4"]
[null,null,"2","Casa 2","4"]
[null,null,"3","Casa 3","4"]
[null,null,"4","Casa 4","4"]
[null,null,"5","Casa 5","4"]
[null,null,"6","Casa 6","4"]
[null,null,"7","Casa 7","4"]
[null,null,"8","Casa 8","4"]
[null,null,"9","Casa 9","4"]
[null,null,"10","Casa 10","4"]
[null,null,"11","Casa 11","4"]
[null,null,"12","Casa 12","4"]
[null,null,"13","Casa 13","4"]
[null,null,"14","Casa 14","4"]
[null,null,"15","Casa 15","4"]
[null,null,"16","Casa 16","4"]
[null,null,"17","Casa 17","4"]
[null,null,"18","Casa 18","4"]
[null,null,"19","Casa 19","4"]
[null,null,"20","Casa 20","4"]
[null,null,"21","Casa 21","4"]
[null,null,"22","Casa 22","4"]
[null,null,"23","Casa 23","4"]
[null,null,"24","Casa 24","4"]
[null,null,"25","Casa 25","4"]
["8","ESQUADRIAS METÁLICAS","1","Casa 1","8"]
[null,null,"2","Casa 2","8"]
[null,null,"3","Casa 3","8"]
[null,null,"4","Casa 4","8"]
[null,null,"5","Casa 5","8"]
[null,null,"6","Casa 6","8"]
[null,null,"7","Casa 7","8"]
[null,null,"8","Casa 8","8"]
[null,null,"9","Casa 9","8"]
[null,null,"10","Casa 10","8"]
[null,null,"11","Casa 11","8"]
[null,null,"12","Casa 12","8"]
[null,null,"13","Casa 13","8"]
[null,null,"14","Casa 14","8"]
[null,null,"15","Casa 15","8"]
[null,null,"16","Casa 16","8"]
[null,null,"17","Casa 17","8"]
[null,null,"18","Casa 18","8"]
[null,null,"19","Casa 19","8"]
[null,null,"20","Casa 20","8"]
[null,null,"21","Casa 21","8"]
[null,null,"22","Casa 22","8"]
[null,null,"23","Casa 23","8"]
[null,null,"24","Casa 24","8"]
[null,null,"25","Casa 25","8"]
["9","ESQUADRIAS DE MADEIRAS","1","Casa 1","8"]
[null,null,"2","Casa 2","8"]
[null,null,"3","Casa 3","8"]
[null,null,"4","Casa 4","8"]
[null,null,"5","Casa 5","8"]
[null,null,"6","Casa 6","8"]
[null,null,"7","Casa 7","8"]
[null,null,"8","Casa 8","8"]
[null,null,"9","Casa 9","8"]
[null,null,"10","Casa 10","8"]
[null,null,"11","Casa 11","8"]
[null,null,"12","Casa 12","8"]
[null,null,"13","Casa 13","8"]
[null,null,"14","Casa 14","8"]
[null,null,"15","Casa 15","8"]
[null,null,"16","Casa 16","8"]
[null,null,"17","Casa 17","8"]
[null,null,"18","Casa 18","8"]
[null,null,"19","Casa 19","8"]
[null,null,"20","Casa 20","8"]
[null,null,"21","Casa 21","8"]
[null,null,"22","Casa 22","8"]
[null,null,"23","Casa 23","8"]
[null,null,"24","Casa 24","8"]
[null,null,"25","Casa 25","8"]
["10","TELHADOS","1","Casa 1","5"]
[null,null,"2","Casa 2","5"]
[null,null,"3","Casa 3","5"]
[null,null,"4","Casa 4","5"]
[null,null,"5","Casa 5","5"]
[null,null,"6","Casa 6","5"]
[null,null,"7","Casa 7","5"]
[null,null,"8","Casa 8","5"]
[null,null,"9","Casa 9","5"]
[null,null,"10","Casa 10","5"]
[null,null,"11","Casa 11","6"]
[null,null,"12","Casa 12","6"]
[null,null,"13","Casa 13","6"]
[null,null,"14","Casa 14","6"]
[null,null,"15","Casa 15","6"]
[null,null,"16","Casa 16","6"]
[null,null,"17","Casa 17","6"]
[null,null,"18","Casa 18","6"]
[null,null,"19","Casa 19","6"]
[null,null,"20","Casa 20","6"]
[null,null,"21","Casa 21","6"]
[null,null,"22","Casa 22","6"]
[null,null,"23","Casa 23","6"]
[null,null,"24","Casa 24","6"]
[null,null,"25","Casa 25","6"]
["11","REVESTIMENTOS INTERNOS","1","Casa 1","7"]
[null,null,"2","Casa 2","7"]
[null,null,"3","Casa 3","7"]
[null,null,"4","Casa 4","7"]
[null,null,"5","Casa 5","7"]
[null,null,"6","Casa 6","7"]
[null,null,"7","Casa 7","7"]
[null,null,"8","Casa 8","7"]
[null,null,"9","Casa 9","7"]
[null,null,"10","Casa 10","7"]
[null,null,"11","Casa 11","7"]
[null,null,"12","Casa 12","7"]
[null,null,"13","Casa 13","7"]
[null,null,"14","Casa 14","7"]
[null,null,"15","Casa 15","7"]
[null,null,"16","Casa 16","7"]
[null,null,"17","Casa 17","7"]
[null,null,"18","Casa 18","7"]
[null,null,"19","Casa 19","7"]
[null,null,"20","Casa 20","7"]
[null,null,"21","Casa 21","7"]
[null,null,"22","Casa 22","7"]
[null,null,"23","Casa 23","7"]
[null,null,"24","Casa 24","7"]
[null,null,"25","Casa 25","7"]
["13","REVESTIMENTOS EXTERNOS","1","Casa 1","7"]
[null,null,"2","Casa 2","7"]
[null,null,"3","Casa 3","7"]
[null,null,"4","Casa 4","7"]
[null,null,"5","Casa 5","7"]
[null,null,"6","Casa 6","7"]
[null,null,"7","Casa 7","7"]
[null,null,"8","Casa 8","7"]
[null,null,"9","Casa 9","7"]
[null,null,"10","Casa 10","7"]
[null,null,"11","Casa 11","7"]
[null,null,"12","Casa 12","7"]
[null,null,"13","Casa 13","7"]
[null,null,"14","Casa 14","7"]
[null,null,"15","Casa 15","7"]
[null,null,"16","Casa 16","7"]
[null,null,"17","Casa 17","7"]
[null,null,"18","Casa 18","7"]
[null,null,"19","Casa 19","7"]
[null,null,"20","Casa 20","7"]
[null,null,"21","Casa 21","7"]
[null,null,"22","Casa 22","7"]
[null,null,"23","Casa 23","7"]
[null,null,"24","Casa 24","7"]
[null,null,"25","Casa 25","7"]
["14","FORROS","1","Casa 1","9"]
[null,null,"2","Casa 2","9"]
[null,null,"3","Casa 3","9"]
[null,null,"4","Casa 4","9"]
[null,null,"5","Casa 5","9"]
[null,null,"6","Casa 6","9"]
[null,null,"7","Casa 7","9"]
[null,null,"8","Casa 8","9"]
[null,null,"9","Casa 9","9"]
[null,null,"10","Casa 10","9"]
[null,null,"11","Casa 11","9"]
[null,null,"12","Casa 12","9"]
[null,null,"13","Casa 13","9"]
[null,null,"14","Casa 14","9"]
[null,null,"15","Casa 15","9"]
[null,null,"16","Casa 16","9"]
[null,null,"17","Casa 17","9"]
[null,null,"18","Casa 18","9"]
[null,null,"19","Casa 19","9"]
[null,null,"20","Casa 20","9"]
[null,null,"21","Casa 21","9"]
[null,null,"22","Casa 22","9"]
[null,null,"23","Casa 23","9"]
[null,null,"24","Casa 24","9"]
[null,null,"25","Casa 25","9"]
["15","PINTURAS INTERNAS","1","Casa 1","12"]
[null,null,"2","Casa 2","12"]
[null,null,"3","Casa 3","12"]
[null,null,"4","Casa 4","12"]
[null,null,"5","Casa 5","12"]
[null,null,"6","Casa 6","12"]
[null,null,"7","Casa 7","12"]
[null,null,"8","Casa 8","12"]
[null,null,"9","Casa 9","12"]
[null,null,"10","Casa 10","12"]
[null,null,"11","Casa 11","12"]
[null,null,"12","Casa 12","12"]
[null,null,"13","Casa 13","12"]
[null,null,"14","Casa 14","12"]
[null,null,"15","Casa 15","12"]
[null,null,"16","Casa 16","12"]
[null,null,"17","Casa 17","12"]
[null,null,"18","Casa 18","12"]
[null,null,"19","Casa 19","12"]
[null,null,"20","Casa 20","12"]
[null,null,"21","Casa 21","12"]
[null,null,"22","Casa 22","12"]
[null,null,"23","Casa 23","12"]
[null,null,"24","Casa 24","12"]
[null,null,"25","Casa 25","12"]
["16","PINTURAS EXTERNAS","1","Casa 1","12"]
[null,null,"2","Casa 2","12"]
[null,null,"3","Casa 3","12"]
[null,null,"4","Casa 4","12"]
[null,null,"5","Casa 5","12"]
[null,null,"6","Casa 6","12"]
[null,null,"7","Casa 7","12"]
[null,null,"8","Casa 8","12"]
[null,null,"9","Casa 9","12"]
[null,null,"10","Casa 10","12"]
[null,null,"11","Casa 11","12"]
[null,null,"12","Casa 12","12"]
[null,null,"13","Casa 13","12"]
[null,null,"14","Casa 14","12"]
[null,null,"15","Casa 15","12"]
[null,null,"16","Casa 16","12"]
[null,null,"17","Casa 17","12"]
[null,null,"18","Casa 18","12"]
[null,null,"19","Casa 19","12"]
[null,null,"20","Casa 20","12"]
[null,null,"21","Casa 21","12"]
[null,null,"22","Casa 22","12"]
[null,null,"23","Casa 23","12"]
[null,null,"24","Casa 24","12"]
[null,null,"25","Casa 25","12"]
["17","PINTURA ESQUADRIAS","1","Casa 1","12"]
[null,null,"2","Casa 2","12"]
[null,null,"3","Casa 3","12"]
[null,null,"4","Casa 4","12"]
[null,null,"5","Casa 5","12"]
[null,null,"6","Casa 6","12"]
[null,null,"7","Casa 7","12"]
[null,null,"8","Casa 8","12"]
[null,null,"9","Casa 9","12"]
[null,null,"10","Casa 10","12"]
[null,null,"11","Casa 11","12"]
[null,null,"12","Casa 12","12"]
[null,null,"13","Casa 13","12"]
[null,null,"14","Casa 14","12"]
[null,null,"15","Casa 15","12"]
[null,null,"16","Casa 16","12"]
[null,null,"17","Casa 17","12"]
[null,null,"18","Casa 18","12"]
[null,null,"19","Casa 19","12"]
[null,null,"20","Casa 20","12"]
[null,null,"21","Casa 21","12"]
[null,null,"22","Casa 22","12"]
[null,null,"23","Casa 23","12"]
[null,null,"24","Casa 24","12"]
[null,null,"25","Casa 25","12"]
["18","PISO CERÂMICO","1","Casa 1","9"]
[null,null,"2","Casa 2","9"]
[null,null,"3","Casa 3","9"]
[null,null,"4","Casa 4","9"]
[null,null,"5","Casa 5","9"]
[null,null,"6","Casa 6","9"]
[null,null,"7","Casa 7","9"]
[null,null,"8","Casa 8","9"]
[null,null,"9","Casa 9","9"]
[null,null,"10","Casa 10","9"]
[null,null,"11","Casa 11","9"]
[null,null,"12","Casa 12","9"]
[null,null,"13","Casa 13","9"]
[null,null,"14","Casa 14","9"]
[null,null,"15","Casa 15","9"]
[null,null,"16","Casa 16","9"]
[null,null,"17","Casa 17","9"]
[null,null,"18","Casa 18","9"]
[null,null,"19","Casa 19","9"]
[null,null,"20","Casa 20","9"]
[null,null,"21","Casa 21","9"]
[null,null,"22","Casa 22","9"]
[null,null,"23","Casa 23","9"]
[null,null,"24","Casa 24","9"]
[null,null,"25","Casa 25","9"]
["19","PISOS CIMENTADOS","1","Casa 1","9"]
[null,null,"2","Casa 2","9"]
[null,null,"3","Casa 3","9"]
[null,null,"4","Casa 4","9"]
[null,null,"5","Casa 5","9"]
[null,null,"6","Casa 6","9"]
[null,null,"7","Casa 7","9"]
[null,null,"8","Casa 8","9"]
[null,null,"9","Casa 9","9"]
[null,null,"10","Casa 10","9"]
[null,null,"11","Casa 11","9"]
[null,null,"12","Casa 12","9"]
[null,null,"13","Casa 13","9"]
[null,null,"14","Casa 14","9"]
[null,null,"15","Casa 15","9"]
[null,null,"16","Casa 16","9"]
[null,null,"17","Casa 17","9"]
[null,null,"18","Casa 18","9"]
[null,null,"19","Casa 19","9"]
[null,null,"20","Casa 20","9"]
[null,null,"21","Casa 21","9"]
[null,null,"22","Casa 22","9"]
[null,null,"23","Casa 23","9"]
[null,null,"24","Casa 24","9"]
[null,null,"25","Casa 25","9"]
["20","RODAPÉS, SOLEIRAS E PEITORIS","1","Casa 1","9"]
[null,null,"2","Casa 2","9"]
[null,null,"3","Casa 3","9"]
[null,null,"4","Casa 4","9"]
[null,null,"5","Casa 5","9"]
[null,null,"6","Casa 6","9"]
[null,null,"7","Casa 7","9"]
[null,null,"8","Casa 8","9"]
[null,null,"9","Casa 9","9"]
[null,null,"10","Casa 10","9"]
[null,null,"11","Casa 11","9"]
[null,null,"12","Casa 12","9"]
[null,null,"13","Casa 13","9"]
[null,null,"14","Casa 14","9"]
[null,null,"15","Casa 15","9"]
[null,null,"16","Casa 16","9"]
[null,null,"17","Casa 17","9"]
[null,null,"18","Casa 18","9"]
[null,null,"19","Casa 19","9"]
[null,null,"20","Casa 20","9"]
[null,null,"21","Casa 21","9"]
[null,null,"22","Casa 22","9"]
[null,null,"23","Casa 23","9"]
[null,null,"24","Casa 24","9"]
[null,null,"25","Casa 25","9"]
["21","CENTRO DE DISTRIBUIÇÃO ELÉTRICA","1","Casa 1","10"]
[null,null,"2","Casa 2","10"]
[null,null,"3","Casa 3","10"]
[null,null,"4","Casa 4","10"]
[null,null,"5","Casa 5","10"]
[null,null,"6","Casa 6","10"]
[null,null,"7","Casa 7","10"]
[null,null,"8","Casa 8","10"]
[null,null,"9","Casa 9","10"]
[null,null,"10","Casa 10","10"]
[null,null,"11","Casa 11","10"]
[null,null,"12","Casa 12","10"]
[null,null,"13","Casa 13","10"]
[null,null,"14","Casa 14","10"]
[null,null,"15","Casa 15","10"]
[null,null,"16","Casa 16","10"]
[null,null,"17","Casa 17","10"]
[null,null,"18","Casa 18","10"]
[null,null,"19","Casa 19","10"]
[null,null,"20","Casa 20","10"]
[null,null,"21","Casa 21","10"]
[null,null,"22","Casa 22","10"]
[null,null,"23","Casa 23","10"]
[null,null,"24","Casa 24","10"]
[null,null,"25","Casa 25","10"]
["22","ILUMINAÇÃO, TOMADAS E INTERRUPTORES","1","Casa 1","11"]
[null,null,"2","Casa 2","11"]
[null,null,"3","Casa 3","11"]
[null,null,"4","Casa 4","11"]
[null,null,"5","Casa 5","11"]
[null,null,"6","Casa 6","11"]
[null,null,"7","Casa 7","11"]
[null,null,"8","Casa 8","11"]
[null,null,"9","Casa 9","11"]
[null,null,"10","Casa 10","11"]
[null,null,"11","Casa 11","11"]
[null,null,"12","Casa 12","11"]
[null,null,"13","Casa 13","11"]
[null,null,"14","Casa 14","11"]
[null,null,"15","Casa 15","11"]
[null,null,"16","Casa 16","11"]
[null,null,"17","Casa 17","11"]
[null,null,"18","Casa 18","11"]
[null,null,"19","Casa 19","11"]
[null,null,"20","Casa 20","11"]
[null,null,"21","Casa 21","11"]
[null,null,"22","Casa 22","11"]
[null,null,"23","Casa 23","11"]
[null,null,"24","Casa 24","11"]
[null,null,"25","Casa 25","11"]
["23","FIOS E CABOS","1","Casa 1","10"]
[null,null,"2","Casa 2","10"]
[null,null,"3","Casa 3","10"]
[null,null,"4","Casa 4","10"]
[null,null,"5","Casa 5","10"]
[null,null,"6","Casa 6","10"]
[null,null,"7","Casa 7","10"]
[null,null,"8","Casa 8","10"]
[null,null,"9","Casa 9","10"]
[null,null,"10","Casa 10","10"]
[null,null,"11","Casa 11","10"]
[null,null,"12","Casa 12","10"]
[null,null,"13","Casa 13","10"]
[null,null,"14","Casa 14","10"]
[null,null,"15","Casa 15","10"]
[null,null,"16","Casa 16","10"]
[null,null,"17","Casa 17","10"]
[null,null,"18","Casa 18","10"]
[null,null,"19","Casa 19","10"]
[null,null,"20","Casa 20","10"]
[null,null,"21","Casa 21","10"]
[null,null,"22","Casa 22","10"]
[null,null,"23","Casa 23","10"]
[null,null,"24","Casa 24","10"]
[null,null,"25","Casa 25","10"]
["24","TUBULAÇÕES E CONEXÕES HIDRÁULICAS","1","Casa 1","6"]
[null,null,"2","Casa 2","6"]
[null,null,"3","Casa 3","6"]
[null,null,"4","Casa 4","6"]
[null,null,"5","Casa 5","6"]
[null,null,"6","Casa 6","6"]
[null,null,"7","Casa 7","6"]
[null,null,"8","Casa 8","6"]
[null,null,"9","Casa 9","6"]
[null,null,"10","Casa 10","6"]
[null,null,"11","Casa 11","6"]
[null,null,"12","Casa 12","6"]
[null,null,"13","Casa 13","6"]
[null,null,"14","Casa 14","6"]
[null,null,"15","Casa 15","6"]
[null,null,"16","Casa 16","6"]
[null,null,"17","Casa 17","6"]
[null,null,"18","Casa 18","6"]
[null,null,"19","Casa 19","6"]
[null,null,"20","Casa 20","6"]
[null,null,"21","Casa 21","6"]
[null,null,"22","Casa 22","6"]
[null,null,"23","Casa 23","6"]
[null,null,"24","Casa 24","6"]
[null,null,"25","Casa 25","6"]
["25","REGISTROS","1","Casa 1","6"]
[null,null,"2","Casa 2","6"]
[null,null,"3","Casa 3","6"]
[null,null,"4","Casa 4","6"]
[null,null,"5","Casa 5","6"]
[null,null,"6","Casa 6","6"]
[null,null,"7","Casa 7","6"]
[null,null,"8","Casa 8","6"]
[null,null,"9","Casa 9","6"]
[null,null,"10","Casa 10","6"]
[null,null,"11","Casa 11","6"]
[null,null,"12","Casa 12","6"]
[null,null,"13","Casa 13","6"]
[null,null,"14","Casa 14","6"]
[null,null,"15","Casa 15","6"]
[null,null,"16","Casa 16","6"]
[null,null,"17","Casa 17","6"]
[null,null,"18","Casa 18","6"]
[null,null,"19","Casa 19","6"]
[null,null,"20","Casa 20","6"]
[null,null,"21","Casa 21","6"]
[null,null,"22","Casa 22","6"]
[null,null,"23","Casa 23","6"]
[null,null,"24","Casa 24","6"]
[null,null,"25","Casa 25","6"]
["26","ENTRADA / ALIMENTAÇÃO HIDRÁULICA","1","Casa 1","6"]
[null,null,"2","Casa 2","6"]
[null,null,"3","Casa 3","6"]
[null,null,"4","Casa 4","6"]
[null,null,"5","Casa 5","6"]
[null,null,"6","Casa 6","6"]
[null,null,"7","Casa 7","6"]
[null,null,"8","Casa 8","6"]
[null,null,"9","Casa 9","6"]
[null,null,"10","Casa 10","6"]
[null,null,"11","Casa 11","6"]
[null,null,"12","Casa 12","6"]
[null,null,"13","Casa 13","6"]
[null,null,"14","Casa 14","6"]
[null,null,"15","Casa 15","6"]
[null,null,"16","Casa 16","6"]
[null,null,"17","Casa 17","6"]
[null,null,"18","Casa 18","6"]
[null,null,"19","Casa 19","6"]
[null,null,"20","Casa 20","6"]
[null,null,"21","Casa 21","6"]
[null,null,"22","Casa 22","6"]
[null,null,"23","Casa 23","6"]
[null,null,"24","Casa 24","6"]
[null,null,"25","Casa 25","6"]
["27","CAIXA D'ÁGUA E BARRILETE","1","Casa 1","5"]
[null,null,"2","Casa 2","5"]
[null,null,"3","Casa 3","5"]
[null,null,"4","Casa 4","5"]
[null,null,"5","Casa 5","5"]
[null,null,"6","Casa 6","5"]
[null,null,"7","Casa 7","5"]
[null,null,"8","Casa 8","5"]
[null,null,"9","Casa 9","5"]
[null,null,"10","Casa 10","5"]
[null,null,"11","Casa 11","5"]
[null,null,"12","Casa 12","5"]
[null,null,"13","Casa 13","5"]
[null,null,"14","Casa 14","5"]
[null,null,"15","Casa 15","5"]
[null,null,"16","Casa 16","5"]
[null,null,"17","Casa 17","5"]
[null,null,"18","Casa 18","5"]
[null,null,"19","Casa 19","5"]
[null,null,"20","Casa 20","5"]
[null,null,"21","Casa 21","5"]
[null,null,"22","Casa 22","5"]
[null,null,"23","Casa 23","5"]
[null,null,"24","Casa 24","5"]
[null,null,"25","Casa 25","5"]
["28","TUBULAÇÕES E CONEXÕES SANITÁRIAS","1","Casa 1","6"]
[null,null,"2","Casa 2","6"]
[null,null,"3","Casa 3","6"]
[null,null,"4","Casa 4","6"]
[null,null,"5","Casa 5","6"]
[null,null,"6","Casa 6","6"]
[null,null,"7","Casa 7","6"]
[null,null,"8","Casa 8","6"]
[null,null,"9","Casa 9","6"]
[null,null,"10","Casa 10","6"]
[null,null,"11","Casa 11","6"]
[null,null,"12","Casa 12","6"]
[null,null,"13","Casa 13","6"]
[null,null,"14","Casa 14","6"]
[null,null,"15","Casa 15","6"]
[null,null,"16","Casa 16","6"]
[null,null,"17","Casa 17","6"]
[null,null,"18","Casa 18","6"]
[null,null,"19","Casa 19","6"]
[null,null,"20","Casa 20","6"]
[null,null,"21","Casa 21","6"]
[null,null,"22","Casa 22","6"]
[null,null,"23","Casa 23","6"]
[null,null,"24","Casa 24","6"]
[null,null,"25","Casa 25","6"]
["29","ACESSÓRIOS / CAIXAS SANITÁRIAS","1","Casa 1","11"]
[null,null,"2","Casa 2","11"]
[null,null,"3","Casa 3","11"]
[null,null,"4","Casa 4","11"]
[null,null,"5","Casa 5","11"]
[null,null,"6","Casa 6","11"]
[null,null,"7","Casa 7","11"]
[null,null,"8","Casa 8","11"]
[null,null,"9","Casa 9","11"]
[null,null,"10","Casa 10","11"]
[null,null,"11","Casa 11","11"]
[null,null,"12","Casa 12","11"]
[null,null,"13","Casa 13","11"]
[null,null,"14","Casa 14","11"]
[null,null,"15","Casa 15","11"]
[null,null,"16","Casa 16","11"]
[null,null,"17","Casa 17","11"]
[null,null,"18","Casa 18","11"]
[null,null,"19","Casa 19","11"]
[null,null,"20","Casa 20","11"]
[null,null,"21","Casa 21","11"]
[null,null,"22","Casa 22","11"]
[null,null,"23","Casa 23","11"]
[null,null,"24","Casa 24","11"]
[null,null,"25","Casa 25","11"]
["30","APARELHOS, METAIS E BANCADAS","1","Casa 1","12"]
[null,null,"2","Casa 2","12"]
[null,null,"3","Casa 3","12"]
[null,null,"4","Casa 4","12"]
[null,null,"5","Casa 5","12"]
[null,null,"6","Casa 6","12"]
[null,null,"7","Casa 7","12"]
[null,null,"8","Casa 8","12"]
[null,null,"9","Casa 9","12"]
[null,null,"10","Casa 10","12"]
[null,null,"11","Casa 11","12"]
[null,null,"12","Casa 12","12"]
[null,null,"13","Casa 13","12"]
[null,null,"14","Casa 14","12"]
[null,null,"15","Casa 15","12"]
[null,null,"16","Casa 16","12"]
[null,null,"17","Casa 17","12"]
[null,null,"18","Casa 18","12"]
[null,null,"19","Casa 19","12"]
[null,null,"20","Casa 20","12"]
[null,null,"21","Casa 21","12"]
[null,null,"22","Casa 22","12"]
[null,null,"23","Casa 23","12"]
[null,null,"24","Casa 24","12"]
[null,null,"25","Casa 25","12"]
["31","CALAFETE / LIMPEZA","1","Casa 1","12"]
[null,null,"2","Casa 2","12"]
[null,null,"3","Casa 3","12"]
[null,null,"4","Casa 4","12"]
[null,null,"5","Casa 5","12"]
[null,null,"6","Casa 6","12"]
[null,null,"7","Casa 7","12"]
[null,null,"8","Casa 8","12"]
[null,null,"9","Casa 9","12"]
[null,null,"10","Casa 10","12"]
[null,null,"11","Casa 11","12"]
[null,null,"12","Casa 12","12"]
[null,null,"13","Casa 13","12"]
[null,null,"14","Casa 14","12"]
[null,null,"15","Casa 15","12"]
[null,null,"16","Casa 16","12"]
[null,null,"17","Casa 17","12"]
[null,null,"18","Casa 18","12"]
[null,null,"19","Casa 19","12"]
[null,null,"20","Casa 20","12"]
[null,null,"21","Casa 21","12"]
[null,null,"22","Casa 22","12"]
[null,null,"23","Casa 23","12"]
[null,null,"24","Casa 24","12"]
[null,null,"25","Casa 25","12"]